{"text_format":"2","workbook":"xlsx","n_sheets":2,"sheets":["Comp. Principal","Comp. Aux."],"not_rendered":{"charts":0,"images":0,"macros":0,"external_links":0,"defined_names":0,"comments":0,"pivot_tables":0},"unopened":[],"bounds":{"document_bytes":16777216,"sheet_cells":100000,"run_cost":"one","rows_first":2000,"rows_last":500,"rows_between":2000,"halvings":0,"cell_chars":16384,"cell_head_chars":4096},"cells_cut":0,"cells_raw":0,"read":"whole","date_system":"1900"}

{"sheet":"Comp. Principal","index":0,"n_rows":924,"n_cols":10,"rows_kept":924,"cut":false,"hidden":false,"merged":[[0,2,0,3],[0,4,0,5],[0,6,0,7],[0,8,0,9],[1,2,1,3],[1,4,1,5],[1,6,1,7],[1,8,1,9],[9,7,9,8],[12,4,12,5],[13,4,13,5],[14,4,14,5],[15,4,15,5],[16,4,16,5],[2,0,2,9],[3,5,3,6],[4,4,4,5],[5,4,5,5],[6,4,6,5],[7,4,7,5],[30,7,30,8],[33,4,33,5],[34,4,34,5],[17,4,17,5],[18,4,18,5],[19,4,19,5],[20,4,20,5],[21,4,21,5],[23,7,23,8],[35,4,35,5],[36,4,36,5],[37,4,37,5],[38,4,38,5],[39,4,39,5],[40,4,40,5],[26,4,26,5],[27,4,27,5],[28,4,28,5],[53,4,53,5],[54,4,54,5],[55,4,55,5],[57,7,57,8],[60,5,60,6],[61,4,61,5],[42,7,42,8],[45,5,45,6],[46,4,46,5],[47,4,47,5],[48,4,48,5],[50,7,50,8],[71,4,71,5],[72,4,72,5],[74,7,74,8],[77,4,77,5],[78,4,78,5],[79,4,79,5],[62,4,62,5],[63,4,63,5],[65,7,65,8],[68,4,68,5],[69,4,69,5],[70,4,70,5],[104,7,104,8],[89,4,89,5],[90,4,90,5],[91,4,91,5],[92,4,92,5],[94,7,94,8],[97,4,97,5],[80,4,80,5],[81,4,81,5],[83,7,83,8],[86,5,86,6],[87,4,87,5],[88,4,88,5],[107,4,107,5],[108,4,108,5],[109,4,109,5],[110,4,110,5],[111,4,111,5],[112,4,112,5],[98,4,98,5],[99,4,99,5],[100,4,100,5],[101,4,101,5],[102,4,102,5],[125,5,125,6],[126,4,126,5],[127,4,127,5],[128,4,128,5],[129,4,129,5],[130,4,130,5],[114,7,114,8],[117,4,117,5],[118,4,118,5],[119,4,119,5],[120,4,120,5],[122,7,122,8],[141,7,141,8],[144,4,144,5],[145,4,145,5],[146,4,146,5],[148,7,148,8],[151,4,151,5],[132,7,132,8],[135,4,135,5],[136,4,136,5],[137,4,137,5],[138,4,138,5],[139,4,139,5],[176,7,176,8],[161,4,161,5],[162,4,162,5],[164,7,164,8],[167,5,167,6],[168,4,168,5],[169,4,169,5],[152,4,152,5],[153,4,153,5],[155,7,155,8],[158,4,158,5],[159,4,159,5],[160,4,160,5],[179,4,179,5],[180,4,180,5],[181,4,181,5],[182,4,182,5],[183,4,183,5],[184,4,184,5],[170,4,170,5],[171,4,171,5],[172,4,172,5],[173,4,173,5],[174,4,174,5],[194,4,194,5],[196,7,196,8],[199,4,199,5],[200,4,200,5],[201,4,201,5],[202,4,202,5],[185,4,185,5],[187,7,187,8],[190,4,190,5],[191,4,191,5],[192,4,192,5],[193,4,193,5],[213,7,213,8],[216,5,216,6],[217,4,217,5],[203,4,203,5],[204,4,204,5],[205,4,205,5],[206,4,206,5],[207,4,207,5],[208,4,208,5],[218,4,218,5],[219,4,219,5],[220,4,220,5],[221,4,221,5],[222,4,222,5],[223,4,223,5],[209,4,209,5],[210,4,210,5],[211,4,211,5],[233,4,233,5],[234,4,234,5],[236,7,236,8],[239,4,239,5],[240,4,240,5],[241,4,241,5],[225,7,225,8],[228,4,228,5],[229,4,229,5],[230,4,230,5],[231,4,231,5],[232,4,232,5],[266,7,266,8],[251,4,251,5],[252,4,252,5],[253,4,253,5],[254,4,254,5],[256,7,256,8],[259,4,259,5],[242,4,242,5],[243,4,243,5],[245,7,245,8],[248,4,248,5],[249,4,249,5],[250,4,250,5],[269,4,269,5],[270,4,270,5],[271,4,271,5],[272,4,272,5],[273,4,273,5],[274,4,274,5],[260,4,260,5],[261,4,261,5],[262,4,262,5],[263,4,263,5],[264,4,264,5],[299,7,299,8],[284,4,284,5],[285,4,285,5],[286,4,286,5],[288,7,288,8],[291,4,291,5],[292,4,292,5],[275,4,275,5],[277,7,277,8],[280,4,280,5],[281,4,281,5],[282,4,282,5],[283,4,283,5],[302,4,302,5],[303,4,303,5],[304,4,304,5],[305,4,305,5],[306,4,306,5],[307,4,307,5],[293,4,293,5],[294,4,294,5],[295,4,295,5],[296,4,296,5],[297,4,297,5],[317,4,317,5],[318,4,318,5],[319,4,319,5],[320,4,320,5],[321,4,321,5],[323,7,323,8],[308,4,308,5],[309,4,309,5],[311,7,311,8],[314,4,314,5],[315,4,315,5],[316,4,316,5],[347,7,347,8],[332,4,332,5],[333,4,333,5],[335,7,335,8],[338,4,338,5],[339,4,339,5],[340,4,340,5],[326,4,326,5],[327,4,327,5],[328,4,328,5],[329,4,329,5],[330,4,330,5],[331,4,331,5],[350,4,350,5],[351,4,351,5],[352,4,352,5],[353,4,353,5],[354,4,354,5],[355,4,355,5],[341,4,341,5],[342,4,342,5],[343,4,343,5],[344,4,344,5],[345,4,345,5],[365,4,365,5],[366,4,366,5],[367,4,367,5],[368,4,368,5],[369,4,369,5],[371,7,371,8],[356,4,356,5],[357,4,357,5],[359,7,359,8],[362,4,362,5],[363,4,363,5],[364,4,364,5],[394,7,394,8],[397,4,397,5],[380,4,380,5],[381,4,381,5],[383,7,383,8],[386,4,386,5],[387,4,387,5],[388,4,388,5],[374,4,374,5],[375,4,375,5],[376,4,376,5],[377,4,377,5],[378,4,378,5],[379,4,379,5],[398,4,398,5],[399,4,399,5],[400,4,400,5],[401,4,401,5],[402,4,402,5],[403,4,403,5],[389,4,389,5],[390,4,390,5],[391,4,391,5],[392,4,392,5],[413,4,413,5],[414,4,414,5],[415,4,415,5],[416,4,416,5],[418,7,418,8],[421,4,421,5],[404,4,404,5],[406,7,406,8],[409,4,409,5],[410,4,410,5],[411,4,411,5],[412,4,412,5],[428,4,428,5],[430,7,430,8],[433,4,433,5],[434,4,434,5],[435,4,435,5],[436,4,436,5],[422,4,422,5],[423,4,423,5],[424,4,424,5],[425,4,425,5],[426,4,426,5],[427,4,427,5],[446,4,446,5],[447,4,447,5],[449,7,449,8],[452,4,452,5],[453,4,453,5],[454,4,454,5],[437,4,437,5],[439,7,439,8],[442,4,442,5],[443,4,443,5],[444,4,444,5],[445,4,445,5],[464,4,464,5],[465,4,465,5],[466,4,466,5],[467,4,467,5],[469,7,469,8],[472,5,472,6],[455,4,455,5],[456,4,456,5],[458,7,458,8],[461,4,461,5],[462,4,462,5],[463,4,463,5],[493,7,493,8],[496,4,496,5],[480,7,480,8],[483,4,483,5],[484,4,484,5],[485,4,485,5],[486,4,486,5],[487,4,487,5],[473,4,473,5],[474,4,474,5],[475,4,475,5],[476,4,476,5],[477,4,477,5],[478,4,478,5],[497,4,497,5],[498,4,498,5],[499,4,499,5],[500,4,500,5],[501,4,501,5],[502,4,502,5],[488,4,488,5],[489,4,489,5],[490,4,490,5],[491,4,491,5],[527,7,527,8],[512,4,512,5],[513,4,513,5],[514,4,514,5],[515,4,515,5],[517,7,517,8],[520,5,520,6],[504,7,504,8],[507,4,507,5],[508,4,508,5],[509,4,509,5],[510,4,510,5],[511,4,511,5],[530,4,530,5],[531,4,531,5],[532,4,532,5],[533,4,533,5],[534,4,534,5],[535,4,535,5],[521,4,521,5],[522,4,522,5],[523,4,523,5],[524,4,524,5],[525,4,525,5],[546,7,546,8],[549,5,549,6],[550,4,550,5],[551,4,551,5],[552,4,552,5],[553,4,553,5],[536,4,536,5],[537,4,537,5],[539,7,539,8],[542,4,542,5],[543,4,543,5],[544,4,544,5],[560,4,560,5],[562,7,562,8],[565,4,565,5],[566,4,566,5],[567,4,567,5],[568,4,568,5],[554,4,554,5],[555,4,555,5],[556,4,556,5],[557,4,557,5],[558,4,558,5],[559,4,559,5],[575,4,575,5],[577,7,577,8],[580,4,580,5],[581,4,581,5],[582,4,582,5],[583,4,583,5],[569,4,569,5],[570,4,570,5],[571,4,571,5],[572,4,572,5],[573,4,573,5],[574,4,574,5],[590,4,590,5],[591,4,591,5],[592,4,592,5],[593,4,593,5],[594,4,594,5],[595,4,595,5],[584,4,584,5],[585,4,585,5],[586,4,586,5],[587,4,587,5],[588,4,588,5],[589,4,589,5],[602,4,602,5],[603,4,603,5],[604,4,604,5],[605,4,605,5],[606,4,606,5],[607,4,607,5],[596,4,596,5],[597,4,597,5],[598,4,598,5],[599,4,599,5],[600,4,600,5],[601,4,601,5],[617,4,617,5],[618,4,618,5],[619,4,619,5],[620,4,620,5],[621,4,621,5],[622,4,622,5],[609,7,609,8],[612,4,612,5],[613,4,613,5],[614,4,614,5],[615,4,615,5],[616,4,616,5],[644,7,644,8],[629,4,629,5],[631,7,631,8],[634,4,634,5],[635,4,635,5],[636,4,636,5],[637,4,637,5],[623,4,623,5],[624,4,624,5],[625,4,625,5],[626,4,626,5],[627,4,627,5],[628,4,628,5],[647,5,647,6],[648,4,648,5],[649,4,649,5],[650,4,650,5],[651,4,651,5],[652,4,652,5],[638,4,638,5],[639,4,639,5],[640,4,640,5],[641,4,641,5],[642,4,642,5],[662,4,662,5],[663,4,663,5],[665,7,665,8],[668,4,668,5],[669,4,669,5],[670,4,670,5],[653,4,653,5],[655,7,655,8],[658,4,658,5],[659,4,659,5],[660,4,660,5],[661,4,661,5],[680,4,680,5],[681,4,681,5],[682,4,682,5],[683,4,683,5],[685,7,685,8],[688,4,688,5],[671,4,671,5],[672,4,672,5],[673,4,673,5],[675,7,675,8],[678,4,678,5],[679,4,679,5],[695,4,695,5],[696,4,696,5],[697,4,697,5],[698,4,698,5],[699,4,699,5],[700,4,700,5],[689,4,689,5],[690,4,690,5],[691,4,691,5],[692,4,692,5],[693,4,693,5],[694,4,694,5],[707,4,707,5],[708,4,708,5],[709,4,709,5],[710,4,710,5],[711,4,711,5],[712,4,712,5],[701,4,701,5],[702,4,702,5],[703,4,703,5],[704,4,704,5],[705,4,705,5],[706,4,706,5],[719,4,719,5],[720,4,720,5],[721,4,721,5],[722,4,722,5],[723,4,723,5],[724,4,724,5],[713,4,713,5],[714,4,714,5],[715,4,715,5],[716,4,716,5],[717,4,717,5],[718,4,718,5],[731,4,731,5],[732,4,732,5],[733,4,733,5],[734,4,734,5],[736,7,736,8],[739,4,739,5],[725,4,725,5],[726,4,726,5],[727,4,727,5],[728,4,728,5],[729,4,729,5],[730,4,730,5],[746,4,746,5],[747,4,747,5],[748,4,748,5],[749,4,749,5],[750,4,750,5],[751,4,751,5],[740,4,740,5],[741,4,741,5],[742,4,742,5],[743,4,743,5],[744,4,744,5],[745,4,745,5],[758,4,758,5],[759,4,759,5],[760,4,760,5],[761,4,761,5],[762,4,762,5],[763,4,763,5],[752,4,752,5],[753,4,753,5],[754,4,754,5],[755,4,755,5],[756,4,756,5],[757,4,757,5],[770,4,770,5],[771,4,771,5],[772,4,772,5],[773,4,773,5],[774,4,774,5],[775,4,775,5],[764,4,764,5],[765,4,765,5],[766,4,766,5],[767,4,767,5],[768,4,768,5],[769,4,769,5],[782,4,782,5],[783,4,783,5],[784,4,784,5],[785,4,785,5],[787,7,787,8],[790,4,790,5],[776,4,776,5],[777,4,777,5],[778,4,778,5],[779,4,779,5],[780,4,780,5],[781,4,781,5],[797,4,797,5],[798,4,798,5],[799,4,799,5],[800,4,800,5],[801,4,801,5],[802,4,802,5],[791,4,791,5],[792,4,792,5],[793,4,793,5],[794,4,794,5],[795,4,795,5],[796,4,796,5],[812,4,812,5],[814,7,814,8],[817,5,817,6],[818,4,818,5],[819,4,819,5],[820,4,820,5],[803,4,803,5],[805,7,805,8],[808,4,808,5],[809,4,809,5],[810,4,810,5],[811,4,811,5],[827,4,827,5],[828,4,828,5],[830,7,830,8],[833,4,833,5],[834,4,834,5],[835,4,835,5],[821,4,821,5],[822,4,822,5],[823,4,823,5],[824,4,824,5],[825,4,825,5],[826,4,826,5],[842,4,842,5],[843,4,843,5],[844,4,844,5],[845,4,845,5],[846,4,846,5],[847,4,847,5],[836,4,836,5],[837,4,837,5],[838,4,838,5],[839,4,839,5],[840,4,840,5],[841,4,841,5],[872,7,872,8],[857,4,857,5],[858,4,858,5],[859,4,859,5],[861,7,861,8],[864,4,864,5],[865,4,865,5],[849,7,849,8],[852,4,852,5],[853,4,853,5],[854,4,854,5],[855,4,855,5],[856,4,856,5],[875,4,875,5],[876,4,876,5],[877,4,877,5],[878,4,878,5],[879,4,879,5],[880,4,880,5],[866,4,866,5],[867,4,867,5],[868,4,868,5],[869,4,869,5],[870,4,870,5],[890,4,890,5],[891,4,891,5],[893,7,893,8],[896,4,896,5],[897,4,897,5],[898,4,898,5],[881,4,881,5],[882,4,882,5],[884,7,884,8],[887,4,887,5],[888,4,888,5],[889,4,889,5],[920,4,920,5],[922,7,922,8],[911,4,911,5],[912,4,912,5],[913,4,913,5],[915,7,915,8],[918,4,918,5],[919,4,919,5],[900,7,900,8],[903,4,903,5],[904,4,904,5],[905,4,905,5],[906,4,906,5],[908,7,908,8]]}
[null,null,"Obra",null,null,null,"B.D.I.",null,"Encargos Sociais"]
[null,null,"PROJETO MARRECAS - 2ª ETAPA ",null,null,null,0.27579999999999999,null,"Horista: 111,17%                    Mensalista: 70,17%"]
["Planilha Orçamentária Analítica - Principal "]
[" 1 ",null,null,"SERVIÇOS PRELIMINARES",{"$nulls":5},128920.78]
[" 1.1 ","Código","Banco","Descrição","Tipo",null,"Und","Quant.","Valor Unit","Total"]
["Composição"," V2 ","Próprio","MOBILIZAÇÃO DE PESSOAL E EQUIPAMENTOS","SERP - SERVIÇOS PRELIMINARES",null,"UN",1,22936,22936]
["Composição Auxiliar"," D5914614 ","Próprio","TRANSPORTE COM CAMINHÃO CARROCERIA COM GUINDAUTO DE 20 T.M - RODOVIA PAVIMENTADA","ASTU - ASSENTAMENTO DE TUBOS E PECAS",null,"TKM",12423.8130697,0.84,10436]
["Composição Auxiliar"," D5914640 ","Próprio","TRANSPORTE COM CAVALO MECÂNICO DE 30 T - RODOVIA PAVIMENTADA","ASTU - ASSENTAMENTO DE TUBOS E PECAS",null,"TKM",50000,0.25,12500]
[{"$nulls":4},"MO sem LS =>",0,"LS =>",0,"MO com LS =>",0]
[{"$nulls":4},"Valor do BDI =>",6325.7488000000003,null,"Valor com BDI =>",null,29261.75]
[{"$nulls":6},"Quant. =>",1,"Preço Total =>",29261.75]
[]
[" 1.2 ","Código","Banco","Descrição","Tipo",null,"Und","Quant.","Valor Unit","Total"]
["Composição"," V31 ","Próprio","INSTALAÇÃO DO CANTEIRO DE OBRAS","SERP - SERVIÇOS PRELIMINARES",null,"UN",1,64151.34,64151.34]
["Composição Auxiliar"," 93207 ","SINAPI","EXECUÇÃO DE ESCRITÓRIO EM CANTEIRO DE OBRA EM CHAPA DE MADEIRA COMPENSADA, NÃO INCLUSO MOBILIÁRIO E EQUIPAMENTOS. AF_02/2016","CANT - CANTEIRO DE OBRAS",null,"m²",24,547.9,13149.6]
["Composição Auxiliar"," 93208 ","SINAPI","EXECUÇÃO DE ALMOXARIFADO EM CANTEIRO DE OBRA EM CHAPA DE MADEIRA COMPENSADA, INCLUSO PRATELEIRAS. AF_02/2016","CANT - CANTEIRO DE OBRAS",null,"m²",24,430.07,10321.68]
["Composição Auxiliar"," 93210 ","SINAPI","EXECUÇÃO DE REFEITÓRIO EM CANTEIRO DE OBRA EM CHAPA DE MADEIRA COMPENSADA, NÃO INCLUSO MOBILIÁRIO E EQUIPAMENTOS. AF_02/2016","CANT - CANTEIRO DE OBRAS",null,"m²",24,305.70999999999998,7337.04]
["Composição Auxiliar"," 93212 ","SINAPI","EXECUÇÃO DE SANITÁRIO E VESTIÁRIO EM CANTEIRO DE OBRA EM CHAPA DE MADEIRA COMPENSADA, NÃO INCLUSO MOBILIÁRIO. AF_02/2016","CANT - CANTEIRO DE OBRAS",null,"m²",24,512.75,12306]
["Composição Auxiliar"," 93582 ","SINAPI","EXECUÇÃO DE CENTRAL DE ARMADURA EM CANTEIRO DE OBRA, NÃO INCLUSO MOBILIÁRIO E EQUIPAMENTOS. AF_04/2016","CANT - CANTEIRO DE OBRAS",null,"m²",24,139.80000000000001,3355.2]
["Composição Auxiliar"," 93583 ","SINAPI","EXECUÇÃO DE CENTRAL DE FÔRMAS, PRODUÇÃO DE ARGAMASSA OU CONCRETO EM CANTEIRO DE OBRA, NÃO INCLUSO MOBILIÁRIO E EQUIPAMENTOS. AF_04/2016","CANT - CANTEIRO DE OBRAS",null,"m²",22.005230300000001,236.61,5206.66]
["Composição Auxiliar"," 93584 ","SINAPI","EXECUÇÃO DE DEPÓSITO EM CANTEIRO DE OBRA EM CHAPA DE MADEIRA COMPENSADA, NÃO INCLUSO MOBILIÁRIO. AF_04/2016","CANT - CANTEIRO DE OBRAS",null,"m²",24,427.44,10258.56]
["Composição Auxiliar"," 93585 ","SINAPI","EXECUÇÃO DE GUARITA EM CANTEIRO DE OBRA EM CHAPA DE MADEIRA COMPENSADA, NÃO INCLUSO MOBILIÁRIO. AF_04/2016","CANT - CANTEIRO DE OBRAS",null,"m²",4.0010114999999997,554.01,2216.6]
[{"$nulls":4},"MO sem LS =>",18095.38,"LS =>",8.25,"MO com LS =>",18103.63]
[{"$nulls":4},"Valor do BDI =>",17692.939571999999,null,"Valor com BDI =>",null,81844.28]
[{"$nulls":6},"Quant. =>",1,"Preço Total =>",81844.28]
[]
[" 1.3 ","Código","Banco","Descrição","Tipo",null,"Und","Quant.","Valor Unit","Total"]
["Composição"," V3 ","Próprio","DESMOBILIZAÇÃO DE PESSOAL E EQUIPAMENTOS","SERP - SERVIÇOS PRELIMINARES",null,"UN",1,12492.8,12492.8]
["Composição Auxiliar"," D5914640 ","Próprio","TRANSPORTE COM CAVALO MECÂNICO DE 30 T - RODOVIA PAVIMENTADA","ASTU - ASSENTAMENTO DE TUBOS E PECAS",null,"TKM",49971.218766899998,0.25,12492.8]
[{"$nulls":4},"MO sem LS =>",0,"LS =>",0,"MO com LS =>",0]
[{"$nulls":4},"Valor do BDI =>",3445.51424,null,"Valor com BDI =>",null,15938.31]
[{"$nulls":6},"Quant. =>",1,"Preço Total =>",15938.31]
[]
[" 1.5 ","Código","Banco","Descrição","Tipo",null,"Und","Quant.","Valor Unit","Total"]
["Composição"," 51 ","ORSE","Placa de obra em chapa aço galvanizado, instalada","Mobilização / Instalações Provisórias / Desmobilização",null,"m²",1,245.13,245.13]
["Composição Auxiliar"," 88262 ","SINAPI","CARPINTEIRO DE FORMAS COM ENCARGOS COMPLEMENTARES","SEDI - SERVIÇOS DIVERSOS",null,"H",0.78127570000000002,19.260000000000002,15.05]
["Composição Auxiliar"," 88316 ","SINAPI","SERVENTE COM ENCARGOS COMPLEMENTARES","SEDI - SERVIÇOS DIVERSOS",null,"H",1.4902621,14.96,22.29]
["Insumo"," 1569 ","ORSE","Madeira mista serrada (barrote) 6 x 6cm - 0,0036 m3/m (angelim, louro)","Material",null,"m",4,5.1100000000000003,20.440000000000001]
["Insumo"," 1776 ","ORSE","Placa de obra em chapa galvanizada 26","Material",null,"m²",1,184.16,184.16]
["Insumo"," 6995 ","ORSE","Madeira mista serrada (sarrafo) 2,2 x 5,5cm - 0,00121 m³/m","Material",null,"m",1,2,2]
["Insumo"," 00005075 ","SINAPI","PREGO DE ACO POLIDO COM CABECA 18 X 30 (2 3/4 X 10)","Material",null,"KG",0.15,7.94,1.19]
[{"$nulls":4},"MO sem LS =>",37.340000000000003,"LS =>",0,"MO com LS =>",37.340000000000003]
[{"$nulls":4},"Valor do BDI =>",67.606853999999998,null,"Valor com BDI =>",null,312.74]
[{"$nulls":6},"Quant. =>",6,"Preço Total =>",1876.44]
[]
[" 2 ",null,null,"ADMINISTRAÇÃO LOCAL DA OBRA",{"$nulls":5},881712.32]
[" 2.1 ","Código","Banco","Descrição","Tipo",null,"Und","Quant.","Valor Unit","Total"]
["Composição"," V4 ","Próprio","ADMINISTRAÇÃO LOCAL DA OBRA","SERP - SERVIÇOS PRELIMINARES",null,"UN",1,600923.04,600923.04]
["Composição Auxiliar"," V1 ","Próprio","ADMINISTRACAO LOCAL E MANUTENÇÃO DO CANTEIRO DE OBRAS (BASE MENSAL)","SERP - SERVIÇOS PRELIMINARES",null,"MES",12,50076.92,600923.04]
[{"$nulls":4},"MO sem LS =>",582311.02,"LS =>",0.02,"MO com LS =>",582311.04]
[{"$nulls":4},"Valor do BDI =>",165734.57443199999,null,"Valor com BDI =>",null,766657.61]
[{"$nulls":6},"Quant. =>",1,"Preço Total =>",766657.61]
[]
[" 2.2 ","Código","Banco","Descrição","Tipo",null,"Und","Quant.","Valor Unit","Total"]
["Composição"," V6 ","Próprio","VEÍCULO TIPO CAMINHONETA DIESEL, TRAÇÃO 4 X 4, CABINE DUPLA, DIREÇÃO HIDRÁULICA, ACIONAMENTO DE VIDROS ELÉTRICO, SISTEMA DE TRAVA AUTOMÁTICO NAS QUATRO PORTAS, AR CONDICIONADO, SEMINOVO EM BOM ESTADO","SERP - SERVIÇOS PRELIMINARES",null,"UN",1,90182.399999999994,90182.399999999994]
["Composição Auxiliar"," V5 ","Próprio","VEÍCULO TIPO CAMINHONETA DIESEL. TRAÇÃO 4 X 4. CABINE DUPLA. DIREÇÃO HIDRÁULICA. ACIONAMENTO DE VIDROS ELÉTRICO. SISTEMA DE TRAVA AUTOMÁTICO NAS QUATRO PORTAS. AR CONDICIONADO. SEMINOVO","SERP - SERVIÇOS PRELIMINARES",null,"MES",12,7515.2,90182.399999999994]
[{"$nulls":4},"MO sem LS =>",39850.800000000003,"LS =>",0,"MO com LS =>",39850.800000000003]
[{"$nulls":4},"Valor do BDI =>",24872.305919999999,null,"Valor com BDI =>",null,115054.71]
[{"$nulls":6},"Quant. =>",1,"Preço Total =>",115054.71]
[]
[" 3 ",null,null,"PREPARO DO SOLO",{"$nulls":5},4912425]
[" 3.1 ","Código","Banco","Descrição","Tipo",null,"Und","Quant.","Valor Unit","Total"]
["Composição"," V47 ","Próprio","SUPRESSÃO VEGETAL E/OU LIMPEZA DE ÁREA COM TRATOR DE ESTEIRA COM POTÊNCIA IGUAL OU SUPERIOR A 140CV, PARA REMOÇÃO DAS ÁRVORES E ARBUSTOS, ENLEIRAMENTO E QUEIMA DOS RESTOS DA VEGETAÇÃO RETIRADA","SERP - SERVIÇOS PRELIMINARES",null,"HA",1,1952,1952]
["Composição Auxiliar"," 98525 ","SINAPI","LIMPEZA MECÂNICA DA FAIXA DE DOMÍNIO DA ESTRADA       ","URBA - URBANIZAÇÃO",null,"m²",9760.0128098000005,0.2,1952]
[{"$nulls":4},"MO sem LS =>",1073.5999999999999,"LS =>",0,"MO com LS =>",1073.5999999999999]
[{"$nulls":4},"Valor do BDI =>",538.36159999999995,null,"Valor com BDI =>",null,2490.36]
[{"$nulls":6},"Quant. =>",1250,"Preço Total =>",3112950]
[]
[" 3.2 ","Código","Banco","Descrição","Tipo",null,"Und","Quant.","Valor Unit","Total"]
["Composição"," V7 ","Próprio","GRADAGEM PESADA, NO SENTIDO CRUZADO, UTILIZANDO TRATOR AGRÍCOLA DE POTÊNCIA SUPERIOR A 100CV, CORTANDO A TERRA E OS RESTOS DE RAÍZES DA VEGETAÇÃO DESMATADA","SEDI - SERVIÇOS DIVERSOS",null,"HA",1,873.77,873.77]
["Composição Auxiliar"," 88316 ","SINAPI","SERVENTE COM ENCARGOS COMPLEMENTARES","SEDI - SERVIÇOS DIVERSOS",null,"H",20.000859500000001,14.96,299.20999999999998]
["Composição Auxiliar"," 90776 ","SINAPI","ENCARREGADO GERAL COM ENCARGOS COMPLEMENTARES","SEDI - SERVIÇOS DIVERSOS",null,"H",10.275181,24.16,248.25]
["Composição Auxiliar"," 96020 ","SINAPI","TRATOR DE PNEUS COM POTÊNCIA DE 122 CV, TRAÇÃO 4X4, COM GRADE DE DISCOS ACOPLADA - CHP DIURNO. AF_02/2017","CHOR - CUSTOS HORÁRIOS DE MÁQUINAS E EQUIPAMENTOS",null,"CHP",3,108.77,326.31]
[{"$nulls":4},"MO sem LS =>",600.77,"LS =>",0,"MO com LS =>",600.77]
[{"$nulls":4},"Valor do BDI =>",240.98576600000001,null,"Valor com BDI =>",null,1114.76]
[{"$nulls":6},"Quant. =>",1250,"Preço Total =>",1393450]
[]
[" 3.3 ","Código","Banco","Descrição","Tipo",null,"Und","Quant.","Valor Unit","Total"]
["Composição"," V8 ","Próprio","COLETA, TRANSPORTE, ENELEIRAMENTO E QUEIMA MANUAL DOS RESTOS DA VEGETAÇÃO EXTRAÍDA","SEDI - SERVIÇOS DIVERSOS",null,"HA",1,254.6,254.6]
["Composição Auxiliar"," 67826 ","SINAPI","CAMINHÃO BASCULANTE 6 M3 TOCO, PESO BRUTO TOTAL 16.000 KG, CARGA ÚTIL MÁXIMA 11.130 KG, DISTÂNCIA ENTRE EIXOS 5,36 M, POTÊNCIA 185 CV, INCLUSIVE CAÇAMBA METÁLICA - CHP DIURNO. AF_06/2014","CHOR - CUSTOS HORÁRIOS DE MÁQUINAS E EQUIPAMENTOS",null,"CHP",2,76.94,153.88]
["Composição Auxiliar"," 88316 ","SINAPI","SERVENTE COM ENCARGOS COMPLEMENTARES","SEDI - SERVIÇOS DIVERSOS",null,"H",5.4719332999999999,14.96,81.86]
["Composição Auxiliar"," 90776 ","SINAPI","ENCARREGADO GERAL COM ENCARGOS COMPLEMENTARES","SEDI - SERVIÇOS DIVERSOS",null,"H",0.7807965,24.16,18.86]
[{"$nulls":4},"MO sem LS =>",128.41999999999999,"LS =>",0,"MO com LS =>",128.41999999999999]
[{"$nulls":4},"Valor do BDI =>",70.218680000000006,null,"Valor com BDI =>",null,324.82]
[{"$nulls":6},"Quant. =>",1250,"Preço Total =>",406025]
[]
[" 4 ",null,null,"ESTAÇÕES DE BOMBEAMENTO",{"$nulls":5},46812.47]
[" 4.1 ","Código","Banco","Descrição","Tipo",null,"Und","Quant.","Valor Unit","Total"]
["Composição"," 73835/003 ","SINAPI","INSTALACAO DE CONJ.MOTO BOMBA VERTICAL 200 < POT <= 300 CV","INPR - INSTALAÇÕES DE PRODUÇÃO",null,"UN",1,1337.84,1337.84]
["Composição Auxiliar"," 95139 ","SINAPI","TALHA MANUAL DE CORRENTE, CAPACIDADE DE 2 TON. COM ELEVAÇÃO DE 3 M - CHP DIURNO. AF_07/2016","CHOR - CUSTOS HORÁRIOS DE MÁQUINAS E EQUIPAMENTOS",null,"CHP",19,0.05,0.95]
["Composição Auxiliar"," 88316 ","SINAPI","SERVENTE COM ENCARGOS COMPLEMENTARES","SEDI - SERVIÇOS DIVERSOS",null,"H",28.310828300000001,14.96,423.53]
["Composição Auxiliar"," 88267 ","SINAPI","ENCANADOR OU BOMBEIRO HIDRÁULICO COM ENCARGOS COMPLEMENTARES","SEDI - SERVIÇOS DIVERSOS",null,"H",14.834565700000001,18.97,281.41000000000003]
["Composição Auxiliar"," 88277 ","SINAPI","MONTADOR (TUBO AÇO/EQUIPAMENTOS) COM ENCARGOS COMPLEMENTARES","SEDI - SERVIÇOS DIVERSOS",null,"H",29.669131100000001,21.3,631.95000000000005]
[{"$nulls":4},"MO sem LS =>",1336.89,"LS =>",0,"MO com LS =>",1336.89]
[{"$nulls":4},"Valor do BDI =>",368.97627199999999,null,"Valor com BDI =>",null,1706.82]
[{"$nulls":6},"Quant. =>",14,"Preço Total =>",23895.48]
[]
[" 4.2 ","Código","Banco","Descrição","Tipo",null,"Und","Quant.","Valor Unit","Total"]
["Composição"," 73835/002 ","SINAPI","INSTALACAO DE CONJ.MOTO BOMBA VERTICAL 100 < POT <= 200 CV","INPR - INSTALAÇÕES DE PRODUÇÃO",null,"UN",1,1197.01,1197.01]
["Composição Auxiliar"," 95139 ","SINAPI","TALHA MANUAL DE CORRENTE, CAPACIDADE DE 2 TON. COM ELEVAÇÃO DE 3 M - CHP DIURNO. AF_07/2016","CHOR - CUSTOS HORÁRIOS DE MÁQUINAS E EQUIPAMENTOS",null,"CHP",17,0.05,0.85]
["Composição Auxiliar"," 88316 ","SINAPI","SERVENTE COM ENCARGOS COMPLEMENTARES","SEDI - SERVIÇOS DIVERSOS",null,"H",25.330235900000002,14.96,378.94]
["Composição Auxiliar"," 88267 ","SINAPI","ENCANADOR OU BOMBEIRO HIDRÁULICO COM ENCARGOS COMPLEMENTARES","SEDI - SERVIÇOS DIVERSOS",null,"H",13.273027600000001,18.97,251.79]
["Composição Auxiliar"," 88277 ","SINAPI","MONTADOR (TUBO AÇO/EQUIPAMENTOS) COM ENCARGOS COMPLEMENTARES","SEDI - SERVIÇOS DIVERSOS",null,"H",26.546055599999999,21.3,565.42999999999995]
[{"$nulls":4},"MO sem LS =>",1196.1600000000001,"LS =>",0,"MO com LS =>",1196.1600000000001]
[{"$nulls":4},"Valor do BDI =>",330.135358,null,"Valor com BDI =>",null,1527.15]
[{"$nulls":6},"Quant. =>",3,"Preço Total =>",4581.45]
[]
[" 4.3 ","Código","Banco","Descrição","Tipo",null,"Und","Quant.","Valor Unit","Total"]
["Composição"," 73835/001 ","SINAPI","INSTALACAO DE CONJ.MOTO BOMBA VERTICAL POT <= 100 CV","INPR - INSTALAÇÕES DE PRODUÇÃO",null,"UN",1,880.16,880.16]
["Composição Auxiliar"," 95139 ","SINAPI","TALHA MANUAL DE CORRENTE, CAPACIDADE DE 2 TON. COM ELEVAÇÃO DE 3 M - CHP DIURNO. AF_07/2016","CHOR - CUSTOS HORÁRIOS DE MÁQUINAS E EQUIPAMENTOS",null,"CHP",12.5,0.05,0.63]
["Composição Auxiliar"," 88316 ","SINAPI","SERVENTE COM ENCARGOS COMPLEMENTARES","SEDI - SERVIÇOS DIVERSOS",null,"H",18.624891999999999,14.96,278.63]
["Composição Auxiliar"," 88267 ","SINAPI","ENCANADOR OU BOMBEIRO HIDRÁULICO COM ENCARGOS COMPLEMENTARES","SEDI - SERVIÇOS DIVERSOS",null,"H",9.7595460999999997,18.97,185.14]
["Composição Auxiliar"," 88277 ","SINAPI","MONTADOR (TUBO AÇO/EQUIPAMENTOS) COM ENCARGOS COMPLEMENTARES","SEDI - SERVIÇOS DIVERSOS",null,"H",19.519091899999999,21.3,415.76]
[{"$nulls":4},"MO sem LS =>",879.52,"LS =>",0.01,"MO com LS =>",879.53]
[{"$nulls":4},"Valor do BDI =>",242.74812800000001,null,"Valor com BDI =>",null,1122.9100000000001]
[{"$nulls":6},"Quant. =>",2,"Preço Total =>",2245.8200000000002]
[]
[" 4.4 ","Código","Banco","Descrição","Tipo",null,"Und","Quant.","Valor Unit","Total"]
["Composição"," V145 ","Próprio","INSTALAÇÃO ELÉTRICA DE QUADROS DE COMANDOS (PROJ. IRRIB. MARRECAS)","SEDI - SERVIÇOS DIVERSOS",null,"UN",1,1050.96,1050.96]
["Composição Auxiliar"," 88247 ","SINAPI","AUXILIAR DE ELETRICISTA COM ENCARGOS COMPLEMENTARES","SEDI - SERVIÇOS DIVERSOS",null,"H",30.252385499999999,15.16,458.63]
["Composição Auxiliar"," 88264 ","SINAPI","ELETRICISTA COM ENCARGOS COMPLEMENTARES","SEDI - SERVIÇOS DIVERSOS",null,"H",30.251868399999999,19.579999999999998,592.33000000000004]
[{"$nulls":4},"MO sem LS =>",1050.96,"LS =>",0,"MO com LS =>",1050.96]
[{"$nulls":4},"Valor do BDI =>",289.85476799999998,null,"Valor com BDI =>",null,1340.81]
[{"$nulls":6},"Quant. =>",12,"Preço Total =>",16089.72]
[]
[" 5 ",null,null,"ESTRUTURA DO BARRILETE",{"$nulls":5},284003.46000000002]
[" 5.1 ","Código","Banco","Descrição","Tipo",null,"Und","Quant.","Valor Unit","Total"]
["Composição"," V19 ","Próprio","MONTAGEM DO BARRILETE DA ESTAÇÕES DE BOMBEAMENTOS 03, 04 E 05","SEDI - SERVIÇOS DIVERSOS",null,"UN",1,13505.81,13505.81]
["Composição Auxiliar"," 88267 ","SINAPI","ENCANADOR OU BOMBEIRO HIDRÁULICO COM ENCARGOS COMPLEMENTARES","SEDI - SERVIÇOS DIVERSOS",null,"H",153.3101298,18.97,2908.29]
["Composição Auxiliar"," 88316 ","SINAPI","SERVENTE COM ENCARGOS COMPLEMENTARES","SEDI - SERVIÇOS DIVERSOS",null,"H",153.3101298,14.96,2293.52]
["Composição Auxiliar"," 93402 ","SINAPI","GUINDAUTO HIDRÁULICO, CAPACIDADE MÁXIMA DE CARGA 3300 KG, MOMENTO MÁXIMO DE CARGA 5,8 TM, ALCANCE MÁXIMO HORIZONTAL 7,60 M, INCLUSIVE CAMINHÃO TOCO PBT 16.000 KG, POTÊNCIA DE 189 CV - CHP DIURNO. AF_03/2016","CHOR - CUSTOS HORÁRIOS DE MÁQUINAS E EQUIPAMENTOS",null,"CHP",80,103.8,8304]
[{"$nulls":4},"MO sem LS =>",6513.77,"LS =>",0.04,"MO com LS =>",6513.81]
[{"$nulls":4},"Valor do BDI =>",3724.9023980000002,null,"Valor com BDI =>",null,17230.71]
[{"$nulls":6},"Quant. =>",3,"Preço Total =>",51692.13]
[]
[" 5.2 ","Código","Banco","Descrição","Tipo",null,"Und","Quant.","Valor Unit","Total"]
["Composição"," V20 ","Próprio","MONTAGEM DO BARRILETE DA ESTAÇÃO DE BOMBEAMENTO 06","SEDI - SERVIÇOS DIVERSOS",null,"UN",1,18193.16,18193.16]
["Composição Auxiliar"," 88267 ","SINAPI","ENCANADOR OU BOMBEIRO HIDRÁULICO COM ENCARGOS COMPLEMENTARES","SEDI - SERVIÇOS DIVERSOS",null,"H",230.2423531,18.97,4367.7]
["Composição Auxiliar"," 88316 ","SINAPI","SERVENTE COM ENCARGOS COMPLEMENTARES","SEDI - SERVIÇOS DIVERSOS",null,"H",230.31136660000001,14.96,3445.46]
["Composição Auxiliar"," 93402 ","SINAPI","GUINDAUTO HIDRÁULICO, CAPACIDADE MÁXIMA DE CARGA 3300 KG, MOMENTO MÁXIMO DE CARGA 5,8 TM, ALCANCE MÁXIMO HORIZONTAL 7,60 M, INCLUSIVE CAMINHÃO TOCO PBT 16.000 KG, POTÊNCIA DE 189 CV - CHP DIURNO. AF_03/2016","CHOR - CUSTOS HORÁRIOS DE MÁQUINAS E EQUIPAMENTOS",null,"CHP",100,103.8,10380]
[{"$nulls":4},"MO sem LS =>",9453.1,"LS =>",0.06,"MO com LS =>",9453.16]
[{"$nulls":4},"Valor do BDI =>",5017.6735280000003,null,"Valor com BDI =>",null,23210.83]
[{"$nulls":6},"Quant. =>",1,"Preço Total =>",23210.83]
[]
[" 5.3 ","Código","Banco","Descrição","Tipo",null,"Und","Quant.","Valor Unit","Total"]
["Composição"," V43 ","Próprio","INSTALAÇÃO DE TUBOS E CONEXÕES EM FERRO FUNDIDO (TUBOS FLANGEADOS) DN=250MM A 600MM COM PN MÍNIMO DE 100 MCA","SEDI - SERVIÇOS DIVERSOS",null,"M",1,19.760000000000002,19.760000000000002]
["Composição Auxiliar"," 5238 ","ORSE","Assentamento de tubos em ferro fundido, junta mecânica, diam.=   400 mm","Assentamento/Montagem de Tubos e Conexões",null,"m",1,19.760000000000002,19.760000000000002]
[{"$nulls":4},"MO sem LS =>",12.36,"LS =>",0.01,"MO com LS =>",12.37]
[{"$nulls":4},"Valor do BDI =>",5.449808,null,"Valor com BDI =>",null,25.21]
[{"$nulls":6},"Quant. =>",1530,"Preço Total =>",38571.300000000003]
[]
[" 5.4 ","Código","Banco","Descrição","Tipo",null,"Und","Quant.","Valor Unit","Total"]
["Composição"," 93358 ","SINAPI","ESCAVAÇÃO MANUAL DE VALA COM PROFUNDIDADE MENOR OU IGUAL A 1,30 M. AF_03/2016","MOVT - MOVIMENTO DE TERRA",null,"m³",1,44.97,44.97]
["Composição Auxiliar"," 88316 ","SINAPI","SERVENTE COM ENCARGOS COMPLEMENTARES","SEDI - SERVIÇOS DIVERSOS",null,"H",3.0061727,14.96,44.97]
[{"$nulls":4},"MO sem LS =>",44.97,"LS =>",0,"MO com LS =>",44.97]
[{"$nulls":4},"Valor do BDI =>",12.402725999999999,null,"Valor com BDI =>",null,57.37]
[{"$nulls":6},"Quant. =>",20,"Preço Total =>",1147.4000000000001]
[]
[" 5.4 ","Código","Banco","Descrição","Tipo",null,"Und","Quant.","Valor Unit","Total"]
["Composição"," 6457 ","ORSE","Concreto armado fck=15MPa fabricado na obra, adensado e lançado, para Uso Geral, com formas planas em compensado resinado 12mm (05 usos)","Conversão InfoWOrca",null,"m³",1,1229.31,1229.31]
["Composição Auxiliar"," 126 ","ORSE","Concreto simples fabricado na obra, fck=15 mpa, lançado e adensado","Concreto Simples",null,"m³",1,306.95,306.95]
["Composição Auxiliar"," 116 ","ORSE","Forma Plana para estruturas, em compensado resinado de 12mm, 05 usos, inclusive escoramento - Revisada 07..2015","Formas",null,"m²",10,46.03,460.3]
["Composição Auxiliar"," 140 ","ORSE","Aço CA - 50 Ø 6,3 a 12,5mm, inclusive corte, dobragem, montagem e colocacao de ferragens nas formas, para superestruturas e fundações - R1","Armaduras Convencionais",null,"kg",77.138493699999998,5.99,462.06]
[{"$nulls":4},"MO sem LS =>",572.26,"LS =>",0.49,"MO com LS =>",572.75]
[{"$nulls":4},"Valor do BDI =>",339.04369800000001,null,"Valor com BDI =>",null,1568.35]
[{"$nulls":6},"Quant. =>",108,"Preço Total =>",169381.8]
[]
[" 6 ",null,null,"ESTRUTURA DE DERIVAÇÃO / SAÍDAS",{"$nulls":5},178433.65]
[" 6.1 ","Código","Banco","Descrição","Tipo",null,"Und","Quant.","Valor Unit","Total"]
["Composição"," V44 ","Próprio","ESTRUTURA DE SAÍDA D'ÁGUA DO CANAL DE DISTRIBUIÇÃO PARA OS LOTES COM ENTRADA D'ÁGUA NÃO PRESSURIZADA","SERP - SERVIÇOS PRELIMINARES",null,"UN",1,3099.14,3099.14]
["Composição Auxiliar"," 101232 ","SINAPI","ESCAVAÇÃO VERTICAL A CÉU ABERTO, EM OBRAS DE INFRAESTRUTURA, INCLUINDO CARGA, DESCARGA E TRANSPORTE, EM SOLO DE 1ª CATEGORIA COM ESCAVADEIRA HIDRÁULICA (CAÇAMBA: 1,2 M³ / 155 HP), FROTA DE 3 CAMINHÕES BASCULANTES DE 14 M³, DMT ATÉ 1 KM E VELOCIDADE MÉDIA14KM/H. AF_05/2020","MOVT - MOVIMENTO DE TERRA",null,"m³",2,3.91,7.82]
["Composição Auxiliar"," 94962 ","SINAPI","CONCRETO MAGRO PARA LASTRO, TRAÇO 1:4,5:4,5 (CIMENTO/ AREIA MÉDIA/ BRITA 1)  - PREPARO MECÂNICO COM BETONEIRA 400 L. AF_07/2016","FUES - FUNDAÇÕES E ESTRUTURAS",null,"m³",0.2,185.56,37.11]
["Composição Auxiliar"," 94966 ","SINAPI","CONCRETO FCK = 30MPA, TRAÇO 1:2,1:2,5 (CIMENTO/ AREIA MÉDIA/ BRITA 1)  - PREPARO MECÂNICO COM BETONEIRA 400 L. AF_07/2016","FUES - FUNDAÇÕES E ESTRUTURAS",null,"m³",2,264.31,528.62]
["Composição Auxiliar"," 96539 ","SINAPI","FABRICAÇÃO, MONTAGEM E DESMONTAGEM DE FÔRMA PARA VIGA BALDRAME, EM CHAPA DE MADEIRA COMPENSADA RESINADA, E=17 MM, 2 UTILIZAÇÕES. AF_06/2017","FUES - FUNDAÇÕES E ESTRUTURAS",null,"m²",24,64.22,1541.28]
["Composição Auxiliar"," 96547 ","SINAPI","ARMAÇÃO DE BLOCO, VIGA BALDRAME OU SAPATA UTILIZANDO AÇO CA-50 DE 12,5 MM - MONTAGEM. AF_06/2017","FUES - FUNDAÇÕES E ESTRUTURAS",null,"KG",193.3807462,5.09,984.31]
[{"$nulls":4},"MO sem LS =>",1331.08,"LS =>",0.12,"MO com LS =>",1331.2]
[{"$nulls":4},"Valor do BDI =>",854.74281199999996,null,"Valor com BDI =>",null,3953.88]
[{"$nulls":6},"Quant. =>",2,"Preço Total =>",7907.76]
[]
[" 6.2 ","Código","Banco","Descrição","Tipo",null,"Und","Quant.","Valor Unit","Total"]
["Composição"," V45 ","Próprio","ESTRUTURA TIPO DE SAÍDA DO RESERVATÓRIO R-1 PARA A REDE DE DISTRIBUIÇÃO D'ÁGUA DOS LOTES DA QUADRA HIDRÁULICA 01 (REDE NÃO PRESSURIZADA)","SEDI - SERVIÇOS DIVERSOS",null,"UN",1,6198.28,6198.28]
["Composição Auxiliar"," 101232 ","SINAPI","ESCAVAÇÃO VERTICAL A CÉU ABERTO, EM OBRAS DE INFRAESTRUTURA, INCLUINDO CARGA, DESCARGA E TRANSPORTE, EM SOLO DE 1ª CATEGORIA COM ESCAVADEIRA HIDRÁULICA (CAÇAMBA: 1,2 M³ / 155 HP), FROTA DE 3 CAMINHÕES BASCULANTES DE 14 M³, DMT ATÉ 1 KM E VELOCIDADE MÉDIA14KM/H. AF_05/2020","MOVT - MOVIMENTO DE TERRA",null,"m³",3.9979960000000001,3.91,15.63]
["Composição Auxiliar"," 94962 ","SINAPI","CONCRETO MAGRO PARA LASTRO, TRAÇO 1:4,5:4,5 (CIMENTO/ AREIA MÉDIA/ BRITA 1)  - PREPARO MECÂNICO COM BETONEIRA 400 L. AF_07/2016","FUES - FUNDAÇÕES E ESTRUTURAS",null,"m³",0.4,185.56,74.22]
["Composição Auxiliar"," 94966 ","SINAPI","CONCRETO FCK = 30MPA, TRAÇO 1:2,1:2,5 (CIMENTO/ AREIA MÉDIA/ BRITA 1)  - PREPARO MECÂNICO COM BETONEIRA 400 L. AF_07/2016","FUES - FUNDAÇÕES E ESTRUTURAS",null,"m³",4,264.31,1057.24]
["Composição Auxiliar"," 96539 ","SINAPI","FABRICAÇÃO, MONTAGEM E DESMONTAGEM DE FÔRMA PARA VIGA BALDRAME, EM CHAPA DE MADEIRA COMPENSADA RESINADA, E=17 MM, 2 UTILIZAÇÕES. AF_06/2017","FUES - FUNDAÇÕES E ESTRUTURAS",null,"m²",48,64.22,3082.56]
["Composição Auxiliar"," 96547 ","SINAPI","ARMAÇÃO DE BLOCO, VIGA BALDRAME OU SAPATA UTILIZANDO AÇO CA-50 DE 12,5 MM - MONTAGEM. AF_06/2017","FUES - FUNDAÇÕES E ESTRUTURAS",null,"KG",386.7646024,5.09,1968.63]
[{"$nulls":4},"MO sem LS =>",2662.16,"LS =>",0.23,"MO com LS =>",2662.39]
[{"$nulls":4},"Valor do BDI =>",1709.4856239999999,null,"Valor com BDI =>",null,7907.77]
[{"$nulls":6},"Quant. =>",1,"Preço Total =>",7907.77]
[]
[" 6.3 ","Código","Banco","Descrição","Tipo",null,"Und","Quant.","Valor Unit","Total"]
["Composição"," V32 ","Próprio","CAVALETE DE ENTRADA PARA LOTES - PRESSURIZADO (MONTAGEM)","SEDI - SERVIÇOS DIVERSOS",null,"UN",1,243.61,243.61]
["Composição Auxiliar"," 88267 ","SINAPI","ENCANADOR OU BOMBEIRO HIDRÁULICO COM ENCARGOS COMPLEMENTARES","SEDI - SERVIÇOS DIVERSOS",null,"H",6.0678441999999997,18.97,115.11]
["Composição Auxiliar"," 88316 ","SINAPI","SERVENTE COM ENCARGOS COMPLEMENTARES","SEDI - SERVIÇOS DIVERSOS",null,"H",6.0678441999999997,14.96,90.77]
["Composição Auxiliar"," 90776 ","SINAPI","ENCARREGADO GERAL COM ENCARGOS COMPLEMENTARES","SEDI - SERVIÇOS DIVERSOS",null,"H",1.5616021,24.16,37.729999999999997]
[{"$nulls":4},"MO sem LS =>",243.61,"LS =>",0,"MO com LS =>",243.61]
[{"$nulls":4},"Valor do BDI =>",67.187638000000007,null,"Valor com BDI =>",null,310.8]
[{"$nulls":6},"Quant. =>",84,"Preço Total =>",26107.200000000001]
[]
[" 6.4 ","Código","Banco","Descrição","Tipo",null,"Und","Quant.","Valor Unit","Total"]
["Composição"," V33 ","Próprio","CAIXAS DE PROTEÇÃO EM ALVENARIA PARA AS DERIVAÇÕES DOS LOTES","SEDI - SERVIÇOS DIVERSOS",null,"UN",1,1273.81,1273.81]
["Composição Auxiliar"," 73361 ","SINAPI","CONCRETO CICLOPICO FCK=10MPA 30% PEDRA DE MAO INCLUSIVE LANCAMENTO","SEDI - SERVIÇOS DIVERSOS",null,"m³",0.1628096,266.19,43.34]
["Composição Auxiliar"," 87905 ","SINAPI","CHAPISCO APLICADO EM ALVENARIA (COM PRESENÇA DE VÃOS) E ESTRUTURAS DE CONCRETO DE FACHADA, COM COLHER DE PEDREIRO.  ARGAMASSA TRAÇO 1:3 COM PREPARO EM BETONEIRA 400L. AF_06/2014","REVE - REVESTIMENTO E TRATAMENTO DE SUPERFÍCIES",null,"m²",9,5.04,45.36]
["Composição Auxiliar"," 89977 ","SINAPI","(COMPOSIÇÃO REPRESENTATIVA) DO SERVIÇO DE ALVENARIA DE VEDAÇÃO DE BLOCOS VAZADOS DE CERÂMICA DE 14X9X19CM (ESPESSURA 14CM, BLOCO DEITADO), PARA EDIFICAÇÃO HABITACIONAL UNIFAMILIAR (CASA) E EDIFICAÇÃO PÚBLICA PADRÃO. AF_12/2014","PARE - PAREDES/PAINEIS",null,"m²",4.2452569000000002,85.11,361.31]
["Composição Auxiliar"," 93358 ","SINAPI","ESCAVAÇÃO MANUAL DE VALA COM PROFUNDIDADE MENOR OU IGUAL A 1,30 M. AF_03/2016","MOVT - MOVIMENTO DE TERRA",null,"m³",0.3,44.97,13.49]
["Composição Auxiliar"," 98524 ","SINAPI","LIMPEZA MANUAL DE VEGETAÇÃO EM TERRENO COM ENXADA.AF_05/2018","URBA - URBANIZAÇÃO",null,"m²",3,1.86,5.58]
["Composição Auxiliar"," C0076 ","SEINFRA","ALVENARIA DE TIJOLO COMUM C/ARGAMASSA MISTA DE CAL HIDRATADA 1:2:8   ESP=10 cm","ALVENARIA DE ELEVAÇÃO",null,"m²",0.15,74.28,11.14]
["Composição Auxiliar"," C2477 ","SEINFRA","TINTA IMPERMEÁVEL MINERAL EM PÓ 3 DEMÃOS EM PAREDES EXTERNAS","PAREDES E FORROS",null,"m²",9,8.41,75.69]
["Composição Auxiliar"," C3121 ","SEINFRA","REBOCO C/ ARGAMASSA DE CIMENTO E AREIA PENEIRADA, TRAÇO 1:6","ARGAMASSAS PARA PAREDES INTERNAS E EXTERNAS",null,"m²",9,28.99,260.91000000000003]
["Composição Auxiliar"," 6457 ","ORSE","Concreto armado fck=15MPa fabricado na obra, adensado e lançado, para Uso Geral, com formas planas em compensado resinado 12mm (05 usos)","Conversão InfoWOrca",null,"m³",0.2,1229.31,245.86]
["Composição Auxiliar"," V37 ","Próprio","TAMPA EM CHAPA DE FERRO P/ PROTEÇÃO DA CAIXA DO REGISTRO 1.50X1.50M (M2)","SEDI - SERVIÇOS DIVERSOS",null,"UN",1,206,206]
["Insumo"," 00004718 ","SINAPI","PEDRA BRITADA N. 2 (19 A 38 MM) POSTO PEDREIRA/FORNECEDOR, SEM FRETE","Material",null,"m³",0.1232,41.61,5.13]
[{"$nulls":4},"MO sem LS =>",785.42,"LS =>",0.15,"MO com LS =>",785.57]
[{"$nulls":4},"Valor do BDI =>",351.31679800000001,null,"Valor com BDI =>",null,1625.13]
[{"$nulls":6},"Quant. =>",84,"Preço Total =>",136510.92000000001]
[]
[" 7 ",null,null,"INSTALAÇÃO DE TUBOS / CONEXÕES PARA REDES DE DISTRIBUIÇÃO D'ÁGUA  E LINHAS DE RECALQUE",{"$nulls":5},112482.64]
[" 7.1 ","Código","Banco","Descrição","Tipo",null,"Und","Quant.","Valor Unit","Total"]
["Composição"," 97136 ","SINAPI","ASSENTAMENTO DE TUBO DE PVC DEFOFO OU PRFV OU RPVC PARA REDE DE ÁGUA, DN 250 MM, JUNTA ELÁSTICA INTEGRADA, INSTALADO EM LOCAL COM NÍVEL BAIXO DE INTERFERÊNCIAS (NÃO INCLUI FORNECIMENTO). AF_11/2017","ASTU - ASSENTAMENTO DE TUBOS E PECAS",null,"M",1,3.58,3.58]
["Composição Auxiliar"," 5678 ","SINAPI","RETROESCAVADEIRA SOBRE RODAS COM CARREGADEIRA, TRAÇÃO 4X4, POTÊNCIA LÍQ. 88 HP, CAÇAMBA CARREG. CAP. MÍN. 1 M3, CAÇAMBA RETRO CAP. 0,26 M3, PESO OPERACIONAL MÍN. 6.674 KG, PROFUNDIDADE ESCAVAÇÃO MÁX. 4,37 M - CHP DIURNO. AF_06/2014","CHOR - CUSTOS HORÁRIOS DE MÁQUINAS E EQUIPAMENTOS",null,"CHP",1.06E-2,68.14,0.72]
["Composição Auxiliar"," 5679 ","SINAPI","RETROESCAVADEIRA SOBRE RODAS COM CARREGADEIRA, TRAÇÃO 4X4, POTÊNCIA LÍQ. 88 HP, CAÇAMBA CARREG. CAP. MÍN. 1 M3, CAÇAMBA RETRO CAP. 0,26 M3, PESO OPERACIONAL MÍN. 6.674 KG, PROFUNDIDADE ESCAVAÇÃO MÁX. 4,37 M - CHI DIURNO. AF_06/2014","CHOR - CUSTOS HORÁRIOS DE MÁQUINAS E EQUIPAMENTOS",null,"CHI",2.0299999999999999E-2,31.11,0.63]
["Composição Auxiliar"," 88316 ","SINAPI","SERVENTE COM ENCARGOS COMPLEMENTARES","SEDI - SERVIÇOS DIVERSOS",null,"H",5.2417499999999999E-2,14.96,0.78]
["Composição Auxiliar"," 88246 ","SINAPI","ASSENTADOR DE TUBOS COM ENCARGOS COMPLEMENTARES","SEDI - SERVIÇOS DIVERSOS",null,"H",5.40034E-2,19.93,1.08]
["Insumo"," 00020078 ","SINAPI","PASTA LUBRIFICANTE PARA TUBOS E CONEXOES COM JUNTA ELASTICA (USO EM PVC, ACO, POLIETILENO E OUTROS) ( DE *400* G)","Material",null,"UN",2.4E-2,15.23,0.37]
[{"$nulls":4},"MO sem LS =>",2.39,"LS =>",0,"MO com LS =>",2.39]
[{"$nulls":4},"Valor do BDI =>",0.98736400000000002,null,"Valor com BDI =>",null,4.57]
[{"$nulls":6},"Quant. =>",1000,"Preço Total =>",4570]
[]
[" 7.2 ","Código","Banco","Descrição","Tipo",null,"Und","Quant.","Valor Unit","Total"]
["Composição"," 97135 ","SINAPI","ASSENTAMENTO DE TUBO DE PVC DEFOFO OU PRFV OU RPVC PARA REDE DE ÁGUA, DN 200 MM, JUNTA ELÁSTICA INTEGRADA, INSTALADO EM LOCAL COM NÍVEL BAIXO DE INTERFERÊNCIAS (NÃO INCLUI FORNECIMENTO). AF_11/2017","ASTU - ASSENTAMENTO DE TUBOS E PECAS",null,"M",1,2.91,2.91]
["Composição Auxiliar"," 5678 ","SINAPI","RETROESCAVADEIRA SOBRE RODAS COM CARREGADEIRA, TRAÇÃO 4X4, POTÊNCIA LÍQ. 88 HP, CAÇAMBA CARREG. CAP. MÍN. 1 M3, CAÇAMBA RETRO CAP. 0,26 M3, PESO OPERACIONAL MÍN. 6.674 KG, PROFUNDIDADE ESCAVAÇÃO MÁX. 4,37 M - CHP DIURNO. AF_06/2014","CHOR - CUSTOS HORÁRIOS DE MÁQUINAS E EQUIPAMENTOS",null,"CHP",8.6E-3,68.14,0.59]
["Composição Auxiliar"," 5679 ","SINAPI","RETROESCAVADEIRA SOBRE RODAS COM CARREGADEIRA, TRAÇÃO 4X4, POTÊNCIA LÍQ. 88 HP, CAÇAMBA CARREG. CAP. MÍN. 1 M3, CAÇAMBA RETRO CAP. 0,26 M3, PESO OPERACIONAL MÍN. 6.674 KG, PROFUNDIDADE ESCAVAÇÃO MÁX. 4,37 M - CHI DIURNO. AF_06/2014","CHOR - CUSTOS HORÁRIOS DE MÁQUINAS E EQUIPAMENTOS",null,"CHI",1.6500000000000001E-2,31.11,0.51]
["Composição Auxiliar"," 88316 ","SINAPI","SERVENTE COM ENCARGOS COMPLEMENTARES","SEDI - SERVIÇOS DIVERSOS",null,"H",4.2654999999999998E-2,14.96,0.64]
["Composição Auxiliar"," 88246 ","SINAPI","ASSENTADOR DE TUBOS COM ENCARGOS COMPLEMENTARES","SEDI - SERVIÇOS DIVERSOS",null,"H",4.3702699999999997E-2,19.93,0.87]
["Insumo"," 00020078 ","SINAPI","PASTA LUBRIFICANTE PARA TUBOS E CONEXOES COM JUNTA ELASTICA (USO EM PVC, ACO, POLIETILENO E OUTROS) ( DE *400* G)","Material",null,"UN",1.95E-2,15.23,0.3]
[{"$nulls":4},"MO sem LS =>",1.94,"LS =>",0,"MO com LS =>",1.94]
[{"$nulls":4},"Valor do BDI =>",0.80257800000000001,null,"Valor com BDI =>",null,3.71]
[{"$nulls":6},"Quant. =>",1000,"Preço Total =>",3710]
[]
[" 7.3 ","Código","Banco","Descrição","Tipo",null,"Und","Quant.","Valor Unit","Total"]
["Composição"," 97134 ","SINAPI","ASSENTAMENTO DE TUBO DE PVC DEFOFO OU PRFV OU RPVC PARA REDE DE ÁGUA, DN 150 MM, JUNTA ELÁSTICA INTEGRADA, INSTALADO EM LOCAL COM NÍVEL BAIXO DE INTERFERÊNCIAS (NÃO INCLUI FORNECIMENTO). AF_11/2017","ASTU - ASSENTAMENTO DE TUBOS E PECAS",null,"M",1,1.39,1.39]
["Composição Auxiliar"," 88316 ","SINAPI","SERVENTE COM ENCARGOS COMPLEMENTARES","SEDI - SERVIÇOS DIVERSOS",null,"H",3.2709099999999998E-2,14.96,0.49]
["Composição Auxiliar"," 88246 ","SINAPI","ASSENTADOR DE TUBOS COM ENCARGOS COMPLEMENTARES","SEDI - SERVIÇOS DIVERSOS",null,"H",3.3756800000000003E-2,19.93,0.67]
["Insumo"," 00020078 ","SINAPI","PASTA LUBRIFICANTE PARA TUBOS E CONEXOES COM JUNTA ELASTICA (USO EM PVC, ACO, POLIETILENO E OUTROS) ( DE *400* G)","Material",null,"UN",1.5100000000000001E-2,15.23,0.23]
[{"$nulls":4},"MO sem LS =>",1.1599999999999999,"LS =>",0,"MO com LS =>",1.1599999999999999]
[{"$nulls":4},"Valor do BDI =>",0.38336199999999998,null,"Valor com BDI =>",null,1.77]
[{"$nulls":6},"Quant. =>",800,"Preço Total =>",1416]
[]
[" 7.4 ","Código","Banco","Descrição","Tipo",null,"Und","Quant.","Valor Unit","Total"]
["Composição"," 97137 ","SINAPI","ASSENTAMENTO DE TUBO DE PVC DEFOFO OU PRFV OU RPVC PARA REDE DE ÁGUA, DN 300 MM, JUNTA ELÁSTICA INTEGRADA, INSTALADO EM LOCAL COM NÍVEL BAIXO DE INTERFERÊNCIAS (NÃO INCLUI FORNECIMENTO). AF_11/2017","ASTU - ASSENTAMENTO DE TUBOS E PECAS",null,"M",1,4.24,4.24]
["Composição Auxiliar"," 5678 ","SINAPI","RETROESCAVADEIRA SOBRE RODAS COM CARREGADEIRA, TRAÇÃO 4X4, POTÊNCIA LÍQ. 88 HP, CAÇAMBA CARREG. CAP. MÍN. 1 M3, CAÇAMBA RETRO CAP. 0,26 M3, PESO OPERACIONAL MÍN. 6.674 KG, PROFUNDIDADE ESCAVAÇÃO MÁX. 4,37 M - CHP DIURNO. AF_06/2014","CHOR - CUSTOS HORÁRIOS DE MÁQUINAS E EQUIPAMENTOS",null,"CHP",1.26E-2,68.14,0.86]
["Composição Auxiliar"," 5679 ","SINAPI","RETROESCAVADEIRA SOBRE RODAS COM CARREGADEIRA, TRAÇÃO 4X4, POTÊNCIA LÍQ. 88 HP, CAÇAMBA CARREG. CAP. MÍN. 1 M3, CAÇAMBA RETRO CAP. 0,26 M3, PESO OPERACIONAL MÍN. 6.674 KG, PROFUNDIDADE ESCAVAÇÃO MÁX. 4,37 M - CHI DIURNO. AF_06/2014","CHOR - CUSTOS HORÁRIOS DE MÁQUINAS E EQUIPAMENTOS",null,"CHI",2.41E-2,31.11,0.75]
["Composição Auxiliar"," 88316 ","SINAPI","SERVENTE COM ENCARGOS COMPLEMENTARES","SEDI - SERVIÇOS DIVERSOS",null,"H",6.2150799999999999E-2,14.96,0.93]
["Composição Auxiliar"," 88246 ","SINAPI","ASSENTADOR DE TUBOS COM ENCARGOS COMPLEMENTARES","SEDI - SERVIÇOS DIVERSOS",null,"H",6.3722299999999996E-2,19.93,1.27]
["Insumo"," 00020078 ","SINAPI","PASTA LUBRIFICANTE PARA TUBOS E CONEXOES COM JUNTA ELASTICA (USO EM PVC, ACO, POLIETILENO E OUTROS) ( DE *400* G)","Material",null,"UN",2.8400000000000002E-2,15.23,0.43]
[{"$nulls":4},"MO sem LS =>",2.83,"LS =>",0,"MO com LS =>",2.83]
[{"$nulls":4},"Valor do BDI =>",1.169392,null,"Valor com BDI =>",null,5.41]
[{"$nulls":6},"Quant. =>",1243,"Preço Total =>",6724.63]
[]
[" 7.5 ","Código","Banco","Descrição","Tipo",null,"Und","Quant.","Valor Unit","Total"]
["Composição"," 5282 ","ORSE","Assentamento de conexões em ferro fundido, junta elástica, diam.=   100 mm","Assentamento/Montagem de Tubos e Conexões",null,"un",1,2.7,2.7]
["Composição Auxiliar"," 88267 ","SINAPI","ENCANADOR OU BOMBEIRO HIDRÁULICO COM ENCARGOS COMPLEMENTARES","SEDI - SERVIÇOS DIVERSOS",null,"H",4.2985500000000003E-2,18.97,0.82]
["Composição Auxiliar"," 90776 ","SINAPI","ENCARREGADO GERAL COM ENCARGOS COMPLEMENTARES","SEDI - SERVIÇOS DIVERSOS",null,"H",1.43546E-2,24.16,0.35]
["Composição Auxiliar"," 88316 ","SINAPI","SERVENTE COM ENCARGOS COMPLEMENTARES","SEDI - SERVIÇOS DIVERSOS",null,"H",8.1412700000000005E-2,14.96,1.22]
["Insumo"," 00004229 ","SINAPI","GRAXA LUBRIFICANTE","Material",null,"KG",1.2999999999999999E-2,23.95,0.31]
[{"$nulls":4},"MO sem LS =>",2.38,"LS =>",0.01,"MO com LS =>",2.39]
[{"$nulls":4},"Valor do BDI =>",0.74465999999999999,null,"Valor com BDI =>",null,3.44]
[{"$nulls":6},"Quant. =>",5,"Preço Total =>",17.2]
[]
[" 7.6 ","Código","Banco","Descrição","Tipo",null,"Und","Quant.","Valor Unit","Total"]
["Composição"," 5283 ","ORSE","Assentamento de conexões em ferro fundido, junta elástica, diam.=   150 mm","Assentamento/Montagem de Tubos e Conexões",null,"un",1,9.85,9.85]
["Composição Auxiliar"," 88267 ","SINAPI","ENCANADOR OU BOMBEIRO HIDRÁULICO COM ENCARGOS COMPLEMENTARES","SEDI - SERVIÇOS DIVERSOS",null,"H",0.15662960000000001,18.97,2.97]
["Composição Auxiliar"," 90776 ","SINAPI","ENCARREGADO GERAL COM ENCARGOS COMPLEMENTARES","SEDI - SERVIÇOS DIVERSOS",null,"H",5.6316100000000001E-2,24.16,1.36]
["Composição Auxiliar"," 88316 ","SINAPI","SERVENTE COM ENCARGOS COMPLEMENTARES","SEDI - SERVIÇOS DIVERSOS",null,"H",0.33805249999999998,14.96,5.0599999999999996]
["Insumo"," 2497 ","ORSE","Tirfor 1,6 t - 20m de cabo","Equipamento",null,"h",0.2167,0.21,0.05]
["Insumo"," 00004229 ","SINAPI","GRAXA LUBRIFICANTE","Material",null,"KG",1.7000000000000001E-2,23.95,0.41]
[{"$nulls":4},"MO sem LS =>",9.39,"LS =>",0,"MO com LS =>",9.39]
[{"$nulls":4},"Valor do BDI =>",2.7166299999999999,null,"Valor com BDI =>",null,12.57]
[{"$nulls":6},"Quant. =>",20,"Preço Total =>",251.4]
[]
[" 7.7 ","Código","Banco","Descrição","Tipo",null,"Und","Quant.","Valor Unit","Total"]
["Composição"," 5284 ","ORSE","Assentamento de conexões em ferro fundido, junta elástica, diam.=   200 mm","Assentamento/Montagem de Tubos e Conexões",null,"un",1,12.69,12.69]
["Composição Auxiliar"," 88267 ","SINAPI","ENCANADOR OU BOMBEIRO HIDRÁULICO COM ENCARGOS COMPLEMENTARES","SEDI - SERVIÇOS DIVERSOS",null,"H",0.21829889999999999,18.97,4.1399999999999997]
["Composição Auxiliar"," 90776 ","SINAPI","ENCARREGADO GERAL COM ENCARGOS COMPLEMENTARES","SEDI - SERVIÇOS DIVERSOS",null,"H",7.2792200000000001E-2,24.16,1.76]
["Composição Auxiliar"," 88316 ","SINAPI","SERVENTE COM ENCARGOS COMPLEMENTARES","SEDI - SERVIÇOS DIVERSOS",null,"H",0.41675570000000001,14.96,6.23]
["Insumo"," 2497 ","ORSE","Tirfor 1,6 t - 20m de cabo","Equipamento",null,"h",0.27950000000000003,0.21,0.06]
["Insumo"," 00004229 ","SINAPI","GRAXA LUBRIFICANTE","Material",null,"KG",2.0899999999999998E-2,23.95,0.5]
[{"$nulls":4},"MO sem LS =>",12.13,"LS =>",0,"MO com LS =>",12.13]
[{"$nulls":4},"Valor do BDI =>",3.4999020000000001,null,"Valor com BDI =>",null,16.190000000000001]
[{"$nulls":6},"Quant. =>",45,"Preço Total =>",728.55]
[]
[" 7.8 ","Código","Banco","Descrição","Tipo",null,"Und","Quant.","Valor Unit","Total"]
["Composição"," 5285 ","ORSE","Assentamento de conexões em ferro fundido, junta elástica, diam.=   250 mm","Assentamento/Montagem de Tubos e Conexões",null,"un",1,14.16,14.16]
["Composição Auxiliar"," 88267 ","SINAPI","ENCANADOR OU BOMBEIRO HIDRÁULICO COM ENCARGOS COMPLEMENTARES","SEDI - SERVIÇOS DIVERSOS",null,"H",0.2419202,18.97,4.59]
["Composição Auxiliar"," 90776 ","SINAPI","ENCARREGADO GERAL COM ENCARGOS COMPLEMENTARES","SEDI - SERVIÇOS DIVERSOS",null,"H",8.0640100000000006E-2,24.16,1.95]
["Composição Auxiliar"," 88316 ","SINAPI","SERVENTE COM ENCARGOS COMPLEMENTARES","SEDI - SERVIÇOS DIVERSOS",null,"H",0.46131539999999999,14.96,6.9]
["Insumo"," 2497 ","ORSE","Tirfor 1,6 t - 20m de cabo","Equipamento",null,"h",0.30990000000000001,0.21,7.0000000000000007E-2]
["Insumo"," 00004229 ","SINAPI","GRAXA LUBRIFICANTE","Material",null,"KG",2.7300000000000001E-2,23.95,0.65]
[{"$nulls":4},"MO sem LS =>",13.44,"LS =>",0,"MO com LS =>",13.44]
[{"$nulls":4},"Valor do BDI =>",3.9053279999999999,null,"Valor com BDI =>",null,18.07]
[{"$nulls":6},"Quant. =>",20,"Preço Total =>",361.4]
[]
[" 7.9 ","Código","Banco","Descrição","Tipo",null,"Und","Quant.","Valor Unit","Total"]
["Composição"," 5286 ","ORSE","Assentamento de conexões em ferro fundido, junta elástica, diam.=   300 mm","Assentamento/Montagem de Tubos e Conexões",null,"un",1,18.39,18.39]
["Composição Auxiliar"," 88267 ","SINAPI","ENCANADOR OU BOMBEIRO HIDRÁULICO COM ENCARGOS COMPLEMENTARES","SEDI - SERVIÇOS DIVERSOS",null,"H",0.16312560000000001,18.97,3.09]
["Composição Auxiliar"," 90776 ","SINAPI","ENCARREGADO GERAL COM ENCARGOS COMPLEMENTARES","SEDI - SERVIÇOS DIVERSOS",null,"H",5.8533399999999999E-2,24.16,1.41]
["Composição Auxiliar"," 88316 ","SINAPI","SERVENTE COM ENCARGOS COMPLEMENTARES","SEDI - SERVIÇOS DIVERSOS",null,"H",0.35104439999999998,14.96,5.25]
["Composição Auxiliar"," 93402 ","SINAPI","GUINDAUTO HIDRÁULICO, CAPACIDADE MÁXIMA DE CARGA 3300 KG, MOMENTO MÁXIMO DE CARGA 5,8 TM, ALCANCE MÁXIMO HORIZONTAL 7,60 M, INCLUSIVE CAMINHÃO TOCO PBT 16.000 KG, POTÊNCIA DE 189 CV - CHP DIURNO. AF_03/2016","CHOR - CUSTOS HORÁRIOS DE MÁQUINAS E EQUIPAMENTOS",null,"CHP",7.4899999999999994E-2,103.8,7.77]
["Insumo"," 2498 ","ORSE","Tirfor 3,2 t - 20m de cabo","Equipamento",null,"h",0.22459999999999999,0.32,7.0000000000000007E-2]
["Insumo"," 00004229 ","SINAPI","GRAXA LUBRIFICANTE","Material",null,"KG",3.3300000000000003E-2,23.95,0.8]
[{"$nulls":4},"MO sem LS =>",10.98,"LS =>",0,"MO com LS =>",10.98]
[{"$nulls":4},"Valor do BDI =>",5.0719620000000001,null,"Valor com BDI =>",null,23.46]
[{"$nulls":6},"Quant. =>",15,"Preço Total =>",351.9]
[]
[" 7.10 ","Código","Banco","Descrição","Tipo",null,"Und","Quant.","Valor Unit","Total"]
["Composição"," 5287 ","ORSE","Assentamento de conexões em ferro fundido, junta elástica, diam.=   350 mm","Assentamento/Montagem de Tubos e Conexões",null,"un",1,19.93,19.93]
["Composição Auxiliar"," 88267 ","SINAPI","ENCANADOR OU BOMBEIRO HIDRÁULICO COM ENCARGOS COMPLEMENTARES","SEDI - SERVIÇOS DIVERSOS",null,"H",0.18915000000000001,18.97,3.59]
["Composição Auxiliar"," 90776 ","SINAPI","ENCARREGADO GERAL COM ENCARGOS COMPLEMENTARES","SEDI - SERVIÇOS DIVERSOS",null,"H",6.3075900000000004E-2,24.16,1.52]
["Composição Auxiliar"," 88316 ","SINAPI","SERVENTE COM ENCARGOS COMPLEMENTARES","SEDI - SERVIÇOS DIVERSOS",null,"H",0.3610138,14.96,5.4]
["Composição Auxiliar"," 93402 ","SINAPI","GUINDAUTO HIDRÁULICO, CAPACIDADE MÁXIMA DE CARGA 3300 KG, MOMENTO MÁXIMO DE CARGA 5,8 TM, ALCANCE MÁXIMO HORIZONTAL 7,60 M, INCLUSIVE CAMINHÃO TOCO PBT 16.000 KG, POTÊNCIA DE 189 CV - CHP DIURNO. AF_03/2016","CHOR - CUSTOS HORÁRIOS DE MÁQUINAS E EQUIPAMENTOS",null,"CHP",8.09E-2,103.8,8.4]
["Insumo"," 2498 ","ORSE","Tirfor 3,2 t - 20m de cabo","Equipamento",null,"h",0.24260000000000001,0.32,0.08]
["Insumo"," 00004229 ","SINAPI","GRAXA LUBRIFICANTE","Material",null,"KG",3.9100000000000003E-2,23.95,0.94]
[{"$nulls":4},"MO sem LS =>",11.84,"LS =>",0,"MO com LS =>",11.84]
[{"$nulls":4},"Valor do BDI =>",5.4966939999999997,null,"Valor com BDI =>",null,25.43]
[{"$nulls":6},"Quant. =>",10,"Preço Total =>",254.3]
[]
[" 7.11 ","Código","Banco","Descrição","Tipo",null,"Und","Quant.","Valor Unit","Total"]
["Composição"," 5288 ","ORSE","Assentamento de conexões em ferro fundido, junta elástica, diam.=   400 mm","Assentamento/Montagem de Tubos e Conexões",null,"un",1,21.6,21.6]
["Composição Auxiliar"," 88267 ","SINAPI","ENCANADOR OU BOMBEIRO HIDRÁULICO COM ENCARGOS COMPLEMENTARES","SEDI - SERVIÇOS DIVERSOS",null,"H",0.1997806,18.97,3.79]
["Composição Auxiliar"," 90776 ","SINAPI","ENCARREGADO GERAL COM ENCARGOS COMPLEMENTARES","SEDI - SERVIÇOS DIVERSOS",null,"H",6.6568100000000005E-2,24.16,1.61]
["Composição Auxiliar"," 88316 ","SINAPI","SERVENTE COM ENCARGOS COMPLEMENTARES","SEDI - SERVIÇOS DIVERSOS",null,"H",0.3995609,14.96,5.98]
["Composição Auxiliar"," 93402 ","SINAPI","GUINDAUTO HIDRÁULICO, CAPACIDADE MÁXIMA DE CARGA 3300 KG, MOMENTO MÁXIMO DE CARGA 5,8 TM, ALCANCE MÁXIMO HORIZONTAL 7,60 M, INCLUSIVE CAMINHÃO TOCO PBT 16.000 KG, POTÊNCIA DE 189 CV - CHP DIURNO. AF_03/2016","CHOR - CUSTOS HORÁRIOS DE MÁQUINAS E EQUIPAMENTOS",null,"CHP",8.7300000000000003E-2,103.8,9.06]
["Insumo"," 2498 ","ORSE","Tirfor 3,2 t - 20m de cabo","Equipamento",null,"h",0.26200000000000001,0.32,0.08]
["Insumo"," 00004229 ","SINAPI","GRAXA LUBRIFICANTE","Material",null,"KG",4.4999999999999998E-2,23.95,1.08]
[{"$nulls":4},"MO sem LS =>",12.81,"LS =>",0,"MO com LS =>",12.81]
[{"$nulls":4},"Valor do BDI =>",5.9572799999999999,null,"Valor com BDI =>",null,27.56]
[{"$nulls":6},"Quant. =>",30,"Preço Total =>",826.8]
[]
[" 7.12 ","Código","Banco","Descrição","Tipo",null,"Und","Quant.","Valor Unit","Total"]
["Composição"," 5289 ","ORSE","Assentamento de conexões em ferro fundido, junta elástica, diam.=   450 mm","Assentamento/Montagem de Tubos e Conexões",null,"un",1,23.43,23.43]
["Composição Auxiliar"," 88267 ","SINAPI","ENCANADOR OU BOMBEIRO HIDRÁULICO COM ENCARGOS COMPLEMENTARES","SEDI - SERVIÇOS DIVERSOS",null,"H",0.2052378,18.97,3.89]
["Composição Auxiliar"," 90776 ","SINAPI","ENCARREGADO GERAL COM ENCARGOS COMPLEMENTARES","SEDI - SERVIÇOS DIVERSOS",null,"H",7.36208E-2,24.16,1.78]
["Composição Auxiliar"," 88316 ","SINAPI","SERVENTE COM ENCARGOS COMPLEMENTARES","SEDI - SERVIÇOS DIVERSOS",null,"H",0.44188100000000002,14.96,6.61]
["Composição Auxiliar"," 93402 ","SINAPI","GUINDAUTO HIDRÁULICO, CAPACIDADE MÁXIMA DE CARGA 3300 KG, MOMENTO MÁXIMO DE CARGA 5,8 TM, ALCANCE MÁXIMO HORIZONTAL 7,60 M, INCLUSIVE CAMINHÃO TOCO PBT 16.000 KG, POTÊNCIA DE 189 CV - CHP DIURNO. AF_03/2016","CHOR - CUSTOS HORÁRIOS DE MÁQUINAS E EQUIPAMENTOS",null,"CHP",9.4299999999999995E-2,103.8,9.7899999999999991]
["Insumo"," 2498 ","ORSE","Tirfor 3,2 t - 20m de cabo","Equipamento",null,"h",0.28299999999999997,0.32,0.09]
["Insumo"," 00004229 ","SINAPI","GRAXA LUBRIFICANTE","Material",null,"KG",5.2900000000000003E-2,23.95,1.27]
[{"$nulls":4},"MO sem LS =>",13.83,"LS =>",0,"MO com LS =>",13.83]
[{"$nulls":4},"Valor do BDI =>",6.4619939999999998,null,"Valor com BDI =>",null,29.89]
[{"$nulls":6},"Quant. =>",20,"Preço Total =>",597.79999999999995]
[]
[" 7.13 ","Código","Banco","Descrição","Tipo",null,"Und","Quant.","Valor Unit","Total"]
["Composição"," 5290 ","ORSE","Assentamento de conexões em ferro fundido, junta elástica, diam.=   500 mm","Assentamento/Montagem de Tubos e Conexões",null,"un",1,25.38,25.38]
["Composição Auxiliar"," 88267 ","SINAPI","ENCANADOR OU BOMBEIRO HIDRÁULICO COM ENCARGOS COMPLEMENTARES","SEDI - SERVIÇOS DIVERSOS",null,"H",0.22125520000000001,18.97,4.2]
["Composição Auxiliar"," 90776 ","SINAPI","ENCARREGADO GERAL COM ENCARGOS COMPLEMENTARES","SEDI - SERVIÇOS DIVERSOS",null,"H",7.9562900000000006E-2,24.16,1.92]
["Composição Auxiliar"," 88316 ","SINAPI","SERVENTE COM ENCARGOS COMPLEMENTARES","SEDI - SERVIÇOS DIVERSOS",null,"H",0.47722110000000001,14.96,7.14]
["Composição Auxiliar"," 93402 ","SINAPI","GUINDAUTO HIDRÁULICO, CAPACIDADE MÁXIMA DE CARGA 3300 KG, MOMENTO MÁXIMO DE CARGA 5,8 TM, ALCANCE MÁXIMO HORIZONTAL 7,60 M, INCLUSIVE CAMINHÃO TOCO PBT 16.000 KG, POTÊNCIA DE 189 CV - CHP DIURNO. AF_03/2016","CHOR - CUSTOS HORÁRIOS DE MÁQUINAS E EQUIPAMENTOS",null,"CHP",0.1019,103.8,10.58]
["Insumo"," 2498 ","ORSE","Tirfor 3,2 t - 20m de cabo","Equipamento",null,"h",0.30559999999999998,0.32,0.1]
["Insumo"," 00004229 ","SINAPI","GRAXA LUBRIFICANTE","Material",null,"KG",0.06,23.95,1.44]
[{"$nulls":4},"MO sem LS =>",14.93,"LS =>",0,"MO com LS =>",14.93]
[{"$nulls":4},"Valor do BDI =>",6.9998040000000001,null,"Valor com BDI =>",null,32.380000000000003]
[{"$nulls":6},"Quant. =>",10,"Preço Total =>",323.8]
[]
[" 7.14 ","Código","Banco","Descrição","Tipo",null,"Und","Quant.","Valor Unit","Total"]
["Composição"," 5291 ","ORSE","Assentamento de conexões em ferro fundido, junta elástica, diam.=   600 mm","Assentamento/Montagem de Tubos e Conexões",null,"un",1,35.14,35.14]
["Composição Auxiliar"," 88267 ","SINAPI","ENCANADOR OU BOMBEIRO HIDRÁULICO COM ENCARGOS COMPLEMENTARES","SEDI - SERVIÇOS DIVERSOS",null,"H",0.25754250000000001,18.97,4.8899999999999997]
["Composição Auxiliar"," 90776 ","SINAPI","ENCARREGADO GERAL COM ENCARGOS COMPLEMENTARES","SEDI - SERVIÇOS DIVERSOS",null,"H",8.5847499999999993E-2,24.16,2.0699999999999998]
["Composição Auxiliar"," 88316 ","SINAPI","SERVENTE COM ENCARGOS COMPLEMENTARES","SEDI - SERVIÇOS DIVERSOS",null,"H",0.99297780000000002,14.96,14.85]
["Composição Auxiliar"," 93402 ","SINAPI","GUINDAUTO HIDRÁULICO, CAPACIDADE MÁXIMA DE CARGA 3300 KG, MOMENTO MÁXIMO DE CARGA 5,8 TM, ALCANCE MÁXIMO HORIZONTAL 7,60 M, INCLUSIVE CAMINHÃO TOCO PBT 16.000 KG, POTÊNCIA DE 189 CV - CHP DIURNO. AF_03/2016","CHOR - CUSTOS HORÁRIOS DE MÁQUINAS E EQUIPAMENTOS",null,"CHP",0.11,103.8,11.42]
["Insumo"," 2498 ","ORSE","Tirfor 3,2 t - 20m de cabo","Equipamento",null,"h",0.33,0.32,0.11]
["Insumo"," 00004229 ","SINAPI","GRAXA LUBRIFICANTE","Material",null,"KG",7.4999999999999997E-2,23.95,1.8]
[{"$nulls":4},"MO sem LS =>",23.61,"LS =>",0,"MO com LS =>",23.61]
[{"$nulls":4},"Valor do BDI =>",9.6916119999999992,null,"Valor com BDI =>",null,44.83]
[{"$nulls":6},"Quant. =>",30,"Preço Total =>",1344.9]
[]
[" 7.15 ","Código","Banco","Descrição","Tipo",null,"Und","Quant.","Valor Unit","Total"]
["Composição"," 5296 ","ORSE","Assentamento de conexões em ferro fundido, junta elástica, diam.= 1200 mm","Assentamento/Montagem de Tubos e Conexões",null,"un",1,93.95,93.95]
["Composição Auxiliar"," 88267 ","SINAPI","ENCANADOR OU BOMBEIRO HIDRÁULICO COM ENCARGOS COMPLEMENTARES","SEDI - SERVIÇOS DIVERSOS",null,"H",0.69034200000000001,18.97,13.1]
["Composição Auxiliar"," 90776 ","SINAPI","ENCARREGADO GERAL COM ENCARGOS COMPLEMENTARES","SEDI - SERVIÇOS DIVERSOS",null,"H",0.23014009999999999,24.16,5.56]
["Composição Auxiliar"," 88316 ","SINAPI","SERVENTE COM ENCARGOS COMPLEMENTARES","SEDI - SERVIÇOS DIVERSOS",null,"H",2.6613148,14.96,39.81]
["Composição Auxiliar"," 93402 ","SINAPI","GUINDAUTO HIDRÁULICO, CAPACIDADE MÁXIMA DE CARGA 3300 KG, MOMENTO MÁXIMO DE CARGA 5,8 TM, ALCANCE MÁXIMO HORIZONTAL 7,60 M, INCLUSIVE CAMINHÃO TOCO PBT 16.000 KG, POTÊNCIA DE 189 CV - CHP DIURNO. AF_03/2016","CHOR - CUSTOS HORÁRIOS DE MÁQUINAS E EQUIPAMENTOS",null,"CHP",0.29480000000000001,103.8,30.6]
["Insumo"," 2498 ","ORSE","Tirfor 3,2 t - 20m de cabo","Equipamento",null,"h",1.7685999999999999,0.32,0.56999999999999995]
["Insumo"," 00004229 ","SINAPI","GRAXA LUBRIFICANTE","Material",null,"KG",0.18,23.95,4.3099999999999996]
[{"$nulls":4},"MO sem LS =>",63.3,"LS =>",0,"MO com LS =>",63.3]
[{"$nulls":4},"Valor do BDI =>",25.91141,null,"Valor com BDI =>",null,119.86]
[{"$nulls":6},"Quant. =>",2,"Preço Total =>",239.72]
[]
[" 7.16 ","Código","Banco","Descrição","Tipo",null,"Und","Quant.","Valor Unit","Total"]
["Composição"," 6011 ","ORSE","Assentamento de registro de gaveta em ferro fundido com bolsas, diam. =   50mm a 150mm","Assentamento de Registros",null,"un",1,5.01,5.01]
["Composição Auxiliar"," 88267 ","SINAPI","ENCANADOR OU BOMBEIRO HIDRÁULICO COM ENCARGOS COMPLEMENTARES","SEDI - SERVIÇOS DIVERSOS",null,"H",8.2294199999999998E-2,18.97,1.56]
["Composição Auxiliar"," 90776 ","SINAPI","ENCARREGADO GERAL COM ENCARGOS COMPLEMENTARES","SEDI - SERVIÇOS DIVERSOS",null,"H",2.7483299999999999E-2,24.16,0.66]
["Composição Auxiliar"," 88316 ","SINAPI","SERVENTE COM ENCARGOS COMPLEMENTARES","SEDI - SERVIÇOS DIVERSOS",null,"H",0.15780739999999999,14.96,2.36]
["Insumo"," 2497 ","ORSE","Tirfor 1,6 t - 20m de cabo","Equipamento",null,"h",0.1057,0.21,0.02]
["Insumo"," 00004229 ","SINAPI","GRAXA LUBRIFICANTE","Material",null,"KG",1.7000000000000001E-2,23.95,0.41]
[{"$nulls":4},"MO sem LS =>",4.58,"LS =>",0,"MO com LS =>",4.58]
[{"$nulls":4},"Valor do BDI =>",1.381758,null,"Valor com BDI =>",null,6.39]
[{"$nulls":6},"Quant. =>",4,"Preço Total =>",25.56]
[]
[" 7.17 ","Código","Banco","Descrição","Tipo",null,"Und","Quant.","Valor Unit","Total"]
["Composição"," 6012 ","ORSE","Assentamento de registro de gaveta em ferro fundido com bolsas, diam. =  200mm a 300mm","Assentamento de Registros",null,"un",1,10.59,10.59]
["Composição Auxiliar"," 88267 ","SINAPI","ENCANADOR OU BOMBEIRO HIDRÁULICO COM ENCARGOS COMPLEMENTARES","SEDI - SERVIÇOS DIVERSOS",null,"H",9.7500900000000001E-2,18.97,1.85]
["Composição Auxiliar"," 90776 ","SINAPI","ENCARREGADO GERAL COM ENCARGOS COMPLEMENTARES","SEDI - SERVIÇOS DIVERSOS",null,"H",3.2526399999999997E-2,24.16,0.79]
["Composição Auxiliar"," 88316 ","SINAPI","SERVENTE COM ENCARGOS COMPLEMENTARES","SEDI - SERVIÇOS DIVERSOS",null,"H",0.1860967,14.96,2.78]
["Composição Auxiliar"," 93402 ","SINAPI","GUINDAUTO HIDRÁULICO, CAPACIDADE MÁXIMA DE CARGA 3300 KG, MOMENTO MÁXIMO DE CARGA 5,8 TM, ALCANCE MÁXIMO HORIZONTAL 7,60 M, INCLUSIVE CAMINHÃO TOCO PBT 16.000 KG, POTÊNCIA DE 189 CV - CHP DIURNO. AF_03/2016","CHOR - CUSTOS HORÁRIOS DE MÁQUINAS E EQUIPAMENTOS",null,"CHP",4.1700000000000001E-2,103.8,4.33]
["Insumo"," 2498 ","ORSE","Tirfor 3,2 t - 20m de cabo","Equipamento",null,"h",0.125,0.32,0.04]
["Insumo"," 00004229 ","SINAPI","GRAXA LUBRIFICANTE","Material",null,"KG",3.3300000000000003E-2,23.95,0.8]
[{"$nulls":4},"MO sem LS =>",6.1,"LS =>",0,"MO com LS =>",6.1]
[{"$nulls":4},"Valor do BDI =>",2.920722,null,"Valor com BDI =>",null,13.51]
[{"$nulls":6},"Quant. =>",6,"Preço Total =>",81.06]
[]
[" 7.18 ","Código","Banco","Descrição","Tipo",null,"Und","Quant.","Valor Unit","Total"]
["Composição"," 6013 ","ORSE","Assentamento de registro de gaveta em ferro fundido com bolsas, diam. =  350mm a 450mm","Assentamento de Registros",null,"un",1,13.31,13.31]
["Composição Auxiliar"," 88316 ","SINAPI","SERVENTE COM ENCARGOS COMPLEMENTARES","SEDI - SERVIÇOS DIVERSOS",null,"H",0.2289081,14.96,3.42]
["Composição Auxiliar"," 88267 ","SINAPI","ENCANADOR OU BOMBEIRO HIDRÁULICO COM ENCARGOS COMPLEMENTARES","SEDI - SERVIÇOS DIVERSOS",null,"H",0.1199542,18.97,2.2799999999999998]
["Composição Auxiliar"," 90776 ","SINAPI","ENCARREGADO GERAL COM ENCARGOS COMPLEMENTARES","SEDI - SERVIÇOS DIVERSOS",null,"H",4.0010799999999999E-2,24.16,0.97]
["Composição Auxiliar"," 93402 ","SINAPI","GUINDAUTO HIDRÁULICO, CAPACIDADE MÁXIMA DE CARGA 3300 KG, MOMENTO MÁXIMO DE CARGA 5,8 TM, ALCANCE MÁXIMO HORIZONTAL 7,60 M, INCLUSIVE CAMINHÃO TOCO PBT 16.000 KG, POTÊNCIA DE 189 CV - CHP DIURNO. AF_03/2016","CHOR - CUSTOS HORÁRIOS DE MÁQUINAS E EQUIPAMENTOS",null,"CHP",5.1299999999999998E-2,103.8,5.32]
["Insumo"," 2498 ","ORSE","Tirfor 3,2 t - 20m de cabo","Equipamento",null,"h",0.15379999999999999,0.32,0.05]
["Insumo"," 00004229 ","SINAPI","GRAXA LUBRIFICANTE","Material",null,"KG",5.2900000000000003E-2,23.95,1.27]
[{"$nulls":4},"MO sem LS =>",7.51,"LS =>",0,"MO com LS =>",7.51]
[{"$nulls":4},"Valor do BDI =>",3.6708980000000002,null,"Valor com BDI =>",null,16.98]
[{"$nulls":6},"Quant. =>",3,"Preço Total =>",50.94]
[]
[" 7.19 ","Código","Banco","Descrição","Tipo",null,"Und","Quant.","Valor Unit","Total"]
["Composição"," 6014 ","ORSE","Assentamento de registro de gaveta em ferro fundido com bolsas, diam. =  500mm a 600mm","Assentamento de Registros",null,"un",1,20.170000000000002,20.170000000000002]
["Composição Auxiliar"," 88267 ","SINAPI","ENCANADOR OU BOMBEIRO HIDRÁULICO COM ENCARGOS COMPLEMENTARES","SEDI - SERVIÇOS DIVERSOS",null,"H",0.1258003,18.97,2.39]
["Composição Auxiliar"," 90776 ","SINAPI","ENCARREGADO GERAL COM ENCARGOS COMPLEMENTARES","SEDI - SERVIÇOS DIVERSOS",null,"H",4.7305399999999997E-2,24.16,1.1399999999999999]
["Composição Auxiliar"," 88316 ","SINAPI","SERVENTE COM ENCARGOS COMPLEMENTARES","SEDI - SERVIÇOS DIVERSOS",null,"H",0.5676639,14.96,8.49]
["Composição Auxiliar"," 93402 ","SINAPI","GUINDAUTO HIDRÁULICO, CAPACIDADE MÁXIMA DE CARGA 3300 KG, MOMENTO MÁXIMO DE CARGA 5,8 TM, ALCANCE MÁXIMO HORIZONTAL 7,60 M, INCLUSIVE CAMINHÃO TOCO PBT 16.000 KG, POTÊNCIA DE 189 CV - CHP DIURNO. AF_03/2016","CHOR - CUSTOS HORÁRIOS DE MÁQUINAS E EQUIPAMENTOS",null,"CHP",6.0600000000000001E-2,103.8,6.29]
["Insumo"," 2498 ","ORSE","Tirfor 3,2 t - 20m de cabo","Equipamento",null,"h",0.18179999999999999,0.32,0.06]
["Insumo"," 00004229 ","SINAPI","GRAXA LUBRIFICANTE","Material",null,"KG",7.4999999999999997E-2,23.95,1.8]
[{"$nulls":4},"MO sem LS =>",13.01,"LS =>",0,"MO com LS =>",13.01]
[{"$nulls":4},"Valor do BDI =>",5.5628859999999998,null,"Valor com BDI =>",null,25.73]
[{"$nulls":6},"Quant. =>",10,"Preço Total =>",257.3]
[]
[" 7.20 ","Código","Banco","Descrição","Tipo",null,"Und","Quant.","Valor Unit","Total"]
["Composição"," 90091 ","SINAPI","ESCAVAÇÃO MECÂNICA DE VALA EM MATERIAL DE 1ª E 2ª CATEGORIA","MOVT - MOVIMENTO DE TERRA",null,"m³",1,3.35,3.35]
["Composição Auxiliar"," 5631 ","SINAPI","ESCAVADEIRA HIDRÁULICA SOBRE ESTEIRAS, CAÇAMBA 0,80 M3, PESO OPERACIONAL 17 T, POTENCIA BRUTA 111 HP - CHP DIURNO. AF_06/2014","CHOR - CUSTOS HORÁRIOS DE MÁQUINAS E EQUIPAMENTOS",null,"CHP",2.1299999999999999E-2,90.39,1.93]
["Composição Auxiliar"," 5632 ","SINAPI","ESCAVADEIRA HIDRÁULICA SOBRE ESTEIRAS, CAÇAMBA 0,80 M3, PESO OPERACIONAL 17 T, POTENCIA BRUTA 111 HP - CHI DIURNO. AF_06/2014","CHOR - CUSTOS HORÁRIOS DE MÁQUINAS E EQUIPAMENTOS",null,"CHI",2.3099999999999999E-2,39.56,0.91]
["Composição Auxiliar"," 88316 ","SINAPI","SERVENTE COM ENCARGOS COMPLEMENTARES","SEDI - SERVIÇOS DIVERSOS",null,"H",3.41027E-2,14.96,0.51]
[{"$nulls":4},"MO sem LS =>",1.27,"LS =>",0.01,"MO com LS =>",1.28]
[{"$nulls":4},"Valor do BDI =>",0.92393000000000003,null,"Valor com BDI =>",null,4.2699999999999996]
[{"$nulls":6},"Quant. =>",2100.67,"Preço Total =>",8969.86]
[]
[" 7.21 ","Código","Banco","Descrição","Tipo",null,"Und","Quant.","Valor Unit","Total"]
["Composição"," 93382 ","SINAPI","REATERRO COM MALHO DE FERRO, MADEIRA OU VIBRADOR DE PLACA (MECÂNICO) TIPO SAPINHO","MOVT - MOVIMENTO DE TERRA",null,"m³",1,18.329999999999998,18.329999999999998]
["Composição Auxiliar"," 91534 ","SINAPI","COMPACTADOR DE SOLOS DE PERCUSSÃO (SOQUETE) COM MOTOR A GASOLINA 4 TEMPOS, POTÊNCIA 4 CV - CHI DIURNO. AF_08/2015","CHOR - CUSTOS HORÁRIOS DE MÁQUINAS E EQUIPAMENTOS",null,"CHI",0.254,16.91,4.3]
["Composição Auxiliar"," 91533 ","SINAPI","COMPACTADOR DE SOLOS DE PERCUSSÃO (SOQUETE) COM MOTOR A GASOLINA 4 TEMPOS, POTÊNCIA 4 CV - CHP DIURNO. AF_08/2015","CHOR - CUSTOS HORÁRIOS DE MÁQUINAS E EQUIPAMENTOS",null,"CHP",0.27400000000000002,20.85,5.71]
["Composição Auxiliar"," 95606 ","SINAPI","UMIDIFICAÇÃO DE MATERIAL PARA VALAS COM CAMINHÃO PIPA 10000L. AF_11/2016","MOVT - MOVIMENTO DE TERRA",null,"m³",1,0.94,0.94]
["Composição Auxiliar"," 88316 ","SINAPI","SERVENTE COM ENCARGOS COMPLEMENTARES","SEDI - SERVIÇOS DIVERSOS",null,"H",0.49321559999999998,14.96,7.38]
[{"$nulls":4},"MO sem LS =>",16.309999999999999,"LS =>",0,"MO com LS =>",16.309999999999999]
[{"$nulls":4},"Valor do BDI =>",5.0554139999999999,null,"Valor com BDI =>",null,23.39]
[{"$nulls":6},"Quant. =>",2100.67,"Preço Total =>",49134.67]
[]
[" 7.22 ","Código","Banco","Descrição","Tipo",null,"Und","Quant.","Valor Unit","Total"]
["Composição"," 6457 ","ORSE","Concreto armado fck=15MPa fabricado na obra, adensado e lançado, para Uso Geral, com formas planas em compensado resinado 12mm (05 usos)","Conversão InfoWOrca",null,"m³",1,1229.31,1229.31]
["Composição Auxiliar"," 126 ","ORSE","Concreto simples fabricado na obra, fck=15 mpa, lançado e adensado","Concreto Simples",null,"m³",1,306.95,306.95]
["Composição Auxiliar"," 116 ","ORSE","Forma Plana para estruturas, em compensado resinado de 12mm, 05 usos, inclusive escoramento - Revisada 07..2015","Formas",null,"m²",10,46.03,460.3]
["Composição Auxiliar"," 140 ","ORSE","Aço CA - 50 Ø 6,3 a 12,5mm, inclusive corte, dobragem, montagem e colocacao de ferragens nas formas, para superestruturas e fundações - R1","Armaduras Convencionais",null,"kg",77.138493699999998,5.99,462.06]
[{"$nulls":4},"MO sem LS =>",572.26,"LS =>",0.49,"MO com LS =>",572.75]
[{"$nulls":4},"Valor do BDI =>",339.04369800000001,null,"Valor com BDI =>",null,1568.35]
[{"$nulls":6},"Quant. =>",20,"Preço Total =>",31367]
[]
[" 7.23 ","Código","Banco","Descrição","Tipo",null,"Und","Quant.","Valor Unit","Total"]
["Composição"," V38 ","Próprio","CAIXA EM ALVENARIA NAS DIMENSÕES EXTERNAS DE 1,3X1,3X0,70M,  ENTRE O RESERVATÓRIO E O CANAL DE DISTRIBUIÇAO, PARA PROTEÇÃO DE REGISTRO, INCLUINDO ESCAVAÇÃO,  FUNDO EM CONCRETO (E=10CM), PAREDES COM CH","ASTU - ASSENTAMENTO DE TUBOS E PECAS",null,"UN",1,688.08,688.08]
["Composição Auxiliar"," 87905 ","SINAPI","CHAPISCO APLICADO EM ALVENARIA (COM PRESENÇA DE VÃOS) E ESTRUTURAS DE CONCRETO DE FACHADA, COM COLHER DE PEDREIRO.  ARGAMASSA TRAÇO 1:3 COM PREPARO EM BETONEIRA 400L. AF_06/2014","REVE - REVESTIMENTO E TRATAMENTO DE SUPERFÍCIES",null,"m²",8.0111284999999999,5.04,40.380000000000003]
["Composição Auxiliar"," 89168 ","SINAPI","(COMPOSIÇÃO REPRESENTATIVA) DO SERVIÇO DE ALVENARIA DE VEDAÇÃO DE BLOCOS VAZADOS DE CERÂMICA DE 9X19X19CM (ESPESSURA 9CM), PARA EDIFICAÇÃO HABITACIONAL UNIFAMILIAR (CASA) E EDIFICAÇÃO PÚBLICA PADRÃO. AF_11/2014","PARE - PAREDES/PAINEIS",null,"m²",3.7783801000000001,50.61,191.22]
["Composição Auxiliar"," 94962 ","SINAPI","CONCRETO MAGRO PARA LASTRO, TRAÇO 1:4,5:4,5 (CIMENTO/ AREIA MÉDIA/ BRITA 1)  - PREPARO MECÂNICO COM BETONEIRA 400 L. AF_07/2016","FUES - FUNDAÇÕES E ESTRUTURAS",null,"m³",0.1,185.56,18.559999999999999]
["Composição Auxiliar"," C3121 ","SEINFRA","REBOCO C/ ARGAMASSA DE CIMENTO E AREIA PENEIRADA, TRAÇO 1:6","ARGAMASSAS PARA PAREDES INTERNAS E EXTERNAS",null,"m²",8,28.99,231.92]
["Composição Auxiliar"," V37 ","Próprio","TAMPA EM CHAPA DE FERRO P/ PROTEÇÃO DA CAIXA DO REGISTRO 1.50X1.50M (M2)","SEDI - SERVIÇOS DIVERSOS",null,"UN",1,206,206]
[{"$nulls":4},"MO sem LS =>",401.86,"LS =>",0.06,"MO com LS =>",401.92]
[{"$nulls":4},"Valor do BDI =>",189.77246400000001,null,"Valor com BDI =>",null,877.85]
[{"$nulls":6},"Quant. =>",1,"Preço Total =>",877.85]
[]
[" 8 ",null,null,"ESTRADAS VICINAIS",{"$nulls":5},{"$f":"J482+J495+J506+J519","v":313247.755}]
[" 8.1 ","Código","Banco","Descrição","Tipo",null,"Und","Quant.","Valor Unit","Total"]
["Composição"," 98525 ","SINAPI","LIMPEZA MECÂNICA DA FAIXA DE DOMÍNIO DA ESTRADA","URBA - URBANIZAÇÃO",null,"m²",1,0.2,0.2]
["Composição Auxiliar"," 89032 ","SINAPI","TRATOR DE ESTEIRAS, POTÊNCIA 100 HP, PESO OPERACIONAL 9,4 T, COM LÂMINA 2,19 M3 - CHP DIURNO. AF_06/2014","CHOR - CUSTOS HORÁRIOS DE MÁQUINAS E EQUIPAMENTOS",null,"CHP",6.9530000000000004E-4,82.24,0.06]
["Composição Auxiliar"," 89031 ","SINAPI","TRATOR DE ESTEIRAS, POTÊNCIA 100 HP, PESO OPERACIONAL 9,4 T, COM LÂMINA 2,19 M3 - CHI DIURNO. AF_06/2014","CHOR - CUSTOS HORÁRIOS DE MÁQUINAS E EQUIPAMENTOS",null,"CHI",2.3999999999999998E-3,33.71,0.08]
["Composição Auxiliar"," 88316 ","SINAPI","SERVENTE COM ENCARGOS COMPLEMENTARES","SEDI - SERVIÇOS DIVERSOS",null,"H",1.5049E-3,14.96,0.02]
["Composição Auxiliar"," 88441 ","SINAPI","JARDINEIRO COM ENCARGOS COMPLEMENTARES","SEDI - SERVIÇOS DIVERSOS",null,"H",2.0431E-3,18.2,0.04]
[{"$nulls":4},"MO sem LS =>",0.11,"LS =>",0,"MO com LS =>",0.11]
[{"$nulls":4},"Valor do BDI =>",0.05,null,"Valor com BDI =>",null,0.25]
[{"$nulls":6},"Quant. =>",176735.34,"Preço Total =>",{"$f":"J481*H482","v":44183.834999999999}]
[]
[" 8.2 ","Código","Banco","Descrição","Tipo",null,"Und","Quant.","Valor Unit","Total"]
["Composição"," 100576 ","SINAPI","REGULARIZAÇÃO DO SUB-LEITO DA ESTRADA","PAVI - PAVIMENTAÇÃO",null,"m²",1,1.1100000000000001,1.1100000000000001]
["Composição Auxiliar"," 5903 ","SINAPI","CAMINHÃO PIPA 10.000 L TRUCADO, PESO BRUTO TOTAL 23.000 KG, CARGA ÚTIL MÁXIMA 15.935 KG, DISTÂNCIA ENTRE EIXOS 4,8 M, POTÊNCIA 230 CV, INCLUSIVE TANQUE DE AÇO PARA TRANSPORTE DE ÁGUA - CHI DIURNO. AF_06/2014","CHOR - CUSTOS HORÁRIOS DE MÁQUINAS E EQUIPAMENTOS",null,"CHI",7.0000000000000001E-3,27.61,0.19]
["Composição Auxiliar"," 5932 ","SINAPI","MOTONIVELADORA POTÊNCIA BÁSICA LÍQUIDA (PRIMEIRA MARCHA) 125 HP, PESO BRUTO 13032 KG, LARGURA DA LÂMINA DE 3,7 M - CHP DIURNO. AF_06/2014","CHOR - CUSTOS HORÁRIOS DE MÁQUINAS E EQUIPAMENTOS",null,"CHP",1E-4,100.43,0.01]
["Composição Auxiliar"," 5934 ","SINAPI","MOTONIVELADORA POTÊNCIA BÁSICA LÍQUIDA (PRIMEIRA MARCHA) 125 HP, PESO BRUTO 13032 KG, LARGURA DA LÂMINA DE 3,7 M - CHI DIURNO. AF_06/2014","CHOR - CUSTOS HORÁRIOS DE MÁQUINAS E EQUIPAMENTOS",null,"CHI",8.0000000000000002E-3,39.14,0.31]
["Composição Auxiliar"," 5901 ","SINAPI","CAMINHÃO PIPA 10.000 L TRUCADO, PESO BRUTO TOTAL 23.000 KG, CARGA ÚTIL MÁXIMA 15.935 KG, DISTÂNCIA ENTRE EIXOS 4,8 M, POTÊNCIA 230 CV, INCLUSIVE TANQUE DE AÇO PARA TRANSPORTE DE ÁGUA - CHP DIURNO. AF_06/2014","CHOR - CUSTOS HORÁRIOS DE MÁQUINAS E EQUIPAMENTOS",null,"CHP",1E-3,124.87,0.12]
["Composição Auxiliar"," 73436 ","SINAPI","ROLO COMPACTADOR VIBRATÓRIO PÉ DE CARNEIRO PARA SOLOS, POTÊNCIA 80 HP, PESO OPERACIONAL SEM/COM LASTRO 7,4 / 8,8 T, LARGURA DE TRABALHO 1,68 M - CHP DIURNO. AF_02/2016","CHOR - CUSTOS HORÁRIOS DE MÁQUINAS E EQUIPAMENTOS",null,"CHP",2E-3,99.53,0.2]
["Composição Auxiliar"," 93244 ","SINAPI","ROLO COMPACTADOR VIBRATÓRIO PÉ DE CARNEIRO PARA SOLOS, POTÊNCIA 80 HP, PESO OPERACIONAL SEM/COM LASTRO 7,4 / 8,8 T, LARGURA DE TRABALHO 1,68 M - CHI DIURNO. AF_02/2016","CHOR - CUSTOS HORÁRIOS DE MÁQUINAS E EQUIPAMENTOS",null,"CHI",6.0000000000000001E-3,29.84,0.18]
["Composição Auxiliar"," 88316 ","SINAPI","SERVENTE COM ENCARGOS COMPLEMENTARES","SEDI - SERVIÇOS DIVERSOS",null,"H",6.9236000000000002E-3,14.96,0.1]
[{"$nulls":4},"MO sem LS =>",0.54,"LS =>",0,"MO com LS =>",0.54]
[{"$nulls":4},"Valor do BDI =>",0.30613800000000002,null,"Valor com BDI =>",null,1.42]
[{"$nulls":6},"Quant. =>",35304.660000000003,"Preço Total =>",50132.62]
[]
[" 8.3 ","Código","Banco","Descrição","Tipo",null,"Und","Quant.","Valor Unit","Total"]
["Composição"," 101248 ","SINAPI","ESCAVAÇÃO E CARGA  E TRANSPORTE DE MATERIAL DA JAZIDA PARA O REVESTIMENTO PRIMÁRIO DAS ESTRADAS DMT=6KM","MOVT - MOVIMENTO DE TERRA",null,"m³",1,11.12,11.12]
["Composição Auxiliar"," 89877 ","SINAPI","CAMINHÃO BASCULANTE 14 M3, COM CAVALO MECÂNICO DE CAPACIDADE MÁXIMA DE TRAÇÃO COMBINADO DE 36000 KG, POTÊNCIA 286 CV, INCLUSIVE SEMIREBOQUE COM CAÇAMBA METÁLICA - CHI DIURNO. AF_12/2014","CHOR - CUSTOS HORÁRIOS DE MÁQUINAS E EQUIPAMENTOS",null,"CHI",1.9800000000000002E-2,33.049999999999997,0.65]
["Composição Auxiliar"," 88907 ","SINAPI","ESCAVADEIRA HIDRÁULICA SOBRE ESTEIRAS, CAÇAMBA 1,20 M3, PESO OPERACIONAL 21 T, POTÊNCIA BRUTA 155 HP - CHP DIURNO. AF_06/2014","CHOR - CUSTOS HORÁRIOS DE MÁQUINAS E EQUIPAMENTOS",null,"CHP",7.3000000000000001E-3,106.05,0.77]
["Composição Auxiliar"," 89876 ","SINAPI","CAMINHÃO BASCULANTE 14 M3, COM CAVALO MECÂNICO DE CAPACIDADE MÁXIMA DE TRAÇÃO COMBINADO DE 36000 KG, POTÊNCIA 286 CV, INCLUSIVE SEMIREBOQUE COM CAÇAMBA METÁLICA - CHP DIURNO. AF_12/2014","CHOR - CUSTOS HORÁRIOS DE MÁQUINAS E EQUIPAMENTOS",null,"CHP",7.1300000000000002E-2,133.36000000000001,9.51]
["Composição Auxiliar"," 88908 ","SINAPI","ESCAVADEIRA HIDRÁULICA SOBRE ESTEIRAS, CAÇAMBA 1,20 M3, PESO OPERACIONAL 21 T, POTÊNCIA BRUTA 155 HP - CHI DIURNO. AF_06/2014","CHOR - CUSTOS HORÁRIOS DE MÁQUINAS E EQUIPAMENTOS",null,"CHI",1.8E-3,42.08,0.08]
["Composição Auxiliar"," 88316 ","SINAPI","SERVENTE COM ENCARGOS COMPLEMENTARES","SEDI - SERVIÇOS DIVERSOS",null,"H",7.4853999999999997E-3,14.96,0.11]
[{"$nulls":4},"MO sem LS =>",1.53,"LS =>",0.01,"MO com LS =>",1.54]
[{"$nulls":4},"Valor do BDI =>",3.0668959999999998,null,"Valor com BDI =>",null,14.19]
[{"$nulls":6},"Quant. =>",10602,"Preço Total =>",150442.38]
[]
[" 8.4 ","Código","Banco","Descrição","Tipo",null,"Und","Quant.","Valor Unit","Total"]
["Composição"," 83771 ","SINAPI","REVESTIMENTO PRIMÁRIO, ATERRO COMPACTADO COM LARGURA MÍNIMA DE 6,0M E ALTURA DE 0,30M","PAVI - PAVIMENTAÇÃO",null,"m³",1,5.0599999999999996,5.0599999999999996]
["Composição Auxiliar"," 6879 ","SINAPI","ROLO COMPACTADOR DE PNEUS ESTÁTICO, PRESSÃO VARIÁVEL, POTÊNCIA 111 HP, PESO SEM/COM LASTRO 9,5 / 26 T, LARGURA DE TRABALHO 1,90 M - CHP DIURNO. AF_07/2014","CHOR - CUSTOS HORÁRIOS DE MÁQUINAS E EQUIPAMENTOS",null,"CHP",1.24E-2,87.79,1.0900000000000001]
["Composição Auxiliar"," 6259 ","SINAPI","CAMINHÃO PIPA 6.000 L, PESO BRUTO TOTAL 13.000 KG, DISTÂNCIA ENTRE EIXOS 4,80 M, POTÊNCIA 189 CV INCLUSIVE TANQUE DE AÇO PARA TRANSPORTE DE ÁGUA, CAPACIDADE 6 M3 - CHP DIURNO. AF_06/2014","CHOR - CUSTOS HORÁRIOS DE MÁQUINAS E EQUIPAMENTOS",null,"CHP",8.8999999999999999E-3,103.85,0.92]
["Composição Auxiliar"," 6260 ","SINAPI","CAMINHÃO PIPA 6.000 L, PESO BRUTO TOTAL 13.000 KG, DISTÂNCIA ENTRE EIXOS 4,80 M, POTÊNCIA 189 CV INCLUSIVE TANQUE DE AÇO PARA TRANSPORTE DE ÁGUA, CAPACIDADE 6 M3 - CHI DIURNO. AF_06/2014","CHOR - CUSTOS HORÁRIOS DE MÁQUINAS E EQUIPAMENTOS",null,"CHI",8.8999999999999999E-3,24.73,0.22]
["Composição Auxiliar"," 6880 ","SINAPI","ROLO COMPACTADOR DE PNEUS ESTÁTICO, PRESSÃO VARIÁVEL, POTÊNCIA 111 HP, PESO SEM/COM LASTRO 9,5 / 26 T, LARGURA DE TRABALHO 1,90 M - CHI DIURNO. AF_07/2014","CHOR - CUSTOS HORÁRIOS DE MÁQUINAS E EQUIPAMENTOS",null,"CHI",5.3E-3,37.24,0.2]
["Composição Auxiliar"," 5932 ","SINAPI","MOTONIVELADORA POTÊNCIA BÁSICA LÍQUIDA (PRIMEIRA MARCHA) 125 HP, PESO BRUTO 13032 KG, LARGURA DA LÂMINA DE 3,7 M - CHP DIURNO. AF_06/2014","CHOR - CUSTOS HORÁRIOS DE MÁQUINAS E EQUIPAMENTOS",null,"CHP",1.5100000000000001E-2,100.43,1.52]
["Composição Auxiliar"," 5934 ","SINAPI","MOTONIVELADORA POTÊNCIA BÁSICA LÍQUIDA (PRIMEIRA MARCHA) 125 HP, PESO BRUTO 13032 KG, LARGURA DA LÂMINA DE 3,7 M - CHI DIURNO. AF_06/2014","CHOR - CUSTOS HORÁRIOS DE MÁQUINAS E EQUIPAMENTOS",null,"CHI",2.7000000000000001E-3,39.14,0.11]
["Composição Auxiliar"," 88316 ","SINAPI","SERVENTE COM ENCARGOS COMPLEMENTARES","SEDI - SERVIÇOS DIVERSOS",null,"H",6.6976499999999994E-2,14.96,1]
[{"$nulls":4},"MO sem LS =>",1.87,"LS =>",0,"MO com LS =>",1.87]
[{"$nulls":4},"Valor do BDI =>",1.395548,null,"Valor com BDI =>",null,6.46]
[{"$nulls":6},"Quant. =>",10602,"Preço Total =>",68488.92]
[]
[" 9 ",null,null,"DRENAGEM COLETORA SUPERFICIAL",{"$nulls":5},79889.73]
[" 9.1 ","Código","Banco","Descrição","Tipo",null,"Und","Quant.","Valor Unit","Total"]
["Composição"," 83338 ","SINAPI","ESCAVAÇÃO MECÂNICA EM MATERIAL DE 1ª E 2ª CATEGORIA, DEPOSITANDO AO LADO","MOVT - MOVIMENTO DE TERRA",null,"m³",1,1.62,1.62]
["Composição Auxiliar"," 84013 ","SINAPI","ESCAVADEIRA HIDRÁULICA SOBRE ESTEIRAS, CAÇAMBA 0,80 M3, PESO OPERACIONAL 17,8 T, POTÊNCIA LÍQUIDA 110 HP - CHI DIURNO. AF_10/2014","CHOR - CUSTOS HORÁRIOS DE MÁQUINAS E EQUIPAMENTOS",null,"CHI",5.7999999999999996E-3,38.53,0.22]
["Composição Auxiliar"," 90991 ","SINAPI","ESCAVADEIRA HIDRÁULICA SOBRE ESTEIRAS, CAÇAMBA 0,80 M3, PESO OPERACIONAL 17,8 T, POTÊNCIA LÍQUIDA 110 HP - CHP DIURNO. AF_10/2014","CHOR - CUSTOS HORÁRIOS DE MÁQUINAS E EQUIPAMENTOS",null,"CHP",1.34E-2,87.99,1.18]
["Composição Auxiliar"," 88316 ","SINAPI","SERVENTE COM ENCARGOS COMPLEMENTARES","SEDI - SERVIÇOS DIVERSOS",null,"H",1.4894299999999999E-2,14.96,0.22]
[{"$nulls":4},"MO sem LS =>",0.55000000000000004,"LS =>",0,"MO com LS =>",0.55000000000000004]
[{"$nulls":4},"Valor do BDI =>",0.44679600000000003,null,"Valor com BDI =>",null,2.0699999999999998]
[{"$nulls":6},"Quant. =>",12933.88,"Preço Total =>",26773.13]
[]
[" 9.2 ","Código","Banco","Descrição","Tipo",null,"Und","Quant.","Valor Unit","Total"]
["Composição"," 92216 ","SINAPI","TUBO DE CONCRETO PARA REDES COLETORAS DE ÁGUAS PLUVIAIS, DIÂMETRO DE 1000 MM, JUNTA RÍGIDA, INSTALADO EM LOCAL COM BAIXO NÍVEL DE INTERFERÊNCIAS - FORNECIMENTO E ASSENTAMENTO. AF_12/2015","ASTU - ASSENTAMENTO DE TUBOS E PECAS",null,"M",1,228.59,228.59]
["Composição Auxiliar"," 5631 ","SINAPI","ESCAVADEIRA HIDRÁULICA SOBRE ESTEIRAS, CAÇAMBA 0,80 M3, PESO OPERACIONAL 17 T, POTENCIA BRUTA 111 HP - CHP DIURNO. AF_06/2014","CHOR - CUSTOS HORÁRIOS DE MÁQUINAS E EQUIPAMENTOS",null,"CHP",0.16700000000000001,90.39,15.1]
["Composição Auxiliar"," 5632 ","SINAPI","ESCAVADEIRA HIDRÁULICA SOBRE ESTEIRAS, CAÇAMBA 0,80 M3, PESO OPERACIONAL 17 T, POTENCIA BRUTA 111 HP - CHI DIURNO. AF_06/2014","CHOR - CUSTOS HORÁRIOS DE MÁQUINAS E EQUIPAMENTOS",null,"CHI",0.35199999999999998,39.56,13.93]
["Composição Auxiliar"," 88629 ","SINAPI","ARGAMASSA TRAÇO 1:3 (EM VOLUME DE CIMENTO E AREIA MÉDIA ÚMIDA), PREPARO MANUAL. AF_08/2019","SEDI - SERVIÇOS DIVERSOS",null,"m³",2.8000000000000001E-2,343.49,9.6199999999999992]
["Composição Auxiliar"," 88316 ","SINAPI","SERVENTE COM ENCARGOS COMPLEMENTARES","SEDI - SERVIÇOS DIVERSOS",null,"H",1.1907463,14.96,17.809999999999999]
["Composição Auxiliar"," 88246 ","SINAPI","ASSENTADOR DE TUBOS COM ENCARGOS COMPLEMENTARES","SEDI - SERVIÇOS DIVERSOS",null,"H",0.61357600000000001,19.93,12.23]
["Insumo"," 00007753 ","SINAPI","TUBO CONCRETO ARMADO, CLASSE PA-1, PB, DN 1000 MM, PARA AGUAS PLUVIAIS (NBR 8890)","Material",null,"M",1.03,155.24,159.9]
[{"$nulls":4},"MO sem LS =>",41.78,"LS =>",0,"MO com LS =>",41.78]
[{"$nulls":4},"Valor do BDI =>",63.045121999999999,null,"Valor com BDI =>",null,291.64]
[{"$nulls":6},"Quant. =>",60,"Preço Total =>",17498.400000000001]
[]
[" 9.3 ","Código","Banco","Descrição","Tipo",null,"Und","Quant.","Valor Unit","Total"]
["Composição"," V34 ","Próprio","CONSTRUÇÃO DE ALA E PONTA DE ALA DE BUEIROS EM PEDRA ARGAMASSADA OU CONCRETO CICLÓPICO, NA ESPESSURA DE 0,30M, FUNDAÇÃO MÍNIMA DE 0,30M COM ALTURA E COMPRIMENTO VARIANDO DE ACORDO COM A SECÇÃO DO DREN","ASTU - ASSENTAMENTO DE TUBOS E PECAS",null,"UN",1,1395.92,1395.92]
["Composição Auxiliar"," 73856/004 ","SINAPI","BOCA PARA BUEIRO SIMPLES TUBULAR, DIAMETRO =1,00M, EM CONCRETO CICLOPICO, INCLUINDO FORMAS, ESCAVACAO, REATERRO E MATERIAIS, EXCLUINDO MATERIAL REATERRO JAZIDA E TRANSPORTE.","DROP - DRENAGEM/OBRAS DE CONTENÇÃO / POÇOS DE VISITA E CAIXAS",null,"UN",1,1395.92,1395.92]
[{"$nulls":4},"MO sem LS =>",928.54,"LS =>",0.02,"MO com LS =>",928.56]
[{"$nulls":4},"Valor do BDI =>",384.99473599999999,null,"Valor com BDI =>",null,1780.91]
[{"$nulls":6},"Quant. =>",20,"Preço Total =>",35618.199999999997]
[]
[" 10 ",null,null,"EDIFICAÇÕES",{"$nulls":5},69300.179999999993]
[" 10.1 ","Código","Banco","Descrição","Tipo",null,"Und","Quant.","Valor Unit","Total"]
["Composição"," V30 ","Próprio","READEQUAÇÃO DA COBERTURA DAS CASAS DE COMANDOS EB-01 E EB-02","ASTU - ASSENTAMENTO DE TUBOS E PECAS",null,"UN",1,8717.2800000000007,8717.2800000000007]
["Composição Auxiliar"," 74141/001 ","SINAPI","LAJE PRE-MOLD BETA 11 P/1KN/M2 VAOS 4,40M/INCL VIGOTAS TIJOLOS ARMADURA NEGATIVA CAPEAMENTO 3CM CONCRETO 20MPA ESCORAMENTO MATERIAL E MAO  DE OBRA.","FUES - FUNDAÇÕES E ESTRUTURAS",null,"m²",43.346695500000003,63.75,2763.35]
["Composição Auxiliar"," 83479 ","SINAPI","LUMINARIA ESTANQUE - PROTECAO CONTRA AGUA, POEIRA OU IMPACTOS - TIPO AQUATIC PIAL OU EQUIVALENTE","INEL - INSTALAÇÃO ELÉTRICA/ELETRIFICAÇÃO E ILUMINAÇÃO EXTERNA",null,"UN",2,90.89,181.78]
["Composição Auxiliar"," 93128 ","SINAPI","PONTO DE ILUMINAÇÃO RESIDENCIAL INCLUINDO INTERRUPTOR SIMPLES, CAIXA ELÉTRICA, ELETRODUTO, CABO, RASGO, QUEBRA E CHUMBAMENTO (EXCLUINDO LUMINÁRIA E LÂMPADA). AF_01/2016","INEL - INSTALAÇÃO ELÉTRICA/ELETRIFICAÇÃO E ILUMINAÇÃO EXTERNA",null,"UN",2,82.69,165.38]
["Composição Auxiliar"," 98546 ","SINAPI","IMPERMEABILIZAÇÃO DE SUPERFÍCIE COM MANTA ASFÁLTICA, UMA CAMADA, INCLUSIVE APLICAÇÃO DE PRIMER ASFÁLTICO, E=3MM. AF_06/2018","IMPE - IMPERMEABILIZAÇÕES E PROTEÇÕES DIVERSAS",null,"m²",45,58.41,2628.45]
["Composição Auxiliar"," C0778 ","SEINFRA","CHAPISCO C/ ARGAMASSA DE CIMENTO E AREIA  S/ PENEIRAR TRAÇO 1:3  ESP=5 mm P/ TETO","ARGAMASSAS PARA TETOS",null,"m²",45,8.89,400.05]
["Composição Auxiliar"," C2477 ","SEINFRA","TINTA IMPERMEÁVEL MINERAL EM PÓ 3 DEMÃOS EM PAREDES EXTERNAS","PAREDES E FORROS",null,"m²",45,8.41,378.45]
["Composição Auxiliar"," C3035 ","SEINFRA","REBOCO C/ ARGAMASSA DE CIMENTO E AREIA S/ PENEIRAR TRAÇO 1:6, ESP=20 mm P/ TETO","ARGAMASSAS PARA TETOS",null,"m²",45,23.82,1071.9000000000001]
["Composição Auxiliar"," V27 ","Próprio","RETIRADA E RECOLOCAÇÃO DE  TELHA CERÂMICA CAPA-CANAL. COM ATÉ DUAS ÁGUAS","ASTU - ASSENTAMENTO DE TUBOS E PECAS",null,"m²",58.08,9.57,555.83000000000004]
["Composição Auxiliar"," V28 ","Próprio","RETIRADA E RECOLOCAÇÃO DE MADEIRAMENTO.COM ATÉ DUAS ÁGUAS","ASTU - ASSENTAMENTO DE TUBOS E PECAS",null,"m²",58.08,9.85,572.09]
[{"$nulls":4},"MO sem LS =>",4405.05,"LS =>",0.33,"MO com LS =>",4405.38]
[{"$nulls":4},"Valor do BDI =>",2404.2258240000001,null,"Valor com BDI =>",null,11121.51]
[{"$nulls":6},"Quant. =>",1,"Preço Total =>",11121.51]
[]
[" 10.2 ","Código","Banco","Descrição","Tipo",null,"Und","Quant.","Valor Unit","Total"]
["Composição"," V48 ","Próprio","READEQUAÇÃO DA COBERTURA DAS CASAS DE COMANDOS EB-03 E EB-04","SEDI - SERVIÇOS DIVERSOS",null,"UN",1,5980.37,5980.37]
["Composição Auxiliar"," 74141/001 ","SINAPI","LAJE PRE-MOLD BETA 11 P/1KN/M2 VAOS 4,40M/INCL VIGOTAS TIJOLOS ARMADURA NEGATIVA CAPEAMENTO 3CM CONCRETO 20MPA ESCORAMENTO MATERIAL E MAO  DE OBRA.","FUES - FUNDAÇÕES E ESTRUTURAS",null,"m²",28.860047099999999,63.75,1839.83]
["Composição Auxiliar"," 83479 ","SINAPI","LUMINARIA ESTANQUE - PROTECAO CONTRA AGUA, POEIRA OU IMPACTOS - TIPO AQUATIC PIAL OU EQUIVALENTE","INEL - INSTALAÇÃO ELÉTRICA/ELETRIFICAÇÃO E ILUMINAÇÃO EXTERNA",null,"UN",2,90.89,181.78]
["Composição Auxiliar"," 93128 ","SINAPI","PONTO DE ILUMINAÇÃO RESIDENCIAL INCLUINDO INTERRUPTOR SIMPLES, CAIXA ELÉTRICA, ELETRODUTO, CABO, RASGO, QUEBRA E CHUMBAMENTO (EXCLUINDO LUMINÁRIA E LÂMPADA). AF_01/2016","INEL - INSTALAÇÃO ELÉTRICA/ELETRIFICAÇÃO E ILUMINAÇÃO EXTERNA",null,"UN",2,82.69,165.38]
["Composição Auxiliar"," 98546 ","SINAPI","IMPERMEABILIZAÇÃO DE SUPERFÍCIE COM MANTA ASFÁLTICA, UMA CAMADA, INCLUSIVE APLICAÇÃO DE PRIMER ASFÁLTICO, E=3MM. AF_06/2018","IMPE - IMPERMEABILIZAÇÕES E PROTEÇÕES DIVERSAS",null,"m²",30,58.41,1752.3]
["Composição Auxiliar"," C0778 ","SEINFRA","CHAPISCO C/ ARGAMASSA DE CIMENTO E AREIA  S/ PENEIRAR TRAÇO 1:3  ESP=5 mm P/ TETO","ARGAMASSAS PARA TETOS",null,"m²",30,8.89,266.7]
["Composição Auxiliar"," C2477 ","SEINFRA","TINTA IMPERMEÁVEL MINERAL EM PÓ 3 DEMÃOS EM PAREDES EXTERNAS","PAREDES E FORROS",null,"m²",30,8.41,252.3]
["Composição Auxiliar"," C3035 ","SEINFRA","REBOCO C/ ARGAMASSA DE CIMENTO E AREIA S/ PENEIRAR TRAÇO 1:6, ESP=20 mm P/ TETO","ARGAMASSAS PARA TETOS",null,"m²",30,23.82,714.6]
["Composição Auxiliar"," V27 ","Próprio","RETIRADA E RECOLOCAÇÃO DE  TELHA CERÂMICA CAPA-CANAL. COM ATÉ DUAS ÁGUAS","ASTU - ASSENTAMENTO DE TUBOS E PECAS",null,"m²",41.58,9.57,397.92]
["Composição Auxiliar"," V28 ","Próprio","RETIRADA E RECOLOCAÇÃO DE MADEIRAMENTO.COM ATÉ DUAS ÁGUAS","ASTU - ASSENTAMENTO DE TUBOS E PECAS",null,"m²",41.58,9.85,409.56]
[{"$nulls":4},"MO sem LS =>",3043.18,"LS =>",0.25,"MO com LS =>",3043.43]
[{"$nulls":4},"Valor do BDI =>",1649.3860460000001,null,"Valor com BDI =>",null,7629.76]
[{"$nulls":6},"Quant. =>",1,"Preço Total =>",7629.76]
[]
[" 10.3 ","Código","Banco","Descrição","Tipo",null,"Und","Quant.","Valor Unit","Total"]
["Composição"," V29 ","Próprio","CASA DE COMANDO PARA EB-05 E EB-06","ASTU - ASSENTAMENTO DE TUBOS E PECAS",null,"UN",1,15161.23,15161.23]
["Composição Auxiliar"," 100760 ","SINAPI","PINTURA COM TINTA ALQUÍDICA DE ACABAMENTO (ESMALTE SINTÉTICO BRILHANTE) APLICADA A ROLO OU PINCEL SOBRE SUPERFÍCIES METÁLICAS (EXCETO PERFIL) EXECUTADO EM OBRA (02 DEMÃOS). AF_01/2020","PINT - PINTURAS",null,"m²",4.2420391999999998,26.52,112.5]
["Composição Auxiliar"," 101161 ","SINAPI","ALVENARIA DE VEDAÇÃO COM ELEMENTO VAZADO DE CONCRETO (COBOGÓ) DE 7X50X50CM E ARGAMASSA DE ASSENTAMENTO COM PREPARO EM BETONEIRA. AF_05/2020","PARE - PAREDES/PAINEIS",null,"m²",1.5,111.16,166.74]
["Composição Auxiliar"," 73361 ","SINAPI","CONCRETO CICLOPICO FCK=10MPA 30% PEDRA DE MAO INCLUSIVE LANCAMENTO","SEDI - SERVIÇOS DIVERSOS",null,"m³",2.4900000000000002,266.19,662.81]
["Composição Auxiliar"," 74141/001 ","SINAPI","LAJE PRE-MOLD BETA 11 P/1KN/M2 VAOS 4,40M/INCL VIGOTAS TIJOLOS ARMADURA NEGATIVA CAPEAMENTO 3CM CONCRETO 20MPA ESCORAMENTO MATERIAL E MAO  DE OBRA.","FUES - FUNDAÇÕES E ESTRUTURAS",null,"m²",15,63.75,956.25]
["Composição Auxiliar"," 83479 ","SINAPI","LUMINARIA ESTANQUE - PROTECAO CONTRA AGUA, POEIRA OU IMPACTOS - TIPO AQUATIC PIAL OU EQUIVALENTE","INEL - INSTALAÇÃO ELÉTRICA/ELETRIFICAÇÃO E ILUMINAÇÃO EXTERNA",null,"UN",1,90.89,90.89]
["Composição Auxiliar"," 87905 ","SINAPI","CHAPISCO APLICADO EM ALVENARIA (COM PRESENÇA DE VÃOS) E ESTRUTURAS DE CONCRETO DE FACHADA, COM COLHER DE PEDREIRO.  ARGAMASSA TRAÇO 1:3 COM PREPARO EM BETONEIRA 400L. AF_06/2014","REVE - REVESTIMENTO E TRATAMENTO DE SUPERFÍCIES",null,"m²",98.6,5.04,496.94]
["Composição Auxiliar"," 89168 ","SINAPI","(COMPOSIÇÃO REPRESENTATIVA) DO SERVIÇO DE ALVENARIA DE VEDAÇÃO DE BLOCOS VAZADOS DE CERÂMICA DE 9X19X19CM (ESPESSURA 9CM), PARA EDIFICAÇÃO HABITACIONAL UNIFAMILIAR (CASA) E EDIFICAÇÃO PÚBLICA PADRÃO. AF_11/2014","PARE - PAREDES/PAINEIS",null,"m²",47.420679999999997,50.61,2399.96]
["Composição Auxiliar"," 89977 ","SINAPI","(COMPOSIÇÃO REPRESENTATIVA) DO SERVIÇO DE ALVENARIA DE VEDAÇÃO DE BLOCOS VAZADOS DE CERÂMICA DE 14X9X19CM (ESPESSURA 14CM, BLOCO DEITADO), PARA EDIFICAÇÃO HABITACIONAL UNIFAMILIAR (CASA) E EDIFICAÇÃO PÚBLICA PADRÃO. AF_12/2014","PARE - PAREDES/PAINEIS",null,"m²",3.32,85.11,282.57]
["Composição Auxiliar"," 92539 ","SINAPI","TRAMA DE MADEIRA COMPOSTA POR RIPAS, CAIBROS E TERÇAS PARA TELHADOS DE ATÉ 2 ÁGUAS PARA TELHA DE ENCAIXE DE CERÂMICA OU DE CONCRETO, INCLUSO TRANSPORTE VERTICAL. AF_07/2019","COBE - COBERTURA",null,"m²",20.79,33.44,695.22]
["Composição Auxiliar"," 93128 ","SINAPI","PONTO DE ILUMINAÇÃO RESIDENCIAL INCLUINDO INTERRUPTOR SIMPLES, CAIXA ELÉTRICA, ELETRODUTO, CABO, RASGO, QUEBRA E CHUMBAMENTO (EXCLUINDO LUMINÁRIA E LÂMPADA). AF_01/2016","INEL - INSTALAÇÃO ELÉTRICA/ELETRIFICAÇÃO E ILUMINAÇÃO EXTERNA",null,"UN",1,82.69,82.69]
["Composição Auxiliar"," 93141 ","SINAPI","PONTO DE TOMADA RESIDENCIAL INCLUINDO TOMADA 10A/250V, CAIXA ELÉTRICA, ELETRODUTO, CABO, RASGO, QUEBRA E CHUMBAMENTO. AF_01/2016","INEL - INSTALAÇÃO ELÉTRICA/ELETRIFICAÇÃO E ILUMINAÇÃO EXTERNA",null,"UN",1,99.94,99.94]
["Composição Auxiliar"," 93143 ","SINAPI","PONTO DE TOMADA RESIDENCIAL INCLUINDO TOMADA 20A/250V, CAIXA ELÉTRICA, ELETRODUTO, CABO, RASGO, QUEBRA E CHUMBAMENTO. AF_01/2016","INEL - INSTALAÇÃO ELÉTRICA/ELETRIFICAÇÃO E ILUMINAÇÃO EXTERNA",null,"UN",1,101.6,101.6]
["Composição Auxiliar"," 93358 ","SINAPI","ESCAVAÇÃO MANUAL DE VALA COM PROFUNDIDADE MENOR OU IGUAL A 1,30 M. AF_03/2016","MOVT - MOVIMENTO DE TERRA",null,"m³",1.49,44.97,67.010000000000005]
["Composição Auxiliar"," 93382 ","SINAPI","REATERRO COM MALHO DE FERRO, MADEIRA OU VIBRADOR DE PLACA (MECÂNICO) TIPO SAPINHO       ","MOVT - MOVIMENTO DE TERRA",null,"m³",7.91,18.329999999999998,144.99]
["Composição Auxiliar"," 94201 ","SINAPI","TELHAMENTO COM TELHA CERÂMICA CAPA-CANAL, TIPO COLONIAL, COM ATÉ 2 ÁGUAS, INCLUSO TRANSPORTE VERTICAL. AF_07/2019","COBE - COBERTURA",null,"m²",20.79,21.18,440.33]
["Composição Auxiliar"," 94319 ","SINAPI","ATERRO MANUAL DE VALAS COM SOLO ARGILO-ARENOSO E COMPACTAÇÃO MECANIZADA. AF_05/2016","MOVT - MOVIMENTO DE TERRA",null,"m³",10.4,26.66,277.26]
["Composição Auxiliar"," 98524 ","SINAPI","LIMPEZA MANUAL DE VEGETAÇÃO EM TERRENO COM ENXADA.AF_05/2018","URBA - URBANIZAÇÃO",null,"m²",80,1.86,148.80000000000001]
["Composição Auxiliar"," 98546 ","SINAPI","IMPERMEABILIZAÇÃO DE SUPERFÍCIE COM MANTA ASFÁLTICA, UMA CAMADA, INCLUSIVE APLICAÇÃO DE PRIMER ASFÁLTICO, E=3MM. AF_06/2018","IMPE - IMPERMEABILIZAÇÕES E PROTEÇÕES DIVERSAS",null,"m²",15,58.41,876.15]
["Composição Auxiliar"," 99059 ","SINAPI","LOCACAO CONVENCIONAL DE OBRA, UTILIZANDO GABARITO DE TÁBUAS CORRIDAS PONTALETADAS A CADA 2,00M -  2 UTILIZAÇÕES. AF_10/2018","SERT - SERVIÇOS TÉCNICOS",null,"M",27,26.65,719.55]
["Composição Auxiliar"," C0778 ","SEINFRA","CHAPISCO C/ ARGAMASSA DE CIMENTO E AREIA  S/ PENEIRAR TRAÇO 1:3  ESP=5 mm P/ TETO","ARGAMASSAS PARA TETOS",null,"m²",15,8.89,133.35]
["Composição Auxiliar"," C1958 ","SEINFRA","PORTA DE FERRO COMPACTA EM CHAPA, INCLUS. BATENTES E FERRAGENS","ESQUADRIAS METÁLICAS",null,"m²",2.1,223.3,468.93]
["Composição Auxiliar"," C2477 ","SEINFRA","TINTA IMPERMEÁVEL MINERAL EM PÓ 3 DEMÃOS EM PAREDES EXTERNAS","PAREDES E FORROS",null,"m²",116,8.41,975.56]
["Composição Auxiliar"," C3035 ","SEINFRA","REBOCO C/ ARGAMASSA DE CIMENTO E AREIA S/ PENEIRAR TRAÇO 1:6, ESP=20 mm P/ TETO","ARGAMASSAS PARA TETOS",null,"m²",15,23.82,357.3]
["Composição Auxiliar"," C3121 ","SEINFRA","REBOCO C/ ARGAMASSA DE CIMENTO E AREIA PENEIRADA, TRAÇO 1:6","ARGAMASSAS PARA PAREDES INTERNAS E EXTERNAS",null,"m²",94.8413599,28.99,2749.45]
["Composição Auxiliar"," V22 ","Próprio","CALÇADA CIMENTADA  ","ASTU - ASSENTAMENTO DE TUBOS E PECAS",null,"m²",8.9454831000000006,125.94,1126.5899999999999]
["Composição Auxiliar"," V23 ","Próprio","CIMENTADO PARA PISO INCLUSIVE LASTRO ","ASTU - ASSENTAMENTO DE TUBOS E PECAS",null,"m²",15,35.19,527.85]
[{"$nulls":4},"MO sem LS =>",9600.4,"LS =>",1.25,"MO com LS =>",9601.65]
[{"$nulls":4},"Valor do BDI =>",4181.4672339999997,null,"Valor com BDI =>",null,19342.7]
[{"$nulls":6},"Quant. =>",2,"Preço Total =>",38685.4]
[]
[" 10.4 ","Código","Banco","Descrição","Tipo",null,"Und","Quant.","Valor Unit","Total"]
["Composição"," V46 ","Próprio","SPDA PARA SUBSTAÇÕES ABRIGADAS","ASTU - ASSENTAMENTO DE TUBOS E PECAS",null,"m²",1,45.24,45.24]
["Composição Auxiliar"," 88247 ","SINAPI","AUXILIAR DE ELETRICISTA COM ENCARGOS COMPLEMENTARES","SEDI - SERVIÇOS DIVERSOS",null,"H",0.37881979999999998,15.16,5.74]
["Composição Auxiliar"," 88264 ","SINAPI","ELETRICISTA COM ENCARGOS COMPLEMENTARES","SEDI - SERVIÇOS DIVERSOS",null,"H",0.75763979999999997,19.579999999999998,14.83]
["Composição Auxiliar"," 88316 ","SINAPI","SERVENTE COM ENCARGOS COMPLEMENTARES","SEDI - SERVIÇOS DIVERSOS",null,"H",0.30305589999999999,14.96,4.53]
["Insumo"," I1243 ","SEINFRA","HASTE DE ATERRAMENTO COPPERWELD 3/4'' x 3M","Material",null,"UN",0.1,41.27,4.13]
["Insumo"," 00001585 ","SINAPI","TERMINAL METALICO A PRESSAO PARA 1 CABO DE 16 MM2, COM 1 FURO DE FIXACAO","Material",null,"UN",0.1,3.78,0.38]
["Insumo"," 00001587 ","SINAPI","TERMINAL METALICO A PRESSAO PARA 1 CABO DE 35 MM2, COM 1 FURO DE FIXACAO","Material",null,"UN",0.1,4.8600000000000003,0.49]
["Insumo"," 00003384 ","SINAPI","SUPORTE GUIA SIMPLES COM ROLDANA EM POLIPROPILENO PARA CHUMBAR, H = 20 CM","Material",null,"UN",0.1,3.93,0.39]
["Insumo"," 00003396 ","SINAPI","SUPORTE ISOLADOR SIMPLES DIAMETRO NOMINAL 5/16\", COM ROSCA SOBERBA E BUCHA","Material",null,"UN",0.2,5.14,1.03]
["Insumo"," 00004332 ","SINAPI","PARAFUSO ZINCADO, SEXTAVADO, COM ROSCA INTEIRA, DIAMETRO 3/8\", COMPRIMENTO 2\"","Material",null,"UN",0.1,0.59,0.06]
["Insumo"," 00004376 ","SINAPI","BUCHA DE NYLON SEM ABA S8","Material",null,"UN",0.1,0.09,0.01]
["Insumo"," 00007583 ","SINAPI","BUCHA DE NYLON SEM ABA S8, COM PARAFUSO DE 4,80 X 50 MM EM ACO ZINCADO COM ROSCA SOBERBA, CABECA CHATA E FENDA PHILLIPS","Material",null,"UN",0.5,0.2,0.1]
["Insumo"," 8494 ","ORSE","Terminal aéreo 3/8\" x 25cm ref.TEL 044 ou similar","Material",null,"un",0.1,4.1900000000000004,0.42]
["Insumo"," 11094 ","ORSE","Barra chata de aluminio 3/4\" x 1/4\"","Material",null,"m",0.1,10.93,1.0900000000000001]
["Insumo"," 00011854 ","SINAPI","CONECTOR METALICO TIPO PARAFUSO FENDIDO (SPLIT BOLT), PARA CABOS ATE 35 MM2","Material",null,"UN",0.1,7.14,0.71]
["Insumo"," 00013388 ","SINAPI","SOLDA EM BARRA DE ESTANHO-CHUMBO 50/50","Material",null,"KG",0.1,80.739999999999995,8.07]
["Insumo"," 00034641 ","SINAPI","CAIXA INSPECAO EM CONCRETO PARA ATERRAMENTO E PARA RAIOS DIAMETRO = 300 MM","Material",null,"UN",0.1,32.590000000000003,3.26]
[{"$nulls":4},"MO sem LS =>",25.1,"LS =>",0,"MO com LS =>",25.1]
[{"$nulls":4},"Valor do BDI =>",12.477192000000001,null,"Valor com BDI =>",null,57.72]
[{"$nulls":6},"Quant. =>",60,"Preço Total =>",3463.2]
[]
[" 10.5 ","Código","Banco","Descrição","Tipo",null,"Und","Quant.","Valor Unit","Total"]
["Composição"," V51 ","Próprio","SERVIÇOS COMPLEMENTARES PARA PRÉDIO DA PISCICULTURA","ASTU - ASSENTAMENTO DE TUBOS E PECAS",null,"UN",1,6584.35,6584.35]
["Composição Auxiliar"," 73836/001 ","SINAPI","INSTALACAO DE CONJ.MOTO BOMBA HORIZONTAL ATE 10 CV","INPR - INSTALAÇÕES DE PRODUÇÃO",null,"UN",1,357.41,357.41]
["Composição Auxiliar"," 93358 ","SINAPI","ESCAVAÇÃO MANUAL DE VALA COM PROFUNDIDADE MENOR OU IGUAL A 1,30 M. AF_03/2016","MOVT - MOVIMENTO DE TERRA",null,"m³",7.5116811999999999,44.97,337.8]
["Composição Auxiliar"," 94483 ","SINAPI","CONJUNTO HIDRÁULICO PARA INSTALAÇÃO DE BOMBA EM AÇO ROSCÁVEL, DN SUCÇÃO 32 (1 1/4\u0094) E DN RECALQUE 25 (1\u0094), PARA EDIFICAÇÃO ATÉ 4 PAVIMENTOS \u0096 FORNECIMENTO E INSTALAÇÃO. AF_06/2016","INHI - INSTALAÇÕES HIDROS SANITÁRIAS",null,"UN",1,636.79,636.79]
["Composição Auxiliar"," 11147 ","ORSE","Isolamento térmico c/ poliestireno expandido (isopor), e=5,0cm, coladas com frioasfalto da vedacit ou similar","Isolamento Térmico",null,"m²",38,41.47,1575.86]
["Composição Auxiliar"," C2302MOD ","Próprio","TAMPO DE AÇO INOX P/ BANCADAS","ASTU - ASSENTAMENTO DE TUBOS E PECAS",null,"m²",4.5,341.03,1534.64]
["Insumo"," 463 ","ORSE","Caixa d'agua fibra vidro  5.000 litros - Fortlev-Torres (ou similar)","Material",null,"un",1,1319.62,1319.62]
["Insumo"," 00000733 ","SINAPI","BOMBA CENTRIFUGA MOTOR ELETRICO MONOFASICO 0,74HP  DIAMETRO DE SUCCAO X ELEVACAO 1 1/4\" X 1\", DIAMETRO DO ROTOR 120 MM, HM/Q: 8 M / 7,70 M3/H A 24 M / 2,80 M3/H","Equipamento",null,"UN",1,822.23,822.23]
[{"$nulls":4},"MO sem LS =>",2046.09,"LS =>",0.08,"MO com LS =>",2046.17]
[{"$nulls":4},"Valor do BDI =>",1815.9637299999999,null,"Valor com BDI =>",null,8400.31]
[{"$nulls":6},"Quant. =>",1,"Preço Total =>",8400.31]
[]
[" 11 ",null,null,"INSTALAÇÕES ELÉTRICAS EM GERAL",{"$nulls":5},418538.63]
[" 11.1 ","Código","Banco","Descrição","Tipo",null,"Und","Quant.","Valor Unit","Total"]
["Composição"," V271 ","Próprio","INSTALAÇÃO DE TRANFORMADOR TRIFÁSICO EM 13,8KV-380/220V DE 75KVA","ASTU - ASSENTAMENTO DE TUBOS E PECAS",null,"UN",1,252.37,252.37]
["Composição Auxiliar"," 88247 ","SINAPI","AUXILIAR DE ELETRICISTA COM ENCARGOS COMPLEMENTARES","SEDI - SERVIÇOS DIVERSOS",null,"H",2.4908852000000001,15.16,37.76]
["Composição Auxiliar"," 88279 ","SINAPI","MONTADOR ELETROMECÃNICO COM ENCARGOS COMPLEMENTARES","SEDI - SERVIÇOS DIVERSOS",null,"H",2.5766998000000001,27.63,71.19]
["Composição Auxiliar"," 90776 ","SINAPI","ENCARREGADO GERAL COM ENCARGOS COMPLEMENTARES","SEDI - SERVIÇOS DIVERSOS",null,"H",0.78081809999999996,24.16,18.86]
["Composição Auxiliar"," 93402 ","SINAPI","GUINDAUTO HIDRÁULICO, CAPACIDADE MÁXIMA DE CARGA 3300 KG, MOMENTO MÁXIMO DE CARGA 5,8 TM, ALCANCE MÁXIMO HORIZONTAL 7,60 M, INCLUSIVE CAMINHÃO TOCO PBT 16.000 KG, POTÊNCIA DE 189 CV - CHP DIURNO. AF_03/2016","CHOR - CUSTOS HORÁRIOS DE MÁQUINAS E EQUIPAMENTOS",null,"CHP",1.2,103.8,124.56]
[{"$nulls":4},"MO sem LS =>",147.49,"LS =>",0,"MO com LS =>",147.49]
[{"$nulls":4},"Valor do BDI =>",69.603645999999998,null,"Valor com BDI =>",null,321.97000000000003]
[{"$nulls":6},"Quant. =>",1,"Preço Total =>",321.97000000000003]
[]
[" 11.2 ","Código","Banco","Descrição","Tipo",null,"Und","Quant.","Valor Unit","Total"]
["Composição"," V272 ","Próprio","INSTALAÇÃO DE TRANFORMADOR TRIFÁSICO EM 13,8KV-380/220V DE 112,5KVA","ASTU - ASSENTAMENTO DE TUBOS E PECAS",null,"UN",1,252.37,252.37]
["Composição Auxiliar"," 88247 ","SINAPI","AUXILIAR DE ELETRICISTA COM ENCARGOS COMPLEMENTARES","SEDI - SERVIÇOS DIVERSOS",null,"H",2.5772347999999998,15.16,39.07]
["Composição Auxiliar"," 88279 ","SINAPI","MONTADOR ELETROMECÃNICO COM ENCARGOS COMPLEMENTARES","SEDI - SERVIÇOS DIVERSOS",null,"H",2.5290401999999998,27.63,69.88]
["Composição Auxiliar"," 93402 ","SINAPI","GUINDAUTO HIDRÁULICO, CAPACIDADE MÁXIMA DE CARGA 3300 KG, MOMENTO MÁXIMO DE CARGA 5,8 TM, ALCANCE MÁXIMO HORIZONTAL 7,60 M, INCLUSIVE CAMINHÃO TOCO PBT 16.000 KG, POTÊNCIA DE 189 CV - CHP DIURNO. AF_03/2016","CHOR - CUSTOS HORÁRIOS DE MÁQUINAS E EQUIPAMENTOS",null,"CHP",1.2,103.8,124.56]
["Composição Auxiliar"," 90776 ","SINAPI","ENCARREGADO GERAL COM ENCARGOS COMPLEMENTARES","SEDI - SERVIÇOS DIVERSOS",null,"H",0.78081809999999996,24.16,18.86]
[{"$nulls":4},"MO sem LS =>",147.49,"LS =>",0,"MO com LS =>",147.49]
[{"$nulls":4},"Valor do BDI =>",69.603645999999998,null,"Valor com BDI =>",null,321.97000000000003]
[{"$nulls":6},"Quant. =>",6,"Preço Total =>",1931.82]
[]
[" 11.3 ","Código","Banco","Descrição","Tipo",null,"Und","Quant.","Valor Unit","Total"]
["Composição"," V273 ","Próprio","INSTALAÇÃO DE TRANFORMADOR TRIFÁSICO EM 13,8KV-380/220V DE 225KVA","ASTU - ASSENTAMENTO DE TUBOS E PECAS",null,"UN",1,252.37,252.37]
["Composição Auxiliar"," 88247 ","SINAPI","AUXILIAR DE ELETRICISTA COM ENCARGOS COMPLEMENTARES","SEDI - SERVIÇOS DIVERSOS",null,"H",2.5772347999999998,15.16,39.07]
["Composição Auxiliar"," 88279 ","SINAPI","MONTADOR ELETROMECÃNICO COM ENCARGOS COMPLEMENTARES","SEDI - SERVIÇOS DIVERSOS",null,"H",2.5290401999999998,27.63,69.88]
["Composição Auxiliar"," 90776 ","SINAPI","ENCARREGADO GERAL COM ENCARGOS COMPLEMENTARES","SEDI - SERVIÇOS DIVERSOS",null,"H",0.78081809999999996,24.16,18.86]
["Composição Auxiliar"," 93402 ","SINAPI","GUINDAUTO HIDRÁULICO, CAPACIDADE MÁXIMA DE CARGA 3300 KG, MOMENTO MÁXIMO DE CARGA 5,8 TM, ALCANCE MÁXIMO HORIZONTAL 7,60 M, INCLUSIVE CAMINHÃO TOCO PBT 16.000 KG, POTÊNCIA DE 189 CV - CHP DIURNO. AF_03/2016","CHOR - CUSTOS HORÁRIOS DE MÁQUINAS E EQUIPAMENTOS",null,"CHP",1.2,103.8,124.56]
[{"$nulls":4},"MO sem LS =>",147.49,"LS =>",0,"MO com LS =>",147.49]
[{"$nulls":4},"Valor do BDI =>",69.603645999999998,null,"Valor com BDI =>",null,321.97000000000003]
[{"$nulls":6},"Quant. =>",3,"Preço Total =>",965.91]
[]
[" 11.4 ","Código","Banco","Descrição","Tipo",null,"Und","Quant.","Valor Unit","Total"]
["Composição"," V274 ","Próprio","INSTALAÇÃO DE TRANFORMADOR TRIFÁSICO EM 13,8KV-380/220V DE 300KVA","ASTU - ASSENTAMENTO DE TUBOS E PECAS",null,"UN",1,252.37,252.37]
["Composição Auxiliar"," 88247 ","SINAPI","AUXILIAR DE ELETRICISTA COM ENCARGOS COMPLEMENTARES","SEDI - SERVIÇOS DIVERSOS",null,"H",2.5772347999999998,15.16,39.07]
["Composição Auxiliar"," 88279 ","SINAPI","MONTADOR ELETROMECÃNICO COM ENCARGOS COMPLEMENTARES","SEDI - SERVIÇOS DIVERSOS",null,"H",2.5290401999999998,27.63,69.88]
["Composição Auxiliar"," 90776 ","SINAPI","ENCARREGADO GERAL COM ENCARGOS COMPLEMENTARES","SEDI - SERVIÇOS DIVERSOS",null,"H",0.78081809999999996,24.16,18.86]
["Composição Auxiliar"," 93402 ","SINAPI","GUINDAUTO HIDRÁULICO, CAPACIDADE MÁXIMA DE CARGA 3300 KG, MOMENTO MÁXIMO DE CARGA 5,8 TM, ALCANCE MÁXIMO HORIZONTAL 7,60 M, INCLUSIVE CAMINHÃO TOCO PBT 16.000 KG, POTÊNCIA DE 189 CV - CHP DIURNO. AF_03/2016","CHOR - CUSTOS HORÁRIOS DE MÁQUINAS E EQUIPAMENTOS",null,"CHP",1.2,103.8,124.56]
[{"$nulls":4},"MO sem LS =>",147.49,"LS =>",0,"MO com LS =>",147.49]
[{"$nulls":4},"Valor do BDI =>",69.603645999999998,null,"Valor com BDI =>",null,321.97000000000003]
[{"$nulls":6},"Quant. =>",5,"Preço Total =>",1609.85]
[]
[" 11.5 ","Código","Banco","Descrição","Tipo",null,"Und","Quant.","Valor Unit","Total"]
["Composição"," V143 ","Próprio","MONTAGEM ELETROMECÂNICA DA SE ABRIGADA DE 1,5 MVA","ASTU - ASSENTAMENTO DE TUBOS E PECAS",null,"un",1,6675.32,6675.32]
["Composição Auxiliar"," 88247 ","SINAPI","AUXILIAR DE ELETRICISTA COM ENCARGOS COMPLEMENTARES","SEDI - SERVIÇOS DIVERSOS",null,"H",48.650356700000003,15.16,737.54]
["Composição Auxiliar"," 88279 ","SINAPI","MONTADOR ELETROMECÃNICO COM ENCARGOS COMPLEMENTARES","SEDI - SERVIÇOS DIVERSOS",null,"H",48.548575499999998,27.63,1341.4]
["Composição Auxiliar"," 90776 ","SINAPI","ENCARREGADO GERAL COM ENCARGOS COMPLEMENTARES","SEDI - SERVIÇOS DIVERSOS",null,"H",48.548575499999998,24.16,1172.93]
["Composição Auxiliar"," V101 ","Próprio","INSTALAÇÃO DE ISOLADOR DISCO PORC. G. OLHAL. 175X140MM","ASTU - ASSENTAMENTO DE TUBOS E PECAS",null,"UN",12,2.71,32.520000000000003]
["Composição Auxiliar"," V102 ","Próprio","INSTALAÇÃO DE CANTONEIRA DE 38X38X4.8MM - COMP. 1.6M","ASTU - ASSENTAMENTO DE TUBOS E PECAS",null,"M",6,5.41,32.46]
["Composição Auxiliar"," V103 ","Próprio","LANÇAMENTO DE CABO DE COBRE ISOLADO P/ 1KV 240 MM²","ASTU - ASSENTAMENTO DE TUBOS E PECAS",null,"M",120,5.41,649.20000000000005]
["Composição Auxiliar"," V104 ","Próprio","LANÇAMENTO DE CABO DE CU 2AWG NU.TEMPERA MOLE (50MM2) (ATERRAMENTO)","ASTU - ASSENTAMENTO DE TUBOS E PECAS",null,"M",50,4.07,203.5]
["Composição Auxiliar"," V105 ","Próprio","INSTALAÇÃO DE CHAVE SECCIONADORA TRIPOLAR S/ FUS. TIPO FACA-15KV-400A","ASTU - ASSENTAMENTO DE TUBOS E PECAS",null,"UN",4,5.41,21.64]
["Composição Auxiliar"," V106 ","Próprio","INSTALAÇÃO DE DISJUNTOR AUTOMÁTICO. ISOLAMENTO P/ 15KV-500A","ASTU - ASSENTAMENTO DE TUBOS E PECAS",null,"UN",1,5.41,5.41]
["Composição Auxiliar"," V107 ","Próprio","INSTALAÇÃO DE ISOLADOR DE PORCELANA TIPO PEDESTAL P/15KV. USO INTERNO","ASTU - ASSENTAMENTO DE TUBOS E PECAS",null,"UN",21,5.41,113.61]
["Composição Auxiliar"," V108 ","Próprio","INSTALAÇÃO DE BUCHA PASS. PORCELANA P/ 15KV 16MM","ASTU - ASSENTAMENTO DE TUBOS E PECAS",null,"UN",12,13.57,162.84]
["Composição Auxiliar"," V109 ","Próprio","INSTALAÇÃO DE SUPORTE METALICO PARA FIXACAO DOS T.C.'S E T.P.'S","ASTU - ASSENTAMENTO DE TUBOS E PECAS",null,"UN",1,13.02,13.02]
["Composição Auxiliar"," V110 ","Próprio","INSTALAÇÃO DE TRANSF. DE CORRENTE 15 KV. 100 A. ESPECIFICACÃO ELETROBRAS E ABNT","ASTU - ASSENTAMENTO DE TUBOS E PECAS",null,"UN",2,17.63,35.26]
["Composição Auxiliar"," V111 ","Próprio","INSTALAÇÃO DE TRANSFORMADOR DE POTENCIAL. 15 KV. 13800/380/220V. 800 VA","ASTU - ASSENTAMENTO DE TUBOS E PECAS",null,"UN",2,18.18,36.36]
["Composição Auxiliar"," V112 ","Próprio","INSTALAÇÃO DE TRANFORMADOR TRIFÁSICO EM 13.8KV-380/220V DE 750KVA","ASTU - ASSENTAMENTO DE TUBOS E PECAS",null,"UN",2,176.87,353.74]
["Composição Auxiliar"," V113 ","Próprio","INSTALAÇÃO DE VERGALHAO DE COBRE ø 3/8\" COM 3 METRO","ASTU - ASSENTAMENTO DE TUBOS E PECAS",null,"UN",20,24.41,488.2]
["Composição Auxiliar"," V114 ","Próprio","INSTALAÇÃO DE LÚMINARIA A PROVA DE TEMPO","ASTU - ASSENTAMENTO DE TUBOS E PECAS",null,"UN",2,3.06,6.12]
["Composição Auxiliar"," V115 ","Próprio","INSTALAÇÃO DE LÂMPADA MISTA DE 160 WATTS","ASTU - ASSENTAMENTO DE TUBOS E PECAS",null,"UN",2,2.71,5.42]
["Composição Auxiliar"," V116 ","Próprio","INSTALAÇÃO DE INTERRUPTOR DE 1 TECLA","ASTU - ASSENTAMENTO DE TUBOS E PECAS",null,"un",1,4.07,4.07]
["Composição Auxiliar"," V117 ","Próprio","INSTALAÇÃO DE ELETRODUTO AÇO CARB. GALV.. 3/4\" X 6 M","ASTU - ASSENTAMENTO DE TUBOS E PECAS",null,"un",1,5.41,5.41]
["Composição Auxiliar"," V118 ","Próprio","INSTALAÇÃO DE CAIXA DE MEDIÇÃO DE ENERGIA ATIVA E REATIVA","ASTU - ASSENTAMENTO DE TUBOS E PECAS",null,"un",1,21.7,21.7]
["Composição Auxiliar"," V119 ","Próprio","INSTALAÇÃO DE CONECTOR KSU - 25","ASTU - ASSENTAMENTO DE TUBOS E PECAS",null,"un",3,3.25,9.75]
["Composição Auxiliar"," V120 ","Próprio","INSTALAÇÃO DE GRADE DE PROTEÇÃO EM CANTONEIRA DE AÇO E TELA DE ARAME 12AWG","ASTU - ASSENTAMENTO DE TUBOS E PECAS",null,"un",4,17.63,70.52]
["Composição Auxiliar"," V121 ","Próprio","LANÇAMENTO DE CABO DE COBRE NÚ. 4AWG - 16MM²","ASTU - ASSENTAMENTO DE TUBOS E PECAS",null,"kg",3,6.78,20.34]
["Composição Auxiliar"," V122 ","Próprio","INSTALAÇÃO DE CHAVE CORTA CIRCUITO FUSÍVEL AÇÃO SIMULT. 15KV-100A","ASTU - ASSENTAMENTO DE TUBOS E PECAS",null,"un",3,18.989999999999998,56.97]
["Composição Auxiliar"," V123 ","Próprio","INSTALAÇÃO DE ELO FUSIVEL  140 K","ASTU - ASSENTAMENTO DE TUBOS E PECAS",null,"un",3,8.15,24.45]
["Composição Auxiliar"," V124 ","Próprio","INSTALAÇÃO DE QUADRO DE DISTRIBUIÇÃO C/ BARRAMENTO 12 CIRCUITOS","ASTU - ASSENTAMENTO DE TUBOS E PECAS",null,"un",1,18.989999999999998,18.989999999999998]
["Composição Auxiliar"," V125 ","Próprio","LANÇAMENTO DE FIO DE COBRE ISOLADO 2.5MM 750V","ASTU - ASSENTAMENTO DE TUBOS E PECAS",null,"m",40,4.07,162.80000000000001]
["Composição Auxiliar"," V126 ","Próprio","INSTALAÇÃO DE ELETRODUTO PVC ROSQ. 3/4\"","ASTU - ASSENTAMENTO DE TUBOS E PECAS",null,"m",12,4.07,48.84]
["Composição Auxiliar"," V127 ","Próprio","INSTALAÇÃO DE CURVA PVC ROSQ. 3/4\"","ASTU - ASSENTAMENTO DE TUBOS E PECAS",null,"UN",2,2.71,5.42]
["Composição Auxiliar"," V128 ","Próprio","INSTALAÇÃO DE LUVA DE PVC ROSQ. 3/4\"","ASTU - ASSENTAMENTO DE TUBOS E PECAS",null,"un",1,2.71,2.71]
["Composição Auxiliar"," V129 ","Próprio","INSTALAÇÃO DE ELETRODUTO PVC ROSQ. 3\"","ASTU - ASSENTAMENTO DE TUBOS E PECAS",null,"m",12,4.07,48.84]
["Composição Auxiliar"," V130 ","Próprio","INSTALAÇÃO DE CURVA PVC ROSQ. 3\"","ASTU - ASSENTAMENTO DE TUBOS E PECAS",null,"UN",4,2.71,10.84]
["Composição Auxiliar"," V131 ","Próprio","INSTALAÇÃO DE CONECTOR KS - 16MM","ASTU - ASSENTAMENTO DE TUBOS E PECAS",null,"UN",8,2.71,21.68]
["Composição Auxiliar"," V132 ","Próprio","LANÇAMENTO DE CABO DE COBRE ISOLADO P/ 1KV DE 120MM² - N","ASTU - ASSENTAMENTO DE TUBOS E PECAS",null,"M",30,5.41,162.30000000000001]
["Composição Auxiliar"," V133 ","Próprio","INSTALAÇÃO DE PARA-RAIO P/ 15KV TIPO ÓXIDO DE ZINCO","ASTU - ASSENTAMENTO DE TUBOS E PECAS",null,"UN",6,8.15,48.9]
["Composição Auxiliar"," V134 ","Próprio","INSTALAÇÃO DE HASTE ATERR. COBREADA 19 X 3048MM. PROLONG.","ASTU - ASSENTAMENTO DE TUBOS E PECAS",null,"UN",6,9.49,56.94]
["Composição Auxiliar"," V135 ","Próprio","INSTALAÇÃO DE CONECTOR CONCÊNTRICO UNIÃO COM SUPORTE ø 3/8\"","ASTU - ASSENTAMENTO DE TUBOS E PECAS",null,"UN",21,2.71,56.91]
["Composição Auxiliar"," V136 ","Próprio","INSTALAÇÃO DE CONECTOR CONCÊNTRICO DERIV. TIPO T ø 3/8\"","ASTU - ASSENTAMENTO DE TUBOS E PECAS",null,"UN",6,2.71,16.260000000000002]
["Composição Auxiliar"," V137 ","Próprio","INSTALAÇÃO DE CONECTOR CONCÊNTRICO UNIÃO ANGULAR ø 3/8\"","ASTU - ASSENTAMENTO DE TUBOS E PECAS",null,"UN",12,4.24,50.88]
["Composição Auxiliar"," v138 ","Próprio","INSTALAÇÃO DE CONECTOR CONCÊNTRICO TERMINAL CENTRAL ø 3/8\"","ASTU - ASSENTAMENTO DE TUBOS E PECAS",null,"UN",3,2.71,8.1300000000000008]
["Composição Auxiliar"," V139 ","Próprio","INSTALAÇÃO DE CONECTOR CONCÊNTRICO UNIÃO SEM SUPORTE ø 3/8\"","ASTU - ASSENTAMENTO DE TUBOS E PECAS",null,"UN",8,2.71,21.68]
["Composição Auxiliar"," V140 ","Próprio","INSTALAÇÃO DE CONECTOR CONCÊNTRICO TERM. ANG. ø 3/8\"","ASTU - ASSENTAMENTO DE TUBOS E PECAS",null,"UN",3,2.71,8.1300000000000008]
["Composição Auxiliar"," V141 ","Próprio","INSTALAÇÃO DE MUFLA INTERNA","ASTU - ASSENTAMENTO DE TUBOS E PECAS",null,"UN",3,33.409999999999997,100.23]
["Composição Auxiliar"," V142 ","Próprio","INSTALAÇÃO DE MUFLA INTERNA","ASTU - ASSENTAMENTO DE TUBOS E PECAS",null,"UN",6,33.409999999999997,200.46]
[{"$nulls":4},"MO sem LS =>",6535.4,"LS =>",0.08,"MO com LS =>",6535.48]
[{"$nulls":4},"Valor do BDI =>",1841.0532559999999,null,"Valor com BDI =>",null,8516.3700000000008]
[{"$nulls":6},"Quant. =>",3,"Preço Total =>",25549.11]
[]
[" 11.6 ","Código","Banco","Descrição","Tipo",null,"Und","Quant.","Valor Unit","Total"]
["Composição"," V144 ","Próprio","MONTAGEM ELETROMECÂNICA DA SE ABRIGADA DE 2,25 MVA","ASTU - ASSENTAMENTO DE TUBOS E PECAS",null,"UN",1,8845.67,8845.67]
["Composição Auxiliar"," 88279 ","SINAPI","MONTADOR ELETROMECÃNICO COM ENCARGOS COMPLEMENTARES","SEDI - SERVIÇOS DIVERSOS",null,"H",64.742346699999999,27.63,1788.83]
["Composição Auxiliar"," 90776 ","SINAPI","ENCARREGADO GERAL COM ENCARGOS COMPLEMENTARES","SEDI - SERVIÇOS DIVERSOS",null,"H",64.745062000000004,24.16,1564.24]
["Composição Auxiliar"," V101 ","Próprio","INSTALAÇÃO DE ISOLADOR DISCO PORC. G. OLHAL. 175X140MM","ASTU - ASSENTAMENTO DE TUBOS E PECAS",null,"UN",12,2.71,32.520000000000003]
["Composição Auxiliar"," V102 ","Próprio","INSTALAÇÃO DE CANTONEIRA DE 38X38X4.8MM - COMP. 1.6M","ASTU - ASSENTAMENTO DE TUBOS E PECAS",null,"M",6,5.41,32.46]
["Composição Auxiliar"," V103 ","Próprio","LANÇAMENTO DE CABO DE COBRE ISOLADO P/ 1KV 240 MM²","ASTU - ASSENTAMENTO DE TUBOS E PECAS",null,"M",180,5.41,973.8]
["Composição Auxiliar"," V104 ","Próprio","LANÇAMENTO DE CABO DE CU 2AWG NU.TEMPERA MOLE (50MM2) (ATERRAMENTO)","ASTU - ASSENTAMENTO DE TUBOS E PECAS",null,"M",66,4.07,268.62]
["Composição Auxiliar"," V105 ","Próprio","INSTALAÇÃO DE CHAVE SECCIONADORA TRIPOLAR S/ FUS. TIPO FACA-15KV-400A","ASTU - ASSENTAMENTO DE TUBOS E PECAS",null,"UN",4,5.41,21.64]
["Composição Auxiliar"," V106 ","Próprio","INSTALAÇÃO DE DISJUNTOR AUTOMÁTICO. ISOLAMENTO P/ 15KV-500A","ASTU - ASSENTAMENTO DE TUBOS E PECAS",null,"UN",1,5.41,5.41]
["Composição Auxiliar"," V107 ","Próprio","INSTALAÇÃO DE ISOLADOR DE PORCELANA TIPO PEDESTAL P/15KV. USO INTERNO","ASTU - ASSENTAMENTO DE TUBOS E PECAS",null,"UN",27,5.41,146.07]
["Composição Auxiliar"," V108 ","Próprio","INSTALAÇÃO DE BUCHA PASS. PORCELANA P/ 15KV 16MM","ASTU - ASSENTAMENTO DE TUBOS E PECAS",null,"UN",12,13.57,162.84]
["Composição Auxiliar"," V109 ","Próprio","INSTALAÇÃO DE SUPORTE METALICO PARA FIXACAO DOS T.C.'S E T.P.'S","ASTU - ASSENTAMENTO DE TUBOS E PECAS",null,"UN",1,13.02,13.02]
["Composição Auxiliar"," V110 ","Próprio","INSTALAÇÃO DE TRANSF. DE CORRENTE 15 KV. 100 A. ESPECIFICACÃO ELETROBRAS E ABNT","ASTU - ASSENTAMENTO DE TUBOS E PECAS",null,"UN",2,17.63,35.26]
["Composição Auxiliar"," V111 ","Próprio","INSTALAÇÃO DE TRANSFORMADOR DE POTENCIAL. 15 KV. 13800/380/220V. 800 VA","ASTU - ASSENTAMENTO DE TUBOS E PECAS",null,"UN",2,18.18,36.36]
["Composição Auxiliar"," V112 ","Próprio","INSTALAÇÃO DE TRANFORMADOR TRIFÁSICO EM 13.8KV-380/220V DE 750KVA","ASTU - ASSENTAMENTO DE TUBOS E PECAS",null,"UN",3,176.87,530.61]
["Composição Auxiliar"," V113 ","Próprio","INSTALAÇÃO DE VERGALHAO DE COBRE ø 3/8\" COM 3 METRO","ASTU - ASSENTAMENTO DE TUBOS E PECAS",null,"UN",30,24.41,732.3]
["Composição Auxiliar"," V114 ","Próprio","INSTALAÇÃO DE LÚMINARIA A PROVA DE TEMPO","ASTU - ASSENTAMENTO DE TUBOS E PECAS",null,"UN",2,3.06,6.12]
["Composição Auxiliar"," V115 ","Próprio","INSTALAÇÃO DE LÂMPADA MISTA DE 160 WATTS","ASTU - ASSENTAMENTO DE TUBOS E PECAS",null,"UN",2,2.71,5.42]
["Composição Auxiliar"," V116 ","Próprio","INSTALAÇÃO DE INTERRUPTOR DE 1 TECLA","ASTU - ASSENTAMENTO DE TUBOS E PECAS",null,"un",1,4.07,4.07]
["Composição Auxiliar"," V117 ","Próprio","INSTALAÇÃO DE ELETRODUTO AÇO CARB. GALV.. 3/4\" X 6 M","ASTU - ASSENTAMENTO DE TUBOS E PECAS",null,"un",1,5.41,5.41]
["Composição Auxiliar"," V118 ","Próprio","INSTALAÇÃO DE CAIXA DE MEDIÇÃO DE ENERGIA ATIVA E REATIVA","ASTU - ASSENTAMENTO DE TUBOS E PECAS",null,"un",1,21.7,21.7]
["Composição Auxiliar"," V119 ","Próprio","INSTALAÇÃO DE CONECTOR KSU - 25","ASTU - ASSENTAMENTO DE TUBOS E PECAS",null,"un",3,3.25,9.75]
["Composição Auxiliar"," V120 ","Próprio","INSTALAÇÃO DE GRADE DE PROTEÇÃO EM CANTONEIRA DE AÇO E TELA DE ARAME 12AWG","ASTU - ASSENTAMENTO DE TUBOS E PECAS",null,"un",5,17.63,88.15]
["Composição Auxiliar"," V121 ","Próprio","LANÇAMENTO DE CABO DE COBRE NÚ. 4AWG - 16MM²","ASTU - ASSENTAMENTO DE TUBOS E PECAS",null,"kg",3,6.78,20.34]
["Composição Auxiliar"," V122 ","Próprio","INSTALAÇÃO DE CHAVE CORTA CIRCUITO FUSÍVEL AÇÃO SIMULT. 15KV-100A","ASTU - ASSENTAMENTO DE TUBOS E PECAS",null,"un",3,18.989999999999998,56.97]
["Composição Auxiliar"," V123 ","Próprio","INSTALAÇÃO DE ELO FUSIVEL  140 K","ASTU - ASSENTAMENTO DE TUBOS E PECAS",null,"un",3,8.15,24.45]
["Composição Auxiliar"," V124 ","Próprio","INSTALAÇÃO DE QUADRO DE DISTRIBUIÇÃO C/ BARRAMENTO 12 CIRCUITOS","ASTU - ASSENTAMENTO DE TUBOS E PECAS",null,"un",1,18.989999999999998,18.989999999999998]
["Composição Auxiliar"," V125 ","Próprio","LANÇAMENTO DE FIO DE COBRE ISOLADO 2.5MM 750V","ASTU - ASSENTAMENTO DE TUBOS E PECAS",null,"m",40,4.07,162.80000000000001]
["Composição Auxiliar"," V126 ","Próprio","INSTALAÇÃO DE ELETRODUTO PVC ROSQ. 3/4\"","ASTU - ASSENTAMENTO DE TUBOS E PECAS",null,"m",12,4.07,48.84]
["Composição Auxiliar"," V127 ","Próprio","INSTALAÇÃO DE CURVA PVC ROSQ. 3/4\"","ASTU - ASSENTAMENTO DE TUBOS E PECAS",null,"UN",2,2.71,5.42]
["Composição Auxiliar"," V128 ","Próprio","INSTALAÇÃO DE LUVA DE PVC ROSQ. 3/4\"","ASTU - ASSENTAMENTO DE TUBOS E PECAS",null,"un",1,2.71,2.71]
["Composição Auxiliar"," V129 ","Próprio","INSTALAÇÃO DE ELETRODUTO PVC ROSQ. 3\"","ASTU - ASSENTAMENTO DE TUBOS E PECAS",null,"m",12,4.07,48.84]
["Composição Auxiliar"," V130 ","Próprio","INSTALAÇÃO DE CURVA PVC ROSQ. 3\"","ASTU - ASSENTAMENTO DE TUBOS E PECAS",null,"UN",4,2.71,10.84]
["Composição Auxiliar"," V131 ","Próprio","INSTALAÇÃO DE CONECTOR KS - 16MM","ASTU - ASSENTAMENTO DE TUBOS E PECAS",null,"UN",8,2.71,21.68]
["Composição Auxiliar"," V132 ","Próprio","LANÇAMENTO DE CABO DE COBRE ISOLADO P/ 1KV DE 120MM² - N","ASTU - ASSENTAMENTO DE TUBOS E PECAS",null,"M",30,5.41,162.30000000000001]
["Composição Auxiliar"," V133 ","Próprio","INSTALAÇÃO DE PARA-RAIO P/ 15KV TIPO ÓXIDO DE ZINCO","ASTU - ASSENTAMENTO DE TUBOS E PECAS",null,"UN",6,8.15,48.9]
["Composição Auxiliar"," V134 ","Próprio","INSTALAÇÃO DE HASTE ATERR. COBREADA 19 X 3048MM. PROLONG.","ASTU - ASSENTAMENTO DE TUBOS E PECAS",null,"UN",9,9.49,85.41]
["Composição Auxiliar"," V135 ","Próprio","INSTALAÇÃO DE CONECTOR CONCÊNTRICO UNIÃO COM SUPORTE ø 3/8\"","ASTU - ASSENTAMENTO DE TUBOS E PECAS",null,"UN",36,2.71,97.56]
["Composição Auxiliar"," V136 ","Próprio","INSTALAÇÃO DE CONECTOR CONCÊNTRICO DERIV. TIPO T ø 3/8\"","ASTU - ASSENTAMENTO DE TUBOS E PECAS",null,"UN",9,2.71,24.39]
["Composição Auxiliar"," V137 ","Próprio","INSTALAÇÃO DE CONECTOR CONCÊNTRICO UNIÃO ANGULAR ø 3/8\"","ASTU - ASSENTAMENTO DE TUBOS E PECAS",null,"UN",12,4.24,50.88]
["Composição Auxiliar"," v138 ","Próprio","INSTALAÇÃO DE CONECTOR CONCÊNTRICO TERMINAL CENTRAL ø 3/8\"","ASTU - ASSENTAMENTO DE TUBOS E PECAS",null,"UN",3,2.71,8.1300000000000008]
["Composição Auxiliar"," V139 ","Próprio","INSTALAÇÃO DE CONECTOR CONCÊNTRICO UNIÃO SEM SUPORTE ø 3/8\"","ASTU - ASSENTAMENTO DE TUBOS E PECAS",null,"UN",10,2.71,27.1]
["Composição Auxiliar"," V140 ","Próprio","INSTALAÇÃO DE CONECTOR CONCÊNTRICO TERM. ANG. ø 3/8\"","ASTU - ASSENTAMENTO DE TUBOS E PECAS",null,"UN",3,2.71,8.1300000000000008]
["Composição Auxiliar"," V141 ","Próprio","INSTALAÇÃO DE MUFLA INTERNA","ASTU - ASSENTAMENTO DE TUBOS E PECAS",null,"UN",3,33.409999999999997,100.23]
["Composição Auxiliar"," V142 ","Próprio","INSTALAÇÃO DE MUFLA INTERNA","ASTU - ASSENTAMENTO DE TUBOS E PECAS",null,"UN",9,33.409999999999997,300.69]
["Composição Auxiliar"," 88247 ","SINAPI","AUXILIAR DE ELETRICISTA COM ENCARGOS COMPLEMENTARES","SEDI - SERVIÇOS DIVERSOS",null,"H",67.643416500000001,15.16,1025.47]
[{"$nulls":4},"MO sem LS =>",8635.81,"LS =>",0.1,"MO com LS =>",8635.91]
[{"$nulls":4},"Valor do BDI =>",2439.6357859999998,null,"Valor com BDI =>",null,11285.31]
[{"$nulls":6},"Quant. =>",2,"Preço Total =>",22570.62]
[]
[" 11.7 ","Código","Banco","Descrição","Tipo",null,"Und","Quant.","Valor Unit","Total"]
["Composição"," V290 ","Próprio","MONTAGEM DE REDE DE ENERGIA PARA O PARCELAMENTO DE 200 LOTES","INEL - INSTALAÇÃO ELÉTRICA/ELETRIFICAÇÃO E ILUMINAÇÃO EXTERNA",null,"KM",1,4983.6899999999996,4983.6899999999996]
["Composição Auxiliar"," V207 ","Próprio","LOCAÇÃO DE POSTE COM INSTRUMENTO","ASTU - ASSENTAMENTO DE TUBOS E PECAS",null,"UN",10,107.4,1074]
["Composição Auxiliar"," V208 ","Próprio","ESCAVAÇÃO P/ POSTE DE CONCRETO ATÉ 1.60M","ASTU - ASSENTAMENTO DE TUBOS E PECAS",null,"CAVA",10,40.89,408.9]
["Composição Auxiliar"," V210 ","Próprio","DISTRIBUIÇÃO DE POSTE CONCRETO","ASTU - ASSENTAMENTO DE TUBOS E PECAS",null,"UN",10,34.42,344.2]
["Composição Auxiliar"," V219 ","Próprio","IMPLANTAÇÃO DE POSTE CONCRETO T/ DT 11/300","ASTU - ASSENTAMENTO DE TUBOS E PECAS",null,"UN",9,34.11,306.99]
["Composição Auxiliar"," V235 ","Próprio","MONTAGEM ELETROMECÂNICA DE ESTRUTURA DE AT - ESTAI DE ÂNCORA","ASTU - ASSENTAMENTO DE TUBOS E PECAS",null,"UN",2,26.73,53.46]
["Composição Auxiliar"," V270 ","Próprio","INSTALAÇÃO DE TRANFORMADOR TRIFÁSICO EM 13.8KV-380/220V DE 30KVA","ASTU - ASSENTAMENTO DE TUBOS E PECAS",null,"UN",1,206.19,206.19]
["Composição Auxiliar"," V286 ","Próprio","INSTALAÇÃO DE ELO FUSÍVEL","INEL - INSTALAÇÃO ELÉTRICA/ELETRIFICAÇÃO E ILUMINAÇÃO EXTERNA",null,"VAO/CO",1,8.58,8.58]
["Composição Auxiliar"," V287 ","Próprio","IMPLANTAÇÃO DE POSTE CONCRETO T/ DT 11/600","INEL - INSTALAÇÃO ELÉTRICA/ELETRIFICAÇÃO E ILUMINAÇÃO EXTERNA",null,"UN",1,91.2,91.2]
["Composição Auxiliar"," V288 ","Próprio","MONTAGEM ELETROMECÂNICA DE ESTRUTURA DE AT (GENÉRICA) EM POSTE CONC. \"DT\" C/ TRAFO","INEL - INSTALAÇÃO ELÉTRICA/ELETRIFICAÇÃO E ILUMINAÇÃO EXTERNA",null,"UN",1,257.57,257.57]
["Composição Auxiliar"," V289 ","Próprio","MONTAGEM ELETROMECÂNICA DE ESTRUTURA DE AT (GENÉRICA) EM POSTE CONC. \"DT\" S/ TRAFO","INEL - INSTALAÇÃO ELÉTRICA/ELETRIFICAÇÃO E ILUMINAÇÃO EXTERNA",null,"UN",9,84.81,763.29]
["Composição Auxiliar"," V279 ","Próprio","INSTALAÇÃO DE ATERRAMENTO EM REDE AÉREA DE BT   ","ASTU - ASSENTAMENTO DE TUBOS E PECAS",null,"UN",1,31.73,31.73]
["Composição Auxiliar"," V276 ","Próprio","LANÇAMENTO E NIVELAMENTO DE CONDUTOR 1/0 AWG CAA","INEL - INSTALAÇÃO ELÉTRICA/ELETRIFICAÇÃO E ILUMINAÇÃO EXTERNA",null,"KM/CON",2.9294801000000001,490.73,1437.58]
[{"$nulls":4},"MO sem LS =>",4260.21,"LS =>",0.16,"MO com LS =>",4260.37]
[{"$nulls":4},"Valor do BDI =>",1374.501702,null,"Valor com BDI =>",null,6358.19]
[{"$nulls":6},"Quant. =>",55,"Preço Total =>",349700.45]
[]
[" 11.8 ","Código","Banco","Descrição","Tipo",null,"Und","Quant.","Valor Unit","Total"]
["Composição"," V50 ","Próprio","PROJETO EXECUTIVO DA REDE DE ENERGIA PARA O PARCELAMENTO DE 200 LOTES, INCLUSIVE EVT E APROVAÇÃO","ASTU - ASSENTAMENTO DE TUBOS E PECAS",null,"UN",1,12454.07,12454.07]
["Composição Auxiliar"," 90775 ","SINAPI","DESENHISTA PROJETISTA COM ENCARGOS COMPLEMENTARES","SEDI - SERVIÇOS DIVERSOS",null,"H",171.776262,29.38,5046.79]
["Composição Auxiliar"," 91677 ","SINAPI","ENGENHEIRO ELETRICISTA COM ENCARGOS COMPLEMENTARES","SEDI - SERVIÇOS DIVERSOS",null,"H",85.888131200000004,84.88,7290.18]
["Insumo"," I0857 ","SEINFRA","COPIA HELIOGRAFICA","Material",null,"m²",10,11.71,117.1]
[{"$nulls":4},"MO sem LS =>",12336.97,"LS =>",0,"MO com LS =>",12336.97]
[{"$nulls":4},"Valor do BDI =>",3434.8325060000002,null,"Valor com BDI =>",null,15888.9]
[{"$nulls":6},"Quant. =>",1,"Preço Total =>",15888.9]
[]
[" 12 ",null,null,"OUTROS SERVIÇOS",{"$nulls":5},764199.05]
[" 12.1 ","Código","Banco","Descrição","Tipo",null,"Und","Quant.","Valor Unit","Total"]
["Composição"," V35 ","Próprio","IMPLANTAÇÃO DA CERCA COM ESTACAS EM CONCRETO ARMADO DE 2,5M DE ALTURA, ESPAÇADOS A CADA 10,0M, COM 12 (DOZE) FIOS DE ARAME LISO GALVANIZADO E BALANCINHOS A CADA 2,00M","ASTU - ASSENTAMENTO DE TUBOS E PECAS",null,"M",1,37.82,37.82]
["Composição Auxiliar"," 5824 ","SINAPI","CAMINHÃO TOCO, PBT 16.000 KG, CARGA ÚTIL MÁX. 10.685 KG, DIST. ENTRE EIXOS 4,8 M, POTÊNCIA 189 CV, INCLUSIVE CARROCERIA FIXA ABERTA DE MADEIRA P/ TRANSPORTE GERAL DE CARGA SECA, DIMEN. APROX. 2,5 X 7,00 X 0,50 M - CHP DIURNO. AF_06/2014","CHOR - CUSTOS HORÁRIOS DE MÁQUINAS E EQUIPAMENTOS",null,"CHP",0.02,81.77,1.64]
["Composição Auxiliar"," 67826 ","SINAPI","CAMINHÃO BASCULANTE 6 M3 TOCO, PESO BRUTO TOTAL 16.000 KG, CARGA ÚTIL MÁXIMA 11.130 KG, DISTÂNCIA ENTRE EIXOS 5,36 M, POTÊNCIA 185 CV, INCLUSIVE CAÇAMBA METÁLICA - CHP DIURNO. AF_06/2014","CHOR - CUSTOS HORÁRIOS DE MÁQUINAS E EQUIPAMENTOS",null,"CHP",0.05,76.94,3.85]
["Composição Auxiliar"," 88309 ","SINAPI","PEDREIRO COM ENCARGOS COMPLEMENTARES","SEDI - SERVIÇOS DIVERSOS",null,"H",0.22718279999999999,19.399999999999999,4.41]
["Composição Auxiliar"," 88316 ","SINAPI","SERVENTE COM ENCARGOS COMPLEMENTARES","SEDI - SERVIÇOS DIVERSOS",null,"H",0.34252460000000001,14.96,5.12]
["Composição Auxiliar"," 88843 ","SINAPI","TRATOR DE ESTEIRAS, POTÊNCIA 125 HP, PESO OPERACIONAL 12,9 T, COM LÂMINA 2,7 M3 - CHP DIURNO. AF_10/2014","CHOR - CUSTOS HORÁRIOS DE MÁQUINAS E EQUIPAMENTOS",null,"CHP",0.03,90.44,2.71]
["Insumo"," 00000072 ","Próprio","BALANCIM (DISTANCIADOR DE CERCA) COM 1.20M DE ALTURA   ","Material",null,"UN",8,1.25,10]
["Insumo"," I0098 ","SEINFRA","ARAME GALVANIZADO N.10 BWG","Material",null,"KG",0.85560000000000003,7.02,6.01]
["Insumo"," 00000345 ","SINAPI","ARAME GALVANIZADO 18 BWG, D = 1,24MM (0,009 KG/M)","Material",null,"KG",0.12,14.48,1.74]
["Insumo"," 4909 ","ORSE","Estaca pré-moldada de concreto armado (mourão), para cerca, seção 10x10, reta ou com ponta oblíqua, h(u) = 2,50m","Material",null,"un",0.1,23.42,2.34]
[{"$nulls":4},"MO sem LS =>",11.04,"LS =>",0,"MO com LS =>",11.04]
[{"$nulls":4},"Valor do BDI =>",10.430756000000001,null,"Valor com BDI =>",null,48.25]
[{"$nulls":6},"Quant. =>",5860,"Preço Total =>",282745]
[]
[" 12.2 ","Código","Banco","Descrição","Tipo",null,"Und","Quant.","Valor Unit","Total"]
["Composição"," C4872 ","SEINFRA","PORTÕES COM ESTRUTURA EM TUBO DE AÇO DE 2\", COM TELA GALVANIZADA COM MALHA DE 5CM, EM DUAS BANDAS DE 2,0M DE LARGURA POR 2,0M DE ALTURA, PRESAS POR ABRAÇADEIRA EM ESTACAS DE CONCRETO ARMADO, COM EIXO","ESQUADRIAS METÁLICAS",null,"UN",1,974.61,974.61]
["Composição Auxiliar"," C0840 ","SEINFRA","CONCRETO P/VIBR., FCK 15 MPa COM AGREGADO ADQUIRIDO","CONCRETOS",null,"m³",0.34010000000000001,259.83999999999997,88.37]
["Composição Auxiliar"," C0216 ","SEINFRA","ARMADURA CA-50A MÉDIA D= 6,3 A 10,0mm","ARMADURAS",null,"KG",8.5,6.39,54.32]
["Composição Auxiliar"," C0218 ","SEINFRA","ARMADURA CA-60 MÉDIA D= 6,4 A 9,5mm","ARMADURAS",null,"KG",1.2675000000000001,6.17,7.82]
["Composição Auxiliar"," C1604 ","SEINFRA","LANÇAMENTO E APLICAÇÃO DE CONCRETO S/ ELEVAÇÃO","CONCRETOS",null,"m³",0.34010000000000001,100.39,34.14]
["Composição Auxiliar"," 88245 ","SINAPI","ARMADOR COM ENCARGOS COMPLEMENTARES","SEDI - SERVIÇOS DIVERSOS",null,"H",2.8084611000000002,19.3,54.2]
["Composição Auxiliar"," 88316 ","SINAPI","SERVENTE COM ENCARGOS COMPLEMENTARES","SEDI - SERVIÇOS DIVERSOS",null,"H",5.6189869999999997,14.96,84.06]
["Composição Auxiliar"," 88317 ","SINAPI","SOLDADOR COM ENCARGOS COMPLEMENTARES","SEDI - SERVIÇOS DIVERSOS",null,"H",1.8723072999999999,20.04,37.520000000000003]
["Insumo"," I0467 ","SEINFRA","CANTONEIRA DE FERRO 1\"x 3/16\" (L X E)","Material",null,"KG",13.362500000000001,4.33,57.86]
["Insumo"," 1194 ","ORSE","Joelho 90° ferro galvanizado d=2 \"","Material",null,"un",4,23.4,93.6]
["Insumo"," I2339 ","SEINFRA","FERRO CHATO DE 2\" x 3/16\"","Material",null,"KG",6.25,4.12,25.75]
["Insumo"," I2338 ","SEINFRA","FERRO CHATO DE 1/2\" x 3/16\"","Material",null,"KG",5.3125,4.12,21.89]
["Insumo"," 00021013 ","SINAPI","TUBO ACO GALVANIZADO COM COSTURA, CLASSE LEVE, DN 50 MM ( 2\"),  E = 3,00 MM,  *4,40* KG/M (NBR 5580)","Material",null,"M",11.0375,30.73,339.18]
["Insumo"," 00007162 ","SINAPI","TELA DE ARAME GALVANIZADA QUADRANGULAR / LOSANGULAR, FIO 3,4 MM (10 BWG), MALHA 5 X 5 CM, H = 2 M","Material",null,"m²",2.5,30.36,75.900000000000006]
[{"$nulls":4},"MO sem LS =>",254.8,"LS =>",0.03,"MO com LS =>",254.83]
[{"$nulls":4},"Valor do BDI =>",268.797438,null,"Valor com BDI =>",null,1243.4100000000001]
[{"$nulls":6},"Quant. =>",12,"Preço Total =>",14920.92]
[]
[" 12.3 ","Código","Banco","Descrição","Tipo",null,"Und","Quant.","Valor Unit","Total"]
["Composição"," V36 ","Próprio","VEGETAÇÃO NATIVA RASTEIRA PARA PROTEÇÃO DE TALUDE","ASTU - ASSENTAMENTO DE TUBOS E PECAS",null,"m²",1,9.81,9.81]
["Composição Auxiliar"," 88316 ","SINAPI","SERVENTE COM ENCARGOS COMPLEMENTARES","SEDI - SERVIÇOS DIVERSOS",null,"H",0.2279246,14.96,3.41]
["Composição Auxiliar"," 88441 ","SINAPI","JARDINEIRO COM ENCARGOS COMPLEMENTARES","SEDI - SERVIÇOS DIVERSOS",null,"H",0.23421059999999999,18.2,4.26]
["Insumo"," 00000008 ","Próprio","VEGETAÇÃO RASTEIRA NATIVA","Material",null,"m²",1,1.56,1.56]
["Insumo"," 140 ","ORSE","Adubo orgânico bovino, cacau ou similar","Material",null,"m³",5.0000000000000001E-3,85.56,0.43]
["Insumo"," 3800 ","ORSE","Adubo mineral NPK (10-10-10)","Material",null,"kg",0.1,1.37,0.14000000000000001]
["Insumo"," 00025963 ","SINAPI","CALCARIO DOLOMITICO A (POSTO PEDREIRA/FORNECEDOR, SEM FRETE)","Material",null,"KG",0.15,0.05,0.01]
[{"$nulls":4},"MO sem LS =>",7.67,"LS =>",0,"MO com LS =>",7.67]
[{"$nulls":4},"Valor do BDI =>",2.7055980000000002,null,"Valor com BDI =>",null,12.52]
[{"$nulls":6},"Quant. =>",21611.94,"Preço Total =>",270581.49]
[]
[" 12.4 ","Código","Banco","Descrição","Tipo",null,"Und","Quant.","Valor Unit","Total"]
["Composição"," V39 ","Próprio","CONSTRUÇÃO DAS CAIXAS DE PASSAGEM  SOB A RODOVIA PI-141, COMPREENDENDO DE UM  LASTRO EM CONCRETO ARMADO NA LARGURA DE 4,00M, COMPRIMENTO DE 3,00M, ALTURA 3,00 M E ESPESSURA DE 0,30M","ASTU - ASSENTAMENTO DE TUBOS E PECAS",null,"UN",1,30658.79,30658.79]
["Composição Auxiliar"," 101232 ","SINAPI","ESCAVAÇÃO VERTICAL A CÉU ABERTO, EM OBRAS DE INFRAESTRUTURA, INCLUINDO CARGA, DESCARGA E TRANSPORTE, EM SOLO DE 1ª CATEGORIA COM ESCAVADEIRA HIDRÁULICA (CAÇAMBA: 1,2 M³ / 155 HP), FROTA DE 3 CAMINHÕES BASCULANTES DE 14 M³, DMT ATÉ 1 KM E VELOCIDADE MÉDIA14KM/H. AF_05/2020","MOVT - MOVIMENTO DE TERRA",null,"m³",67.887775599999998,3.91,265.44]
["Composição Auxiliar"," 94962 ","SINAPI","CONCRETO MAGRO PARA LASTRO, TRAÇO 1:4,5:4,5 (CIMENTO/ AREIA MÉDIA/ BRITA 1)  - PREPARO MECÂNICO COM BETONEIRA 400 L. AF_07/2016","FUES - FUNDAÇÕES E ESTRUTURAS",null,"m³",0.75,185.56,139.16999999999999]
["Composição Auxiliar"," 94966 ","SINAPI","CONCRETO FCK = 30MPA, TRAÇO 1:2,1:2,5 (CIMENTO/ AREIA MÉDIA/ BRITA 1)  - PREPARO MECÂNICO COM BETONEIRA 400 L. AF_07/2016","FUES - FUNDAÇÕES E ESTRUTURAS",null,"m³",18.579999999999998,264.31,4910.88]
["Composição Auxiliar"," 96539 ","SINAPI","FABRICAÇÃO, MONTAGEM E DESMONTAGEM DE FÔRMA PARA VIGA BALDRAME, EM CHAPA DE MADEIRA COMPENSADA RESINADA, E=17 MM, 2 UTILIZAÇÕES. AF_06/2017","FUES - FUNDAÇÕES E ESTRUTURAS",null,"m²",217.91715859999999,64.22,13994.64]
["Composição Auxiliar"," 96547 ","SINAPI","ARMAÇÃO DE BLOCO, VIGA BALDRAME OU SAPATA UTILIZANDO AÇO CA-50 DE 12,5 MM - MONTAGEM. AF_06/2017","FUES - FUNDAÇÕES E ESTRUTURAS",null,"KG",2229.6,5.09,11348.66]
[{"$nulls":4},"MO sem LS =>",12755.22,"LS =>",1.0900000000000001,"MO com LS =>",12756.31]
[{"$nulls":4},"Valor do BDI =>",8455.6942820000004,null,"Valor com BDI =>",null,39114.480000000003]
[{"$nulls":6},"Quant. =>",2,"Preço Total =>",78228.960000000006]
[]
[" 12.5 ","Código","Banco","Descrição","Tipo",null,"Und","Quant.","Valor Unit","Total"]
["Composição"," V40 ","Próprio","COMPORTA PLANA EM CHAPA DE AÇO TIPO PARAFUSO DE ROSCA, NAS DIMENSÕES 0,80M X 1,80M X 0,03M, DESLOCANDO SOBRE UMA CALLHA DE AÇO EM FORMA DE \"U\"","ASTU - ASSENTAMENTO DE TUBOS E PECAS",null,"UN",1,431.07,431.07]
["Composição Auxiliar"," 88243 ","SINAPI","AJUDANTE ESPECIALIZADO COM ENCARGOS COMPLEMENTARES","SEDI - SERVIÇOS DIVERSOS",null,"H",0.78060289999999999,17.53,13.68]
["Composição Auxiliar"," 88251 ","SINAPI","AUXILIAR DE SERRALHEIRO COM ENCARGOS COMPLEMENTARES","SEDI - SERVIÇOS DIVERSOS",null,"H",6.0041779000000002,15.08,90.54]
["Composição Auxiliar"," 88277 ","SINAPI","MONTADOR (TUBO AÇO/EQUIPAMENTOS) COM ENCARGOS COMPLEMENTARES","SEDI - SERVIÇOS DIVERSOS",null,"H",0.78060289999999999,21.3,16.63]
["Composição Auxiliar"," 88315 ","SINAPI","SERRALHEIRO COM ENCARGOS COMPLEMENTARES","SEDI - SERVIÇOS DIVERSOS",null,"H",6.2448224000000003,19.3,120.53]
["Insumo"," 510 ","ORSE","Perfil Aço, Cantoneira abas iguais - 1 1/2\" x 1/4\" (3,48 kg/m)","Material",null,"kg",4,3.66,14.64]
["Insumo"," 00001330 ","SINAPI","CHAPA DE ACO GROSSA, ASTM A36, E = 1/4 \" (6,35 MM) 49,79 KG/M2","Material",null,"KG",45,3.89,175.05]
[{"$nulls":4},"MO sem LS =>",241.38,"LS =>",0,"MO com LS =>",241.38]
[{"$nulls":4},"Valor do BDI =>",118.889106,null,"Valor com BDI =>",null,549.96]
[{"$nulls":6},"Quant. =>",3,"Preço Total =>",1649.88]
[]
[" 12.6 ","Código","Banco","Descrição","Tipo",null,"Und","Quant.","Valor Unit","Total"]
["Composição"," V49 ","Próprio","LIMPEZA DE CANAIS E RESERVATÓRIOS INCLUSIVE TRANSPORTE HORIZONTAL E VERTICAL","ASTU - ASSENTAMENTO DE TUBOS E PECAS",null,"m²",1,6.16,6.16]
["Composição Auxiliar"," 100206 ","SINAPI","TRANSPORTE HORIZONTAL COM JERICA DE 90 L, DE MASSA/ GRANEL (UNIDADE: M3XKM). AF_07/2019","SEDI - SERVIÇOS DIVERSOS",null,"M3XKM",9.7146000000000003E-3,576.73,5.6]
["Composição Auxiliar"," 100235 ","SINAPI","TRANSPORTE VERTICAL MANUAL, 1 PAVIMENTO, DE LATA DE 18 LITROS (UNIDADE: L). AF_07/2019","SEDI - SERVIÇOS DIVERSOS",null,"L",10,0.02,0.2]
["Composição Auxiliar"," 88316 ","SINAPI","SERVENTE COM ENCARGOS COMPLEMENTARES","SEDI - SERVIÇOS DIVERSOS",null,"H",2.4032499999999998E-2,14.96,0.36]
[{"$nulls":4},"MO sem LS =>",6.16,"LS =>",0,"MO com LS =>",6.16]
[{"$nulls":4},"Valor do BDI =>",1.698928,null,"Valor com BDI =>",null,7.86]
[{"$nulls":6},"Quant. =>",6000,"Preço Total =>",47160]
[]
[" 12.7 ","Código","Banco","Descrição","Tipo",null,"Und","Quant.","Valor Unit","Total"]
["Composição"," V53 ","Próprio","TRANSPORTE DE TUBOS E CONEXÕES NA OBRA","ASTU - ASSENTAMENTO DE TUBOS E PECAS",null,"TON X KM",1,0.45,0.45]
["Composição Auxiliar"," 72839 ","SINAPI","TRANSPORTE COMERCIAL COM CAMINHAO CARROCERIA 9 T, RODOVIA COM REVESTIMENTO PRIMARIO","MOVT - MOVIMENTO DE TERRA",null,"TXKM",1.0178571000000001,0.44,0.45]
[{"$nulls":4},"MO sem LS =>",0.08,"LS =>",0,"MO com LS =>",0.08]
[{"$nulls":4},"Valor do BDI =>",0.12411,null,"Valor com BDI =>",null,0.56999999999999995]
[{"$nulls":6},"Quant. =>",4000,"Preço Total =>",2280]
[]
[" 12.8 ","Código","Banco","Descrição","Tipo",null,"Und","Quant.","Valor Unit","Total"]
["Composição"," V52 ","Próprio","TRANSPORTE DE AGREGADOS","ASTU - ASSENTAMENTO DE TUBOS E PECAS",null,"m³",1,19.77,19.77]
["Composição Auxiliar"," 93589 ","SINAPI","TRANSPORTE COM CAMINHÃO BASCULANTE DE 10 M3, EM VIA URBANA EM REVESTIMENTO PRIMÁRIO (UNIDADE: M3XKM). AF_04/2016","TRAN - TRANSPORTES, CARGAS E DESCARGAS",null,"M3XKM",6.2783505000000002,0.76,4.7699999999999996]
["Composição Auxiliar"," 93590 ","SINAPI","TRANSPORTE COM CAMINHÃO BASCULANTE DE 10 M3, EM VIA URBANA PAVIMENTADA, DMT ACIMA DE 30KM (UNIDADE: M3XKM). AF_04/2016","TRAN - TRANSPORTES, CARGAS E DESCARGAS",null,"M3XKM",30,0.5,15]
[{"$nulls":4},"MO sem LS =>",2.99,"LS =>",0.1,"MO com LS =>",3.09]
[{"$nulls":4},"Valor do BDI =>",5.452566,null,"Valor com BDI =>",null,25.22]
[{"$nulls":6},"Quant. =>",450,"Preço Total =>",11349]
[]
[" 12.9 ","Código","Banco","Descrição","Tipo",null,"Und","Quant.","Valor Unit","Total"]
["Composição"," V291 ","Próprio","TRANSPORTE DE POSTES DT / CRUZETAS DE CONCRETO","ASTU - ASSENTAMENTO DE TUBOS E PECAS",null,"TON",1,49.97,49.97]
["Composição Auxiliar"," D5914640 ","Próprio","TRANSPORTE COM CAVALO MECÂNICO DE 30 T - RODOVIA PAVIMENTADA","ASTU - ASSENTAMENTO DE TUBOS E PECAS",null,"TKM",199.87500009999999,0.25,49.97]
[{"$nulls":4},"MO sem LS =>",0,"LS =>",0,"MO com LS =>",0]
[{"$nulls":4},"Valor do BDI =>",13.781726000000001,null,"Valor com BDI =>",null,63.75]
[{"$nulls":6},"Quant. =>",700,"Preço Total =>",44625]
[]
[" 12.10 ","Código","Banco","Descrição","Tipo",null,"Und","Quant.","Valor Unit","Total"]
["Composição"," V292 ","Próprio","TRANSPORTE DE MATERIAIS ELÉTRICOS","ASTU - ASSENTAMENTO DE TUBOS E PECAS",null,"TON",1,417.73,417.73]
["Composição Auxiliar"," D5914614 ","Próprio","TRANSPORTE COM CAMINHÃO CARROCERIA COM GUINDAUTO DE 20 T.M - RODOVIA PAVIMENTADA","ASTU - ASSENTAMENTO DE TUBOS E PECAS",null,"TKM",497.29906499999998,0.84,417.73]
[{"$nulls":4},"MO sem LS =>",0,"LS =>",0,"MO com LS =>",0]
[{"$nulls":4},"Valor do BDI =>",115.209934,null,"Valor com BDI =>",null,532.94000000000005]
[{"$nulls":6},"Quant. =>",20,"Preço Total =>",10658.8]

{"sheet":"Comp. Aux.","index":1,"n_rows":5828,"n_cols":10,"rows_kept":5828,"cut":false,"hidden":false,"merged":[[0,2,0,3],[0,4,0,5],[0,6,0,7],[0,8,0,9],[1,2,1,3],[1,4,1,5],[1,6,1,7],[1,8,1,9],[2,0,2,9],[3,0,3,9],[4,4,4,5],[5,4,5,5],[6,4,6,5],[7,4,7,5],[9,7,9,8],[11,4,11,5],[12,4,12,5],[13,4,13,5],[14,4,14,5],[15,4,15,5],[16,4,16,5],[17,4,17,5],[18,4,18,5],[19,4,19,5],[20,4,20,5],[22,7,22,8],[24,4,24,5],[25,4,25,5],[26,4,26,5],[28,7,28,8],[30,4,30,5],[31,4,31,5],[32,4,32,5],[33,4,33,5],[34,4,34,5],[35,4,35,5],[36,4,36,5],[37,4,37,5],[39,7,39,8],[41,4,41,5],[42,4,42,5],[43,4,43,5],[45,7,45,8],[47,4,47,5],[48,4,48,5],[49,4,49,5],[51,7,51,8],[53,4,53,5],[54,4,54,5],[55,4,55,5],[57,7,57,8],[59,4,59,5],[60,4,60,5],[61,4,61,5],[62,4,62,5],[63,4,63,5],[65,7,65,8],[67,4,67,5],[68,4,68,5],[69,4,69,5],[70,4,70,5],[71,4,71,5],[73,7,73,8],[75,4,75,5],[76,4,76,5],[77,4,77,5],[78,4,78,5],[79,4,79,5],[80,4,80,5],[82,7,82,8],[84,4,84,5],[85,4,85,5],[86,4,86,5],[87,4,87,5],[88,4,88,5],[89,4,89,5],[91,7,91,8],[93,4,93,5],[94,4,94,5],[95,4,95,5],[96,4,96,5],[97,4,97,5],[98,4,98,5],[100,7,100,8],[102,4,102,5],[103,4,103,5],[104,4,104,5],[105,4,105,5],[107,7,107,8],[109,4,109,5],[110,4,110,5],[111,4,111,5],[112,4,112,5],[113,4,113,5],[115,7,115,8],[117,4,117,5],[118,4,118,5],[119,4,119,5],[120,4,120,5],[121,4,121,5],[123,7,123,8],[125,4,125,5],[126,4,126,5],[127,4,127,5],[129,7,129,8],[131,4,131,5],[132,4,132,5],[133,4,133,5],[135,7,135,8],[137,4,137,5],[138,4,138,5],[139,4,139,5],[140,4,140,5],[141,4,141,5],[143,7,143,8],[145,4,145,5],[146,4,146,5],[147,4,147,5],[148,4,148,5],[149,4,149,5],[150,4,150,5],[151,4,151,5],[153,7,153,8],[155,4,155,5],[156,4,156,5],[157,4,157,5],[158,4,158,5],[159,4,159,5],[160,4,160,5],[161,4,161,5],[163,7,163,8],[165,4,165,5],[166,4,166,5],[167,4,167,5],[168,4,168,5],[169,4,169,5],[171,7,171,8],[173,4,173,5],[174,4,174,5],[175,4,175,5],[176,4,176,5],[177,4,177,5],[178,4,178,5],[179,4,179,5],[180,4,180,5],[181,4,181,5],[182,4,182,5],[183,4,183,5],[184,4,184,5],[185,4,185,5],[187,7,187,8],[189,4,189,5],[190,4,190,5],[191,4,191,5],[192,4,192,5],[193,4,193,5],[194,4,194,5],[195,4,195,5],[197,7,197,8],[199,4,199,5],[200,4,200,5],[201,4,201,5],[202,4,202,5],[203,4,203,5],[204,4,204,5],[205,4,205,5],[207,7,207,8],[209,4,209,5],[210,4,210,5],[211,4,211,5],[212,4,212,5],[213,4,213,5],[215,7,215,8],[217,4,217,5],[218,4,218,5],[219,4,219,5],[220,4,220,5],[221,4,221,5],[222,4,222,5],[223,4,223,5],[225,7,225,8],[227,4,227,5],[228,4,228,5],[229,4,229,5],[230,4,230,5],[231,4,231,5],[232,4,232,5],[234,7,234,8],[236,4,236,5],[237,4,237,5],[238,4,238,5],[239,4,239,5],[240,4,240,5],[241,4,241,5],[242,4,242,5],[244,7,244,8],[246,4,246,5],[247,4,247,5],[248,4,248,5],[249,4,249,5],[250,4,250,5],[251,4,251,5],[252,4,252,5],[254,7,254,8],[256,4,256,5],[257,4,257,5],[258,4,258,5],[259,4,259,5],[260,4,260,5],[261,4,261,5],[262,4,262,5],[264,7,264,8],[266,4,266,5],[267,4,267,5],[268,4,268,5],[269,4,269,5],[270,4,270,5],[271,4,271,5],[272,4,272,5],[273,4,273,5],[275,7,275,8],[277,4,277,5],[278,4,278,5],[279,4,279,5],[280,4,280,5],[281,4,281,5],[282,4,282,5],[283,4,283,5],[284,4,284,5],[286,7,286,8],[288,4,288,5],[289,4,289,5],[290,4,290,5],[291,4,291,5],[292,4,292,5],[293,4,293,5],[294,4,294,5],[295,4,295,5],[297,7,297,8],[299,4,299,5],[300,4,300,5],[301,4,301,5],[302,4,302,5],[303,4,303,5],[304,4,304,5],[305,4,305,5],[306,4,306,5],[308,7,308,8],[310,4,310,5],[311,4,311,5],[312,4,312,5],[313,4,313,5],[314,4,314,5],[315,4,315,5],[316,4,316,5],[317,4,317,5],[319,7,319,8],[321,4,321,5],[322,4,322,5],[323,4,323,5],[324,4,324,5],[325,4,325,5],[326,4,326,5],[327,4,327,5],[328,4,328,5],[330,7,330,8],[332,4,332,5],[333,4,333,5],[334,4,334,5],[335,4,335,5],[336,4,336,5],[337,4,337,5],[338,4,338,5],[339,4,339,5],[341,7,341,8],[343,4,343,5],[344,4,344,5],[345,4,345,5],[346,4,346,5],[347,4,347,5],[348,4,348,5],[349,4,349,5],[351,7,351,8],[353,4,353,5],[354,4,354,5],[355,4,355,5],[356,4,356,5],[357,4,357,5],[358,4,358,5],[359,4,359,5],[360,4,360,5],[362,7,362,8],[364,4,364,5],[365,4,365,5],[366,4,366,5],[367,4,367,5],[368,4,368,5],[369,4,369,5],[370,4,370,5],[371,4,371,5],[373,7,373,8],[375,4,375,5],[376,4,376,5],[377,4,377,5],[378,4,378,5],[379,4,379,5],[380,4,380,5],[381,4,381,5],[382,4,382,5],[384,7,384,8],[386,4,386,5],[387,4,387,5],[388,4,388,5],[389,4,389,5],[390,4,390,5],[392,7,392,8],[394,4,394,5],[395,4,395,5],[396,4,396,5],[397,4,397,5],[398,4,398,5],[399,4,399,5],[401,7,401,8],[403,4,403,5],[404,4,404,5],[405,4,405,5],[406,4,406,5],[407,4,407,5],[408,4,408,5],[409,4,409,5],[411,7,411,8],[413,4,413,5],[414,4,414,5],[415,4,415,5],[416,4,416,5],[417,4,417,5],[418,4,418,5],[420,7,420,8],[422,4,422,5],[423,4,423,5],[424,4,424,5],[425,4,425,5],[426,4,426,5],[427,4,427,5],[428,4,428,5],[429,4,429,5],[430,4,430,5],[432,7,432,8],[434,4,434,5],[435,4,435,5],[436,4,436,5],[437,4,437,5],[438,4,438,5],[439,4,439,5],[440,4,440,5],[442,7,442,8],[444,4,444,5],[445,4,445,5],[446,4,446,5],[447,4,447,5],[448,4,448,5],[449,4,449,5],[450,4,450,5],[451,4,451,5],[452,4,452,5],[454,7,454,8],[456,4,456,5],[457,4,457,5],[458,4,458,5],[459,4,459,5],[460,4,460,5],[462,7,462,8],[464,4,464,5],[465,4,465,5],[466,4,466,5],[467,4,467,5],[468,4,468,5],[469,4,469,5],[470,4,470,5],[471,4,471,5],[473,7,473,8],[475,4,475,5],[476,4,476,5],[477,4,477,5],[479,7,479,8],[481,4,481,5],[482,4,482,5],[483,4,483,5],[484,4,484,5],[485,4,485,5],[486,4,486,5],[487,4,487,5],[488,4,488,5],[489,4,489,5],[490,4,490,5],[491,4,491,5],[493,7,493,8],[495,4,495,5],[496,4,496,5],[497,4,497,5],[498,4,498,5],[499,4,499,5],[500,4,500,5],[501,4,501,5],[502,4,502,5],[503,4,503,5],[504,4,504,5],[505,4,505,5],[507,7,507,8],[509,4,509,5],[510,4,510,5],[511,4,511,5],[512,4,512,5],[513,4,513,5],[514,4,514,5],[515,4,515,5],[516,4,516,5],[517,4,517,5],[518,4,518,5],[519,4,519,5],[520,4,520,5],[521,4,521,5],[522,4,522,5],[523,4,523,5],[524,4,524,5],[525,4,525,5],[526,4,526,5],[527,4,527,5],[528,4,528,5],[529,4,529,5],[530,4,530,5],[531,4,531,5],[532,4,532,5],[533,4,533,5],[534,4,534,5],[535,4,535,5],[536,4,536,5],[538,7,538,8],[540,4,540,5],[541,4,541,5],[542,4,542,5],[543,4,543,5],[544,4,544,5],[545,4,545,5],[546,4,546,5],[547,4,547,5],[548,4,548,5],[549,4,549,5],[550,4,550,5],[551,4,551,5],[552,4,552,5],[553,4,553,5],[554,4,554,5],[555,4,555,5],[556,4,556,5],[557,4,557,5],[559,7,559,8],[561,4,561,5],[562,4,562,5],[563,4,563,5],[564,4,564,5],[565,4,565,5],[566,4,566,5],[567,4,567,5],[568,4,568,5],[569,4,569,5],[571,7,571,8],[573,4,573,5],[574,4,574,5],[575,4,575,5],[576,4,576,5],[577,4,577,5],[578,4,578,5],[580,7,580,8],[582,4,582,5],[583,4,583,5],[584,4,584,5],[585,4,585,5],[586,4,586,5],[587,4,587,5],[589,7,589,8],[591,4,591,5],[592,4,592,5],[593,4,593,5],[594,4,594,5],[595,4,595,5],[596,4,596,5],[598,7,598,8],[600,4,600,5],[601,4,601,5],[602,4,602,5],[603,4,603,5],[604,4,604,5],[605,4,605,5],[607,7,607,8],[609,4,609,5],[610,4,610,5],[611,4,611,5],[612,4,612,5],[613,4,613,5],[614,4,614,5],[615,4,615,5],[616,4,616,5],[617,4,617,5],[618,4,618,5],[619,4,619,5],[620,4,620,5],[621,4,621,5],[622,4,622,5],[623,4,623,5],[624,4,624,5],[625,4,625,5],[626,4,626,5],[627,4,627,5],[628,4,628,5],[629,4,629,5],[630,4,630,5],[631,4,631,5],[632,4,632,5],[633,4,633,5],[634,4,634,5],[635,4,635,5],[636,4,636,5],[637,4,637,5],[638,4,638,5],[639,4,639,5],[640,4,640,5],[641,4,641,5],[642,4,642,5],[643,4,643,5],[644,4,644,5],[645,4,645,5],[646,4,646,5],[647,4,647,5],[648,4,648,5],[649,4,649,5],[650,4,650,5],[651,4,651,5],[652,4,652,5],[653,4,653,5],[654,4,654,5],[655,4,655,5],[657,7,657,8],[659,4,659,5],[660,4,660,5],[661,4,661,5],[662,4,662,5],[663,4,663,5],[664,4,664,5],[665,4,665,5],[666,4,666,5],[667,4,667,5],[668,4,668,5],[669,4,669,5],[670,4,670,5],[671,4,671,5],[672,4,672,5],[673,4,673,5],[674,4,674,5],[675,4,675,5],[676,4,676,5],[677,4,677,5],[678,4,678,5],[679,4,679,5],[680,4,680,5],[681,4,681,5],[682,4,682,5],[683,4,683,5],[684,4,684,5],[685,4,685,5],[686,4,686,5],[687,4,687,5],[688,4,688,5],[689,4,689,5],[690,4,690,5],[691,4,691,5],[692,4,692,5],[693,4,693,5],[694,4,694,5],[695,4,695,5],[696,4,696,5],[697,4,697,5],[698,4,698,5],[699,4,699,5],[700,4,700,5],[701,4,701,5],[702,4,702,5],[703,4,703,5],[704,4,704,5],[705,4,705,5],[707,7,707,8],[709,4,709,5],[710,4,710,5],[711,4,711,5],[712,4,712,5],[713,4,713,5],[714,4,714,5],[715,4,715,5],[716,4,716,5],[717,4,717,5],[718,4,718,5],[719,4,719,5],[720,4,720,5],[721,4,721,5],[722,4,722,5],[724,7,724,8],[726,4,726,5],[727,4,727,5],[728,4,728,5],[729,4,729,5],[730,4,730,5],[732,7,732,8],[734,4,734,5],[735,4,735,5],[736,4,736,5],[737,4,737,5],[738,4,738,5],[739,4,739,5],[740,4,740,5],[741,4,741,5],[742,4,742,5],[743,4,743,5],[744,4,744,5],[746,7,746,8],[748,4,748,5],[749,4,749,5],[750,4,750,5],[751,4,751,5],[752,4,752,5],[753,4,753,5],[754,4,754,5],[755,4,755,5],[756,4,756,5],[757,4,757,5],[758,4,758,5],[759,4,759,5],[760,4,760,5],[761,4,761,5],[762,4,762,5],[764,7,764,8],[766,4,766,5],[767,4,767,5],[768,4,768,5],[769,4,769,5],[770,4,770,5],[771,4,771,5],[772,4,772,5],[773,4,773,5],[775,7,775,8],[777,4,777,5],[778,4,778,5],[779,4,779,5],[780,4,780,5],[781,4,781,5],[782,4,782,5],[783,4,783,5],[785,7,785,8],[787,4,787,5],[788,4,788,5],[789,4,789,5],[790,4,790,5],[791,4,791,5],[792,4,792,5],[793,4,793,5],[794,4,794,5],[796,7,796,8],[798,4,798,5],[799,4,799,5],[800,4,800,5],[801,4,801,5],[802,4,802,5],[804,7,804,8],[806,4,806,5],[807,4,807,5],[808,4,808,5],[810,7,810,8],[812,4,812,5],[813,4,813,5],[814,4,814,5],[815,4,815,5],[817,7,817,8],[819,4,819,5],[820,4,820,5],[821,4,821,5],[823,7,823,8],[825,4,825,5],[826,4,826,5],[827,4,827,5],[829,7,829,8],[831,0,831,10],[832,4,832,5],[833,4,833,5],[834,4,834,5],[835,4,835,5],[836,4,836,5],[837,4,837,5],[839,7,839,8],[841,4,841,5],[842,4,842,5],[843,4,843,5],[844,4,844,5],[845,4,845,5],[846,4,846,5],[848,7,848,8],[850,4,850,5],[851,4,851,5],[852,4,852,5],[853,4,853,5],[854,4,854,5],[856,7,856,8],[858,4,858,5],[859,4,859,5],[860,4,860,5],[861,4,861,5],[862,4,862,5],[864,7,864,8],[866,4,866,5],[867,4,867,5],[868,4,868,5],[869,4,869,5],[870,4,870,5],[872,7,872,8],[874,4,874,5],[875,4,875,5],[876,4,876,5],[877,4,877,5],[878,4,878,5],[879,4,879,5],[880,4,880,5],[881,4,881,5],[883,7,883,8],[885,4,885,5],[886,4,886,5],[887,4,887,5],[888,4,888,5],[889,4,889,5],[890,4,890,5],[891,4,891,5],[892,4,892,5],[893,4,893,5],[894,4,894,5],[895,4,895,5],[897,7,897,8],[899,4,899,5],[900,4,900,5],[901,4,901,5],[902,4,902,5],[903,4,903,5],[904,4,904,5],[905,4,905,5],[906,4,906,5],[907,4,907,5],[908,4,908,5],[910,7,910,8],[912,4,912,5],[913,4,913,5],[914,4,914,5],[915,4,915,5],[916,4,916,5],[917,4,917,5],[918,4,918,5],[919,4,919,5],[920,4,920,5],[921,4,921,5],[923,7,923,8],[925,4,925,5],[926,4,926,5],[927,4,927,5],[928,4,928,5],[929,4,929,5],[930,4,930,5],[931,4,931,5],[932,4,932,5],[933,4,933,5],[934,4,934,5],[936,7,936,8],[938,4,938,5],[939,4,939,5],[940,4,940,5],[941,4,941,5],[942,4,942,5],[943,4,943,5],[944,4,944,5],[945,4,945,5],[946,4,946,5],[947,4,947,5],[949,7,949,8],[951,4,951,5],[952,4,952,5],[953,4,953,5],[954,4,954,5],[955,4,955,5],[956,4,956,5],[957,4,957,5],[958,4,958,5],[960,7,960,8],[962,4,962,5],[963,4,963,5],[964,4,964,5],[965,4,965,5],[966,4,966,5],[967,4,967,5],[969,7,969,8],[971,4,971,5],[972,4,972,5],[973,4,973,5],[974,4,974,5],[975,4,975,5],[976,4,976,5],[977,4,977,5],[978,4,978,5],[980,7,980,8],[982,4,982,5],[983,4,983,5],[984,4,984,5],[985,4,985,5],[986,4,986,5],[987,4,987,5],[989,7,989,8],[991,4,991,5],[992,4,992,5],[993,4,993,5],[994,4,994,5],[995,4,995,5],[996,4,996,5],[997,4,997,5],[998,4,998,5],[1000,7,1000,8],[1002,4,1002,5],[1003,4,1003,5],[1004,4,1004,5],[1005,4,1005,5],[1006,4,1006,5],[1007,4,1007,5],[1008,4,1008,5],[1009,4,1009,5],[1011,7,1011,8],[1013,4,1013,5],[1014,4,1014,5],[1015,4,1015,5],[1016,4,1016,5],[1017,4,1017,5],[1018,4,1018,5],[1019,4,1019,5],[1020,4,1020,5],[1022,7,1022,8],[1024,4,1024,5],[1025,4,1025,5],[1026,4,1026,5],[1027,4,1027,5],[1028,4,1028,5],[1029,4,1029,5],[1030,4,1030,5],[1031,4,1031,5],[1033,7,1033,8],[1035,4,1035,5],[1036,4,1036,5],[1037,4,1037,5],[1038,4,1038,5],[1039,4,1039,5],[1040,4,1040,5],[1041,4,1041,5],[1042,4,1042,5],[1044,7,1044,8],[1046,4,1046,5],[1047,4,1047,5],[1048,4,1048,5],[1049,4,1049,5],[1050,4,1050,5],[1051,4,1051,5],[1052,4,1052,5],[1053,4,1053,5],[1055,7,1055,8],[1057,4,1057,5],[1058,4,1058,5],[1059,4,1059,5],[1060,4,1060,5],[1061,4,1061,5],[1062,4,1062,5],[1063,4,1063,5],[1064,4,1064,5],[1066,7,1066,8],[1068,4,1068,5],[1069,4,1069,5],[1070,4,1070,5],[1071,4,1071,5],[1072,4,1072,5],[1073,4,1073,5],[1074,4,1074,5],[1075,4,1075,5],[1077,7,1077,8],[1079,4,1079,5],[1080,4,1080,5],[1081,4,1081,5],[1082,4,1082,5],[1083,4,1083,5],[1085,7,1085,8],[1087,4,1087,5],[1088,4,1088,5],[1089,4,1089,5],[1090,4,1090,5],[1091,4,1091,5],[1092,4,1092,5],[1093,4,1093,5],[1094,4,1094,5],[1096,7,1096,8],[1098,4,1098,5],[1099,4,1099,5],[1100,4,1100,5],[1101,4,1101,5],[1102,4,1102,5],[1104,7,1104,8],[1106,4,1106,5],[1107,4,1107,5],[1108,4,1108,5],[1109,4,1109,5],[1110,4,1110,5],[1112,7,1112,8],[1114,4,1114,5],[1115,4,1115,5],[1116,4,1116,5],[1117,4,1117,5],[1118,4,1118,5],[1119,4,1119,5],[1121,7,1121,8],[1123,4,1123,5],[1124,4,1124,5],[1125,4,1125,5],[1126,4,1126,5],[1127,4,1127,5],[1128,4,1128,5],[1130,7,1130,8],[1132,4,1132,5],[1133,4,1133,5],[1134,4,1134,5],[1135,4,1135,5],[1136,4,1136,5],[1137,4,1137,5],[1138,4,1138,5],[1139,4,1139,5],[1141,7,1141,8],[1143,4,1143,5],[1144,4,1144,5],[1145,4,1145,5],[1146,4,1146,5],[1147,4,1147,5],[1148,4,1148,5],[1149,4,1149,5],[1151,7,1151,8],[1153,4,1153,5],[1154,4,1154,5],[1155,4,1155,5],[1156,4,1156,5],[1157,4,1157,5],[1158,4,1158,5],[1159,4,1159,5],[1161,7,1161,8],[1163,4,1163,5],[1164,4,1164,5],[1165,4,1165,5],[1166,4,1166,5],[1167,4,1167,5],[1169,7,1169,8],[1171,4,1171,5],[1172,4,1172,5],[1173,4,1173,5],[1174,4,1174,5],[1175,4,1175,5],[1176,4,1176,5],[1177,4,1177,5],[1179,7,1179,8],[1181,4,1181,5],[1182,4,1182,5],[1183,4,1183,5],[1184,4,1184,5],[1185,4,1185,5],[1186,4,1186,5],[1187,4,1187,5],[1188,4,1188,5],[1190,7,1190,8],[1192,4,1192,5],[1193,4,1193,5],[1194,4,1194,5],[1195,4,1195,5],[1196,4,1196,5],[1197,4,1197,5],[1198,4,1198,5],[1200,7,1200,8],[1202,4,1202,5],[1203,4,1203,5],[1204,4,1204,5],[1205,4,1205,5],[1206,4,1206,5],[1207,4,1207,5],[1208,4,1208,5],[1210,7,1210,8],[1212,4,1212,5],[1213,4,1213,5],[1214,4,1214,5],[1215,4,1215,5]],"merged_total":4591,"flags":["merged_cut"]}
[{"$nulls":6},"B.D.I.",null,"Encargos Sociais"]
[null,null,"PROJETO MARRECAS - 2ª ETAPA",null,null,null," 27,58%",null,"Horista: 111,17%                    Mensalista: 70,17%"]
["Composições Analíticas com Preço Unitário Incluindo as Auxiliares"]
["Composições Principais"]
[" 1.1 ","Código","Banco","Descrição","Tipo",null,"Und","Quant.","Valor Unit","Total"]
["Composição"," V2 ","Próprio","MOBILIZAÇÃO DE PESSOAL E EQUIPAMENTOS","SERP - SERVIÇOS PRELIMINARES",null,"UN",1,22936,22936]
["Composição Auxiliar"," D5914614 ","Próprio","TRANSPORTE COM CAMINHÃO CARROCERIA COM GUINDAUTO DE 20 T.M - RODOVIA PAVIMENTADA","ASTU - ASSENTAMENTO DE TUBOS E PECAS",null,"TKM",12423.8130697,0.84,10436]
["Composição Auxiliar"," D5914640 ","Próprio","TRANSPORTE COM CAVALO MECÂNICO DE 30 T - RODOVIA PAVIMENTADA","ASTU - ASSENTAMENTO DE TUBOS E PECAS",null,"TKM",50000,0.25,12500]
[{"$nulls":4},"MO sem LS =>",0,"LS =>",0,"MO com LS =>",0]
[{"$nulls":4},"Valor do BDI =>",6325.7488000000003,null,"Valor com BDI =>",null,29261.75]
[]
[" 1.2 ","Código","Banco","Descrição","Tipo",null,"Und","Quant.","Valor Unit","Total"]
["Composição"," V31 ","Próprio","INSTALAÇÃO DO CANTEIRO DE OBRAS","SERP - SERVIÇOS PRELIMINARES",null,"UN",1,64151.34,64151.34]
["Composição Auxiliar"," 93207 ","SINAPI","EXECUÇÃO DE ESCRITÓRIO EM CANTEIRO DE OBRA EM CHAPA DE MADEIRA COMPENSADA, NÃO INCLUSO MOBILIÁRIO E EQUIPAMENTOS. AF_02/2016","CANT - CANTEIRO DE OBRAS",null,"m²",24,547.9,13149.6]
["Composição Auxiliar"," 93208 ","SINAPI","EXECUÇÃO DE ALMOXARIFADO EM CANTEIRO DE OBRA EM CHAPA DE MADEIRA COMPENSADA, INCLUSO PRATELEIRAS. AF_02/2016","CANT - CANTEIRO DE OBRAS",null,"m²",24,430.07,10321.68]
["Composição Auxiliar"," 93210 ","SINAPI","EXECUÇÃO DE REFEITÓRIO EM CANTEIRO DE OBRA EM CHAPA DE MADEIRA COMPENSADA, NÃO INCLUSO MOBILIÁRIO E EQUIPAMENTOS. AF_02/2016","CANT - CANTEIRO DE OBRAS",null,"m²",24,305.70999999999998,7337.04]
["Composição Auxiliar"," 93212 ","SINAPI","EXECUÇÃO DE SANITÁRIO E VESTIÁRIO EM CANTEIRO DE OBRA EM CHAPA DE MADEIRA COMPENSADA, NÃO INCLUSO MOBILIÁRIO. AF_02/2016","CANT - CANTEIRO DE OBRAS",null,"m²",24,512.75,12306]
["Composição Auxiliar"," 93582 ","SINAPI","EXECUÇÃO DE CENTRAL DE ARMADURA EM CANTEIRO DE OBRA, NÃO INCLUSO MOBILIÁRIO E EQUIPAMENTOS. AF_04/2016","CANT - CANTEIRO DE OBRAS",null,"m²",24,139.80000000000001,3355.2]
["Composição Auxiliar"," 93583 ","SINAPI","EXECUÇÃO DE CENTRAL DE FÔRMAS, PRODUÇÃO DE ARGAMASSA OU CONCRETO EM CANTEIRO DE OBRA, NÃO INCLUSO MOBILIÁRIO E EQUIPAMENTOS. AF_04/2016","CANT - CANTEIRO DE OBRAS",null,"m²",22.005230300000001,236.61,5206.66]
["Composição Auxiliar"," 93584 ","SINAPI","EXECUÇÃO DE DEPÓSITO EM CANTEIRO DE OBRA EM CHAPA DE MADEIRA COMPENSADA, NÃO INCLUSO MOBILIÁRIO. AF_04/2016","CANT - CANTEIRO DE OBRAS",null,"m²",24,427.44,10258.56]
["Composição Auxiliar"," 93585 ","SINAPI","EXECUÇÃO DE GUARITA EM CANTEIRO DE OBRA EM CHAPA DE MADEIRA COMPENSADA, NÃO INCLUSO MOBILIÁRIO. AF_04/2016","CANT - CANTEIRO DE OBRAS",null,"m²",4.0010114999999997,554.01,2216.6]
[{"$nulls":4},"MO sem LS =>",18095.38,"LS =>",8.25,"MO com LS =>",18103.63]
[{"$nulls":4},"Valor do BDI =>",17692.939571999999,null,"Valor com BDI =>",null,81844.28]
[]
[" 1.3 ","Código","Banco","Descrição","Tipo",null,"Und","Quant.","Valor Unit","Total"]
["Composição"," V3 ","Próprio","DESMOBILIZAÇÃO DE PESSOAL E EQUIPAMENTOS","SERP - SERVIÇOS PRELIMINARES",null,"UN",1,12492.8,12492.8]
["Composição Auxiliar"," D5914640 ","Próprio","TRANSPORTE COM CAVALO MECÂNICO DE 30 T - RODOVIA PAVIMENTADA","ASTU - ASSENTAMENTO DE TUBOS E PECAS",null,"TKM",49971.218766899998,0.25,12492.8]
[{"$nulls":4},"MO sem LS =>",0,"LS =>",0,"MO com LS =>",0]
[{"$nulls":4},"Valor do BDI =>",3445.51424,null,"Valor com BDI =>",null,15938.31]
[]
[" 1.5 ","Código","Banco","Descrição","Tipo",null,"Und","Quant.","Valor Unit","Total"]
["Composição"," 51 ","ORSE","Placa de obra em chapa aço galvanizado, instalada","Mobilização / Instalações Provisórias / Desmobilização",null,"m²",1,245.13,245.13]
["Composição Auxiliar"," 88262 ","SINAPI","CARPINTEIRO DE FORMAS COM ENCARGOS COMPLEMENTARES","SEDI - SERVIÇOS DIVERSOS",null,"H",0.78127570000000002,19.260000000000002,15.05]
["Composição Auxiliar"," 88316 ","SINAPI","SERVENTE COM ENCARGOS COMPLEMENTARES","SEDI - SERVIÇOS DIVERSOS",null,"H",1.4902621,14.96,22.29]
["Insumo"," 1569 ","ORSE","Madeira mista serrada (barrote) 6 x 6cm - 0,0036 m3/m (angelim, louro)","Material",null,"m",4,5.1100000000000003,20.440000000000001]
["Insumo"," 1776 ","ORSE","Placa de obra em chapa galvanizada 26","Material",null,"m²",1,184.16,184.16]
["Insumo"," 6995 ","ORSE","Madeira mista serrada (sarrafo) 2,2 x 5,5cm - 0,00121 m³/m","Material",null,"m",1,2,2]
["Insumo"," 00005075 ","SINAPI","PREGO DE ACO POLIDO COM CABECA 18 X 30 (2 3/4 X 10)","Material",null,"KG",0.15,7.94,1.19]
[{"$nulls":4},"MO sem LS =>",37.340000000000003,"LS =>",0,"MO com LS =>",37.340000000000003]
[{"$nulls":4},"Valor do BDI =>",67.606853999999998,null,"Valor com BDI =>",null,312.74]
[]
[" 2.1 ","Código","Banco","Descrição","Tipo",null,"Und","Quant.","Valor Unit","Total"]
["Composição"," V4 ","Próprio","ADMINISTRAÇÃO LOCAL DA OBRA","SERP - SERVIÇOS PRELIMINARES",null,"UN",1,600923.04,600923.04]
["Composição Auxiliar"," V1 ","Próprio","ADMINISTRACAO LOCAL E MANUTENÇÃO DO CANTEIRO DE OBRAS (BASE MENSAL)","SERP - SERVIÇOS PRELIMINARES",null,"MES",12,50076.92,600923.04]
[{"$nulls":4},"MO sem LS =>",582311.02,"LS =>",0.02,"MO com LS =>",582311.04]
[{"$nulls":4},"Valor do BDI =>",165734.57443199999,null,"Valor com BDI =>",null,766657.61]
[]
[" 2.2 ","Código","Banco","Descrição","Tipo",null,"Und","Quant.","Valor Unit","Total"]
["Composição"," V6 ","Próprio","VEÍCULO TIPO CAMINHONETA DIESEL, TRAÇÃO 4 X 4, CABINE DUPLA, DIREÇÃO HIDRÁULICA, ACIONAMENTO DE VIDROS ELÉTRICO, SISTEMA DE TRAVA AUTOMÁTICO NAS QUATRO PORTAS, AR CONDICIONADO, SEMINOVO EM BOM ESTADO","SERP - SERVIÇOS PRELIMINARES",null,"UN",1,90182.399999999994,90182.399999999994]
["Composição Auxiliar"," V5 ","Próprio","VEÍCULO TIPO CAMINHONETA DIESEL. TRAÇÃO 4 X 4. CABINE DUPLA. DIREÇÃO HIDRÁULICA. ACIONAMENTO DE VIDROS ELÉTRICO. SISTEMA DE TRAVA AUTOMÁTICO NAS QUATRO PORTAS. AR CONDICIONADO. SEMINOVO","SERP - SERVIÇOS PRELIMINARES",null,"MES",12,7515.2,90182.399999999994]
[{"$nulls":4},"MO sem LS =>",39850.800000000003,"LS =>",0,"MO com LS =>",39850.800000000003]
[{"$nulls":4},"Valor do BDI =>",24872.305919999999,null,"Valor com BDI =>",null,115054.71]
[]
[" 3.1 ","Código","Banco","Descrição","Tipo",null,"Und","Quant.","Valor Unit","Total"]
["Composição"," V47 ","Próprio","SUPRESSÃO VEGETAL E/OU LIMPEZA DE ÁREA COM TRATOR DE ESTEIRA COM POTÊNCIA IGUAL OU SUPERIOR A 140CV, PARA REMOÇÃO DAS ÁRVORES E ARBUSTOS, ENLEIRAMENTO E QUEIMA DOS RESTOS DA VEGETAÇÃO RETIRADA","SERP - SERVIÇOS PRELIMINARES",null,"HA",1,1952,1952]
["Composição Auxiliar"," 98525 ","SINAPI","LIMPEZA MECÂNICA DA FAIXA DE DOMÍNIO DA ESTRADA       ","URBA - URBANIZAÇÃO",null,"m²",9760.0128098000005,0.2,1952]
[{"$nulls":4},"MO sem LS =>",1073.5999999999999,"LS =>",0,"MO com LS =>",1073.5999999999999]
[{"$nulls":4},"Valor do BDI =>",538.36159999999995,null,"Valor com BDI =>",null,2490.36]
[]
[" 3.2 ","Código","Banco","Descrição","Tipo",null,"Und","Quant.","Valor Unit","Total"]
["Composição"," V7 ","Próprio","GRADAGEM PESADA, NO SENTIDO CRUZADO, UTILIZANDO TRATOR AGRÍCOLA DE POTÊNCIA SUPERIOR A 100CV, CORTANDO A TERRA E OS RESTOS DE RAÍZES DA VEGETAÇÃO DESMATADA","SEDI - SERVIÇOS DIVERSOS",null,"HA",1,873.77,873.77]
["Composição Auxiliar"," 88316 ","SINAPI","SERVENTE COM ENCARGOS COMPLEMENTARES","SEDI - SERVIÇOS DIVERSOS",null,"H",20.000859500000001,14.96,299.20999999999998]
["Composição Auxiliar"," 90776 ","SINAPI","ENCARREGADO GERAL COM ENCARGOS COMPLEMENTARES","SEDI - SERVIÇOS DIVERSOS",null,"H",10.275181,24.16,248.25]
["Composição Auxiliar"," 96020 ","SINAPI","TRATOR DE PNEUS COM POTÊNCIA DE 122 CV, TRAÇÃO 4X4, COM GRADE DE DISCOS ACOPLADA - CHP DIURNO. AF_02/2017","CHOR - CUSTOS HORÁRIOS DE MÁQUINAS E EQUIPAMENTOS",null,"CHP",3,108.77,326.31]
[{"$nulls":4},"MO sem LS =>",600.77,"LS =>",0,"MO com LS =>",600.77]
[{"$nulls":4},"Valor do BDI =>",240.98576600000001,null,"Valor com BDI =>",null,1114.76]
[]
[" 3.3 ","Código","Banco","Descrição","Tipo",null,"Und","Quant.","Valor Unit","Total"]
["Composição"," V8 ","Próprio","COLETA, TRANSPORTE, ENELEIRAMENTO E QUEIMA MANUAL DOS RESTOS DA VEGETAÇÃO EXTRAÍDA","SEDI - SERVIÇOS DIVERSOS",null,"HA",1,254.6,254.6]
["Composição Auxiliar"," 67826 ","SINAPI","CAMINHÃO BASCULANTE 6 M3 TOCO, PESO BRUTO TOTAL 16.000 KG, CARGA ÚTIL MÁXIMA 11.130 KG, DISTÂNCIA ENTRE EIXOS 5,36 M, POTÊNCIA 185 CV, INCLUSIVE CAÇAMBA METÁLICA - CHP DIURNO. AF_06/2014","CHOR - CUSTOS HORÁRIOS DE MÁQUINAS E EQUIPAMENTOS",null,"CHP",2,76.94,153.88]
["Composição Auxiliar"," 88316 ","SINAPI","SERVENTE COM ENCARGOS COMPLEMENTARES","SEDI - SERVIÇOS DIVERSOS",null,"H",5.4719332999999999,14.96,81.86]
["Composição Auxiliar"," 90776 ","SINAPI","ENCARREGADO GERAL COM ENCARGOS COMPLEMENTARES","SEDI - SERVIÇOS DIVERSOS",null,"H",0.7807965,24.16,18.86]
[{"$nulls":4},"MO sem LS =>",128.41999999999999,"LS =>",0,"MO com LS =>",128.41999999999999]
[{"$nulls":4},"Valor do BDI =>",70.218680000000006,null,"Valor com BDI =>",null,324.82]
[]
[" 4.1 ","Código","Banco","Descrição","Tipo",null,"Und","Quant.","Valor Unit","Total"]
["Composição"," 73835/003 ","SINAPI","INSTALACAO DE CONJ.MOTO BOMBA VERTICAL 200 < POT <= 300 CV","INPR - INSTALAÇÕES DE PRODUÇÃO",null,"UN",1,1337.84,1337.84]
["Composição Auxiliar"," 95139 ","SINAPI","TALHA MANUAL DE CORRENTE, CAPACIDADE DE 2 TON. COM ELEVAÇÃO DE 3 M - CHP DIURNO. AF_07/2016","CHOR - CUSTOS HORÁRIOS DE MÁQUINAS E EQUIPAMENTOS",null,"CHP",19,0.05,0.95]
["Composição Auxiliar"," 88316 ","SINAPI","SERVENTE COM ENCARGOS COMPLEMENTARES","SEDI - SERVIÇOS DIVERSOS",null,"H",28.310828300000001,14.96,423.53]
["Composição Auxiliar"," 88267 ","SINAPI","ENCANADOR OU BOMBEIRO HIDRÁULICO COM ENCARGOS COMPLEMENTARES","SEDI - SERVIÇOS DIVERSOS",null,"H",14.834565700000001,18.97,281.41000000000003]
["Composição Auxiliar"," 88277 ","SINAPI","MONTADOR (TUBO AÇO/EQUIPAMENTOS) COM ENCARGOS COMPLEMENTARES","SEDI - SERVIÇOS DIVERSOS",null,"H",29.669131100000001,21.3,631.95000000000005]
[{"$nulls":4},"MO sem LS =>",1336.89,"LS =>",0,"MO com LS =>",1336.89]
[{"$nulls":4},"Valor do BDI =>",368.97627199999999,null,"Valor com BDI =>",null,1706.82]
[]
[" 4.2 ","Código","Banco","Descrição","Tipo",null,"Und","Quant.","Valor Unit","Total"]
["Composição"," 73835/002 ","SINAPI","INSTALACAO DE CONJ.MOTO BOMBA VERTICAL 100 < POT <= 200 CV","INPR - INSTALAÇÕES DE PRODUÇÃO",null,"UN",1,1197.01,1197.01]
["Composição Auxiliar"," 95139 ","SINAPI","TALHA MANUAL DE CORRENTE, CAPACIDADE DE 2 TON. COM ELEVAÇÃO DE 3 M - CHP DIURNO. AF_07/2016","CHOR - CUSTOS HORÁRIOS DE MÁQUINAS E EQUIPAMENTOS",null,"CHP",17,0.05,0.85]
["Composição Auxiliar"," 88316 ","SINAPI","SERVENTE COM ENCARGOS COMPLEMENTARES","SEDI - SERVIÇOS DIVERSOS",null,"H",25.330235900000002,14.96,378.94]
["Composição Auxiliar"," 88267 ","SINAPI","ENCANADOR OU BOMBEIRO HIDRÁULICO COM ENCARGOS COMPLEMENTARES","SEDI - SERVIÇOS DIVERSOS",null,"H",13.273027600000001,18.97,251.79]
["Composição Auxiliar"," 88277 ","SINAPI","MONTADOR (TUBO AÇO/EQUIPAMENTOS) COM ENCARGOS COMPLEMENTARES","SEDI - SERVIÇOS DIVERSOS",null,"H",26.546055599999999,21.3,565.42999999999995]
[{"$nulls":4},"MO sem LS =>",1196.1600000000001,"LS =>",0,"MO com LS =>",1196.1600000000001]
[{"$nulls":4},"Valor do BDI =>",330.135358,null,"Valor com BDI =>",null,1527.15]
[]
[" 4.3 ","Código","Banco","Descrição","Tipo",null,"Und","Quant.","Valor Unit","Total"]
["Composição"," 73835/001 ","SINAPI","INSTALACAO DE CONJ.MOTO BOMBA VERTICAL POT <= 100 CV","INPR - INSTALAÇÕES DE PRODUÇÃO",null,"UN",1,880.16,880.16]
["Composição Auxiliar"," 95139 ","SINAPI","TALHA MANUAL DE CORRENTE, CAPACIDADE DE 2 TON. COM ELEVAÇÃO DE 3 M - CHP DIURNO. AF_07/2016","CHOR - CUSTOS HORÁRIOS DE MÁQUINAS E EQUIPAMENTOS",null,"CHP",12.5,0.05,0.63]
["Composição Auxiliar"," 88316 ","SINAPI","SERVENTE COM ENCARGOS COMPLEMENTARES","SEDI - SERVIÇOS DIVERSOS",null,"H",18.624891999999999,14.96,278.63]
["Composição Auxiliar"," 88267 ","SINAPI","ENCANADOR OU BOMBEIRO HIDRÁULICO COM ENCARGOS COMPLEMENTARES","SEDI - SERVIÇOS DIVERSOS",null,"H",9.7595460999999997,18.97,185.14]
["Composição Auxiliar"," 88277 ","SINAPI","MONTADOR (TUBO AÇO/EQUIPAMENTOS) COM ENCARGOS COMPLEMENTARES","SEDI - SERVIÇOS DIVERSOS",null,"H",19.519091899999999,21.3,415.76]
[{"$nulls":4},"MO sem LS =>",879.52,"LS =>",0.01,"MO com LS =>",879.53]
[{"$nulls":4},"Valor do BDI =>",242.74812800000001,null,"Valor com BDI =>",null,1122.9100000000001]
[]
[" 4.4 ","Código","Banco","Descrição","Tipo",null,"Und","Quant.","Valor Unit","Total"]
["Composição"," V145 ","Próprio","INSTALAÇÃO ELÉTRICA DE QUADROS DE COMANDOS (PROJ. IRRIB. MARRECAS)","SEDI - SERVIÇOS DIVERSOS",null,"UN",1,1050.96,1050.96]
["Composição Auxiliar"," 88247 ","SINAPI","AUXILIAR DE ELETRICISTA COM ENCARGOS COMPLEMENTARES","SEDI - SERVIÇOS DIVERSOS",null,"H",30.252385499999999,15.16,458.63]
["Composição Auxiliar"," 88264 ","SINAPI","ELETRICISTA COM ENCARGOS COMPLEMENTARES","SEDI - SERVIÇOS DIVERSOS",null,"H",30.251868399999999,19.579999999999998,592.33000000000004]
[{"$nulls":4},"MO sem LS =>",1050.96,"LS =>",0,"MO com LS =>",1050.96]
[{"$nulls":4},"Valor do BDI =>",289.85476799999998,null,"Valor com BDI =>",null,1340.81]
[]
[" 5.1 ","Código","Banco","Descrição","Tipo",null,"Und","Quant.","Valor Unit","Total"]
["Composição"," V19 ","Próprio","MONTAGEM DO BARRILETE DA ESTAÇÕES DE BOMBEAMENTOS 03, 04 E 05","SEDI - SERVIÇOS DIVERSOS",null,"UN",1,13505.81,13505.81]
["Composição Auxiliar"," 88267 ","SINAPI","ENCANADOR OU BOMBEIRO HIDRÁULICO COM ENCARGOS COMPLEMENTARES","SEDI - SERVIÇOS DIVERSOS",null,"H",153.3101298,18.97,2908.29]
["Composição Auxiliar"," 88316 ","SINAPI","SERVENTE COM ENCARGOS COMPLEMENTARES","SEDI - SERVIÇOS DIVERSOS",null,"H",153.3101298,14.96,2293.52]
["Composição Auxiliar"," 93402 ","SINAPI","GUINDAUTO HIDRÁULICO, CAPACIDADE MÁXIMA DE CARGA 3300 KG, MOMENTO MÁXIMO DE CARGA 5,8 TM, ALCANCE MÁXIMO HORIZONTAL 7,60 M, INCLUSIVE CAMINHÃO TOCO PBT 16.000 KG, POTÊNCIA DE 189 CV - CHP DIURNO. AF_03/2016","CHOR - CUSTOS HORÁRIOS DE MÁQUINAS E EQUIPAMENTOS",null,"CHP",80,103.8,8304]
[{"$nulls":4},"MO sem LS =>",6513.77,"LS =>",0.04,"MO com LS =>",6513.81]
[{"$nulls":4},"Valor do BDI =>",3724.9023980000002,null,"Valor com BDI =>",null,17230.71]
[]
[" 5.2 ","Código","Banco","Descrição","Tipo",null,"Und","Quant.","Valor Unit","Total"]
["Composição"," V20 ","Próprio","MONTAGEM DO BARRILETE DA ESTAÇÃO DE BOMBEAMENTO 06","SEDI - SERVIÇOS DIVERSOS",null,"UN",1,18193.16,18193.16]
["Composição Auxiliar"," 88267 ","SINAPI","ENCANADOR OU BOMBEIRO HIDRÁULICO COM ENCARGOS COMPLEMENTARES","SEDI - SERVIÇOS DIVERSOS",null,"H",230.2423531,18.97,4367.7]
["Composição Auxiliar"," 88316 ","SINAPI","SERVENTE COM ENCARGOS COMPLEMENTARES","SEDI - SERVIÇOS DIVERSOS",null,"H",230.31136660000001,14.96,3445.46]
["Composição Auxiliar"," 93402 ","SINAPI","GUINDAUTO HIDRÁULICO, CAPACIDADE MÁXIMA DE CARGA 3300 KG, MOMENTO MÁXIMO DE CARGA 5,8 TM, ALCANCE MÁXIMO HORIZONTAL 7,60 M, INCLUSIVE CAMINHÃO TOCO PBT 16.000 KG, POTÊNCIA DE 189 CV - CHP DIURNO. AF_03/2016","CHOR - CUSTOS HORÁRIOS DE MÁQUINAS E EQUIPAMENTOS",null,"CHP",100,103.8,10380]
[{"$nulls":4},"MO sem LS =>",9453.1,"LS =>",0.06,"MO com LS =>",9453.16]
[{"$nulls":4},"Valor do BDI =>",5017.6735280000003,null,"Valor com BDI =>",null,23210.83]
[]
[" 5.3 ","Código","Banco","Descrição","Tipo",null,"Und","Quant.","Valor Unit","Total"]
["Composição"," V43 ","Próprio","INSTALAÇÃO DE TUBOS E CONEXÕES EM FERRO FUNDIDO (TUBOS FLANGEADOS) DN=250MM A 600MM COM PN MÍNIMO DE 100 MCA","SEDI - SERVIÇOS DIVERSOS",null,"M",1,19.760000000000002,19.760000000000002]
["Composição Auxiliar"," 5238 ","ORSE","Assentamento de tubos em ferro fundido, junta mecânica, diam.=   400 mm","Assentamento/Montagem de Tubos e Conexões",null,"m",1,19.760000000000002,19.760000000000002]
[{"$nulls":4},"MO sem LS =>",12.36,"LS =>",0.01,"MO com LS =>",12.37]
[{"$nulls":4},"Valor do BDI =>",5.449808,null,"Valor com BDI =>",null,25.21]
[]
[" 5.4 ","Código","Banco","Descrição","Tipo",null,"Und","Quant.","Valor Unit","Total"]
["Composição"," 93358 ","SINAPI","ESCAVAÇÃO MANUAL DE VALA COM PROFUNDIDADE MENOR OU IGUAL A 1,30 M. AF_03/2016","MOVT - MOVIMENTO DE TERRA",null,"m³",1,44.97,44.97]
["Composição Auxiliar"," 88316 ","SINAPI","SERVENTE COM ENCARGOS COMPLEMENTARES","SEDI - SERVIÇOS DIVERSOS",null,"H",3.0061727,14.96,44.97]
[{"$nulls":4},"MO sem LS =>",44.97,"LS =>",0,"MO com LS =>",44.97]
[{"$nulls":4},"Valor do BDI =>",12.402725999999999,null,"Valor com BDI =>",null,57.37]
[]
[" 5.4 ","Código","Banco","Descrição","Tipo",null,"Und","Quant.","Valor Unit","Total"]
["Composição"," 6457 ","ORSE","Concreto armado fck=15MPa fabricado na obra, adensado e lançado, para Uso Geral, com formas planas em compensado resinado 12mm (05 usos)","Conversão InfoWOrca",null,"m³",1,1229.31,1229.31]
["Composição Auxiliar"," 126 ","ORSE","Concreto simples fabricado na obra, fck=15 mpa, lançado e adensado","Concreto Simples",null,"m³",1,306.95,306.95]
["Composição Auxiliar"," 116 ","ORSE","Forma Plana para estruturas, em compensado resinado de 12mm, 05 usos, inclusive escoramento - Revisada 07..2015","Formas",null,"m²",10,46.03,460.3]
["Composição Auxiliar"," 140 ","ORSE","Aço CA - 50 Ø 6,3 a 12,5mm, inclusive corte, dobragem, montagem e colocacao de ferragens nas formas, para superestruturas e fundações - R1","Armaduras Convencionais",null,"kg",77.138493699999998,5.99,462.06]
[{"$nulls":4},"MO sem LS =>",572.26,"LS =>",0.49,"MO com LS =>",572.75]
[{"$nulls":4},"Valor do BDI =>",339.04369800000001,null,"Valor com BDI =>",null,1568.35]
[]
[" 6.1 ","Código","Banco","Descrição","Tipo",null,"Und","Quant.","Valor Unit","Total"]
["Composição"," V44 ","Próprio","ESTRUTURA DE SAÍDA D'ÁGUA DO CANAL DE DISTRIBUIÇÃO PARA OS LOTES COM ENTRADA D'ÁGUA NÃO PRESSURIZADA","SERP - SERVIÇOS PRELIMINARES",null,"UN",1,3099.14,3099.14]
["Composição Auxiliar"," 101232 ","SINAPI","ESCAVAÇÃO VERTICAL A CÉU ABERTO, EM OBRAS DE INFRAESTRUTURA, INCLUINDO CARGA, DESCARGA E TRANSPORTE, EM SOLO DE 1ª CATEGORIA COM ESCAVADEIRA HIDRÁULICA (CAÇAMBA: 1,2 M³ / 155 HP), FROTA DE 3 CAMINHÕES BASCULANTES DE 14 M³, DMT ATÉ 1 KM E VELOCIDADE MÉDIA14KM/H. AF_05/2020","MOVT - MOVIMENTO DE TERRA",null,"m³",2,3.91,7.82]
["Composição Auxiliar"," 94962 ","SINAPI","CONCRETO MAGRO PARA LASTRO, TRAÇO 1:4,5:4,5 (CIMENTO/ AREIA MÉDIA/ BRITA 1)  - PREPARO MECÂNICO COM BETONEIRA 400 L. AF_07/2016","FUES - FUNDAÇÕES E ESTRUTURAS",null,"m³",0.2,185.56,37.11]
["Composição Auxiliar"," 94966 ","SINAPI","CONCRETO FCK = 30MPA, TRAÇO 1:2,1:2,5 (CIMENTO/ AREIA MÉDIA/ BRITA 1)  - PREPARO MECÂNICO COM BETONEIRA 400 L. AF_07/2016","FUES - FUNDAÇÕES E ESTRUTURAS",null,"m³",2,264.31,528.62]
["Composição Auxiliar"," 96539 ","SINAPI","FABRICAÇÃO, MONTAGEM E DESMONTAGEM DE FÔRMA PARA VIGA BALDRAME, EM CHAPA DE MADEIRA COMPENSADA RESINADA, E=17 MM, 2 UTILIZAÇÕES. AF_06/2017","FUES - FUNDAÇÕES E ESTRUTURAS",null,"m²",24,64.22,1541.28]
["Composição Auxiliar"," 96547 ","SINAPI","ARMAÇÃO DE BLOCO, VIGA BALDRAME OU SAPATA UTILIZANDO AÇO CA-50 DE 12,5 MM - MONTAGEM. AF_06/2017","FUES - FUNDAÇÕES E ESTRUTURAS",null,"KG",193.3807462,5.09,984.31]
[{"$nulls":4},"MO sem LS =>",1331.08,"LS =>",0.12,"MO com LS =>",1331.2]
[{"$nulls":4},"Valor do BDI =>",854.74281199999996,null,"Valor com BDI =>",null,3953.88]
[]
[" 6.2 ","Código","Banco","Descrição","Tipo",null,"Und","Quant.","Valor Unit","Total"]
["Composição"," V45 ","Próprio","ESTRUTURA TIPO DE SAÍDA DO RESERVATÓRIO R-1 PARA A REDE DE DISTRIBUIÇÃO D'ÁGUA DOS LOTES DA QUADRA HIDRÁULICA 01 (REDE NÃO PRESSURIZADA)","SEDI - SERVIÇOS DIVERSOS",null,"UN",1,6198.28,6198.28]
["Composição Auxiliar"," 101232 ","SINAPI","ESCAVAÇÃO VERTICAL A CÉU ABERTO, EM OBRAS DE INFRAESTRUTURA, INCLUINDO CARGA, DESCARGA E TRANSPORTE, EM SOLO DE 1ª CATEGORIA COM ESCAVADEIRA HIDRÁULICA (CAÇAMBA: 1,2 M³ / 155 HP), FROTA DE 3 CAMINHÕES BASCULANTES DE 14 M³, DMT ATÉ 1 KM E VELOCIDADE MÉDIA14KM/H. AF_05/2020","MOVT - MOVIMENTO DE TERRA",null,"m³",3.9979960000000001,3.91,15.63]
["Composição Auxiliar"," 94962 ","SINAPI","CONCRETO MAGRO PARA LASTRO, TRAÇO 1:4,5:4,5 (CIMENTO/ AREIA MÉDIA/ BRITA 1)  - PREPARO MECÂNICO COM BETONEIRA 400 L. AF_07/2016","FUES - FUNDAÇÕES E ESTRUTURAS",null,"m³",0.4,185.56,74.22]
["Composição Auxiliar"," 94966 ","SINAPI","CONCRETO FCK = 30MPA, TRAÇO 1:2,1:2,5 (CIMENTO/ AREIA MÉDIA/ BRITA 1)  - PREPARO MECÂNICO COM BETONEIRA 400 L. AF_07/2016","FUES - FUNDAÇÕES E ESTRUTURAS",null,"m³",4,264.31,1057.24]
["Composição Auxiliar"," 96539 ","SINAPI","FABRICAÇÃO, MONTAGEM E DESMONTAGEM DE FÔRMA PARA VIGA BALDRAME, EM CHAPA DE MADEIRA COMPENSADA RESINADA, E=17 MM, 2 UTILIZAÇÕES. AF_06/2017","FUES - FUNDAÇÕES E ESTRUTURAS",null,"m²",48,64.22,3082.56]
["Composição Auxiliar"," 96547 ","SINAPI","ARMAÇÃO DE BLOCO, VIGA BALDRAME OU SAPATA UTILIZANDO AÇO CA-50 DE 12,5 MM - MONTAGEM. AF_06/2017","FUES - FUNDAÇÕES E ESTRUTURAS",null,"KG",386.7646024,5.09,1968.63]
[{"$nulls":4},"MO sem LS =>",2662.16,"LS =>",0.23,"MO com LS =>",2662.39]
[{"$nulls":4},"Valor do BDI =>",1709.4856239999999,null,"Valor com BDI =>",null,7907.77]
[]
[" 6.3 ","Código","Banco","Descrição","Tipo",null,"Und","Quant.","Valor Unit","Total"]
["Composição"," V32 ","Próprio","CAVALETE DE ENTRADA PARA LOTES - PRESSURIZADO (MONTAGEM)","SEDI - SERVIÇOS DIVERSOS",null,"UN",1,243.61,243.61]
["Composição Auxiliar"," 88267 ","SINAPI","ENCANADOR OU BOMBEIRO HIDRÁULICO COM ENCARGOS COMPLEMENTARES","SEDI - SERVIÇOS DIVERSOS",null,"H",6.0678441999999997,18.97,115.11]
["Composição Auxiliar"," 88316 ","SINAPI","SERVENTE COM ENCARGOS COMPLEMENTARES","SEDI - SERVIÇOS DIVERSOS",null,"H",6.0678441999999997,14.96,90.77]
["Composição Auxiliar"," 90776 ","SINAPI","ENCARREGADO GERAL COM ENCARGOS COMPLEMENTARES","SEDI - SERVIÇOS DIVERSOS",null,"H",1.5616021,24.16,37.729999999999997]
[{"$nulls":4},"MO sem LS =>",243.61,"LS =>",0,"MO com LS =>",243.61]
[{"$nulls":4},"Valor do BDI =>",67.187638000000007,null,"Valor com BDI =>",null,310.8]
[]
[" 6.4 ","Código","Banco","Descrição","Tipo",null,"Und","Quant.","Valor Unit","Total"]
["Composição"," V33 ","Próprio","CAIXAS DE PROTEÇÃO EM ALVENARIA PARA AS DERIVAÇÕES DOS LOTES","SEDI - SERVIÇOS DIVERSOS",null,"UN",1,1273.81,1273.81]
["Composição Auxiliar"," 73361 ","SINAPI","CONCRETO CICLOPICO FCK=10MPA 30% PEDRA DE MAO INCLUSIVE LANCAMENTO","SEDI - SERVIÇOS DIVERSOS",null,"m³",0.1628096,266.19,43.34]
["Composição Auxiliar"," 87905 ","SINAPI","CHAPISCO APLICADO EM ALVENARIA (COM PRESENÇA DE VÃOS) E ESTRUTURAS DE CONCRETO DE FACHADA, COM COLHER DE PEDREIRO.  ARGAMASSA TRAÇO 1:3 COM PREPARO EM BETONEIRA 400L. AF_06/2014","REVE - REVESTIMENTO E TRATAMENTO DE SUPERFÍCIES",null,"m²",9,5.04,45.36]
["Composição Auxiliar"," 89977 ","SINAPI","(COMPOSIÇÃO REPRESENTATIVA) DO SERVIÇO DE ALVENARIA DE VEDAÇÃO DE BLOCOS VAZADOS DE CERÂMICA DE 14X9X19CM (ESPESSURA 14CM, BLOCO DEITADO), PARA EDIFICAÇÃO HABITACIONAL UNIFAMILIAR (CASA) E EDIFICAÇÃO PÚBLICA PADRÃO. AF_12/2014","PARE - PAREDES/PAINEIS",null,"m²",4.2452569000000002,85.11,361.31]
["Composição Auxiliar"," 93358 ","SINAPI","ESCAVAÇÃO MANUAL DE VALA COM PROFUNDIDADE MENOR OU IGUAL A 1,30 M. AF_03/2016","MOVT - MOVIMENTO DE TERRA",null,"m³",0.3,44.97,13.49]
["Composição Auxiliar"," 98524 ","SINAPI","LIMPEZA MANUAL DE VEGETAÇÃO EM TERRENO COM ENXADA.AF_05/2018","URBA - URBANIZAÇÃO",null,"m²",3,1.86,5.58]
["Composição Auxiliar"," C0076 ","SEINFRA","ALVENARIA DE TIJOLO COMUM C/ARGAMASSA MISTA DE CAL HIDRATADA 1:2:8   ESP=10 cm","ALVENARIA DE ELEVAÇÃO",null,"m²",0.15,74.28,11.14]
["Composição Auxiliar"," C2477 ","SEINFRA","TINTA IMPERMEÁVEL MINERAL EM PÓ 3 DEMÃOS EM PAREDES EXTERNAS","PAREDES E FORROS",null,"m²",9,8.41,75.69]
["Composição Auxiliar"," C3121 ","SEINFRA","REBOCO C/ ARGAMASSA DE CIMENTO E AREIA PENEIRADA, TRAÇO 1:6","ARGAMASSAS PARA PAREDES INTERNAS E EXTERNAS",null,"m²",9,28.99,260.91000000000003]
["Composição Auxiliar"," 6457 ","ORSE","Concreto armado fck=15MPa fabricado na obra, adensado e lançado, para Uso Geral, com formas planas em compensado resinado 12mm (05 usos)","Conversão InfoWOrca",null,"m³",0.2,1229.31,245.86]
["Composição Auxiliar"," V37 ","Próprio","TAMPA EM CHAPA DE FERRO P/ PROTEÇÃO DA CAIXA DO REGISTRO 1.50X1.50M (M2)","SEDI - SERVIÇOS DIVERSOS",null,"UN",1,206,206]
["Insumo"," 00004718 ","SINAPI","PEDRA BRITADA N. 2 (19 A 38 MM) POSTO PEDREIRA/FORNECEDOR, SEM FRETE","Material",null,"m³",0.1232,41.61,5.13]
[{"$nulls":4},"MO sem LS =>",785.42,"LS =>",0.15,"MO com LS =>",785.57]
[{"$nulls":4},"Valor do BDI =>",351.31679800000001,null,"Valor com BDI =>",null,1625.13]
[]
[" 7.1 ","Código","Banco","Descrição","Tipo",null,"Und","Quant.","Valor Unit","Total"]
["Composição"," 97136 ","SINAPI","ASSENTAMENTO DE TUBO DE PVC DEFOFO OU PRFV OU RPVC PARA REDE DE ÁGUA, DN 250 MM, JUNTA ELÁSTICA INTEGRADA, INSTALADO EM LOCAL COM NÍVEL BAIXO DE INTERFERÊNCIAS (NÃO INCLUI FORNECIMENTO). AF_11/2017","ASTU - ASSENTAMENTO DE TUBOS E PECAS",null,"M",1,3.58,3.58]
["Composição Auxiliar"," 5678 ","SINAPI","RETROESCAVADEIRA SOBRE RODAS COM CARREGADEIRA, TRAÇÃO 4X4, POTÊNCIA LÍQ. 88 HP, CAÇAMBA CARREG. CAP. MÍN. 1 M3, CAÇAMBA RETRO CAP. 0,26 M3, PESO OPERACIONAL MÍN. 6.674 KG, PROFUNDIDADE ESCAVAÇÃO MÁX. 4,37 M - CHP DIURNO. AF_06/2014","CHOR - CUSTOS HORÁRIOS DE MÁQUINAS E EQUIPAMENTOS",null,"CHP",1.06E-2,68.14,0.72]
["Composição Auxiliar"," 5679 ","SINAPI","RETROESCAVADEIRA SOBRE RODAS COM CARREGADEIRA, TRAÇÃO 4X4, POTÊNCIA LÍQ. 88 HP, CAÇAMBA CARREG. CAP. MÍN. 1 M3, CAÇAMBA RETRO CAP. 0,26 M3, PESO OPERACIONAL MÍN. 6.674 KG, PROFUNDIDADE ESCAVAÇÃO MÁX. 4,37 M - CHI DIURNO. AF_06/2014","CHOR - CUSTOS HORÁRIOS DE MÁQUINAS E EQUIPAMENTOS",null,"CHI",2.0299999999999999E-2,31.11,0.63]
["Composição Auxiliar"," 88316 ","SINAPI","SERVENTE COM ENCARGOS COMPLEMENTARES","SEDI - SERVIÇOS DIVERSOS",null,"H",5.2417499999999999E-2,14.96,0.78]
["Composição Auxiliar"," 88246 ","SINAPI","ASSENTADOR DE TUBOS COM ENCARGOS COMPLEMENTARES","SEDI - SERVIÇOS DIVERSOS",null,"H",5.40034E-2,19.93,1.08]
["Insumo"," 00020078 ","SINAPI","PASTA LUBRIFICANTE PARA TUBOS E CONEXOES COM JUNTA ELASTICA (USO EM PVC, ACO, POLIETILENO E OUTROS) ( DE *400* G)","Material",null,"UN",2.4E-2,15.23,0.37]
[{"$nulls":4},"MO sem LS =>",2.39,"LS =>",0,"MO com LS =>",2.39]
[{"$nulls":4},"Valor do BDI =>",0.98736400000000002,null,"Valor com BDI =>",null,4.57]
[]
[" 7.2 ","Código","Banco","Descrição","Tipo",null,"Und","Quant.","Valor Unit","Total"]
["Composição"," 97135 ","SINAPI","ASSENTAMENTO DE TUBO DE PVC DEFOFO OU PRFV OU RPVC PARA REDE DE ÁGUA, DN 200 MM, JUNTA ELÁSTICA INTEGRADA, INSTALADO EM LOCAL COM NÍVEL BAIXO DE INTERFERÊNCIAS (NÃO INCLUI FORNECIMENTO). AF_11/2017","ASTU - ASSENTAMENTO DE TUBOS E PECAS",null,"M",1,2.91,2.91]
["Composição Auxiliar"," 5678 ","SINAPI","RETROESCAVADEIRA SOBRE RODAS COM CARREGADEIRA, TRAÇÃO 4X4, POTÊNCIA LÍQ. 88 HP, CAÇAMBA CARREG. CAP. MÍN. 1 M3, CAÇAMBA RETRO CAP. 0,26 M3, PESO OPERACIONAL MÍN. 6.674 KG, PROFUNDIDADE ESCAVAÇÃO MÁX. 4,37 M - CHP DIURNO. AF_06/2014","CHOR - CUSTOS HORÁRIOS DE MÁQUINAS E EQUIPAMENTOS",null,"CHP",8.6E-3,68.14,0.59]
["Composição Auxiliar"," 5679 ","SINAPI","RETROESCAVADEIRA SOBRE RODAS COM CARREGADEIRA, TRAÇÃO 4X4, POTÊNCIA LÍQ. 88 HP, CAÇAMBA CARREG. CAP. MÍN. 1 M3, CAÇAMBA RETRO CAP. 0,26 M3, PESO OPERACIONAL MÍN. 6.674 KG, PROFUNDIDADE ESCAVAÇÃO MÁX. 4,37 M - CHI DIURNO. AF_06/2014","CHOR - CUSTOS HORÁRIOS DE MÁQUINAS E EQUIPAMENTOS",null,"CHI",1.6500000000000001E-2,31.11,0.51]
["Composição Auxiliar"," 88316 ","SINAPI","SERVENTE COM ENCARGOS COMPLEMENTARES","SEDI - SERVIÇOS DIVERSOS",null,"H",4.2654999999999998E-2,14.96,0.64]
["Composição Auxiliar"," 88246 ","SINAPI","ASSENTADOR DE TUBOS COM ENCARGOS COMPLEMENTARES","SEDI - SERVIÇOS DIVERSOS",null,"H",4.3702699999999997E-2,19.93,0.87]
["Insumo"," 00020078 ","SINAPI","PASTA LUBRIFICANTE PARA TUBOS E CONEXOES COM JUNTA ELASTICA (USO EM PVC, ACO, POLIETILENO E OUTROS) ( DE *400* G)","Material",null,"UN",1.95E-2,15.23,0.3]
[{"$nulls":4},"MO sem LS =>",1.94,"LS =>",0,"MO com LS =>",1.94]
[{"$nulls":4},"Valor do BDI =>",0.80257800000000001,null,"Valor com BDI =>",null,3.71]
[]
[" 7.3 ","Código","Banco","Descrição","Tipo",null,"Und","Quant.","Valor Unit","Total"]
["Composição"," 97134 ","SINAPI","ASSENTAMENTO DE TUBO DE PVC DEFOFO OU PRFV OU RPVC PARA REDE DE ÁGUA, DN 150 MM, JUNTA ELÁSTICA INTEGRADA, INSTALADO EM LOCAL COM NÍVEL BAIXO DE INTERFERÊNCIAS (NÃO INCLUI FORNECIMENTO). AF_11/2017","ASTU - ASSENTAMENTO DE TUBOS E PECAS",null,"M",1,1.39,1.39]
["Composição Auxiliar"," 88316 ","SINAPI","SERVENTE COM ENCARGOS COMPLEMENTARES","SEDI - SERVIÇOS DIVERSOS",null,"H",3.2709099999999998E-2,14.96,0.49]
["Composição Auxiliar"," 88246 ","SINAPI","ASSENTADOR DE TUBOS COM ENCARGOS COMPLEMENTARES","SEDI - SERVIÇOS DIVERSOS",null,"H",3.3756800000000003E-2,19.93,0.67]
["Insumo"," 00020078 ","SINAPI","PASTA LUBRIFICANTE PARA TUBOS E CONEXOES COM JUNTA ELASTICA (USO EM PVC, ACO, POLIETILENO E OUTROS) ( DE *400* G)","Material",null,"UN",1.5100000000000001E-2,15.23,0.23]
[{"$nulls":4},"MO sem LS =>",1.1599999999999999,"LS =>",0,"MO com LS =>",1.1599999999999999]
[{"$nulls":4},"Valor do BDI =>",0.38336199999999998,null,"Valor com BDI =>",null,1.77]
[]
[" 7.4 ","Código","Banco","Descrição","Tipo",null,"Und","Quant.","Valor Unit","Total"]
["Composição"," 97137 ","SINAPI","ASSENTAMENTO DE TUBO DE PVC DEFOFO OU PRFV OU RPVC PARA REDE DE ÁGUA, DN 300 MM, JUNTA ELÁSTICA INTEGRADA, INSTALADO EM LOCAL COM NÍVEL BAIXO DE INTERFERÊNCIAS (NÃO INCLUI FORNECIMENTO). AF_11/2017","ASTU - ASSENTAMENTO DE TUBOS E PECAS",null,"M",1,4.24,4.24]
["Composição Auxiliar"," 5678 ","SINAPI","RETROESCAVADEIRA SOBRE RODAS COM CARREGADEIRA, TRAÇÃO 4X4, POTÊNCIA LÍQ. 88 HP, CAÇAMBA CARREG. CAP. MÍN. 1 M3, CAÇAMBA RETRO CAP. 0,26 M3, PESO OPERACIONAL MÍN. 6.674 KG, PROFUNDIDADE ESCAVAÇÃO MÁX. 4,37 M - CHP DIURNO. AF_06/2014","CHOR - CUSTOS HORÁRIOS DE MÁQUINAS E EQUIPAMENTOS",null,"CHP",1.26E-2,68.14,0.86]
["Composição Auxiliar"," 5679 ","SINAPI","RETROESCAVADEIRA SOBRE RODAS COM CARREGADEIRA, TRAÇÃO 4X4, POTÊNCIA LÍQ. 88 HP, CAÇAMBA CARREG. CAP. MÍN. 1 M3, CAÇAMBA RETRO CAP. 0,26 M3, PESO OPERACIONAL MÍN. 6.674 KG, PROFUNDIDADE ESCAVAÇÃO MÁX. 4,37 M - CHI DIURNO. AF_06/2014","CHOR - CUSTOS HORÁRIOS DE MÁQUINAS E EQUIPAMENTOS",null,"CHI",2.41E-2,31.11,0.75]
["Composição Auxiliar"," 88316 ","SINAPI","SERVENTE COM ENCARGOS COMPLEMENTARES","SEDI - SERVIÇOS DIVERSOS",null,"H",6.2150799999999999E-2,14.96,0.93]
["Composição Auxiliar"," 88246 ","SINAPI","ASSENTADOR DE TUBOS COM ENCARGOS COMPLEMENTARES","SEDI - SERVIÇOS DIVERSOS",null,"H",6.3722299999999996E-2,19.93,1.27]
["Insumo"," 00020078 ","SINAPI","PASTA LUBRIFICANTE PARA TUBOS E CONEXOES COM JUNTA ELASTICA (USO EM PVC, ACO, POLIETILENO E OUTROS) ( DE *400* G)","Material",null,"UN",2.8400000000000002E-2,15.23,0.43]
[{"$nulls":4},"MO sem LS =>",2.83,"LS =>",0,"MO com LS =>",2.83]
[{"$nulls":4},"Valor do BDI =>",1.169392,null,"Valor com BDI =>",null,5.41]
[]
[" 7.5 ","Código","Banco","Descrição","Tipo",null,"Und","Quant.","Valor Unit","Total"]
["Composição"," 5282 ","ORSE","Assentamento de conexões em ferro fundido, junta elástica, diam.=   100 mm","Assentamento/Montagem de Tubos e Conexões",null,"un",1,2.7,2.7]
["Composição Auxiliar"," 88267 ","SINAPI","ENCANADOR OU BOMBEIRO HIDRÁULICO COM ENCARGOS COMPLEMENTARES","SEDI - SERVIÇOS DIVERSOS",null,"H",4.2985500000000003E-2,18.97,0.82]
["Composição Auxiliar"," 90776 ","SINAPI","ENCARREGADO GERAL COM ENCARGOS COMPLEMENTARES","SEDI - SERVIÇOS DIVERSOS",null,"H",1.43546E-2,24.16,0.35]
["Composição Auxiliar"," 88316 ","SINAPI","SERVENTE COM ENCARGOS COMPLEMENTARES","SEDI - SERVIÇOS DIVERSOS",null,"H",8.1412700000000005E-2,14.96,1.22]
["Insumo"," 00004229 ","SINAPI","GRAXA LUBRIFICANTE","Material",null,"KG",1.2999999999999999E-2,23.95,0.31]
[{"$nulls":4},"MO sem LS =>",2.38,"LS =>",0.01,"MO com LS =>",2.39]
[{"$nulls":4},"Valor do BDI =>",0.74465999999999999,null,"Valor com BDI =>",null,3.44]
[]
[" 7.6 ","Código","Banco","Descrição","Tipo",null,"Und","Quant.","Valor Unit","Total"]
["Composição"," 5283 ","ORSE","Assentamento de conexões em ferro fundido, junta elástica, diam.=   150 mm","Assentamento/Montagem de Tubos e Conexões",null,"un",1,9.85,9.85]
["Composição Auxiliar"," 88267 ","SINAPI","ENCANADOR OU BOMBEIRO HIDRÁULICO COM ENCARGOS COMPLEMENTARES","SEDI - SERVIÇOS DIVERSOS",null,"H",0.15662960000000001,18.97,2.97]
["Composição Auxiliar"," 90776 ","SINAPI","ENCARREGADO GERAL COM ENCARGOS COMPLEMENTARES","SEDI - SERVIÇOS DIVERSOS",null,"H",5.6316100000000001E-2,24.16,1.36]
["Composição Auxiliar"," 88316 ","SINAPI","SERVENTE COM ENCARGOS COMPLEMENTARES","SEDI - SERVIÇOS DIVERSOS",null,"H",0.33805249999999998,14.96,5.0599999999999996]
["Insumo"," 2497 ","ORSE","Tirfor 1,6 t - 20m de cabo","Equipamento",null,"h",0.2167,0.21,0.05]
["Insumo"," 00004229 ","SINAPI","GRAXA LUBRIFICANTE","Material",null,"KG",1.7000000000000001E-2,23.95,0.41]
[{"$nulls":4},"MO sem LS =>",9.39,"LS =>",0,"MO com LS =>",9.39]
[{"$nulls":4},"Valor do BDI =>",2.7166299999999999,null,"Valor com BDI =>",null,12.57]
[]
[" 7.7 ","Código","Banco","Descrição","Tipo",null,"Und","Quant.","Valor Unit","Total"]
["Composição"," 5284 ","ORSE","Assentamento de conexões em ferro fundido, junta elástica, diam.=   200 mm","Assentamento/Montagem de Tubos e Conexões",null,"un",1,12.69,12.69]
["Composição Auxiliar"," 88267 ","SINAPI","ENCANADOR OU BOMBEIRO HIDRÁULICO COM ENCARGOS COMPLEMENTARES","SEDI - SERVIÇOS DIVERSOS",null,"H",0.21829889999999999,18.97,4.1399999999999997]
["Composição Auxiliar"," 90776 ","SINAPI","ENCARREGADO GERAL COM ENCARGOS COMPLEMENTARES","SEDI - SERVIÇOS DIVERSOS",null,"H",7.2792200000000001E-2,24.16,1.76]
["Composição Auxiliar"," 88316 ","SINAPI","SERVENTE COM ENCARGOS COMPLEMENTARES","SEDI - SERVIÇOS DIVERSOS",null,"H",0.41675570000000001,14.96,6.23]
["Insumo"," 2497 ","ORSE","Tirfor 1,6 t - 20m de cabo","Equipamento",null,"h",0.27950000000000003,0.21,0.06]
["Insumo"," 00004229 ","SINAPI","GRAXA LUBRIFICANTE","Material",null,"KG",2.0899999999999998E-2,23.95,0.5]
[{"$nulls":4},"MO sem LS =>",12.13,"LS =>",0,"MO com LS =>",12.13]
[{"$nulls":4},"Valor do BDI =>",3.4999020000000001,null,"Valor com BDI =>",null,16.190000000000001]
[]
[" 7.8 ","Código","Banco","Descrição","Tipo",null,"Und","Quant.","Valor Unit","Total"]
["Composição"," 5285 ","ORSE","Assentamento de conexões em ferro fundido, junta elástica, diam.=   250 mm","Assentamento/Montagem de Tubos e Conexões",null,"un",1,14.16,14.16]
["Composição Auxiliar"," 88267 ","SINAPI","ENCANADOR OU BOMBEIRO HIDRÁULICO COM ENCARGOS COMPLEMENTARES","SEDI - SERVIÇOS DIVERSOS",null,"H",0.2419202,18.97,4.59]
["Composição Auxiliar"," 90776 ","SINAPI","ENCARREGADO GERAL COM ENCARGOS COMPLEMENTARES","SEDI - SERVIÇOS DIVERSOS",null,"H",8.0640100000000006E-2,24.16,1.95]
["Composição Auxiliar"," 88316 ","SINAPI","SERVENTE COM ENCARGOS COMPLEMENTARES","SEDI - SERVIÇOS DIVERSOS",null,"H",0.46131539999999999,14.96,6.9]
["Insumo"," 2497 ","ORSE","Tirfor 1,6 t - 20m de cabo","Equipamento",null,"h",0.30990000000000001,0.21,7.0000000000000007E-2]
["Insumo"," 00004229 ","SINAPI","GRAXA LUBRIFICANTE","Material",null,"KG",2.7300000000000001E-2,23.95,0.65]
[{"$nulls":4},"MO sem LS =>",13.44,"LS =>",0,"MO com LS =>",13.44]
[{"$nulls":4},"Valor do BDI =>",3.9053279999999999,null,"Valor com BDI =>",null,18.07]
[]
[" 7.9 ","Código","Banco","Descrição","Tipo",null,"Und","Quant.","Valor Unit","Total"]
["Composição"," 5286 ","ORSE","Assentamento de conexões em ferro fundido, junta elástica, diam.=   300 mm","Assentamento/Montagem de Tubos e Conexões",null,"un",1,18.39,18.39]
["Composição Auxiliar"," 88267 ","SINAPI","ENCANADOR OU BOMBEIRO HIDRÁULICO COM ENCARGOS COMPLEMENTARES","SEDI - SERVIÇOS DIVERSOS",null,"H",0.16312560000000001,18.97,3.09]
["Composição Auxiliar"," 90776 ","SINAPI","ENCARREGADO GERAL COM ENCARGOS COMPLEMENTARES","SEDI - SERVIÇOS DIVERSOS",null,"H",5.8533399999999999E-2,24.16,1.41]
["Composição Auxiliar"," 88316 ","SINAPI","SERVENTE COM ENCARGOS COMPLEMENTARES","SEDI - SERVIÇOS DIVERSOS",null,"H",0.35104439999999998,14.96,5.25]
["Composição Auxiliar"," 93402 ","SINAPI","GUINDAUTO HIDRÁULICO, CAPACIDADE MÁXIMA DE CARGA 3300 KG, MOMENTO MÁXIMO DE CARGA 5,8 TM, ALCANCE MÁXIMO HORIZONTAL 7,60 M, INCLUSIVE CAMINHÃO TOCO PBT 16.000 KG, POTÊNCIA DE 189 CV - CHP DIURNO. AF_03/2016","CHOR - CUSTOS HORÁRIOS DE MÁQUINAS E EQUIPAMENTOS",null,"CHP",7.4899999999999994E-2,103.8,7.77]
["Insumo"," 2498 ","ORSE","Tirfor 3,2 t - 20m de cabo","Equipamento",null,"h",0.22459999999999999,0.32,7.0000000000000007E-2]
["Insumo"," 00004229 ","SINAPI","GRAXA LUBRIFICANTE","Material",null,"KG",3.3300000000000003E-2,23.95,0.8]
[{"$nulls":4},"MO sem LS =>",10.98,"LS =>",0,"MO com LS =>",10.98]
[{"$nulls":4},"Valor do BDI =>",5.0719620000000001,null,"Valor com BDI =>",null,23.46]
[]
[" 7.10 ","Código","Banco","Descrição","Tipo",null,"Und","Quant.","Valor Unit","Total"]
["Composição"," 5287 ","ORSE","Assentamento de conexões em ferro fundido, junta elástica, diam.=   350 mm","Assentamento/Montagem de Tubos e Conexões",null,"un",1,19.93,19.93]
["Composição Auxiliar"," 88267 ","SINAPI","ENCANADOR OU BOMBEIRO HIDRÁULICO COM ENCARGOS COMPLEMENTARES","SEDI - SERVIÇOS DIVERSOS",null,"H",0.18915000000000001,18.97,3.59]
["Composição Auxiliar"," 90776 ","SINAPI","ENCARREGADO GERAL COM ENCARGOS COMPLEMENTARES","SEDI - SERVIÇOS DIVERSOS",null,"H",6.3075900000000004E-2,24.16,1.52]
["Composição Auxiliar"," 88316 ","SINAPI","SERVENTE COM ENCARGOS COMPLEMENTARES","SEDI - SERVIÇOS DIVERSOS",null,"H",0.3610138,14.96,5.4]
["Composição Auxiliar"," 93402 ","SINAPI","GUINDAUTO HIDRÁULICO, CAPACIDADE MÁXIMA DE CARGA 3300 KG, MOMENTO MÁXIMO DE CARGA 5,8 TM, ALCANCE MÁXIMO HORIZONTAL 7,60 M, INCLUSIVE CAMINHÃO TOCO PBT 16.000 KG, POTÊNCIA DE 189 CV - CHP DIURNO. AF_03/2016","CHOR - CUSTOS HORÁRIOS DE MÁQUINAS E EQUIPAMENTOS",null,"CHP",8.09E-2,103.8,8.4]
["Insumo"," 2498 ","ORSE","Tirfor 3,2 t - 20m de cabo","Equipamento",null,"h",0.24260000000000001,0.32,0.08]
["Insumo"," 00004229 ","SINAPI","GRAXA LUBRIFICANTE","Material",null,"KG",3.9100000000000003E-2,23.95,0.94]
[{"$nulls":4},"MO sem LS =>",11.84,"LS =>",0,"MO com LS =>",11.84]
[{"$nulls":4},"Valor do BDI =>",5.4966939999999997,null,"Valor com BDI =>",null,25.43]
[]
[" 7.11 ","Código","Banco","Descrição","Tipo",null,"Und","Quant.","Valor Unit","Total"]
["Composição"," 5288 ","ORSE","Assentamento de conexões em ferro fundido, junta elástica, diam.=   400 mm","Assentamento/Montagem de Tubos e Conexões",null,"un",1,21.6,21.6]
["Composição Auxiliar"," 88267 ","SINAPI","ENCANADOR OU BOMBEIRO HIDRÁULICO COM ENCARGOS COMPLEMENTARES","SEDI - SERVIÇOS DIVERSOS",null,"H",0.1997806,18.97,3.79]
["Composição Auxiliar"," 90776 ","SINAPI","ENCARREGADO GERAL COM ENCARGOS COMPLEMENTARES","SEDI - SERVIÇOS DIVERSOS",null,"H",6.6568100000000005E-2,24.16,1.61]
["Composição Auxiliar"," 88316 ","SINAPI","SERVENTE COM ENCARGOS COMPLEMENTARES","SEDI - SERVIÇOS DIVERSOS",null,"H",0.3995609,14.96,5.98]
["Composição Auxiliar"," 93402 ","SINAPI","GUINDAUTO HIDRÁULICO, CAPACIDADE MÁXIMA DE CARGA 3300 KG, MOMENTO MÁXIMO DE CARGA 5,8 TM, ALCANCE MÁXIMO HORIZONTAL 7,60 M, INCLUSIVE CAMINHÃO TOCO PBT 16.000 KG, POTÊNCIA DE 189 CV - CHP DIURNO. AF_03/2016","CHOR - CUSTOS HORÁRIOS DE MÁQUINAS E EQUIPAMENTOS",null,"CHP",8.7300000000000003E-2,103.8,9.06]
["Insumo"," 2498 ","ORSE","Tirfor 3,2 t - 20m de cabo","Equipamento",null,"h",0.26200000000000001,0.32,0.08]
["Insumo"," 00004229 ","SINAPI","GRAXA LUBRIFICANTE","Material",null,"KG",4.4999999999999998E-2,23.95,1.08]
[{"$nulls":4},"MO sem LS =>",12.81,"LS =>",0,"MO com LS =>",12.81]
[{"$nulls":4},"Valor do BDI =>",5.9572799999999999,null,"Valor com BDI =>",null,27.56]
[]
[" 7.12 ","Código","Banco","Descrição","Tipo",null,"Und","Quant.","Valor Unit","Total"]
["Composição"," 5289 ","ORSE","Assentamento de conexões em ferro fundido, junta elástica, diam.=   450 mm","Assentamento/Montagem de Tubos e Conexões",null,"un",1,23.43,23.43]
["Composição Auxiliar"," 88267 ","SINAPI","ENCANADOR OU BOMBEIRO HIDRÁULICO COM ENCARGOS COMPLEMENTARES","SEDI - SERVIÇOS DIVERSOS",null,"H",0.2052378,18.97,3.89]
["Composição Auxiliar"," 90776 ","SINAPI","ENCARREGADO GERAL COM ENCARGOS COMPLEMENTARES","SEDI - SERVIÇOS DIVERSOS",null,"H",7.36208E-2,24.16,1.78]
["Composição Auxiliar"," 88316 ","SINAPI","SERVENTE COM ENCARGOS COMPLEMENTARES","SEDI - SERVIÇOS DIVERSOS",null,"H",0.44188100000000002,14.96,6.61]
["Composição Auxiliar"," 93402 ","SINAPI","GUINDAUTO HIDRÁULICO, CAPACIDADE MÁXIMA DE CARGA 3300 KG, MOMENTO MÁXIMO DE CARGA 5,8 TM, ALCANCE MÁXIMO HORIZONTAL 7,60 M, INCLUSIVE CAMINHÃO TOCO PBT 16.000 KG, POTÊNCIA DE 189 CV - CHP DIURNO. AF_03/2016","CHOR - CUSTOS HORÁRIOS DE MÁQUINAS E EQUIPAMENTOS",null,"CHP",9.4299999999999995E-2,103.8,9.7899999999999991]
["Insumo"," 2498 ","ORSE","Tirfor 3,2 t - 20m de cabo","Equipamento",null,"h",0.28299999999999997,0.32,0.09]
["Insumo"," 00004229 ","SINAPI","GRAXA LUBRIFICANTE","Material",null,"KG",5.2900000000000003E-2,23.95,1.27]
[{"$nulls":4},"MO sem LS =>",13.83,"LS =>",0,"MO com LS =>",13.83]
[{"$nulls":4},"Valor do BDI =>",6.4619939999999998,null,"Valor com BDI =>",null,29.89]
[]
[" 7.13 ","Código","Banco","Descrição","Tipo",null,"Und","Quant.","Valor Unit","Total"]
["Composição"," 5290 ","ORSE","Assentamento de conexões em ferro fundido, junta elástica, diam.=   500 mm","Assentamento/Montagem de Tubos e Conexões",null,"un",1,25.38,25.38]
["Composição Auxiliar"," 88267 ","SINAPI","ENCANADOR OU BOMBEIRO HIDRÁULICO COM ENCARGOS COMPLEMENTARES","SEDI - SERVIÇOS DIVERSOS",null,"H",0.22125520000000001,18.97,4.2]
["Composição Auxiliar"," 90776 ","SINAPI","ENCARREGADO GERAL COM ENCARGOS COMPLEMENTARES","SEDI - SERVIÇOS DIVERSOS",null,"H",7.9562900000000006E-2,24.16,1.92]
["Composição Auxiliar"," 88316 ","SINAPI","SERVENTE COM ENCARGOS COMPLEMENTARES","SEDI - SERVIÇOS DIVERSOS",null,"H",0.47722110000000001,14.96,7.14]
["Composição Auxiliar"," 93402 ","SINAPI","GUINDAUTO HIDRÁULICO, CAPACIDADE MÁXIMA DE CARGA 3300 KG, MOMENTO MÁXIMO DE CARGA 5,8 TM, ALCANCE MÁXIMO HORIZONTAL 7,60 M, INCLUSIVE CAMINHÃO TOCO PBT 16.000 KG, POTÊNCIA DE 189 CV - CHP DIURNO. AF_03/2016","CHOR - CUSTOS HORÁRIOS DE MÁQUINAS E EQUIPAMENTOS",null,"CHP",0.1019,103.8,10.58]
["Insumo"," 2498 ","ORSE","Tirfor 3,2 t - 20m de cabo","Equipamento",null,"h",0.30559999999999998,0.32,0.1]
["Insumo"," 00004229 ","SINAPI","GRAXA LUBRIFICANTE","Material",null,"KG",0.06,23.95,1.44]
[{"$nulls":4},"MO sem LS =>",14.93,"LS =>",0,"MO com LS =>",14.93]
[{"$nulls":4},"Valor do BDI =>",6.9998040000000001,null,"Valor com BDI =>",null,32.380000000000003]
[]
[" 7.14 ","Código","Banco","Descrição","Tipo",null,"Und","Quant.","Valor Unit","Total"]
["Composição"," 5291 ","ORSE","Assentamento de conexões em ferro fundido, junta elástica, diam.=   600 mm","Assentamento/Montagem de Tubos e Conexões",null,"un",1,35.14,35.14]
["Composição Auxiliar"," 88267 ","SINAPI","ENCANADOR OU BOMBEIRO HIDRÁULICO COM ENCARGOS COMPLEMENTARES","SEDI - SERVIÇOS DIVERSOS",null,"H",0.25754250000000001,18.97,4.8899999999999997]
["Composição Auxiliar"," 90776 ","SINAPI","ENCARREGADO GERAL COM ENCARGOS COMPLEMENTARES","SEDI - SERVIÇOS DIVERSOS",null,"H",8.5847499999999993E-2,24.16,2.0699999999999998]
["Composição Auxiliar"," 88316 ","SINAPI","SERVENTE COM ENCARGOS COMPLEMENTARES","SEDI - SERVIÇOS DIVERSOS",null,"H",0.99297780000000002,14.96,14.85]
["Composição Auxiliar"," 93402 ","SINAPI","GUINDAUTO HIDRÁULICO, CAPACIDADE MÁXIMA DE CARGA 3300 KG, MOMENTO MÁXIMO DE CARGA 5,8 TM, ALCANCE MÁXIMO HORIZONTAL 7,60 M, INCLUSIVE CAMINHÃO TOCO PBT 16.000 KG, POTÊNCIA DE 189 CV - CHP DIURNO. AF_03/2016","CHOR - CUSTOS HORÁRIOS DE MÁQUINAS E EQUIPAMENTOS",null,"CHP",0.11,103.8,11.42]
["Insumo"," 2498 ","ORSE","Tirfor 3,2 t - 20m de cabo","Equipamento",null,"h",0.33,0.32,0.11]
["Insumo"," 00004229 ","SINAPI","GRAXA LUBRIFICANTE","Material",null,"KG",7.4999999999999997E-2,23.95,1.8]
[{"$nulls":4},"MO sem LS =>",23.61,"LS =>",0,"MO com LS =>",23.61]
[{"$nulls":4},"Valor do BDI =>",9.6916119999999992,null,"Valor com BDI =>",null,44.83]
[]
[" 7.15 ","Código","Banco","Descrição","Tipo",null,"Und","Quant.","Valor Unit","Total"]
["Composição"," 5296 ","ORSE","Assentamento de conexões em ferro fundido, junta elástica, diam.= 1200 mm","Assentamento/Montagem de Tubos e Conexões",null,"un",1,93.95,93.95]
["Composição Auxiliar"," 88267 ","SINAPI","ENCANADOR OU BOMBEIRO HIDRÁULICO COM ENCARGOS COMPLEMENTARES","SEDI - SERVIÇOS DIVERSOS",null,"H",0.69034200000000001,18.97,13.1]
["Composição Auxiliar"," 90776 ","SINAPI","ENCARREGADO GERAL COM ENCARGOS COMPLEMENTARES","SEDI - SERVIÇOS DIVERSOS",null,"H",0.23014009999999999,24.16,5.56]
["Composição Auxiliar"," 88316 ","SINAPI","SERVENTE COM ENCARGOS COMPLEMENTARES","SEDI - SERVIÇOS DIVERSOS",null,"H",2.6613148,14.96,39.81]
["Composição Auxiliar"," 93402 ","SINAPI","GUINDAUTO HIDRÁULICO, CAPACIDADE MÁXIMA DE CARGA 3300 KG, MOMENTO MÁXIMO DE CARGA 5,8 TM, ALCANCE MÁXIMO HORIZONTAL 7,60 M, INCLUSIVE CAMINHÃO TOCO PBT 16.000 KG, POTÊNCIA DE 189 CV - CHP DIURNO. AF_03/2016","CHOR - CUSTOS HORÁRIOS DE MÁQUINAS E EQUIPAMENTOS",null,"CHP",0.29480000000000001,103.8,30.6]
["Insumo"," 2498 ","ORSE","Tirfor 3,2 t - 20m de cabo","Equipamento",null,"h",1.7685999999999999,0.32,0.56999999999999995]
["Insumo"," 00004229 ","SINAPI","GRAXA LUBRIFICANTE","Material",null,"KG",0.18,23.95,4.3099999999999996]
[{"$nulls":4},"MO sem LS =>",63.3,"LS =>",0,"MO com LS =>",63.3]
[{"$nulls":4},"Valor do BDI =>",25.91141,null,"Valor com BDI =>",null,119.86]
[]
[" 7.16 ","Código","Banco","Descrição","Tipo",null,"Und","Quant.","Valor Unit","Total"]
["Composição"," 6011 ","ORSE","Assentamento de registro de gaveta em ferro fundido com bolsas, diam. =   50mm a 150mm","Assentamento de Registros",null,"un",1,5.01,5.01]
["Composição Auxiliar"," 88267 ","SINAPI","ENCANADOR OU BOMBEIRO HIDRÁULICO COM ENCARGOS COMPLEMENTARES","SEDI - SERVIÇOS DIVERSOS",null,"H",8.2294199999999998E-2,18.97,1.56]
["Composição Auxiliar"," 90776 ","SINAPI","ENCARREGADO GERAL COM ENCARGOS COMPLEMENTARES","SEDI - SERVIÇOS DIVERSOS",null,"H",2.7483299999999999E-2,24.16,0.66]
["Composição Auxiliar"," 88316 ","SINAPI","SERVENTE COM ENCARGOS COMPLEMENTARES","SEDI - SERVIÇOS DIVERSOS",null,"H",0.15780739999999999,14.96,2.36]
["Insumo"," 2497 ","ORSE","Tirfor 1,6 t - 20m de cabo","Equipamento",null,"h",0.1057,0.21,0.02]
["Insumo"," 00004229 ","SINAPI","GRAXA LUBRIFICANTE","Material",null,"KG",1.7000000000000001E-2,23.95,0.41]
[{"$nulls":4},"MO sem LS =>",4.58,"LS =>",0,"MO com LS =>",4.58]
[{"$nulls":4},"Valor do BDI =>",1.381758,null,"Valor com BDI =>",null,6.39]
[]
[" 7.17 ","Código","Banco","Descrição","Tipo",null,"Und","Quant.","Valor Unit","Total"]
["Composição"," 6012 ","ORSE","Assentamento de registro de gaveta em ferro fundido com bolsas, diam. =  200mm a 300mm","Assentamento de Registros",null,"un",1,10.59,10.59]
["Composição Auxiliar"," 88267 ","SINAPI","ENCANADOR OU BOMBEIRO HIDRÁULICO COM ENCARGOS COMPLEMENTARES","SEDI - SERVIÇOS DIVERSOS",null,"H",9.7500900000000001E-2,18.97,1.85]
["Composição Auxiliar"," 90776 ","SINAPI","ENCARREGADO GERAL COM ENCARGOS COMPLEMENTARES","SEDI - SERVIÇOS DIVERSOS",null,"H",3.2526399999999997E-2,24.16,0.79]
["Composição Auxiliar"," 88316 ","SINAPI","SERVENTE COM ENCARGOS COMPLEMENTARES","SEDI - SERVIÇOS DIVERSOS",null,"H",0.1860967,14.96,2.78]
["Composição Auxiliar"," 93402 ","SINAPI","GUINDAUTO HIDRÁULICO, CAPACIDADE MÁXIMA DE CARGA 3300 KG, MOMENTO MÁXIMO DE CARGA 5,8 TM, ALCANCE MÁXIMO HORIZONTAL 7,60 M, INCLUSIVE CAMINHÃO TOCO PBT 16.000 KG, POTÊNCIA DE 189 CV - CHP DIURNO. AF_03/2016","CHOR - CUSTOS HORÁRIOS DE MÁQUINAS E EQUIPAMENTOS",null,"CHP",4.1700000000000001E-2,103.8,4.33]
["Insumo"," 2498 ","ORSE","Tirfor 3,2 t - 20m de cabo","Equipamento",null,"h",0.125,0.32,0.04]
["Insumo"," 00004229 ","SINAPI","GRAXA LUBRIFICANTE","Material",null,"KG",3.3300000000000003E-2,23.95,0.8]
[{"$nulls":4},"MO sem LS =>",6.1,"LS =>",0,"MO com LS =>",6.1]
[{"$nulls":4},"Valor do BDI =>",2.920722,null,"Valor com BDI =>",null,13.51]
[]
[" 7.18 ","Código","Banco","Descrição","Tipo",null,"Und","Quant.","Valor Unit","Total"]
["Composição"," 6013 ","ORSE","Assentamento de registro de gaveta em ferro fundido com bolsas, diam. =  350mm a 450mm","Assentamento de Registros",null,"un",1,13.31,13.31]
["Composição Auxiliar"," 88316 ","SINAPI","SERVENTE COM ENCARGOS COMPLEMENTARES","SEDI - SERVIÇOS DIVERSOS",null,"H",0.2289081,14.96,3.42]
["Composição Auxiliar"," 88267 ","SINAPI","ENCANADOR OU BOMBEIRO HIDRÁULICO COM ENCARGOS COMPLEMENTARES","SEDI - SERVIÇOS DIVERSOS",null,"H",0.1199542,18.97,2.2799999999999998]
["Composição Auxiliar"," 90776 ","SINAPI","ENCARREGADO GERAL COM ENCARGOS COMPLEMENTARES","SEDI - SERVIÇOS DIVERSOS",null,"H",4.0010799999999999E-2,24.16,0.97]
["Composição Auxiliar"," 93402 ","SINAPI","GUINDAUTO HIDRÁULICO, CAPACIDADE MÁXIMA DE CARGA 3300 KG, MOMENTO MÁXIMO DE CARGA 5,8 TM, ALCANCE MÁXIMO HORIZONTAL 7,60 M, INCLUSIVE CAMINHÃO TOCO PBT 16.000 KG, POTÊNCIA DE 189 CV - CHP DIURNO. AF_03/2016","CHOR - CUSTOS HORÁRIOS DE MÁQUINAS E EQUIPAMENTOS",null,"CHP",5.1299999999999998E-2,103.8,5.32]
["Insumo"," 2498 ","ORSE","Tirfor 3,2 t - 20m de cabo","Equipamento",null,"h",0.15379999999999999,0.32,0.05]
["Insumo"," 00004229 ","SINAPI","GRAXA LUBRIFICANTE","Material",null,"KG",5.2900000000000003E-2,23.95,1.27]
[{"$nulls":4},"MO sem LS =>",7.51,"LS =>",0,"MO com LS =>",7.51]
[{"$nulls":4},"Valor do BDI =>",3.6708980000000002,null,"Valor com BDI =>",null,16.98]
[]
[" 7.19 ","Código","Banco","Descrição","Tipo",null,"Und","Quant.","Valor Unit","Total"]
["Composição"," 6014 ","ORSE","Assentamento de registro de gaveta em ferro fundido com bolsas, diam. =  500mm a 600mm","Assentamento de Registros",null,"un",1,20.170000000000002,20.170000000000002]
["Composição Auxiliar"," 88267 ","SINAPI","ENCANADOR OU BOMBEIRO HIDRÁULICO COM ENCARGOS COMPLEMENTARES","SEDI - SERVIÇOS DIVERSOS",null,"H",0.1258003,18.97,2.39]
["Composição Auxiliar"," 90776 ","SINAPI","ENCARREGADO GERAL COM ENCARGOS COMPLEMENTARES","SEDI - SERVIÇOS DIVERSOS",null,"H",4.7305399999999997E-2,24.16,1.1399999999999999]
["Composição Auxiliar"," 88316 ","SINAPI","SERVENTE COM ENCARGOS COMPLEMENTARES","SEDI - SERVIÇOS DIVERSOS",null,"H",0.5676639,14.96,8.49]
["Composição Auxiliar"," 93402 ","SINAPI","GUINDAUTO HIDRÁULICO, CAPACIDADE MÁXIMA DE CARGA 3300 KG, MOMENTO MÁXIMO DE CARGA 5,8 TM, ALCANCE MÁXIMO HORIZONTAL 7,60 M, INCLUSIVE CAMINHÃO TOCO PBT 16.000 KG, POTÊNCIA DE 189 CV - CHP DIURNO. AF_03/2016","CHOR - CUSTOS HORÁRIOS DE MÁQUINAS E EQUIPAMENTOS",null,"CHP",6.0600000000000001E-2,103.8,6.29]
["Insumo"," 2498 ","ORSE","Tirfor 3,2 t - 20m de cabo","Equipamento",null,"h",0.18179999999999999,0.32,0.06]
["Insumo"," 00004229 ","SINAPI","GRAXA LUBRIFICANTE","Material",null,"KG",7.4999999999999997E-2,23.95,1.8]
[{"$nulls":4},"MO sem LS =>",13.01,"LS =>",0,"MO com LS =>",13.01]
[{"$nulls":4},"Valor do BDI =>",5.5628859999999998,null,"Valor com BDI =>",null,25.73]
[]
[" 7.20 ","Código","Banco","Descrição","Tipo",null,"Und","Quant.","Valor Unit","Total"]
["Composição"," 90091 ","SINAPI","ESCAVAÇÃO MECÂNICA DE VALA EM MATERIAL DE 1ª E 2ª CATEGORIA","MOVT - MOVIMENTO DE TERRA",null,"m³",1,3.35,3.35]
["Composição Auxiliar"," 5631 ","SINAPI","ESCAVADEIRA HIDRÁULICA SOBRE ESTEIRAS, CAÇAMBA 0,80 M3, PESO OPERACIONAL 17 T, POTENCIA BRUTA 111 HP - CHP DIURNO. AF_06/2014","CHOR - CUSTOS HORÁRIOS DE MÁQUINAS E EQUIPAMENTOS",null,"CHP",2.1299999999999999E-2,90.39,1.93]
["Composição Auxiliar"," 5632 ","SINAPI","ESCAVADEIRA HIDRÁULICA SOBRE ESTEIRAS, CAÇAMBA 0,80 M3, PESO OPERACIONAL 17 T, POTENCIA BRUTA 111 HP - CHI DIURNO. AF_06/2014","CHOR - CUSTOS HORÁRIOS DE MÁQUINAS E EQUIPAMENTOS",null,"CHI",2.3099999999999999E-2,39.56,0.91]
["Composição Auxiliar"," 88316 ","SINAPI","SERVENTE COM ENCARGOS COMPLEMENTARES","SEDI - SERVIÇOS DIVERSOS",null,"H",3.41027E-2,14.96,0.51]
[{"$nulls":4},"MO sem LS =>",1.27,"LS =>",0.01,"MO com LS =>",1.28]
[{"$nulls":4},"Valor do BDI =>",0.92393000000000003,null,"Valor com BDI =>",null,4.2699999999999996]
[]
[" 7.21 ","Código","Banco","Descrição","Tipo",null,"Und","Quant.","Valor Unit","Total"]
["Composição"," 93382 ","SINAPI","REATERRO COM MALHO DE FERRO, MADEIRA OU VIBRADOR DE PLACA (MECÂNICO) TIPO SAPINHO","MOVT - MOVIMENTO DE TERRA",null,"m³",1,18.329999999999998,18.329999999999998]
["Composição Auxiliar"," 91534 ","SINAPI","COMPACTADOR DE SOLOS DE PERCUSSÃO (SOQUETE) COM MOTOR A GASOLINA 4 TEMPOS, POTÊNCIA 4 CV - CHI DIURNO. AF_08/2015","CHOR - CUSTOS HORÁRIOS DE MÁQUINAS E EQUIPAMENTOS",null,"CHI",0.254,16.91,4.3]
["Composição Auxiliar"," 91533 ","SINAPI","COMPACTADOR DE SOLOS DE PERCUSSÃO (SOQUETE) COM MOTOR A GASOLINA 4 TEMPOS, POTÊNCIA 4 CV - CHP DIURNO. AF_08/2015","CHOR - CUSTOS HORÁRIOS DE MÁQUINAS E EQUIPAMENTOS",null,"CHP",0.27400000000000002,20.85,5.71]
["Composição Auxiliar"," 95606 ","SINAPI","UMIDIFICAÇÃO DE MATERIAL PARA VALAS COM CAMINHÃO PIPA 10000L. AF_11/2016","MOVT - MOVIMENTO DE TERRA",null,"m³",1,0.94,0.94]
["Composição Auxiliar"," 88316 ","SINAPI","SERVENTE COM ENCARGOS COMPLEMENTARES","SEDI - SERVIÇOS DIVERSOS",null,"H",0.49321559999999998,14.96,7.38]
[{"$nulls":4},"MO sem LS =>",16.309999999999999,"LS =>",0,"MO com LS =>",16.309999999999999]
[{"$nulls":4},"Valor do BDI =>",5.0554139999999999,null,"Valor com BDI =>",null,23.39]
[]
[" 7.23 ","Código","Banco","Descrição","Tipo",null,"Und","Quant.","Valor Unit","Total"]
["Composição"," V38 ","Próprio","CAIXA EM ALVENARIA NAS DIMENSÕES EXTERNAS DE 1,3X1,3X0,70M,  ENTRE O RESERVATÓRIO E O CANAL DE DISTRIBUIÇAO, PARA PROTEÇÃO DE REGISTRO, INCLUINDO ESCAVAÇÃO,  FUNDO EM CONCRETO (E=10CM), PAREDES COM CH","ASTU - ASSENTAMENTO DE TUBOS E PECAS",null,"UN",1,688.08,688.08]
["Composição Auxiliar"," 87905 ","SINAPI","CHAPISCO APLICADO EM ALVENARIA (COM PRESENÇA DE VÃOS) E ESTRUTURAS DE CONCRETO DE FACHADA, COM COLHER DE PEDREIRO.  ARGAMASSA TRAÇO 1:3 COM PREPARO EM BETONEIRA 400L. AF_06/2014","REVE - REVESTIMENTO E TRATAMENTO DE SUPERFÍCIES",null,"m²",8.0111284999999999,5.04,40.380000000000003]
["Composição Auxiliar"," 89168 ","SINAPI","(COMPOSIÇÃO REPRESENTATIVA) DO SERVIÇO DE ALVENARIA DE VEDAÇÃO DE BLOCOS VAZADOS DE CERÂMICA DE 9X19X19CM (ESPESSURA 9CM), PARA EDIFICAÇÃO HABITACIONAL UNIFAMILIAR (CASA) E EDIFICAÇÃO PÚBLICA PADRÃO. AF_11/2014","PARE - PAREDES/PAINEIS",null,"m²",3.7783801000000001,50.61,191.22]
["Composição Auxiliar"," 94962 ","SINAPI","CONCRETO MAGRO PARA LASTRO, TRAÇO 1:4,5:4,5 (CIMENTO/ AREIA MÉDIA/ BRITA 1)  - PREPARO MECÂNICO COM BETONEIRA 400 L. AF_07/2016","FUES - FUNDAÇÕES E ESTRUTURAS",null,"m³",0.1,185.56,18.559999999999999]
["Composição Auxiliar"," C3121 ","SEINFRA","REBOCO C/ ARGAMASSA DE CIMENTO E AREIA PENEIRADA, TRAÇO 1:6","ARGAMASSAS PARA PAREDES INTERNAS E EXTERNAS",null,"m²",8,28.99,231.92]
["Composição Auxiliar"," V37 ","Próprio","TAMPA EM CHAPA DE FERRO P/ PROTEÇÃO DA CAIXA DO REGISTRO 1.50X1.50M (M2)","SEDI - SERVIÇOS DIVERSOS",null,"UN",1,206,206]
[{"$nulls":4},"MO sem LS =>",401.86,"LS =>",0.06,"MO com LS =>",401.92]
[{"$nulls":4},"Valor do BDI =>",189.77246400000001,null,"Valor com BDI =>",null,877.85]
[]
[" 8.1 ","Código","Banco","Descrição","Tipo",null,"Und","Quant.","Valor Unit","Total"]
["Composição"," 98525 ","SINAPI","LIMPEZA MECÂNICA DA FAIXA DE DOMÍNIO DA ESTRADA","URBA - URBANIZAÇÃO",null,"m²",1,0.2,0.2]
["Composição Auxiliar"," 89032 ","SINAPI","TRATOR DE ESTEIRAS, POTÊNCIA 100 HP, PESO OPERACIONAL 9,4 T, COM LÂMINA 2,19 M3 - CHP DIURNO. AF_06/2014","CHOR - CUSTOS HORÁRIOS DE MÁQUINAS E EQUIPAMENTOS",null,"CHP",6.9530000000000004E-4,82.24,0.06]
["Composição Auxiliar"," 89031 ","SINAPI","TRATOR DE ESTEIRAS, POTÊNCIA 100 HP, PESO OPERACIONAL 9,4 T, COM LÂMINA 2,19 M3 - CHI DIURNO. AF_06/2014","CHOR - CUSTOS HORÁRIOS DE MÁQUINAS E EQUIPAMENTOS",null,"CHI",2.3999999999999998E-3,33.71,0.08]
["Composição Auxiliar"," 88316 ","SINAPI","SERVENTE COM ENCARGOS COMPLEMENTARES","SEDI - SERVIÇOS DIVERSOS",null,"H",1.5049E-3,14.96,0.02]
["Composição Auxiliar"," 88441 ","SINAPI","JARDINEIRO COM ENCARGOS COMPLEMENTARES","SEDI - SERVIÇOS DIVERSOS",null,"H",2.0431E-3,18.2,0.04]
[{"$nulls":4},"MO sem LS =>",0.11,"LS =>",0,"MO com LS =>",0.11]
[{"$nulls":4},"Valor do BDI =>",0.05,null,"Valor com BDI =>",null,0.25]
[]
[" 8.2 ","Código","Banco","Descrição","Tipo",null,"Und","Quant.","Valor Unit","Total"]
["Composição"," 100576 ","SINAPI","REGULARIZAÇÃO DO SUB-LEITO DA ESTRADA","PAVI - PAVIMENTAÇÃO",null,"m²",1,1.1100000000000001,1.1100000000000001]
["Composição Auxiliar"," 5903 ","SINAPI","CAMINHÃO PIPA 10.000 L TRUCADO, PESO BRUTO TOTAL 23.000 KG, CARGA ÚTIL MÁXIMA 15.935 KG, DISTÂNCIA ENTRE EIXOS 4,8 M, POTÊNCIA 230 CV, INCLUSIVE TANQUE DE AÇO PARA TRANSPORTE DE ÁGUA - CHI DIURNO. AF_06/2014","CHOR - CUSTOS HORÁRIOS DE MÁQUINAS E EQUIPAMENTOS",null,"CHI",7.0000000000000001E-3,27.61,0.19]
["Composição Auxiliar"," 5932 ","SINAPI","MOTONIVELADORA POTÊNCIA BÁSICA LÍQUIDA (PRIMEIRA MARCHA) 125 HP, PESO BRUTO 13032 KG, LARGURA DA LÂMINA DE 3,7 M - CHP DIURNO. AF_06/2014","CHOR - CUSTOS HORÁRIOS DE MÁQUINAS E EQUIPAMENTOS",null,"CHP",1E-4,100.43,0.01]
["Composição Auxiliar"," 5934 ","SINAPI","MOTONIVELADORA POTÊNCIA BÁSICA LÍQUIDA (PRIMEIRA MARCHA) 125 HP, PESO BRUTO 13032 KG, LARGURA DA LÂMINA DE 3,7 M - CHI DIURNO. AF_06/2014","CHOR - CUSTOS HORÁRIOS DE MÁQUINAS E EQUIPAMENTOS",null,"CHI",8.0000000000000002E-3,39.14,0.31]
["Composição Auxiliar"," 5901 ","SINAPI","CAMINHÃO PIPA 10.000 L TRUCADO, PESO BRUTO TOTAL 23.000 KG, CARGA ÚTIL MÁXIMA 15.935 KG, DISTÂNCIA ENTRE EIXOS 4,8 M, POTÊNCIA 230 CV, INCLUSIVE TANQUE DE AÇO PARA TRANSPORTE DE ÁGUA - CHP DIURNO. AF_06/2014","CHOR - CUSTOS HORÁRIOS DE MÁQUINAS E EQUIPAMENTOS",null,"CHP",1E-3,124.87,0.12]
["Composição Auxiliar"," 73436 ","SINAPI","ROLO COMPACTADOR VIBRATÓRIO PÉ DE CARNEIRO PARA SOLOS, POTÊNCIA 80 HP, PESO OPERACIONAL SEM/COM LASTRO 7,4 / 8,8 T, LARGURA DE TRABALHO 1,68 M - CHP DIURNO. AF_02/2016","CHOR - CUSTOS HORÁRIOS DE MÁQUINAS E EQUIPAMENTOS",null,"CHP",2E-3,99.53,0.2]
["Composição Auxiliar"," 93244 ","SINAPI","ROLO COMPACTADOR VIBRATÓRIO PÉ DE CARNEIRO PARA SOLOS, POTÊNCIA 80 HP, PESO OPERACIONAL SEM/COM LASTRO 7,4 / 8,8 T, LARGURA DE TRABALHO 1,68 M - CHI DIURNO. AF_02/2016","CHOR - CUSTOS HORÁRIOS DE MÁQUINAS E EQUIPAMENTOS",null,"CHI",6.0000000000000001E-3,29.84,0.18]
["Composição Auxiliar"," 88316 ","SINAPI","SERVENTE COM ENCARGOS COMPLEMENTARES","SEDI - SERVIÇOS DIVERSOS",null,"H",6.9236000000000002E-3,14.96,0.1]
[{"$nulls":4},"MO sem LS =>",0.54,"LS =>",0,"MO com LS =>",0.54]
[{"$nulls":4},"Valor do BDI =>",0.30613800000000002,null,"Valor com BDI =>",null,1.42]
[]
[" 8.3 ","Código","Banco","Descrição","Tipo",null,"Und","Quant.","Valor Unit","Total"]
["Composição"," 101248 ","SINAPI","ESCAVAÇÃO E CARGA  E TRANSPORTE DE MATERIAL DA JAZIDA PARA O REVESTIMENTO PRIMÁRIO DAS ESTRADAS DMT=6KM","MOVT - MOVIMENTO DE TERRA",null,"m³",1,11.12,11.12]
["Composição Auxiliar"," 89877 ","SINAPI","CAMINHÃO BASCULANTE 14 M3, COM CAVALO MECÂNICO DE CAPACIDADE MÁXIMA DE TRAÇÃO COMBINADO DE 36000 KG, POTÊNCIA 286 CV, INCLUSIVE SEMIREBOQUE COM CAÇAMBA METÁLICA - CHI DIURNO. AF_12/2014","CHOR - CUSTOS HORÁRIOS DE MÁQUINAS E EQUIPAMENTOS",null,"CHI",1.9800000000000002E-2,33.049999999999997,0.65]
["Composição Auxiliar"," 88907 ","SINAPI","ESCAVADEIRA HIDRÁULICA SOBRE ESTEIRAS, CAÇAMBA 1,20 M3, PESO OPERACIONAL 21 T, POTÊNCIA BRUTA 155 HP - CHP DIURNO. AF_06/2014","CHOR - CUSTOS HORÁRIOS DE MÁQUINAS E EQUIPAMENTOS",null,"CHP",7.3000000000000001E-3,106.05,0.77]
["Composição Auxiliar"," 89876 ","SINAPI","CAMINHÃO BASCULANTE 14 M3, COM CAVALO MECÂNICO DE CAPACIDADE MÁXIMA DE TRAÇÃO COMBINADO DE 36000 KG, POTÊNCIA 286 CV, INCLUSIVE SEMIREBOQUE COM CAÇAMBA METÁLICA - CHP DIURNO. AF_12/2014","CHOR - CUSTOS HORÁRIOS DE MÁQUINAS E EQUIPAMENTOS",null,"CHP",7.1300000000000002E-2,133.36000000000001,9.51]
["Composição Auxiliar"," 88908 ","SINAPI","ESCAVADEIRA HIDRÁULICA SOBRE ESTEIRAS, CAÇAMBA 1,20 M3, PESO OPERACIONAL 21 T, POTÊNCIA BRUTA 155 HP - CHI DIURNO. AF_06/2014","CHOR - CUSTOS HORÁRIOS DE MÁQUINAS E EQUIPAMENTOS",null,"CHI",1.8E-3,42.08,0.08]
["Composição Auxiliar"," 88316 ","SINAPI","SERVENTE COM ENCARGOS COMPLEMENTARES","SEDI - SERVIÇOS DIVERSOS",null,"H",7.4853999999999997E-3,14.96,0.11]
[{"$nulls":4},"MO sem LS =>",1.53,"LS =>",0.01,"MO com LS =>",1.54]
[{"$nulls":4},"Valor do BDI =>",3.0668959999999998,null,"Valor com BDI =>",null,14.19]
[]
[" 8.4 ","Código","Banco","Descrição","Tipo",null,"Und","Quant.","Valor Unit","Total"]
["Composição"," 83771 ","SINAPI","REVESTIMENTO PRIMÁRIO, ATERRO COMPACTADO COM LARGURA MÍNIMA DE 6,0M E ALTURA DE 0,30M","PAVI - PAVIMENTAÇÃO",null,"m³",1,5.0599999999999996,5.0599999999999996]
["Composição Auxiliar"," 6879 ","SINAPI","ROLO COMPACTADOR DE PNEUS ESTÁTICO, PRESSÃO VARIÁVEL, POTÊNCIA 111 HP, PESO SEM/COM LASTRO 9,5 / 26 T, LARGURA DE TRABALHO 1,90 M - CHP DIURNO. AF_07/2014","CHOR - CUSTOS HORÁRIOS DE MÁQUINAS E EQUIPAMENTOS",null,"CHP",1.24E-2,87.79,1.0900000000000001]
["Composição Auxiliar"," 6259 ","SINAPI","CAMINHÃO PIPA 6.000 L, PESO BRUTO TOTAL 13.000 KG, DISTÂNCIA ENTRE EIXOS 4,80 M, POTÊNCIA 189 CV INCLUSIVE TANQUE DE AÇO PARA TRANSPORTE DE ÁGUA, CAPACIDADE 6 M3 - CHP DIURNO. AF_06/2014","CHOR - CUSTOS HORÁRIOS DE MÁQUINAS E EQUIPAMENTOS",null,"CHP",8.8999999999999999E-3,103.85,0.92]
["Composição Auxiliar"," 6260 ","SINAPI","CAMINHÃO PIPA 6.000 L, PESO BRUTO TOTAL 13.000 KG, DISTÂNCIA ENTRE EIXOS 4,80 M, POTÊNCIA 189 CV INCLUSIVE TANQUE DE AÇO PARA TRANSPORTE DE ÁGUA, CAPACIDADE 6 M3 - CHI DIURNO. AF_06/2014","CHOR - CUSTOS HORÁRIOS DE MÁQUINAS E EQUIPAMENTOS",null,"CHI",8.8999999999999999E-3,24.73,0.22]
["Composição Auxiliar"," 6880 ","SINAPI","ROLO COMPACTADOR DE PNEUS ESTÁTICO, PRESSÃO VARIÁVEL, POTÊNCIA 111 HP, PESO SEM/COM LASTRO 9,5 / 26 T, LARGURA DE TRABALHO 1,90 M - CHI DIURNO. AF_07/2014","CHOR - CUSTOS HORÁRIOS DE MÁQUINAS E EQUIPAMENTOS",null,"CHI",5.3E-3,37.24,0.2]
["Composição Auxiliar"," 5932 ","SINAPI","MOTONIVELADORA POTÊNCIA BÁSICA LÍQUIDA (PRIMEIRA MARCHA) 125 HP, PESO BRUTO 13032 KG, LARGURA DA LÂMINA DE 3,7 M - CHP DIURNO. AF_06/2014","CHOR - CUSTOS HORÁRIOS DE MÁQUINAS E EQUIPAMENTOS",null,"CHP",1.5100000000000001E-2,100.43,1.52]
["Composição Auxiliar"," 5934 ","SINAPI","MOTONIVELADORA POTÊNCIA BÁSICA LÍQUIDA (PRIMEIRA MARCHA) 125 HP, PESO BRUTO 13032 KG, LARGURA DA LÂMINA DE 3,7 M - CHI DIURNO. AF_06/2014","CHOR - CUSTOS HORÁRIOS DE MÁQUINAS E EQUIPAMENTOS",null,"CHI",2.7000000000000001E-3,39.14,0.11]
["Composição Auxiliar"," 88316 ","SINAPI","SERVENTE COM ENCARGOS COMPLEMENTARES","SEDI - SERVIÇOS DIVERSOS",null,"H",6.6976499999999994E-2,14.96,1]
[{"$nulls":4},"MO sem LS =>",1.87,"LS =>",0,"MO com LS =>",1.87]
[{"$nulls":4},"Valor do BDI =>",1.395548,null,"Valor com BDI =>",null,6.46]
[]
[" 9.1 ","Código","Banco","Descrição","Tipo",null,"Und","Quant.","Valor Unit","Total"]
["Composição"," 83338 ","SINAPI","ESCAVAÇÃO MECÂNICA EM MATERIAL DE 1ª E 2ª CATEGORIA, DEPOSITANDO AO LADO","MOVT - MOVIMENTO DE TERRA",null,"m³",1,1.62,1.62]
["Composição Auxiliar"," 84013 ","SINAPI","ESCAVADEIRA HIDRÁULICA SOBRE ESTEIRAS, CAÇAMBA 0,80 M3, PESO OPERACIONAL 17,8 T, POTÊNCIA LÍQUIDA 110 HP - CHI DIURNO. AF_10/2014","CHOR - CUSTOS HORÁRIOS DE MÁQUINAS E EQUIPAMENTOS",null,"CHI",5.7999999999999996E-3,38.53,0.22]
["Composição Auxiliar"," 90991 ","SINAPI","ESCAVADEIRA HIDRÁULICA SOBRE ESTEIRAS, CAÇAMBA 0,80 M3, PESO OPERACIONAL 17,8 T, POTÊNCIA LÍQUIDA 110 HP - CHP DIURNO. AF_10/2014","CHOR - CUSTOS HORÁRIOS DE MÁQUINAS E EQUIPAMENTOS",null,"CHP",1.34E-2,87.99,1.18]
["Composição Auxiliar"," 88316 ","SINAPI","SERVENTE COM ENCARGOS COMPLEMENTARES","SEDI - SERVIÇOS DIVERSOS",null,"H",1.4894299999999999E-2,14.96,0.22]
[{"$nulls":4},"MO sem LS =>",0.55000000000000004,"LS =>",0,"MO com LS =>",0.55000000000000004]
[{"$nulls":4},"Valor do BDI =>",0.44679600000000003,null,"Valor com BDI =>",null,2.0699999999999998]
[]
[" 9.2 ","Código","Banco","Descrição","Tipo",null,"Und","Quant.","Valor Unit","Total"]
["Composição"," 92216 ","SINAPI","TUBO DE CONCRETO PARA REDES COLETORAS DE ÁGUAS PLUVIAIS, DIÂMETRO DE 1000 MM, JUNTA RÍGIDA, INSTALADO EM LOCAL COM BAIXO NÍVEL DE INTERFERÊNCIAS - FORNECIMENTO E ASSENTAMENTO. AF_12/2015","ASTU - ASSENTAMENTO DE TUBOS E PECAS",null,"M",1,228.59,228.59]
["Composição Auxiliar"," 5631 ","SINAPI","ESCAVADEIRA HIDRÁULICA SOBRE ESTEIRAS, CAÇAMBA 0,80 M3, PESO OPERACIONAL 17 T, POTENCIA BRUTA 111 HP - CHP DIURNO. AF_06/2014","CHOR - CUSTOS HORÁRIOS DE MÁQUINAS E EQUIPAMENTOS",null,"CHP",0.16700000000000001,90.39,15.1]
["Composição Auxiliar"," 5632 ","SINAPI","ESCAVADEIRA HIDRÁULICA SOBRE ESTEIRAS, CAÇAMBA 0,80 M3, PESO OPERACIONAL 17 T, POTENCIA BRUTA 111 HP - CHI DIURNO. AF_06/2014","CHOR - CUSTOS HORÁRIOS DE MÁQUINAS E EQUIPAMENTOS",null,"CHI",0.35199999999999998,39.56,13.93]
["Composição Auxiliar"," 88629 ","SINAPI","ARGAMASSA TRAÇO 1:3 (EM VOLUME DE CIMENTO E AREIA MÉDIA ÚMIDA), PREPARO MANUAL. AF_08/2019","SEDI - SERVIÇOS DIVERSOS",null,"m³",2.8000000000000001E-2,343.49,9.6199999999999992]
["Composição Auxiliar"," 88316 ","SINAPI","SERVENTE COM ENCARGOS COMPLEMENTARES","SEDI - SERVIÇOS DIVERSOS",null,"H",1.1907463,14.96,17.809999999999999]
["Composição Auxiliar"," 88246 ","SINAPI","ASSENTADOR DE TUBOS COM ENCARGOS COMPLEMENTARES","SEDI - SERVIÇOS DIVERSOS",null,"H",0.61357600000000001,19.93,12.23]
["Insumo"," 00007753 ","SINAPI","TUBO CONCRETO ARMADO, CLASSE PA-1, PB, DN 1000 MM, PARA AGUAS PLUVIAIS (NBR 8890)","Material",null,"M",1.03,155.24,159.9]
[{"$nulls":4},"MO sem LS =>",41.78,"LS =>",0,"MO com LS =>",41.78]
[{"$nulls":4},"Valor do BDI =>",63.045121999999999,null,"Valor com BDI =>",null,291.64]
[]
[" 9.3 ","Código","Banco","Descrição","Tipo",null,"Und","Quant.","Valor Unit","Total"]
["Composição"," V34 ","Próprio","CONSTRUÇÃO DE ALA E PONTA DE ALA DE BUEIROS EM PEDRA ARGAMASSADA OU CONCRETO CICLÓPICO, NA ESPESSURA DE 0,30M, FUNDAÇÃO MÍNIMA DE 0,30M COM ALTURA E COMPRIMENTO VARIANDO DE ACORDO COM A SECÇÃO DO DREN","ASTU - ASSENTAMENTO DE TUBOS E PECAS",null,"UN",1,1395.92,1395.92]
["Composição Auxiliar"," 73856/004 ","SINAPI","BOCA PARA BUEIRO SIMPLES TUBULAR, DIAMETRO =1,00M, EM CONCRETO CICLOPICO, INCLUINDO FORMAS, ESCAVACAO, REATERRO E MATERIAIS, EXCLUINDO MATERIAL REATERRO JAZIDA E TRANSPORTE.","DROP - DRENAGEM/OBRAS DE CONTENÇÃO / POÇOS DE VISITA E CAIXAS",null,"UN",1,1395.92,1395.92]
[{"$nulls":4},"MO sem LS =>",928.54,"LS =>",0.02,"MO com LS =>",928.56]
[{"$nulls":4},"Valor do BDI =>",384.99473599999999,null,"Valor com BDI =>",null,1780.91]
[]
[" 10.1 ","Código","Banco","Descrição","Tipo",null,"Und","Quant.","Valor Unit","Total"]
["Composição"," V30 ","Próprio","READEQUAÇÃO DA COBERTURA DAS CASAS DE COMANDOS EB-01 E EB-02","ASTU - ASSENTAMENTO DE TUBOS E PECAS",null,"UN",1,8717.2800000000007,8717.2800000000007]
["Composição Auxiliar"," 74141/001 ","SINAPI","LAJE PRE-MOLD BETA 11 P/1KN/M2 VAOS 4,40M/INCL VIGOTAS TIJOLOS ARMADURA NEGATIVA CAPEAMENTO 3CM CONCRETO 20MPA ESCORAMENTO MATERIAL E MAO  DE OBRA.","FUES - FUNDAÇÕES E ESTRUTURAS",null,"m²",43.346695500000003,63.75,2763.35]
["Composição Auxiliar"," 83479 ","SINAPI","LUMINARIA ESTANQUE - PROTECAO CONTRA AGUA, POEIRA OU IMPACTOS - TIPO AQUATIC PIAL OU EQUIVALENTE","INEL - INSTALAÇÃO ELÉTRICA/ELETRIFICAÇÃO E ILUMINAÇÃO EXTERNA",null,"UN",2,90.89,181.78]
["Composição Auxiliar"," 93128 ","SINAPI","PONTO DE ILUMINAÇÃO RESIDENCIAL INCLUINDO INTERRUPTOR SIMPLES, CAIXA ELÉTRICA, ELETRODUTO, CABO, RASGO, QUEBRA E CHUMBAMENTO (EXCLUINDO LUMINÁRIA E LÂMPADA). AF_01/2016","INEL - INSTALAÇÃO ELÉTRICA/ELETRIFICAÇÃO E ILUMINAÇÃO EXTERNA",null,"UN",2,82.69,165.38]
["Composição Auxiliar"," 98546 ","SINAPI","IMPERMEABILIZAÇÃO DE SUPERFÍCIE COM MANTA ASFÁLTICA, UMA CAMADA, INCLUSIVE APLICAÇÃO DE PRIMER ASFÁLTICO, E=3MM. AF_06/2018","IMPE - IMPERMEABILIZAÇÕES E PROTEÇÕES DIVERSAS",null,"m²",45,58.41,2628.45]
["Composição Auxiliar"," C0778 ","SEINFRA","CHAPISCO C/ ARGAMASSA DE CIMENTO E AREIA  S/ PENEIRAR TRAÇO 1:3  ESP=5 mm P/ TETO","ARGAMASSAS PARA TETOS",null,"m²",45,8.89,400.05]
["Composição Auxiliar"," C2477 ","SEINFRA","TINTA IMPERMEÁVEL MINERAL EM PÓ 3 DEMÃOS EM PAREDES EXTERNAS","PAREDES E FORROS",null,"m²",45,8.41,378.45]
["Composição Auxiliar"," C3035 ","SEINFRA","REBOCO C/ ARGAMASSA DE CIMENTO E AREIA S/ PENEIRAR TRAÇO 1:6, ESP=20 mm P/ TETO","ARGAMASSAS PARA TETOS",null,"m²",45,23.82,1071.9000000000001]
["Composição Auxiliar"," V27 ","Próprio","RETIRADA E RECOLOCAÇÃO DE  TELHA CERÂMICA CAPA-CANAL. COM ATÉ DUAS ÁGUAS","ASTU - ASSENTAMENTO DE TUBOS E PECAS",null,"m²",58.08,9.57,555.83000000000004]
["Composição Auxiliar"," V28 ","Próprio","RETIRADA E RECOLOCAÇÃO DE MADEIRAMENTO.COM ATÉ DUAS ÁGUAS","ASTU - ASSENTAMENTO DE TUBOS E PECAS",null,"m²",58.08,9.85,572.09]
[{"$nulls":4},"MO sem LS =>",4405.05,"LS =>",0.33,"MO com LS =>",4405.38]
[{"$nulls":4},"Valor do BDI =>",2404.2258240000001,null,"Valor com BDI =>",null,11121.51]
[]
[" 10.2 ","Código","Banco","Descrição","Tipo",null,"Und","Quant.","Valor Unit","Total"]
["Composição"," V48 ","Próprio","READEQUAÇÃO DA COBERTURA DAS CASAS DE COMANDOS EB-03 E EB-04","SEDI - SERVIÇOS DIVERSOS",null,"UN",1,5980.37,5980.37]
["Composição Auxiliar"," 74141/001 ","SINAPI","LAJE PRE-MOLD BETA 11 P/1KN/M2 VAOS 4,40M/INCL VIGOTAS TIJOLOS ARMADURA NEGATIVA CAPEAMENTO 3CM CONCRETO 20MPA ESCORAMENTO MATERIAL E MAO  DE OBRA.","FUES - FUNDAÇÕES E ESTRUTURAS",null,"m²",28.860047099999999,63.75,1839.83]
["Composição Auxiliar"," 83479 ","SINAPI","LUMINARIA ESTANQUE - PROTECAO CONTRA AGUA, POEIRA OU IMPACTOS - TIPO AQUATIC PIAL OU EQUIVALENTE","INEL - INSTALAÇÃO ELÉTRICA/ELETRIFICAÇÃO E ILUMINAÇÃO EXTERNA",null,"UN",2,90.89,181.78]
["Composição Auxiliar"," 93128 ","SINAPI","PONTO DE ILUMINAÇÃO RESIDENCIAL INCLUINDO INTERRUPTOR SIMPLES, CAIXA ELÉTRICA, ELETRODUTO, CABO, RASGO, QUEBRA E CHUMBAMENTO (EXCLUINDO LUMINÁRIA E LÂMPADA). AF_01/2016","INEL - INSTALAÇÃO ELÉTRICA/ELETRIFICAÇÃO E ILUMINAÇÃO EXTERNA",null,"UN",2,82.69,165.38]
["Composição Auxiliar"," 98546 ","SINAPI","IMPERMEABILIZAÇÃO DE SUPERFÍCIE COM MANTA ASFÁLTICA, UMA CAMADA, INCLUSIVE APLICAÇÃO DE PRIMER ASFÁLTICO, E=3MM. AF_06/2018","IMPE - IMPERMEABILIZAÇÕES E PROTEÇÕES DIVERSAS",null,"m²",30,58.41,1752.3]
["Composição Auxiliar"," C0778 ","SEINFRA","CHAPISCO C/ ARGAMASSA DE CIMENTO E AREIA  S/ PENEIRAR TRAÇO 1:3  ESP=5 mm P/ TETO","ARGAMASSAS PARA TETOS",null,"m²",30,8.89,266.7]
["Composição Auxiliar"," C2477 ","SEINFRA","TINTA IMPERMEÁVEL MINERAL EM PÓ 3 DEMÃOS EM PAREDES EXTERNAS","PAREDES E FORROS",null,"m²",30,8.41,252.3]
["Composição Auxiliar"," C3035 ","SEINFRA","REBOCO C/ ARGAMASSA DE CIMENTO E AREIA S/ PENEIRAR TRAÇO 1:6, ESP=20 mm P/ TETO","ARGAMASSAS PARA TETOS",null,"m²",30,23.82,714.6]
["Composição Auxiliar"," V27 ","Próprio","RETIRADA E RECOLOCAÇÃO DE  TELHA CERÂMICA CAPA-CANAL. COM ATÉ DUAS ÁGUAS","ASTU - ASSENTAMENTO DE TUBOS E PECAS",null,"m²",41.58,9.57,397.92]
["Composição Auxiliar"," V28 ","Próprio","RETIRADA E RECOLOCAÇÃO DE MADEIRAMENTO.COM ATÉ DUAS ÁGUAS","ASTU - ASSENTAMENTO DE TUBOS E PECAS",null,"m²",41.58,9.85,409.56]
[{"$nulls":4},"MO sem LS =>",3043.18,"LS =>",0.25,"MO com LS =>",3043.43]
[{"$nulls":4},"Valor do BDI =>",1649.3860460000001,null,"Valor com BDI =>",null,7629.76]
[]
[" 10.3 ","Código","Banco","Descrição","Tipo",null,"Und","Quant.","Valor Unit","Total"]
["Composição"," V29 ","Próprio","CASA DE COMANDO PARA EB-05 E EB-06","ASTU - ASSENTAMENTO DE TUBOS E PECAS",null,"UN",1,15161.23,15161.23]
["Composição Auxiliar"," 100760 ","SINAPI","PINTURA COM TINTA ALQUÍDICA DE ACABAMENTO (ESMALTE SINTÉTICO BRILHANTE) APLICADA A ROLO OU PINCEL SOBRE SUPERFÍCIES METÁLICAS (EXCETO PERFIL) EXECUTADO EM OBRA (02 DEMÃOS). AF_01/2020","PINT - PINTURAS",null,"m²",4.2420391999999998,26.52,112.5]
["Composição Auxiliar"," 101161 ","SINAPI","ALVENARIA DE VEDAÇÃO COM ELEMENTO VAZADO DE CONCRETO (COBOGÓ) DE 7X50X50CM E ARGAMASSA DE ASSENTAMENTO COM PREPARO EM BETONEIRA. AF_05/2020","PARE - PAREDES/PAINEIS",null,"m²",1.5,111.16,166.74]
["Composição Auxiliar"," 73361 ","SINAPI","CONCRETO CICLOPICO FCK=10MPA 30% PEDRA DE MAO INCLUSIVE LANCAMENTO","SEDI - SERVIÇOS DIVERSOS",null,"m³",2.4900000000000002,266.19,662.81]
["Composição Auxiliar"," 74141/001 ","SINAPI","LAJE PRE-MOLD BETA 11 P/1KN/M2 VAOS 4,40M/INCL VIGOTAS TIJOLOS ARMADURA NEGATIVA CAPEAMENTO 3CM CONCRETO 20MPA ESCORAMENTO MATERIAL E MAO  DE OBRA.","FUES - FUNDAÇÕES E ESTRUTURAS",null,"m²",15,63.75,956.25]
["Composição Auxiliar"," 83479 ","SINAPI","LUMINARIA ESTANQUE - PROTECAO CONTRA AGUA, POEIRA OU IMPACTOS - TIPO AQUATIC PIAL OU EQUIVALENTE","INEL - INSTALAÇÃO ELÉTRICA/ELETRIFICAÇÃO E ILUMINAÇÃO EXTERNA",null,"UN",1,90.89,90.89]
["Composição Auxiliar"," 87905 ","SINAPI","CHAPISCO APLICADO EM ALVENARIA (COM PRESENÇA DE VÃOS) E ESTRUTURAS DE CONCRETO DE FACHADA, COM COLHER DE PEDREIRO.  ARGAMASSA TRAÇO 1:3 COM PREPARO EM BETONEIRA 400L. AF_06/2014","REVE - REVESTIMENTO E TRATAMENTO DE SUPERFÍCIES",null,"m²",98.6,5.04,496.94]
["Composição Auxiliar"," 89168 ","SINAPI","(COMPOSIÇÃO REPRESENTATIVA) DO SERVIÇO DE ALVENARIA DE VEDAÇÃO DE BLOCOS VAZADOS DE CERÂMICA DE 9X19X19CM (ESPESSURA 9CM), PARA EDIFICAÇÃO HABITACIONAL UNIFAMILIAR (CASA) E EDIFICAÇÃO PÚBLICA PADRÃO. AF_11/2014","PARE - PAREDES/PAINEIS",null,"m²",47.420679999999997,50.61,2399.96]
["Composição Auxiliar"," 89977 ","SINAPI","(COMPOSIÇÃO REPRESENTATIVA) DO SERVIÇO DE ALVENARIA DE VEDAÇÃO DE BLOCOS VAZADOS DE CERÂMICA DE 14X9X19CM (ESPESSURA 14CM, BLOCO DEITADO), PARA EDIFICAÇÃO HABITACIONAL UNIFAMILIAR (CASA) E EDIFICAÇÃO PÚBLICA PADRÃO. AF_12/2014","PARE - PAREDES/PAINEIS",null,"m²",3.32,85.11,282.57]
["Composição Auxiliar"," 92539 ","SINAPI","TRAMA DE MADEIRA COMPOSTA POR RIPAS, CAIBROS E TERÇAS PARA TELHADOS DE ATÉ 2 ÁGUAS PARA TELHA DE ENCAIXE DE CERÂMICA OU DE CONCRETO, INCLUSO TRANSPORTE VERTICAL. AF_07/2019","COBE - COBERTURA",null,"m²",20.79,33.44,695.22]
["Composição Auxiliar"," 93128 ","SINAPI","PONTO DE ILUMINAÇÃO RESIDENCIAL INCLUINDO INTERRUPTOR SIMPLES, CAIXA ELÉTRICA, ELETRODUTO, CABO, RASGO, QUEBRA E CHUMBAMENTO (EXCLUINDO LUMINÁRIA E LÂMPADA). AF_01/2016","INEL - INSTALAÇÃO ELÉTRICA/ELETRIFICAÇÃO E ILUMINAÇÃO EXTERNA",null,"UN",1,82.69,82.69]
["Composição Auxiliar"," 93141 ","SINAPI","PONTO DE TOMADA RESIDENCIAL INCLUINDO TOMADA 10A/250V, CAIXA ELÉTRICA, ELETRODUTO, CABO, RASGO, QUEBRA E CHUMBAMENTO. AF_01/2016","INEL - INSTALAÇÃO ELÉTRICA/ELETRIFICAÇÃO E ILUMINAÇÃO EXTERNA",null,"UN",1,99.94,99.94]
["Composição Auxiliar"," 93143 ","SINAPI","PONTO DE TOMADA RESIDENCIAL INCLUINDO TOMADA 20A/250V, CAIXA ELÉTRICA, ELETRODUTO, CABO, RASGO, QUEBRA E CHUMBAMENTO. AF_01/2016","INEL - INSTALAÇÃO ELÉTRICA/ELETRIFICAÇÃO E ILUMINAÇÃO EXTERNA",null,"UN",1,101.6,101.6]
["Composição Auxiliar"," 93358 ","SINAPI","ESCAVAÇÃO MANUAL DE VALA COM PROFUNDIDADE MENOR OU IGUAL A 1,30 M. AF_03/2016","MOVT - MOVIMENTO DE TERRA",null,"m³",1.49,44.97,67.010000000000005]
["Composição Auxiliar"," 93382 ","SINAPI","REATERRO COM MALHO DE FERRO, MADEIRA OU VIBRADOR DE PLACA (MECÂNICO) TIPO SAPINHO       ","MOVT - MOVIMENTO DE TERRA",null,"m³",7.91,18.329999999999998,144.99]
["Composição Auxiliar"," 94201 ","SINAPI","TELHAMENTO COM TELHA CERÂMICA CAPA-CANAL, TIPO COLONIAL, COM ATÉ 2 ÁGUAS, INCLUSO TRANSPORTE VERTICAL. AF_07/2019","COBE - COBERTURA",null,"m²",20.79,21.18,440.33]
["Composição Auxiliar"," 94319 ","SINAPI","ATERRO MANUAL DE VALAS COM SOLO ARGILO-ARENOSO E COMPACTAÇÃO MECANIZADA. AF_05/2016","MOVT - MOVIMENTO DE TERRA",null,"m³",10.4,26.66,277.26]
["Composição Auxiliar"," 98524 ","SINAPI","LIMPEZA MANUAL DE VEGETAÇÃO EM TERRENO COM ENXADA.AF_05/2018","URBA - URBANIZAÇÃO",null,"m²",80,1.86,148.80000000000001]
["Composição Auxiliar"," 98546 ","SINAPI","IMPERMEABILIZAÇÃO DE SUPERFÍCIE COM MANTA ASFÁLTICA, UMA CAMADA, INCLUSIVE APLICAÇÃO DE PRIMER ASFÁLTICO, E=3MM. AF_06/2018","IMPE - IMPERMEABILIZAÇÕES E PROTEÇÕES DIVERSAS",null,"m²",15,58.41,876.15]
["Composição Auxiliar"," 99059 ","SINAPI","LOCACAO CONVENCIONAL DE OBRA, UTILIZANDO GABARITO DE TÁBUAS CORRIDAS PONTALETADAS A CADA 2,00M -  2 UTILIZAÇÕES. AF_10/2018","SERT - SERVIÇOS TÉCNICOS",null,"M",27,26.65,719.55]
["Composição Auxiliar"," C0778 ","SEINFRA","CHAPISCO C/ ARGAMASSA DE CIMENTO E AREIA  S/ PENEIRAR TRAÇO 1:3  ESP=5 mm P/ TETO","ARGAMASSAS PARA TETOS",null,"m²",15,8.89,133.35]
["Composição Auxiliar"," C1958 ","SEINFRA","PORTA DE FERRO COMPACTA EM CHAPA, INCLUS. BATENTES E FERRAGENS","ESQUADRIAS METÁLICAS",null,"m²",2.1,223.3,468.93]
["Composição Auxiliar"," C2477 ","SEINFRA","TINTA IMPERMEÁVEL MINERAL EM PÓ 3 DEMÃOS EM PAREDES EXTERNAS","PAREDES E FORROS",null,"m²",116,8.41,975.56]
["Composição Auxiliar"," C3035 ","SEINFRA","REBOCO C/ ARGAMASSA DE CIMENTO E AREIA S/ PENEIRAR TRAÇO 1:6, ESP=20 mm P/ TETO","ARGAMASSAS PARA TETOS",null,"m²",15,23.82,357.3]
["Composição Auxiliar"," C3121 ","SEINFRA","REBOCO C/ ARGAMASSA DE CIMENTO E AREIA PENEIRADA, TRAÇO 1:6","ARGAMASSAS PARA PAREDES INTERNAS E EXTERNAS",null,"m²",94.8413599,28.99,2749.45]
["Composição Auxiliar"," V22 ","Próprio","CALÇADA CIMENTADA  ","ASTU - ASSENTAMENTO DE TUBOS E PECAS",null,"m²",8.9454831000000006,125.94,1126.5899999999999]
["Composição Auxiliar"," V23 ","Próprio","CIMENTADO PARA PISO INCLUSIVE LASTRO ","ASTU - ASSENTAMENTO DE TUBOS E PECAS",null,"m²",15,35.19,527.85]
[{"$nulls":4},"MO sem LS =>",9600.4,"LS =>",1.25,"MO com LS =>",9601.65]
[{"$nulls":4},"Valor do BDI =>",4181.4672339999997,null,"Valor com BDI =>",null,19342.7]
[]
[" 10.4 ","Código","Banco","Descrição","Tipo",null,"Und","Quant.","Valor Unit","Total"]
["Composição"," V46 ","Próprio","SPDA PARA SUBSTAÇÕES ABRIGADAS","ASTU - ASSENTAMENTO DE TUBOS E PECAS",null,"m²",1,45.24,45.24]
["Composição Auxiliar"," 88247 ","SINAPI","AUXILIAR DE ELETRICISTA COM ENCARGOS COMPLEMENTARES","SEDI - SERVIÇOS DIVERSOS",null,"H",0.37881979999999998,15.16,5.74]
["Composição Auxiliar"," 88264 ","SINAPI","ELETRICISTA COM ENCARGOS COMPLEMENTARES","SEDI - SERVIÇOS DIVERSOS",null,"H",0.75763979999999997,19.579999999999998,14.83]
["Composição Auxiliar"," 88316 ","SINAPI","SERVENTE COM ENCARGOS COMPLEMENTARES","SEDI - SERVIÇOS DIVERSOS",null,"H",0.30305589999999999,14.96,4.53]
["Insumo"," I1243 ","SEINFRA","HASTE DE ATERRAMENTO COPPERWELD 3/4'' x 3M","Material",null,"UN",0.1,41.27,4.13]
["Insumo"," 00001585 ","SINAPI","TERMINAL METALICO A PRESSAO PARA 1 CABO DE 16 MM2, COM 1 FURO DE FIXACAO","Material",null,"UN",0.1,3.78,0.38]
["Insumo"," 00001587 ","SINAPI","TERMINAL METALICO A PRESSAO PARA 1 CABO DE 35 MM2, COM 1 FURO DE FIXACAO","Material",null,"UN",0.1,4.8600000000000003,0.49]
["Insumo"," 00003384 ","SINAPI","SUPORTE GUIA SIMPLES COM ROLDANA EM POLIPROPILENO PARA CHUMBAR, H = 20 CM","Material",null,"UN",0.1,3.93,0.39]
["Insumo"," 00003396 ","SINAPI","SUPORTE ISOLADOR SIMPLES DIAMETRO NOMINAL 5/16\", COM ROSCA SOBERBA E BUCHA","Material",null,"UN",0.2,5.14,1.03]
["Insumo"," 00004332 ","SINAPI","PARAFUSO ZINCADO, SEXTAVADO, COM ROSCA INTEIRA, DIAMETRO 3/8\", COMPRIMENTO 2\"","Material",null,"UN",0.1,0.59,0.06]
["Insumo"," 00004376 ","SINAPI","BUCHA DE NYLON SEM ABA S8","Material",null,"UN",0.1,0.09,0.01]
["Insumo"," 00007583 ","SINAPI","BUCHA DE NYLON SEM ABA S8, COM PARAFUSO DE 4,80 X 50 MM EM ACO ZINCADO COM ROSCA SOBERBA, CABECA CHATA E FENDA PHILLIPS","Material",null,"UN",0.5,0.2,0.1]
["Insumo"," 8494 ","ORSE","Terminal aéreo 3/8\" x 25cm ref.TEL 044 ou similar","Material",null,"un",0.1,4.1900000000000004,0.42]
["Insumo"," 11094 ","ORSE","Barra chata de aluminio 3/4\" x 1/4\"","Material",null,"m",0.1,10.93,1.0900000000000001]
["Insumo"," 00011854 ","SINAPI","CONECTOR METALICO TIPO PARAFUSO FENDIDO (SPLIT BOLT), PARA CABOS ATE 35 MM2","Material",null,"UN",0.1,7.14,0.71]
["Insumo"," 00013388 ","SINAPI","SOLDA EM BARRA DE ESTANHO-CHUMBO 50/50","Material",null,"KG",0.1,80.739999999999995,8.07]
["Insumo"," 00034641 ","SINAPI","CAIXA INSPECAO EM CONCRETO PARA ATERRAMENTO E PARA RAIOS DIAMETRO = 300 MM","Material",null,"UN",0.1,32.590000000000003,3.26]
[{"$nulls":4},"MO sem LS =>",25.1,"LS =>",0,"MO com LS =>",25.1]
[{"$nulls":4},"Valor do BDI =>",12.477192000000001,null,"Valor com BDI =>",null,57.72]
[]
[" 10.5 ","Código","Banco","Descrição","Tipo",null,"Und","Quant.","Valor Unit","Total"]
["Composição"," V51 ","Próprio","SERVIÇOS COMPLEMENTARES PARA PRÉDIO DA PISCICULTURA","ASTU - ASSENTAMENTO DE TUBOS E PECAS",null,"UN",1,6584.35,6584.35]
["Composição Auxiliar"," 73836/001 ","SINAPI","INSTALACAO DE CONJ.MOTO BOMBA HORIZONTAL ATE 10 CV","INPR - INSTALAÇÕES DE PRODUÇÃO",null,"UN",1,357.41,357.41]
["Composição Auxiliar"," 93358 ","SINAPI","ESCAVAÇÃO MANUAL DE VALA COM PROFUNDIDADE MENOR OU IGUAL A 1,30 M. AF_03/2016","MOVT - MOVIMENTO DE TERRA",null,"m³",7.5116811999999999,44.97,337.8]
["Composição Auxiliar"," 94483 ","SINAPI","CONJUNTO HIDRÁULICO PARA INSTALAÇÃO DE BOMBA EM AÇO ROSCÁVEL, DN SUCÇÃO 32 (1 1/4\u0094) E DN RECALQUE 25 (1\u0094), PARA EDIFICAÇÃO ATÉ 4 PAVIMENTOS \u0096 FORNECIMENTO E INSTALAÇÃO. AF_06/2016","INHI - INSTALAÇÕES HIDROS SANITÁRIAS",null,"UN",1,636.79,636.79]
["Composição Auxiliar"," 11147 ","ORSE","Isolamento térmico c/ poliestireno expandido (isopor), e=5,0cm, coladas com frioasfalto da vedacit ou similar","Isolamento Térmico",null,"m²",38,41.47,1575.86]
["Composição Auxiliar"," C2302MOD ","Próprio","TAMPO DE AÇO INOX P/ BANCADAS","ASTU - ASSENTAMENTO DE TUBOS E PECAS",null,"m²",4.5,341.03,1534.64]
["Insumo"," 463 ","ORSE","Caixa d'agua fibra vidro  5.000 litros - Fortlev-Torres (ou similar)","Material",null,"un",1,1319.62,1319.62]
["Insumo"," 00000733 ","SINAPI","BOMBA CENTRIFUGA MOTOR ELETRICO MONOFASICO 0,74HP  DIAMETRO DE SUCCAO X ELEVACAO 1 1/4\" X 1\", DIAMETRO DO ROTOR 120 MM, HM/Q: 8 M / 7,70 M3/H A 24 M / 2,80 M3/H","Equipamento",null,"UN",1,822.23,822.23]
[{"$nulls":4},"MO sem LS =>",2046.09,"LS =>",0.08,"MO com LS =>",2046.17]
[{"$nulls":4},"Valor do BDI =>",1815.9637299999999,null,"Valor com BDI =>",null,8400.31]
[]
[" 11.1 ","Código","Banco","Descrição","Tipo",null,"Und","Quant.","Valor Unit","Total"]
["Composição"," V271 ","Próprio","INSTALAÇÃO DE TRANFORMADOR TRIFÁSICO EM 13,8KV-380/220V DE 75KVA","ASTU - ASSENTAMENTO DE TUBOS E PECAS",null,"UN",1,252.37,252.37]
["Composição Auxiliar"," 88247 ","SINAPI","AUXILIAR DE ELETRICISTA COM ENCARGOS COMPLEMENTARES","SEDI - SERVIÇOS DIVERSOS",null,"H",2.4908852000000001,15.16,37.76]
["Composição Auxiliar"," 88279 ","SINAPI","MONTADOR ELETROMECÃNICO COM ENCARGOS COMPLEMENTARES","SEDI - SERVIÇOS DIVERSOS",null,"H",2.5766998000000001,27.63,71.19]
["Composição Auxiliar"," 90776 ","SINAPI","ENCARREGADO GERAL COM ENCARGOS COMPLEMENTARES","SEDI - SERVIÇOS DIVERSOS",null,"H",0.78081809999999996,24.16,18.86]
["Composição Auxiliar"," 93402 ","SINAPI","GUINDAUTO HIDRÁULICO, CAPACIDADE MÁXIMA DE CARGA 3300 KG, MOMENTO MÁXIMO DE CARGA 5,8 TM, ALCANCE MÁXIMO HORIZONTAL 7,60 M, INCLUSIVE CAMINHÃO TOCO PBT 16.000 KG, POTÊNCIA DE 189 CV - CHP DIURNO. AF_03/2016","CHOR - CUSTOS HORÁRIOS DE MÁQUINAS E EQUIPAMENTOS",null,"CHP",1.2,103.8,124.56]
[{"$nulls":4},"MO sem LS =>",147.49,"LS =>",0,"MO com LS =>",147.49]
[{"$nulls":4},"Valor do BDI =>",69.603645999999998,null,"Valor com BDI =>",null,321.97000000000003]
[]
[" 11.2 ","Código","Banco","Descrição","Tipo",null,"Und","Quant.","Valor Unit","Total"]
["Composição"," V272 ","Próprio","INSTALAÇÃO DE TRANFORMADOR TRIFÁSICO EM 13,8KV-380/220V DE 112,5KVA","ASTU - ASSENTAMENTO DE TUBOS E PECAS",null,"UN",1,252.37,252.37]
["Composição Auxiliar"," 88247 ","SINAPI","AUXILIAR DE ELETRICISTA COM ENCARGOS COMPLEMENTARES","SEDI - SERVIÇOS DIVERSOS",null,"H",2.5772347999999998,15.16,39.07]
["Composição Auxiliar"," 88279 ","SINAPI","MONTADOR ELETROMECÃNICO COM ENCARGOS COMPLEMENTARES","SEDI - SERVIÇOS DIVERSOS",null,"H",2.5290401999999998,27.63,69.88]
["Composição Auxiliar"," 93402 ","SINAPI","GUINDAUTO HIDRÁULICO, CAPACIDADE MÁXIMA DE CARGA 3300 KG, MOMENTO MÁXIMO DE CARGA 5,8 TM, ALCANCE MÁXIMO HORIZONTAL 7,60 M, INCLUSIVE CAMINHÃO TOCO PBT 16.000 KG, POTÊNCIA DE 189 CV - CHP DIURNO. AF_03/2016","CHOR - CUSTOS HORÁRIOS DE MÁQUINAS E EQUIPAMENTOS",null,"CHP",1.2,103.8,124.56]
["Composição Auxiliar"," 90776 ","SINAPI","ENCARREGADO GERAL COM ENCARGOS COMPLEMENTARES","SEDI - SERVIÇOS DIVERSOS",null,"H",0.78081809999999996,24.16,18.86]
[{"$nulls":4},"MO sem LS =>",147.49,"LS =>",0,"MO com LS =>",147.49]
[{"$nulls":4},"Valor do BDI =>",69.603645999999998,null,"Valor com BDI =>",null,321.97000000000003]
[]
[" 11.3 ","Código","Banco","Descrição","Tipo",null,"Und","Quant.","Valor Unit","Total"]
["Composição"," V273 ","Próprio","INSTALAÇÃO DE TRANFORMADOR TRIFÁSICO EM 13,8KV-380/220V DE 225KVA","ASTU - ASSENTAMENTO DE TUBOS E PECAS",null,"UN",1,252.37,252.37]
["Composição Auxiliar"," 88247 ","SINAPI","AUXILIAR DE ELETRICISTA COM ENCARGOS COMPLEMENTARES","SEDI - SERVIÇOS DIVERSOS",null,"H",2.5772347999999998,15.16,39.07]
["Composição Auxiliar"," 88279 ","SINAPI","MONTADOR ELETROMECÃNICO COM ENCARGOS COMPLEMENTARES","SEDI - SERVIÇOS DIVERSOS",null,"H",2.5290401999999998,27.63,69.88]
["Composição Auxiliar"," 90776 ","SINAPI","ENCARREGADO GERAL COM ENCARGOS COMPLEMENTARES","SEDI - SERVIÇOS DIVERSOS",null,"H",0.78081809999999996,24.16,18.86]
["Composição Auxiliar"," 93402 ","SINAPI","GUINDAUTO HIDRÁULICO, CAPACIDADE MÁXIMA DE CARGA 3300 KG, MOMENTO MÁXIMO DE CARGA 5,8 TM, ALCANCE MÁXIMO HORIZONTAL 7,60 M, INCLUSIVE CAMINHÃO TOCO PBT 16.000 KG, POTÊNCIA DE 189 CV - CHP DIURNO. AF_03/2016","CHOR - CUSTOS HORÁRIOS DE MÁQUINAS E EQUIPAMENTOS",null,"CHP",1.2,103.8,124.56]
[{"$nulls":4},"MO sem LS =>",147.49,"LS =>",0,"MO com LS =>",147.49]
[{"$nulls":4},"Valor do BDI =>",69.603645999999998,null,"Valor com BDI =>",null,321.97000000000003]
[]
[" 11.4 ","Código","Banco","Descrição","Tipo",null,"Und","Quant.","Valor Unit","Total"]
["Composição"," V274 ","Próprio","INSTALAÇÃO DE TRANFORMADOR TRIFÁSICO EM 13,8KV-380/220V DE 300KVA","ASTU - ASSENTAMENTO DE TUBOS E PECAS",null,"UN",1,252.37,252.37]
["Composição Auxiliar"," 88247 ","SINAPI","AUXILIAR DE ELETRICISTA COM ENCARGOS COMPLEMENTARES","SEDI - SERVIÇOS DIVERSOS",null,"H",2.5772347999999998,15.16,39.07]
["Composição Auxiliar"," 88279 ","SINAPI","MONTADOR ELETROMECÃNICO COM ENCARGOS COMPLEMENTARES","SEDI - SERVIÇOS DIVERSOS",null,"H",2.5290401999999998,27.63,69.88]
["Composição Auxiliar"," 90776 ","SINAPI","ENCARREGADO GERAL COM ENCARGOS COMPLEMENTARES","SEDI - SERVIÇOS DIVERSOS",null,"H",0.78081809999999996,24.16,18.86]
["Composição Auxiliar"," 93402 ","SINAPI","GUINDAUTO HIDRÁULICO, CAPACIDADE MÁXIMA DE CARGA 3300 KG, MOMENTO MÁXIMO DE CARGA 5,8 TM, ALCANCE MÁXIMO HORIZONTAL 7,60 M, INCLUSIVE CAMINHÃO TOCO PBT 16.000 KG, POTÊNCIA DE 189 CV - CHP DIURNO. AF_03/2016","CHOR - CUSTOS HORÁRIOS DE MÁQUINAS E EQUIPAMENTOS",null,"CHP",1.2,103.8,124.56]
[{"$nulls":4},"MO sem LS =>",147.49,"LS =>",0,"MO com LS =>",147.49]
[{"$nulls":4},"Valor do BDI =>",69.603645999999998,null,"Valor com BDI =>",null,321.97000000000003]
[]
[" 11.5 ","Código","Banco","Descrição","Tipo",null,"Und","Quant.","Valor Unit","Total"]
["Composição"," V143 ","Próprio","MONTAGEM ELETROMECÂNICA DA SE ABRIGADA DE 1,5 MVA","ASTU - ASSENTAMENTO DE TUBOS E PECAS",null,"un",1,6675.32,6675.32]
["Composição Auxiliar"," 88247 ","SINAPI","AUXILIAR DE ELETRICISTA COM ENCARGOS COMPLEMENTARES","SEDI - SERVIÇOS DIVERSOS",null,"H",48.650356700000003,15.16,737.54]
["Composição Auxiliar"," 88279 ","SINAPI","MONTADOR ELETROMECÃNICO COM ENCARGOS COMPLEMENTARES","SEDI - SERVIÇOS DIVERSOS",null,"H",48.548575499999998,27.63,1341.4]
["Composição Auxiliar"," 90776 ","SINAPI","ENCARREGADO GERAL COM ENCARGOS COMPLEMENTARES","SEDI - SERVIÇOS DIVERSOS",null,"H",48.548575499999998,24.16,1172.93]
["Composição Auxiliar"," V101 ","Próprio","INSTALAÇÃO DE ISOLADOR DISCO PORC. G. OLHAL. 175X140MM","ASTU - ASSENTAMENTO DE TUBOS E PECAS",null,"UN",12,2.71,32.520000000000003]
["Composição Auxiliar"," V102 ","Próprio","INSTALAÇÃO DE CANTONEIRA DE 38X38X4.8MM - COMP. 1.6M","ASTU - ASSENTAMENTO DE TUBOS E PECAS",null,"M",6,5.41,32.46]
["Composição Auxiliar"," V103 ","Próprio","LANÇAMENTO DE CABO DE COBRE ISOLADO P/ 1KV 240 MM²","ASTU - ASSENTAMENTO DE TUBOS E PECAS",null,"M",120,5.41,649.20000000000005]
["Composição Auxiliar"," V104 ","Próprio","LANÇAMENTO DE CABO DE CU 2AWG NU.TEMPERA MOLE (50MM2) (ATERRAMENTO)","ASTU - ASSENTAMENTO DE TUBOS E PECAS",null,"M",50,4.07,203.5]
["Composição Auxiliar"," V105 ","Próprio","INSTALAÇÃO DE CHAVE SECCIONADORA TRIPOLAR S/ FUS. TIPO FACA-15KV-400A","ASTU - ASSENTAMENTO DE TUBOS E PECAS",null,"UN",4,5.41,21.64]
["Composição Auxiliar"," V106 ","Próprio","INSTALAÇÃO DE DISJUNTOR AUTOMÁTICO. ISOLAMENTO P/ 15KV-500A","ASTU - ASSENTAMENTO DE TUBOS E PECAS",null,"UN",1,5.41,5.41]
["Composição Auxiliar"," V107 ","Próprio","INSTALAÇÃO DE ISOLADOR DE PORCELANA TIPO PEDESTAL P/15KV. USO INTERNO","ASTU - ASSENTAMENTO DE TUBOS E PECAS",null,"UN",21,5.41,113.61]
["Composição Auxiliar"," V108 ","Próprio","INSTALAÇÃO DE BUCHA PASS. PORCELANA P/ 15KV 16MM","ASTU - ASSENTAMENTO DE TUBOS E PECAS",null,"UN",12,13.57,162.84]
["Composição Auxiliar"," V109 ","Próprio","INSTALAÇÃO DE SUPORTE METALICO PARA FIXACAO DOS T.C.'S E T.P.'S","ASTU - ASSENTAMENTO DE TUBOS E PECAS",null,"UN",1,13.02,13.02]
["Composição Auxiliar"," V110 ","Próprio","INSTALAÇÃO DE TRANSF. DE CORRENTE 15 KV. 100 A. ESPECIFICACÃO ELETROBRAS E ABNT","ASTU - ASSENTAMENTO DE TUBOS E PECAS",null,"UN",2,17.63,35.26]
["Composição Auxiliar"," V111 ","Próprio","INSTALAÇÃO DE TRANSFORMADOR DE POTENCIAL. 15 KV. 13800/380/220V. 800 VA","ASTU - ASSENTAMENTO DE TUBOS E PECAS",null,"UN",2,18.18,36.36]
["Composição Auxiliar"," V112 ","Próprio","INSTALAÇÃO DE TRANFORMADOR TRIFÁSICO EM 13.8KV-380/220V DE 750KVA","ASTU - ASSENTAMENTO DE TUBOS E PECAS",null,"UN",2,176.87,353.74]
["Composição Auxiliar"," V113 ","Próprio","INSTALAÇÃO DE VERGALHAO DE COBRE ø 3/8\" COM 3 METRO","ASTU - ASSENTAMENTO DE TUBOS E PECAS",null,"UN",20,24.41,488.2]
["Composição Auxiliar"," V114 ","Próprio","INSTALAÇÃO DE LÚMINARIA A PROVA DE TEMPO","ASTU - ASSENTAMENTO DE TUBOS E PECAS",null,"UN",2,3.06,6.12]
["Composição Auxiliar"," V115 ","Próprio","INSTALAÇÃO DE LÂMPADA MISTA DE 160 WATTS","ASTU - ASSENTAMENTO DE TUBOS E PECAS",null,"UN",2,2.71,5.42]
["Composição Auxiliar"," V116 ","Próprio","INSTALAÇÃO DE INTERRUPTOR DE 1 TECLA","ASTU - ASSENTAMENTO DE TUBOS E PECAS",null,"un",1,4.07,4.07]
["Composição Auxiliar"," V117 ","Próprio","INSTALAÇÃO DE ELETRODUTO AÇO CARB. GALV.. 3/4\" X 6 M","ASTU - ASSENTAMENTO DE TUBOS E PECAS",null,"un",1,5.41,5.41]
["Composição Auxiliar"," V118 ","Próprio","INSTALAÇÃO DE CAIXA DE MEDIÇÃO DE ENERGIA ATIVA E REATIVA","ASTU - ASSENTAMENTO DE TUBOS E PECAS",null,"un",1,21.7,21.7]
["Composição Auxiliar"," V119 ","Próprio","INSTALAÇÃO DE CONECTOR KSU - 25","ASTU - ASSENTAMENTO DE TUBOS E PECAS",null,"un",3,3.25,9.75]
["Composição Auxiliar"," V120 ","Próprio","INSTALAÇÃO DE GRADE DE PROTEÇÃO EM CANTONEIRA DE AÇO E TELA DE ARAME 12AWG","ASTU - ASSENTAMENTO DE TUBOS E PECAS",null,"un",4,17.63,70.52]
["Composição Auxiliar"," V121 ","Próprio","LANÇAMENTO DE CABO DE COBRE NÚ. 4AWG - 16MM²","ASTU - ASSENTAMENTO DE TUBOS E PECAS",null,"kg",3,6.78,20.34]
["Composição Auxiliar"," V122 ","Próprio","INSTALAÇÃO DE CHAVE CORTA CIRCUITO FUSÍVEL AÇÃO SIMULT. 15KV-100A","ASTU - ASSENTAMENTO DE TUBOS E PECAS",null,"un",3,18.989999999999998,56.97]
["Composição Auxiliar"," V123 ","Próprio","INSTALAÇÃO DE ELO FUSIVEL  140 K","ASTU - ASSENTAMENTO DE TUBOS E PECAS",null,"un",3,8.15,24.45]
["Composição Auxiliar"," V124 ","Próprio","INSTALAÇÃO DE QUADRO DE DISTRIBUIÇÃO C/ BARRAMENTO 12 CIRCUITOS","ASTU - ASSENTAMENTO DE TUBOS E PECAS",null,"un",1,18.989999999999998,18.989999999999998]
["Composição Auxiliar"," V125 ","Próprio","LANÇAMENTO DE FIO DE COBRE ISOLADO 2.5MM 750V","ASTU - ASSENTAMENTO DE TUBOS E PECAS",null,"m",40,4.07,162.80000000000001]
["Composição Auxiliar"," V126 ","Próprio","INSTALAÇÃO DE ELETRODUTO PVC ROSQ. 3/4\"","ASTU - ASSENTAMENTO DE TUBOS E PECAS",null,"m",12,4.07,48.84]
["Composição Auxiliar"," V127 ","Próprio","INSTALAÇÃO DE CURVA PVC ROSQ. 3/4\"","ASTU - ASSENTAMENTO DE TUBOS E PECAS",null,"UN",2,2.71,5.42]
["Composição Auxiliar"," V128 ","Próprio","INSTALAÇÃO DE LUVA DE PVC ROSQ. 3/4\"","ASTU - ASSENTAMENTO DE TUBOS E PECAS",null,"un",1,2.71,2.71]
["Composição Auxiliar"," V129 ","Próprio","INSTALAÇÃO DE ELETRODUTO PVC ROSQ. 3\"","ASTU - ASSENTAMENTO DE TUBOS E PECAS",null,"m",12,4.07,48.84]
["Composição Auxiliar"," V130 ","Próprio","INSTALAÇÃO DE CURVA PVC ROSQ. 3\"","ASTU - ASSENTAMENTO DE TUBOS E PECAS",null,"UN",4,2.71,10.84]
["Composição Auxiliar"," V131 ","Próprio","INSTALAÇÃO DE CONECTOR KS - 16MM","ASTU - ASSENTAMENTO DE TUBOS E PECAS",null,"UN",8,2.71,21.68]
["Composição Auxiliar"," V132 ","Próprio","LANÇAMENTO DE CABO DE COBRE ISOLADO P/ 1KV DE 120MM² - N","ASTU - ASSENTAMENTO DE TUBOS E PECAS",null,"M",30,5.41,162.30000000000001]
["Composição Auxiliar"," V133 ","Próprio","INSTALAÇÃO DE PARA-RAIO P/ 15KV TIPO ÓXIDO DE ZINCO","ASTU - ASSENTAMENTO DE TUBOS E PECAS",null,"UN",6,8.15,48.9]
["Composição Auxiliar"," V134 ","Próprio","INSTALAÇÃO DE HASTE ATERR. COBREADA 19 X 3048MM. PROLONG.","ASTU - ASSENTAMENTO DE TUBOS E PECAS",null,"UN",6,9.49,56.94]
["Composição Auxiliar"," V135 ","Próprio","INSTALAÇÃO DE CONECTOR CONCÊNTRICO UNIÃO COM SUPORTE ø 3/8\"","ASTU - ASSENTAMENTO DE TUBOS E PECAS",null,"UN",21,2.71,56.91]
["Composição Auxiliar"," V136 ","Próprio","INSTALAÇÃO DE CONECTOR CONCÊNTRICO DERIV. TIPO T ø 3/8\"","ASTU - ASSENTAMENTO DE TUBOS E PECAS",null,"UN",6,2.71,16.260000000000002]
["Composição Auxiliar"," V137 ","Próprio","INSTALAÇÃO DE CONECTOR CONCÊNTRICO UNIÃO ANGULAR ø 3/8\"","ASTU - ASSENTAMENTO DE TUBOS E PECAS",null,"UN",12,4.24,50.88]
["Composição Auxiliar"," v138 ","Próprio","INSTALAÇÃO DE CONECTOR CONCÊNTRICO TERMINAL CENTRAL ø 3/8\"","ASTU - ASSENTAMENTO DE TUBOS E PECAS",null,"UN",3,2.71,8.1300000000000008]
["Composição Auxiliar"," V139 ","Próprio","INSTALAÇÃO DE CONECTOR CONCÊNTRICO UNIÃO SEM SUPORTE ø 3/8\"","ASTU - ASSENTAMENTO DE TUBOS E PECAS",null,"UN",8,2.71,21.68]
["Composição Auxiliar"," V140 ","Próprio","INSTALAÇÃO DE CONECTOR CONCÊNTRICO TERM. ANG. ø 3/8\"","ASTU - ASSENTAMENTO DE TUBOS E PECAS",null,"UN",3,2.71,8.1300000000000008]
["Composição Auxiliar"," V141 ","Próprio","INSTALAÇÃO DE MUFLA INTERNA","ASTU - ASSENTAMENTO DE TUBOS E PECAS",null,"UN",3,33.409999999999997,100.23]
["Composição Auxiliar"," V142 ","Próprio","INSTALAÇÃO DE MUFLA INTERNA","ASTU - ASSENTAMENTO DE TUBOS E PECAS",null,"UN",6,33.409999999999997,200.46]
[{"$nulls":4},"MO sem LS =>",6535.4,"LS =>",0.08,"MO com LS =>",6535.48]
[{"$nulls":4},"Valor do BDI =>",1841.0532559999999,null,"Valor com BDI =>",null,8516.3700000000008]
[]
[" 11.6 ","Código","Banco","Descrição","Tipo",null,"Und","Quant.","Valor Unit","Total"]
["Composição"," V144 ","Próprio","MONTAGEM ELETROMECÂNICA DA SE ABRIGADA DE 2,25 MVA","ASTU - ASSENTAMENTO DE TUBOS E PECAS",null,"UN",1,8845.67,8845.67]
["Composição Auxiliar"," 88279 ","SINAPI","MONTADOR ELETROMECÃNICO COM ENCARGOS COMPLEMENTARES","SEDI - SERVIÇOS DIVERSOS",null,"H",64.742346699999999,27.63,1788.83]
["Composição Auxiliar"," 90776 ","SINAPI","ENCARREGADO GERAL COM ENCARGOS COMPLEMENTARES","SEDI - SERVIÇOS DIVERSOS",null,"H",64.745062000000004,24.16,1564.24]
["Composição Auxiliar"," V101 ","Próprio","INSTALAÇÃO DE ISOLADOR DISCO PORC. G. OLHAL. 175X140MM","ASTU - ASSENTAMENTO DE TUBOS E PECAS",null,"UN",12,2.71,32.520000000000003]
["Composição Auxiliar"," V102 ","Próprio","INSTALAÇÃO DE CANTONEIRA DE 38X38X4.8MM - COMP. 1.6M","ASTU - ASSENTAMENTO DE TUBOS E PECAS",null,"M",6,5.41,32.46]
["Composição Auxiliar"," V103 ","Próprio","LANÇAMENTO DE CABO DE COBRE ISOLADO P/ 1KV 240 MM²","ASTU - ASSENTAMENTO DE TUBOS E PECAS",null,"M",180,5.41,973.8]
["Composição Auxiliar"," V104 ","Próprio","LANÇAMENTO DE CABO DE CU 2AWG NU.TEMPERA MOLE (50MM2) (ATERRAMENTO)","ASTU - ASSENTAMENTO DE TUBOS E PECAS",null,"M",66,4.07,268.62]
["Composição Auxiliar"," V105 ","Próprio","INSTALAÇÃO DE CHAVE SECCIONADORA TRIPOLAR S/ FUS. TIPO FACA-15KV-400A","ASTU - ASSENTAMENTO DE TUBOS E PECAS",null,"UN",4,5.41,21.64]
["Composição Auxiliar"," V106 ","Próprio","INSTALAÇÃO DE DISJUNTOR AUTOMÁTICO. ISOLAMENTO P/ 15KV-500A","ASTU - ASSENTAMENTO DE TUBOS E PECAS",null,"UN",1,5.41,5.41]
["Composição Auxiliar"," V107 ","Próprio","INSTALAÇÃO DE ISOLADOR DE PORCELANA TIPO PEDESTAL P/15KV. USO INTERNO","ASTU - ASSENTAMENTO DE TUBOS E PECAS",null,"UN",27,5.41,146.07]
["Composição Auxiliar"," V108 ","Próprio","INSTALAÇÃO DE BUCHA PASS. PORCELANA P/ 15KV 16MM","ASTU - ASSENTAMENTO DE TUBOS E PECAS",null,"UN",12,13.57,162.84]
["Composição Auxiliar"," V109 ","Próprio","INSTALAÇÃO DE SUPORTE METALICO PARA FIXACAO DOS T.C.'S E T.P.'S","ASTU - ASSENTAMENTO DE TUBOS E PECAS",null,"UN",1,13.02,13.02]
["Composição Auxiliar"," V110 ","Próprio","INSTALAÇÃO DE TRANSF. DE CORRENTE 15 KV. 100 A. ESPECIFICACÃO ELETROBRAS E ABNT","ASTU - ASSENTAMENTO DE TUBOS E PECAS",null,"UN",2,17.63,35.26]
["Composição Auxiliar"," V111 ","Próprio","INSTALAÇÃO DE TRANSFORMADOR DE POTENCIAL. 15 KV. 13800/380/220V. 800 VA","ASTU - ASSENTAMENTO DE TUBOS E PECAS",null,"UN",2,18.18,36.36]
["Composição Auxiliar"," V112 ","Próprio","INSTALAÇÃO DE TRANFORMADOR TRIFÁSICO EM 13.8KV-380/220V DE 750KVA","ASTU - ASSENTAMENTO DE TUBOS E PECAS",null,"UN",3,176.87,530.61]
["Composição Auxiliar"," V113 ","Próprio","INSTALAÇÃO DE VERGALHAO DE COBRE ø 3/8\" COM 3 METRO","ASTU - ASSENTAMENTO DE TUBOS E PECAS",null,"UN",30,24.41,732.3]
["Composição Auxiliar"," V114 ","Próprio","INSTALAÇÃO DE LÚMINARIA A PROVA DE TEMPO","ASTU - ASSENTAMENTO DE TUBOS E PECAS",null,"UN",2,3.06,6.12]
["Composição Auxiliar"," V115 ","Próprio","INSTALAÇÃO DE LÂMPADA MISTA DE 160 WATTS","ASTU - ASSENTAMENTO DE TUBOS E PECAS",null,"UN",2,2.71,5.42]
["Composição Auxiliar"," V116 ","Próprio","INSTALAÇÃO DE INTERRUPTOR DE 1 TECLA","ASTU - ASSENTAMENTO DE TUBOS E PECAS",null,"un",1,4.07,4.07]
["Composição Auxiliar"," V117 ","Próprio","INSTALAÇÃO DE ELETRODUTO AÇO CARB. GALV.. 3/4\" X 6 M","ASTU - ASSENTAMENTO DE TUBOS E PECAS",null,"un",1,5.41,5.41]
["Composição Auxiliar"," V118 ","Próprio","INSTALAÇÃO DE CAIXA DE MEDIÇÃO DE ENERGIA ATIVA E REATIVA","ASTU - ASSENTAMENTO DE TUBOS E PECAS",null,"un",1,21.7,21.7]
["Composição Auxiliar"," V119 ","Próprio","INSTALAÇÃO DE CONECTOR KSU - 25","ASTU - ASSENTAMENTO DE TUBOS E PECAS",null,"un",3,3.25,9.75]
["Composição Auxiliar"," V120 ","Próprio","INSTALAÇÃO DE GRADE DE PROTEÇÃO EM CANTONEIRA DE AÇO E TELA DE ARAME 12AWG","ASTU - ASSENTAMENTO DE TUBOS E PECAS",null,"un",5,17.63,88.15]
["Composição Auxiliar"," V121 ","Próprio","LANÇAMENTO DE CABO DE COBRE NÚ. 4AWG - 16MM²","ASTU - ASSENTAMENTO DE TUBOS E PECAS",null,"kg",3,6.78,20.34]
["Composição Auxiliar"," V122 ","Próprio","INSTALAÇÃO DE CHAVE CORTA CIRCUITO FUSÍVEL AÇÃO SIMULT. 15KV-100A","ASTU - ASSENTAMENTO DE TUBOS E PECAS",null,"un",3,18.989999999999998,56.97]
["Composição Auxiliar"," V123 ","Próprio","INSTALAÇÃO DE ELO FUSIVEL  140 K","ASTU - ASSENTAMENTO DE TUBOS E PECAS",null,"un",3,8.15,24.45]
["Composição Auxiliar"," V124 ","Próprio","INSTALAÇÃO DE QUADRO DE DISTRIBUIÇÃO C/ BARRAMENTO 12 CIRCUITOS","ASTU - ASSENTAMENTO DE TUBOS E PECAS",null,"un",1,18.989999999999998,18.989999999999998]
["Composição Auxiliar"," V125 ","Próprio","LANÇAMENTO DE FIO DE COBRE ISOLADO 2.5MM 750V","ASTU - ASSENTAMENTO DE TUBOS E PECAS",null,"m",40,4.07,162.80000000000001]
["Composição Auxiliar"," V126 ","Próprio","INSTALAÇÃO DE ELETRODUTO PVC ROSQ. 3/4\"","ASTU - ASSENTAMENTO DE TUBOS E PECAS",null,"m",12,4.07,48.84]
["Composição Auxiliar"," V127 ","Próprio","INSTALAÇÃO DE CURVA PVC ROSQ. 3/4\"","ASTU - ASSENTAMENTO DE TUBOS E PECAS",null,"UN",2,2.71,5.42]
["Composição Auxiliar"," V128 ","Próprio","INSTALAÇÃO DE LUVA DE PVC ROSQ. 3/4\"","ASTU - ASSENTAMENTO DE TUBOS E PECAS",null,"un",1,2.71,2.71]
["Composição Auxiliar"," V129 ","Próprio","INSTALAÇÃO DE ELETRODUTO PVC ROSQ. 3\"","ASTU - ASSENTAMENTO DE TUBOS E PECAS",null,"m",12,4.07,48.84]
["Composição Auxiliar"," V130 ","Próprio","INSTALAÇÃO DE CURVA PVC ROSQ. 3\"","ASTU - ASSENTAMENTO DE TUBOS E PECAS",null,"UN",4,2.71,10.84]
["Composição Auxiliar"," V131 ","Próprio","INSTALAÇÃO DE CONECTOR KS - 16MM","ASTU - ASSENTAMENTO DE TUBOS E PECAS",null,"UN",8,2.71,21.68]
["Composição Auxiliar"," V132 ","Próprio","LANÇAMENTO DE CABO DE COBRE ISOLADO P/ 1KV DE 120MM² - N","ASTU - ASSENTAMENTO DE TUBOS E PECAS",null,"M",30,5.41,162.30000000000001]
["Composição Auxiliar"," V133 ","Próprio","INSTALAÇÃO DE PARA-RAIO P/ 15KV TIPO ÓXIDO DE ZINCO","ASTU - ASSENTAMENTO DE TUBOS E PECAS",null,"UN",6,8.15,48.9]
["Composição Auxiliar"," V134 ","Próprio","INSTALAÇÃO DE HASTE ATERR. COBREADA 19 X 3048MM. PROLONG.","ASTU - ASSENTAMENTO DE TUBOS E PECAS",null,"UN",9,9.49,85.41]
["Composição Auxiliar"," V135 ","Próprio","INSTALAÇÃO DE CONECTOR CONCÊNTRICO UNIÃO COM SUPORTE ø 3/8\"","ASTU - ASSENTAMENTO DE TUBOS E PECAS",null,"UN",36,2.71,97.56]
["Composição Auxiliar"," V136 ","Próprio","INSTALAÇÃO DE CONECTOR CONCÊNTRICO DERIV. TIPO T ø 3/8\"","ASTU - ASSENTAMENTO DE TUBOS E PECAS",null,"UN",9,2.71,24.39]
["Composição Auxiliar"," V137 ","Próprio","INSTALAÇÃO DE CONECTOR CONCÊNTRICO UNIÃO ANGULAR ø 3/8\"","ASTU - ASSENTAMENTO DE TUBOS E PECAS",null,"UN",12,4.24,50.88]
["Composição Auxiliar"," v138 ","Próprio","INSTALAÇÃO DE CONECTOR CONCÊNTRICO TERMINAL CENTRAL ø 3/8\"","ASTU - ASSENTAMENTO DE TUBOS E PECAS",null,"UN",3,2.71,8.1300000000000008]
["Composição Auxiliar"," V139 ","Próprio","INSTALAÇÃO DE CONECTOR CONCÊNTRICO UNIÃO SEM SUPORTE ø 3/8\"","ASTU - ASSENTAMENTO DE TUBOS E PECAS",null,"UN",10,2.71,27.1]
["Composição Auxiliar"," V140 ","Próprio","INSTALAÇÃO DE CONECTOR CONCÊNTRICO TERM. ANG. ø 3/8\"","ASTU - ASSENTAMENTO DE TUBOS E PECAS",null,"UN",3,2.71,8.1300000000000008]
["Composição Auxiliar"," V141 ","Próprio","INSTALAÇÃO DE MUFLA INTERNA","ASTU - ASSENTAMENTO DE TUBOS E PECAS",null,"UN",3,33.409999999999997,100.23]
["Composição Auxiliar"," V142 ","Próprio","INSTALAÇÃO DE MUFLA INTERNA","ASTU - ASSENTAMENTO DE TUBOS E PECAS",null,"UN",9,33.409999999999997,300.69]
["Composição Auxiliar"," 88247 ","SINAPI","AUXILIAR DE ELETRICISTA COM ENCARGOS COMPLEMENTARES","SEDI - SERVIÇOS DIVERSOS",null,"H",67.643416500000001,15.16,1025.47]
[{"$nulls":4},"MO sem LS =>",8635.81,"LS =>",0.1,"MO com LS =>",8635.91]
[{"$nulls":4},"Valor do BDI =>",2439.6357859999998,null,"Valor com BDI =>",null,11285.31]
[]
[" 11.7 ","Código","Banco","Descrição","Tipo",null,"Und","Quant.","Valor Unit","Total"]
["Composição"," V290 ","Próprio","MONTAGEM DE REDE DE ENERGIA PARA O PARCELAMENTO DE 200 LOTES","INEL - INSTALAÇÃO ELÉTRICA/ELETRIFICAÇÃO E ILUMINAÇÃO EXTERNA",null,"KM",1,4983.6899999999996,4983.6899999999996]
["Composição Auxiliar"," V207 ","Próprio","LOCAÇÃO DE POSTE COM INSTRUMENTO","ASTU - ASSENTAMENTO DE TUBOS E PECAS",null,"UN",10,107.4,1074]
["Composição Auxiliar"," V208 ","Próprio","ESCAVAÇÃO P/ POSTE DE CONCRETO ATÉ 1.60M","ASTU - ASSENTAMENTO DE TUBOS E PECAS",null,"CAVA",10,40.89,408.9]
["Composição Auxiliar"," V210 ","Próprio","DISTRIBUIÇÃO DE POSTE CONCRETO","ASTU - ASSENTAMENTO DE TUBOS E PECAS",null,"UN",10,34.42,344.2]
["Composição Auxiliar"," V219 ","Próprio","IMPLANTAÇÃO DE POSTE CONCRETO T/ DT 11/300","ASTU - ASSENTAMENTO DE TUBOS E PECAS",null,"UN",9,34.11,306.99]
["Composição Auxiliar"," V235 ","Próprio","MONTAGEM ELETROMECÂNICA DE ESTRUTURA DE AT - ESTAI DE ÂNCORA","ASTU - ASSENTAMENTO DE TUBOS E PECAS",null,"UN",2,26.73,53.46]
["Composição Auxiliar"," V270 ","Próprio","INSTALAÇÃO DE TRANFORMADOR TRIFÁSICO EM 13.8KV-380/220V DE 30KVA","ASTU - ASSENTAMENTO DE TUBOS E PECAS",null,"UN",1,206.19,206.19]
["Composição Auxiliar"," V286 ","Próprio","INSTALAÇÃO DE ELO FUSÍVEL","INEL - INSTALAÇÃO ELÉTRICA/ELETRIFICAÇÃO E ILUMINAÇÃO EXTERNA",null,"VAO/CO",1,8.58,8.58]
["Composição Auxiliar"," V287 ","Próprio","IMPLANTAÇÃO DE POSTE CONCRETO T/ DT 11/600","INEL - INSTALAÇÃO ELÉTRICA/ELETRIFICAÇÃO E ILUMINAÇÃO EXTERNA",null,"UN",1,91.2,91.2]
["Composição Auxiliar"," V288 ","Próprio","MONTAGEM ELETROMECÂNICA DE ESTRUTURA DE AT (GENÉRICA) EM POSTE CONC. \"DT\" C/ TRAFO","INEL - INSTALAÇÃO ELÉTRICA/ELETRIFICAÇÃO E ILUMINAÇÃO EXTERNA",null,"UN",1,257.57,257.57]
["Composição Auxiliar"," V289 ","Próprio","MONTAGEM ELETROMECÂNICA DE ESTRUTURA DE AT (GENÉRICA) EM POSTE CONC. \"DT\" S/ TRAFO","INEL - INSTALAÇÃO ELÉTRICA/ELETRIFICAÇÃO E ILUMINAÇÃO EXTERNA",null,"UN",9,84.81,763.29]
["Composição Auxiliar"," V279 ","Próprio","INSTALAÇÃO DE ATERRAMENTO EM REDE AÉREA DE BT   ","ASTU - ASSENTAMENTO DE TUBOS E PECAS",null,"UN",1,31.73,31.73]
["Composição Auxiliar"," V276 ","Próprio","LANÇAMENTO E NIVELAMENTO DE CONDUTOR 1/0 AWG CAA","INEL - INSTALAÇÃO ELÉTRICA/ELETRIFICAÇÃO E ILUMINAÇÃO EXTERNA",null,"KM/CON",2.9294801000000001,490.73,1437.58]
[{"$nulls":4},"MO sem LS =>",4260.21,"LS =>",0.16,"MO com LS =>",4260.37]
[{"$nulls":4},"Valor do BDI =>",1374.501702,null,"Valor com BDI =>",null,6358.19]
[]
[" 11.8 ","Código","Banco","Descrição","Tipo",null,"Und","Quant.","Valor Unit","Total"]
["Composição"," V50 ","Próprio","PROJETO EXECUTIVO DA REDE DE ENERGIA PARA O PARCELAMENTO DE 200 LOTES, INCLUSIVE EVT E APROVAÇÃO","ASTU - ASSENTAMENTO DE TUBOS E PECAS",null,"UN",1,12454.07,12454.07]
["Composição Auxiliar"," 90775 ","SINAPI","DESENHISTA PROJETISTA COM ENCARGOS COMPLEMENTARES","SEDI - SERVIÇOS DIVERSOS",null,"H",171.776262,29.38,5046.79]
["Composição Auxiliar"," 91677 ","SINAPI","ENGENHEIRO ELETRICISTA COM ENCARGOS COMPLEMENTARES","SEDI - SERVIÇOS DIVERSOS",null,"H",85.888131200000004,84.88,7290.18]
["Insumo"," I0857 ","SEINFRA","COPIA HELIOGRAFICA","Material",null,"m²",10,11.71,117.1]
[{"$nulls":4},"MO sem LS =>",12336.97,"LS =>",0,"MO com LS =>",12336.97]
[{"$nulls":4},"Valor do BDI =>",3434.8325060000002,null,"Valor com BDI =>",null,15888.9]
[]
[" 12.1 ","Código","Banco","Descrição","Tipo",null,"Und","Quant.","Valor Unit","Total"]
["Composição"," V35 ","Próprio","IMPLANTAÇÃO DA CERCA COM ESTACAS EM CONCRETO ARMADO DE 2,5M DE ALTURA, ESPAÇADOS A CADA 10,0M, COM 12 (DOZE) FIOS DE ARAME LISO GALVANIZADO E BALANCINHOS A CADA 2,00M","ASTU - ASSENTAMENTO DE TUBOS E PECAS",null,"M",1,37.82,37.82]
["Composição Auxiliar"," 5824 ","SINAPI","CAMINHÃO TOCO, PBT 16.000 KG, CARGA ÚTIL MÁX. 10.685 KG, DIST. ENTRE EIXOS 4,8 M, POTÊNCIA 189 CV, INCLUSIVE CARROCERIA FIXA ABERTA DE MADEIRA P/ TRANSPORTE GERAL DE CARGA SECA, DIMEN. APROX. 2,5 X 7,00 X 0,50 M - CHP DIURNO. AF_06/2014","CHOR - CUSTOS HORÁRIOS DE MÁQUINAS E EQUIPAMENTOS",null,"CHP",0.02,81.77,1.64]
["Composição Auxiliar"," 67826 ","SINAPI","CAMINHÃO BASCULANTE 6 M3 TOCO, PESO BRUTO TOTAL 16.000 KG, CARGA ÚTIL MÁXIMA 11.130 KG, DISTÂNCIA ENTRE EIXOS 5,36 M, POTÊNCIA 185 CV, INCLUSIVE CAÇAMBA METÁLICA - CHP DIURNO. AF_06/2014","CHOR - CUSTOS HORÁRIOS DE MÁQUINAS E EQUIPAMENTOS",null,"CHP",0.05,76.94,3.85]
["Composição Auxiliar"," 88309 ","SINAPI","PEDREIRO COM ENCARGOS COMPLEMENTARES","SEDI - SERVIÇOS DIVERSOS",null,"H",0.22718279999999999,19.399999999999999,4.41]
["Composição Auxiliar"," 88316 ","SINAPI","SERVENTE COM ENCARGOS COMPLEMENTARES","SEDI - SERVIÇOS DIVERSOS",null,"H",0.34252460000000001,14.96,5.12]
["Composição Auxiliar"," 88843 ","SINAPI","TRATOR DE ESTEIRAS, POTÊNCIA 125 HP, PESO OPERACIONAL 12,9 T, COM LÂMINA 2,7 M3 - CHP DIURNO. AF_10/2014","CHOR - CUSTOS HORÁRIOS DE MÁQUINAS E EQUIPAMENTOS",null,"CHP",0.03,90.44,2.71]
["Insumo"," 00000072 ","Próprio","BALANCIM (DISTANCIADOR DE CERCA) COM 1.20M DE ALTURA   ","Material",null,"UN",8,1.25,10]
["Insumo"," I0098 ","SEINFRA","ARAME GALVANIZADO N.10 BWG","Material",null,"KG",0.85560000000000003,7.02,6.01]
["Insumo"," 00000345 ","SINAPI","ARAME GALVANIZADO 18 BWG, D = 1,24MM (0,009 KG/M)","Material",null,"KG",0.12,14.48,1.74]
["Insumo"," 4909 ","ORSE","Estaca pré-moldada de concreto armado (mourão), para cerca, seção 10x10, reta ou com ponta oblíqua, h(u) = 2,50m","Material",null,"un",0.1,23.42,2.34]
[{"$nulls":4},"MO sem LS =>",11.04,"LS =>",0,"MO com LS =>",11.04]
[{"$nulls":4},"Valor do BDI =>",10.430756000000001,null,"Valor com BDI =>",null,48.25]
[]
[" 12.2 ","Código","Banco","Descrição","Tipo",null,"Und","Quant.","Valor Unit","Total"]
["Composição"," C4872 ","SEINFRA","PORTÕES COM ESTRUTURA EM TUBO DE AÇO DE 2\", COM TELA GALVANIZADA COM MALHA DE 5CM, EM DUAS BANDAS DE 2,0M DE LARGURA POR 2,0M DE ALTURA, PRESAS POR ABRAÇADEIRA EM ESTACAS DE CONCRETO ARMADO, COM EIXO","ESQUADRIAS METÁLICAS",null,"UN",1,974.61,974.61]
["Composição Auxiliar"," C0840 ","SEINFRA","CONCRETO P/VIBR., FCK 15 MPa COM AGREGADO ADQUIRIDO","CONCRETOS",null,"m³",0.34010000000000001,259.83999999999997,88.37]
["Composição Auxiliar"," C0216 ","SEINFRA","ARMADURA CA-50A MÉDIA D= 6,3 A 10,0mm","ARMADURAS",null,"KG",8.5,6.39,54.32]
["Composição Auxiliar"," C0218 ","SEINFRA","ARMADURA CA-60 MÉDIA D= 6,4 A 9,5mm","ARMADURAS",null,"KG",1.2675000000000001,6.17,7.82]
["Composição Auxiliar"," C1604 ","SEINFRA","LANÇAMENTO E APLICAÇÃO DE CONCRETO S/ ELEVAÇÃO","CONCRETOS",null,"m³",0.34010000000000001,100.39,34.14]
["Composição Auxiliar"," 88245 ","SINAPI","ARMADOR COM ENCARGOS COMPLEMENTARES","SEDI - SERVIÇOS DIVERSOS",null,"H",2.8084611000000002,19.3,54.2]
["Composição Auxiliar"," 88316 ","SINAPI","SERVENTE COM ENCARGOS COMPLEMENTARES","SEDI - SERVIÇOS DIVERSOS",null,"H",5.6189869999999997,14.96,84.06]
["Composição Auxiliar"," 88317 ","SINAPI","SOLDADOR COM ENCARGOS COMPLEMENTARES","SEDI - SERVIÇOS DIVERSOS",null,"H",1.8723072999999999,20.04,37.520000000000003]
["Insumo"," I0467 ","SEINFRA","CANTONEIRA DE FERRO 1\"x 3/16\" (L X E)","Material",null,"KG",13.362500000000001,4.33,57.86]
["Insumo"," 1194 ","ORSE","Joelho 90° ferro galvanizado d=2 \"","Material",null,"un",4,23.4,93.6]
["Insumo"," I2339 ","SEINFRA","FERRO CHATO DE 2\" x 3/16\"","Material",null,"KG",6.25,4.12,25.75]
["Insumo"," I2338 ","SEINFRA","FERRO CHATO DE 1/2\" x 3/16\"","Material",null,"KG",5.3125,4.12,21.89]
["Insumo"," 00021013 ","SINAPI","TUBO ACO GALVANIZADO COM COSTURA, CLASSE LEVE, DN 50 MM ( 2\"),  E = 3,00 MM,  *4,40* KG/M (NBR 5580)","Material",null,"M",11.0375,30.73,339.18]
["Insumo"," 00007162 ","SINAPI","TELA DE ARAME GALVANIZADA QUADRANGULAR / LOSANGULAR, FIO 3,4 MM (10 BWG), MALHA 5 X 5 CM, H = 2 M","Material",null,"m²",2.5,30.36,75.900000000000006]
[{"$nulls":4},"MO sem LS =>",254.8,"LS =>",0.03,"MO com LS =>",254.83]
[{"$nulls":4},"Valor do BDI =>",268.797438,null,"Valor com BDI =>",null,1243.4100000000001]
[]
[" 12.3 ","Código","Banco","Descrição","Tipo",null,"Und","Quant.","Valor Unit","Total"]
["Composição"," V36 ","Próprio","VEGETAÇÃO NATIVA RASTEIRA PARA PROTEÇÃO DE TALUDE","ASTU - ASSENTAMENTO DE TUBOS E PECAS",null,"m²",1,9.81,9.81]
["Composição Auxiliar"," 88316 ","SINAPI","SERVENTE COM ENCARGOS COMPLEMENTARES","SEDI - SERVIÇOS DIVERSOS",null,"H",0.2279246,14.96,3.41]
["Composição Auxiliar"," 88441 ","SINAPI","JARDINEIRO COM ENCARGOS COMPLEMENTARES","SEDI - SERVIÇOS DIVERSOS",null,"H",0.23421059999999999,18.2,4.26]
["Insumo"," 00000008 ","Próprio","VEGETAÇÃO RASTEIRA NATIVA","Material",null,"m²",1,1.56,1.56]
["Insumo"," 140 ","ORSE","Adubo orgânico bovino, cacau ou similar","Material",null,"m³",5.0000000000000001E-3,85.56,0.43]
["Insumo"," 3800 ","ORSE","Adubo mineral NPK (10-10-10)","Material",null,"kg",0.1,1.37,0.14000000000000001]
["Insumo"," 00025963 ","SINAPI","CALCARIO DOLOMITICO A (POSTO PEDREIRA/FORNECEDOR, SEM FRETE)","Material",null,"KG",0.15,0.05,0.01]
[{"$nulls":4},"MO sem LS =>",7.67,"LS =>",0,"MO com LS =>",7.67]
[{"$nulls":4},"Valor do BDI =>",2.7055980000000002,null,"Valor com BDI =>",null,12.52]
[]
[" 12.4 ","Código","Banco","Descrição","Tipo",null,"Und","Quant.","Valor Unit","Total"]
["Composição"," V39 ","Próprio","CONSTRUÇÃO DAS CAIXAS DE PASSAGEM  SOB A RODOVIA PI-141, COMPREENDENDO DE UM  LASTRO EM CONCRETO ARMADO NA LARGURA DE 4,00M, COMPRIMENTO DE 3,00M, ALTURA 3,00 M E ESPESSURA DE 0,30M","ASTU - ASSENTAMENTO DE TUBOS E PECAS",null,"UN",1,30658.79,30658.79]
["Composição Auxiliar"," 101232 ","SINAPI","ESCAVAÇÃO VERTICAL A CÉU ABERTO, EM OBRAS DE INFRAESTRUTURA, INCLUINDO CARGA, DESCARGA E TRANSPORTE, EM SOLO DE 1ª CATEGORIA COM ESCAVADEIRA HIDRÁULICA (CAÇAMBA: 1,2 M³ / 155 HP), FROTA DE 3 CAMINHÕES BASCULANTES DE 14 M³, DMT ATÉ 1 KM E VELOCIDADE MÉDIA14KM/H. AF_05/2020","MOVT - MOVIMENTO DE TERRA",null,"m³",67.887775599999998,3.91,265.44]
["Composição Auxiliar"," 94962 ","SINAPI","CONCRETO MAGRO PARA LASTRO, TRAÇO 1:4,5:4,5 (CIMENTO/ AREIA MÉDIA/ BRITA 1)  - PREPARO MECÂNICO COM BETONEIRA 400 L. AF_07/2016","FUES - FUNDAÇÕES E ESTRUTURAS",null,"m³",0.75,185.56,139.16999999999999]
["Composição Auxiliar"," 94966 ","SINAPI","CONCRETO FCK = 30MPA, TRAÇO 1:2,1:2,5 (CIMENTO/ AREIA MÉDIA/ BRITA 1)  - PREPARO MECÂNICO COM BETONEIRA 400 L. AF_07/2016","FUES - FUNDAÇÕES E ESTRUTURAS",null,"m³",18.579999999999998,264.31,4910.88]
["Composição Auxiliar"," 96539 ","SINAPI","FABRICAÇÃO, MONTAGEM E DESMONTAGEM DE FÔRMA PARA VIGA BALDRAME, EM CHAPA DE MADEIRA COMPENSADA RESINADA, E=17 MM, 2 UTILIZAÇÕES. AF_06/2017","FUES - FUNDAÇÕES E ESTRUTURAS",null,"m²",217.91715859999999,64.22,13994.64]
["Composição Auxiliar"," 96547 ","SINAPI","ARMAÇÃO DE BLOCO, VIGA BALDRAME OU SAPATA UTILIZANDO AÇO CA-50 DE 12,5 MM - MONTAGEM. AF_06/2017","FUES - FUNDAÇÕES E ESTRUTURAS",null,"KG",2229.6,5.09,11348.66]
[{"$nulls":4},"MO sem LS =>",12755.22,"LS =>",1.0900000000000001,"MO com LS =>",12756.31]
[{"$nulls":4},"Valor do BDI =>",8455.6942820000004,null,"Valor com BDI =>",null,39114.480000000003]
[]
[" 12.5 ","Código","Banco","Descrição","Tipo",null,"Und","Quant.","Valor Unit","Total"]
["Composição"," V40 ","Próprio","COMPORTA PLANA EM CHAPA DE AÇO TIPO PARAFUSO DE ROSCA, NAS DIMENSÕES 0,80M X 1,80M X 0,03M, DESLOCANDO SOBRE UMA CALLHA DE AÇO EM FORMA DE \"U\"","ASTU - ASSENTAMENTO DE TUBOS E PECAS",null,"UN",1,431.07,431.07]
["Composição Auxiliar"," 88243 ","SINAPI","AJUDANTE ESPECIALIZADO COM ENCARGOS COMPLEMENTARES","SEDI - SERVIÇOS DIVERSOS",null,"H",0.78060289999999999,17.53,13.68]
["Composição Auxiliar"," 88251 ","SINAPI","AUXILIAR DE SERRALHEIRO COM ENCARGOS COMPLEMENTARES","SEDI - SERVIÇOS DIVERSOS",null,"H",6.0041779000000002,15.08,90.54]
["Composição Auxiliar"," 88277 ","SINAPI","MONTADOR (TUBO AÇO/EQUIPAMENTOS) COM ENCARGOS COMPLEMENTARES","SEDI - SERVIÇOS DIVERSOS",null,"H",0.78060289999999999,21.3,16.63]
["Composição Auxiliar"," 88315 ","SINAPI","SERRALHEIRO COM ENCARGOS COMPLEMENTARES","SEDI - SERVIÇOS DIVERSOS",null,"H",6.2448224000000003,19.3,120.53]
["Insumo"," 510 ","ORSE","Perfil Aço, Cantoneira abas iguais - 1 1/2\" x 1/4\" (3,48 kg/m)","Material",null,"kg",4,3.66,14.64]
["Insumo"," 00001330 ","SINAPI","CHAPA DE ACO GROSSA, ASTM A36, E = 1/4 \" (6,35 MM) 49,79 KG/M2","Material",null,"KG",45,3.89,175.05]
[{"$nulls":4},"MO sem LS =>",241.38,"LS =>",0,"MO com LS =>",241.38]
[{"$nulls":4},"Valor do BDI =>",118.889106,null,"Valor com BDI =>",null,549.96]
[]
[" 12.6 ","Código","Banco","Descrição","Tipo",null,"Und","Quant.","Valor Unit","Total"]
["Composição"," V49 ","Próprio","LIMPEZA DE CANAIS E RESERVATÓRIOS INCLUSIVE TRANSPORTE HORIZONTAL E VERTICAL","ASTU - ASSENTAMENTO DE TUBOS E PECAS",null,"m²",1,6.16,6.16]
["Composição Auxiliar"," 100206 ","SINAPI","TRANSPORTE HORIZONTAL COM JERICA DE 90 L, DE MASSA/ GRANEL (UNIDADE: M3XKM). AF_07/2019","SEDI - SERVIÇOS DIVERSOS",null,"M3XKM",9.7146000000000003E-3,576.73,5.6]
["Composição Auxiliar"," 100235 ","SINAPI","TRANSPORTE VERTICAL MANUAL, 1 PAVIMENTO, DE LATA DE 18 LITROS (UNIDADE: L). AF_07/2019","SEDI - SERVIÇOS DIVERSOS",null,"L",10,0.02,0.2]
["Composição Auxiliar"," 88316 ","SINAPI","SERVENTE COM ENCARGOS COMPLEMENTARES","SEDI - SERVIÇOS DIVERSOS",null,"H",2.4032499999999998E-2,14.96,0.36]
[{"$nulls":4},"MO sem LS =>",6.16,"LS =>",0,"MO com LS =>",6.16]
[{"$nulls":4},"Valor do BDI =>",1.698928,null,"Valor com BDI =>",null,7.86]
[]
[" 12.7 ","Código","Banco","Descrição","Tipo",null,"Und","Quant.","Valor Unit","Total"]
["Composição"," V53 ","Próprio","TRANSPORTE DE TUBOS E CONEXÕES NA OBRA","ASTU - ASSENTAMENTO DE TUBOS E PECAS",null,"TON X KM",1,0.45,0.45]
["Composição Auxiliar"," 72839 ","SINAPI","TRANSPORTE COMERCIAL COM CAMINHAO CARROCERIA 9 T, RODOVIA COM REVESTIMENTO PRIMARIO","MOVT - MOVIMENTO DE TERRA",null,"TXKM",1.0178571000000001,0.44,0.45]
[{"$nulls":4},"MO sem LS =>",0.08,"LS =>",0,"MO com LS =>",0.08]
[{"$nulls":4},"Valor do BDI =>",0.12411,null,"Valor com BDI =>",null,0.56999999999999995]
[]
[" 12.8 ","Código","Banco","Descrição","Tipo",null,"Und","Quant.","Valor Unit","Total"]
["Composição"," V52 ","Próprio","TRANSPORTE DE AGREGADOS","ASTU - ASSENTAMENTO DE TUBOS E PECAS",null,"m³",1,19.77,19.77]
["Composição Auxiliar"," 93589 ","SINAPI","TRANSPORTE COM CAMINHÃO BASCULANTE DE 10 M3, EM VIA URBANA EM REVESTIMENTO PRIMÁRIO (UNIDADE: M3XKM). AF_04/2016","TRAN - TRANSPORTES, CARGAS E DESCARGAS",null,"M3XKM",6.2783505000000002,0.76,4.7699999999999996]
["Composição Auxiliar"," 93590 ","SINAPI","TRANSPORTE COM CAMINHÃO BASCULANTE DE 10 M3, EM VIA URBANA PAVIMENTADA, DMT ACIMA DE 30KM (UNIDADE: M3XKM). AF_04/2016","TRAN - TRANSPORTES, CARGAS E DESCARGAS",null,"M3XKM",30,0.5,15]
[{"$nulls":4},"MO sem LS =>",2.99,"LS =>",0.1,"MO com LS =>",3.09]
[{"$nulls":4},"Valor do BDI =>",5.452566,null,"Valor com BDI =>",null,25.22]
[]
[" 12.9 ","Código","Banco","Descrição","Tipo",null,"Und","Quant.","Valor Unit","Total"]
["Composição"," V291 ","Próprio","TRANSPORTE DE POSTES DT / CRUZETAS DE CONCRETO","ASTU - ASSENTAMENTO DE TUBOS E PECAS",null,"TON",1,49.97,49.97]
["Composição Auxiliar"," D5914640 ","Próprio","TRANSPORTE COM CAVALO MECÂNICO DE 30 T - RODOVIA PAVIMENTADA","ASTU - ASSENTAMENTO DE TUBOS E PECAS",null,"TKM",199.87500009999999,0.25,49.97]
[{"$nulls":4},"MO sem LS =>",0,"LS =>",0,"MO com LS =>",0]
[{"$nulls":4},"Valor do BDI =>",13.781726000000001,null,"Valor com BDI =>",null,63.75]
[]
[" 12.10 ","Código","Banco","Descrição","Tipo",null,"Und","Quant.","Valor Unit","Total"]
["Composição"," V292 ","Próprio","TRANSPORTE DE MATERIAIS ELÉTRICOS","ASTU - ASSENTAMENTO DE TUBOS E PECAS",null,"TON",1,417.73,417.73]
["Composição Auxiliar"," D5914614 ","Próprio","TRANSPORTE COM CAMINHÃO CARROCERIA COM GUINDAUTO DE 20 T.M - RODOVIA PAVIMENTADA","ASTU - ASSENTAMENTO DE TUBOS E PECAS",null,"TKM",497.29906499999998,0.84,417.73]
[{"$nulls":4},"MO sem LS =>",0,"LS =>",0,"MO com LS =>",0]
[{"$nulls":4},"Valor do BDI =>",115.209934,null,"Valor com BDI =>",null,532.94000000000005]
[]
["Composições Auxiliares"]
[null,"Código","Banco","Descrição","Tipo",null,"Und","Quant.","Valor Unit","Total"]
["Composição"," 89977 ","SINAPI","(COMPOSIÇÃO REPRESENTATIVA) DO SERVIÇO DE ALVENARIA DE VEDAÇÃO DE BLOCOS VAZADOS DE CERÂMICA DE 14X9X19CM (ESPESSURA 14CM, BLOCO DEITADO), PARA EDIFICAÇÃO HABITACIONAL UNIFAMILIAR (CASA) E EDIFICAÇÃO PÚBLICA PADRÃO. AF_12/2014","PARE - PAREDES/PAINEIS",null,"m²",1,85.11,85.11]
["Composição Auxiliar"," 87517 ","SINAPI","ALVENARIA DE VEDAÇÃO DE BLOCOS CERÂMICOS FURADOS NA HORIZONTAL DE 14X9X19CM (ESPESSURA 14CM, BLOCO DEITADO) DE PAREDES COM ÁREA LÍQUIDA MENOR QUE 6M² COM VÃOS E ARGAMASSA DE ASSENTAMENTO COM PREPARO EM BETONEIRA. AF_06/2014","PARE - PAREDES/PAINEIS",null,"m²",0.247,100.77,24.89]
["Composição Auxiliar"," 87525 ","SINAPI","ALVENARIA DE VEDAÇÃO DE BLOCOS CERÂMICOS FURADOS NA HORIZONTAL DE 14X9X19CM (ESPESSURA 14CM, BLOCO DEITADO) DE PAREDES COM ÁREA LÍQUIDA MAIOR OU IGUAL A 6M² COM VÃOS E ARGAMASSA DE ASSENTAMENTO COM PREPARO EM BETONEIRA. AF_06/2014","PARE - PAREDES/PAINEIS",null,"m²",0.31680000000000003,79.91,25.32]
["Composição Auxiliar"," 87509 ","SINAPI","ALVENARIA DE VEDAÇÃO DE BLOCOS CERÂMICOS FURADOS NA HORIZONTAL DE 14X9X19CM (ESPESSURA 14CM, BLOCO DEITADO) DE PAREDES COM ÁREA LÍQUIDA MAIOR OU IGUAL A 6M² SEM VÃOS E ARGAMASSA DE ASSENTAMENTO COM PREPARO EM BETONEIRA. AF_06/2014","PARE - PAREDES/PAINEIS",null,"m²",0.20280000000000001,71.72,14.54]
["Composição Auxiliar"," 87501 ","SINAPI","ALVENARIA DE VEDAÇÃO DE BLOCOS CERÂMICOS FURADOS NA HORIZONTAL DE 14X9X19CM (ESPESSURA 14CM, BLOCO DEITADO) DE PAREDES COM ÁREA LÍQUIDA MENOR QUE 6M² SEM VÃOS E ARGAMASSA DE ASSENTAMENTO COM PREPARO EM BETONEIRA. AF_06/2014","PARE - PAREDES/PAINEIS",null,"m²",0.2334,87.25,20.36]
[{"$nulls":4},"MO sem LS =>",62.64,"LS =>",0,"MO com LS =>",62.64]
[{"$nulls":4},"Valor do BDI =>",23.473337999999998,null,"Valor com BDI =>",null,108.58]
[]
[null,"Código","Banco","Descrição","Tipo",null,"Und","Quant.","Valor Unit","Total"]
["Composição"," 89168 ","SINAPI","(COMPOSIÇÃO REPRESENTATIVA) DO SERVIÇO DE ALVENARIA DE VEDAÇÃO DE BLOCOS VAZADOS DE CERÂMICA DE 9X19X19CM (ESPESSURA 9CM), PARA EDIFICAÇÃO HABITACIONAL UNIFAMILIAR (CASA) E EDIFICAÇÃO PÚBLICA PADRÃO. AF_11/2014","PARE - PAREDES/PAINEIS",null,"m²",1,50.61,50.61]
["Composição Auxiliar"," 87511 ","SINAPI","ALVENARIA DE VEDAÇÃO DE BLOCOS CERÂMICOS FURADOS NA HORIZONTAL DE 9X19X19CM (ESPESSURA 9CM) DE PAREDES COM ÁREA LÍQUIDA MENOR QUE 6M² COM VÃOS E ARGAMASSA DE ASSENTAMENTO COM PREPARO EM BETONEIRA. AF_06/2014","PARE - PAREDES/PAINEIS",null,"m²",0.247,57.85,14.29]
["Composição Auxiliar"," 87519 ","SINAPI","ALVENARIA DE VEDAÇÃO DE BLOCOS CERÂMICOS FURADOS NA HORIZONTAL DE 9X19X19CM (ESPESSURA 9CM) DE PAREDES COM ÁREA LÍQUIDA MAIOR OU IGUAL A 6M² COM VÃOS E ARGAMASSA DE ASSENTAMENTO COM PREPARO EM BETONEIRA. AF_06/2014","PARE - PAREDES/PAINEIS",null,"m²",0.31680000000000003,48.27,15.29]
["Composição Auxiliar"," 87495 ","SINAPI","ALVENARIA DE VEDAÇÃO DE BLOCOS CERÂMICOS FURADOS NA HORIZONTAL DE 9X19X19CM (ESPESSURA 9CM) DE PAREDES COM ÁREA LÍQUIDA MENOR QUE 6M² SEM VÃOS E ARGAMASSA DE ASSENTAMENTO COM PREPARO EM BETONEIRA. AF_06/2014","PARE - PAREDES/PAINEIS",null,"m²",0.2334,51.6,12.04]
["Composição Auxiliar"," 87503 ","SINAPI","ALVENARIA DE VEDAÇÃO DE BLOCOS CERÂMICOS FURADOS NA HORIZONTAL DE 9X19X19CM (ESPESSURA 9CM) DE PAREDES COM ÁREA LÍQUIDA MAIOR OU IGUAL A 6M² SEM VÃOS E ARGAMASSA DE ASSENTAMENTO COM PREPARO EM BETONEIRA. AF_06/2014","PARE - PAREDES/PAINEIS",null,"m²",0.20280000000000001,44.32,8.99]
[{"$nulls":4},"MO sem LS =>",35.25,"LS =>",0,"MO com LS =>",35.25]
[{"$nulls":4},"Valor do BDI =>",13.958238,null,"Valor com BDI =>",null,64.569999999999993]
[]
[null,"Código","Banco","Descrição","Tipo",null,"Und","Quant.","Valor Unit","Total"]
["Composição"," 94779 ","SINAPI","(COMPOSIÇÃO REPRESENTATIVA) DO SERVIÇO DE CONTRAPISO EM ARGAMASSA TRAÇO 1:4 (CIM E AREIA), EM BETONEIRA 400 L, ESPESSURA 3 CM ÁREAS SECAS E 3 CM ÁREAS MOLHADAS, PARA EDIFICAÇÃO HABITACIONAL MULTIFAMILIAR (PRÉDIO). AF_11/2014","PISO - PISOS",null,"m²",1,24.06,24.06]
["Composição Auxiliar"," 87755 ","SINAPI","CONTRAPISO EM ARGAMASSA TRAÇO 1:4 (CIMENTO E AREIA), PREPARO MECÂNICO COM BETONEIRA 400 L, APLICADO EM ÁREAS MOLHADAS SOBRE IMPERMEABILIZAÇÃO, ESPESSURA 3CM. AF_06/2014","PISO - PISOS",null,"m²",0.1137,27.16,3.09]
["Composição Auxiliar"," 87630 ","SINAPI","CONTRAPISO EM ARGAMASSA TRAÇO 1:4 (CIMENTO E AREIA), PREPARO MECÂNICO COM BETONEIRA 400 L, APLICADO EM ÁREAS SECAS SOBRE LAJE, ADERIDO, ESPESSURA 3CM. AF_06/2014","PISO - PISOS",null,"m²",0.77439999999999998,22.85,17.7]
["Composição Auxiliar"," 87745 ","SINAPI","CONTRAPISO EM ARGAMASSA TRAÇO 1:4 (CIMENTO E AREIA), PREPARO MECÂNICO COM BETONEIRA 400 L, APLICADO EM ÁREAS MOLHADAS SOBRE LAJE, ADERIDO, ESPESSURA 3CM. AF_06/2014","PISO - PISOS",null,"m²",0.1119,29.18,3.27]
[{"$nulls":4},"MO sem LS =>",11.13,"LS =>",0.02,"MO com LS =>",11.15]
[{"$nulls":4},"Valor do BDI =>",6.6357480000000004,null,"Valor com BDI =>",null,30.7]
[]
[null,"Código","Banco","Descrição","Tipo",null,"Und","Quant.","Valor Unit","Total"]
["Composição"," 89173 ","SINAPI","(COMPOSIÇÃO REPRESENTATIVA) DO SERVIÇO DE EMBOÇO/MASSA ÚNICA, APLICADO MANUALMENTE, TRAÇO 1:2:8, EM BETONEIRA DE 400L, PAREDES INTERNAS, COM EXECUÇÃO DE TALISCAS, EDIFICAÇÃO HABITACIONAL UNIFAMILIAR (CASAS) E EDIFICAÇÃO PÚBLICA PADRÃO. AF_12/2014","REVE - REVESTIMENTO E TRATAMENTO DE SUPERFÍCIES",null,"m²",1,18.84,18.84]
["Composição Auxiliar"," 87527 ","SINAPI","EMBOÇO, PARA RECEBIMENTO DE CERÂMICA, EM ARGAMASSA TRAÇO 1:2:8, PREPARO MECÂNICO COM BETONEIRA 400L, APLICADO MANUALMENTE EM FACES INTERNAS DE PAREDES, PARA AMBIENTE COM ÁREA MENOR QUE 5M2, ESPESSURA DE 20MM, COM EXECUÇÃO DE TALISCAS. AF_06/2014","REVE - REVESTIMENTO E TRATAMENTO DE SUPERFÍCIES",null,"m²",0.11210000000000001,20.85,2.34]
["Composição Auxiliar"," 87531 ","SINAPI","EMBOÇO, PARA RECEBIMENTO DE CERÂMICA, EM ARGAMASSA TRAÇO 1:2:8, PREPARO MECÂNICO COM BETONEIRA 400L, APLICADO MANUALMENTE EM FACES INTERNAS DE PAREDES, PARA AMBIENTE COM ÁREA ENTRE 5M2 E 10M2, ESPESSURA DE 20MM, COM EXECUÇÃO DE TALISCAS. AF_06/2014","REVE - REVESTIMENTO E TRATAMENTO DE SUPERFÍCIES",null,"m²",0.154,17.940000000000001,2.76]
["Composição Auxiliar"," 87529 ","SINAPI","MASSA ÚNICA, PARA RECEBIMENTO DE PINTURA, EM ARGAMASSA TRAÇO 1:2:8, PREPARO MECÂNICO COM BETONEIRA 400L, APLICADA MANUALMENTE EM FACES INTERNAS DE PAREDES, ESPESSURA DE 20MM, COM EXECUÇÃO DE TALISCAS. AF_06/2014","REVE - REVESTIMENTO E TRATAMENTO DE SUPERFÍCIES",null,"m²",0.7339,18.72,13.74]
[{"$nulls":4},"MO sem LS =>",11.45,"LS =>",0.01,"MO com LS =>",11.46]
[{"$nulls":4},"Valor do BDI =>",5.196072,null,"Valor com BDI =>",null,24.04]
[]
[null,"Código","Banco","Descrição","Tipo",null,"Und","Quant.","Valor Unit","Total"]
["Composição"," 89171 ","SINAPI","(COMPOSIÇÃO REPRESENTATIVA) DO SERVIÇO DE REVESTIMENTO CERÂMICO PARA PISO COM PLACAS TIPO GRÉS DE DIMENSÕES 35X35 CM, PARA EDIFICAÇÃO HABITACIONAL UNIFAMILIAR (CASA) E EDIFICAÇÃO PÚBLICA PADRÃO. AF_11/2014","PISO - PISOS",null,"m²",1,34.729999999999997,34.729999999999997]
["Composição Auxiliar"," 87247 ","SINAPI","REVESTIMENTO CERÂMICO PARA PISO COM PLACAS TIPO ESMALTADA EXTRA DE DIMENSÕES 35X35 CM APLICADA EM AMBIENTES DE ÁREA ENTRE 5 M2 E 10 M2. AF_06/2014","PISO - PISOS",null,"m²",0.33650000000000002,36.81,12.39]
["Composição Auxiliar"," 87246 ","SINAPI","REVESTIMENTO CERÂMICO PARA PISO COM PLACAS TIPO ESMALTADA EXTRA DE DIMENSÕES 35X35 CM APLICADA EM AMBIENTES DE ÁREA MENOR QUE 5 M2. AF_06/2014","PISO - PISOS",null,"m²",5.4800000000000001E-2,41.61,2.2799999999999998]
["Composição Auxiliar"," 87248 ","SINAPI","REVESTIMENTO CERÂMICO PARA PISO COM PLACAS TIPO ESMALTADA EXTRA DE DIMENSÕES 35X35 CM APLICADA EM AMBIENTES DE ÁREA MAIOR QUE 10 M2. AF_06/2014","PISO - PISOS",null,"m²",0.60870000000000002,32.950000000000003,20.059999999999999]
[{"$nulls":4},"MO sem LS =>",7.66,"LS =>",0,"MO com LS =>",7.66]
[{"$nulls":4},"Valor do BDI =>",9.5785339999999994,null,"Valor com BDI =>",null,44.31]
[]
[null,"Código","Banco","Descrição","Tipo",null,"Und","Quant.","Valor Unit","Total"]
["Composição"," 89383 ","SINAPI","ADAPTADOR CURTO COM BOLSA E ROSCA PARA REGISTRO, PVC, SOLDÁVEL, DN 25MM X 3/4\u0094, INSTALADO EM RAMAL OU SUB-RAMAL DE ÁGUA - FORNECIMENTO E INSTALAÇÃO. AF_12/2014","INHI - INSTALAÇÕES HIDROS SANITÁRIAS",null,"UN",1,3.74,3.74]
["Composição Auxiliar"," 88267 ","SINAPI","ENCANADOR OU BOMBEIRO HIDRÁULICO COM ENCARGOS COMPLEMENTARES","SEDI - SERVIÇOS DIVERSOS",null,"H",7.8339400000000003E-2,18.97,1.49]
["Composição Auxiliar"," 88248 ","SINAPI","AUXILIAR DE ENCANADOR OU BOMBEIRO HIDRÁULICO COM ENCARGOS COMPLEMENTARES","SEDI - SERVIÇOS DIVERSOS",null,"H",7.8339400000000003E-2,14.61,1.1399999999999999]
["Insumo"," 00000065 ","SINAPI","ADAPTADOR PVC SOLDAVEL CURTO COM BOLSA E ROSCA, 25 MM X 3/4\", PARA AGUA FRIA","Material",null,"UN",1,0.46,0.46]
["Insumo"," 00000122 ","SINAPI","ADESIVO PLASTICO PARA PVC, FRASCO COM 850 GR","Material",null,"UN",7.0000000000000001E-3,41.61,0.28999999999999998]
["Insumo"," 00038383 ","SINAPI","LIXA D'AGUA EM FOLHA, GRAO 100","Material",null,"UN",0.05,1.48,7.0000000000000007E-2]
["Insumo"," 00020083 ","SINAPI","SOLUCAO LIMPADORA PARA PVC, FRASCO COM 1000 CM3","Material",null,"UN",8.0000000000000002E-3,36.14,0.28999999999999998]
[{"$nulls":4},"MO sem LS =>",2.63,"LS =>",0,"MO com LS =>",2.63]
[{"$nulls":4},"Valor do BDI =>",1.0314920000000001,null,"Valor com BDI =>",null,4.7699999999999996]
[]
[null,"Código","Banco","Descrição","Tipo",null,"Und","Quant.","Valor Unit","Total"]
["Composição"," V1 ","Próprio","ADMINISTRACAO LOCAL E MANUTENÇÃO DO CANTEIRO DE OBRAS (BASE MENSAL)","SERP - SERVIÇOS PRELIMINARES",null,"MES",1,50076.92,50076.92]
["Composição Auxiliar"," 100321 ","SINAPI","TÉCNICO EM SEGURANÇA DO TRABALHO COM ENCARGOS COMPLEMENTARES","SEDI - SERVIÇOS DIVERSOS",null,"MES",6.2081400999999996,3487.2,21649.03]
["Composição Auxiliar"," 100533 ","SINAPI","TECNICO DE EDIFICACOES COM ENCARGOS COMPLEMENTARES","SEDI - SERVIÇOS DIVERSOS",null,"H",170.7237954,33.42,5705.59]
["Composição Auxiliar"," 88326 ","SINAPI","VIGIA NOTURNO COM ENCARGOS COMPLEMENTARES","SEDI - SERVIÇOS DIVERSOS",null,"H",279.36621079999998,19.170000000000002,5355.45]
["Composição Auxiliar"," 90766 ","SINAPI","ALMOXARIFE COM ENCARGOS COMPLEMENTARES","SEDI - SERVIÇOS DIVERSOS",null,"H",170.7237954,15.98,2728.17]
["Composição Auxiliar"," 90767 ","SINAPI","APONTADOR OU APROPRIADOR COM ENCARGOS COMPLEMENTARES","SEDI - SERVIÇOS DIVERSOS",null,"H",170.7237954,16.149999999999999,2757.19]
["Composição Auxiliar"," 90778 ","SINAPI","ENGENHEIRO CIVIL DE OBRA PLENO COM ENCARGOS COMPLEMENTARES","SEDI - SERVIÇOS DIVERSOS",null,"H",42.680948800000003,98.44,4201.51]
["Composição Auxiliar"," 90780 ","SINAPI","MESTRE DE OBRAS COM ENCARGOS COMPLEMENTARES","SEDI - SERVIÇOS DIVERSOS",null,"H",170.7237954,35.9,6128.98]
["Insumo"," 00014583 ","SINAPI","TARIFA \"A\" ENTRE  0 E 20M3 FORNECIMENTO D'AGUA","Material",null,"m³",100,12.11,1211]
["Insumo"," 00014250 ","SINAPI","ENERGIA ELETRICA COMERCIAL, BAIXA TENSAO, RELATIVA AO CONSUMO DE ATE 100 KWH, INCLUINDO ICMS, PIS/PASEP E COFINS","Material",null,"KW/H",500,0.68,340]
[{"$nulls":4},"MO sem LS =>",48525.919999999998,"LS =>",0,"MO com LS =>",48525.919999999998]
[{"$nulls":4},"Valor do BDI =>",13811.214535999999,null,"Valor com BDI =>",null,63888.13]
[]
[null,"Código","Banco","Descrição","Tipo",null,"Und","Quant.","Valor Unit","Total"]
["Composição"," 88238 ","SINAPI","AJUDANTE DE ARMADOR COM ENCARGOS COMPLEMENTARES","SEDI - SERVIÇOS DIVERSOS",null,"H",1,14.95,14.95]
["Composição Auxiliar"," 95308 ","SINAPI","CURSO DE CAPACITAÇÃO PARA AJUDANTE DE ARMADOR (ENCARGOS COMPLEMENTARES) - HORISTA","SEDI - SERVIÇOS DIVERSOS",null,"H",1,0.08,0.08]
["Insumo"," 00006114 ","SINAPI","AJUDANTE DE ARMADOR","Mão de Obra",null,"H",1,10.55,10.55]
["Insumo"," 00037370 ","SINAPI","ALIMENTACAO - HORISTA (COLETADO CAIXA)","Mão de Obra",null,"H",1,1.77,1.77]
["Insumo"," 00043489 ","SINAPI","EPI - FAMILIA PEDREIRO - HORISTA (ENCARGOS COMPLEMENTARES - COLETADO CAIXA)","Mão de Obra",null,"H",1,0.96,0.96]
["Insumo"," 00037372 ","SINAPI","EXAMES - HORISTA (COLETADO CAIXA)","Mão de Obra",null,"H",1,0.35,0.35]
["Insumo"," 00043465 ","SINAPI","FERRAMENTAS - FAMILIA PEDREIRO - HORISTA (ENCARGOS COMPLEMENTARES - COLETADO CAIXA)","Mão de Obra",null,"H",1,0.5,0.5]
["Insumo"," 00037373 ","SINAPI","SEGURO - HORISTA (COLETADO CAIXA)","Mão de Obra",null,"H",1,7.0000000000000007E-2,7.0000000000000007E-2]
["Insumo"," 00037371 ","SINAPI","TRANSPORTE - HORISTA (COLETADO CAIXA)","Mão de Obra",null,"H",1,0.67,0.67]
[{"$nulls":4},"MO sem LS =>",14.95,"LS =>",0,"MO com LS =>",14.95]
[{"$nulls":4},"Valor do BDI =>",4.1232100000000003,null,"Valor com BDI =>",null,19.07]
[]
[null,"Código","Banco","Descrição","Tipo",null,"Und","Quant.","Valor Unit","Total"]
["Composição"," 88239 ","SINAPI","AJUDANTE DE CARPINTEIRO COM ENCARGOS COMPLEMENTARES","SEDI - SERVIÇOS DIVERSOS",null,"H",1,15.66,15.66]
["Composição Auxiliar"," 95309 ","SINAPI","CURSO DE CAPACITAÇÃO PARA AJUDANTE DE CARPINTEIRO (ENCARGOS COMPLEMENTARES) - HORISTA","SEDI - SERVIÇOS DIVERSOS",null,"H",1,0.11,0.11]
["Insumo"," 00006117 ","SINAPI","CARPINTEIRO AUXILIAR","Mão de Obra",null,"H",1,11.27,11.27]
["Insumo"," 00037370 ","SINAPI","ALIMENTACAO - HORISTA (COLETADO CAIXA)","Mão de Obra",null,"H",1,1.77,1.77]
["Insumo"," 00043483 ","SINAPI","EPI - FAMILIA CARPINTEIRO DE FORMAS - HORISTA (ENCARGOS COMPLEMENTARES - COLETADO CAIXA)","Mão de Obra",null,"H",1,1.08,1.08]
["Insumo"," 00037372 ","SINAPI","EXAMES - HORISTA (COLETADO CAIXA)","Mão de Obra",null,"H",1,0.35,0.35]
["Insumo"," 00043459 ","SINAPI","FERRAMENTAS - FAMILIA CARPINTEIRO DE FORMAS - HORISTA (ENCARGOS COMPLEMENTARES - COLETADO CAIXA)","Mão de Obra",null,"H",1,0.34,0.34]
["Insumo"," 00037373 ","SINAPI","SEGURO - HORISTA (COLETADO CAIXA)","Mão de Obra",null,"H",1,7.0000000000000007E-2,7.0000000000000007E-2]
["Insumo"," 00037371 ","SINAPI","TRANSPORTE - HORISTA (COLETADO CAIXA)","Mão de Obra",null,"H",1,0.67,0.67]
[{"$nulls":4},"MO sem LS =>",15.66,"LS =>",0,"MO com LS =>",15.66]
[{"$nulls":4},"Valor do BDI =>",4.3190280000000003,null,"Valor com BDI =>",null,19.98]
[]
[null,"Código","Banco","Descrição","Tipo",null,"Und","Quant.","Valor Unit","Total"]
["Composição"," 100301 ","SINAPI","AJUDANTE DE PINTOR COM ENCARGOS COMPLEMENTARES","SEDI - SERVIÇOS DIVERSOS",null,"H",1,16.149999999999999,16.149999999999999]
["Composição Auxiliar"," 100291 ","SINAPI","CURSO DE CAPACITAÇÃO PARA AJUDANTE DE PINTOR (ENCARGOS COMPLEMENTARES) - HORISTA","SEDI - SERVIÇOS DIVERSOS",null,"H",1,0.11,0.11]
["Insumo"," 00034466 ","SINAPI","AJUDANTE DE PINTOR","Mão de Obra",null,"H",1,10.55,10.55]
["Insumo"," 00037370 ","SINAPI","ALIMENTACAO - HORISTA (COLETADO CAIXA)","Mão de Obra",null,"H",1,1.77,1.77]
["Insumo"," 00043490 ","SINAPI","EPI - FAMILIA PINTOR - HORISTA (ENCARGOS COMPLEMENTARES - COLETADO CAIXA)","Mão de Obra",null,"H",1,1.46,1.46]
["Insumo"," 00037372 ","SINAPI","EXAMES - HORISTA (COLETADO CAIXA)","Mão de Obra",null,"H",1,0.35,0.35]
["Insumo"," 00043466 ","SINAPI","FERRAMENTAS - FAMILIA PINTOR - HORISTA (ENCARGOS COMPLEMENTARES - COLETADO CAIXA)","Mão de Obra",null,"H",1,1.17,1.17]
["Insumo"," 00037373 ","SINAPI","SEGURO - HORISTA (COLETADO CAIXA)","Mão de Obra",null,"H",1,7.0000000000000007E-2,7.0000000000000007E-2]
["Insumo"," 00037371 ","SINAPI","TRANSPORTE - HORISTA (COLETADO CAIXA)","Mão de Obra",null,"H",1,0.67,0.67]
[{"$nulls":4},"MO sem LS =>",16.149999999999999,"LS =>",0,"MO com LS =>",16.149999999999999]
[{"$nulls":4},"Valor do BDI =>",4.4541700000000004,null,"Valor com BDI =>",null,20.6]
[]
[null,"Código","Banco","Descrição","Tipo",null,"Und","Quant.","Valor Unit","Total"]
["Composição"," 88243 ","SINAPI","AJUDANTE ESPECIALIZADO COM ENCARGOS COMPLEMENTARES","SEDI - SERVIÇOS DIVERSOS",null,"H",1,17.53,17.53]
["Composição Auxiliar"," 95313 ","SINAPI","CURSO DE CAPACITAÇÃO PARA AJUDANTE ESPECIALIZADO (ENCARGOS COMPLEMENTARES) - HORISTA","SEDI - SERVIÇOS DIVERSOS",null,"H",1,0.1,0.1]
["Insumo"," 00000242 ","SINAPI","AJUDANTE ESPECIALIZADO","Mão de Obra",null,"H",1,13.17,13.17]
["Insumo"," 00037370 ","SINAPI","ALIMENTACAO - HORISTA (COLETADO CAIXA)","Mão de Obra",null,"H",1,1.77,1.77]
["Insumo"," 00043491 ","SINAPI","EPI - FAMILIA SERVENTE - HORISTA (ENCARGOS COMPLEMENTARES - COLETADO CAIXA)","Mão de Obra",null,"H",1,1.02,1.02]
["Insumo"," 00037372 ","SINAPI","EXAMES - HORISTA (COLETADO CAIXA)","Mão de Obra",null,"H",1,0.35,0.35]
["Insumo"," 00043467 ","SINAPI","FERRAMENTAS - FAMILIA SERVENTE - HORISTA (ENCARGOS COMPLEMENTARES - COLETADO CAIXA)","Mão de Obra",null,"H",1,0.38,0.38]
["Insumo"," 00037373 ","SINAPI","SEGURO - HORISTA (COLETADO CAIXA)","Mão de Obra",null,"H",1,7.0000000000000007E-2,7.0000000000000007E-2]
["Insumo"," 00037371 ","SINAPI","TRANSPORTE - HORISTA (COLETADO CAIXA)","Mão de Obra",null,"H",1,0.67,0.67]
[{"$nulls":4},"MO sem LS =>",17.53,"LS =>",0,"MO com LS =>",17.53]
[{"$nulls":4},"Valor do BDI =>",4.8347740000000003,null,"Valor com BDI =>",null,22.36]
[]
[null,"Código","Banco","Descrição","Tipo",null,"Und","Quant.","Valor Unit","Total"]
["Composição"," 90766 ","SINAPI","ALMOXARIFE COM ENCARGOS COMPLEMENTARES","SEDI - SERVIÇOS DIVERSOS",null,"H",1,15.98,15.98]
["Composição Auxiliar"," 95392 ","SINAPI","CURSO DE CAPACITAÇÃO PARA ALMOXARIFE (ENCARGOS COMPLEMENTARES) - HORISTA","SEDI - SERVIÇOS DIVERSOS",null,"H",1,0.05,0.05]
["Insumo"," 00000253 ","SINAPI","ALMOXARIFE","Mão de Obra",null,"H",1,14.86,14.86]
["Insumo"," 00043482 ","SINAPI","EPI - FAMILIA ALMOXARIFE - HORISTA (ENCARGOS COMPLEMENTARES - COLETADO CAIXA)","Mão de Obra",null,"H",1,0.61,0.61]
["Insumo"," 00043458 ","SINAPI","FERRAMENTAS - FAMILIA ALMOXARIFE - HORISTA (ENCARGOS COMPLEMENTARES - COLETADO CAIXA)","Mão de Obra",null,"H",1,0.04,0.04]
["Insumo"," 00037372 ","SINAPI","EXAMES - HORISTA (COLETADO CAIXA)","Mão de Obra",null,"H",1,0.35,0.35]
["Insumo"," 00037373 ","SINAPI","SEGURO - HORISTA (COLETADO CAIXA)","Mão de Obra",null,"H",1,7.0000000000000007E-2,7.0000000000000007E-2]
[{"$nulls":4},"MO sem LS =>",15.98,"LS =>",0,"MO com LS =>",15.98]
[{"$nulls":4},"Valor do BDI =>",4.4072839999999998,null,"Valor com BDI =>",null,20.39]
[]
[null,"Código","Banco","Descrição","Tipo",null,"Und","Quant.","Valor Unit","Total"]
["Composição"," 101165 ","SINAPI","ALVENARIA DE EMBASAMENTO COM BLOCO ESTRUTURAL DE CONCRETO, DE 14X19X29CM E ARGAMASSA DE ASSENTAMENTO COM PREPARO EM BETONEIRA. AF_05/2020","FUES - FUNDAÇÕES E ESTRUTURAS",null,"m³",1,481.39,481.39]
["Composição Auxiliar"," 87292 ","SINAPI","ARGAMASSA TRAÇO 1:2:8 (EM VOLUME DE CIMENTO, CAL E AREIA MÉDIA ÚMIDA) PARA EMBOÇO/MASSA ÚNICA/ASSENTAMENTO DE ALVENARIA DE VEDAÇÃO, PREPARO MECÂNICO COM BETONEIRA 400 L. AF_08/2019","SEDI - SERVIÇOS DIVERSOS",null,"m³",0.13,255.17,33.17]
["Composição Auxiliar"," 88316 ","SINAPI","SERVENTE COM ENCARGOS COMPLEMENTARES","SEDI - SERVIÇOS DIVERSOS",null,"H",3.9936316000000001,14.96,59.74]
["Composição Auxiliar"," 88309 ","SINAPI","PEDREIRO COM ENCARGOS COMPLEMENTARES","SEDI - SERVIÇOS DIVERSOS",null,"H",7.9864853,19.399999999999999,154.94]
["Insumo"," 00034566 ","SINAPI","BLOCO DE CONCRETO ESTRUTURAL 14 X 19 X 29 CM, FBK 6 MPA (NBR 6136)","Material",null,"UN",122.27,1.91,233.54]
[{"$nulls":4},"MO sem LS =>",222.31,"LS =>",0,"MO com LS =>",222.31]
[{"$nulls":4},"Valor do BDI =>",132.76736199999999,null,"Valor com BDI =>",null,614.16]
[]
[null,"Código","Banco","Descrição","Tipo",null,"Und","Quant.","Valor Unit","Total"]
["Composição"," C0076 ","SEINFRA","ALVENARIA DE TIJOLO COMUM C/ARGAMASSA MISTA DE CAL HIDRATADA 1:2:8   ESP=10 cm","ALVENARIA DE ELEVAÇÃO",null,"m²",1,74.28,74.28]
["Composição Auxiliar"," 88309 ","SINAPI","PEDREIRO COM ENCARGOS COMPLEMENTARES","SEDI - SERVIÇOS DIVERSOS",null,"H",1.2518155,19.399999999999999,24.29]
["Composição Auxiliar"," 88316 ","SINAPI","SERVENTE COM ENCARGOS COMPLEMENTARES","SEDI - SERVIÇOS DIVERSOS",null,"H",1.4474117,14.96,21.65]
["Insumo"," 00000370 ","SINAPI","AREIA MEDIA - POSTO JAZIDA/FORNECEDOR (RETIRADO NA JAZIDA, SEM TRANSPORTE)","Material",null,"m³",3.04E-2,19.52,0.59]
["Insumo"," 00001379 ","SINAPI","CIMENTO PORTLAND COMPOSTO CP II-32","Material",null,"KG",4.55,0.46,2.09]
["Insumo"," 00001106 ","SINAPI","CAL HIDRATADA CH-I PARA ARGAMASSAS","Material",null,"KG",4.55,0.47,2.14]
["Insumo"," 00007258 ","SINAPI","TIJOLO CERAMICO MACICO *5 X 10 X 20* CM","Material",null,"UN",84,0.28000000000000003,23.52]
[{"$nulls":4},"MO sem LS =>",45.94,"LS =>",0,"MO com LS =>",45.94]
[{"$nulls":4},"Valor do BDI =>",20.486424,null,"Valor com BDI =>",null,94.77]
[]
[null,"Código","Banco","Descrição","Tipo",null,"Und","Quant.","Valor Unit","Total"]
["Composição"," 101161 ","SINAPI","ALVENARIA DE VEDAÇÃO COM ELEMENTO VAZADO DE CONCRETO (COBOGÓ) DE 7X50X50CM E ARGAMASSA DE ASSENTAMENTO COM PREPARO EM BETONEIRA. AF_05/2020","PARE - PAREDES/PAINEIS",null,"m²",1,111.16,111.16]
["Composição Auxiliar"," 100489 ","SINAPI","ARGAMASSA TRAÇO 1:3 (EM VOLUME DE CIMENTO E AREIA MÉDIA ÚMIDA), PREPARO MECÂNICO COM BETONEIRA 600 L. AF_08/2019","SEDI - SERVIÇOS DIVERSOS",null,"m³",0.01,287.68,2.88]
["Composição Auxiliar"," 88316 ","SINAPI","SERVENTE COM ENCARGOS COMPLEMENTARES","SEDI - SERVIÇOS DIVERSOS",null,"H",0.80269570000000001,14.96,12.01]
["Composição Auxiliar"," 88309 ","SINAPI","PEDREIRO COM ENCARGOS COMPLEMENTARES","SEDI - SERVIÇOS DIVERSOS",null,"H",1.6046107000000001,19.399999999999999,31.13]
["Insumo"," 00000665 ","SINAPI","ELEMENTO VAZADO DE CONCRETO, QUADRICULADO, 16 FUROS *50 X 50 X 7* CM","Material",null,"UN",3.95,16.489999999999998,65.14]
[{"$nulls":4},"MO sem LS =>",43.55,"LS =>",0,"MO com LS =>",43.55]
[{"$nulls":4},"Valor do BDI =>",30.657927999999998,null,"Valor com BDI =>",null,141.82]
[]
[null,"Código","Banco","Descrição","Tipo",null,"Und","Quant.","Valor Unit","Total"]
["Composição"," 87525 ","SINAPI","ALVENARIA DE VEDAÇÃO DE BLOCOS CERÂMICOS FURADOS NA HORIZONTAL DE 14X9X19CM (ESPESSURA 14CM, BLOCO DEITADO) DE PAREDES COM ÁREA LÍQUIDA MAIOR OU IGUAL A 6M² COM VÃOS E ARGAMASSA DE ASSENTAMENTO COM PREPARO EM BETONEIRA. AF_06/2014","PARE - PAREDES/PAINEIS",null,"m²",1,79.91,79.91]
["Composição Auxiliar"," 87292 ","SINAPI","ARGAMASSA TRAÇO 1:2:8 (EM VOLUME DE CIMENTO, CAL E AREIA MÉDIA ÚMIDA) PARA EMBOÇO/MASSA ÚNICA/ASSENTAMENTO DE ALVENARIA DE VEDAÇÃO, PREPARO MECÂNICO COM BETONEIRA 400 L. AF_08/2019","SEDI - SERVIÇOS DIVERSOS",null,"m³",1.35E-2,255.17,3.44]
["Composição Auxiliar"," 88316 ","SINAPI","SERVENTE COM ENCARGOS COMPLEMENTARES","SEDI - SERVIÇOS DIVERSOS",null,"H",1.0683787,14.96,15.98]
["Composição Auxiliar"," 88309 ","SINAPI","PEDREIRO COM ENCARGOS COMPLEMENTARES","SEDI - SERVIÇOS DIVERSOS",null,"H",2.1359729999999999,19.399999999999999,41.44]
["Insumo"," 00007267 ","SINAPI","BLOCO CERAMICO (ALVENARIA VEDACAO), 6 FUROS, DE 9 X 14 X 19 CM","Material",null,"UN",56.62,0.3,16.989999999999998]
["Insumo"," 00037395 ","SINAPI","PINO DE ACO COM FURO, HASTE = 27 MM (ACAO DIRETA)","Material",null,"CENTO",1.9300000000000001E-2,26.65,0.51]
["Insumo"," 00034547 ","SINAPI","TELA DE ACO SOLDADA GALVANIZADA/ZINCADA PARA ALVENARIA, FIO  D = *1,20 A 1,70* MM, MALHA 15 X 15 MM, (C X L) *50 X 12* CM","Material",null,"M",0.80500000000000005,1.93,1.55]
[{"$nulls":4},"MO sem LS =>",58.21,"LS =>",0,"MO com LS =>",58.21]
[{"$nulls":4},"Valor do BDI =>",22.039178,null,"Valor com BDI =>",null,101.95]
[]
[null,"Código","Banco","Descrição","Tipo",null,"Und","Quant.","Valor Unit","Total"]
["Composição"," 87509 ","SINAPI","ALVENARIA DE VEDAÇÃO DE BLOCOS CERÂMICOS FURADOS NA HORIZONTAL DE 14X9X19CM (ESPESSURA 14CM, BLOCO DEITADO) DE PAREDES COM ÁREA LÍQUIDA MAIOR OU IGUAL A 6M² SEM VÃOS E ARGAMASSA DE ASSENTAMENTO COM PREPARO EM BETONEIRA. AF_06/2014","PARE - PAREDES/PAINEIS",null,"m²",1,71.72,71.72]
["Composição Auxiliar"," 87292 ","SINAPI","ARGAMASSA TRAÇO 1:2:8 (EM VOLUME DE CIMENTO, CAL E AREIA MÉDIA ÚMIDA) PARA EMBOÇO/MASSA ÚNICA/ASSENTAMENTO DE ALVENARIA DE VEDAÇÃO, PREPARO MECÂNICO COM BETONEIRA 400 L. AF_08/2019","SEDI - SERVIÇOS DIVERSOS",null,"m³",1.35E-2,255.17,3.44]
["Composição Auxiliar"," 88316 ","SINAPI","SERVENTE COM ENCARGOS COMPLEMENTARES","SEDI - SERVIÇOS DIVERSOS",null,"H",0.92012079999999996,14.96,13.77]
["Composição Auxiliar"," 88309 ","SINAPI","PEDREIRO COM ENCARGOS COMPLEMENTARES","SEDI - SERVIÇOS DIVERSOS",null,"H",1.8394562999999999,19.399999999999999,35.69]
["Insumo"," 00007267 ","SINAPI","BLOCO CERAMICO (ALVENARIA VEDACAO), 6 FUROS, DE 9 X 14 X 19 CM","Material",null,"UN",55.85,0.3,16.760000000000002]
["Insumo"," 00037395 ","SINAPI","PINO DE ACO COM FURO, HASTE = 27 MM (ACAO DIRETA)","Material",null,"CENTO",1.9300000000000001E-2,26.65,0.51]
["Insumo"," 00034547 ","SINAPI","TELA DE ACO SOLDADA GALVANIZADA/ZINCADA PARA ALVENARIA, FIO  D = *1,20 A 1,70* MM, MALHA 15 X 15 MM, (C X L) *50 X 12* CM","Material",null,"M",0.80500000000000005,1.93,1.55]
[{"$nulls":4},"MO sem LS =>",50.24,"LS =>",0.01,"MO com LS =>",50.25]
[{"$nulls":4},"Valor do BDI =>",19.780376,null,"Valor com BDI =>",null,91.5]
[]
[null,"Código","Banco","Descrição","Tipo",null,"Und","Quant.","Valor Unit","Total"]
["Composição"," 87517 ","SINAPI","ALVENARIA DE VEDAÇÃO DE BLOCOS CERÂMICOS FURADOS NA HORIZONTAL DE 14X9X19CM (ESPESSURA 14CM, BLOCO DEITADO) DE PAREDES COM ÁREA LÍQUIDA MENOR QUE 6M² COM VÃOS E ARGAMASSA DE ASSENTAMENTO COM PREPARO EM BETONEIRA. AF_06/2014","PARE - PAREDES/PAINEIS",null,"m²",1,100.77,100.77]
["Composição Auxiliar"," 87292 ","SINAPI","ARGAMASSA TRAÇO 1:2:8 (EM VOLUME DE CIMENTO, CAL E AREIA MÉDIA ÚMIDA) PARA EMBOÇO/MASSA ÚNICA/ASSENTAMENTO DE ALVENARIA DE VEDAÇÃO, PREPARO MECÂNICO COM BETONEIRA 400 L. AF_08/2019","SEDI - SERVIÇOS DIVERSOS",null,"m³",1.35E-2,255.17,3.44]
["Composição Auxiliar"," 88316 ","SINAPI","SERVENTE COM ENCARGOS COMPLEMENTARES","SEDI - SERVIÇOS DIVERSOS",null,"H",1.4226786,14.96,21.28]
["Composição Auxiliar"," 88309 ","SINAPI","PEDREIRO COM ENCARGOS COMPLEMENTARES","SEDI - SERVIÇOS DIVERSOS",null,"H",2.8445740000000002,19.399999999999999,55.18]
["Insumo"," 00007267 ","SINAPI","BLOCO CERAMICO (ALVENARIA VEDACAO), 6 FUROS, DE 9 X 14 X 19 CM","Material",null,"UN",56.62,0.3,16.989999999999998]
["Insumo"," 00037395 ","SINAPI","PINO DE ACO COM FURO, HASTE = 27 MM (ACAO DIRETA)","Material",null,"CENTO",3.6299999999999999E-2,26.65,0.97]
["Insumo"," 00034547 ","SINAPI","TELA DE ACO SOLDADA GALVANIZADA/ZINCADA PARA ALVENARIA, FIO  D = *1,20 A 1,70* MM, MALHA 15 X 15 MM, (C X L) *50 X 12* CM","Material",null,"M",1.51,1.93,2.91]
[{"$nulls":4},"MO sem LS =>",77.25,"LS =>",0,"MO com LS =>",77.25]
[{"$nulls":4},"Valor do BDI =>",27.792366000000001,null,"Valor com BDI =>",null,128.56]
[]
[null,"Código","Banco","Descrição","Tipo",null,"Und","Quant.","Valor Unit","Total"]
["Composição"," 87501 ","SINAPI","ALVENARIA DE VEDAÇÃO DE BLOCOS CERÂMICOS FURADOS NA HORIZONTAL DE 14X9X19CM (ESPESSURA 14CM, BLOCO DEITADO) DE PAREDES COM ÁREA LÍQUIDA MENOR QUE 6M² SEM VÃOS E ARGAMASSA DE ASSENTAMENTO COM PREPARO EM BETONEIRA. AF_06/2014","PARE - PAREDES/PAINEIS",null,"m²",1,87.25,87.25]
["Composição Auxiliar"," 87292 ","SINAPI","ARGAMASSA TRAÇO 1:2:8 (EM VOLUME DE CIMENTO, CAL E AREIA MÉDIA ÚMIDA) PARA EMBOÇO/MASSA ÚNICA/ASSENTAMENTO DE ALVENARIA DE VEDAÇÃO, PREPARO MECÂNICO COM BETONEIRA 400 L. AF_08/2019","SEDI - SERVIÇOS DIVERSOS",null,"m³",1.35E-2,255.17,3.44]
["Composição Auxiliar"," 88316 ","SINAPI","SERVENTE COM ENCARGOS COMPLEMENTARES","SEDI - SERVIÇOS DIVERSOS",null,"H",1.1751262,14.96,17.579999999999998]
["Composição Auxiliar"," 88309 ","SINAPI","PEDREIRO COM ENCARGOS COMPLEMENTARES","SEDI - SERVIÇOS DIVERSOS",null,"H",2.3502523000000002,19.399999999999999,45.59]
["Insumo"," 00007267 ","SINAPI","BLOCO CERAMICO (ALVENARIA VEDACAO), 6 FUROS, DE 9 X 14 X 19 CM","Material",null,"UN",55.85,0.3,16.760000000000002]
["Insumo"," 00037395 ","SINAPI","PINO DE ACO COM FURO, HASTE = 27 MM (ACAO DIRETA)","Material",null,"CENTO",3.6299999999999999E-2,26.65,0.97]
["Insumo"," 00034547 ","SINAPI","TELA DE ACO SOLDADA GALVANIZADA/ZINCADA PARA ALVENARIA, FIO  D = *1,20 A 1,70* MM, MALHA 15 X 15 MM, (C X L) *50 X 12* CM","Material",null,"M",1.51,1.93,2.91]
[{"$nulls":4},"MO sem LS =>",63.96,"LS =>",0,"MO com LS =>",63.96]
[{"$nulls":4},"Valor do BDI =>",24.063549999999999,null,"Valor com BDI =>",null,111.31]
[]
[null,"Código","Banco","Descrição","Tipo",null,"Und","Quant.","Valor Unit","Total"]
["Composição"," 87519 ","SINAPI","ALVENARIA DE VEDAÇÃO DE BLOCOS CERÂMICOS FURADOS NA HORIZONTAL DE 9X19X19CM (ESPESSURA 9CM) DE PAREDES COM ÁREA LÍQUIDA MAIOR OU IGUAL A 6M² COM VÃOS E ARGAMASSA DE ASSENTAMENTO COM PREPARO EM BETONEIRA. AF_06/2014","PARE - PAREDES/PAINEIS",null,"m²",1,48.27,48.27]
["Composição Auxiliar"," 87292 ","SINAPI","ARGAMASSA TRAÇO 1:2:8 (EM VOLUME DE CIMENTO, CAL E AREIA MÉDIA ÚMIDA) PARA EMBOÇO/MASSA ÚNICA/ASSENTAMENTO DE ALVENARIA DE VEDAÇÃO, PREPARO MECÂNICO COM BETONEIRA 400 L. AF_08/2019","SEDI - SERVIÇOS DIVERSOS",null,"m³",9.7999999999999997E-3,255.17,2.5]
["Composição Auxiliar"," 88316 ","SINAPI","SERVENTE COM ENCARGOS COMPLEMENTARES","SEDI - SERVIÇOS DIVERSOS",null,"H",0.60518019999999995,14.96,9.0500000000000007]
["Composição Auxiliar"," 88309 ","SINAPI","PEDREIRO COM ENCARGOS COMPLEMENTARES","SEDI - SERVIÇOS DIVERSOS",null,"H",1.2103603000000001,19.399999999999999,23.48]
["Insumo"," 00007266 ","SINAPI","BLOCO CERAMICO (ALVENARIA DE VEDACAO), DE 9 X 19 X 19 CM","Material",null,"MIL",2.8309999999999998E-2,445.06,12.6]
["Insumo"," 00037395 ","SINAPI","PINO DE ACO COM FURO, HASTE = 27 MM (ACAO DIRETA)","Material",null,"CENTO",5.0000000000000001E-3,26.65,0.13]
["Insumo"," 00034557 ","SINAPI","TELA DE ACO SOLDADA GALVANIZADA/ZINCADA PARA ALVENARIA, FIO D = *1,20 A 1,70* MM, MALHA 15 X 15 MM, (C X L) *50 X 7,5* CM","Material",null,"M",0.42,1.22,0.51]
[{"$nulls":4},"MO sem LS =>",33.11,"LS =>",0,"MO com LS =>",33.11]
[{"$nulls":4},"Valor do BDI =>",13.312866,null,"Valor com BDI =>",null,61.58]
[]
[null,"Código","Banco","Descrição","Tipo",null,"Und","Quant.","Valor Unit","Total"]
["Composição"," 87503 ","SINAPI","ALVENARIA DE VEDAÇÃO DE BLOCOS CERÂMICOS FURADOS NA HORIZONTAL DE 9X19X19CM (ESPESSURA 9CM) DE PAREDES COM ÁREA LÍQUIDA MAIOR OU IGUAL A 6M² SEM VÃOS E ARGAMASSA DE ASSENTAMENTO COM PREPARO EM BETONEIRA. AF_06/2014","PARE - PAREDES/PAINEIS",null,"m²",1,44.32,44.32]
["Composição Auxiliar"," 87292 ","SINAPI","ARGAMASSA TRAÇO 1:2:8 (EM VOLUME DE CIMENTO, CAL E AREIA MÉDIA ÚMIDA) PARA EMBOÇO/MASSA ÚNICA/ASSENTAMENTO DE ALVENARIA DE VEDAÇÃO, PREPARO MECÂNICO COM BETONEIRA 400 L. AF_08/2019","SEDI - SERVIÇOS DIVERSOS",null,"m³",9.7999999999999997E-3,255.17,2.5]
["Composição Auxiliar"," 88316 ","SINAPI","SERVENTE COM ENCARGOS COMPLEMENTARES","SEDI - SERVIÇOS DIVERSOS",null,"H",0.5346997,14.96,8]
["Composição Auxiliar"," 88309 ","SINAPI","PEDREIRO COM ENCARGOS COMPLEMENTARES","SEDI - SERVIÇOS DIVERSOS",null,"H",1.0693994,19.399999999999999,20.75]
["Insumo"," 00007266 ","SINAPI","BLOCO CERAMICO (ALVENARIA DE VEDACAO), DE 9 X 19 X 19 CM","Material",null,"MIL",2.793E-2,445.06,12.43]
["Insumo"," 00037395 ","SINAPI","PINO DE ACO COM FURO, HASTE = 27 MM (ACAO DIRETA)","Material",null,"CENTO",5.0000000000000001E-3,26.65,0.13]
["Insumo"," 00034557 ","SINAPI","TELA DE ACO SOLDADA GALVANIZADA/ZINCADA PARA ALVENARIA, FIO D = *1,20 A 1,70* MM, MALHA 15 X 15 MM, (C X L) *50 X 7,5* CM","Material",null,"M",0.42,1.22,0.51]
[{"$nulls":4},"MO sem LS =>",29.32,"LS =>",0.01,"MO com LS =>",29.33]
[{"$nulls":4},"Valor do BDI =>",12.223456000000001,null,"Valor com BDI =>",null,56.54]
[]
[null,"Código","Banco","Descrição","Tipo",null,"Und","Quant.","Valor Unit","Total"]
["Composição"," 87511 ","SINAPI","ALVENARIA DE VEDAÇÃO DE BLOCOS CERÂMICOS FURADOS NA HORIZONTAL DE 9X19X19CM (ESPESSURA 9CM) DE PAREDES COM ÁREA LÍQUIDA MENOR QUE 6M² COM VÃOS E ARGAMASSA DE ASSENTAMENTO COM PREPARO EM BETONEIRA. AF_06/2014","PARE - PAREDES/PAINEIS",null,"m²",1,57.85,57.85]
["Composição Auxiliar"," 87292 ","SINAPI","ARGAMASSA TRAÇO 1:2:8 (EM VOLUME DE CIMENTO, CAL E AREIA MÉDIA ÚMIDA) PARA EMBOÇO/MASSA ÚNICA/ASSENTAMENTO DE ALVENARIA DE VEDAÇÃO, PREPARO MECÂNICO COM BETONEIRA 400 L. AF_08/2019","SEDI - SERVIÇOS DIVERSOS",null,"m³",9.7999999999999997E-3,255.17,2.5]
["Composição Auxiliar"," 88316 ","SINAPI","SERVENTE COM ENCARGOS COMPLEMENTARES","SEDI - SERVIÇOS DIVERSOS",null,"H",0.7727328,14.96,11.56]
["Composição Auxiliar"," 88309 ","SINAPI","PEDREIRO COM ENCARGOS COMPLEMENTARES","SEDI - SERVIÇOS DIVERSOS",null,"H",1.5454654999999999,19.399999999999999,29.98]
["Insumo"," 00007266 ","SINAPI","BLOCO CERAMICO (ALVENARIA DE VEDACAO), DE 9 X 19 X 19 CM","Material",null,"MIL",2.8309999999999998E-2,445.06,12.6]
["Insumo"," 00037395 ","SINAPI","PINO DE ACO COM FURO, HASTE = 27 MM (ACAO DIRETA)","Material",null,"CENTO",9.4000000000000004E-3,26.65,0.25]
["Insumo"," 00034557 ","SINAPI","TELA DE ACO SOLDADA GALVANIZADA/ZINCADA PARA ALVENARIA, FIO D = *1,20 A 1,70* MM, MALHA 15 X 15 MM, (C X L) *50 X 7,5* CM","Material",null,"M",0.78500000000000003,1.22,0.96]
[{"$nulls":4},"MO sem LS =>",42.12,"LS =>",0,"MO com LS =>",42.12]
[{"$nulls":4},"Valor do BDI =>",15.955030000000001,null,"Valor com BDI =>",null,73.81]
[]
[null,"Código","Banco","Descrição","Tipo",null,"Und","Quant.","Valor Unit","Total"]
["Composição"," 87495 ","SINAPI","ALVENARIA DE VEDAÇÃO DE BLOCOS CERÂMICOS FURADOS NA HORIZONTAL DE 9X19X19CM (ESPESSURA 9CM) DE PAREDES COM ÁREA LÍQUIDA MENOR QUE 6M² SEM VÃOS E ARGAMASSA DE ASSENTAMENTO COM PREPARO EM BETONEIRA. AF_06/2014","PARE - PAREDES/PAINEIS",null,"m²",1,51.6,51.6]
["Composição Auxiliar"," 87292 ","SINAPI","ARGAMASSA TRAÇO 1:2:8 (EM VOLUME DE CIMENTO, CAL E AREIA MÉDIA ÚMIDA) PARA EMBOÇO/MASSA ÚNICA/ASSENTAMENTO DE ALVENARIA DE VEDAÇÃO, PREPARO MECÂNICO COM BETONEIRA 400 L. AF_08/2019","SEDI - SERVIÇOS DIVERSOS",null,"m³",9.7999999999999997E-3,255.17,2.5]
["Composição Auxiliar"," 88316 ","SINAPI","SERVENTE COM ENCARGOS COMPLEMENTARES","SEDI - SERVIÇOS DIVERSOS",null,"H",0.6595647,14.96,9.8699999999999992]
["Composição Auxiliar"," 88309 ","SINAPI","PEDREIRO COM ENCARGOS COMPLEMENTARES","SEDI - SERVIÇOS DIVERSOS",null,"H",1.3191291000000001,19.399999999999999,25.59]
["Insumo"," 00007266 ","SINAPI","BLOCO CERAMICO (ALVENARIA DE VEDACAO), DE 9 X 19 X 19 CM","Material",null,"MIL",2.793E-2,445.06,12.43]
["Insumo"," 00037395 ","SINAPI","PINO DE ACO COM FURO, HASTE = 27 MM (ACAO DIRETA)","Material",null,"CENTO",9.4000000000000004E-3,26.65,0.25]
["Insumo"," 00034557 ","SINAPI","TELA DE ACO SOLDADA GALVANIZADA/ZINCADA PARA ALVENARIA, FIO D = *1,20 A 1,70* MM, MALHA 15 X 15 MM, (C X L) *50 X 7,5* CM","Material",null,"M",0.78500000000000003,1.22,0.96]
[{"$nulls":4},"MO sem LS =>",36.03,"LS =>",0.01,"MO com LS =>",36.04]
[{"$nulls":4},"Valor do BDI =>",14.23128,null,"Valor com BDI =>",null,65.83]
[]
[null,"Código","Banco","Descrição","Tipo",null,"Und","Quant.","Valor Unit","Total"]
["Composição"," 88487 ","SINAPI","APLICAÇÃO MANUAL DE PINTURA COM TINTA LÁTEX PVA EM PAREDES, DUAS DEMÃOS. AF_06/2014","PINT - PINTURAS",null,"m²",1,6.42,6.42]
["Composição Auxiliar"," 88316 ","SINAPI","SERVENTE COM ENCARGOS COMPLEMENTARES","SEDI - SERVIÇOS DIVERSOS",null,"H",3.7480100000000002E-2,14.96,0.56000000000000005]
["Composição Auxiliar"," 88310 ","SINAPI","PINTOR COM ENCARGOS COMPLEMENTARES","SEDI - SERVIÇOS DIVERSOS",null,"H",0.1015085,20.5,2.08]
["Insumo"," 00007345 ","SINAPI","!EM PROCESSO DE DESATIVACAO! TINTA LATEX PVA PREMIUM, COR BRANCA","Material",null,"L",0.33,11.45,3.78]
[{"$nulls":4},"MO sem LS =>",2.64,"LS =>",0,"MO com LS =>",2.64]
[{"$nulls":4},"Valor do BDI =>",1.7706360000000001,null,"Valor com BDI =>",null,8.19]
[]
[null,"Código","Banco","Descrição","Tipo",null,"Und","Quant.","Valor Unit","Total"]
["Composição"," 90767 ","SINAPI","APONTADOR OU APROPRIADOR COM ENCARGOS COMPLEMENTARES","SEDI - SERVIÇOS DIVERSOS",null,"H",1,16.149999999999999,16.149999999999999]
["Composição Auxiliar"," 95393 ","SINAPI","CURSO DE CAPACITAÇÃO PARA APONTADOR OU APROPRIADOR (ENCARGOS COMPLEMENTARES) - HORISTA","SEDI - SERVIÇOS DIVERSOS",null,"H",1,0.22,0.22]
["Insumo"," 00006122 ","SINAPI","APONTADOR OU APROPRIADOR DE MAO DE OBRA","Mão de Obra",null,"H",1,14.86,14.86]
["Insumo"," 00043482 ","SINAPI","EPI - FAMILIA ALMOXARIFE - HORISTA (ENCARGOS COMPLEMENTARES - COLETADO CAIXA)","Mão de Obra",null,"H",1,0.61,0.61]
["Insumo"," 00043458 ","SINAPI","FERRAMENTAS - FAMILIA ALMOXARIFE - HORISTA (ENCARGOS COMPLEMENTARES - COLETADO CAIXA)","Mão de Obra",null,"H",1,0.04,0.04]
["Insumo"," 00037372 ","SINAPI","EXAMES - HORISTA (COLETADO CAIXA)","Mão de Obra",null,"H",1,0.35,0.35]
["Insumo"," 00037373 ","SINAPI","SEGURO - HORISTA (COLETADO CAIXA)","Mão de Obra",null,"H",1,7.0000000000000007E-2,7.0000000000000007E-2]
[{"$nulls":4},"MO sem LS =>",16.149999999999999,"LS =>",0,"MO com LS =>",16.149999999999999]
[{"$nulls":4},"Valor do BDI =>",4.4541700000000004,null,"Valor com BDI =>",null,20.6]
[]
[null,"Código","Banco","Descrição","Tipo",null,"Und","Quant.","Valor Unit","Total"]
["Composição"," C4430 ","SEINFRA","ARGAMASSA DE CIMENTO E AREIA PEN. TRAÇO 1:6","ARGAMASSA DE CIMENTO",null,"m³",1,514.72,514.72]
["Composição Auxiliar"," 88316 ","SINAPI","SERVENTE COM ENCARGOS COMPLEMENTARES","SEDI - SERVIÇOS DIVERSOS",null,"H",25.347739399999998,14.96,379.2]
["Insumo"," 00000370 ","SINAPI","AREIA MEDIA - POSTO JAZIDA/FORNECEDOR (RETIRADO NA JAZIDA, SEM TRANSPORTE)","Material",null,"m³",1.216,19.52,23.74]
["Insumo"," 00001379 ","SINAPI","CIMENTO PORTLAND COMPOSTO CP II-32","Material",null,"KG",243,0.46,111.78]
[{"$nulls":4},"MO sem LS =>",379.2,"LS =>",0,"MO com LS =>",379.2]
[{"$nulls":4},"Valor do BDI =>",141.95977600000001,null,"Valor com BDI =>",null,656.68]
[]
[null,"Código","Banco","Descrição","Tipo",null,"Und","Quant.","Valor Unit","Total"]
["Composição"," C0173 ","SEINFRA","ARGAMASSA DE CIMENTO E AREIA S/PEN. TRAÇO 1:6","ARGAMASSA DE CIMENTO",null,"m³",1,252.49,252.49]
["Composição Auxiliar"," 88316 ","SINAPI","SERVENTE COM ENCARGOS COMPLEMENTARES","SEDI - SERVIÇOS DIVERSOS",null,"H",7.8186222000000001,14.96,116.97]
["Insumo"," 00000370 ","SINAPI","AREIA MEDIA - POSTO JAZIDA/FORNECEDOR (RETIRADO NA JAZIDA, SEM TRANSPORTE)","Material",null,"m³",1.216,19.52,23.74]
["Insumo"," 00001379 ","SINAPI","CIMENTO PORTLAND COMPOSTO CP II-32","Material",null,"KG",243,0.46,111.78]
[{"$nulls":4},"MO sem LS =>",116.97,"LS =>",0,"MO com LS =>",116.97]
[{"$nulls":4},"Valor do BDI =>",69.636741999999998,null,"Valor com BDI =>",null,322.13]
[]
[null,"Código","Banco","Descrição","Tipo",null,"Und","Quant.","Valor Unit","Total"]
["Composição"," 87393 ","SINAPI","ARGAMASSA INDUSTRIALIZADA PARA CHAPISCO ROLADO, PREPARO COM MISTURADOR DE EIXO HORIZONTAL DE 300 KG. AF_08/2019","SEDI - SERVIÇOS DIVERSOS",null,"m³",1,2758.71,2758.71]
["Composição Auxiliar"," 88392 ","SINAPI","MISTURADOR DE ARGAMASSA, EIXO HORIZONTAL, CAPACIDADE DE MISTURA 300 KG, MOTOR ELÉTRICO POTÊNCIA 5 CV - CHI DIURNO. AF_06/2014","CHOR - CUSTOS HORÁRIOS DE MÁQUINAS E EQUIPAMENTOS",null,"CHI",3.62,0.55000000000000004,1.99]
["Composição Auxiliar"," 88386 ","SINAPI","MISTURADOR DE ARGAMASSA, EIXO HORIZONTAL, CAPACIDADE DE MISTURA 300 KG, MOTOR ELÉTRICO POTÊNCIA 5 CV - CHP DIURNO. AF_06/2014","CHOR - CUSTOS HORÁRIOS DE MÁQUINAS E EQUIPAMENTOS",null,"CHP",1.1000000000000001,3.1,3.41]
["Composição Auxiliar"," 88377 ","SINAPI","OPERADOR DE BETONEIRA ESTACIONÁRIA/MISTURADOR COM ENCARGOS COMPLEMENTARES","SEDI - SERVIÇOS DIVERSOS",null,"H",3.5170946999999999,16.73,58.84]
["Insumo"," 00037552 ","SINAPI","ARGAMASSA INDUSTRIALIZADA PARA CHAPISCO ROLADO","Material",null,"KG",1981.23,1.36,2694.47]
[{"$nulls":4},"MO sem LS =>",58.84,"LS =>",0,"MO com LS =>",58.84]
[{"$nulls":4},"Valor do BDI =>",760.85221799999999,null,"Valor com BDI =>",null,3519.56]
[]
[null,"Código","Banco","Descrição","Tipo",null,"Und","Quant.","Valor Unit","Total"]
["Composição"," 87369 ","SINAPI","ARGAMASSA TRAÇO 1:2:8 (EM VOLUME DE CIMENTO, CAL E AREIA MÉDIA ÚMIDA) PARA EMBOÇO/MASSA ÚNICA/ASSENTAMENTO DE ALVENARIA DE VEDAÇÃO, PREPARO MANUAL. AF_08/2019","SEDI - SERVIÇOS DIVERSOS",null,"m³",1,320.77,320.77]
["Composição Auxiliar"," 88316 ","SINAPI","SERVENTE COM ENCARGOS COMPLEMENTARES","SEDI - SERVIÇOS DIVERSOS",null,"H",8.6586651999999997,14.96,129.53]
["Insumo"," 00000370 ","SINAPI","AREIA MEDIA - POSTO JAZIDA/FORNECEDOR (RETIRADO NA JAZIDA, SEM TRANSPORTE)","Material",null,"m³",1.1399999999999999,19.52,22.25]
["Insumo"," 00001106 ","SINAPI","CAL HIDRATADA CH-I PARA ARGAMASSAS","Material",null,"KG",171.13,0.47,80.430000000000007]
["Insumo"," 00001379 ","SINAPI","CIMENTO PORTLAND COMPOSTO CP II-32","Material",null,"KG",192.52,0.46,88.56]
[{"$nulls":4},"MO sem LS =>",129.53,"LS =>",0,"MO com LS =>",129.53]
[{"$nulls":4},"Valor do BDI =>",88.468366000000003,null,"Valor com BDI =>",null,409.24]
[]
[null,"Código","Banco","Descrição","Tipo",null,"Und","Quant.","Valor Unit","Total"]
["Composição"," 87292 ","SINAPI","ARGAMASSA TRAÇO 1:2:8 (EM VOLUME DE CIMENTO, CAL E AREIA MÉDIA ÚMIDA) PARA EMBOÇO/MASSA ÚNICA/ASSENTAMENTO DE ALVENARIA DE VEDAÇÃO, PREPARO MECÂNICO COM BETONEIRA 400 L. AF_08/2019","SEDI - SERVIÇOS DIVERSOS",null,"m³",1,255.17,255.17]
["Composição Auxiliar"," 88831 ","SINAPI","BETONEIRA CAPACIDADE NOMINAL DE 400 L, CAPACIDADE DE MISTURA 280 L, MOTOR ELÉTRICO TRIFÁSICO POTÊNCIA DE 2 CV, SEM CARREGADOR - CHI DIURNO. AF_10/2014","CHOR - CUSTOS HORÁRIOS DE MÁQUINAS E EQUIPAMENTOS",null,"CHI",3.45,0.2,0.69]
["Composição Auxiliar"," 88830 ","SINAPI","BETONEIRA CAPACIDADE NOMINAL DE 400 L, CAPACIDADE DE MISTURA 280 L, MOTOR ELÉTRICO TRIFÁSICO POTÊNCIA DE 2 CV, SEM CARREGADOR - CHP DIURNO. AF_10/2014","CHOR - CUSTOS HORÁRIOS DE MÁQUINAS E EQUIPAMENTOS",null,"CHP",1.05,1.1499999999999999,1.21]
["Composição Auxiliar"," 88377 ","SINAPI","OPERADOR DE BETONEIRA ESTACIONÁRIA/MISTURADOR COM ENCARGOS COMPLEMENTARES","SEDI - SERVIÇOS DIVERSOS",null,"H",3.5089033999999999,16.73,58.7]
["Insumo"," 00000370 ","SINAPI","AREIA MEDIA - POSTO JAZIDA/FORNECEDOR (RETIRADO NA JAZIDA, SEM TRANSPORTE)","Material",null,"m³",1.1599999999999999,19.52,22.64]
["Insumo"," 00001106 ","SINAPI","CAL HIDRATADA CH-I PARA ARGAMASSAS","Material",null,"KG",174.1,0.47,81.83]
["Insumo"," 00001379 ","SINAPI","CIMENTO PORTLAND COMPOSTO CP II-32","Material",null,"KG",195.86,0.46,90.1]
[{"$nulls":4},"MO sem LS =>",58.7,"LS =>",0,"MO com LS =>",58.7]
[{"$nulls":4},"Valor do BDI =>",70.375885999999994,null,"Valor com BDI =>",null,325.55]
[]
[null,"Código","Banco","Descrição","Tipo",null,"Und","Quant.","Valor Unit","Total"]
["Composição"," 87313 ","SINAPI","ARGAMASSA TRAÇO 1:3 (EM VOLUME DE CIMENTO E AREIA GROSSA ÚMIDA) PARA CHAPISCO CONVENCIONAL, PREPARO MECÂNICO COM BETONEIRA 400 L. AF_08/2019","SEDI - SERVIÇOS DIVERSOS",null,"m³",1,290.75,290.75]
["Composição Auxiliar"," 88831 ","SINAPI","BETONEIRA CAPACIDADE NOMINAL DE 400 L, CAPACIDADE DE MISTURA 280 L, MOTOR ELÉTRICO TRIFÁSICO POTÊNCIA DE 2 CV, SEM CARREGADOR - CHI DIURNO. AF_10/2014","CHOR - CUSTOS HORÁRIOS DE MÁQUINAS E EQUIPAMENTOS",null,"CHI",3.31,0.2,0.66]
["Composição Auxiliar"," 88830 ","SINAPI","BETONEIRA CAPACIDADE NOMINAL DE 400 L, CAPACIDADE DE MISTURA 280 L, MOTOR ELÉTRICO TRIFÁSICO POTÊNCIA DE 2 CV, SEM CARREGADOR - CHP DIURNO. AF_10/2014","CHOR - CUSTOS HORÁRIOS DE MÁQUINAS E EQUIPAMENTOS",null,"CHP",1.01,1.1499999999999999,1.1599999999999999]
["Composição Auxiliar"," 88377 ","SINAPI","OPERADOR DE BETONEIRA ESTACIONÁRIA/MISTURADOR COM ENCARGOS COMPLEMENTARES","SEDI - SERVIÇOS DIVERSOS",null,"H",3.3926335000000001,16.73,56.76]
["Insumo"," 00000367 ","SINAPI","AREIA GROSSA - POSTO JAZIDA/FORNECEDOR (RETIRADO NA JAZIDA, SEM TRANSPORTE)","Material",null,"m³",0.95,37.869999999999997,35.979999999999997]
["Insumo"," 00001379 ","SINAPI","CIMENTO PORTLAND COMPOSTO CP II-32","Material",null,"KG",426.49,0.46,196.19]
[{"$nulls":4},"MO sem LS =>",56.76,"LS =>",0,"MO com LS =>",56.76]
[{"$nulls":4},"Valor do BDI =>",80.188850000000002,null,"Valor com BDI =>",null,370.94]
[]
[null,"Código","Banco","Descrição","Tipo",null,"Und","Quant.","Valor Unit","Total"]
["Composição"," 87298 ","SINAPI","ARGAMASSA TRAÇO 1:3 (EM VOLUME DE CIMENTO E AREIA MÉDIA ÚMIDA) PARA CONTRAPISO, PREPARO MECÂNICO COM BETONEIRA 400 L. AF_08/2019","SEDI - SERVIÇOS DIVERSOS",null,"m³",1,348.69,348.69]
["Composição Auxiliar"," 88831 ","SINAPI","BETONEIRA CAPACIDADE NOMINAL DE 400 L, CAPACIDADE DE MISTURA 280 L, MOTOR ELÉTRICO TRIFÁSICO POTÊNCIA DE 2 CV, SEM CARREGADOR - CHI DIURNO. AF_10/2014","CHOR - CUSTOS HORÁRIOS DE MÁQUINAS E EQUIPAMENTOS",null,"CHI",3.39,0.2,0.68]
["Composição Auxiliar"," 88830 ","SINAPI","BETONEIRA CAPACIDADE NOMINAL DE 400 L, CAPACIDADE DE MISTURA 280 L, MOTOR ELÉTRICO TRIFÁSICO POTÊNCIA DE 2 CV, SEM CARREGADOR - CHP DIURNO. AF_10/2014","CHOR - CUSTOS HORÁRIOS DE MÁQUINAS E EQUIPAMENTOS",null,"CHP",1.03,1.1499999999999999,1.18]
["Composição Auxiliar"," 88377 ","SINAPI","OPERADOR DE BETONEIRA ESTACIONÁRIA/MISTURADOR COM ENCARGOS COMPLEMENTARES","SEDI - SERVIÇOS DIVERSOS",null,"H",3.4776381999999999,16.73,58.18]
["Insumo"," 00000370 ","SINAPI","AREIA MEDIA - POSTO JAZIDA/FORNECEDOR (RETIRADO NA JAZIDA, SEM TRANSPORTE)","Material",null,"m³",1.27,19.52,24.79]
["Insumo"," 00001379 ","SINAPI","CIMENTO PORTLAND COMPOSTO CP II-32","Material",null,"KG",573.61,0.46,263.86]
[{"$nulls":4},"MO sem LS =>",58.18,"LS =>",0,"MO com LS =>",58.18]
[{"$nulls":4},"Valor do BDI =>",96.168701999999996,null,"Valor com BDI =>",null,444.86]
[]
[null,"Código","Banco","Descrição","Tipo",null,"Und","Quant.","Valor Unit","Total"]
["Composição"," 88629 ","SINAPI","ARGAMASSA TRAÇO 1:3 (EM VOLUME DE CIMENTO E AREIA MÉDIA ÚMIDA), PREPARO MANUAL. AF_08/2019","SEDI - SERVIÇOS DIVERSOS",null,"m³",1,343.49,343.49]
["Composição Auxiliar"," 88316 ","SINAPI","SERVENTE COM ENCARGOS COMPLEMENTARES","SEDI - SERVIÇOS DIVERSOS",null,"H",6.7137028000000001,14.96,100.44]
["Insumo"," 00000370 ","SINAPI","AREIA MEDIA - POSTO JAZIDA/FORNECEDOR (RETIRADO NA JAZIDA, SEM TRANSPORTE)","Material",null,"m³",1.07,19.52,20.89]
["Insumo"," 00001379 ","SINAPI","CIMENTO PORTLAND COMPOSTO CP II-32","Material",null,"KG",482.96,0.46,222.16]
[{"$nulls":4},"MO sem LS =>",100.44,"LS =>",0,"MO com LS =>",100.44]
[{"$nulls":4},"Valor do BDI =>",94.734542000000005,null,"Valor com BDI =>",null,438.22]
[]
[null,"Código","Banco","Descrição","Tipo",null,"Und","Quant.","Valor Unit","Total"]
["Composição"," 88628 ","SINAPI","ARGAMASSA TRAÇO 1:3 (EM VOLUME DE CIMENTO E AREIA MÉDIA ÚMIDA), PREPARO MECÂNICO COM BETONEIRA 400 L. AF_08/2019","SEDI - SERVIÇOS DIVERSOS",null,"m³",1,289.87,289.87]
["Composição Auxiliar"," 88831 ","SINAPI","BETONEIRA CAPACIDADE NOMINAL DE 400 L, CAPACIDADE DE MISTURA 280 L, MOTOR ELÉTRICO TRIFÁSICO POTÊNCIA DE 2 CV, SEM CARREGADOR - CHI DIURNO. AF_10/2014","CHOR - CUSTOS HORÁRIOS DE MÁQUINAS E EQUIPAMENTOS",null,"CHI",2.62,0.2,0.52]
["Composição Auxiliar"," 88830 ","SINAPI","BETONEIRA CAPACIDADE NOMINAL DE 400 L, CAPACIDADE DE MISTURA 280 L, MOTOR ELÉTRICO TRIFÁSICO POTÊNCIA DE 2 CV, SEM CARREGADOR - CHP DIURNO. AF_10/2014","CHOR - CUSTOS HORÁRIOS DE MÁQUINAS E EQUIPAMENTOS",null,"CHP",0.8,1.1499999999999999,0.92]
["Composição Auxiliar"," 88377 ","SINAPI","OPERADOR DE BETONEIRA ESTACIONÁRIA/MISTURADOR COM ENCARGOS COMPLEMENTARES","SEDI - SERVIÇOS DIVERSOS",null,"H",2.6922587999999998,16.73,45.04]
["Insumo"," 00000370 ","SINAPI","AREIA MEDIA - POSTO JAZIDA/FORNECEDOR (RETIRADO NA JAZIDA, SEM TRANSPORTE)","Material",null,"m³",1.07,19.52,20.89]
["Insumo"," 00001379 ","SINAPI","CIMENTO PORTLAND COMPOSTO CP II-32","Material",null,"KG",483.7,0.46,222.5]
[{"$nulls":4},"MO sem LS =>",45.04,"LS =>",0,"MO com LS =>",45.04]
[{"$nulls":4},"Valor do BDI =>",79.946145999999999,null,"Valor com BDI =>",null,369.82]
[]
[null,"Código","Banco","Descrição","Tipo",null,"Und","Quant.","Valor Unit","Total"]
["Composição"," 100489 ","SINAPI","ARGAMASSA TRAÇO 1:3 (EM VOLUME DE CIMENTO E AREIA MÉDIA ÚMIDA), PREPARO MECÂNICO COM BETONEIRA 600 L. AF_08/2019","SEDI - SERVIÇOS DIVERSOS",null,"m³",1,287.68,287.68]
["Composição Auxiliar"," 89225 ","SINAPI","BETONEIRA CAPACIDADE NOMINAL DE 600 L, CAPACIDADE DE MISTURA 360 L, MOTOR ELÉTRICO TRIFÁSICO POTÊNCIA DE 4 CV, SEM CARREGADOR - CHP DIURNO. AF_11/2014","CHOR - CUSTOS HORÁRIOS DE MÁQUINAS E EQUIPAMENTOS",null,"CHP",0.56999999999999995,3.09,1.76]
["Composição Auxiliar"," 89226 ","SINAPI","BETONEIRA CAPACIDADE NOMINAL DE 600 L, CAPACIDADE DE MISTURA 360 L, MOTOR ELÉTRICO TRIFÁSICO POTÊNCIA DE 4 CV, SEM CARREGADOR - CHI DIURNO. AF_11/2014","CHOR - CUSTOS HORÁRIOS DE MÁQUINAS E EQUIPAMENTOS",null,"CHI",1.87,0.84,1.57]
["Composição Auxiliar"," 88316 ","SINAPI","SERVENTE COM ENCARGOS COMPLEMENTARES","SEDI - SERVIÇOS DIVERSOS",null,"H",0.5901248,14.96,8.83]
["Composição Auxiliar"," 88377 ","SINAPI","OPERADOR DE BETONEIRA ESTACIONÁRIA/MISTURADOR COM ENCARGOS COMPLEMENTARES","SEDI - SERVIÇOS DIVERSOS",null,"H",1.9198727,16.73,32.119999999999997]
["Insumo"," 00000370 ","SINAPI","AREIA MEDIA - POSTO JAZIDA/FORNECEDOR (RETIRADO NA JAZIDA, SEM TRANSPORTE)","Material",null,"m³",1.07,19.52,20.89]
["Insumo"," 00001379 ","SINAPI","CIMENTO PORTLAND COMPOSTO CP II-32","Material",null,"KG",483.72,0.46,222.51]
[{"$nulls":4},"MO sem LS =>",40.950000000000003,"LS =>",0,"MO com LS =>",40.950000000000003]
[{"$nulls":4},"Valor do BDI =>",79.342144000000005,null,"Valor com BDI =>",null,367.02]
[]
[null,"Código","Banco","Descrição","Tipo",null,"Und","Quant.","Valor Unit","Total"]
["Composição"," 87316 ","SINAPI","ARGAMASSA TRAÇO 1:4 (EM VOLUME DE CIMENTO E AREIA GROSSA ÚMIDA) PARA CHAPISCO CONVENCIONAL, PREPARO MECÂNICO COM BETONEIRA 400 L. AF_08/2019","SEDI - SERVIÇOS DIVERSOS",null,"m³",1,259.5,259.5]
["Composição Auxiliar"," 88831 ","SINAPI","BETONEIRA CAPACIDADE NOMINAL DE 400 L, CAPACIDADE DE MISTURA 280 L, MOTOR ELÉTRICO TRIFÁSICO POTÊNCIA DE 2 CV, SEM CARREGADOR - CHI DIURNO. AF_10/2014","CHOR - CUSTOS HORÁRIOS DE MÁQUINAS E EQUIPAMENTOS",null,"CHI",3.56,0.2,0.71]
["Composição Auxiliar"," 88830 ","SINAPI","BETONEIRA CAPACIDADE NOMINAL DE 400 L, CAPACIDADE DE MISTURA 280 L, MOTOR ELÉTRICO TRIFÁSICO POTÊNCIA DE 2 CV, SEM CARREGADOR - CHP DIURNO. AF_10/2014","CHOR - CUSTOS HORÁRIOS DE MÁQUINAS E EQUIPAMENTOS",null,"CHP",1.08,1.1499999999999999,1.24]
["Composição Auxiliar"," 88377 ","SINAPI","OPERADOR DE BETONEIRA ESTACIONÁRIA/MISTURADOR COM ENCARGOS COMPLEMENTARES","SEDI - SERVIÇOS DIVERSOS",null,"H",3.6399998999999998,16.73,60.9]
["Insumo"," 00000367 ","SINAPI","AREIA GROSSA - POSTO JAZIDA/FORNECEDOR (RETIRADO NA JAZIDA, SEM TRANSPORTE)","Material",null,"m³",1.02,37.869999999999997,38.630000000000003]
["Insumo"," 00001379 ","SINAPI","CIMENTO PORTLAND COMPOSTO CP II-32","Material",null,"KG",343.52,0.46,158.02000000000001]
[{"$nulls":4},"MO sem LS =>",60.9,"LS =>",0,"MO com LS =>",60.9]
[{"$nulls":4},"Valor do BDI =>",71.570099999999996,null,"Valor com BDI =>",null,331.07]
[]
[null,"Código","Banco","Descrição","Tipo",null,"Und","Quant.","Valor Unit","Total"]
["Composição"," 87301 ","SINAPI","ARGAMASSA TRAÇO 1:4 (EM VOLUME DE CIMENTO E AREIA MÉDIA ÚMIDA) PARA CONTRAPISO, PREPARO MECÂNICO COM BETONEIRA 400 L. AF_08/2019","SEDI - SERVIÇOS DIVERSOS",null,"m³",1,303.83,303.83]
["Composição Auxiliar"," 88831 ","SINAPI","BETONEIRA CAPACIDADE NOMINAL DE 400 L, CAPACIDADE DE MISTURA 280 L, MOTOR ELÉTRICO TRIFÁSICO POTÊNCIA DE 2 CV, SEM CARREGADOR - CHI DIURNO. AF_10/2014","CHOR - CUSTOS HORÁRIOS DE MÁQUINAS E EQUIPAMENTOS",null,"CHI",3.72,0.2,0.74]
["Composição Auxiliar"," 88830 ","SINAPI","BETONEIRA CAPACIDADE NOMINAL DE 400 L, CAPACIDADE DE MISTURA 280 L, MOTOR ELÉTRICO TRIFÁSICO POTÊNCIA DE 2 CV, SEM CARREGADOR - CHP DIURNO. AF_10/2014","CHOR - CUSTOS HORÁRIOS DE MÁQUINAS E EQUIPAMENTOS",null,"CHP",1.1299999999999999,1.1499999999999999,1.3]
["Composição Auxiliar"," 88377 ","SINAPI","OPERADOR DE BETONEIRA ESTACIONÁRIA/MISTURADOR COM ENCARGOS COMPLEMENTARES","SEDI - SERVIÇOS DIVERSOS",null,"H",3.8082943,16.73,63.71]
["Insumo"," 00000370 ","SINAPI","AREIA MEDIA - POSTO JAZIDA/FORNECEDOR (RETIRADO NA JAZIDA, SEM TRANSPORTE)","Material",null,"m³",1.36,19.52,26.55]
["Insumo"," 00001379 ","SINAPI","CIMENTO PORTLAND COMPOSTO CP II-32","Material",null,"KG",459.85,0.46,211.53]
[{"$nulls":4},"MO sem LS =>",63.71,"LS =>",0,"MO com LS =>",63.71]
[{"$nulls":4},"Valor do BDI =>",83.796313999999995,null,"Valor com BDI =>",null,387.63]
[]
[null,"Código","Banco","Descrição","Tipo",null,"Und","Quant.","Valor Unit","Total"]
["Composição"," 88245 ","SINAPI","ARMADOR COM ENCARGOS COMPLEMENTARES","SEDI - SERVIÇOS DIVERSOS",null,"H",1,19.3,19.3]
["Composição Auxiliar"," 95314 ","SINAPI","CURSO DE CAPACITAÇÃO PARA ARMADOR (ENCARGOS COMPLEMENTARES) - HORISTA","SEDI - SERVIÇOS DIVERSOS",null,"H",1,0.12,0.12]
["Insumo"," 00000378 ","SINAPI","ARMADOR","Mão de Obra",null,"H",1,14.86,14.86]
["Insumo"," 00037370 ","SINAPI","ALIMENTACAO - HORISTA (COLETADO CAIXA)","Mão de Obra",null,"H",1,1.77,1.77]
["Insumo"," 00043489 ","SINAPI","EPI - FAMILIA PEDREIRO - HORISTA (ENCARGOS COMPLEMENTARES - COLETADO CAIXA)","Mão de Obra",null,"H",1,0.96,0.96]
["Insumo"," 00037372 ","SINAPI","EXAMES - HORISTA (COLETADO CAIXA)","Mão de Obra",null,"H",1,0.35,0.35]
["Insumo"," 00043465 ","SINAPI","FERRAMENTAS - FAMILIA PEDREIRO - HORISTA (ENCARGOS COMPLEMENTARES - COLETADO CAIXA)","Mão de Obra",null,"H",1,0.5,0.5]
["Insumo"," 00037373 ","SINAPI","SEGURO - HORISTA (COLETADO CAIXA)","Mão de Obra",null,"H",1,7.0000000000000007E-2,7.0000000000000007E-2]
["Insumo"," 00037371 ","SINAPI","TRANSPORTE - HORISTA (COLETADO CAIXA)","Mão de Obra",null,"H",1,0.67,0.67]
[{"$nulls":4},"MO sem LS =>",19.3,"LS =>",0,"MO com LS =>",19.3]
[{"$nulls":4},"Valor do BDI =>",5.32294,null,"Valor com BDI =>",null,24.62]
[]
[null,"Código","Banco","Descrição","Tipo",null,"Und","Quant.","Valor Unit","Total"]
["Composição"," C0216 ","SEINFRA","ARMADURA CA-50A MÉDIA D= 6,3 A 10,0mm","ARMADURAS",null,"KG",1,6.39,6.39]
["Composição Auxiliar"," 88238 ","SINAPI","AJUDANTE DE ARMADOR COM ENCARGOS COMPLEMENTARES","SEDI - SERVIÇOS DIVERSOS",null,"H",6.2701400000000004E-2,14.95,0.94]
["Composição Auxiliar"," 88245 ","SINAPI","ARMADOR COM ENCARGOS COMPLEMENTARES","SEDI - SERVIÇOS DIVERSOS",null,"H",6.2701400000000004E-2,19.3,1.21]
["Insumo"," 00000034 ","SINAPI","ACO CA-50, 10,0 MM, VERGALHAO","Material",null,"KG",1.1499999999999999,3.53,4.0599999999999996]
["Insumo"," I0103 ","SEINFRA","ARAME RECOZIDO N.18 BWG","Material",null,"KG",0.02,8.98,0.18]
[{"$nulls":4},"MO sem LS =>",2.15,"LS =>",0,"MO com LS =>",2.15]
[{"$nulls":4},"Valor do BDI =>",1.762362,null,"Valor com BDI =>",null,8.15]
[]
[null,"Código","Banco","Descrição","Tipo",null,"Und","Quant.","Valor Unit","Total"]
["Composição"," C0218 ","SEINFRA","ARMADURA CA-60 MÉDIA D= 6,4 A 9,5mm","ARMADURAS",null,"KG",1,6.17,6.17]
["Composição Auxiliar"," 88238 ","SINAPI","AJUDANTE DE ARMADOR COM ENCARGOS COMPLEMENTARES","SEDI - SERVIÇOS DIVERSOS",null,"H",6.2701400000000004E-2,14.95,0.94]
["Composição Auxiliar"," 88245 ","SINAPI","ARMADOR COM ENCARGOS COMPLEMENTARES","SEDI - SERVIÇOS DIVERSOS",null,"H",6.2701400000000004E-2,19.3,1.21]
["Insumo"," I0103 ","SEINFRA","ARAME RECOZIDO N.18 BWG","Material",null,"KG",0.02,8.98,0.18]
["Insumo"," 00043059 ","SINAPI","ACO CA-60, 4,2 MM, OU 5,0 MM, OU 6,0 MM, OU 7,0 MM, VERGALHAO","Material",null,"KG",1.1499999999999999,3.34,3.84]
[{"$nulls":4},"MO sem LS =>",2.15,"LS =>",0,"MO com LS =>",2.15]
[{"$nulls":4},"Valor do BDI =>",1.701686,null,"Valor com BDI =>",null,7.87]
[]
[null,"Código","Banco","Descrição","Tipo",null,"Und","Quant.","Valor Unit","Total"]
["Composição"," 96547 ","SINAPI","ARMAÇÃO DE BLOCO, VIGA BALDRAME OU SAPATA UTILIZANDO AÇO CA-50 DE 12,5 MM - MONTAGEM. AF_06/2017","FUES - FUNDAÇÕES E ESTRUTURAS",null,"KG",1,5.09,5.09]
["Composição Auxiliar"," 92795 ","SINAPI","CORTE E DOBRA DE AÇO CA-50, DIÂMETRO DE 12,5 MM, UTILIZADO EM ESTRUTURAS DIVERSAS, EXCETO LAJES. AF_12/2015","FUES - FUNDAÇÕES E ESTRUTURAS",null,"KG",1,3.52,3.52]
["Composição Auxiliar"," 88238 ","SINAPI","AJUDANTE DE ARMADOR COM ENCARGOS COMPLEMENTARES","SEDI - SERVIÇOS DIVERSOS",null,"H",1.7332799999999999E-2,14.95,0.26]
["Composição Auxiliar"," 88245 ","SINAPI","ARMADOR COM ENCARGOS COMPLEMENTARES","SEDI - SERVIÇOS DIVERSOS",null,"H",5.3573799999999998E-2,19.3,1.03]
["Insumo"," 00043132 ","SINAPI","ARAME RECOZIDO 16 BWG, D = 1,65 MM (0,016 KG/M) OU 18 BWG, D = 1,25 MM (0,01 KG/M)","Material",null,"KG",2.5000000000000001E-2,10.15,0.25]
["Insumo"," 00039017 ","SINAPI","ESPACADOR / DISTANCIADOR CIRCULAR COM ENTRADA LATERAL, EM PLASTICO, PARA VERGALHAO *4,2 A 12,5* MM, COBRIMENTO 20 MM","Material",null,"UN",0.30599999999999999,0.1,0.03]
[{"$nulls":4},"MO sem LS =>",1.41,"LS =>",0,"MO com LS =>",1.41]
[{"$nulls":4},"Valor do BDI =>",1.4038219999999999,null,"Valor com BDI =>",null,6.49]
[]
[null,"Código","Banco","Descrição","Tipo",null,"Und","Quant.","Valor Unit","Total"]
["Composição"," 92783 ","SINAPI","ARMAÇÃO DE LAJE DE UMA ESTRUTURA CONVENCIONAL DE CONCRETO ARMADO EM UMA EDIFICAÇÃO TÉRREA OU SOBRADO UTILIZANDO AÇO CA-60 DE 4,2 MM - MONTAGEM. AF_12/2015","FUES - FUNDAÇÕES E ESTRUTURAS",null,"KG",1,8.9,8.9]
["Composição Auxiliar"," 92799 ","SINAPI","CORTE E DOBRA DE AÇO CA-60, DIÂMETRO DE 4,2 MM, UTILIZADO EM LAJE. AF_12/2015","FUES - FUNDAÇÕES E ESTRUTURAS",null,"KG",1,5.13,5.13]
["Composição Auxiliar"," 88238 ","SINAPI","AJUDANTE DE ARMADOR COM ENCARGOS COMPLEMENTARES","SEDI - SERVIÇOS DIVERSOS",null,"H",2.43687E-2,14.95,0.36]
["Composição Auxiliar"," 88245 ","SINAPI","ARMADOR COM ENCARGOS COMPLEMENTARES","SEDI - SERVIÇOS DIVERSOS",null,"H",0.14904239999999999,19.3,2.88]
["Insumo"," 00043132 ","SINAPI","ARAME RECOZIDO 16 BWG, D = 1,65 MM (0,016 KG/M) OU 18 BWG, D = 1,25 MM (0,01 KG/M)","Material",null,"KG",2.5000000000000001E-2,10.15,0.25]
["Insumo"," 00039017 ","SINAPI","ESPACADOR / DISTANCIADOR CIRCULAR COM ENTRADA LATERAL, EM PLASTICO, PARA VERGALHAO *4,2 A 12,5* MM, COBRIMENTO 20 MM","Material",null,"UN",2.8159999999999998,0.1,0.28000000000000003]
[{"$nulls":4},"MO sem LS =>",4.8,"LS =>",0,"MO com LS =>",4.8]
[{"$nulls":4},"Valor do BDI =>",2.4546199999999998,null,"Valor com BDI =>",null,11.35]
[]
[null,"Código","Banco","Descrição","Tipo",null,"Und","Quant.","Valor Unit","Total"]
["Composição"," 91598 ","SINAPI","ARMAÇÃO DO SISTEMA DE PAREDES DE CONCRETO, EXECUTADA COMO ARMADURA POSITIVA DE LAJES, TELA Q-113. AF_06/2019","FUES - FUNDAÇÕES E ESTRUTURAS",null,"KG",1,5.36,5.36]
["Composição Auxiliar"," 88238 ","SINAPI","AJUDANTE DE ARMADOR COM ENCARGOS COMPLEMENTARES","SEDI - SERVIÇOS DIVERSOS",null,"H",5.4286999999999998E-3,14.95,0.08]
["Composição Auxiliar"," 88245 ","SINAPI","ARMADOR COM ENCARGOS COMPLEMENTARES","SEDI - SERVIÇOS DIVERSOS",null,"H",3.4898899999999997E-2,19.3,0.67]
["Insumo"," 00043132 ","SINAPI","ARAME RECOZIDO 16 BWG, D = 1,65 MM (0,016 KG/M) OU 18 BWG, D = 1,25 MM (0,01 KG/M)","Material",null,"KG",1.0500000000000001E-2,10.15,0.11]
["Insumo"," 00039017 ","SINAPI","ESPACADOR / DISTANCIADOR CIRCULAR COM ENTRADA LATERAL, EM PLASTICO, PARA VERGALHAO *4,2 A 12,5* MM, COBRIMENTO 20 MM","Material",null,"UN",1.2190000000000001,0.1,0.12]
["Insumo"," 00039507 ","SINAPI","TELA DE ACO SOLDADA NERVURADA, CA-60, Q-113, (1,8 KG/M2), DIAMETRO DO FIO = 3,8 MM, LARGURA = 2,45 M, ESPACAMENTO DA MALHA = 10 X 10 CM","Material",null,"m²",0.58499999999999996,7.48,4.38]
[{"$nulls":4},"MO sem LS =>",0.75,"LS =>",0,"MO com LS =>",0.75]
[{"$nulls":4},"Valor do BDI =>",1.478288,null,"Valor com BDI =>",null,6.84]
[]
[null,"Código","Banco","Descrição","Tipo",null,"Und","Quant.","Valor Unit","Total"]
["Composição"," 88246 ","SINAPI","ASSENTADOR DE TUBOS COM ENCARGOS COMPLEMENTARES","SEDI - SERVIÇOS DIVERSOS",null,"H",1,19.93,19.93]
["Composição Auxiliar"," 95315 ","SINAPI","CURSO DE CAPACITAÇÃO PARA ASSENTADOR DE TUBOS (ENCARGOS COMPLEMENTARES) - HORISTA","SEDI - SERVIÇOS DIVERSOS",null,"H",1,0.17,0.17]
["Insumo"," 00040331 ","SINAPI","ASSENTADOR DE MANILHAS","Mão de Obra",null,"H",1,16.23,16.23]
["Insumo"," 00037370 ","SINAPI","ALIMENTACAO - HORISTA (COLETADO CAIXA)","Mão de Obra",null,"H",1,1.77,1.77]
["Insumo"," 00043488 ","SINAPI","EPI - FAMILIA OPERADOR ESCAVADEIRA - HORISTA (ENCARGOS COMPLEMENTARES - COLETADO CAIXA)","Mão de Obra",null,"H",1,0.66,0.66]
["Insumo"," 00037372 ","SINAPI","EXAMES - HORISTA (COLETADO CAIXA)","Mão de Obra",null,"H",1,0.35,0.35]
["Insumo"," 00043464 ","SINAPI","FERRAMENTAS - FAMILIA OPERADOR ESCAVADEIRA - HORISTA (ENCARGOS COMPLEMENTARES - COLETADO CAIXA)","Mão de Obra",null,"H",1,0.01,0.01]
["Insumo"," 00037373 ","SINAPI","SEGURO - HORISTA (COLETADO CAIXA)","Mão de Obra",null,"H",1,7.0000000000000007E-2,7.0000000000000007E-2]
["Insumo"," 00037371 ","SINAPI","TRANSPORTE - HORISTA (COLETADO CAIXA)","Mão de Obra",null,"H",1,0.67,0.67]
[{"$nulls":4},"MO sem LS =>",19.93,"LS =>",0,"MO com LS =>",19.93]
[{"$nulls":4},"Valor do BDI =>",5.4966939999999997,null,"Valor com BDI =>",null,25.43]
[]
[null,"Código","Banco","Descrição","Tipo",null,"Und","Quant.","Valor Unit","Total"]
["Composição"," 94319 ","SINAPI","ATERRO MANUAL DE VALAS COM SOLO ARGILO-ARENOSO E COMPACTAÇÃO MECANIZADA. AF_05/2016","MOVT - MOVIMENTO DE TERRA",null,"m³",1,26.66,26.66]
["Composição Auxiliar"," 91534 ","SINAPI","COMPACTADOR DE SOLOS DE PERCUSSÃO (SOQUETE) COM MOTOR A GASOLINA 4 TEMPOS, POTÊNCIA 4 CV - CHI DIURNO. AF_08/2015","CHOR - CUSTOS HORÁRIOS DE MÁQUINAS E EQUIPAMENTOS",null,"CHI",0.254,16.91,4.3]
["Composição Auxiliar"," 91533 ","SINAPI","COMPACTADOR DE SOLOS DE PERCUSSÃO (SOQUETE) COM MOTOR A GASOLINA 4 TEMPOS, POTÊNCIA 4 CV - CHP DIURNO. AF_08/2015","CHOR - CUSTOS HORÁRIOS DE MÁQUINAS E EQUIPAMENTOS",null,"CHP",0.27400000000000002,20.85,5.71]
["Composição Auxiliar"," 5903 ","SINAPI","CAMINHÃO PIPA 10.000 L TRUCADO, PESO BRUTO TOTAL 23.000 KG, CARGA ÚTIL MÁXIMA 15.935 KG, DISTÂNCIA ENTRE EIXOS 4,8 M, POTÊNCIA 230 CV, INCLUSIVE TANQUE DE AÇO PARA TRANSPORTE DE ÁGUA - CHI DIURNO. AF_06/2014","CHOR - CUSTOS HORÁRIOS DE MÁQUINAS E EQUIPAMENTOS",null,"CHI",3.0000000000000001E-3,27.61,0.08]
["Composição Auxiliar"," 5901 ","SINAPI","CAMINHÃO PIPA 10.000 L TRUCADO, PESO BRUTO TOTAL 23.000 KG, CARGA ÚTIL MÁXIMA 15.935 KG, DISTÂNCIA ENTRE EIXOS 4,8 M, POTÊNCIA 230 CV, INCLUSIVE TANQUE DE AÇO PARA TRANSPORTE DE ÁGUA - CHP DIURNO. AF_06/2014","CHOR - CUSTOS HORÁRIOS DE MÁQUINAS E EQUIPAMENTOS",null,"CHP",6.0000000000000001E-3,124.87,0.75]
["Composição Auxiliar"," 88316 ","SINAPI","SERVENTE COM ENCARGOS COMPLEMENTARES","SEDI - SERVIÇOS DIVERSOS",null,"H",0.51529709999999995,14.96,7.71]
["Insumo"," 00006079 ","SINAPI","ARGILA, ARGILA VERMELHA OU ARGILA ARENOSA (RETIRADA NA JAZIDA, SEM TRANSPORTE)","Material",null,"m³",1.25,6.49,8.11]
[{"$nulls":4},"MO sem LS =>",16.53,"LS =>",0,"MO com LS =>",16.53]
[{"$nulls":4},"Valor do BDI =>",7.3528279999999997,null,"Valor com BDI =>",null,34.01]
[]
[null,"Código","Banco","Descrição","Tipo",null,"Und","Quant.","Valor Unit","Total"]
["Composição"," 88247 ","SINAPI","AUXILIAR DE ELETRICISTA COM ENCARGOS COMPLEMENTARES","SEDI - SERVIÇOS DIVERSOS",null,"H",1,15.16,15.16]
["Composição Auxiliar"," 95316 ","SINAPI","CURSO DE CAPACITAÇÃO PARA AUXILIAR DE ELETRICISTA (ENCARGOS COMPLEMENTARES) - HORISTA","SEDI - SERVIÇOS DIVERSOS",null,"H",1,0.27,0.27]
["Insumo"," 00000247 ","SINAPI","AJUDANTE DE ELETRICISTA","Mão de Obra",null,"H",1,10.55,10.55]
["Insumo"," 00037370 ","SINAPI","ALIMENTACAO - HORISTA (COLETADO CAIXA)","Mão de Obra",null,"H",1,1.77,1.77]
["Insumo"," 00043484 ","SINAPI","EPI - FAMILIA ELETRICISTA - HORISTA (ENCARGOS COMPLEMENTARES - COLETADO CAIXA)","Mão de Obra",null,"H",1,0.93,0.93]
["Insumo"," 00043460 ","SINAPI","FERRAMENTAS - FAMILIA ELETRICISTA - HORISTA (ENCARGOS COMPLEMENTARES - COLETADO CAIXA)","Mão de Obra",null,"H",1,0.55000000000000004,0.55000000000000004]
["Insumo"," 00037372 ","SINAPI","EXAMES - HORISTA (COLETADO CAIXA)","Mão de Obra",null,"H",1,0.35,0.35]
["Insumo"," 00037373 ","SINAPI","SEGURO - HORISTA (COLETADO CAIXA)","Mão de Obra",null,"H",1,7.0000000000000007E-2,7.0000000000000007E-2]
["Insumo"," 00037371 ","SINAPI","TRANSPORTE - HORISTA (COLETADO CAIXA)","Mão de Obra",null,"H",1,0.67,0.67]
[{"$nulls":4},"MO sem LS =>",15.16,"LS =>",0,"MO com LS =>",15.16]
[{"$nulls":4},"Valor do BDI =>",4.1811280000000002,null,"Valor com BDI =>",null,19.34]
[]
[null,"Código","Banco","Descrição","Tipo",null,"Und","Quant.","Valor Unit","Total"]
["Composição"," 88248 ","SINAPI","AUXILIAR DE ENCANADOR OU BOMBEIRO HIDRÁULICO COM ENCARGOS COMPLEMENTARES","SEDI - SERVIÇOS DIVERSOS",null,"H",1,14.61,14.61]
["Composição Auxiliar"," 95317 ","SINAPI","CURSO DE CAPACITAÇÃO PARA AUXILIAR DE ENCANADOR OU BOMBEIRO HIDRÁULICO (ENCARGOS COMPLEMENTARES) - HORISTA","SEDI - SERVIÇOS DIVERSOS",null,"H",1,0.13,0.13]
["Insumo"," 00037370 ","SINAPI","ALIMENTACAO - HORISTA (COLETADO CAIXA)","Mão de Obra",null,"H",1,1.77,1.77]
["Insumo"," 00000246 ","SINAPI","AUXILIAR DE ENCANADOR OU BOMBEIRO HIDRAULICO","Mão de Obra",null,"H",1,10.55,10.55]
["Insumo"," 00043485 ","SINAPI","EPI - FAMILIA ENCANADOR - HORISTA (ENCARGOS COMPLEMENTARES - COLETADO CAIXA)","Mão de Obra",null,"H",1,0.83,0.83]
["Insumo"," 00037372 ","SINAPI","EXAMES - HORISTA (COLETADO CAIXA)","Mão de Obra",null,"H",1,0.35,0.35]
["Insumo"," 00043461 ","SINAPI","FERRAMENTAS - FAMILIA ENCANADOR - HORISTA (ENCARGOS COMPLEMENTARES - COLETADO CAIXA)","Mão de Obra",null,"H",1,0.24,0.24]
["Insumo"," 00037373 ","SINAPI","SEGURO - HORISTA (COLETADO CAIXA)","Mão de Obra",null,"H",1,7.0000000000000007E-2,7.0000000000000007E-2]
["Insumo"," 00037371 ","SINAPI","TRANSPORTE - HORISTA (COLETADO CAIXA)","Mão de Obra",null,"H",1,0.67,0.67]
[{"$nulls":4},"MO sem LS =>",14.61,"LS =>",0,"MO com LS =>",14.61]
[{"$nulls":4},"Valor do BDI =>",4.0294379999999999,null,"Valor com BDI =>",null,18.64]
[]
[null,"Código","Banco","Descrição","Tipo",null,"Und","Quant.","Valor Unit","Total"]
["Composição"," 88251 ","SINAPI","AUXILIAR DE SERRALHEIRO COM ENCARGOS COMPLEMENTARES","SEDI - SERVIÇOS DIVERSOS",null,"H",1,15.08,15.08]
["Composição Auxiliar"," 95320 ","SINAPI","CURSO DE CAPACITAÇÃO PARA AUXILIAR DE SERRALHEIRO (ENCARGOS COMPLEMENTARES) - HORISTA","SEDI - SERVIÇOS DIVERSOS",null,"H",1,0.08,0.08]
["Insumo"," 00000252 ","SINAPI","AJUDANTE DE SERRALHEIRO","Mão de Obra",null,"H",1,10.68,10.68]
["Insumo"," 00037370 ","SINAPI","ALIMENTACAO - HORISTA (COLETADO CAIXA)","Mão de Obra",null,"H",1,1.77,1.77]
["Insumo"," 00043489 ","SINAPI","EPI - FAMILIA PEDREIRO - HORISTA (ENCARGOS COMPLEMENTARES - COLETADO CAIXA)","Mão de Obra",null,"H",1,0.96,0.96]
["Insumo"," 00037372 ","SINAPI","EXAMES - HORISTA (COLETADO CAIXA)","Mão de Obra",null,"H",1,0.35,0.35]
["Insumo"," 00043465 ","SINAPI","FERRAMENTAS - FAMILIA PEDREIRO - HORISTA (ENCARGOS COMPLEMENTARES - COLETADO CAIXA)","Mão de Obra",null,"H",1,0.5,0.5]
["Insumo"," 00037373 ","SINAPI","SEGURO - HORISTA (COLETADO CAIXA)","Mão de Obra",null,"H",1,7.0000000000000007E-2,7.0000000000000007E-2]
["Insumo"," 00037371 ","SINAPI","TRANSPORTE - HORISTA (COLETADO CAIXA)","Mão de Obra",null,"H",1,0.67,0.67]
[{"$nulls":4},"MO sem LS =>",15.08,"LS =>",0,"MO com LS =>",15.08]
[{"$nulls":4},"Valor do BDI =>",4.1590639999999999,null,"Valor com BDI =>",null,19.239999999999998]
[]
[null,"Código","Banco","Descrição","Tipo",null,"Und","Quant.","Valor Unit","Total"]
["Composição"," 88253 ","SINAPI","AUXILIAR DE TOPÓGRAFO COM ENCARGOS COMPLEMENTARES","SEDI - SERVIÇOS DIVERSOS",null,"H",1,14.79,14.79]
["Composição Auxiliar"," 95322 ","SINAPI","CURSO DE CAPACITAÇÃO PARA AUXILIAR DE TOPÓGRAFO (ENCARGOS COMPLEMENTARES) - HORISTA","SEDI - SERVIÇOS DIVERSOS",null,"H",1,0.08,0.08]
["Insumo"," 00000244 ","SINAPI","AUXILIAR DE TOPOGRAFO","Mão de Obra",null,"H",1,13.7,13.7]
["Insumo"," 00043493 ","SINAPI","EPI - FAMILIA TOPOGRAFO - HORISTA (ENCARGOS COMPLEMENTARES - COLETADO CAIXA)","Mão de Obra",null,"H",1,0.54,0.54]
["Insumo"," 00037372 ","SINAPI","EXAMES - HORISTA (COLETADO CAIXA)","Mão de Obra",null,"H",1,0.35,0.35]
["Insumo"," 00043469 ","SINAPI","FERRAMENTAS - FAMILIA TOPOGRAFO - HORISTA (ENCARGOS COMPLEMENTARES - COLETADO CAIXA)","Mão de Obra",null,"H",1,0.05,0.05]
["Insumo"," 00037373 ","SINAPI","SEGURO - HORISTA (COLETADO CAIXA)","Mão de Obra",null,"H",1,7.0000000000000007E-2,7.0000000000000007E-2]
[{"$nulls":4},"MO sem LS =>",14.79,"LS =>",0,"MO com LS =>",14.79]
[{"$nulls":4},"Valor do BDI =>",4.0790819999999997,null,"Valor com BDI =>",null,18.87]
[]
[null,"Código","Banco","Descrição","Tipo",null,"Und","Quant.","Valor Unit","Total"]
["Composição"," 88256 ","SINAPI","AZULEJISTA OU LADRILHISTA COM ENCARGOS COMPLEMENTARES","SEDI - SERVIÇOS DIVERSOS",null,"H",1,22.09,22.09]
["Composição Auxiliar"," 95324 ","SINAPI","CURSO DE CAPACITAÇÃO PARA AZULEJISTA OU LADRILHISTA (ENCARGOS COMPLEMENTARES) - HORISTA","SEDI - SERVIÇOS DIVERSOS",null,"H",1,0.18,0.18]
["Insumo"," 00004760 ","SINAPI","AZULEJISTA OU LADRILHEIRO","Mão de Obra",null,"H",1,17.59,17.59]
["Insumo"," 00037370 ","SINAPI","ALIMENTACAO - HORISTA (COLETADO CAIXA)","Mão de Obra",null,"H",1,1.77,1.77]
["Insumo"," 00043489 ","SINAPI","EPI - FAMILIA PEDREIRO - HORISTA (ENCARGOS COMPLEMENTARES - COLETADO CAIXA)","Mão de Obra",null,"H",1,0.96,0.96]
["Insumo"," 00037372 ","SINAPI","EXAMES - HORISTA (COLETADO CAIXA)","Mão de Obra",null,"H",1,0.35,0.35]
["Insumo"," 00043465 ","SINAPI","FERRAMENTAS - FAMILIA PEDREIRO - HORISTA (ENCARGOS COMPLEMENTARES - COLETADO CAIXA)","Mão de Obra",null,"H",1,0.5,0.5]
["Insumo"," 00037373 ","SINAPI","SEGURO - HORISTA (COLETADO CAIXA)","Mão de Obra",null,"H",1,7.0000000000000007E-2,7.0000000000000007E-2]
["Insumo"," 00037371 ","SINAPI","TRANSPORTE - HORISTA (COLETADO CAIXA)","Mão de Obra",null,"H",1,0.67,0.67]
[{"$nulls":4},"MO sem LS =>",22.09,"LS =>",0,"MO com LS =>",22.09]
[{"$nulls":4},"Valor do BDI =>",6.092422,null,"Valor com BDI =>",null,28.18]
[]
[null,"Código","Banco","Descrição","Tipo",null,"Und","Quant.","Valor Unit","Total"]
["Composição"," 5238 ","ORSE","Assentamento de tubos em ferro fundido, junta mecânica, diam.=   400 mm","Assentamento/Montagem de Tubos e Conexões",null,"m",1,19.760000000000002,19.760000000000002]
["Composição Auxiliar"," 88267 ","SINAPI","ENCANADOR OU BOMBEIRO HIDRÁULICO COM ENCARGOS COMPLEMENTARES","SEDI - SERVIÇOS DIVERSOS",null,"H",0.1922662,18.97,3.65]
["Composição Auxiliar"," 90776 ","SINAPI","ENCARREGADO GERAL COM ENCARGOS COMPLEMENTARES","SEDI - SERVIÇOS DIVERSOS",null,"H",6.4364199999999996E-2,24.16,1.56]
["Composição Auxiliar"," 88316 ","SINAPI","SERVENTE COM ENCARGOS COMPLEMENTARES","SEDI - SERVIÇOS DIVERSOS",null,"H",0.38618530000000001,14.96,5.78]
["Composição Auxiliar"," 93402 ","SINAPI","GUINDAUTO HIDRÁULICO, CAPACIDADE MÁXIMA DE CARGA 3300 KG, MOMENTO MÁXIMO DE CARGA 5,8 TM, ALCANCE MÁXIMO HORIZONTAL 7,60 M, INCLUSIVE CAMINHÃO TOCO PBT 16.000 KG, POTÊNCIA DE 189 CV - CHP DIURNO. AF_03/2016","CHOR - CUSTOS HORÁRIOS DE MÁQUINAS E EQUIPAMENTOS",null,"CHP",8.4400000000000003E-2,103.8,8.76]
["Composição Auxiliar"," 95139 ","SINAPI","TALHA MANUAL DE CORRENTE, CAPACIDADE DE 2 TON. COM ELEVAÇÃO DE 3 M - CHP DIURNO. AF_07/2016","CHOR - CUSTOS HORÁRIOS DE MÁQUINAS E EQUIPAMENTOS",null,"CHP",0.25319999999999998,0.05,0.01]
[{"$nulls":4},"MO sem LS =>",12.36,"LS =>",0.01,"MO com LS =>",12.37]
[{"$nulls":4},"Valor do BDI =>",5.449808,null,"Valor com BDI =>",null,25.21]
[]
[null,"Código","Banco","Descrição","Tipo",null,"Und","Quant.","Valor Unit","Total"]
["Composição"," 140 ","ORSE","Aço CA - 50 Ø 6,3 a 12,5mm, inclusive corte, dobragem, montagem e colocacao de ferragens nas formas, para superestruturas e fundações - R1","Armaduras Convencionais",null,"kg",1,5.99,5.99]
["Composição Auxiliar"," 88245 ","SINAPI","ARMADOR COM ENCARGOS COMPLEMENTARES","SEDI - SERVIÇOS DIVERSOS",null,"H",6.25719E-2,19.3,1.21]
["Composição Auxiliar"," 88316 ","SINAPI","SERVENTE COM ENCARGOS COMPLEMENTARES","SEDI - SERVIÇOS DIVERSOS",null,"H",6.25719E-2,14.96,0.94]
["Insumo"," 00000034 ","SINAPI","ACO CA-50, 10,0 MM, VERGALHAO","Material",null,"KG",1,3.53,3.53]
["Insumo"," 00043132 ","SINAPI","ARAME RECOZIDO 16 BWG, D = 1,65 MM (0,016 KG/M) OU 18 BWG, D = 1,25 MM (0,01 KG/M)","Material",null,"KG",0.02,10.15,0.2]
["Insumo"," 00039017 ","SINAPI","ESPACADOR / DISTANCIADOR CIRCULAR COM ENTRADA LATERAL, EM PLASTICO, PARA VERGALHAO *4,2 A 12,5* MM, COBRIMENTO 20 MM","Material",null,"UN",0.4,0.1,0.04]
["Insumo"," 00039315 ","SINAPI","ESPACADOR / DISTANCIADOR TIPO GARRA DUPLA, EM PLASTICO, COBRIMENTO *20* MM, PARA FERRAGENS DE LAJES E FUNDO DE VIGAS","Material",null,"UN",0.4,0.17,7.0000000000000007E-2]
[{"$nulls":4},"MO sem LS =>",2.14,"LS =>",0.01,"MO com LS =>",2.15]
[{"$nulls":4},"Valor do BDI =>",1.652042,null,"Valor com BDI =>",null,7.64]
[]
[null,"Código","Banco","Descrição","Tipo",null,"Und","Quant.","Valor Unit","Total"]
["Composição"," 86934 ","SINAPI","BANCADA DE MÁRMORE SINTÉTICO 120 X 60CM, COM CUBA INTEGRADA, INCLUSO SIFÃO TIPO FLEXÍVEL EM PVC, VÁLVULA EM PLÁSTICO CROMADO TIPO AMERICANA E TORNEIRA CROMADA LONGA, DE PAREDE, PADRÃO POPULAR - FORNECIMENTO E INSTALAÇÃO. AF_01/2020","INHI - INSTALAÇÕES HIDROS SANITÁRIAS",null,"UN",1,214.49,214.49]
["Composição Auxiliar"," 86883 ","SINAPI","SIFÃO DO TIPO FLEXÍVEL EM PVC 1  X 1.1/2  - FORNECIMENTO E INSTALAÇÃO. AF_01/2020","INHI - INSTALAÇÕES HIDROS SANITÁRIAS",null,"UN",1,7.64,7.64]
["Composição Auxiliar"," 86894 ","SINAPI","BANCADA DE MÁRMORE SINTÉTICO, DE 120 X 60CM, COM CUBA INTEGRADA - FORNECIMENTO E INSTALAÇÃO. AF_01/2020","INHI - INSTALAÇÕES HIDROS SANITÁRIAS",null,"UN",1,159.9,159.9]
["Composição Auxiliar"," 86880 ","SINAPI","VÁLVULA EM PLÁSTICO CROMADO TIPO AMERICANA 3.1/2\u0094 X 1.1/2\u0094 SEM ADAPTADOR PARA PIA - FORNECIMENTO E INSTALAÇÃO. AF_01/2020","INHI - INSTALAÇÕES HIDROS SANITÁRIAS",null,"UN",1,13.06,13.06]
["Composição Auxiliar"," 86911 ","SINAPI","TORNEIRA CROMADA LONGA, DE PAREDE, 1/2\u0094 OU 3/4\u0094, PARA PIA DE COZINHA, PADRÃO POPULAR - FORNECIMENTO E INSTALAÇÃO. AF_01/2020","INHI - INSTALAÇÕES HIDROS SANITÁRIAS",null,"UN",1,33.89,33.89]
[{"$nulls":4},"MO sem LS =>",25.67,"LS =>",0.01,"MO com LS =>",25.68]
[{"$nulls":4},"Valor do BDI =>",59.156342000000002,null,"Valor com BDI =>",null,273.64999999999998]
[]
[null,"Código","Banco","Descrição","Tipo",null,"Und","Quant.","Valor Unit","Total"]
["Composição"," 86894 ","SINAPI","BANCADA DE MÁRMORE SINTÉTICO, DE 120 X 60CM, COM CUBA INTEGRADA - FORNECIMENTO E INSTALAÇÃO. AF_01/2020","INHI - INSTALAÇÕES HIDROS SANITÁRIAS",null,"UN",1,159.9,159.9]
["Composição Auxiliar"," 88316 ","SINAPI","SERVENTE COM ENCARGOS COMPLEMENTARES","SEDI - SERVIÇOS DIVERSOS",null,"H",0.49663760000000001,14.96,7.43]
["Composição Auxiliar"," 88267 ","SINAPI","ENCANADOR OU BOMBEIRO HIDRÁULICO COM ENCARGOS COMPLEMENTARES","SEDI - SERVIÇOS DIVERSOS",null,"H",0.64463700000000002,18.97,12.23]
["Insumo"," 00000541 ","SINAPI","BANCADA DE MARMORE SINTETICO COM UMA CUBA, 120 X *60* CM","Material",null,"UN",1,113.92,113.92]
["Insumo"," 00007568 ","SINAPI","BUCHA DE NYLON SEM ABA S10, COM PARAFUSO DE 6,10 X 65 MM EM ACO ZINCADO COM ROSCA SOBERBA, CABECA CHATA E FENDA PHILLIPS","Material",null,"UN",4,0.28000000000000003,1.1200000000000001]
["Insumo"," 00037591 ","SINAPI","SUPORTE MAO-FRANCESA EM ACO, ABAS IGUAIS 40 CM, CAPACIDADE MINIMA 70 KG, BRANCO","Material",null,"UN",2,9.99,19.98]
["Insumo"," 00037329 ","SINAPI","REJUNTE EPOXI BRANCO","Material",null,"KG",9.3600000000000003E-2,36.67,3.43]
["Insumo"," 00004823 ","SINAPI","MASSA PLASTICA PARA MARMORE/GRANITO","Material",null,"KG",6.9199999999999998E-2,25.81,1.79]
[{"$nulls":4},"MO sem LS =>",19.66,"LS =>",0,"MO com LS =>",19.66]
[{"$nulls":4},"Valor do BDI =>",44.10042,null,"Valor com BDI =>",null,204]
[]
[null,"Código","Banco","Descrição","Tipo",null,"Und","Quant.","Valor Unit","Total"]
["Composição"," 88831 ","SINAPI","BETONEIRA CAPACIDADE NOMINAL DE 400 L, CAPACIDADE DE MISTURA 280 L, MOTOR ELÉTRICO TRIFÁSICO POTÊNCIA DE 2 CV, SEM CARREGADOR - CHI DIURNO. AF_10/2014","CHOR - CUSTOS HORÁRIOS DE MÁQUINAS E EQUIPAMENTOS",null,"CHI",1,0.2,0.2]
["Composição Auxiliar"," 88826 ","SINAPI","BETONEIRA CAPACIDADE NOMINAL DE 400 L, CAPACIDADE DE MISTURA 280 L, MOTOR ELÉTRICO TRIFÁSICO POTÊNCIA DE 2 CV, SEM CARREGADOR - DEPRECIAÇÃO. AF_10/2014","CHOR - CUSTOS HORÁRIOS DE MÁQUINAS E EQUIPAMENTOS",null,"H",1,0.18,0.18]
["Composição Auxiliar"," 88827 ","SINAPI","BETONEIRA CAPACIDADE NOMINAL DE 400 L, CAPACIDADE DE MISTURA 280 L, MOTOR ELÉTRICO TRIFÁSICO POTÊNCIA DE 2 CV, SEM CARREGADOR - JUROS. AF_10/2014","CHOR - CUSTOS HORÁRIOS DE MÁQUINAS E EQUIPAMENTOS",null,"H",1,0.02,0.02]
[{"$nulls":4},"MO sem LS =>",0,"LS =>",0,"MO com LS =>",0]
[{"$nulls":4},"Valor do BDI =>",5.5160000000000001E-2,null,"Valor com BDI =>",null,0.26]
[]
[null,"Código","Banco","Descrição","Tipo",null,"Und","Quant.","Valor Unit","Total"]
["Composição"," 88830 ","SINAPI","BETONEIRA CAPACIDADE NOMINAL DE 400 L, CAPACIDADE DE MISTURA 280 L, MOTOR ELÉTRICO TRIFÁSICO POTÊNCIA DE 2 CV, SEM CARREGADOR - CHP DIURNO. AF_10/2014","CHOR - CUSTOS HORÁRIOS DE MÁQUINAS E EQUIPAMENTOS",null,"CHP",1,1.1499999999999999,1.1499999999999999]
["Composição Auxiliar"," 88828 ","SINAPI","BETONEIRA CAPACIDADE NOMINAL DE 400 L, CAPACIDADE DE MISTURA 280 L, MOTOR ELÉTRICO TRIFÁSICO POTÊNCIA DE 2 CV, SEM CARREGADOR - MANUTENÇÃO. AF_10/2014","CHOR - CUSTOS HORÁRIOS DE MÁQUINAS E EQUIPAMENTOS",null,"H",1,0.17,0.17]
["Composição Auxiliar"," 88829 ","SINAPI","BETONEIRA CAPACIDADE NOMINAL DE 400 L, CAPACIDADE DE MISTURA 280 L, MOTOR ELÉTRICO TRIFÁSICO POTÊNCIA DE 2 CV, SEM CARREGADOR - MATERIAIS NA OPERAÇÃO. AF_10/2014","CHOR - CUSTOS HORÁRIOS DE MÁQUINAS E EQUIPAMENTOS",null,"H",1,0.78,0.78]
["Composição Auxiliar"," 88826 ","SINAPI","BETONEIRA CAPACIDADE NOMINAL DE 400 L, CAPACIDADE DE MISTURA 280 L, MOTOR ELÉTRICO TRIFÁSICO POTÊNCIA DE 2 CV, SEM CARREGADOR - DEPRECIAÇÃO. AF_10/2014","CHOR - CUSTOS HORÁRIOS DE MÁQUINAS E EQUIPAMENTOS",null,"H",1,0.18,0.18]
["Composição Auxiliar"," 88827 ","SINAPI","BETONEIRA CAPACIDADE NOMINAL DE 400 L, CAPACIDADE DE MISTURA 280 L, MOTOR ELÉTRICO TRIFÁSICO POTÊNCIA DE 2 CV, SEM CARREGADOR - JUROS. AF_10/2014","CHOR - CUSTOS HORÁRIOS DE MÁQUINAS E EQUIPAMENTOS",null,"H",1,0.02,0.02]
[{"$nulls":4},"MO sem LS =>",0,"LS =>",0,"MO com LS =>",0]
[{"$nulls":4},"Valor do BDI =>",0.31717000000000001,null,"Valor com BDI =>",null,1.47]
[]
[null,"Código","Banco","Descrição","Tipo",null,"Und","Quant.","Valor Unit","Total"]
["Composição"," 88826 ","SINAPI","BETONEIRA CAPACIDADE NOMINAL DE 400 L, CAPACIDADE DE MISTURA 280 L, MOTOR ELÉTRICO TRIFÁSICO POTÊNCIA DE 2 CV, SEM CARREGADOR - DEPRECIAÇÃO. AF_10/2014","CHOR - CUSTOS HORÁRIOS DE MÁQUINAS E EQUIPAMENTOS",null,"H",1,0.18,0.18]
["Insumo"," 00010535 ","SINAPI","BETONEIRA CAPACIDADE NOMINAL 400 L, CAPACIDADE DE MISTURA  280 L, MOTOR ELETRICO TRIFASICO 220/380 V POTENCIA 2 CV, SEM CARREGADOR","Equipamento",null,"UN",6.3999999999999997E-5,2874.9,0.18]
[{"$nulls":4},"MO sem LS =>",0,"LS =>",0,"MO com LS =>",0]
[{"$nulls":4},"Valor do BDI =>",4.9644000000000001E-2,null,"Valor com BDI =>",null,0.23]
[]
[null,"Código","Banco","Descrição","Tipo",null,"Und","Quant.","Valor Unit","Total"]
["Composição"," 88827 ","SINAPI","BETONEIRA CAPACIDADE NOMINAL DE 400 L, CAPACIDADE DE MISTURA 280 L, MOTOR ELÉTRICO TRIFÁSICO POTÊNCIA DE 2 CV, SEM CARREGADOR - JUROS. AF_10/2014","CHOR - CUSTOS HORÁRIOS DE MÁQUINAS E EQUIPAMENTOS",null,"H",1,0.02,0.02]
["Insumo"," 00010535 ","SINAPI","BETONEIRA CAPACIDADE NOMINAL 400 L, CAPACIDADE DE MISTURA  280 L, MOTOR ELETRICO TRIFASICO 220/380 V POTENCIA 2 CV, SEM CARREGADOR","Equipamento",null,"UN",7.6000000000000001E-6,2874.9,0.02]
[{"$nulls":4},"MO sem LS =>",0,"LS =>",0,"MO com LS =>",0]
[{"$nulls":4},"Valor do BDI =>",5.5160000000000001E-3,null,"Valor com BDI =>",null,0.03]
[]
[null,"Código","Banco","Descrição","Tipo",null,"Und","Quant.","Valor Unit","Total"]
["Composição"," 88828 ","SINAPI","BETONEIRA CAPACIDADE NOMINAL DE 400 L, CAPACIDADE DE MISTURA 280 L, MOTOR ELÉTRICO TRIFÁSICO POTÊNCIA DE 2 CV, SEM CARREGADOR - MANUTENÇÃO. AF_10/2014","CHOR - CUSTOS HORÁRIOS DE MÁQUINAS E EQUIPAMENTOS",null,"H",1,0.17,0.17]
["Insumo"," 00010535 ","SINAPI","BETONEIRA CAPACIDADE NOMINAL 400 L, CAPACIDADE DE MISTURA  280 L, MOTOR ELETRICO TRIFASICO 220/380 V POTENCIA 2 CV, SEM CARREGADOR","Equipamento",null,"UN",6.0000000000000002E-5,2874.9,0.17]
[{"$nulls":4},"MO sem LS =>",0,"LS =>",0,"MO com LS =>",0]
[{"$nulls":4},"Valor do BDI =>",4.6885999999999997E-2,null,"Valor com BDI =>",null,0.22]
[]
[null,"Código","Banco","Descrição","Tipo",null,"Und","Quant.","Valor Unit","Total"]
["Composição"," 88829 ","SINAPI","BETONEIRA CAPACIDADE NOMINAL DE 400 L, CAPACIDADE DE MISTURA 280 L, MOTOR ELÉTRICO TRIFÁSICO POTÊNCIA DE 2 CV, SEM CARREGADOR - MATERIAIS NA OPERAÇÃO. AF_10/2014","CHOR - CUSTOS HORÁRIOS DE MÁQUINAS E EQUIPAMENTOS",null,"H",1,0.78,0.78]
["Insumo"," 00002705 ","SINAPI","ENERGIA ELETRICA ATE 2000 KWH INDUSTRIAL, SEM DEMANDA","Material",null,"KW/H",1.25,0.62,0.78]
[{"$nulls":4},"MO sem LS =>",0,"LS =>",0,"MO com LS =>",0]
[{"$nulls":4},"Valor do BDI =>",0.21512400000000001,null,"Valor com BDI =>",null,1]
[]
[null,"Código","Banco","Descrição","Tipo",null,"Und","Quant.","Valor Unit","Total"]
["Composição"," 89226 ","SINAPI","BETONEIRA CAPACIDADE NOMINAL DE 600 L, CAPACIDADE DE MISTURA 360 L, MOTOR ELÉTRICO TRIFÁSICO POTÊNCIA DE 4 CV, SEM CARREGADOR - CHI DIURNO. AF_11/2014","CHOR - CUSTOS HORÁRIOS DE MÁQUINAS E EQUIPAMENTOS",null,"CHI",1,0.84,0.84]
["Composição Auxiliar"," 89221 ","SINAPI","BETONEIRA CAPACIDADE NOMINAL DE 600 L, CAPACIDADE DE MISTURA 360 L, MOTOR ELÉTRICO TRIFÁSICO POTÊNCIA DE 4 CV, SEM CARREGADOR - DEPRECIAÇÃO. AF_11/2014","CHOR - CUSTOS HORÁRIOS DE MÁQUINAS E EQUIPAMENTOS",null,"H",1,0.75,0.75]
["Composição Auxiliar"," 89222 ","SINAPI","BETONEIRA CAPACIDADE NOMINAL DE 600 L, CAPACIDADE DE MISTURA 360 L, MOTOR ELÉTRICO TRIFÁSICO POTÊNCIA DE 4 CV, SEM CARREGADOR - JUROS. AF_11/2014","CHOR - CUSTOS HORÁRIOS DE MÁQUINAS E EQUIPAMENTOS",null,"H",1,0.09,0.09]
[{"$nulls":4},"MO sem LS =>",0,"LS =>",0,"MO com LS =>",0]
[{"$nulls":4},"Valor do BDI =>",0.23167199999999999,null,"Valor com BDI =>",null,1.07]
[]
[null,"Código","Banco","Descrição","Tipo",null,"Und","Quant.","Valor Unit","Total"]
["Composição"," 89225 ","SINAPI","BETONEIRA CAPACIDADE NOMINAL DE 600 L, CAPACIDADE DE MISTURA 360 L, MOTOR ELÉTRICO TRIFÁSICO POTÊNCIA DE 4 CV, SEM CARREGADOR - CHP DIURNO. AF_11/2014","CHOR - CUSTOS HORÁRIOS DE MÁQUINAS E EQUIPAMENTOS",null,"CHP",1,3.09,3.09]
["Composição Auxiliar"," 89224 ","SINAPI","BETONEIRA CAPACIDADE NOMINAL DE 600 L, CAPACIDADE DE MISTURA 360 L, MOTOR ELÉTRICO TRIFÁSICO POTÊNCIA DE 4 CV, SEM CARREGADOR - MATERIAIS NA OPERAÇÃO. AF_11/2014","CHOR - CUSTOS HORÁRIOS DE MÁQUINAS E EQUIPAMENTOS",null,"H",1,1.55,1.55]
["Composição Auxiliar"," 89221 ","SINAPI","BETONEIRA CAPACIDADE NOMINAL DE 600 L, CAPACIDADE DE MISTURA 360 L, MOTOR ELÉTRICO TRIFÁSICO POTÊNCIA DE 4 CV, SEM CARREGADOR - DEPRECIAÇÃO. AF_11/2014","CHOR - CUSTOS HORÁRIOS DE MÁQUINAS E EQUIPAMENTOS",null,"H",1,0.75,0.75]
["Composição Auxiliar"," 89222 ","SINAPI","BETONEIRA CAPACIDADE NOMINAL DE 600 L, CAPACIDADE DE MISTURA 360 L, MOTOR ELÉTRICO TRIFÁSICO POTÊNCIA DE 4 CV, SEM CARREGADOR - JUROS. AF_11/2014","CHOR - CUSTOS HORÁRIOS DE MÁQUINAS E EQUIPAMENTOS",null,"H",1,0.09,0.09]
["Composição Auxiliar"," 89223 ","SINAPI","BETONEIRA CAPACIDADE NOMINAL DE 600 L, CAPACIDADE DE MISTURA 360 L, MOTOR ELÉTRICO TRIFÁSICO POTÊNCIA DE 4 CV, SEM CARREGADOR - MANUTENÇÃO. AF_11/2014","CHOR - CUSTOS HORÁRIOS DE MÁQUINAS E EQUIPAMENTOS",null,"H",1,0.7,0.7]
[{"$nulls":4},"MO sem LS =>",0,"LS =>",0,"MO com LS =>",0]
[{"$nulls":4},"Valor do BDI =>",0.85222200000000004,null,"Valor com BDI =>",null,3.94]
[]
[null,"Código","Banco","Descrição","Tipo",null,"Und","Quant.","Valor Unit","Total"]
["Composição"," 89221 ","SINAPI","BETONEIRA CAPACIDADE NOMINAL DE 600 L, CAPACIDADE DE MISTURA 360 L, MOTOR ELÉTRICO TRIFÁSICO POTÊNCIA DE 4 CV, SEM CARREGADOR - DEPRECIAÇÃO. AF_11/2014","CHOR - CUSTOS HORÁRIOS DE MÁQUINAS E EQUIPAMENTOS",null,"H",1,0.75,0.75]
["Insumo"," 00036397 ","SINAPI","BETONEIRA, CAPACIDADE NOMINAL 600 L, CAPACIDADE DE MISTURA  360L, MOTOR ELETRICO TRIFASICO 220/380V, POTENCIA 4CV, EXCLUSO CARREGADOR","Equipamento",null,"UN",6.3999999999999997E-5,11694.49,0.75]
[{"$nulls":4},"MO sem LS =>",0,"LS =>",0,"MO com LS =>",0]
[{"$nulls":4},"Valor do BDI =>",0.20685000000000001,null,"Valor com BDI =>",null,0.96]
[]
[null,"Código","Banco","Descrição","Tipo",null,"Und","Quant.","Valor Unit","Total"]
["Composição"," 89222 ","SINAPI","BETONEIRA CAPACIDADE NOMINAL DE 600 L, CAPACIDADE DE MISTURA 360 L, MOTOR ELÉTRICO TRIFÁSICO POTÊNCIA DE 4 CV, SEM CARREGADOR - JUROS. AF_11/2014","CHOR - CUSTOS HORÁRIOS DE MÁQUINAS E EQUIPAMENTOS",null,"H",1,0.09,0.09]
["Insumo"," 00036397 ","SINAPI","BETONEIRA, CAPACIDADE NOMINAL 600 L, CAPACIDADE DE MISTURA  360L, MOTOR ELETRICO TRIFASICO 220/380V, POTENCIA 4CV, EXCLUSO CARREGADOR","Equipamento",null,"UN",7.6000000000000001E-6,11694.49,0.09]
[{"$nulls":4},"MO sem LS =>",0,"LS =>",0,"MO com LS =>",0]
[{"$nulls":4},"Valor do BDI =>",2.4822E-2,null,"Valor com BDI =>",null,0.11]
[]
[null,"Código","Banco","Descrição","Tipo",null,"Und","Quant.","Valor Unit","Total"]
["Composição"," 89223 ","SINAPI","BETONEIRA CAPACIDADE NOMINAL DE 600 L, CAPACIDADE DE MISTURA 360 L, MOTOR ELÉTRICO TRIFÁSICO POTÊNCIA DE 4 CV, SEM CARREGADOR - MANUTENÇÃO. AF_11/2014","CHOR - CUSTOS HORÁRIOS DE MÁQUINAS E EQUIPAMENTOS",null,"H",1,0.7,0.7]
["Insumo"," 00036397 ","SINAPI","BETONEIRA, CAPACIDADE NOMINAL 600 L, CAPACIDADE DE MISTURA  360L, MOTOR ELETRICO TRIFASICO 220/380V, POTENCIA 4CV, EXCLUSO CARREGADOR","Equipamento",null,"UN",6.0000000000000002E-5,11694.49,0.7]
[{"$nulls":4},"MO sem LS =>",0,"LS =>",0,"MO com LS =>",0]
[{"$nulls":4},"Valor do BDI =>",0.19306000000000001,null,"Valor com BDI =>",null,0.89]
[]
[null,"Código","Banco","Descrição","Tipo",null,"Und","Quant.","Valor Unit","Total"]
["Composição"," 89224 ","SINAPI","BETONEIRA CAPACIDADE NOMINAL DE 600 L, CAPACIDADE DE MISTURA 360 L, MOTOR ELÉTRICO TRIFÁSICO POTÊNCIA DE 4 CV, SEM CARREGADOR - MATERIAIS NA OPERAÇÃO. AF_11/2014","CHOR - CUSTOS HORÁRIOS DE MÁQUINAS E EQUIPAMENTOS",null,"H",1,1.55,1.55]
["Insumo"," 00002705 ","SINAPI","ENERGIA ELETRICA ATE 2000 KWH INDUSTRIAL, SEM DEMANDA","Material",null,"KW/H",2.5,0.62,1.55]
[{"$nulls":4},"MO sem LS =>",0,"LS =>",0,"MO com LS =>",0]
[{"$nulls":4},"Valor do BDI =>",0.42748999999999998,null,"Valor com BDI =>",null,1.98]
[]
[null,"Código","Banco","Descrição","Tipo",null,"Und","Quant.","Valor Unit","Total"]
["Composição"," 73856/004 ","SINAPI","BOCA PARA BUEIRO SIMPLES TUBULAR, DIAMETRO =1,00M, EM CONCRETO CICLOPICO, INCLUINDO FORMAS, ESCAVACAO, REATERRO E MATERIAIS, EXCLUINDO MATERIAL REATERRO JAZIDA E TRANSPORTE.","DROP - DRENAGEM/OBRAS DE CONTENÇÃO / POÇOS DE VISITA E CAIXAS",null,"UN",1,1395.92,1395.92]
["Composição Auxiliar"," 73301 ","SINAPI","ESCORAMENTO FORMAS ATE H = 3,30M, COM MADEIRA DE 3A QUALIDADE, NAO APARELHADA, APROVEITAMENTO TABUAS 3X E PRUMOS 4X.","ESCO - ESCORAMENTO",null,"m³",25.278174499999999,7.11,179.73]
["Composição Auxiliar"," 92411 ","SINAPI","MONTAGEM E DESMONTAGEM DE FÔRMA DE PILARES RETANGULARES E ESTRUTURAS SIMILARES COM ÁREA MÉDIA DAS SEÇÕES MAIOR QUE 0,25 M², PÉ-DIREITO SIMPLES, EM MADEIRA SERRADA, 2 UTILIZAÇÕES. AF_12/2015","FUES - FUNDAÇÕES E ESTRUTURAS",null,"m²",10.119999999999999,75.069999999999993,759.71]
["Composição Auxiliar"," 93358 ","SINAPI","ESCAVAÇÃO MANUAL DE VALA COM PROFUNDIDADE MENOR OU IGUAL A 1,30 M. AF_03/2016","MOVT - MOVIMENTO DE TERRA",null,"m³",1.1002552999999999,44.97,49.48]
["Composição Auxiliar"," 73361 ","SINAPI","CONCRETO CICLOPICO FCK=10MPA 30% PEDRA DE MAO INCLUSIVE LANCAMENTO","SEDI - SERVIÇOS DIVERSOS",null,"m³",1.5289999999999999,266.19,407]
[{"$nulls":4},"MO sem LS =>",928.54,"LS =>",0.02,"MO com LS =>",928.56]
[{"$nulls":4},"Valor do BDI =>",384.99473599999999,null,"Valor com BDI =>",null,1780.91]
[]
[null,"Código","Banco","Descrição","Tipo",null,"Und","Quant.","Valor Unit","Total"]
["Composição"," 91924 ","SINAPI","CABO DE COBRE FLEXÍVEL ISOLADO, 1,5 MM², ANTI-CHAMA 450/750 V, PARA CIRCUITOS TERMINAIS - FORNECIMENTO E INSTALAÇÃO. AF_12/2015","INEL - INSTALAÇÃO ELÉTRICA/ELETRIFICAÇÃO E ILUMINAÇÃO EXTERNA",null,"M",1,1.48,1.48]
["Composição Auxiliar"," 88264 ","SINAPI","ELETRICISTA COM ENCARGOS COMPLEMENTARES","SEDI - SERVIÇOS DIVERSOS",null,"H",1.8875400000000001E-2,19.579999999999998,0.37]
["Composição Auxiliar"," 88247 ","SINAPI","AUXILIAR DE ELETRICISTA COM ENCARGOS COMPLEMENTARES","SEDI - SERVIÇOS DIVERSOS",null,"H",1.8875400000000001E-2,15.16,0.28999999999999998]
["Insumo"," 00001013 ","SINAPI","CABO DE COBRE, FLEXIVEL, CLASSE 4 OU 5, ISOLACAO EM PVC/A, ANTICHAMA BWF-B, 1 CONDUTOR, 450/750 V, SECAO NOMINAL 1,5 MM2","Material",null,"M",1.19,0.67,0.8]
["Insumo"," 00021127 ","SINAPI","FITA ISOLANTE ADESIVA ANTICHAMA, USO ATE 750 V, EM ROLO DE 19 MM X 5 M","Material",null,"UN",8.9999999999999993E-3,2.54,0.02]
[{"$nulls":4},"MO sem LS =>",0.66,"LS =>",0,"MO com LS =>",0.66]
[{"$nulls":4},"Valor do BDI =>",0.40818399999999999,null,"Valor com BDI =>",null,1.89]
[]
[null,"Código","Banco","Descrição","Tipo",null,"Und","Quant.","Valor Unit","Total"]
["Composição"," 92981 ","SINAPI","CABO DE COBRE FLEXÍVEL ISOLADO, 16 MM², ANTI-CHAMA 450/750 V, PARA DISTRIBUIÇÃO - FORNECIMENTO E INSTALAÇÃO. AF_12/2015","INEL - INSTALAÇÃO ELÉTRICA/ELETRIFICAÇÃO E ILUMINAÇÃO EXTERNA",null,"M",1,7.68,7.68]
["Composição Auxiliar"," 88264 ","SINAPI","ELETRICISTA COM ENCARGOS COMPLEMENTARES","SEDI - SERVIÇOS DIVERSOS",null,"H",1.0204700000000001E-2,19.579999999999998,0.2]
["Composição Auxiliar"," 88247 ","SINAPI","AUXILIAR DE ELETRICISTA COM ENCARGOS COMPLEMENTARES","SEDI - SERVIÇOS DIVERSOS",null,"H",1.0204700000000001E-2,15.16,0.15]
["Insumo"," 00000979 ","SINAPI","CABO DE COBRE, FLEXIVEL, CLASSE 4 OU 5, ISOLACAO EM PVC/A, ANTICHAMA BWF-B, 1 CONDUTOR, 450/750 V, SECAO NOMINAL 16 MM2","Material",null,"M",1.0269999999999999,7.11,7.3]
["Insumo"," 00021127 ","SINAPI","FITA ISOLANTE ADESIVA ANTICHAMA, USO ATE 750 V, EM ROLO DE 19 MM X 5 M","Material",null,"UN",0.01,2.54,0.03]
[{"$nulls":4},"MO sem LS =>",0.35,"LS =>",0,"MO com LS =>",0.35]
[{"$nulls":4},"Valor do BDI =>",2.118144,null,"Valor com BDI =>",null,9.8000000000000007]
[]
[null,"Código","Banco","Descrição","Tipo",null,"Und","Quant.","Valor Unit","Total"]
["Composição"," 91926 ","SINAPI","CABO DE COBRE FLEXÍVEL ISOLADO, 2,5 MM², ANTI-CHAMA 450/750 V, PARA CIRCUITOS TERMINAIS - FORNECIMENTO E INSTALAÇÃO. AF_12/2015","INEL - INSTALAÇÃO ELÉTRICA/ELETRIFICAÇÃO E ILUMINAÇÃO EXTERNA",null,"M",1,2.12,2.12]
["Composição Auxiliar"," 88264 ","SINAPI","ELETRICISTA COM ENCARGOS COMPLEMENTARES","SEDI - SERVIÇOS DIVERSOS",null,"H",2.3244799999999999E-2,19.579999999999998,0.46]
["Composição Auxiliar"," 88247 ","SINAPI","AUXILIAR DE ELETRICISTA COM ENCARGOS COMPLEMENTARES","SEDI - SERVIÇOS DIVERSOS",null,"H",2.3244799999999999E-2,15.16,0.35]
["Insumo"," 00001014 ","SINAPI","CABO DE COBRE, FLEXIVEL, CLASSE 4 OU 5, ISOLACAO EM PVC/A, ANTICHAMA BWF-B, 1 CONDUTOR, 450/750 V, SECAO NOMINAL 2,5 MM2","Material",null,"M",1.19,1.08,1.29]
["Insumo"," 00021127 ","SINAPI","FITA ISOLANTE ADESIVA ANTICHAMA, USO ATE 750 V, EM ROLO DE 19 MM X 5 M","Material",null,"UN",8.9999999999999993E-3,2.54,0.02]
[{"$nulls":4},"MO sem LS =>",0.81,"LS =>",0,"MO com LS =>",0.81]
[{"$nulls":4},"Valor do BDI =>",0.58469599999999999,null,"Valor com BDI =>",null,2.7]
[]
[null,"Código","Banco","Descrição","Tipo",null,"Und","Quant.","Valor Unit","Total"]
["Composição"," 91928 ","SINAPI","CABO DE COBRE FLEXÍVEL ISOLADO, 4 MM², ANTI-CHAMA 450/750 V, PARA CIRCUITOS TERMINAIS - FORNECIMENTO E INSTALAÇÃO. AF_12/2015","INEL - INSTALAÇÃO ELÉTRICA/ELETRIFICAÇÃO E ILUMINAÇÃO EXTERNA",null,"M",1,3.4,3.4]
["Composição Auxiliar"," 88264 ","SINAPI","ELETRICISTA COM ENCARGOS COMPLEMENTARES","SEDI - SERVIÇOS DIVERSOS",null,"H",3.1614400000000001E-2,19.579999999999998,0.62]
["Composição Auxiliar"," 88247 ","SINAPI","AUXILIAR DE ELETRICISTA COM ENCARGOS COMPLEMENTARES","SEDI - SERVIÇOS DIVERSOS",null,"H",3.1614400000000001E-2,15.16,0.48]
["Insumo"," 00000981 ","SINAPI","CABO DE COBRE, FLEXIVEL, CLASSE 4 OU 5, ISOLACAO EM PVC/A, ANTICHAMA BWF-B, 1 CONDUTOR, 450/750 V, SECAO NOMINAL 4 MM2","Material",null,"M",1.19,1.92,2.2799999999999998]
["Insumo"," 00021127 ","SINAPI","FITA ISOLANTE ADESIVA ANTICHAMA, USO ATE 750 V, EM ROLO DE 19 MM X 5 M","Material",null,"UN",8.9999999999999993E-3,2.54,0.02]
[{"$nulls":4},"MO sem LS =>",1.1000000000000001,"LS =>",0,"MO com LS =>",1.1000000000000001]
[{"$nulls":4},"Valor do BDI =>",0.93772,null,"Valor com BDI =>",null,4.34]
[]
[null,"Código","Banco","Descrição","Tipo",null,"Und","Quant.","Valor Unit","Total"]
["Composição"," 98283 ","SINAPI","CABO TELEFÔNICO CCI-50 4 PARES, SEM BLINDAGEM, INSTALADO EM DISTRIBUIÇÃO DE EDIFICAÇÃO RESIDENCIAL - FORNECIMENTO E INSTALAÇÃO. AF_11/2019","INES - INSTALAÇÕES ESPECIAIS",null,"M",1,5.35,5.35]
["Composição Auxiliar"," 88264 ","SINAPI","ELETRICISTA COM ENCARGOS COMPLEMENTARES","SEDI - SERVIÇOS DIVERSOS",null,"H",0.1141876,19.579999999999998,2.2400000000000002]
["Composição Auxiliar"," 88247 ","SINAPI","AUXILIAR DE ELETRICISTA COM ENCARGOS COMPLEMENTARES","SEDI - SERVIÇOS DIVERSOS",null,"H",0.1141876,15.16,1.73]
["Insumo"," 00011904 ","SINAPI","CABO TELEFONICO CCI 50, 4 PARES, USO INTERNO, SEM BLINDAGEM","Material",null,"M",1.05,1.31,1.38]
[{"$nulls":4},"MO sem LS =>",3.97,"LS =>",0,"MO com LS =>",3.97]
[{"$nulls":4},"Valor do BDI =>",1.47553,null,"Valor com BDI =>",null,6.83]
[]
[null,"Código","Banco","Descrição","Tipo",null,"Und","Quant.","Valor Unit","Total"]
["Composição"," 98102 ","SINAPI","CAIXA DE GORDURA SIMPLES, CIRCULAR, EM CONCRETO PRÉ-MOLDADO, DIÂMETRO INTERNO = 0,4 M, ALTURA INTERNA = 0,4 M. AF_05/2018","INHI - INSTALAÇÕES HIDROS SANITÁRIAS",null,"UN",1,46.2,46.2]
["Composição Auxiliar"," 5678 ","SINAPI","RETROESCAVADEIRA SOBRE RODAS COM CARREGADEIRA, TRAÇÃO 4X4, POTÊNCIA LÍQ. 88 HP, CAÇAMBA CARREG. CAP. MÍN. 1 M3, CAÇAMBA RETRO CAP. 0,26 M3, PESO OPERACIONAL MÍN. 6.674 KG, PROFUNDIDADE ESCAVAÇÃO MÁX. 4,37 M - CHP DIURNO. AF_06/2014","CHOR - CUSTOS HORÁRIOS DE MÁQUINAS E EQUIPAMENTOS",null,"CHP",1.55E-2,68.14,1.06]
["Composição Auxiliar"," 5679 ","SINAPI","RETROESCAVADEIRA SOBRE RODAS COM CARREGADEIRA, TRAÇÃO 4X4, POTÊNCIA LÍQ. 88 HP, CAÇAMBA CARREG. CAP. MÍN. 1 M3, CAÇAMBA RETRO CAP. 0,26 M3, PESO OPERACIONAL MÍN. 6.674 KG, PROFUNDIDADE ESCAVAÇÃO MÁX. 4,37 M - CHI DIURNO. AF_06/2014","CHOR - CUSTOS HORÁRIOS DE MÁQUINAS E EQUIPAMENTOS",null,"CHI",5.21E-2,31.11,1.62]
["Composição Auxiliar"," 94111 ","SINAPI","LASTRO DE VALA COM PREPARO DE FUNDO, LARGURA MENOR QUE 1,5 M, COM CAMADA DE AREIA, LANÇAMENTO MECANIZADO, EM LOCAL COM NÍVEL BAIXO DE INTERFERÊNCIA. AF_06/2016","MOVT - MOVIMENTO DE TERRA",null,"m³",1.9199999999999998E-2,72.63,1.39]
["Composição Auxiliar"," 88316 ","SINAPI","SERVENTE COM ENCARGOS COMPLEMENTARES","SEDI - SERVIÇOS DIVERSOS",null,"H",5.0112200000000003E-2,14.96,0.75]
["Composição Auxiliar"," 88309 ","SINAPI","PEDREIRO COM ENCARGOS COMPLEMENTARES","SEDI - SERVIÇOS DIVERSOS",null,"H",5.0112200000000003E-2,19.399999999999999,0.97]
["Insumo"," 00011881 ","SINAPI","CAIXA GORDURA, SIMPLES, CONCRETO PRE MOLDADO, CIRCULAR, COM TAMPA, D = 40 CM","Material",null,"UN",1,40.409999999999997,40.409999999999997]
[{"$nulls":4},"MO sem LS =>",3.62,"LS =>",0,"MO com LS =>",3.62]
[{"$nulls":4},"Valor do BDI =>",12.741960000000001,null,"Valor com BDI =>",null,58.94]
[]
[null,"Código","Banco","Descrição","Tipo",null,"Und","Quant.","Valor Unit","Total"]
["Composição"," 74166/001 ","SINAPI","CAIXA DE INSPEÇÃO EM CONCRETO PRÉ-MOLDADO DN 60CM COM TAMPA H= 60CM - FORNECIMENTO E INSTALACAO","INHI - INSTALAÇÕES HIDROS SANITÁRIAS",null,"UN",1,142.69999999999999,142.69999999999999]
["Composição Auxiliar"," 88316 ","SINAPI","SERVENTE COM ENCARGOS COMPLEMENTARES","SEDI - SERVIÇOS DIVERSOS",null,"H",1.1713623,14.96,17.52]
["Composição Auxiliar"," 88309 ","SINAPI","PEDREIRO COM ENCARGOS COMPLEMENTARES","SEDI - SERVIÇOS DIVERSOS",null,"H",1.1713623,19.399999999999999,22.72]
["Composição Auxiliar"," 88267 ","SINAPI","ENCANADOR OU BOMBEIRO HIDRÁULICO COM ENCARGOS COMPLEMENTARES","SEDI - SERVIÇOS DIVERSOS",null,"H",0.78090680000000001,18.97,14.81]
["Composição Auxiliar"," 88248 ","SINAPI","AUXILIAR DE ENCANADOR OU BOMBEIRO HIDRÁULICO COM ENCARGOS COMPLEMENTARES","SEDI - SERVIÇOS DIVERSOS",null,"H",0.78090680000000001,14.61,11.41]
["Insumo"," 00003279 ","SINAPI","CAIXA INSPECAO, CONCRETO PRE MOLDADO, CIRCULAR, COM TAMPA, D = 60* CM, H= 60* CM","Material",null,"UN",1,75.28,75.28]
["Insumo"," 00000370 ","SINAPI","AREIA MEDIA - POSTO JAZIDA/FORNECEDOR (RETIRADO NA JAZIDA, SEM TRANSPORTE)","Material",null,"m³",2E-3,19.52,0.04]
["Insumo"," 00001379 ","SINAPI","CIMENTO PORTLAND COMPOSTO CP II-32","Material",null,"KG",2,0.46,0.92]
[{"$nulls":4},"MO sem LS =>",66.459999999999994,"LS =>",0,"MO com LS =>",66.459999999999994]
[{"$nulls":4},"Valor do BDI =>",39.356659999999998,null,"Valor com BDI =>",null,182.06]
[]
[null,"Código","Banco","Descrição","Tipo",null,"Und","Quant.","Valor Unit","Total"]
["Composição"," 100556 ","SINAPI","CAIXA DE PASSAGEM PARA TELEFONE 15X15X10CM (SOBREPOR), FORNECIMENTO E INSTALACAO. AF_11/2019","INES - INSTALAÇÕES ESPECIAIS",null,"UN",1,18.79,18.79]
["Composição Auxiliar"," 88264 ","SINAPI","ELETRICISTA COM ENCARGOS COMPLEMENTARES","SEDI - SERVIÇOS DIVERSOS",null,"H",0.27006249999999998,19.579999999999998,5.29]
["Composição Auxiliar"," 88247 ","SINAPI","AUXILIAR DE ELETRICISTA COM ENCARGOS COMPLEMENTARES","SEDI - SERVIÇOS DIVERSOS",null,"H",0.27006249999999998,15.16,4.09]
["Insumo"," 00020254 ","SINAPI","CAIXA DE PASSAGEM METALICA, DE SOBREPOR, COM TAMPA APARAFUSADA, DIMENSOES 15 X 15 X *10* CM","Material",null,"UN",1,9.41,9.41]
[{"$nulls":4},"MO sem LS =>",9.3800000000000008,"LS =>",0,"MO com LS =>",9.3800000000000008]
[{"$nulls":4},"Valor do BDI =>",5.1822819999999998,null,"Valor com BDI =>",null,23.97]
[]
[null,"Código","Banco","Descrição","Tipo",null,"Und","Quant.","Valor Unit","Total"]
["Composição"," 97886 ","SINAPI","CAIXA ENTERRADA ELÉTRICA RETANGULAR, EM ALVENARIA COM TIJOLOS CERÂMICOS MACIÇOS, FUNDO COM BRITA, DIMENSÕES INTERNAS: 0,3X0,3X0,3 M. AF_05/2018","INEL - INSTALAÇÃO ELÉTRICA/ELETRIFICAÇÃO E ILUMINAÇÃO EXTERNA",null,"UN",1,96.06,96.06]
["Composição Auxiliar"," 97734 ","SINAPI","PEÇA RETANGULAR PRÉ-MOLDADA, VOLUME DE CONCRETO DE 10 A 30 LITROS, TAXA DE AÇO APROXIMADA DE 30KG/M³. AF_01/2018","FUES - FUNDAÇÕES E ESTRUTURAS",null,"m³",1.7500000000000002E-2,1591.5,27.85]
["Composição Auxiliar"," 94103 ","SINAPI","LASTRO DE VALA COM PREPARO DE FUNDO, LARGURA MENOR QUE 1,5 M, COM CAMADA DE BRITA, LANÇAMENTO MANUAL, EM LOCAL COM NÍVEL BAIXO DE INTERFERÊNCIA. AF_06/2016","MOVT - MOVIMENTO DE TERRA",null,"m³",3.5999999999999997E-2,144.13999999999999,5.19]
["Composição Auxiliar"," 88628 ","SINAPI","ARGAMASSA TRAÇO 1:3 (EM VOLUME DE CIMENTO E AREIA MÉDIA ÚMIDA), PREPARO MECÂNICO COM BETONEIRA 400 L. AF_08/2019","SEDI - SERVIÇOS DIVERSOS",null,"m³",2.7799999999999998E-2,289.87,8.06]
["Composição Auxiliar"," 87316 ","SINAPI","ARGAMASSA TRAÇO 1:4 (EM VOLUME DE CIMENTO E AREIA GROSSA ÚMIDA) PARA CHAPISCO CONVENCIONAL, PREPARO MECÂNICO COM BETONEIRA 400 L. AF_08/2019","SEDI - SERVIÇOS DIVERSOS",null,"m³",4.0000000000000002E-4,259.5,0.1]
["Composição Auxiliar"," 88316 ","SINAPI","SERVENTE COM ENCARGOS COMPLEMENTARES","SEDI - SERVIÇOS DIVERSOS",null,"H",1.1992665,14.96,17.940000000000001]
["Composição Auxiliar"," 88309 ","SINAPI","PEDREIRO COM ENCARGOS COMPLEMENTARES","SEDI - SERVIÇOS DIVERSOS",null,"H",1.1992665,19.399999999999999,23.27]
["Insumo"," 00007258 ","SINAPI","TIJOLO CERAMICO MACICO *5 X 10 X 20* CM","Material",null,"UN",48.750700000000002,0.28000000000000003,13.65]
[{"$nulls":4},"MO sem LS =>",65.73,"LS =>",0,"MO com LS =>",65.73]
[{"$nulls":4},"Valor do BDI =>",26.493348000000001,null,"Valor com BDI =>",null,122.55]
[]
[null,"Código","Banco","Descrição","Tipo",null,"Und","Quant.","Valor Unit","Total"]
["Composição"," 91937 ","SINAPI","CAIXA OCTOGONAL 3\" X 3\", PVC, INSTALADA EM LAJE - FORNECIMENTO E INSTALAÇÃO. AF_12/2015","INEL - INSTALAÇÃO ELÉTRICA/ELETRIFICAÇÃO E ILUMINAÇÃO EXTERNA",null,"UN",1,6.23,6.23]
["Composição Auxiliar"," 88264 ","SINAPI","ELETRICISTA COM ENCARGOS COMPLEMENTARES","SEDI - SERVIÇOS DIVERSOS",null,"H",0.1115534,19.579999999999998,2.1800000000000002]
["Composição Auxiliar"," 88247 ","SINAPI","AUXILIAR DE ELETRICISTA COM ENCARGOS COMPLEMENTARES","SEDI - SERVIÇOS DIVERSOS",null,"H",0.1115534,15.16,1.69]
["Insumo"," 00001871 ","SINAPI","CAIXA OCTOGONAL DE FUNDO MOVEL, EM PVC, DE 3\" X 3\", PARA ELETRODUTO FLEXIVEL CORRUGADO","Material",null,"UN",1,2.36,2.36]
[{"$nulls":4},"MO sem LS =>",3.87,"LS =>",0,"MO com LS =>",3.87]
[{"$nulls":4},"Valor do BDI =>",1.718234,null,"Valor com BDI =>",null,7.95]
[]
[null,"Código","Banco","Descrição","Tipo",null,"Und","Quant.","Valor Unit","Total"]
["Composição"," 91940 ","SINAPI","CAIXA RETANGULAR 4\" X 2\" MÉDIA (1,30 M DO PISO), PVC, INSTALADA EM PAREDE - FORNECIMENTO E INSTALAÇÃO. AF_12/2015","INEL - INSTALAÇÃO ELÉTRICA/ELETRIFICAÇÃO E ILUMINAÇÃO EXTERNA",null,"UN",1,8.31,8.31]
["Composição Auxiliar"," 88629 ","SINAPI","ARGAMASSA TRAÇO 1:3 (EM VOLUME DE CIMENTO E AREIA MÉDIA ÚMIDA), PREPARO MANUAL. AF_08/2019","SEDI - SERVIÇOS DIVERSOS",null,"m³",8.9999999999999998E-4,343.49,0.31]
["Composição Auxiliar"," 88264 ","SINAPI","ELETRICISTA COM ENCARGOS COMPLEMENTARES","SEDI - SERVIÇOS DIVERSOS",null,"H",0.19249269999999999,19.579999999999998,3.77]
["Composição Auxiliar"," 88247 ","SINAPI","AUXILIAR DE ELETRICISTA COM ENCARGOS COMPLEMENTARES","SEDI - SERVIÇOS DIVERSOS",null,"H",0.19249269999999999,15.16,2.92]
["Insumo"," 00001872 ","SINAPI","CAIXA DE PASSAGEM, EM PVC, DE 4\" X 2\", PARA ELETRODUTO FLEXIVEL CORRUGADO","Material",null,"UN",1,1.31,1.31]
[{"$nulls":4},"MO sem LS =>",6.78,"LS =>",0,"MO com LS =>",6.78]
[{"$nulls":4},"Valor do BDI =>",2.2918980000000002,null,"Valor com BDI =>",null,10.6]
[]
[null,"Código","Banco","Descrição","Tipo",null,"Und","Quant.","Valor Unit","Total"]
["Composição"," 89482 ","SINAPI","CAIXA SIFONADA, PVC, DN 100 X 100 X 50 MM, FORNECIDA E INSTALADA EM RAMAIS DE ENCAMINHAMENTO DE ÁGUA PLUVIAL. AF_12/2014","INHI - INSTALAÇÕES HIDROS SANITÁRIAS",null,"UN",1,14.14,14.14]
["Composição Auxiliar"," 88267 ","SINAPI","ENCANADOR OU BOMBEIRO HIDRÁULICO COM ENCARGOS COMPLEMENTARES","SEDI - SERVIÇOS DIVERSOS",null,"H",0.10539709999999999,18.97,2]
["Composição Auxiliar"," 88248 ","SINAPI","AUXILIAR DE ENCANADOR OU BOMBEIRO HIDRÁULICO COM ENCARGOS COMPLEMENTARES","SEDI - SERVIÇOS DIVERSOS",null,"H",0.10539709999999999,14.61,1.54]
["Insumo"," 00000122 ","SINAPI","ADESIVO PLASTICO PARA PVC, FRASCO COM 850 GR","Material",null,"UN",1.4800000000000001E-2,41.61,0.62]
["Insumo"," 00020085 ","SINAPI","ANEL BORRACHA, DN 50 MM, PARA TUBO SERIE REFORCADA ESGOTO PREDIAL","Material",null,"UN",1,1,1]
["Insumo"," 00005103 ","SINAPI","CAIXA SIFONADA PVC, 100 X 100 X 50 MM, COM GRELHA REDONDA BRANCA","Material",null,"UN",1,7.82,7.82]
["Insumo"," 00038383 ","SINAPI","LIXA D'AGUA EM FOLHA, GRAO 100","Material",null,"UN",3.6499999999999998E-2,1.48,0.05]
["Insumo"," 00020083 ","SINAPI","SOLUCAO LIMPADORA PARA PVC, FRASCO COM 1000 CM3","Material",null,"UN",2.2499999999999999E-2,36.14,0.81]
["Insumo"," 00020078 ","SINAPI","PASTA LUBRIFICANTE PARA TUBOS E CONEXOES COM JUNTA ELASTICA (USO EM PVC, ACO, POLIETILENO E OUTROS) ( DE *400* G)","Material",null,"UN",0.02,15.23,0.3]
[{"$nulls":4},"MO sem LS =>",3.54,"LS =>",0,"MO com LS =>",3.54]
[{"$nulls":4},"Valor do BDI =>",3.8998119999999998,null,"Valor com BDI =>",null,18.04]
[]
[null,"Código","Banco","Descrição","Tipo",null,"Und","Quant.","Valor Unit","Total"]
["Composição"," V22 ","Próprio","CALÇADA CIMENTADA  ","ASTU - ASSENTAMENTO DE TUBOS E PECAS",null,"m²",1,125.94,125.94]
["Composição Auxiliar"," 87905 ","SINAPI","CHAPISCO APLICADO EM ALVENARIA (COM PRESENÇA DE VÃOS) E ESTRUTURAS DE CONCRETO DE FACHADA, COM COLHER DE PEDREIRO.  ARGAMASSA TRAÇO 1:3 COM PREPARO EM BETONEIRA 400L. AF_06/2014","REVE - REVESTIMENTO E TRATAMENTO DE SUPERFÍCIES",null,"m²",0.85,5.04,4.28]
["Composição Auxiliar"," 89168 ","SINAPI","(COMPOSIÇÃO REPRESENTATIVA) DO SERVIÇO DE ALVENARIA DE VEDAÇÃO DE BLOCOS VAZADOS DE CERÂMICA DE 9X19X19CM (ESPESSURA 9CM), PARA EDIFICAÇÃO HABITACIONAL UNIFAMILIAR (CASA) E EDIFICAÇÃO PÚBLICA PADRÃO. AF_11/2014","PARE - PAREDES/PAINEIS",null,"m²",0.85,50.61,43.02]
["Composição Auxiliar"," 93358 ","SINAPI","ESCAVAÇÃO MANUAL DE VALA COM PROFUNDIDADE MENOR OU IGUAL A 1,30 M. AF_03/2016","MOVT - MOVIMENTO DE TERRA",null,"m³",0.1,44.97,4.5]
["Composição Auxiliar"," 94962 ","SINAPI","CONCRETO MAGRO PARA LASTRO, TRAÇO 1:4,5:4,5 (CIMENTO/ AREIA MÉDIA/ BRITA 1)  - PREPARO MECÂNICO COM BETONEIRA 400 L. AF_07/2016","FUES - FUNDAÇÕES E ESTRUTURAS",null,"m³",0.03,185.56,5.57]
["Composição Auxiliar"," 94992 ","SINAPI","EXECUÇÃO DE PASSEIO (CALÇADA) OU PISO DE CONCRETO COM CONCRETO MOLDADO IN LOCO, FEITO EM OBRA, ACABAMENTO CONVENCIONAL, ESPESSURA 6 CM, ARMADO. AF_07/2016","PISO - PISOS",null,"m²",1,43.93,43.93]
["Composição Auxiliar"," C3121 ","SEINFRA","REBOCO C/ ARGAMASSA DE CIMENTO E AREIA PENEIRADA, TRAÇO 1:6","ARGAMASSAS PARA PAREDES INTERNAS E EXTERNAS",null,"m²",0.85,28.99,24.64]
[{"$nulls":4},"MO sem LS =>",74.319999999999993,"LS =>",0.01,"MO com LS =>",74.33]
[{"$nulls":4},"Valor do BDI =>",34.734251999999998,null,"Valor com BDI =>",null,160.66999999999999]
[]
[null,"Código","Banco","Descrição","Tipo",null,"Und","Quant.","Valor Unit","Total"]
["Composição"," 92139 ","SINAPI","CAMINHONETE COM MOTOR A DIESEL, POTÊNCIA 180 CV, CABINE DUPLA, 4X4 - CHI DIURNO. AF_11/2015","CHOR - CUSTOS HORÁRIOS DE MÁQUINAS E EQUIPAMENTOS",null,"CHI",1,22.38,22.38]
["Composição Auxiliar"," 92134 ","SINAPI","CAMINHONETE COM MOTOR A DIESEL, POTÊNCIA 180 CV, CABINE DUPLA, 4X4 - JUROS. AF_11/2015","CHOR - CUSTOS HORÁRIOS DE MÁQUINAS E EQUIPAMENTOS",null,"H",1,0.94,0.94]
["Composição Auxiliar"," 92135 ","SINAPI","CAMINHONETE COM MOTOR A DIESEL, POTÊNCIA 180 CV, CABINE DUPLA, 4X4 - IMPOSTOS E SEGUROS. AF_11/2015","CHOR - CUSTOS HORÁRIOS DE MÁQUINAS E EQUIPAMENTOS",null,"H",1,0.37,0.37]
["Composição Auxiliar"," 92133 ","SINAPI","CAMINHONETE COM MOTOR A DIESEL, POTÊNCIA 180 CV, CABINE DUPLA, 4X4 - DEPRECIAÇÃO. AF_11/2015","CHOR - CUSTOS HORÁRIOS DE MÁQUINAS E EQUIPAMENTOS",null,"H",1,5.96,5.96]
["Composição Auxiliar"," 88284 ","SINAPI","MOTORISTA DE VEIÍCULO LEVE COM ENCARGOS COMPLEMENTARES","SEDI - SERVIÇOS DIVERSOS",null,"H",0.78151610000000005,19.34,15.11]
[{"$nulls":4},"MO sem LS =>",15.11,"LS =>",0,"MO com LS =>",15.11]
[{"$nulls":4},"Valor do BDI =>",6.1724040000000002,null,"Valor com BDI =>",null,28.55]
[]
[null,"Código","Banco","Descrição","Tipo",null,"Und","Quant.","Valor Unit","Total"]
["Composição"," 92138 ","SINAPI","CAMINHONETE COM MOTOR A DIESEL, POTÊNCIA 180 CV, CABINE DUPLA, 4X4 - CHP DIURNO. AF_11/2015","CHOR - CUSTOS HORÁRIOS DE MÁQUINAS E EQUIPAMENTOS",null,"CHP",1,45.94,45.94]
["Composição Auxiliar"," 92134 ","SINAPI","CAMINHONETE COM MOTOR A DIESEL, POTÊNCIA 180 CV, CABINE DUPLA, 4X4 - JUROS. AF_11/2015","CHOR - CUSTOS HORÁRIOS DE MÁQUINAS E EQUIPAMENTOS",null,"H",1,0.94,0.94]
["Composição Auxiliar"," 92137 ","SINAPI","CAMINHONETE COM MOTOR A DIESEL, POTÊNCIA 180 CV, CABINE DUPLA, 4X4 - MATERIAIS NA OPERAÇÃO. AF_11/2015","CHOR - CUSTOS HORÁRIOS DE MÁQUINAS E EQUIPAMENTOS",null,"H",1,16.149999999999999,16.149999999999999]
["Composição Auxiliar"," 92135 ","SINAPI","CAMINHONETE COM MOTOR A DIESEL, POTÊNCIA 180 CV, CABINE DUPLA, 4X4 - IMPOSTOS E SEGUROS. AF_11/2015","CHOR - CUSTOS HORÁRIOS DE MÁQUINAS E EQUIPAMENTOS",null,"H",1,0.37,0.37]
["Composição Auxiliar"," 92136 ","SINAPI","CAMINHONETE COM MOTOR A DIESEL, POTÊNCIA 180 CV, CABINE DUPLA, 4X4 - MANUTENÇÃO. AF_11/2015","CHOR - CUSTOS HORÁRIOS DE MÁQUINAS E EQUIPAMENTOS",null,"H",1,7.44,7.44]
["Composição Auxiliar"," 92133 ","SINAPI","CAMINHONETE COM MOTOR A DIESEL, POTÊNCIA 180 CV, CABINE DUPLA, 4X4 - DEPRECIAÇÃO. AF_11/2015","CHOR - CUSTOS HORÁRIOS DE MÁQUINAS E EQUIPAMENTOS",null,"H",1,5.96,5.96]
["Composição Auxiliar"," 88284 ","SINAPI","MOTORISTA DE VEIÍCULO LEVE COM ENCARGOS COMPLEMENTARES","SEDI - SERVIÇOS DIVERSOS",null,"H",0.77989450000000005,19.34,15.08]
[{"$nulls":4},"MO sem LS =>",15.08,"LS =>",0,"MO com LS =>",15.08]
[{"$nulls":4},"Valor do BDI =>",12.670252,null,"Valor com BDI =>",null,58.61]
[]
[null,"Código","Banco","Descrição","Tipo",null,"Und","Quant.","Valor Unit","Total"]
["Composição"," 92133 ","SINAPI","CAMINHONETE COM MOTOR A DIESEL, POTÊNCIA 180 CV, CABINE DUPLA, 4X4 - DEPRECIAÇÃO. AF_11/2015","CHOR - CUSTOS HORÁRIOS DE MÁQUINAS E EQUIPAMENTOS",null,"H",1,5.96,5.96]
["Insumo"," 00001159 ","SINAPI","CAMINHONETE COM MOTOR A DIESEL, POTENCIA *160* CV, CABINE DUPLA, 4X4","Equipamento",null,"UN",4.8000000000000001E-5,124080.83,5.96]
[{"$nulls":4},"MO sem LS =>",0,"LS =>",0,"MO com LS =>",0]
[{"$nulls":4},"Valor do BDI =>",1.6437679999999999,null,"Valor com BDI =>",null,7.6]
[]
[null,"Código","Banco","Descrição","Tipo",null,"Und","Quant.","Valor Unit","Total"]
["Composição"," 92135 ","SINAPI","CAMINHONETE COM MOTOR A DIESEL, POTÊNCIA 180 CV, CABINE DUPLA, 4X4 - IMPOSTOS E SEGUROS. AF_11/2015","CHOR - CUSTOS HORÁRIOS DE MÁQUINAS E EQUIPAMENTOS",null,"H",1,0.37,0.37]
["Insumo"," 00001159 ","SINAPI","CAMINHONETE COM MOTOR A DIESEL, POTENCIA *160* CV, CABINE DUPLA, 4X4","Equipamento",null,"UN",3.0000000000000001E-6,124080.83,0.37]
[{"$nulls":4},"MO sem LS =>",0,"LS =>",0,"MO com LS =>",0]
[{"$nulls":4},"Valor do BDI =>",0.102046,null,"Valor com BDI =>",null,0.47]
[]
[null,"Código","Banco","Descrição","Tipo",null,"Und","Quant.","Valor Unit","Total"]
["Composição"," 92134 ","SINAPI","CAMINHONETE COM MOTOR A DIESEL, POTÊNCIA 180 CV, CABINE DUPLA, 4X4 - JUROS. AF_11/2015","CHOR - CUSTOS HORÁRIOS DE MÁQUINAS E EQUIPAMENTOS",null,"H",1,0.94,0.94]
["Insumo"," 00001159 ","SINAPI","CAMINHONETE COM MOTOR A DIESEL, POTENCIA *160* CV, CABINE DUPLA, 4X4","Equipamento",null,"UN",7.6000000000000001E-6,124080.83,0.94]
[{"$nulls":4},"MO sem LS =>",0,"LS =>",0,"MO com LS =>",0]
[{"$nulls":4},"Valor do BDI =>",0.25925199999999998,null,"Valor com BDI =>",null,1.2]
[]
[null,"Código","Banco","Descrição","Tipo",null,"Und","Quant.","Valor Unit","Total"]
["Composição"," 92136 ","SINAPI","CAMINHONETE COM MOTOR A DIESEL, POTÊNCIA 180 CV, CABINE DUPLA, 4X4 - MANUTENÇÃO. AF_11/2015","CHOR - CUSTOS HORÁRIOS DE MÁQUINAS E EQUIPAMENTOS",null,"H",1,7.44,7.44]
["Insumo"," 00001159 ","SINAPI","CAMINHONETE COM MOTOR A DIESEL, POTENCIA *160* CV, CABINE DUPLA, 4X4","Equipamento",null,"UN",6.0000000000000002E-5,124080.83,7.44]
[{"$nulls":4},"MO sem LS =>",0,"LS =>",0,"MO com LS =>",0]
[{"$nulls":4},"Valor do BDI =>",2.051952,null,"Valor com BDI =>",null,9.49]
[]
[null,"Código","Banco","Descrição","Tipo",null,"Und","Quant.","Valor Unit","Total"]
["Composição"," 92137 ","SINAPI","CAMINHONETE COM MOTOR A DIESEL, POTÊNCIA 180 CV, CABINE DUPLA, 4X4 - MATERIAIS NA OPERAÇÃO. AF_11/2015","CHOR - CUSTOS HORÁRIOS DE MÁQUINAS E EQUIPAMENTOS",null,"H",1,16.149999999999999,16.149999999999999]
["Insumo"," 00004221 ","SINAPI","OLEO DIESEL COMBUSTIVEL COMUM","Material",null,"L",6.62,2.44,16.149999999999999]
[{"$nulls":4},"MO sem LS =>",0,"LS =>",0,"MO com LS =>",0]
[{"$nulls":4},"Valor do BDI =>",4.4541700000000004,null,"Valor com BDI =>",null,20.6]
[]
[null,"Código","Banco","Descrição","Tipo",null,"Und","Quant.","Valor Unit","Total"]
["Composição"," 91387 ","SINAPI","CAMINHÃO BASCULANTE 10 M3, TRUCADO CABINE SIMPLES, PESO BRUTO TOTAL 23.000 KG, CARGA ÚTIL MÁXIMA 15.935 KG, DISTÂNCIA ENTRE EIXOS 4,80 M, POTÊNCIA 230 CV INCLUSIVE CAÇAMBA METÁLICA - CHI DIURNO. AF_06/2014","CHOR - CUSTOS HORÁRIOS DE MÁQUINAS E EQUIPAMENTOS",null,"CHI",1,28.06,28.06]
["Composição Auxiliar"," 91381 ","SINAPI","CAMINHÃO BASCULANTE 10 M3, TRUCADO CABINE SIMPLES, PESO BRUTO TOTAL 23.000 KG, CARGA ÚTIL MÁXIMA 15.935 KG, DISTÂNCIA ENTRE EIXOS 4,80 M, POTÊNCIA 230 CV INCLUSIVE CAÇAMBA METÁLICA - JUROS. AF_06/2014","CHOR - CUSTOS HORÁRIOS DE MÁQUINAS E EQUIPAMENTOS",null,"H",1,2.08,2.08]
["Composição Auxiliar"," 91380 ","SINAPI","CAMINHÃO BASCULANTE 10 M3, TRUCADO CABINE SIMPLES, PESO BRUTO TOTAL 23.000 KG, CARGA ÚTIL MÁXIMA 15.935 KG, DISTÂNCIA ENTRE EIXOS 4,80 M, POTÊNCIA 230 CV INCLUSIVE CAÇAMBA METÁLICA - DEPRECIAÇÃO. AF_06/2014","CHOR - CUSTOS HORÁRIOS DE MÁQUINAS E EQUIPAMENTOS",null,"H",1,11.25,11.25]
["Composição Auxiliar"," 91382 ","SINAPI","CAMINHÃO BASCULANTE 10 M3, TRUCADO CABINE SIMPLES, PESO BRUTO TOTAL 23.000 KG, CARGA ÚTIL MÁXIMA 15.935 KG, DISTÂNCIA ENTRE EIXOS 4,80 M, POTÊNCIA 230 CV INCLUSIVE CAÇAMBA METÁLICA - IMPOSTOS E SEGUROS. AF_06/2014","CHOR - CUSTOS HORÁRIOS DE MÁQUINAS E EQUIPAMENTOS",null,"H",1,0.82,0.82]
["Composição Auxiliar"," 88281 ","SINAPI","MOTORISTA DE BASCULANTE COM ENCARGOS COMPLEMENTARES","SEDI - SERVIÇOS DIVERSOS",null,"H",0.78021980000000002,17.829999999999998,13.91]
[{"$nulls":4},"MO sem LS =>",13.91,"LS =>",0,"MO com LS =>",13.91]
[{"$nulls":4},"Valor do BDI =>",7.7389479999999997,null,"Valor com BDI =>",null,35.799999999999997]
[]
[null,"Código","Banco","Descrição","Tipo",null,"Und","Quant.","Valor Unit","Total"]
["Composição"," 91386 ","SINAPI","CAMINHÃO BASCULANTE 10 M3, TRUCADO CABINE SIMPLES, PESO BRUTO TOTAL 23.000 KG, CARGA ÚTIL MÁXIMA 15.935 KG, DISTÂNCIA ENTRE EIXOS 4,80 M, POTÊNCIA 230 CV INCLUSIVE CAÇAMBA METÁLICA - CHP DIURNO. AF_06/2014","CHOR - CUSTOS HORÁRIOS DE MÁQUINAS E EQUIPAMENTOS",null,"CHP",1,106.89,106.89]
["Composição Auxiliar"," 91381 ","SINAPI","CAMINHÃO BASCULANTE 10 M3, TRUCADO CABINE SIMPLES, PESO BRUTO TOTAL 23.000 KG, CARGA ÚTIL MÁXIMA 15.935 KG, DISTÂNCIA ENTRE EIXOS 4,80 M, POTÊNCIA 230 CV INCLUSIVE CAÇAMBA METÁLICA - JUROS. AF_06/2014","CHOR - CUSTOS HORÁRIOS DE MÁQUINAS E EQUIPAMENTOS",null,"H",1,2.08,2.08]
["Composição Auxiliar"," 91380 ","SINAPI","CAMINHÃO BASCULANTE 10 M3, TRUCADO CABINE SIMPLES, PESO BRUTO TOTAL 23.000 KG, CARGA ÚTIL MÁXIMA 15.935 KG, DISTÂNCIA ENTRE EIXOS 4,80 M, POTÊNCIA 230 CV INCLUSIVE CAÇAMBA METÁLICA - DEPRECIAÇÃO. AF_06/2014","CHOR - CUSTOS HORÁRIOS DE MÁQUINAS E EQUIPAMENTOS",null,"H",1,11.25,11.25]
["Composição Auxiliar"," 91383 ","SINAPI","CAMINHÃO BASCULANTE 10 M3, TRUCADO CABINE SIMPLES, PESO BRUTO TOTAL 23.000 KG, CARGA ÚTIL MÁXIMA 15.935 KG, DISTÂNCIA ENTRE EIXOS 4,80 M, POTÊNCIA 230 CV INCLUSIVE CAÇAMBA METÁLICA - MANUTENÇÃO. AF_06/2014","CHOR - CUSTOS HORÁRIOS DE MÁQUINAS E EQUIPAMENTOS",null,"H",1,21.09,21.09]
["Composição Auxiliar"," 91382 ","SINAPI","CAMINHÃO BASCULANTE 10 M3, TRUCADO CABINE SIMPLES, PESO BRUTO TOTAL 23.000 KG, CARGA ÚTIL MÁXIMA 15.935 KG, DISTÂNCIA ENTRE EIXOS 4,80 M, POTÊNCIA 230 CV INCLUSIVE CAÇAMBA METÁLICA - IMPOSTOS E SEGUROS. AF_06/2014","CHOR - CUSTOS HORÁRIOS DE MÁQUINAS E EQUIPAMENTOS",null,"H",1,0.82,0.82]
["Composição Auxiliar"," 91384 ","SINAPI","CAMINHÃO BASCULANTE 10 M3, TRUCADO CABINE SIMPLES, PESO BRUTO TOTAL 23.000 KG, CARGA ÚTIL MÁXIMA 15.935 KG, DISTÂNCIA ENTRE EIXOS 4,80 M, POTÊNCIA 230 CV INCLUSIVE CAÇAMBA METÁLICA - MATERIAIS NA OPERAÇÃO. AF_06/2014","CHOR - CUSTOS HORÁRIOS DE MÁQUINAS E EQUIPAMENTOS",null,"H",1,57.83,57.83]
["Composição Auxiliar"," 88281 ","SINAPI","MOTORISTA DE BASCULANTE COM ENCARGOS COMPLEMENTARES","SEDI - SERVIÇOS DIVERSOS",null,"H",0.77494510000000005,17.829999999999998,13.82]
[{"$nulls":4},"MO sem LS =>",13.82,"LS =>",0,"MO com LS =>",13.82]
[{"$nulls":4},"Valor do BDI =>",29.480262,null,"Valor com BDI =>",null,136.37]
[]
[null,"Código","Banco","Descrição","Tipo",null,"Und","Quant.","Valor Unit","Total"]
["Composição"," 91380 ","SINAPI","CAMINHÃO BASCULANTE 10 M3, TRUCADO CABINE SIMPLES, PESO BRUTO TOTAL 23.000 KG, CARGA ÚTIL MÁXIMA 15.935 KG, DISTÂNCIA ENTRE EIXOS 4,80 M, POTÊNCIA 230 CV INCLUSIVE CAÇAMBA METÁLICA - DEPRECIAÇÃO. AF_06/2014","CHOR - CUSTOS HORÁRIOS DE MÁQUINAS E EQUIPAMENTOS",null,"H",1,11.25,11.25]
["Insumo"," 00037747 ","SINAPI","CAMINHAO TRUCADO, PESO BRUTO TOTAL 23000 KG, CARGA UTIL MAXIMA 15935 KG, DISTANCIA ENTRE EIXOS 4,80 M, POTENCIA 230 CV (INCLUI CABINE E CHASSI, NAO INCLUI CARROCERIA)","Equipamento",null,"UN",4.0000000000000003E-5,251119.38,10.039999999999999]
["Insumo"," 00037734 ","SINAPI","CACAMBA METALICA BASCULANTE COM CAPACIDADE DE 10 M3 (INCLUI MONTAGEM, NAO INCLUI CAMINHAO)","Material",null,"UN",4.0000000000000003E-5,30148.16,1.21]
[{"$nulls":4},"MO sem LS =>",0,"LS =>",0,"MO com LS =>",0]
[{"$nulls":4},"Valor do BDI =>",3.1027499999999999,null,"Valor com BDI =>",null,14.35]
[]
[null,"Código","Banco","Descrição","Tipo",null,"Und","Quant.","Valor Unit","Total"]
["Composição"," 91382 ","SINAPI","CAMINHÃO BASCULANTE 10 M3, TRUCADO CABINE SIMPLES, PESO BRUTO TOTAL 23.000 KG, CARGA ÚTIL MÁXIMA 15.935 KG, DISTÂNCIA ENTRE EIXOS 4,80 M, POTÊNCIA 230 CV INCLUSIVE CAÇAMBA METÁLICA - IMPOSTOS E SEGUROS. AF_06/2014","CHOR - CUSTOS HORÁRIOS DE MÁQUINAS E EQUIPAMENTOS",null,"H",1,0.82,0.82]
["Insumo"," 00037747 ","SINAPI","CAMINHAO TRUCADO, PESO BRUTO TOTAL 23000 KG, CARGA UTIL MAXIMA 15935 KG, DISTANCIA ENTRE EIXOS 4,80 M, POTENCIA 230 CV (INCLUI CABINE E CHASSI, NAO INCLUI CARROCERIA)","Equipamento",null,"UN",2.9000000000000002E-6,251119.38,0.73]
["Insumo"," 00037734 ","SINAPI","CACAMBA METALICA BASCULANTE COM CAPACIDADE DE 10 M3 (INCLUI MONTAGEM, NAO INCLUI CAMINHAO)","Material",null,"UN",2.9000000000000002E-6,30148.16,0.09]
[{"$nulls":4},"MO sem LS =>",0,"LS =>",0,"MO com LS =>",0]
[{"$nulls":4},"Valor do BDI =>",0.226156,null,"Valor com BDI =>",null,1.05]
[]
[null,"Código","Banco","Descrição","Tipo",null,"Und","Quant.","Valor Unit","Total"]
["Composição"," 91381 ","SINAPI","CAMINHÃO BASCULANTE 10 M3, TRUCADO CABINE SIMPLES, PESO BRUTO TOTAL 23.000 KG, CARGA ÚTIL MÁXIMA 15.935 KG, DISTÂNCIA ENTRE EIXOS 4,80 M, POTÊNCIA 230 CV INCLUSIVE CAÇAMBA METÁLICA - JUROS. AF_06/2014","CHOR - CUSTOS HORÁRIOS DE MÁQUINAS E EQUIPAMENTOS",null,"H",1,2.08,2.08]
["Insumo"," 00037747 ","SINAPI","CAMINHAO TRUCADO, PESO BRUTO TOTAL 23000 KG, CARGA UTIL MAXIMA 15935 KG, DISTANCIA ENTRE EIXOS 4,80 M, POTENCIA 230 CV (INCLUI CABINE E CHASSI, NAO INCLUI CARROCERIA)","Equipamento",null,"UN",7.4000000000000003E-6,251119.38,1.86]
["Insumo"," 00037734 ","SINAPI","CACAMBA METALICA BASCULANTE COM CAPACIDADE DE 10 M3 (INCLUI MONTAGEM, NAO INCLUI CAMINHAO)","Material",null,"UN",7.4000000000000003E-6,30148.16,0.22]
[{"$nulls":4},"MO sem LS =>",0,"LS =>",0,"MO com LS =>",0]
[{"$nulls":4},"Valor do BDI =>",0.57366399999999995,null,"Valor com BDI =>",null,2.65]
[]
[null,"Código","Banco","Descrição","Tipo",null,"Und","Quant.","Valor Unit","Total"]
["Composição"," 91383 ","SINAPI","CAMINHÃO BASCULANTE 10 M3, TRUCADO CABINE SIMPLES, PESO BRUTO TOTAL 23.000 KG, CARGA ÚTIL MÁXIMA 15.935 KG, DISTÂNCIA ENTRE EIXOS 4,80 M, POTÊNCIA 230 CV INCLUSIVE CAÇAMBA METÁLICA - MANUTENÇÃO. AF_06/2014","CHOR - CUSTOS HORÁRIOS DE MÁQUINAS E EQUIPAMENTOS",null,"H",1,21.09,21.09]
["Insumo"," 00037747 ","SINAPI","CAMINHAO TRUCADO, PESO BRUTO TOTAL 23000 KG, CARGA UTIL MAXIMA 15935 KG, DISTANCIA ENTRE EIXOS 4,80 M, POTENCIA 230 CV (INCLUI CABINE E CHASSI, NAO INCLUI CARROCERIA)","Equipamento",null,"UN",7.4999999999999993E-5,251119.38,18.829999999999998]
["Insumo"," 00037734 ","SINAPI","CACAMBA METALICA BASCULANTE COM CAPACIDADE DE 10 M3 (INCLUI MONTAGEM, NAO INCLUI CAMINHAO)","Material",null,"UN",7.4999999999999993E-5,30148.16,2.2599999999999998]
[{"$nulls":4},"MO sem LS =>",0,"LS =>",0,"MO com LS =>",0]
[{"$nulls":4},"Valor do BDI =>",5.8166219999999997,null,"Valor com BDI =>",null,26.91]
[]
[null,"Código","Banco","Descrição","Tipo",null,"Und","Quant.","Valor Unit","Total"]
["Composição"," 91384 ","SINAPI","CAMINHÃO BASCULANTE 10 M3, TRUCADO CABINE SIMPLES, PESO BRUTO TOTAL 23.000 KG, CARGA ÚTIL MÁXIMA 15.935 KG, DISTÂNCIA ENTRE EIXOS 4,80 M, POTÊNCIA 230 CV INCLUSIVE CAÇAMBA METÁLICA - MATERIAIS NA OPERAÇÃO. AF_06/2014","CHOR - CUSTOS HORÁRIOS DE MÁQUINAS E EQUIPAMENTOS",null,"H",1,57.83,57.83]
["Insumo"," 00004221 ","SINAPI","OLEO DIESEL COMBUSTIVEL COMUM","Material",null,"L",23.7,2.44,57.83]
[{"$nulls":4},"MO sem LS =>",0,"LS =>",0,"MO com LS =>",0]
[{"$nulls":4},"Valor do BDI =>",15.949514000000001,null,"Valor com BDI =>",null,73.78]
[]
[null,"Código","Banco","Descrição","Tipo",null,"Und","Quant.","Valor Unit","Total"]
["Composição"," 89877 ","SINAPI","CAMINHÃO BASCULANTE 14 M3, COM CAVALO MECÂNICO DE CAPACIDADE MÁXIMA DE TRAÇÃO COMBINADO DE 36000 KG, POTÊNCIA 286 CV, INCLUSIVE SEMIREBOQUE COM CAÇAMBA METÁLICA - CHI DIURNO. AF_12/2014","CHOR - CUSTOS HORÁRIOS DE MÁQUINAS E EQUIPAMENTOS",null,"CHI",1,33.049999999999997,33.049999999999997]
["Composição Auxiliar"," 89870 ","SINAPI","CAMINHÃO BASCULANTE 14 M3, COM CAVALO MECÂNICO DE CAPACIDADE MÁXIMA DE TRAÇÃO COMBINADO DE 36000 KG, POTÊNCIA 286 CV, INCLUSIVE SEMIREBOQUE COM CAÇAMBA METÁLICA - DEPRECIAÇÃO. AF_12/2014","CHOR - CUSTOS HORÁRIOS DE MÁQUINAS E EQUIPAMENTOS",null,"H",1,15.21,15.21]
["Composição Auxiliar"," 89871 ","SINAPI","CAMINHÃO BASCULANTE 14 M3, COM CAVALO MECÂNICO DE CAPACIDADE MÁXIMA DE TRAÇÃO COMBINADO DE 36000 KG, POTÊNCIA 286 CV, INCLUSIVE SEMIREBOQUE COM CAÇAMBA METÁLICA - JUROS. AF_12/2014","CHOR - CUSTOS HORÁRIOS DE MÁQUINAS E EQUIPAMENTOS",null,"H",1,2.81,2.81]
["Composição Auxiliar"," 89872 ","SINAPI","CAMINHÃO BASCULANTE 14 M3, COM CAVALO MECÂNICO DE CAPACIDADE MÁXIMA DE TRAÇÃO COMBINADO DE 36000 KG, POTÊNCIA 286 CV, INCLUSIVE SEMIREBOQUE COM CAÇAMBA METÁLICA - IMPOSTOS E SEGUROS. AF_12/2014","CHOR - CUSTOS HORÁRIOS DE MÁQUINAS E EQUIPAMENTOS",null,"H",1,1.1000000000000001,1.1000000000000001]
["Composição Auxiliar"," 88281 ","SINAPI","MOTORISTA DE BASCULANTE COM ENCARGOS COMPLEMENTARES","SEDI - SERVIÇOS DIVERSOS",null,"H",0.78153850000000002,17.829999999999998,13.93]
[{"$nulls":4},"MO sem LS =>",13.93,"LS =>",0,"MO com LS =>",13.93]
[{"$nulls":4},"Valor do BDI =>",9.1151900000000001,null,"Valor com BDI =>",null,42.17]
[]
[null,"Código","Banco","Descrição","Tipo",null,"Und","Quant.","Valor Unit","Total"]
["Composição"," 89876 ","SINAPI","CAMINHÃO BASCULANTE 14 M3, COM CAVALO MECÂNICO DE CAPACIDADE MÁXIMA DE TRAÇÃO COMBINADO DE 36000 KG, POTÊNCIA 286 CV, INCLUSIVE SEMIREBOQUE COM CAÇAMBA METÁLICA - CHP DIURNO. AF_12/2014","CHOR - CUSTOS HORÁRIOS DE MÁQUINAS E EQUIPAMENTOS",null,"CHP",1,133.36000000000001,133.36000000000001]
["Composição Auxiliar"," 89870 ","SINAPI","CAMINHÃO BASCULANTE 14 M3, COM CAVALO MECÂNICO DE CAPACIDADE MÁXIMA DE TRAÇÃO COMBINADO DE 36000 KG, POTÊNCIA 286 CV, INCLUSIVE SEMIREBOQUE COM CAÇAMBA METÁLICA - DEPRECIAÇÃO. AF_12/2014","CHOR - CUSTOS HORÁRIOS DE MÁQUINAS E EQUIPAMENTOS",null,"H",1,15.21,15.21]
["Composição Auxiliar"," 89873 ","SINAPI","CAMINHÃO BASCULANTE 14 M3, COM CAVALO MECÂNICO DE CAPACIDADE MÁXIMA DE TRAÇÃO COMBINADO DE 36000 KG, POTÊNCIA 286 CV, INCLUSIVE SEMIREBOQUE COM CAÇAMBA METÁLICA - MANUTENÇÃO. AF_12/2014","CHOR - CUSTOS HORÁRIOS DE MÁQUINAS E EQUIPAMENTOS",null,"H",1,28.51,28.51]
["Composição Auxiliar"," 89871 ","SINAPI","CAMINHÃO BASCULANTE 14 M3, COM CAVALO MECÂNICO DE CAPACIDADE MÁXIMA DE TRAÇÃO COMBINADO DE 36000 KG, POTÊNCIA 286 CV, INCLUSIVE SEMIREBOQUE COM CAÇAMBA METÁLICA - JUROS. AF_12/2014","CHOR - CUSTOS HORÁRIOS DE MÁQUINAS E EQUIPAMENTOS",null,"H",1,2.81,2.81]
["Composição Auxiliar"," 89872 ","SINAPI","CAMINHÃO BASCULANTE 14 M3, COM CAVALO MECÂNICO DE CAPACIDADE MÁXIMA DE TRAÇÃO COMBINADO DE 36000 KG, POTÊNCIA 286 CV, INCLUSIVE SEMIREBOQUE COM CAÇAMBA METÁLICA - IMPOSTOS E SEGUROS. AF_12/2014","CHOR - CUSTOS HORÁRIOS DE MÁQUINAS E EQUIPAMENTOS",null,"H",1,1.1000000000000001,1.1000000000000001]
["Composição Auxiliar"," 89874 ","SINAPI","CAMINHÃO BASCULANTE 14 M3, COM CAVALO MECÂNICO DE CAPACIDADE MÁXIMA DE TRAÇÃO COMBINADO DE 36000 KG, POTÊNCIA 286 CV, INCLUSIVE SEMIREBOQUE COM CAÇAMBA METÁLICA - MATERIAIS NA OPERAÇÃO. AF_12/2014","CHOR - CUSTOS HORÁRIOS DE MÁQUINAS E EQUIPAMENTOS",null,"H",1,71.91,71.91]
["Composição Auxiliar"," 88281 ","SINAPI","MOTORISTA DE BASCULANTE COM ENCARGOS COMPLEMENTARES","SEDI - SERVIÇOS DIVERSOS",null,"H",0.77494510000000005,17.829999999999998,13.82]
[{"$nulls":4},"MO sem LS =>",13.82,"LS =>",0,"MO com LS =>",13.82]
[{"$nulls":4},"Valor do BDI =>",36.780687999999998,null,"Valor com BDI =>",null,170.14]
[]
[null,"Código","Banco","Descrição","Tipo",null,"Und","Quant.","Valor Unit","Total"]
["Composição"," 89870 ","SINAPI","CAMINHÃO BASCULANTE 14 M3, COM CAVALO MECÂNICO DE CAPACIDADE MÁXIMA DE TRAÇÃO COMBINADO DE 36000 KG, POTÊNCIA 286 CV, INCLUSIVE SEMIREBOQUE COM CAÇAMBA METÁLICA - DEPRECIAÇÃO. AF_12/2014","CHOR - CUSTOS HORÁRIOS DE MÁQUINAS E EQUIPAMENTOS",null,"H",1,15.21,15.21]
["Insumo"," 00037762 ","SINAPI","CAVALO MECANICO TRACAO 4X2, PESO BRUTO TOTAL 16000 KG, CAPACIDADE MAXIMA DE TRACAO *36000* KG, DISTANCIA ENTRE EIXOS *3,56* M, POTENCIA *286* CV (INCLUI CABINE E CHASSI, NAO INCLUI SEMIRREBOQUE)","Equipamento",null,"UN",4.0000000000000003E-5,292420.03000000003,11.7]
["Insumo"," 00037743 ","SINAPI","SEMIRREBOQUE COM DOIS EIXOS EM TANDEM TIPO BASCULANTE COM CACAMBA METALICA 14 M3  (INCLUI MONTAGEM, NAO INCLUI CAVALO MECANICO)","Material",null,"UN",4.0000000000000003E-5,87766.28,3.51]
[{"$nulls":4},"MO sem LS =>",0,"LS =>",0,"MO com LS =>",0]
[{"$nulls":4},"Valor do BDI =>",4.1949180000000004,null,"Valor com BDI =>",null,19.399999999999999]
[]
[null,"Código","Banco","Descrição","Tipo",null,"Und","Quant.","Valor Unit","Total"]
["Composição"," 89872 ","SINAPI","CAMINHÃO BASCULANTE 14 M3, COM CAVALO MECÂNICO DE CAPACIDADE MÁXIMA DE TRAÇÃO COMBINADO DE 36000 KG, POTÊNCIA 286 CV, INCLUSIVE SEMIREBOQUE COM CAÇAMBA METÁLICA - IMPOSTOS E SEGUROS. AF_12/2014","CHOR - CUSTOS HORÁRIOS DE MÁQUINAS E EQUIPAMENTOS",null,"H",1,1.1000000000000001,1.1000000000000001]
["Insumo"," 00037762 ","SINAPI","CAVALO MECANICO TRACAO 4X2, PESO BRUTO TOTAL 16000 KG, CAPACIDADE MAXIMA DE TRACAO *36000* KG, DISTANCIA ENTRE EIXOS *3,56* M, POTENCIA *286* CV (INCLUI CABINE E CHASSI, NAO INCLUI SEMIRREBOQUE)","Equipamento",null,"UN",2.9000000000000002E-6,292420.03000000003,0.85]
["Insumo"," 00037743 ","SINAPI","SEMIRREBOQUE COM DOIS EIXOS EM TANDEM TIPO BASCULANTE COM CACAMBA METALICA 14 M3  (INCLUI MONTAGEM, NAO INCLUI CAVALO MECANICO)","Material",null,"UN",2.9000000000000002E-6,87766.28,0.25]
[{"$nulls":4},"MO sem LS =>",0,"LS =>",0,"MO com LS =>",0]
[{"$nulls":4},"Valor do BDI =>",0.30337999999999998,null,"Valor com BDI =>",null,1.4]
[]
[null,"Código","Banco","Descrição","Tipo",null,"Und","Quant.","Valor Unit","Total"]
["Composição"," 89871 ","SINAPI","CAMINHÃO BASCULANTE 14 M3, COM CAVALO MECÂNICO DE CAPACIDADE MÁXIMA DE TRAÇÃO COMBINADO DE 36000 KG, POTÊNCIA 286 CV, INCLUSIVE SEMIREBOQUE COM CAÇAMBA METÁLICA - JUROS. AF_12/2014","CHOR - CUSTOS HORÁRIOS DE MÁQUINAS E EQUIPAMENTOS",null,"H",1,2.81,2.81]
["Insumo"," 00037762 ","SINAPI","CAVALO MECANICO TRACAO 4X2, PESO BRUTO TOTAL 16000 KG, CAPACIDADE MAXIMA DE TRACAO *36000* KG, DISTANCIA ENTRE EIXOS *3,56* M, POTENCIA *286* CV (INCLUI CABINE E CHASSI, NAO INCLUI SEMIRREBOQUE)","Equipamento",null,"UN",7.4000000000000003E-6,292420.03000000003,2.16]
["Insumo"," 00037743 ","SINAPI","SEMIRREBOQUE COM DOIS EIXOS EM TANDEM TIPO BASCULANTE COM CACAMBA METALICA 14 M3  (INCLUI MONTAGEM, NAO INCLUI CAVALO MECANICO)","Material",null,"UN",7.4000000000000003E-6,87766.28,0.65]
[{"$nulls":4},"MO sem LS =>",0,"LS =>",0,"MO com LS =>",0]
[{"$nulls":4},"Valor do BDI =>",0.77499799999999996,null,"Valor com BDI =>",null,3.58]
[]
[null,"Código","Banco","Descrição","Tipo",null,"Und","Quant.","Valor Unit","Total"]
["Composição"," 89873 ","SINAPI","CAMINHÃO BASCULANTE 14 M3, COM CAVALO MECÂNICO DE CAPACIDADE MÁXIMA DE TRAÇÃO COMBINADO DE 36000 KG, POTÊNCIA 286 CV, INCLUSIVE SEMIREBOQUE COM CAÇAMBA METÁLICA - MANUTENÇÃO. AF_12/2014","CHOR - CUSTOS HORÁRIOS DE MÁQUINAS E EQUIPAMENTOS",null,"H",1,28.51,28.51]
["Insumo"," 00037762 ","SINAPI","CAVALO MECANICO TRACAO 4X2, PESO BRUTO TOTAL 16000 KG, CAPACIDADE MAXIMA DE TRACAO *36000* KG, DISTANCIA ENTRE EIXOS *3,56* M, POTENCIA *286* CV (INCLUI CABINE E CHASSI, NAO INCLUI SEMIRREBOQUE)","Equipamento",null,"UN",7.4999999999999993E-5,292420.03000000003,21.93]
["Insumo"," 00037743 ","SINAPI","SEMIRREBOQUE COM DOIS EIXOS EM TANDEM TIPO BASCULANTE COM CACAMBA METALICA 14 M3  (INCLUI MONTAGEM, NAO INCLUI CAVALO MECANICO)","Material",null,"UN",7.4999999999999993E-5,87766.28,6.58]
[{"$nulls":4},"MO sem LS =>",0,"LS =>",0,"MO com LS =>",0]
[{"$nulls":4},"Valor do BDI =>",7.8630579999999997,null,"Valor com BDI =>",null,36.369999999999997]
[]
[null,"Código","Banco","Descrição","Tipo",null,"Und","Quant.","Valor Unit","Total"]
["Composição"," 89874 ","SINAPI","CAMINHÃO BASCULANTE 14 M3, COM CAVALO MECÂNICO DE CAPACIDADE MÁXIMA DE TRAÇÃO COMBINADO DE 36000 KG, POTÊNCIA 286 CV, INCLUSIVE SEMIREBOQUE COM CAÇAMBA METÁLICA - MATERIAIS NA OPERAÇÃO. AF_12/2014","CHOR - CUSTOS HORÁRIOS DE MÁQUINAS E EQUIPAMENTOS",null,"H",1,71.91,71.91]
["Insumo"," 00004221 ","SINAPI","OLEO DIESEL COMBUSTIVEL COMUM","Material",null,"L",29.47,2.44,71.91]
[{"$nulls":4},"MO sem LS =>",0,"LS =>",0,"MO com LS =>",0]
[{"$nulls":4},"Valor do BDI =>",19.832778000000001,null,"Valor com BDI =>",null,91.74]
[]
[null,"Código","Banco","Descrição","Tipo",null,"Und","Quant.","Valor Unit","Total"]
["Composição"," 67826 ","SINAPI","CAMINHÃO BASCULANTE 6 M3 TOCO, PESO BRUTO TOTAL 16.000 KG, CARGA ÚTIL MÁXIMA 11.130 KG, DISTÂNCIA ENTRE EIXOS 5,36 M, POTÊNCIA 185 CV, INCLUSIVE CAÇAMBA METÁLICA - CHP DIURNO. AF_06/2014","CHOR - CUSTOS HORÁRIOS DE MÁQUINAS E EQUIPAMENTOS",null,"CHP",1,76.94,76.94]
["Composição Auxiliar"," 7060 ","SINAPI","CAMINHÃO BASCULANTE 6 M3 TOCO, PESO BRUTO TOTAL 16.000 KG, CARGA ÚTIL MÁXIMA 11.130 KG, DISTÂNCIA ENTRE EIXOS 5,36 M, POTÊNCIA 185 CV, INCLUSIVE CAÇAMBA METÁLICA - MANUTENÇÃO. AF_06/2014","CHOR - CUSTOS HORÁRIOS DE MÁQUINAS E EQUIPAMENTOS",null,"H",1,17.87,17.87]
["Composição Auxiliar"," 7059 ","SINAPI","CAMINHÃO BASCULANTE 6 M3 TOCO, PESO BRUTO TOTAL 16.000 KG, CARGA ÚTIL MÁXIMA 11.130 KG, DISTÂNCIA ENTRE EIXOS 5,36 M, POTÊNCIA 185 CV, INCLUSIVE CAÇAMBA METÁLICA - JUROS. AF_06/2014","CHOR - CUSTOS HORÁRIOS DE MÁQUINAS E EQUIPAMENTOS",null,"H",1,1.77,1.77]
["Composição Auxiliar"," 7058 ","SINAPI","CAMINHÃO BASCULANTE 6 M3 TOCO, PESO BRUTO TOTAL 16.000 KG, CARGA ÚTIL MÁXIMA 11.130 KG, DISTÂNCIA ENTRE EIXOS 5,36 M, POTÊNCIA 185 CV, INCLUSIVE CAÇAMBA METÁLICA - DEPRECIAÇÃO. AF_06/2014","CHOR - CUSTOS HORÁRIOS DE MÁQUINAS E EQUIPAMENTOS",null,"H",1,9.52,9.52]
["Composição Auxiliar"," 7061 ","SINAPI","CAMINHÃO BASCULANTE 6 M3 TOCO, PESO BRUTO TOTAL 16.000 KG, CARGA ÚTIL MÁXIMA 11.130 KG, DISTÂNCIA ENTRE EIXOS 5,36 M, POTÊNCIA 185 CV, INCLUSIVE CAÇAMBA METÁLICA - MATERIAIS NA OPERAÇÃO. AF_06/2014","CHOR - CUSTOS HORÁRIOS DE MÁQUINAS E EQUIPAMENTOS",null,"H",1,33.229999999999997,33.229999999999997]
["Composição Auxiliar"," 91402 ","SINAPI","CAMINHÃO BASCULANTE 6 M3 TOCO, PESO BRUTO TOTAL 16.000 KG, CARGA ÚTIL MÁXIMA 11.130 KG, DISTÂNCIA ENTRE EIXOS 5,36 M, POTÊNCIA 185 CV, INCLUSIVE CAÇAMBA METÁLICA - IMPOSTOS E SEGUROS. AF_06/2014","CHOR - CUSTOS HORÁRIOS DE MÁQUINAS E EQUIPAMENTOS",null,"H",1,0.7,0.7]
["Composição Auxiliar"," 88281 ","SINAPI","MOTORISTA DE BASCULANTE COM ENCARGOS COMPLEMENTARES","SEDI - SERVIÇOS DIVERSOS",null,"H",0.77670329999999999,17.829999999999998,13.85]
[{"$nulls":4},"MO sem LS =>",13.85,"LS =>",0,"MO com LS =>",13.85]
[{"$nulls":4},"Valor do BDI =>",21.220051999999999,null,"Valor com BDI =>",null,98.16]
[]
[null,"Código","Banco","Descrição","Tipo",null,"Und","Quant.","Valor Unit","Total"]
["Composição"," 7058 ","SINAPI","CAMINHÃO BASCULANTE 6 M3 TOCO, PESO BRUTO TOTAL 16.000 KG, CARGA ÚTIL MÁXIMA 11.130 KG, DISTÂNCIA ENTRE EIXOS 5,36 M, POTÊNCIA 185 CV, INCLUSIVE CAÇAMBA METÁLICA - DEPRECIAÇÃO. AF_06/2014","CHOR - CUSTOS HORÁRIOS DE MÁQUINAS E EQUIPAMENTOS",null,"H",1,9.52,9.52]
["Insumo"," 00037752 ","SINAPI","CAMINHAO TOCO, PESO BRUTO TOTAL 16000 KG, CARGA UTIL MAXIMA 11130 KG, DISTANCIA ENTRE EIXOS 5,36 M, POTENCIA 185 CV (INCLUI CABINE E CHASSI, NAO INCLUI CARROCERIA)","Equipamento",null,"UN",4.0000000000000003E-5,215621.15,8.6199999999999992]
["Insumo"," 00037733 ","SINAPI","CACAMBA METALICA BASCULANTE COM CAPACIDADE DE 6 M3 (INCLUI MONTAGEM, NAO INCLUI CAMINHAO)","Material",null,"UN",4.0000000000000003E-5,22604.97,0.9]
[{"$nulls":4},"MO sem LS =>",0,"LS =>",0,"MO com LS =>",0]
[{"$nulls":4},"Valor do BDI =>",2.6256159999999999,null,"Valor com BDI =>",null,12.15]
[]
[null,"Código","Banco","Descrição","Tipo",null,"Und","Quant.","Valor Unit","Total"]
["Composição"," 91402 ","SINAPI","CAMINHÃO BASCULANTE 6 M3 TOCO, PESO BRUTO TOTAL 16.000 KG, CARGA ÚTIL MÁXIMA 11.130 KG, DISTÂNCIA ENTRE EIXOS 5,36 M, POTÊNCIA 185 CV, INCLUSIVE CAÇAMBA METÁLICA - IMPOSTOS E SEGUROS. AF_06/2014","CHOR - CUSTOS HORÁRIOS DE MÁQUINAS E EQUIPAMENTOS",null,"H",1,0.7,0.7]
["Insumo"," 00037752 ","SINAPI","CAMINHAO TOCO, PESO BRUTO TOTAL 16000 KG, CARGA UTIL MAXIMA 11130 KG, DISTANCIA ENTRE EIXOS 5,36 M, POTENCIA 185 CV (INCLUI CABINE E CHASSI, NAO INCLUI CARROCERIA)","Equipamento",null,"UN",2.9000000000000002E-6,215621.15,0.63]
["Insumo"," 00037733 ","SINAPI","CACAMBA METALICA BASCULANTE COM CAPACIDADE DE 6 M3 (INCLUI MONTAGEM, NAO INCLUI CAMINHAO)","Material",null,"UN",2.9000000000000002E-6,22604.97,7.0000000000000007E-2]
[{"$nulls":4},"MO sem LS =>",0,"LS =>",0,"MO com LS =>",0]
[{"$nulls":4},"Valor do BDI =>",0.19306000000000001,null,"Valor com BDI =>",null,0.89]
[]
[null,"Código","Banco","Descrição","Tipo",null,"Und","Quant.","Valor Unit","Total"]
["Composição"," 7059 ","SINAPI","CAMINHÃO BASCULANTE 6 M3 TOCO, PESO BRUTO TOTAL 16.000 KG, CARGA ÚTIL MÁXIMA 11.130 KG, DISTÂNCIA ENTRE EIXOS 5,36 M, POTÊNCIA 185 CV, INCLUSIVE CAÇAMBA METÁLICA - JUROS. AF_06/2014","CHOR - CUSTOS HORÁRIOS DE MÁQUINAS E EQUIPAMENTOS",null,"H",1,1.77,1.77]
["Insumo"," 00037752 ","SINAPI","CAMINHAO TOCO, PESO BRUTO TOTAL 16000 KG, CARGA UTIL MAXIMA 11130 KG, DISTANCIA ENTRE EIXOS 5,36 M, POTENCIA 185 CV (INCLUI CABINE E CHASSI, NAO INCLUI CARROCERIA)","Equipamento",null,"UN",7.4000000000000003E-6,215621.15,1.6]
["Insumo"," 00037733 ","SINAPI","CACAMBA METALICA BASCULANTE COM CAPACIDADE DE 6 M3 (INCLUI MONTAGEM, NAO INCLUI CAMINHAO)","Material",null,"UN",7.4000000000000003E-6,22604.97,0.17]
[{"$nulls":4},"MO sem LS =>",0,"LS =>",0,"MO com LS =>",0]
[{"$nulls":4},"Valor do BDI =>",0.48816599999999999,null,"Valor com BDI =>",null,2.2599999999999998]
[]
[null,"Código","Banco","Descrição","Tipo",null,"Und","Quant.","Valor Unit","Total"]
["Composição"," 7060 ","SINAPI","CAMINHÃO BASCULANTE 6 M3 TOCO, PESO BRUTO TOTAL 16.000 KG, CARGA ÚTIL MÁXIMA 11.130 KG, DISTÂNCIA ENTRE EIXOS 5,36 M, POTÊNCIA 185 CV, INCLUSIVE CAÇAMBA METÁLICA - MANUTENÇÃO. AF_06/2014","CHOR - CUSTOS HORÁRIOS DE MÁQUINAS E EQUIPAMENTOS",null,"H",1,17.87,17.87]
["Insumo"," 00037752 ","SINAPI","CAMINHAO TOCO, PESO BRUTO TOTAL 16000 KG, CARGA UTIL MAXIMA 11130 KG, DISTANCIA ENTRE EIXOS 5,36 M, POTENCIA 185 CV (INCLUI CABINE E CHASSI, NAO INCLUI CARROCERIA)","Equipamento",null,"UN",7.4999999999999993E-5,215621.15,16.170000000000002]
["Insumo"," 00037733 ","SINAPI","CACAMBA METALICA BASCULANTE COM CAPACIDADE DE 6 M3 (INCLUI MONTAGEM, NAO INCLUI CAMINHAO)","Material",null,"UN",7.4999999999999993E-5,22604.97,1.7]
[{"$nulls":4},"MO sem LS =>",0,"LS =>",0,"MO com LS =>",0]
[{"$nulls":4},"Valor do BDI =>",4.9285459999999999,null,"Valor com BDI =>",null,22.8]
[]
[null,"Código","Banco","Descrição","Tipo",null,"Und","Quant.","Valor Unit","Total"]
["Composição"," 7061 ","SINAPI","CAMINHÃO BASCULANTE 6 M3 TOCO, PESO BRUTO TOTAL 16.000 KG, CARGA ÚTIL MÁXIMA 11.130 KG, DISTÂNCIA ENTRE EIXOS 5,36 M, POTÊNCIA 185 CV, INCLUSIVE CAÇAMBA METÁLICA - MATERIAIS NA OPERAÇÃO. AF_06/2014","CHOR - CUSTOS HORÁRIOS DE MÁQUINAS E EQUIPAMENTOS",null,"H",1,33.229999999999997,33.229999999999997]
["Insumo"," 00004221 ","SINAPI","OLEO DIESEL COMBUSTIVEL COMUM","Material",null,"L",13.62,2.44,33.229999999999997]
[{"$nulls":4},"MO sem LS =>",0,"LS =>",0,"MO com LS =>",0]
[{"$nulls":4},"Valor do BDI =>",9.1648340000000008,null,"Valor com BDI =>",null,42.39]
[]
[null,"Código","Banco","Descrição","Tipo",null,"Und","Quant.","Valor Unit","Total"]
["Composição"," 5903 ","SINAPI","CAMINHÃO PIPA 10.000 L TRUCADO, PESO BRUTO TOTAL 23.000 KG, CARGA ÚTIL MÁXIMA 15.935 KG, DISTÂNCIA ENTRE EIXOS 4,8 M, POTÊNCIA 230 CV, INCLUSIVE TANQUE DE AÇO PARA TRANSPORTE DE ÁGUA - CHI DIURNO. AF_06/2014","CHOR - CUSTOS HORÁRIOS DE MÁQUINAS E EQUIPAMENTOS",null,"CHI",1,27.61,27.61]
["Composição Auxiliar"," 91396 ","SINAPI","CAMINHÃO PIPA 10.000 L TRUCADO, PESO BRUTO TOTAL 23.000 KG, CARGA ÚTIL MÁXIMA 15.935 KG, DISTÂNCIA ENTRE EIXOS 4,8 M, POTÊNCIA 230 CV, INCLUSIVE TANQUE DE AÇO PARA TRANSPORTE DE ÁGUA - DEPRECIAÇÃO. AF_06/2014","CHOR - CUSTOS HORÁRIOS DE MÁQUINAS E EQUIPAMENTOS",null,"H",1,10.08,10.08]
["Composição Auxiliar"," 91397 ","SINAPI","CAMINHÃO PIPA 10.000 L TRUCADO, PESO BRUTO TOTAL 23.000 KG, CARGA ÚTIL MÁXIMA 15.935 KG, DISTÂNCIA ENTRE EIXOS 4,8 M, POTÊNCIA 230 CV, INCLUSIVE TANQUE DE AÇO PARA TRANSPORTE DE ÁGUA - JUROS. AF_06/2014","CHOR - CUSTOS HORÁRIOS DE MÁQUINAS E EQUIPAMENTOS",null,"H",1,2.12,2.12]
["Composição Auxiliar"," 91398 ","SINAPI","CAMINHÃO PIPA 10.000 L TRUCADO, PESO BRUTO TOTAL 23.000 KG, CARGA ÚTIL MÁXIMA 15.935 KG, DISTÂNCIA ENTRE EIXOS 4,8 M, POTÊNCIA 230 CV, INCLUSIVE TANQUE DE AÇO PARA TRANSPORTE DE ÁGUA - IMPOSTOS E SEGUROS. AF_06/2014","CHOR - CUSTOS HORÁRIOS DE MÁQUINAS E EQUIPAMENTOS",null,"H",1,0.82,0.82]
["Composição Auxiliar"," 88282 ","SINAPI","MOTORISTA DE CAMINHÃO COM ENCARGOS COMPLEMENTARES","SEDI - SERVIÇOS DIVERSOS",null,"H",0.7816961,18.670000000000002,14.59]
[{"$nulls":4},"MO sem LS =>",14.59,"LS =>",0,"MO com LS =>",14.59]
[{"$nulls":4},"Valor do BDI =>",7.6148379999999998,null,"Valor com BDI =>",null,35.22]
[]
[null,"Código","Banco","Descrição","Tipo",null,"Und","Quant.","Valor Unit","Total"]
["Composição"," 5901 ","SINAPI","CAMINHÃO PIPA 10.000 L TRUCADO, PESO BRUTO TOTAL 23.000 KG, CARGA ÚTIL MÁXIMA 15.935 KG, DISTÂNCIA ENTRE EIXOS 4,8 M, POTÊNCIA 230 CV, INCLUSIVE TANQUE DE AÇO PARA TRANSPORTE DE ÁGUA - CHP DIURNO. AF_06/2014","CHOR - CUSTOS HORÁRIOS DE MÁQUINAS E EQUIPAMENTOS",null,"CHP",1,124.87,124.87]
["Composição Auxiliar"," 53831 ","SINAPI","CAMINHÃO PIPA 10.000 L TRUCADO, PESO BRUTO TOTAL 23.000 KG, CARGA ÚTIL MÁXIMA 15.935 KG, DISTÂNCIA ENTRE EIXOS 4,8 M, POTÊNCIA 230 CV, INCLUSIVE TANQUE DE AÇO PARA TRANSPORTE DE ÁGUA - MATERIAIS NA OPERAÇÃO. AF_06/2014","CHOR - CUSTOS HORÁRIOS DE MÁQUINAS E EQUIPAMENTOS",null,"H",1,78.47,78.47]
["Composição Auxiliar"," 5763 ","SINAPI","CAMINHÃO PIPA 10.000 L TRUCADO, PESO BRUTO TOTAL 23.000 KG, CARGA ÚTIL MÁXIMA 15.935 KG, DISTÂNCIA ENTRE EIXOS 4,8 M, POTÊNCIA 230 CV, INCLUSIVE TANQUE DE AÇO PARA TRANSPORTE DE ÁGUA - MANUTENÇÃO. AF_06/2014","CHOR - CUSTOS HORÁRIOS DE MÁQUINAS E EQUIPAMENTOS",null,"H",1,18.91,18.91]
["Composição Auxiliar"," 91396 ","SINAPI","CAMINHÃO PIPA 10.000 L TRUCADO, PESO BRUTO TOTAL 23.000 KG, CARGA ÚTIL MÁXIMA 15.935 KG, DISTÂNCIA ENTRE EIXOS 4,8 M, POTÊNCIA 230 CV, INCLUSIVE TANQUE DE AÇO PARA TRANSPORTE DE ÁGUA - DEPRECIAÇÃO. AF_06/2014","CHOR - CUSTOS HORÁRIOS DE MÁQUINAS E EQUIPAMENTOS",null,"H",1,10.08,10.08]
["Composição Auxiliar"," 91397 ","SINAPI","CAMINHÃO PIPA 10.000 L TRUCADO, PESO BRUTO TOTAL 23.000 KG, CARGA ÚTIL MÁXIMA 15.935 KG, DISTÂNCIA ENTRE EIXOS 4,8 M, POTÊNCIA 230 CV, INCLUSIVE TANQUE DE AÇO PARA TRANSPORTE DE ÁGUA - JUROS. AF_06/2014","CHOR - CUSTOS HORÁRIOS DE MÁQUINAS E EQUIPAMENTOS",null,"H",1,2.12,2.12]
["Composição Auxiliar"," 91398 ","SINAPI","CAMINHÃO PIPA 10.000 L TRUCADO, PESO BRUTO TOTAL 23.000 KG, CARGA ÚTIL MÁXIMA 15.935 KG, DISTÂNCIA ENTRE EIXOS 4,8 M, POTÊNCIA 230 CV, INCLUSIVE TANQUE DE AÇO PARA TRANSPORTE DE ÁGUA - IMPOSTOS E SEGUROS. AF_06/2014","CHOR - CUSTOS HORÁRIOS DE MÁQUINAS E EQUIPAMENTOS",null,"H",1,0.82,0.82]
["Composição Auxiliar"," 88282 ","SINAPI","MOTORISTA DE CAMINHÃO COM ENCARGOS COMPLEMENTARES","SEDI - SERVIÇOS DIVERSOS",null,"H",0.77497899999999997,18.670000000000002,14.47]
[{"$nulls":4},"MO sem LS =>",14.47,"LS =>",0,"MO com LS =>",14.47]
[{"$nulls":4},"Valor do BDI =>",34.439146000000001,null,"Valor com BDI =>",null,159.31]
[]
[null,"Código","Banco","Descrição","Tipo",null,"Und","Quant.","Valor Unit","Total"]
["Composição"," 91396 ","SINAPI","CAMINHÃO PIPA 10.000 L TRUCADO, PESO BRUTO TOTAL 23.000 KG, CARGA ÚTIL MÁXIMA 15.935 KG, DISTÂNCIA ENTRE EIXOS 4,8 M, POTÊNCIA 230 CV, INCLUSIVE TANQUE DE AÇO PARA TRANSPORTE DE ÁGUA - DEPRECIAÇÃO. AF_06/2014","CHOR - CUSTOS HORÁRIOS DE MÁQUINAS E EQUIPAMENTOS",null,"H",1,10.08,10.08]
["Insumo"," 00037747 ","SINAPI","CAMINHAO TRUCADO, PESO BRUTO TOTAL 23000 KG, CARGA UTIL MAXIMA 15935 KG, DISTANCIA ENTRE EIXOS 4,80 M, POTENCIA 230 CV (INCLUI CABINE E CHASSI, NAO INCLUI CARROCERIA)","Equipamento",null,"UN",3.43E-5,251119.38,8.61]
["Insumo"," 00037736 ","SINAPI","TANQUE DE ACO CARBONO NAO REVESTIDO, PARA TRANSPORTE DE AGUA COM CAPACIDADE DE 10 M3, COM BOMBA CENTRIFUGA POR TOMADA DE FORCA, VAZAO MAXIMA *75* M3/H (INCLUI MONTAGEM, NAO INCLUI CAMINHAO)","Material",null,"UN",3.43E-5,42944,1.47]
[{"$nulls":4},"MO sem LS =>",0,"LS =>",0,"MO com LS =>",0]
[{"$nulls":4},"Valor do BDI =>",2.7800639999999999,null,"Valor com BDI =>",null,12.86]
[]
[null,"Código","Banco","Descrição","Tipo",null,"Und","Quant.","Valor Unit","Total"]
["Composição"," 91398 ","SINAPI","CAMINHÃO PIPA 10.000 L TRUCADO, PESO BRUTO TOTAL 23.000 KG, CARGA ÚTIL MÁXIMA 15.935 KG, DISTÂNCIA ENTRE EIXOS 4,8 M, POTÊNCIA 230 CV, INCLUSIVE TANQUE DE AÇO PARA TRANSPORTE DE ÁGUA - IMPOSTOS E SEGUROS. AF_06/2014","CHOR - CUSTOS HORÁRIOS DE MÁQUINAS E EQUIPAMENTOS",null,"H",1,0.82,0.82]
["Insumo"," 00037747 ","SINAPI","CAMINHAO TRUCADO, PESO BRUTO TOTAL 23000 KG, CARGA UTIL MAXIMA 15935 KG, DISTANCIA ENTRE EIXOS 4,80 M, POTENCIA 230 CV (INCLUI CABINE E CHASSI, NAO INCLUI CARROCERIA)","Equipamento",null,"UN",2.7999999999999999E-6,251119.38,0.7]
["Insumo"," 00037736 ","SINAPI","TANQUE DE ACO CARBONO NAO REVESTIDO, PARA TRANSPORTE DE AGUA COM CAPACIDADE DE 10 M3, COM BOMBA CENTRIFUGA POR TOMADA DE FORCA, VAZAO MAXIMA *75* M3/H (INCLUI MONTAGEM, NAO INCLUI CAMINHAO)","Material",null,"UN",2.7999999999999999E-6,42944,0.12]
[{"$nulls":4},"MO sem LS =>",0,"LS =>",0,"MO com LS =>",0]
[{"$nulls":4},"Valor do BDI =>",0.226156,null,"Valor com BDI =>",null,1.05]
[]
[null,"Código","Banco","Descrição","Tipo",null,"Und","Quant.","Valor Unit","Total"]
["Composição"," 91397 ","SINAPI","CAMINHÃO PIPA 10.000 L TRUCADO, PESO BRUTO TOTAL 23.000 KG, CARGA ÚTIL MÁXIMA 15.935 KG, DISTÂNCIA ENTRE EIXOS 4,8 M, POTÊNCIA 230 CV, INCLUSIVE TANQUE DE AÇO PARA TRANSPORTE DE ÁGUA - JUROS. AF_06/2014","CHOR - CUSTOS HORÁRIOS DE MÁQUINAS E EQUIPAMENTOS",null,"H",1,2.12,2.12]
["Insumo"," 00037747 ","SINAPI","CAMINHAO TRUCADO, PESO BRUTO TOTAL 23000 KG, CARGA UTIL MAXIMA 15935 KG, DISTANCIA ENTRE EIXOS 4,80 M, POTENCIA 230 CV (INCLUI CABINE E CHASSI, NAO INCLUI CARROCERIA)","Equipamento",null,"UN",7.1999999999999997E-6,251119.38,1.81]
["Insumo"," 00037736 ","SINAPI","TANQUE DE ACO CARBONO NAO REVESTIDO, PARA TRANSPORTE DE AGUA COM CAPACIDADE DE 10 M3, COM BOMBA CENTRIFUGA POR TOMADA DE FORCA, VAZAO MAXIMA *75* M3/H (INCLUI MONTAGEM, NAO INCLUI CAMINHAO)","Material",null,"UN",7.1999999999999997E-6,42944,0.31]
[{"$nulls":4},"MO sem LS =>",0,"LS =>",0,"MO com LS =>",0]
[{"$nulls":4},"Valor do BDI =>",0.58469599999999999,null,"Valor com BDI =>",null,2.7]
[]
[null,"Código","Banco","Descrição","Tipo",null,"Und","Quant.","Valor Unit","Total"]
["Composição"," 5763 ","SINAPI","CAMINHÃO PIPA 10.000 L TRUCADO, PESO BRUTO TOTAL 23.000 KG, CARGA ÚTIL MÁXIMA 15.935 KG, DISTÂNCIA ENTRE EIXOS 4,8 M, POTÊNCIA 230 CV, INCLUSIVE TANQUE DE AÇO PARA TRANSPORTE DE ÁGUA - MANUTENÇÃO. AF_06/2014","CHOR - CUSTOS HORÁRIOS DE MÁQUINAS E EQUIPAMENTOS",null,"H",1,18.91,18.91]
["Insumo"," 00037747 ","SINAPI","CAMINHAO TRUCADO, PESO BRUTO TOTAL 23000 KG, CARGA UTIL MAXIMA 15935 KG, DISTANCIA ENTRE EIXOS 4,80 M, POTENCIA 230 CV (INCLUI CABINE E CHASSI, NAO INCLUI CARROCERIA)","Equipamento",null,"UN",6.4300000000000004E-5,251119.38,16.149999999999999]
["Insumo"," 00037736 ","SINAPI","TANQUE DE ACO CARBONO NAO REVESTIDO, PARA TRANSPORTE DE AGUA COM CAPACIDADE DE 10 M3, COM BOMBA CENTRIFUGA POR TOMADA DE FORCA, VAZAO MAXIMA *75* M3/H (INCLUI MONTAGEM, NAO INCLUI CAMINHAO)","Material",null,"UN",6.4300000000000004E-5,42944,2.76]
[{"$nulls":4},"MO sem LS =>",0,"LS =>",0,"MO com LS =>",0]
[{"$nulls":4},"Valor do BDI =>",5.2153780000000003,null,"Valor com BDI =>",null,24.13]
[]
[null,"Código","Banco","Descrição","Tipo",null,"Und","Quant.","Valor Unit","Total"]
["Composição"," 53831 ","SINAPI","CAMINHÃO PIPA 10.000 L TRUCADO, PESO BRUTO TOTAL 23.000 KG, CARGA ÚTIL MÁXIMA 15.935 KG, DISTÂNCIA ENTRE EIXOS 4,8 M, POTÊNCIA 230 CV, INCLUSIVE TANQUE DE AÇO PARA TRANSPORTE DE ÁGUA - MATERIAIS NA OPERAÇÃO. AF_06/2014","CHOR - CUSTOS HORÁRIOS DE MÁQUINAS E EQUIPAMENTOS",null,"H",1,78.47,78.47]
["Insumo"," 00004221 ","SINAPI","OLEO DIESEL COMBUSTIVEL COMUM","Material",null,"L",32.159999999999997,2.44,78.47]
[{"$nulls":4},"MO sem LS =>",0,"LS =>",0,"MO com LS =>",0]
[{"$nulls":4},"Valor do BDI =>",21.642026000000001,null,"Valor com BDI =>",null,100.11]
[]
[null,"Código","Banco","Descrição","Tipo",null,"Und","Quant.","Valor Unit","Total"]
["Composição"," 6260 ","SINAPI","CAMINHÃO PIPA 6.000 L, PESO BRUTO TOTAL 13.000 KG, DISTÂNCIA ENTRE EIXOS 4,80 M, POTÊNCIA 189 CV INCLUSIVE TANQUE DE AÇO PARA TRANSPORTE DE ÁGUA, CAPACIDADE 6 M3 - CHI DIURNO. AF_06/2014","CHOR - CUSTOS HORÁRIOS DE MÁQUINAS E EQUIPAMENTOS",null,"CHI",1,24.73,24.73]
["Composição Auxiliar"," 91361 ","SINAPI","CAMINHÃO PIPA 6.000 L, PESO BRUTO TOTAL 13.000 KG, DISTÂNCIA ENTRE EIXOS 4,80 M, POTÊNCIA 189 CV INCLUSIVE TANQUE DE AÇO PARA TRANSPORTE DE ÁGUA, CAPACIDADE 6 M3 - IMPOSTOS E SEGUROS. AF_06/2014","CHOR - CUSTOS HORÁRIOS DE MÁQUINAS E EQUIPAMENTOS",null,"H",1,0.64,0.64]
["Composição Auxiliar"," 91359 ","SINAPI","CAMINHÃO PIPA 6.000 L, PESO BRUTO TOTAL 13.000 KG, DISTÂNCIA ENTRE EIXOS 4,80 M, POTÊNCIA 189 CV INCLUSIVE TANQUE DE AÇO PARA TRANSPORTE DE ÁGUA, CAPACIDADE 6 M3 - DEPRECIAÇÃO. AF_06/2014","CHOR - CUSTOS HORÁRIOS DE MÁQUINAS E EQUIPAMENTOS",null,"H",1,7.86,7.86]
["Composição Auxiliar"," 91360 ","SINAPI","CAMINHÃO PIPA 6.000 L, PESO BRUTO TOTAL 13.000 KG, DISTÂNCIA ENTRE EIXOS 4,80 M, POTÊNCIA 189 CV INCLUSIVE TANQUE DE AÇO PARA TRANSPORTE DE ÁGUA, CAPACIDADE 6 M3 - JUROS. AF_06/2014","CHOR - CUSTOS HORÁRIOS DE MÁQUINAS E EQUIPAMENTOS",null,"H",1,1.65,1.65]
["Composição Auxiliar"," 88282 ","SINAPI","MOTORISTA DE CAMINHÃO COM ENCARGOS COMPLEMENTARES","SEDI - SERVIÇOS DIVERSOS",null,"H",0.78085649999999995,18.670000000000002,14.58]
[{"$nulls":4},"MO sem LS =>",14.58,"LS =>",0,"MO com LS =>",14.58]
[{"$nulls":4},"Valor do BDI =>",6.8205340000000003,null,"Valor com BDI =>",null,31.55]
[]
[null,"Código","Banco","Descrição","Tipo",null,"Und","Quant.","Valor Unit","Total"]
["Composição"," 6259 ","SINAPI","CAMINHÃO PIPA 6.000 L, PESO BRUTO TOTAL 13.000 KG, DISTÂNCIA ENTRE EIXOS 4,80 M, POTÊNCIA 189 CV INCLUSIVE TANQUE DE AÇO PARA TRANSPORTE DE ÁGUA, CAPACIDADE 6 M3 - CHP DIURNO. AF_06/2014","CHOR - CUSTOS HORÁRIOS DE MÁQUINAS E EQUIPAMENTOS",null,"CHP",1,103.85,103.85]
["Composição Auxiliar"," 53882 ","SINAPI","CAMINHÃO PIPA 6.000 L, PESO BRUTO TOTAL 13.000 KG, DISTÂNCIA ENTRE EIXOS 4,80 M, POTÊNCIA 189 CV INCLUSIVE TANQUE DE AÇO PARA TRANSPORTE DE ÁGUA, CAPACIDADE 6 M3 - MANUTENÇÃO. AF_06/2014","CHOR - CUSTOS HORÁRIOS DE MÁQUINAS E EQUIPAMENTOS",null,"H",1,14.74,14.74]
["Composição Auxiliar"," 5747 ","SINAPI","CAMINHÃO PIPA 6.000 L, PESO BRUTO TOTAL 13.000 KG, DISTÂNCIA ENTRE EIXOS 4,80 M, POTÊNCIA 189 CV INCLUSIVE TANQUE DE AÇO PARA TRANSPORTE DE ÁGUA, CAPACIDADE 6 M3 - MATERIAIS NA OPERAÇÃO. AF_06/2014","CHOR - CUSTOS HORÁRIOS DE MÁQUINAS E EQUIPAMENTOS",null,"H",1,64.489999999999995,64.489999999999995]
["Composição Auxiliar"," 91361 ","SINAPI","CAMINHÃO PIPA 6.000 L, PESO BRUTO TOTAL 13.000 KG, DISTÂNCIA ENTRE EIXOS 4,80 M, POTÊNCIA 189 CV INCLUSIVE TANQUE DE AÇO PARA TRANSPORTE DE ÁGUA, CAPACIDADE 6 M3 - IMPOSTOS E SEGUROS. AF_06/2014","CHOR - CUSTOS HORÁRIOS DE MÁQUINAS E EQUIPAMENTOS",null,"H",1,0.64,0.64]
["Composição Auxiliar"," 91359 ","SINAPI","CAMINHÃO PIPA 6.000 L, PESO BRUTO TOTAL 13.000 KG, DISTÂNCIA ENTRE EIXOS 4,80 M, POTÊNCIA 189 CV INCLUSIVE TANQUE DE AÇO PARA TRANSPORTE DE ÁGUA, CAPACIDADE 6 M3 - DEPRECIAÇÃO. AF_06/2014","CHOR - CUSTOS HORÁRIOS DE MÁQUINAS E EQUIPAMENTOS",null,"H",1,7.86,7.86]
["Composição Auxiliar"," 91360 ","SINAPI","CAMINHÃO PIPA 6.000 L, PESO BRUTO TOTAL 13.000 KG, DISTÂNCIA ENTRE EIXOS 4,80 M, POTÊNCIA 189 CV INCLUSIVE TANQUE DE AÇO PARA TRANSPORTE DE ÁGUA, CAPACIDADE 6 M3 - JUROS. AF_06/2014","CHOR - CUSTOS HORÁRIOS DE MÁQUINAS E EQUIPAMENTOS",null,"H",1,1.65,1.65]
["Composição Auxiliar"," 88282 ","SINAPI","MOTORISTA DE CAMINHÃO COM ENCARGOS COMPLEMENTARES","SEDI - SERVIÇOS DIVERSOS",null,"H",0.77497899999999997,18.670000000000002,14.47]
[{"$nulls":4},"MO sem LS =>",14.47,"LS =>",0,"MO com LS =>",14.47]
[{"$nulls":4},"Valor do BDI =>",28.641829999999999,null,"Valor com BDI =>",null,132.49]
[]
[null,"Código","Banco","Descrição","Tipo",null,"Und","Quant.","Valor Unit","Total"]
["Composição"," 91359 ","SINAPI","CAMINHÃO PIPA 6.000 L, PESO BRUTO TOTAL 13.000 KG, DISTÂNCIA ENTRE EIXOS 4,80 M, POTÊNCIA 189 CV INCLUSIVE TANQUE DE AÇO PARA TRANSPORTE DE ÁGUA, CAPACIDADE 6 M3 - DEPRECIAÇÃO. AF_06/2014","CHOR - CUSTOS HORÁRIOS DE MÁQUINAS E EQUIPAMENTOS",null,"H",1,7.86,7.86]
["Insumo"," 00037745 ","SINAPI","CAMINHAO TOCO, PESO BRUTO TOTAL 13000 KG, CARGA UTIL MAXIMA 7925 KG, DISTANCIA ENTRE EIXOS 4,80 M, POTENCIA 189 CV (INCLUI CABINE E CHASSI, NAO INCLUI CARROCERIA)","Equipamento",null,"UN",3.43E-5,193404.16,6.63]
["Insumo"," 00037738 ","SINAPI","TANQUE DE ACO PARA TRANSPORTE DE AGUA COM CAPACIDADE DE 6 M3 (INCLUI MONTAGEM, NAO INCLUI CAMINHAO)","Material",null,"UN",3.43E-5,35834.54,1.23]
[{"$nulls":4},"MO sem LS =>",0,"LS =>",0,"MO com LS =>",0]
[{"$nulls":4},"Valor do BDI =>",2.1677879999999998,null,"Valor com BDI =>",null,10.029999999999999]
[]
[null,"Código","Banco","Descrição","Tipo",null,"Und","Quant.","Valor Unit","Total"]
["Composição"," 91361 ","SINAPI","CAMINHÃO PIPA 6.000 L, PESO BRUTO TOTAL 13.000 KG, DISTÂNCIA ENTRE EIXOS 4,80 M, POTÊNCIA 189 CV INCLUSIVE TANQUE DE AÇO PARA TRANSPORTE DE ÁGUA, CAPACIDADE 6 M3 - IMPOSTOS E SEGUROS. AF_06/2014","CHOR - CUSTOS HORÁRIOS DE MÁQUINAS E EQUIPAMENTOS",null,"H",1,0.64,0.64]
["Insumo"," 00037745 ","SINAPI","CAMINHAO TOCO, PESO BRUTO TOTAL 13000 KG, CARGA UTIL MAXIMA 7925 KG, DISTANCIA ENTRE EIXOS 4,80 M, POTENCIA 189 CV (INCLUI CABINE E CHASSI, NAO INCLUI CARROCERIA)","Equipamento",null,"UN",2.7999999999999999E-6,193404.16,0.54]
["Insumo"," 00037738 ","SINAPI","TANQUE DE ACO PARA TRANSPORTE DE AGUA COM CAPACIDADE DE 6 M3 (INCLUI MONTAGEM, NAO INCLUI CAMINHAO)","Material",null,"UN",2.7999999999999999E-6,35834.54,0.1]
[{"$nulls":4},"MO sem LS =>",0,"LS =>",0,"MO com LS =>",0]
[{"$nulls":4},"Valor do BDI =>",0.176512,null,"Valor com BDI =>",null,0.82]
[]
[null,"Código","Banco","Descrição","Tipo",null,"Und","Quant.","Valor Unit","Total"]
["Composição"," 91360 ","SINAPI","CAMINHÃO PIPA 6.000 L, PESO BRUTO TOTAL 13.000 KG, DISTÂNCIA ENTRE EIXOS 4,80 M, POTÊNCIA 189 CV INCLUSIVE TANQUE DE AÇO PARA TRANSPORTE DE ÁGUA, CAPACIDADE 6 M3 - JUROS. AF_06/2014","CHOR - CUSTOS HORÁRIOS DE MÁQUINAS E EQUIPAMENTOS",null,"H",1,1.65,1.65]
["Insumo"," 00037745 ","SINAPI","CAMINHAO TOCO, PESO BRUTO TOTAL 13000 KG, CARGA UTIL MAXIMA 7925 KG, DISTANCIA ENTRE EIXOS 4,80 M, POTENCIA 189 CV (INCLUI CABINE E CHASSI, NAO INCLUI CARROCERIA)","Equipamento",null,"UN",7.1999999999999997E-6,193404.16,1.39]
["Insumo"," 00037738 ","SINAPI","TANQUE DE ACO PARA TRANSPORTE DE AGUA COM CAPACIDADE DE 6 M3 (INCLUI MONTAGEM, NAO INCLUI CAMINHAO)","Material",null,"UN",7.1999999999999997E-6,35834.54,0.26]
[{"$nulls":4},"MO sem LS =>",0,"LS =>",0,"MO com LS =>",0]
[{"$nulls":4},"Valor do BDI =>",0.45506999999999997,null,"Valor com BDI =>",null,2.11]
[]
[null,"Código","Banco","Descrição","Tipo",null,"Und","Quant.","Valor Unit","Total"]
["Composição"," 53882 ","SINAPI","CAMINHÃO PIPA 6.000 L, PESO BRUTO TOTAL 13.000 KG, DISTÂNCIA ENTRE EIXOS 4,80 M, POTÊNCIA 189 CV INCLUSIVE TANQUE DE AÇO PARA TRANSPORTE DE ÁGUA, CAPACIDADE 6 M3 - MANUTENÇÃO. AF_06/2014","CHOR - CUSTOS HORÁRIOS DE MÁQUINAS E EQUIPAMENTOS",null,"H",1,14.74,14.74]
["Insumo"," 00037745 ","SINAPI","CAMINHAO TOCO, PESO BRUTO TOTAL 13000 KG, CARGA UTIL MAXIMA 7925 KG, DISTANCIA ENTRE EIXOS 4,80 M, POTENCIA 189 CV (INCLUI CABINE E CHASSI, NAO INCLUI CARROCERIA)","Equipamento",null,"UN",6.4300000000000004E-5,193404.16,12.44]
["Insumo"," 00037738 ","SINAPI","TANQUE DE ACO PARA TRANSPORTE DE AGUA COM CAPACIDADE DE 6 M3 (INCLUI MONTAGEM, NAO INCLUI CAMINHAO)","Material",null,"UN",6.4300000000000004E-5,35834.54,2.2999999999999998]
[{"$nulls":4},"MO sem LS =>",0,"LS =>",0,"MO com LS =>",0]
[{"$nulls":4},"Valor do BDI =>",4.0652920000000003,null,"Valor com BDI =>",null,18.809999999999999]
[]
[null,"Código","Banco","Descrição","Tipo",null,"Und","Quant.","Valor Unit","Total"]
["Composição"," 5747 ","SINAPI","CAMINHÃO PIPA 6.000 L, PESO BRUTO TOTAL 13.000 KG, DISTÂNCIA ENTRE EIXOS 4,80 M, POTÊNCIA 189 CV INCLUSIVE TANQUE DE AÇO PARA TRANSPORTE DE ÁGUA, CAPACIDADE 6 M3 - MATERIAIS NA OPERAÇÃO. AF_06/2014","CHOR - CUSTOS HORÁRIOS DE MÁQUINAS E EQUIPAMENTOS",null,"H",1,64.489999999999995,64.489999999999995]
["Insumo"," 00004221 ","SINAPI","OLEO DIESEL COMBUSTIVEL COMUM","Material",null,"L",26.43,2.44,64.489999999999995]
[{"$nulls":4},"MO sem LS =>",0,"LS =>",0,"MO com LS =>",0]
[{"$nulls":4},"Valor do BDI =>",17.786342000000001,null,"Valor com BDI =>",null,82.28]
[]
[null,"Código","Banco","Descrição","Tipo",null,"Und","Quant.","Valor Unit","Total"]
["Composição"," 73467 ","SINAPI","CAMINHÃO TOCO, PBT 14.300 KG, CARGA ÚTIL MÁX. 9.710 KG, DIST. ENTRE EIXOS 3,56 M, POTÊNCIA 185 CV, INCLUSIVE CARROCERIA FIXA ABERTA DE MADEIRA P/ TRANSPORTE GERAL DE CARGA SECA, DIMEN. APROX. 2,50 X 6,50 X 0,50 M - CHP DIURNO. AF_06/2014","CHOR - CUSTOS HORÁRIOS DE MÁQUINAS E EQUIPAMENTOS",null,"CHP",1,71.290000000000006,71.290000000000006]
["Composição Auxiliar"," 73335 ","SINAPI","CAMINHÃO TOCO, PBT 14.300 KG, CARGA ÚTIL MÁX. 9.710 KG, DIST. ENTRE EIXOS 3,56 M, POTÊNCIA 185 CV, INCLUSIVE CARROCERIA FIXA ABERTA DE MADEIRA P/ TRANSPORTE GERAL DE CARGA SECA, DIMEN. APROX. 2,50 X 6,50 X 0,50 M - MANUTENÇÃO. AF_06/2014","CHOR - CUSTOS HORÁRIOS DE MÁQUINAS E EQUIPAMENTOS",null,"H",1,13.93,13.93]
["Composição Auxiliar"," 73340 ","SINAPI","CAMINHÃO TOCO, PBT 14.300 KG, CARGA ÚTIL MÁX. 9.710 KG, DIST. ENTRE EIXOS 3,56 M, POTÊNCIA 185 CV, INCLUSIVE CARROCERIA FIXA ABERTA DE MADEIRA P/ TRANSPORTE GERAL DE CARGA SECA, DIMEN. APROX. 2,50 X 6,50 X 0,50 M - MATERIAIS NA OPERAÇÃO. AF_06/2014","CHOR - CUSTOS HORÁRIOS DE MÁQUINAS E EQUIPAMENTOS",null,"H",1,33.229999999999997,33.229999999999997]
["Composição Auxiliar"," 91392 ","SINAPI","CAMINHÃO TOCO, PBT 14.300 KG, CARGA ÚTIL MÁX. 9.710 KG, DIST. ENTRE EIXOS 3,56 M, POTÊNCIA 185 CV, INCLUSIVE CARROCERIA FIXA ABERTA DE MADEIRA P/ TRANSPORTE GERAL DE CARGA SECA, DIMEN. APROX. 2,50 X 6,50 X 0,50 M - IMPOSTOS E SEGUROS. AF_06/2014","CHOR - CUSTOS HORÁRIOS DE MÁQUINAS E EQUIPAMENTOS",null,"H",1,0.61,0.61]
["Composição Auxiliar"," 91390 ","SINAPI","CAMINHÃO TOCO, PBT 14.300 KG, CARGA ÚTIL MÁX. 9.710 KG, DIST. ENTRE EIXOS 3,56 M, POTÊNCIA 185 CV, INCLUSIVE CARROCERIA FIXA ABERTA DE MADEIRA P/ TRANSPORTE GERAL DE CARGA SECA, DIMEN. APROX. 2,50 X 6,50 X 0,50 M - DEPRECIAÇÃO. AF_06/2014","CHOR - CUSTOS HORÁRIOS DE MÁQUINAS E EQUIPAMENTOS",null,"H",1,7.43,7.43]
["Composição Auxiliar"," 91391 ","SINAPI","CAMINHÃO TOCO, PBT 14.300 KG, CARGA ÚTIL MÁX. 9.710 KG, DIST. ENTRE EIXOS 3,56 M, POTÊNCIA 185 CV, INCLUSIVE CARROCERIA FIXA ABERTA DE MADEIRA P/ TRANSPORTE GERAL DE CARGA SECA, DIMEN. APROX. 2,50 X 6,50 X 0,50 M - JUROS. AF_06/2014","CHOR - CUSTOS HORÁRIOS DE MÁQUINAS E EQUIPAMENTOS",null,"H",1,1.56,1.56]
["Composição Auxiliar"," 88282 ","SINAPI","MOTORISTA DE CAMINHÃO COM ENCARGOS COMPLEMENTARES","SEDI - SERVIÇOS DIVERSOS",null,"H",0.77833750000000002,18.670000000000002,14.53]
[{"$nulls":4},"MO sem LS =>",14.53,"LS =>",0,"MO com LS =>",14.53]
[{"$nulls":4},"Valor do BDI =>",19.661781999999999,null,"Valor com BDI =>",null,90.95]
[]
[null,"Código","Banco","Descrição","Tipo",null,"Und","Quant.","Valor Unit","Total"]
["Composição"," 91390 ","SINAPI","CAMINHÃO TOCO, PBT 14.300 KG, CARGA ÚTIL MÁX. 9.710 KG, DIST. ENTRE EIXOS 3,56 M, POTÊNCIA 185 CV, INCLUSIVE CARROCERIA FIXA ABERTA DE MADEIRA P/ TRANSPORTE GERAL DE CARGA SECA, DIMEN. APROX. 2,50 X 6,50 X 0,50 M - DEPRECIAÇÃO. AF_06/2014","CHOR - CUSTOS HORÁRIOS DE MÁQUINAS E EQUIPAMENTOS",null,"H",1,7.43,7.43]
["Insumo"," 00037748 ","SINAPI","CAMINHAO TOCO, PESO BRUTO TOTAL 14300 KG, CARGA UTIL MAXIMA 9710 KG, DISTANCIA ENTRE EIXOS 3,56 M, POTENCIA 185 CV (INCLUI CABINE E CHASSI, NAO INCLUI CARROCERIA)","Equipamento",null,"UN",3.43E-5,205614.32,7.05]
["Insumo"," 00037730 ","SINAPI","CARROCERIA FIXA ABERTA DE MADEIRA PARA TRANSPORTE GERAL DE CARGA SECA DIMENSOES APROXIMADAS 2,5 X 6,5 X 0,50 M (INCLUI MONTAGEM, NAO INCLUI CAMINHAO)","Material",null,"UN",3.43E-5,11105.92,0.38]
[{"$nulls":4},"MO sem LS =>",0,"LS =>",0,"MO com LS =>",0]
[{"$nulls":4},"Valor do BDI =>",2.049194,null,"Valor com BDI =>",null,9.48]
[]
[null,"Código","Banco","Descrição","Tipo",null,"Und","Quant.","Valor Unit","Total"]
["Composição"," 91392 ","SINAPI","CAMINHÃO TOCO, PBT 14.300 KG, CARGA ÚTIL MÁX. 9.710 KG, DIST. ENTRE EIXOS 3,56 M, POTÊNCIA 185 CV, INCLUSIVE CARROCERIA FIXA ABERTA DE MADEIRA P/ TRANSPORTE GERAL DE CARGA SECA, DIMEN. APROX. 2,50 X 6,50 X 0,50 M - IMPOSTOS E SEGUROS. AF_06/2014","CHOR - CUSTOS HORÁRIOS DE MÁQUINAS E EQUIPAMENTOS",null,"H",1,0.61,0.61]
["Insumo"," 00037748 ","SINAPI","CAMINHAO TOCO, PESO BRUTO TOTAL 14300 KG, CARGA UTIL MAXIMA 9710 KG, DISTANCIA ENTRE EIXOS 3,56 M, POTENCIA 185 CV (INCLUI CABINE E CHASSI, NAO INCLUI CARROCERIA)","Equipamento",null,"UN",2.7999999999999999E-6,205614.32,0.57999999999999996]
["Insumo"," 00037730 ","SINAPI","CARROCERIA FIXA ABERTA DE MADEIRA PARA TRANSPORTE GERAL DE CARGA SECA DIMENSOES APROXIMADAS 2,5 X 6,5 X 0,50 M (INCLUI MONTAGEM, NAO INCLUI CAMINHAO)","Material",null,"UN",2.7999999999999999E-6,11105.92,0.03]
[{"$nulls":4},"MO sem LS =>",0,"LS =>",0,"MO com LS =>",0]
[{"$nulls":4},"Valor do BDI =>",0.168238,null,"Valor com BDI =>",null,0.78]
[]
[null,"Código","Banco","Descrição","Tipo",null,"Und","Quant.","Valor Unit","Total"]
["Composição"," 91391 ","SINAPI","CAMINHÃO TOCO, PBT 14.300 KG, CARGA ÚTIL MÁX. 9.710 KG, DIST. ENTRE EIXOS 3,56 M, POTÊNCIA 185 CV, INCLUSIVE CARROCERIA FIXA ABERTA DE MADEIRA P/ TRANSPORTE GERAL DE CARGA SECA, DIMEN. APROX. 2,50 X 6,50 X 0,50 M - JUROS. AF_06/2014","CHOR - CUSTOS HORÁRIOS DE MÁQUINAS E EQUIPAMENTOS",null,"H",1,1.56,1.56]
["Insumo"," 00037748 ","SINAPI","CAMINHAO TOCO, PESO BRUTO TOTAL 14300 KG, CARGA UTIL MAXIMA 9710 KG, DISTANCIA ENTRE EIXOS 3,56 M, POTENCIA 185 CV (INCLUI CABINE E CHASSI, NAO INCLUI CARROCERIA)","Equipamento",null,"UN",7.1999999999999997E-6,205614.32,1.48]
["Insumo"," 00037730 ","SINAPI","CARROCERIA FIXA ABERTA DE MADEIRA PARA TRANSPORTE GERAL DE CARGA SECA DIMENSOES APROXIMADAS 2,5 X 6,5 X 0,50 M (INCLUI MONTAGEM, NAO INCLUI CAMINHAO)","Material",null,"UN",7.1999999999999997E-6,11105.92,0.08]
[{"$nulls":4},"MO sem LS =>",0,"LS =>",0,"MO com LS =>",0]
[{"$nulls":4},"Valor do BDI =>",0.43024800000000002,null,"Valor com BDI =>",null,1.99]
[]
[null,"Código","Banco","Descrição","Tipo",null,"Und","Quant.","Valor Unit","Total"]
["Composição"," 73335 ","SINAPI","CAMINHÃO TOCO, PBT 14.300 KG, CARGA ÚTIL MÁX. 9.710 KG, DIST. ENTRE EIXOS 3,56 M, POTÊNCIA 185 CV, INCLUSIVE CARROCERIA FIXA ABERTA DE MADEIRA P/ TRANSPORTE GERAL DE CARGA SECA, DIMEN. APROX. 2,50 X 6,50 X 0,50 M - MANUTENÇÃO. AF_06/2014","CHOR - CUSTOS HORÁRIOS DE MÁQUINAS E EQUIPAMENTOS",null,"H",1,13.93,13.93]
["Insumo"," 00037748 ","SINAPI","CAMINHAO TOCO, PESO BRUTO TOTAL 14300 KG, CARGA UTIL MAXIMA 9710 KG, DISTANCIA ENTRE EIXOS 3,56 M, POTENCIA 185 CV (INCLUI CABINE E CHASSI, NAO INCLUI CARROCERIA)","Equipamento",null,"UN",6.4300000000000004E-5,205614.32,13.22]
["Insumo"," 00037730 ","SINAPI","CARROCERIA FIXA ABERTA DE MADEIRA PARA TRANSPORTE GERAL DE CARGA SECA DIMENSOES APROXIMADAS 2,5 X 6,5 X 0,50 M (INCLUI MONTAGEM, NAO INCLUI CAMINHAO)","Material",null,"UN",6.4300000000000004E-5,11105.92,0.71]
[{"$nulls":4},"MO sem LS =>",0,"LS =>",0,"MO com LS =>",0]
[{"$nulls":4},"Valor do BDI =>",3.8418939999999999,null,"Valor com BDI =>",null,17.77]
[]
[null,"Código","Banco","Descrição","Tipo",null,"Und","Quant.","Valor Unit","Total"]
["Composição"," 73340 ","SINAPI","CAMINHÃO TOCO, PBT 14.300 KG, CARGA ÚTIL MÁX. 9.710 KG, DIST. ENTRE EIXOS 3,56 M, POTÊNCIA 185 CV, INCLUSIVE CARROCERIA FIXA ABERTA DE MADEIRA P/ TRANSPORTE GERAL DE CARGA SECA, DIMEN. APROX. 2,50 X 6,50 X 0,50 M - MATERIAIS NA OPERAÇÃO. AF_06/2014","CHOR - CUSTOS HORÁRIOS DE MÁQUINAS E EQUIPAMENTOS",null,"H",1,33.229999999999997,33.229999999999997]
["Insumo"," 00004221 ","SINAPI","OLEO DIESEL COMBUSTIVEL COMUM","Material",null,"L",13.62,2.44,33.229999999999997]
[{"$nulls":4},"MO sem LS =>",0,"LS =>",0,"MO com LS =>",0]
[{"$nulls":4},"Valor do BDI =>",9.1648340000000008,null,"Valor com BDI =>",null,42.39]
[]
[null,"Código","Banco","Descrição","Tipo",null,"Und","Quant.","Valor Unit","Total"]
["Composição"," 5824 ","SINAPI","CAMINHÃO TOCO, PBT 16.000 KG, CARGA ÚTIL MÁX. 10.685 KG, DIST. ENTRE EIXOS 4,8 M, POTÊNCIA 189 CV, INCLUSIVE CARROCERIA FIXA ABERTA DE MADEIRA P/ TRANSPORTE GERAL DE CARGA SECA, DIMEN. APROX. 2,5 X 7,00 X 0,50 M - CHP DIURNO. AF_06/2014","CHOR - CUSTOS HORÁRIOS DE MÁQUINAS E EQUIPAMENTOS",null,"CHP",1,81.77,81.77]
["Composição Auxiliar"," 5705 ","SINAPI","CAMINHÃO TOCO, PBT 16.000 KG, CARGA ÚTIL MÁX. 10.685 KG, DIST. ENTRE EIXOS 4,8 M, POTÊNCIA 189 CV, INCLUSIVE CARROCERIA FIXA ABERTA DE MADEIRA P/ TRANSPORTE GERAL DE CARGA SECA, DIMEN. APROX. 2,5 X 7,00 X 0,50 M - MANUTENÇÃO. AF_06/2014","CHOR - CUSTOS HORÁRIOS DE MÁQUINAS E EQUIPAMENTOS",null,"H",1,11.7,11.7]
["Composição Auxiliar"," 53797 ","SINAPI","CAMINHÃO TOCO, PBT 16.000 KG, CARGA ÚTIL MÁX. 10.685 KG, DIST. ENTRE EIXOS 4,8 M, POTÊNCIA 189 CV, INCLUSIVE CARROCERIA FIXA ABERTA DE MADEIRA P/ TRANSPORTE GERAL DE CARGA SECA, DIMEN. APROX. 2,5 X 7,00 X 0,50 M - MATERIAIS NA OPERAÇÃO. AF_06/2014","CHOR - CUSTOS HORÁRIOS DE MÁQUINAS E EQUIPAMENTOS",null,"H",1,47.51,47.51]
["Composição Auxiliar"," 89266 ","SINAPI","CAMINHÃO TOCO, PBT 16.000 KG, CARGA ÚTIL MÁX. 10.685 KG, DIST. ENTRE EIXOS 4,8 M, POTÊNCIA 189 CV, INCLUSIVE CARROCERIA FIXA ABERTA DE MADEIRA P/ TRANSPORTE GERAL DE CARGA SECA, DIMEN. APROX. 2,5 X 7,00 X 0,50 M - IMPOSTOS E SEGUROS. AF_06/2014","CHOR - CUSTOS HORÁRIOS DE MÁQUINAS E EQUIPAMENTOS",null,"H",1,0.51,0.51]
["Composição Auxiliar"," 89264 ","SINAPI","CAMINHÃO TOCO, PBT 16.000 KG, CARGA ÚTIL MÁX. 10.685 KG, DIST. ENTRE EIXOS 4,8 M, POTÊNCIA 189 CV, INCLUSIVE CARROCERIA FIXA ABERTA DE MADEIRA P/ TRANSPORTE GERAL DE CARGA SECA, DIMEN. APROX. 2,5 X 7,00 X 0,50 M - DEPRECIAÇÃO. AF_06/2014","CHOR - CUSTOS HORÁRIOS DE MÁQUINAS E EQUIPAMENTOS",null,"H",1,6.25,6.25]
["Composição Auxiliar"," 89265 ","SINAPI","CAMINHÃO TOCO, PBT 16.000 KG, CARGA ÚTIL MÁX. 10.685 KG, DIST. ENTRE EIXOS 4,8 M, POTÊNCIA 189 CV, INCLUSIVE CARROCERIA FIXA ABERTA DE MADEIRA P/ TRANSPORTE GERAL DE CARGA SECA, DIMEN. APROX. 2,5 X 7,00 X 0,50 M - JUROS. AF_06/2014","CHOR - CUSTOS HORÁRIOS DE MÁQUINAS E EQUIPAMENTOS",null,"H",1,1.32,1.32]
["Composição Auxiliar"," 88282 ","SINAPI","MOTORISTA DE CAMINHÃO COM ENCARGOS COMPLEMENTARES","SEDI - SERVIÇOS DIVERSOS",null,"H",0.77581860000000002,18.670000000000002,14.48]
[{"$nulls":4},"MO sem LS =>",14.48,"LS =>",0,"MO com LS =>",14.48]
[{"$nulls":4},"Valor do BDI =>",22.552166,null,"Valor com BDI =>",null,104.32]
[]
[null,"Código","Banco","Descrição","Tipo",null,"Und","Quant.","Valor Unit","Total"]
["Composição"," 89264 ","SINAPI","CAMINHÃO TOCO, PBT 16.000 KG, CARGA ÚTIL MÁX. 10.685 KG, DIST. ENTRE EIXOS 4,8 M, POTÊNCIA 189 CV, INCLUSIVE CARROCERIA FIXA ABERTA DE MADEIRA P/ TRANSPORTE GERAL DE CARGA SECA, DIMEN. APROX. 2,5 X 7,00 X 0,50 M - DEPRECIAÇÃO. AF_06/2014","CHOR - CUSTOS HORÁRIOS DE MÁQUINAS E EQUIPAMENTOS",null,"H",1,6.25,6.25]
["Insumo"," 00037731 ","SINAPI","CARROCERIA FIXA ABERTA DE MADEIRA PARA TRANSPORTE GERAL DE CARGA SECA DIMENSOES APROXIMADAS 2,5 X 7,00 X 0,50 M (INCLUI MONTAGEM, NAO INCLUI CAMINHAO)","Material",null,"UN",3.43E-5,11892.18,0.41]
["Insumo"," 00037761 ","SINAPI","CAMINHAO TOCO, PESO BRUTO TOTAL 16000 KG, CARGA UTIL MAXIMA DE 10685 KG, DISTANCIA ENTRE EIXOS 4,8M, POTENCIA 189 CV (INCLUI CABINE E CHASSI, NAO INCLUI CARROCERIA)","Equipamento",null,"UN",3.43E-5,170146.69,5.84]
[{"$nulls":4},"MO sem LS =>",0,"LS =>",0,"MO com LS =>",0]
[{"$nulls":4},"Valor do BDI =>",1.7237499999999999,null,"Valor com BDI =>",null,7.97]
[]
[null,"Código","Banco","Descrição","Tipo",null,"Und","Quant.","Valor Unit","Total"]
["Composição"," 89266 ","SINAPI","CAMINHÃO TOCO, PBT 16.000 KG, CARGA ÚTIL MÁX. 10.685 KG, DIST. ENTRE EIXOS 4,8 M, POTÊNCIA 189 CV, INCLUSIVE CARROCERIA FIXA ABERTA DE MADEIRA P/ TRANSPORTE GERAL DE CARGA SECA, DIMEN. APROX. 2,5 X 7,00 X 0,50 M - IMPOSTOS E SEGUROS. AF_06/2014","CHOR - CUSTOS HORÁRIOS DE MÁQUINAS E EQUIPAMENTOS",null,"H",1,0.51,0.51]
["Insumo"," 00037731 ","SINAPI","CARROCERIA FIXA ABERTA DE MADEIRA PARA TRANSPORTE GERAL DE CARGA SECA DIMENSOES APROXIMADAS 2,5 X 7,00 X 0,50 M (INCLUI MONTAGEM, NAO INCLUI CAMINHAO)","Material",null,"UN",2.7999999999999999E-6,11892.18,0.03]
["Insumo"," 00037761 ","SINAPI","CAMINHAO TOCO, PESO BRUTO TOTAL 16000 KG, CARGA UTIL MAXIMA DE 10685 KG, DISTANCIA ENTRE EIXOS 4,8M, POTENCIA 189 CV (INCLUI CABINE E CHASSI, NAO INCLUI CARROCERIA)","Equipamento",null,"UN",2.7999999999999999E-6,170146.69,0.48]
[{"$nulls":4},"MO sem LS =>",0,"LS =>",0,"MO com LS =>",0]
[{"$nulls":4},"Valor do BDI =>",0.14065800000000001,null,"Valor com BDI =>",null,0.65]
[]
[null,"Código","Banco","Descrição","Tipo",null,"Und","Quant.","Valor Unit","Total"]
["Composição"," 89265 ","SINAPI","CAMINHÃO TOCO, PBT 16.000 KG, CARGA ÚTIL MÁX. 10.685 KG, DIST. ENTRE EIXOS 4,8 M, POTÊNCIA 189 CV, INCLUSIVE CARROCERIA FIXA ABERTA DE MADEIRA P/ TRANSPORTE GERAL DE CARGA SECA, DIMEN. APROX. 2,5 X 7,00 X 0,50 M - JUROS. AF_06/2014","CHOR - CUSTOS HORÁRIOS DE MÁQUINAS E EQUIPAMENTOS",null,"H",1,1.32,1.32]
["Insumo"," 00037731 ","SINAPI","CARROCERIA FIXA ABERTA DE MADEIRA PARA TRANSPORTE GERAL DE CARGA SECA DIMENSOES APROXIMADAS 2,5 X 7,00 X 0,50 M (INCLUI MONTAGEM, NAO INCLUI CAMINHAO)","Material",null,"UN",7.1999999999999997E-6,11892.18,0.09]
["Insumo"," 00037761 ","SINAPI","CAMINHAO TOCO, PESO BRUTO TOTAL 16000 KG, CARGA UTIL MAXIMA DE 10685 KG, DISTANCIA ENTRE EIXOS 4,8M, POTENCIA 189 CV (INCLUI CABINE E CHASSI, NAO INCLUI CARROCERIA)","Equipamento",null,"UN",7.1999999999999997E-6,170146.69,1.23]
[{"$nulls":4},"MO sem LS =>",0,"LS =>",0,"MO com LS =>",0]
[{"$nulls":4},"Valor do BDI =>",0.36405599999999999,null,"Valor com BDI =>",null,1.68]
[]
[null,"Código","Banco","Descrição","Tipo",null,"Und","Quant.","Valor Unit","Total"]
["Composição"," 5705 ","SINAPI","CAMINHÃO TOCO, PBT 16.000 KG, CARGA ÚTIL MÁX. 10.685 KG, DIST. ENTRE EIXOS 4,8 M, POTÊNCIA 189 CV, INCLUSIVE CARROCERIA FIXA ABERTA DE MADEIRA P/ TRANSPORTE GERAL DE CARGA SECA, DIMEN. APROX. 2,5 X 7,00 X 0,50 M - MANUTENÇÃO. AF_06/2014","CHOR - CUSTOS HORÁRIOS DE MÁQUINAS E EQUIPAMENTOS",null,"H",1,11.7,11.7]
["Insumo"," 00037731 ","SINAPI","CARROCERIA FIXA ABERTA DE MADEIRA PARA TRANSPORTE GERAL DE CARGA SECA DIMENSOES APROXIMADAS 2,5 X 7,00 X 0,50 M (INCLUI MONTAGEM, NAO INCLUI CAMINHAO)","Material",null,"UN",6.4300000000000004E-5,11892.18,0.76]
["Insumo"," 00037761 ","SINAPI","CAMINHAO TOCO, PESO BRUTO TOTAL 16000 KG, CARGA UTIL MAXIMA DE 10685 KG, DISTANCIA ENTRE EIXOS 4,8M, POTENCIA 189 CV (INCLUI CABINE E CHASSI, NAO INCLUI CARROCERIA)","Equipamento",null,"UN",6.4300000000000004E-5,170146.69,10.94]
[{"$nulls":4},"MO sem LS =>",0,"LS =>",0,"MO com LS =>",0]
[{"$nulls":4},"Valor do BDI =>",3.2268599999999998,null,"Valor com BDI =>",null,14.93]
[]
[null,"Código","Banco","Descrição","Tipo",null,"Und","Quant.","Valor Unit","Total"]
["Composição"," 53797 ","SINAPI","CAMINHÃO TOCO, PBT 16.000 KG, CARGA ÚTIL MÁX. 10.685 KG, DIST. ENTRE EIXOS 4,8 M, POTÊNCIA 189 CV, INCLUSIVE CARROCERIA FIXA ABERTA DE MADEIRA P/ TRANSPORTE GERAL DE CARGA SECA, DIMEN. APROX. 2,5 X 7,00 X 0,50 M - MATERIAIS NA OPERAÇÃO. AF_06/2014","CHOR - CUSTOS HORÁRIOS DE MÁQUINAS E EQUIPAMENTOS",null,"H",1,47.51,47.51]
["Insumo"," 00004221 ","SINAPI","OLEO DIESEL COMBUSTIVEL COMUM","Material",null,"L",19.47,2.44,47.51]
[{"$nulls":4},"MO sem LS =>",0,"LS =>",0,"MO com LS =>",0]
[{"$nulls":4},"Valor do BDI =>",13.103258,null,"Valor com BDI =>",null,60.61]
[]
[null,"Código","Banco","Descrição","Tipo",null,"Und","Quant.","Valor Unit","Total"]
["Composição"," 88261 ","SINAPI","CARPINTEIRO DE ESQUADRIA COM ENCARGOS COMPLEMENTARES","SEDI - SERVIÇOS DIVERSOS",null,"H",1,19.29,19.29]
["Composição Auxiliar"," 95329 ","SINAPI","CURSO DE CAPACITAÇÃO PARA CARPINTEIRO DE ESQUADRIA (ENCARGOS COMPLEMENTARES) - HORISTA","SEDI - SERVIÇOS DIVERSOS",null,"H",1,0.15,0.15]
["Insumo"," 00001214 ","SINAPI","CARPINTEIRO DE ESQUADRIAS","Mão de Obra",null,"H",1,14.86,14.86]
["Insumo"," 00037370 ","SINAPI","ALIMENTACAO - HORISTA (COLETADO CAIXA)","Mão de Obra",null,"H",1,1.77,1.77]
["Insumo"," 00043483 ","SINAPI","EPI - FAMILIA CARPINTEIRO DE FORMAS - HORISTA (ENCARGOS COMPLEMENTARES - COLETADO CAIXA)","Mão de Obra",null,"H",1,1.08,1.08]
["Insumo"," 00037372 ","SINAPI","EXAMES - HORISTA (COLETADO CAIXA)","Mão de Obra",null,"H",1,0.35,0.35]
["Insumo"," 00043459 ","SINAPI","FERRAMENTAS - FAMILIA CARPINTEIRO DE FORMAS - HORISTA (ENCARGOS COMPLEMENTARES - COLETADO CAIXA)","Mão de Obra",null,"H",1,0.34,0.34]
["Insumo"," 00037373 ","SINAPI","SEGURO - HORISTA (COLETADO CAIXA)","Mão de Obra",null,"H",1,7.0000000000000007E-2,7.0000000000000007E-2]
["Insumo"," 00037371 ","SINAPI","TRANSPORTE - HORISTA (COLETADO CAIXA)","Mão de Obra",null,"H",1,0.67,0.67]
[{"$nulls":4},"MO sem LS =>",19.29,"LS =>",0,"MO com LS =>",19.29]
[{"$nulls":4},"Valor do BDI =>",5.320182,null,"Valor com BDI =>",null,24.61]
[]
[null,"Código","Banco","Descrição","Tipo",null,"Und","Quant.","Valor Unit","Total"]
["Composição"," 88262 ","SINAPI","CARPINTEIRO DE FORMAS COM ENCARGOS COMPLEMENTARES","SEDI - SERVIÇOS DIVERSOS",null,"H",1,19.260000000000002,19.260000000000002]
["Composição Auxiliar"," 95330 ","SINAPI","CURSO DE CAPACITAÇÃO PARA CARPINTEIRO DE FÔRMAS (ENCARGOS COMPLEMENTARES) - HORISTA","SEDI - SERVIÇOS DIVERSOS",null,"H",1,0.12,0.12]
["Insumo"," 00001213 ","SINAPI","CARPINTEIRO DE FORMAS","Mão de Obra",null,"H",1,14.86,14.86]
["Insumo"," 00037370 ","SINAPI","ALIMENTACAO - HORISTA (COLETADO CAIXA)","Mão de Obra",null,"H",1,1.77,1.77]
["Insumo"," 00043483 ","SINAPI","EPI - FAMILIA CARPINTEIRO DE FORMAS - HORISTA (ENCARGOS COMPLEMENTARES - COLETADO CAIXA)","Mão de Obra",null,"H",1,1.08,1.08]
["Insumo"," 00037372 ","SINAPI","EXAMES - HORISTA (COLETADO CAIXA)","Mão de Obra",null,"H",1,0.35,0.35]
["Insumo"," 00043459 ","SINAPI","FERRAMENTAS - FAMILIA CARPINTEIRO DE FORMAS - HORISTA (ENCARGOS COMPLEMENTARES - COLETADO CAIXA)","Mão de Obra",null,"H",1,0.34,0.34]
["Insumo"," 00037373 ","SINAPI","SEGURO - HORISTA (COLETADO CAIXA)","Mão de Obra",null,"H",1,7.0000000000000007E-2,7.0000000000000007E-2]
["Insumo"," 00037371 ","SINAPI","TRANSPORTE - HORISTA (COLETADO CAIXA)","Mão de Obra",null,"H",1,0.67,0.67]
[{"$nulls":4},"MO sem LS =>",19.260000000000002,"LS =>",0,"MO com LS =>",19.260000000000002]
[{"$nulls":4},"Valor do BDI =>",5.3119079999999999,null,"Valor com BDI =>",null,24.57]
[]
[null,"Código","Banco","Descrição","Tipo",null,"Und","Quant.","Valor Unit","Total"]
["Composição"," 87905 ","SINAPI","CHAPISCO APLICADO EM ALVENARIA (COM PRESENÇA DE VÃOS) E ESTRUTURAS DE CONCRETO DE FACHADA, COM COLHER DE PEDREIRO.  ARGAMASSA TRAÇO 1:3 COM PREPARO EM BETONEIRA 400L. AF_06/2014","REVE - REVESTIMENTO E TRATAMENTO DE SUPERFÍCIES",null,"m²",1,5.04,5.04]
["Composição Auxiliar"," 87313 ","SINAPI","ARGAMASSA TRAÇO 1:3 (EM VOLUME DE CIMENTO E AREIA GROSSA ÚMIDA) PARA CHAPISCO CONVENCIONAL, PREPARO MECÂNICO COM BETONEIRA 400 L. AF_08/2019","SEDI - SERVIÇOS DIVERSOS",null,"m³",4.1999999999999997E-3,290.75,1.22]
["Composição Auxiliar"," 88316 ","SINAPI","SERVENTE COM ENCARGOS COMPLEMENTARES","SEDI - SERVIÇOS DIVERSOS",null,"H",7.0809800000000006E-2,14.96,1.06]
["Composição Auxiliar"," 88309 ","SINAPI","PEDREIRO COM ENCARGOS COMPLEMENTARES","SEDI - SERVIÇOS DIVERSOS",null,"H",0.14239750000000001,19.399999999999999,2.76]
[{"$nulls":4},"MO sem LS =>",4.0599999999999996,"LS =>",0,"MO com LS =>",4.0599999999999996]
[{"$nulls":4},"Valor do BDI =>",1.3900319999999999,null,"Valor com BDI =>",null,6.43]
[]
[null,"Código","Banco","Descrição","Tipo",null,"Und","Quant.","Valor Unit","Total"]
["Composição"," 87903 ","SINAPI","CHAPISCO APLICADO EM ALVENARIA (COM PRESENÇA DE VÃOS) E ESTRUTURAS DE CONCRETO DE FACHADA, COM ROLO PARA TEXTURA ACRÍLICA.  ARGAMASSA INDUSTRIALIZADA COM PREPARO EM MISTURADOR 300 KG. AF_06/2014","REVE - REVESTIMENTO E TRATAMENTO DE SUPERFÍCIES",null,"m²",1,6.4,6.4]
["Composição Auxiliar"," 87393 ","SINAPI","ARGAMASSA INDUSTRIALIZADA PARA CHAPISCO ROLADO, PREPARO COM MISTURADOR DE EIXO HORIZONTAL DE 300 KG. AF_08/2019","SEDI - SERVIÇOS DIVERSOS",null,"m³",1.5E-3,2758.71,4.1399999999999997]
["Composição Auxiliar"," 88316 ","SINAPI","SERVENTE COM ENCARGOS COMPLEMENTARES","SEDI - SERVIÇOS DIVERSOS",null,"H",4.2138299999999997E-2,14.96,0.63]
["Composição Auxiliar"," 88309 ","SINAPI","PEDREIRO COM ENCARGOS COMPLEMENTARES","SEDI - SERVIÇOS DIVERSOS",null,"H",8.4276299999999998E-2,19.399999999999999,1.63]
[{"$nulls":4},"MO sem LS =>",2.35,"LS =>",0,"MO com LS =>",2.35]
[{"$nulls":4},"Valor do BDI =>",1.76512,null,"Valor com BDI =>",null,8.17]
[]
[null,"Código","Banco","Descrição","Tipo",null,"Und","Quant.","Valor Unit","Total"]
["Composição"," 87877 ","SINAPI","CHAPISCO APLICADO EM ALVENARIAS E ESTRUTURAS DE CONCRETO INTERNAS, COM ROLO PARA TEXTURA ACRÍLICA.  ARGAMASSA INDUSTRIALIZADA COM PREPARO EM MISTURADOR 300 KG. AF_06/2014","REVE - REVESTIMENTO E TRATAMENTO DE SUPERFÍCIES",null,"m²",1,4.82,4.82]
["Composição Auxiliar"," 87393 ","SINAPI","ARGAMASSA INDUSTRIALIZADA PARA CHAPISCO ROLADO, PREPARO COM MISTURADOR DE EIXO HORIZONTAL DE 300 KG. AF_08/2019","SEDI - SERVIÇOS DIVERSOS",null,"m³",1.5E-3,2758.71,4.1399999999999997]
["Composição Auxiliar"," 88316 ","SINAPI","SERVENTE COM ENCARGOS COMPLEMENTARES","SEDI - SERVIÇOS DIVERSOS",null,"H",3.2334E-3,14.96,0.05]
["Composição Auxiliar"," 88309 ","SINAPI","PEDREIRO COM ENCARGOS COMPLEMENTARES","SEDI - SERVIÇOS DIVERSOS",null,"H",3.2335500000000003E-2,19.399999999999999,0.63]
[{"$nulls":4},"MO sem LS =>",0.76,"LS =>",0.01,"MO com LS =>",0.77]
[{"$nulls":4},"Valor do BDI =>",1.329356,null,"Valor com BDI =>",null,6.15]
[]
[null,"Código","Banco","Descrição","Tipo",null,"Und","Quant.","Valor Unit","Total"]
["Composição"," C0778 ","SEINFRA","CHAPISCO C/ ARGAMASSA DE CIMENTO E AREIA  S/ PENEIRAR TRAÇO 1:3  ESP=5 mm P/ TETO","ARGAMASSAS PARA TETOS",null,"m²",1,8.89,8.89]
["Composição Auxiliar"," 88309 ","SINAPI","PEDREIRO COM ENCARGOS COMPLEMENTARES","SEDI - SERVIÇOS DIVERSOS",null,"H",0.1953763,19.399999999999999,3.79]
["Composição Auxiliar"," 88316 ","SINAPI","SERVENTE COM ENCARGOS COMPLEMENTARES","SEDI - SERVIÇOS DIVERSOS",null,"H",0.2422666,14.96,3.62]
["Insumo"," 00000370 ","SINAPI","AREIA MEDIA - POSTO JAZIDA/FORNECEDOR (RETIRADO NA JAZIDA, SEM TRANSPORTE)","Material",null,"m³",7.1999999999999998E-3,19.52,0.14000000000000001]
["Insumo"," 00001379 ","SINAPI","CIMENTO PORTLAND COMPOSTO CP II-32","Material",null,"KG",2.92,0.46,1.34]
[{"$nulls":4},"MO sem LS =>",7.41,"LS =>",0,"MO com LS =>",7.41]
[{"$nulls":4},"Valor do BDI =>",2.4518620000000002,null,"Valor com BDI =>",null,11.34]
[]
[null,"Código","Banco","Descrição","Tipo",null,"Und","Quant.","Valor Unit","Total"]
["Composição"," 90466 ","SINAPI","CHUMBAMENTO LINEAR EM ALVENARIA PARA RAMAIS/DISTRIBUIÇÃO COM DIÂMETROS MENORES OU IGUAIS A 40 MM. AF_05/2015","INHI - INSTALAÇÕES HIDROS SANITÁRIAS",null,"M",1,7.45,7.45]
["Composição Auxiliar"," 88629 ","SINAPI","ARGAMASSA TRAÇO 1:3 (EM VOLUME DE CIMENTO E AREIA MÉDIA ÚMIDA), PREPARO MANUAL. AF_08/2019","SEDI - SERVIÇOS DIVERSOS",null,"m³",3.0000000000000001E-3,343.49,1.03]
["Composição Auxiliar"," 88267 ","SINAPI","ENCANADOR OU BOMBEIRO HIDRÁULICO COM ENCARGOS COMPLEMENTARES","SEDI - SERVIÇOS DIVERSOS",null,"H",0.3052744,18.97,5.79]
["Composição Auxiliar"," 88248 ","SINAPI","AUXILIAR DE ENCANADOR OU BOMBEIRO HIDRÁULICO COM ENCARGOS COMPLEMENTARES","SEDI - SERVIÇOS DIVERSOS",null,"H",4.2941500000000001E-2,14.61,0.63]
[{"$nulls":4},"MO sem LS =>",6.72,"LS =>",0,"MO com LS =>",6.72]
[{"$nulls":4},"Valor do BDI =>",2.05471,null,"Valor com BDI =>",null,9.5]
[]
[null,"Código","Banco","Descrição","Tipo",null,"Und","Quant.","Valor Unit","Total"]
["Composição"," 100860 ","SINAPI","CHUVEIRO ELÉTRICO COMUM CORPO PLÁSTICO, TIPO DUCHA \u0096 FORNECIMENTO E INSTALAÇÃO. AF_01/2020","INHI - INSTALAÇÕES HIDROS SANITÁRIAS",null,"UN",1,50.35,50.35]
["Composição Auxiliar"," 88316 ","SINAPI","SERVENTE COM ENCARGOS COMPLEMENTARES","SEDI - SERVIÇOS DIVERSOS",null,"H",0.1097634,14.96,1.64]
["Composição Auxiliar"," 88267 ","SINAPI","ENCANADOR OU BOMBEIRO HIDRÁULICO COM ENCARGOS COMPLEMENTARES","SEDI - SERVIÇOS DIVERSOS",null,"H",0.34848109999999999,18.97,6.61]
["Insumo"," 00001368 ","SINAPI","CHUVEIRO COMUM EM PLASTICO BRANCO, COM CANO, 3 TEMPERATURAS, 5500 W (110/220 V)","Material",null,"UN",1,42.04,42.04]
["Insumo"," 00003146 ","SINAPI","FITA VEDA ROSCA EM ROLOS DE 18 MM X 10 M (L X C)","Material",null,"UN",2.1000000000000001E-2,2.73,0.06]
[{"$nulls":4},"MO sem LS =>",8.25,"LS =>",0,"MO com LS =>",8.25]
[{"$nulls":4},"Valor do BDI =>",13.88653,null,"Valor com BDI =>",null,64.239999999999995]
[]
[null,"Código","Banco","Descrição","Tipo",null,"Und","Quant.","Valor Unit","Total"]
["Composição"," V23 ","Próprio","CIMENTADO PARA PISO INCLUSIVE LASTRO ","ASTU - ASSENTAMENTO DE TUBOS E PECAS",null,"m²",1,35.19,35.19]
["Composição Auxiliar"," 94779 ","SINAPI","(COMPOSIÇÃO REPRESENTATIVA) DO SERVIÇO DE CONTRAPISO EM ARGAMASSA TRAÇO 1:4 (CIM E AREIA), EM BETONEIRA 400 L, ESPESSURA 3 CM ÁREAS SECAS E 3 CM ÁREAS MOLHADAS, PARA EDIFICAÇÃO HABITACIONAL MULTIFAMILIAR (PRÉDIO). AF_11/2014","PISO - PISOS",null,"m²",1,24.06,24.06]
["Composição Auxiliar"," 94962 ","SINAPI","CONCRETO MAGRO PARA LASTRO, TRAÇO 1:4,5:4,5 (CIMENTO/ AREIA MÉDIA/ BRITA 1)  - PREPARO MECÂNICO COM BETONEIRA 400 L. AF_07/2016","FUES - FUNDAÇÕES E ESTRUTURAS",null,"m³",0.06,185.56,11.13]
[{"$nulls":4},"MO sem LS =>",13.94,"LS =>",0.02,"MO com LS =>",13.96]
[{"$nulls":4},"Valor do BDI =>",9.7054019999999994,null,"Valor com BDI =>",null,44.9]
[]
[null,"Código","Banco","Descrição","Tipo",null,"Und","Quant.","Valor Unit","Total"]
["Composição"," 91534 ","SINAPI","COMPACTADOR DE SOLOS DE PERCUSSÃO (SOQUETE) COM MOTOR A GASOLINA 4 TEMPOS, POTÊNCIA 4 CV - CHI DIURNO. AF_08/2015","CHOR - CUSTOS HORÁRIOS DE MÁQUINAS E EQUIPAMENTOS",null,"CHI",1,16.91,16.91]
["Composição Auxiliar"," 91530 ","SINAPI","COMPACTADOR DE SOLOS DE PERCUSSÃO (SOQUETE) COM MOTOR A GASOLINA 4 TEMPOS, POTÊNCIA 4 CV - JUROS. AF_08/2015","CHOR - CUSTOS HORÁRIOS DE MÁQUINAS E EQUIPAMENTOS",null,"H",1,0.06,0.06]
["Composição Auxiliar"," 91529 ","SINAPI","COMPACTADOR DE SOLOS DE PERCUSSÃO (SOQUETE) COM MOTOR A GASOLINA 4 TEMPOS, POTÊNCIA 4 CV - DEPRECIAÇÃO. AF_08/2015","CHOR - CUSTOS HORÁRIOS DE MÁQUINAS E EQUIPAMENTOS",null,"H",1,0.4,0.4]
["Composição Auxiliar"," 88297 ","SINAPI","OPERADOR DE MÁQUINAS E EQUIPAMENTOS COM ENCARGOS COMPLEMENTARES","SEDI - SERVIÇOS DIVERSOS",null,"H",0.78087799999999996,21.07,16.45]
[{"$nulls":4},"MO sem LS =>",16.45,"LS =>",0,"MO com LS =>",16.45]
[{"$nulls":4},"Valor do BDI =>",4.6637779999999998,null,"Valor com BDI =>",null,21.57]
[]
[null,"Código","Banco","Descrição","Tipo",null,"Und","Quant.","Valor Unit","Total"]
["Composição"," 91533 ","SINAPI","COMPACTADOR DE SOLOS DE PERCUSSÃO (SOQUETE) COM MOTOR A GASOLINA 4 TEMPOS, POTÊNCIA 4 CV - CHP DIURNO. AF_08/2015","CHOR - CUSTOS HORÁRIOS DE MÁQUINAS E EQUIPAMENTOS",null,"CHP",1,20.85,20.85]
["Composição Auxiliar"," 91530 ","SINAPI","COMPACTADOR DE SOLOS DE PERCUSSÃO (SOQUETE) COM MOTOR A GASOLINA 4 TEMPOS, POTÊNCIA 4 CV - JUROS. AF_08/2015","CHOR - CUSTOS HORÁRIOS DE MÁQUINAS E EQUIPAMENTOS",null,"H",1,0.06,0.06]
["Composição Auxiliar"," 91532 ","SINAPI","COMPACTADOR DE SOLOS DE PERCUSSÃO (SOQUETE) COM MOTOR A GASOLINA 4 TEMPOS, POTÊNCIA 4 CV - MATERIAIS NA OPERAÇÃO. AF_08/2015","CHOR - CUSTOS HORÁRIOS DE MÁQUINAS E EQUIPAMENTOS",null,"H",1,3.43,3.43]
["Composição Auxiliar"," 91529 ","SINAPI","COMPACTADOR DE SOLOS DE PERCUSSÃO (SOQUETE) COM MOTOR A GASOLINA 4 TEMPOS, POTÊNCIA 4 CV - DEPRECIAÇÃO. AF_08/2015","CHOR - CUSTOS HORÁRIOS DE MÁQUINAS E EQUIPAMENTOS",null,"H",1,0.4,0.4]
["Composição Auxiliar"," 91531 ","SINAPI","COMPACTADOR DE SOLOS DE PERCUSSÃO (SOQUETE) COM MOTOR A GASOLINA 4 TEMPOS, POTÊNCIA 4 CV - MANUTENÇÃO. AF_08/2015","CHOR - CUSTOS HORÁRIOS DE MÁQUINAS E EQUIPAMENTOS",null,"H",1,0.5,0.5]
["Composição Auxiliar"," 88297 ","SINAPI","OPERADOR DE MÁQUINAS E EQUIPAMENTOS COM ENCARGOS COMPLEMENTARES","SEDI - SERVIÇOS DIVERSOS",null,"H",0.78125,21.07,16.46]
[{"$nulls":4},"MO sem LS =>",16.46,"LS =>",0,"MO com LS =>",16.46]
[{"$nulls":4},"Valor do BDI =>",5.7504299999999997,null,"Valor com BDI =>",null,26.6]
[]
[null,"Código","Banco","Descrição","Tipo",null,"Und","Quant.","Valor Unit","Total"]
["Composição"," 91529 ","SINAPI","COMPACTADOR DE SOLOS DE PERCUSSÃO (SOQUETE) COM MOTOR A GASOLINA 4 TEMPOS, POTÊNCIA 4 CV - DEPRECIAÇÃO. AF_08/2015","CHOR - CUSTOS HORÁRIOS DE MÁQUINAS E EQUIPAMENTOS",null,"H",1,0.4,0.4]
["Insumo"," 00013458 ","SINAPI","COMPACTADOR DE SOLOS DE PERCURSAO (SOQUETE) COM MOTOR A GASOLINA 4 TEMPOS DE 4 HP (4 CV)","Equipamento",null,"UN",5.3300000000000001E-5,7551.44,0.4]
[{"$nulls":4},"MO sem LS =>",0,"LS =>",0,"MO com LS =>",0]
[{"$nulls":4},"Valor do BDI =>",0.11032,null,"Valor com BDI =>",null,0.51]
[]
[null,"Código","Banco","Descrição","Tipo",null,"Und","Quant.","Valor Unit","Total"]
["Composição"," 91530 ","SINAPI","COMPACTADOR DE SOLOS DE PERCUSSÃO (SOQUETE) COM MOTOR A GASOLINA 4 TEMPOS, POTÊNCIA 4 CV - JUROS. AF_08/2015","CHOR - CUSTOS HORÁRIOS DE MÁQUINAS E EQUIPAMENTOS",null,"H",1,0.06,0.06]
["Insumo"," 00013458 ","SINAPI","COMPACTADOR DE SOLOS DE PERCURSAO (SOQUETE) COM MOTOR A GASOLINA 4 TEMPOS DE 4 HP (4 CV)","Equipamento",null,"UN",7.4000000000000003E-6,7551.44,0.06]
[{"$nulls":4},"MO sem LS =>",0,"LS =>",0,"MO com LS =>",0]
[{"$nulls":4},"Valor do BDI =>",1.6548E-2,null,"Valor com BDI =>",null,0.08]
[]
[null,"Código","Banco","Descrição","Tipo",null,"Und","Quant.","Valor Unit","Total"]
["Composição"," 91531 ","SINAPI","COMPACTADOR DE SOLOS DE PERCUSSÃO (SOQUETE) COM MOTOR A GASOLINA 4 TEMPOS, POTÊNCIA 4 CV - MANUTENÇÃO. AF_08/2015","CHOR - CUSTOS HORÁRIOS DE MÁQUINAS E EQUIPAMENTOS",null,"H",1,0.5,0.5]
["Insumo"," 00013458 ","SINAPI","COMPACTADOR DE SOLOS DE PERCURSAO (SOQUETE) COM MOTOR A GASOLINA 4 TEMPOS DE 4 HP (4 CV)","Equipamento",null,"UN",6.6699999999999995E-5,7551.44,0.5]
[{"$nulls":4},"MO sem LS =>",0,"LS =>",0,"MO com LS =>",0]
[{"$nulls":4},"Valor do BDI =>",0.13789999999999999,null,"Valor com BDI =>",null,0.64]
[]
[null,"Código","Banco","Descrição","Tipo",null,"Und","Quant.","Valor Unit","Total"]
["Composição"," 91532 ","SINAPI","COMPACTADOR DE SOLOS DE PERCUSSÃO (SOQUETE) COM MOTOR A GASOLINA 4 TEMPOS, POTÊNCIA 4 CV - MATERIAIS NA OPERAÇÃO. AF_08/2015","CHOR - CUSTOS HORÁRIOS DE MÁQUINAS E EQUIPAMENTOS",null,"H",1,3.43,3.43]
["Insumo"," 00004222 ","SINAPI","GASOLINA COMUM","Material",null,"L",1.03,3.33,3.43]
[{"$nulls":4},"MO sem LS =>",0,"LS =>",0,"MO com LS =>",0]
[{"$nulls":4},"Valor do BDI =>",0.945994,null,"Valor com BDI =>",null,4.38]
[]
[null,"Código","Banco","Descrição","Tipo",null,"Und","Quant.","Valor Unit","Total"]
["Composição"," 73361 ","SINAPI","CONCRETO CICLOPICO FCK=10MPA 30% PEDRA DE MAO INCLUSIVE LANCAMENTO","SEDI - SERVIÇOS DIVERSOS",null,"m³",1,266.19,266.19]
["Composição Auxiliar"," 90587 ","SINAPI","VIBRADOR DE IMERSÃO, DIÂMETRO DE PONTEIRA 45MM, MOTOR ELÉTRICO TRIFÁSICO POTÊNCIA DE 2 CV - CHI DIURNO. AF_06/2015","CHOR - CUSTOS HORÁRIOS DE MÁQUINAS E EQUIPAMENTOS",null,"CHI",0.56000000000000005,0.25,0.14000000000000001]
["Composição Auxiliar"," 90586 ","SINAPI","VIBRADOR DE IMERSÃO, DIÂMETRO DE PONTEIRA 45MM, MOTOR ELÉTRICO TRIFÁSICO POTÊNCIA DE 2 CV - CHP DIURNO. AF_06/2015","CHOR - CUSTOS HORÁRIOS DE MÁQUINAS E EQUIPAMENTOS",null,"CHP",0.14000000000000001,1.2,0.17]
["Composição Auxiliar"," 94962 ","SINAPI","CONCRETO MAGRO PARA LASTRO, TRAÇO 1:4,5:4,5 (CIMENTO/ AREIA MÉDIA/ BRITA 1)  - PREPARO MECÂNICO COM BETONEIRA 400 L. AF_07/2016","FUES - FUNDAÇÕES E ESTRUTURAS",null,"m³",0.7,185.56,129.88999999999999]
["Composição Auxiliar"," 88316 ","SINAPI","SERVENTE COM ENCARGOS COMPLEMENTARES","SEDI - SERVIÇOS DIVERSOS",null,"H",6.5739254999999996,14.96,98.35]
["Composição Auxiliar"," 88309 ","SINAPI","PEDREIRO COM ENCARGOS COMPLEMENTARES","SEDI - SERVIÇOS DIVERSOS",null,"H",0.36612879999999998,19.399999999999999,7.1]
["Composição Auxiliar"," 88262 ","SINAPI","CARPINTEIRO DE FORMAS COM ENCARGOS COMPLEMENTARES","SEDI - SERVIÇOS DIVERSOS",null,"H",0.36612879999999998,19.260000000000002,7.05]
["Insumo"," 00004730 ","SINAPI","PEDRA DE MAO OU PEDRA RACHAO PARA ARRIMO/FUNDACAO (POSTO PEDREIRA/FORNECEDOR, SEM FRETE)","Material",null,"m³",0.54,43.5,23.49]
[{"$nulls":4},"MO sem LS =>",145.28,"LS =>",0,"MO com LS =>",145.28]
[{"$nulls":4},"Valor do BDI =>",73.415201999999994,null,"Valor com BDI =>",null,339.61]
[]
[null,"Código","Banco","Descrição","Tipo",null,"Und","Quant.","Valor Unit","Total"]
["Composição"," 94964 ","SINAPI","CONCRETO FCK = 20MPA, TRAÇO 1:2,7:3 (CIMENTO/ AREIA MÉDIA/ BRITA 1)  - PREPARO MECÂNICO COM BETONEIRA 400 L. AF_07/2016","FUES - FUNDAÇÕES E ESTRUTURAS",null,"m³",1,239.57,239.57]
["Composição Auxiliar"," 88831 ","SINAPI","BETONEIRA CAPACIDADE NOMINAL DE 400 L, CAPACIDADE DE MISTURA 280 L, MOTOR ELÉTRICO TRIFÁSICO POTÊNCIA DE 2 CV, SEM CARREGADOR - CHI DIURNO. AF_10/2014","CHOR - CUSTOS HORÁRIOS DE MÁQUINAS E EQUIPAMENTOS",null,"CHI",0.78,0.2,0.16]
["Composição Auxiliar"," 88830 ","SINAPI","BETONEIRA CAPACIDADE NOMINAL DE 400 L, CAPACIDADE DE MISTURA 280 L, MOTOR ELÉTRICO TRIFÁSICO POTÊNCIA DE 2 CV, SEM CARREGADOR - CHP DIURNO. AF_10/2014","CHOR - CUSTOS HORÁRIOS DE MÁQUINAS E EQUIPAMENTOS",null,"CHP",0.83,1.1499999999999999,0.95]
["Composição Auxiliar"," 88316 ","SINAPI","SERVENTE COM ENCARGOS COMPLEMENTARES","SEDI - SERVIÇOS DIVERSOS",null,"H",1.9853501,14.96,29.7]
["Composição Auxiliar"," 88377 ","SINAPI","OPERADOR DE BETONEIRA ESTACIONÁRIA/MISTURADOR COM ENCARGOS COMPLEMENTARES","SEDI - SERVIÇOS DIVERSOS",null,"H",1.2555573,16.73,21.01]
["Insumo"," 00000370 ","SINAPI","AREIA MEDIA - POSTO JAZIDA/FORNECEDOR (RETIRADO NA JAZIDA, SEM TRANSPORTE)","Material",null,"m³",0.75580000000000003,19.52,14.75]
["Insumo"," 00001379 ","SINAPI","CIMENTO PORTLAND COMPOSTO CP II-32","Material",null,"KG",322.98,0.46,148.57]
["Insumo"," 00004721 ","SINAPI","PEDRA BRITADA N. 1 (9,5 a 19 MM) POSTO PEDREIRA/FORNECEDOR, SEM FRETE","Material",null,"m³",0.58699999999999997,41.61,24.43]
[{"$nulls":4},"MO sem LS =>",50.71,"LS =>",0,"MO com LS =>",50.71]
[{"$nulls":4},"Valor do BDI =>",66.073406000000006,null,"Valor com BDI =>",null,305.64]
[]
[null,"Código","Banco","Descrição","Tipo",null,"Und","Quant.","Valor Unit","Total"]
["Composição"," 94970 ","SINAPI","CONCRETO FCK = 20MPA, TRAÇO 1:2,7:3 (CIMENTO/ AREIA MÉDIA/ BRITA 1)  - PREPARO MECÂNICO COM BETONEIRA 600 L. AF_07/2016","FUES - FUNDAÇÕES E ESTRUTURAS",null,"m³",1,232.23,232.23]
["Composição Auxiliar"," 89225 ","SINAPI","BETONEIRA CAPACIDADE NOMINAL DE 600 L, CAPACIDADE DE MISTURA 360 L, MOTOR ELÉTRICO TRIFÁSICO POTÊNCIA DE 4 CV, SEM CARREGADOR - CHP DIURNO. AF_11/2014","CHOR - CUSTOS HORÁRIOS DE MÁQUINAS E EQUIPAMENTOS",null,"CHP",0.66,3.09,2.04]
["Composição Auxiliar"," 89226 ","SINAPI","BETONEIRA CAPACIDADE NOMINAL DE 600 L, CAPACIDADE DE MISTURA 360 L, MOTOR ELÉTRICO TRIFÁSICO POTÊNCIA DE 4 CV, SEM CARREGADOR - CHI DIURNO. AF_11/2014","CHOR - CUSTOS HORÁRIOS DE MÁQUINAS E EQUIPAMENTOS",null,"CHI",0.62,0.84,0.52]
["Composição Auxiliar"," 88316 ","SINAPI","SERVENTE COM ENCARGOS COMPLEMENTARES","SEDI - SERVIÇOS DIVERSOS",null,"H",1.5939247999999999,14.96,23.85]
["Composição Auxiliar"," 88377 ","SINAPI","OPERADOR DE BETONEIRA ESTACIONÁRIA/MISTURADOR COM ENCARGOS COMPLEMENTARES","SEDI - SERVIÇOS DIVERSOS",null,"H",1.0050364000000001,16.73,16.809999999999999]
["Insumo"," 00000370 ","SINAPI","AREIA MEDIA - POSTO JAZIDA/FORNECEDOR (RETIRADO NA JAZIDA, SEM TRANSPORTE)","Material",null,"m³",0.76100000000000001,19.52,14.85]
["Insumo"," 00001379 ","SINAPI","CIMENTO PORTLAND COMPOSTO CP II-32","Material",null,"KG",325.16000000000003,0.46,149.57]
["Insumo"," 00004721 ","SINAPI","PEDRA BRITADA N. 1 (9,5 a 19 MM) POSTO PEDREIRA/FORNECEDOR, SEM FRETE","Material",null,"m³",0.59099999999999997,41.61,24.59]
[{"$nulls":4},"MO sem LS =>",40.659999999999997,"LS =>",0,"MO com LS =>",40.659999999999997]
[{"$nulls":4},"Valor do BDI =>",64.049034000000006,null,"Valor com BDI =>",null,296.27999999999997]
[]
[null,"Código","Banco","Descrição","Tipo",null,"Und","Quant.","Valor Unit","Total"]
["Composição"," 94971 ","SINAPI","CONCRETO FCK = 25MPA, TRAÇO 1:2,3:2,7 (CIMENTO/ AREIA MÉDIA/ BRITA 1)  - PREPARO MECÂNICO COM BETONEIRA 600 L. AF_07/2016","FUES - FUNDAÇÕES E ESTRUTURAS",null,"m³",1,249.09,249.09]
["Composição Auxiliar"," 89225 ","SINAPI","BETONEIRA CAPACIDADE NOMINAL DE 600 L, CAPACIDADE DE MISTURA 360 L, MOTOR ELÉTRICO TRIFÁSICO POTÊNCIA DE 4 CV, SEM CARREGADOR - CHP DIURNO. AF_11/2014","CHOR - CUSTOS HORÁRIOS DE MÁQUINAS E EQUIPAMENTOS",null,"CHP",0.64,3.09,1.98]
["Composição Auxiliar"," 89226 ","SINAPI","BETONEIRA CAPACIDADE NOMINAL DE 600 L, CAPACIDADE DE MISTURA 360 L, MOTOR ELÉTRICO TRIFÁSICO POTÊNCIA DE 4 CV, SEM CARREGADOR - CHI DIURNO. AF_11/2014","CHOR - CUSTOS HORÁRIOS DE MÁQUINAS E EQUIPAMENTOS",null,"CHI",0.61,0.84,0.51]
["Composição Auxiliar"," 88316 ","SINAPI","SERVENTE COM ENCARGOS COMPLEMENTARES","SEDI - SERVIÇOS DIVERSOS",null,"H",1.5556924999999999,14.96,23.27]
["Composição Auxiliar"," 88377 ","SINAPI","OPERADOR DE BETONEIRA ESTACIONÁRIA/MISTURADOR COM ENCARGOS COMPLEMENTARES","SEDI - SERVIÇOS DIVERSOS",null,"H",0.98212909999999998,16.73,16.43]
["Insumo"," 00000370 ","SINAPI","AREIA MEDIA - POSTO JAZIDA/FORNECEDOR (RETIRADO NA JAZIDA, SEM TRANSPORTE)","Material",null,"m³",0.72699999999999998,19.52,14.19]
["Insumo"," 00001379 ","SINAPI","CIMENTO PORTLAND COMPOSTO CP II-32","Material",null,"KG",364.94,0.46,167.87]
["Insumo"," 00004721 ","SINAPI","PEDRA BRITADA N. 1 (9,5 a 19 MM) POSTO PEDREIRA/FORNECEDOR, SEM FRETE","Material",null,"m³",0.59699999999999998,41.61,24.84]
[{"$nulls":4},"MO sem LS =>",39.700000000000003,"LS =>",0,"MO com LS =>",39.700000000000003]
[{"$nulls":4},"Valor do BDI =>",68.699021999999999,null,"Valor com BDI =>",null,317.79000000000002]
[]
[null,"Código","Banco","Descrição","Tipo",null,"Und","Quant.","Valor Unit","Total"]
["Composição"," 94966 ","SINAPI","CONCRETO FCK = 30MPA, TRAÇO 1:2,1:2,5 (CIMENTO/ AREIA MÉDIA/ BRITA 1)  - PREPARO MECÂNICO COM BETONEIRA 400 L. AF_07/2016","FUES - FUNDAÇÕES E ESTRUTURAS",null,"m³",1,264.31,264.31]
["Composição Auxiliar"," 88831 ","SINAPI","BETONEIRA CAPACIDADE NOMINAL DE 400 L, CAPACIDADE DE MISTURA 280 L, MOTOR ELÉTRICO TRIFÁSICO POTÊNCIA DE 2 CV, SEM CARREGADOR - CHI DIURNO. AF_10/2014","CHOR - CUSTOS HORÁRIOS DE MÁQUINAS E EQUIPAMENTOS",null,"CHI",0.7,0.2,0.14000000000000001]
["Composição Auxiliar"," 88830 ","SINAPI","BETONEIRA CAPACIDADE NOMINAL DE 400 L, CAPACIDADE DE MISTURA 280 L, MOTOR ELÉTRICO TRIFÁSICO POTÊNCIA DE 2 CV, SEM CARREGADOR - CHP DIURNO. AF_10/2014","CHOR - CUSTOS HORÁRIOS DE MÁQUINAS E EQUIPAMENTOS",null,"CHP",0.75,1.1499999999999999,0.86]
["Composição Auxiliar"," 88316 ","SINAPI","SERVENTE COM ENCARGOS COMPLEMENTARES","SEDI - SERVIÇOS DIVERSOS",null,"H",1.8073903,14.96,27.04]
["Composição Auxiliar"," 88377 ","SINAPI","OPERADOR DE BETONEIRA ESTACIONÁRIA/MISTURADOR COM ENCARGOS COMPLEMENTARES","SEDI - SERVIÇOS DIVERSOS",null,"H",1.1394416999999999,16.73,19.059999999999999]
["Insumo"," 00000370 ","SINAPI","AREIA MEDIA - POSTO JAZIDA/FORNECEDOR (RETIRADO NA JAZIDA, SEM TRANSPORTE)","Material",null,"m³",0.70799999999999996,19.52,13.82]
["Insumo"," 00001379 ","SINAPI","CIMENTO PORTLAND COMPOSTO CP II-32","Material",null,"KG",388.88,0.46,178.88]
["Insumo"," 00004721 ","SINAPI","PEDRA BRITADA N. 1 (9,5 a 19 MM) POSTO PEDREIRA/FORNECEDOR, SEM FRETE","Material",null,"m³",0.58899999999999997,41.61,24.51]
[{"$nulls":4},"MO sem LS =>",46.1,"LS =>",0,"MO com LS =>",46.1]
[{"$nulls":4},"Valor do BDI =>",72.896698000000001,null,"Valor com BDI =>",null,337.21]
[]
[null,"Código","Banco","Descrição","Tipo",null,"Und","Quant.","Valor Unit","Total"]
["Composição"," 94974 ","SINAPI","CONCRETO MAGRO PARA LASTRO, TRAÇO 1:4,5:4,5 (CIMENTO/ AREIA MÉDIA/ BRITA 1)  - PREPARO MANUAL. AF_07/2016","FUES - FUNDAÇÕES E ESTRUTURAS",null,"m³",1,258.99,258.99]
["Composição Auxiliar"," 88316 ","SINAPI","SERVENTE COM ENCARGOS COMPLEMENTARES","SEDI - SERVIÇOS DIVERSOS",null,"H",7.8180839999999998,14.96,116.96]
["Insumo"," 00000370 ","SINAPI","AREIA MEDIA - POSTO JAZIDA/FORNECEDOR (RETIRADO NA JAZIDA, SEM TRANSPORTE)","Material",null,"m³",0.85299999999999998,19.52,16.649999999999999]
["Insumo"," 00001379 ","SINAPI","CIMENTO PORTLAND COMPOSTO CP II-32","Material",null,"KG",218.65,0.46,100.58]
["Insumo"," 00004721 ","SINAPI","PEDRA BRITADA N. 1 (9,5 a 19 MM) POSTO PEDREIRA/FORNECEDOR, SEM FRETE","Material",null,"m³",0.59599999999999997,41.61,24.8]
[{"$nulls":4},"MO sem LS =>",116.96,"LS =>",0,"MO com LS =>",116.96]
[{"$nulls":4},"Valor do BDI =>",71.429441999999995,null,"Valor com BDI =>",null,330.42]
[]
[null,"Código","Banco","Descrição","Tipo",null,"Und","Quant.","Valor Unit","Total"]
["Composição"," 94962 ","SINAPI","CONCRETO MAGRO PARA LASTRO, TRAÇO 1:4,5:4,5 (CIMENTO/ AREIA MÉDIA/ BRITA 1)  - PREPARO MECÂNICO COM BETONEIRA 400 L. AF_07/2016","FUES - FUNDAÇÕES E ESTRUTURAS",null,"m³",1,185.56,185.56]
["Composição Auxiliar"," 88831 ","SINAPI","BETONEIRA CAPACIDADE NOMINAL DE 400 L, CAPACIDADE DE MISTURA 280 L, MOTOR ELÉTRICO TRIFÁSICO POTÊNCIA DE 2 CV, SEM CARREGADOR - CHI DIURNO. AF_10/2014","CHOR - CUSTOS HORÁRIOS DE MÁQUINAS E EQUIPAMENTOS",null,"CHI",0.72,0.2,0.14000000000000001]
["Composição Auxiliar"," 88830 ","SINAPI","BETONEIRA CAPACIDADE NOMINAL DE 400 L, CAPACIDADE DE MISTURA 280 L, MOTOR ELÉTRICO TRIFÁSICO POTÊNCIA DE 2 CV, SEM CARREGADOR - CHP DIURNO. AF_10/2014","CHOR - CUSTOS HORÁRIOS DE MÁQUINAS E EQUIPAMENTOS",null,"CHP",0.76,1.1499999999999999,0.87]
["Composição Auxiliar"," 88316 ","SINAPI","SERVENTE COM ENCARGOS COMPLEMENTARES","SEDI - SERVIÇOS DIVERSOS",null,"H",1.8337197000000001,14.96,27.43]
["Composição Auxiliar"," 88377 ","SINAPI","OPERADOR DE BETONEIRA ESTACIONÁRIA/MISTURADOR COM ENCARGOS COMPLEMENTARES","SEDI - SERVIÇOS DIVERSOS",null,"H",1.1597885999999999,16.73,19.399999999999999]
["Insumo"," 00000370 ","SINAPI","AREIA MEDIA - POSTO JAZIDA/FORNECEDOR (RETIRADO NA JAZIDA, SEM TRANSPORTE)","Material",null,"m³",0.82699999999999996,19.52,16.14]
["Insumo"," 00001379 ","SINAPI","CIMENTO PORTLAND COMPOSTO CP II-32","Material",null,"KG",212.02,0.46,97.53]
["Insumo"," 00004721 ","SINAPI","PEDRA BRITADA N. 1 (9,5 a 19 MM) POSTO PEDREIRA/FORNECEDOR, SEM FRETE","Material",null,"m³",0.57799999999999996,41.61,24.05]
[{"$nulls":4},"MO sem LS =>",46.83,"LS =>",0,"MO com LS =>",46.83]
[{"$nulls":4},"Valor do BDI =>",51.177447999999998,null,"Valor com BDI =>",null,236.74]
[]
[null,"Código","Banco","Descrição","Tipo",null,"Und","Quant.","Valor Unit","Total"]
["Composição"," 94968 ","SINAPI","CONCRETO MAGRO PARA LASTRO, TRAÇO 1:4,5:4,5 (CIMENTO/ AREIA MÉDIA/ BRITA 1)  - PREPARO MECÂNICO COM BETONEIRA 600 L. AF_07/2016","FUES - FUNDAÇÕES E ESTRUTURAS",null,"m³",1,183.49,183.49]
["Composição Auxiliar"," 89225 ","SINAPI","BETONEIRA CAPACIDADE NOMINAL DE 600 L, CAPACIDADE DE MISTURA 360 L, MOTOR ELÉTRICO TRIFÁSICO POTÊNCIA DE 4 CV, SEM CARREGADOR - CHP DIURNO. AF_11/2014","CHOR - CUSTOS HORÁRIOS DE MÁQUINAS E EQUIPAMENTOS",null,"CHP",0.69,3.09,2.13]
["Composição Auxiliar"," 89226 ","SINAPI","BETONEIRA CAPACIDADE NOMINAL DE 600 L, CAPACIDADE DE MISTURA 360 L, MOTOR ELÉTRICO TRIFÁSICO POTÊNCIA DE 4 CV, SEM CARREGADOR - CHI DIURNO. AF_11/2014","CHOR - CUSTOS HORÁRIOS DE MÁQUINAS E EQUIPAMENTOS",null,"CHI",0.65,0.84,0.55000000000000004]
["Composição Auxiliar"," 88316 ","SINAPI","SERVENTE COM ENCARGOS COMPLEMENTARES","SEDI - SERVIÇOS DIVERSOS",null,"H",1.653259,14.96,24.73]
["Composição Auxiliar"," 88377 ","SINAPI","OPERADOR DE BETONEIRA ESTACIONÁRIA/MISTURADOR COM ENCARGOS COMPLEMENTARES","SEDI - SERVIÇOS DIVERSOS",null,"H",1.0421016000000001,16.73,17.43]
["Insumo"," 00000370 ","SINAPI","AREIA MEDIA - POSTO JAZIDA/FORNECEDOR (RETIRADO NA JAZIDA, SEM TRANSPORTE)","Material",null,"m³",0.83199999999999996,19.52,16.239999999999998]
["Insumo"," 00001379 ","SINAPI","CIMENTO PORTLAND COMPOSTO CP II-32","Material",null,"KG",213.45,0.46,98.19]
["Insumo"," 00004721 ","SINAPI","PEDRA BRITADA N. 1 (9,5 a 19 MM) POSTO PEDREIRA/FORNECEDOR, SEM FRETE","Material",null,"m³",0.58199999999999996,41.61,24.22]
[{"$nulls":4},"MO sem LS =>",42.16,"LS =>",0,"MO com LS =>",42.16]
[{"$nulls":4},"Valor do BDI =>",50.606541999999997,null,"Valor com BDI =>",null,234.1]
[]
[null,"Código","Banco","Descrição","Tipo",null,"Und","Quant.","Valor Unit","Total"]
["Composição"," C0840 ","SEINFRA","CONCRETO P/VIBR., FCK 15 MPa COM AGREGADO ADQUIRIDO","CONCRETOS",null,"m³",1,259.83999999999997,259.83999999999997]
["Composição Auxiliar"," 88316 ","SINAPI","SERVENTE COM ENCARGOS COMPLEMENTARES","SEDI - SERVIÇOS DIVERSOS",null,"H",4.6980624000000004,14.96,70.28]
["Composição Auxiliar"," 89225 ","SINAPI","BETONEIRA CAPACIDADE NOMINAL DE 600 L, CAPACIDADE DE MISTURA 360 L, MOTOR ELÉTRICO TRIFÁSICO POTÊNCIA DE 4 CV, SEM CARREGADOR - CHP DIURNO. AF_11/2014","CHOR - CUSTOS HORÁRIOS DE MÁQUINAS E EQUIPAMENTOS",null,"CHP",0.71399999999999997,3.09,2.21]
["Insumo"," 00000370 ","SINAPI","AREIA MEDIA - POSTO JAZIDA/FORNECEDOR (RETIRADO NA JAZIDA, SEM TRANSPORTE)","Material",null,"m³",0.88719999999999999,19.52,17.32]
["Insumo"," 00001379 ","SINAPI","CIMENTO PORTLAND COMPOSTO CP II-32","Material",null,"KG",294,0.46,135.24]
["Insumo"," 00004721 ","SINAPI","PEDRA BRITADA N. 1 (9,5 a 19 MM) POSTO PEDREIRA/FORNECEDOR, SEM FRETE","Material",null,"m³",0.83599999999999997,41.61,34.79]
[{"$nulls":4},"MO sem LS =>",70.28,"LS =>",0,"MO com LS =>",70.28]
[{"$nulls":4},"Valor do BDI =>",71.663871999999998,null,"Valor com BDI =>",null,331.5]
[]
[null,"Código","Banco","Descrição","Tipo",null,"Und","Quant.","Valor Unit","Total"]
["Composição"," 95805 ","SINAPI","CONDULETE DE PVC, TIPO B, PARA ELETRODUTO DE PVC SOLDÁVEL DN 25 MM (3/4''), APARENTE - FORNECIMENTO E INSTALAÇÃO. AF_11/2016","INEL - INSTALAÇÃO ELÉTRICA/ELETRIFICAÇÃO E ILUMINAÇÃO EXTERNA",null,"UN",1,13.56,13.56]
["Composição Auxiliar"," 88264 ","SINAPI","ELETRICISTA COM ENCARGOS COMPLEMENTARES","SEDI - SERVIÇOS DIVERSOS",null,"H",0.22554099999999999,19.579999999999998,4.42]
["Composição Auxiliar"," 88247 ","SINAPI","AUXILIAR DE ELETRICISTA COM ENCARGOS COMPLEMENTARES","SEDI - SERVIÇOS DIVERSOS",null,"H",0.22554099999999999,15.16,3.42]
["Insumo"," 00011950 ","SINAPI","BUCHA DE NYLON SEM ABA S6, COM PARAFUSO DE 4,20 X 40 MM EM ACO ZINCADO COM ROSCA SOBERBA, CABECA CHATA E FENDA PHILLIPS","Material",null,"UN",2,0.09,0.18]
["Insumo"," 00012010 ","SINAPI","CONDULETE EM PVC, TIPO \"B\", SEM TAMPA, DE 1/2\" OU 3/4\"","Material",null,"UN",1,5.54,5.54]
[{"$nulls":4},"MO sem LS =>",7.84,"LS =>",0,"MO com LS =>",7.84]
[{"$nulls":4},"Valor do BDI =>",3.7398479999999998,null,"Valor com BDI =>",null,17.3]
[]
[null,"Código","Banco","Descrição","Tipo",null,"Und","Quant.","Valor Unit","Total"]
["Composição"," 95811 ","SINAPI","CONDULETE DE PVC, TIPO LB, PARA ELETRODUTO DE PVC SOLDÁVEL DN 25 MM (3/4''), APARENTE - FORNECIMENTO E INSTALAÇÃO. AF_11/2016","INEL - INSTALAÇÃO ELÉTRICA/ELETRIFICAÇÃO E ILUMINAÇÃO EXTERNA",null,"UN",1,8.69,8.69]
["Composição Auxiliar"," 88264 ","SINAPI","ELETRICISTA COM ENCARGOS COMPLEMENTARES","SEDI - SERVIÇOS DIVERSOS",null,"H",7.4468599999999996E-2,19.579999999999998,1.46]
["Composição Auxiliar"," 88247 ","SINAPI","AUXILIAR DE ELETRICISTA COM ENCARGOS COMPLEMENTARES","SEDI - SERVIÇOS DIVERSOS",null,"H",7.4468599999999996E-2,15.16,1.1299999999999999]
["Insumo"," 00012016 ","SINAPI","CONDULETE EM PVC, TIPO \"LB\", SEM TAMPA, DE 1/2\" OU 3/4\"","Material",null,"UN",1,6.1,6.1]
[{"$nulls":4},"MO sem LS =>",2.59,"LS =>",0,"MO com LS =>",2.59]
[{"$nulls":4},"Valor do BDI =>",2.3967019999999999,null,"Valor com BDI =>",null,11.09]
[]
[null,"Código","Banco","Descrição","Tipo",null,"Und","Quant.","Valor Unit","Total"]
["Composição"," 94483 ","SINAPI","CONJUNTO HIDRÁULICO PARA INSTALAÇÃO DE BOMBA EM AÇO ROSCÁVEL, DN SUCÇÃO 32 (1 1/4\u0094) E DN RECALQUE 25 (1\u0094), PARA EDIFICAÇÃO ATÉ 4 PAVIMENTOS \u0096 FORNECIMENTO E INSTALAÇÃO. AF_06/2016","INHI - INSTALAÇÕES HIDROS SANITÁRIAS",null,"UN",1,636.79,636.79]
["Composição Auxiliar"," 88267 ","SINAPI","ENCANADOR OU BOMBEIRO HIDRÁULICO COM ENCARGOS COMPLEMENTARES","SEDI - SERVIÇOS DIVERSOS",null,"H",10.288154,18.97,195.17]
["Composição Auxiliar"," 88248 ","SINAPI","AUXILIAR DE ENCANADOR OU BOMBEIRO HIDRÁULICO COM ENCARGOS COMPLEMENTARES","SEDI - SERVIÇOS DIVERSOS",null,"H",10.288154,14.61,150.31]
["Insumo"," 00003457 ","SINAPI","COTOVELO 90 GRAUS DE FERRO GALVANIZADO, COM ROSCA BSP, DE 1 1/4\"","Material",null,"UN",1,10.36,10.36]
["Insumo"," 00003472 ","SINAPI","COTOVELO 90 GRAUS DE FERRO GALVANIZADO, COM ROSCA BSP, DE 1\"","Material",null,"UN",1,6.61,6.61]
["Insumo"," 00003148 ","SINAPI","FITA VEDA ROSCA EM ROLOS DE 18 MM X 50 M (L X C)","Material",null,"UN",0.27600000000000002,10.07,2.78]
["Insumo"," 00007307 ","SINAPI","FUNDO ANTICORROSIVO PARA METAIS FERROSOS (ZARCAO)","Material",null,"L",3.1E-2,18.53,0.56999999999999995]
["Insumo"," 00004180 ","SINAPI","NIPLE DE FERRO GALVANIZADO, COM ROSCA BSP, DE 1 1/4\"","Material",null,"UN",2,7.22,14.44]
["Insumo"," 00004178 ","SINAPI","NIPLE DE FERRO GALVANIZADO, COM ROSCA BSP, DE 3/4\"","Material",null,"UN",2,3.32,6.64]
["Insumo"," 00006017 ","SINAPI","REGISTRO GAVETA BRUTO EM LATAO FORJADO, BITOLA 1 1/4 \" (REF 1509)","Material",null,"UN",1,41.02,41.02]
["Insumo"," 00004189 ","SINAPI","NIPLE DE REDUCAO DE FERRO GALVANIZADO, COM ROSCA BSP, DE 1\" X 3/4\"","Material",null,"UN",1,5.97,5.97]
["Insumo"," 00004206 ","SINAPI","NIPLE DE REDUCAO DE FERRO GALVANIZADO, COM ROSCA BSP, DE 1 1/4\" X 1\"","Material",null,"UN",1,9.9,9.9]
["Insumo"," 00006019 ","SINAPI","REGISTRO GAVETA BRUTO EM LATAO FORJADO, BITOLA 1 \" (REF 1509)","Material",null,"UN",1,30.1,30.1]
["Insumo"," 00004179 ","SINAPI","NIPLE DE FERRO GALVANIZADO, COM ROSCA BSP, DE 1\"","Material",null,"UN",3,4.9000000000000004,14.7]
["Insumo"," 00007698 ","SINAPI","TUBO ACO GALVANIZADO COM COSTURA, CLASSE MEDIA, DN 1.1/4\", E = *3,25* MM, PESO *3,14* KG/M (NBR 5580)","Material",null,"M",0.41599999999999998,20.29,8.44]
["Insumo"," 00021010 ","SINAPI","TUBO ACO GALVANIZADO COM COSTURA, CLASSE LEVE, DN 25 MM ( 1\"),  E = 2,65 MM,  *2,11* KG/M (NBR 5580)","Material",null,"M",0.312,14.62,4.5599999999999996]
["Insumo"," 00009885 ","SINAPI","UNIAO DE FERRO GALVANIZADO, COM ROSCA BSP, COM ASSENTO PLANO, DE 3/4\"","Material",null,"UN",1,13.65,13.65]
["Insumo"," 00009888 ","SINAPI","UNIAO DE FERRO GALVANIZADO, COM ROSCA BSP, COM ASSENTO PLANO, DE 1 1/4\"","Material",null,"UN",2,23.62,47.24]
["Insumo"," 00010418 ","SINAPI","VALVULA DE RETENCAO VERTICAL, DE BRONZE (PN-16), 1\", 200 PSI, EXTREMIDADES COM ROSCA","Material",null,"UN",1,28.94,28.94]
["Insumo"," 00010233 ","SINAPI","VALVULA DE RETENCAO DE BRONZE, PE COM CRIVOS, EXTREMIDADE COM ROSCA, DE 1 1/4\", PARA FUNDO DE POCO","Material",null,"UN",1,45.39,45.39]
[{"$nulls":4},"MO sem LS =>",345.48,"LS =>",0,"MO com LS =>",345.48]
[{"$nulls":4},"Valor do BDI =>",175.62668199999999,null,"Valor com BDI =>",null,812.42]
[]
[null,"Código","Banco","Descrição","Tipo",null,"Und","Quant.","Valor Unit","Total"]
["Composição"," 87755 ","SINAPI","CONTRAPISO EM ARGAMASSA TRAÇO 1:4 (CIMENTO E AREIA), PREPARO MECÂNICO COM BETONEIRA 400 L, APLICADO EM ÁREAS MOLHADAS SOBRE IMPERMEABILIZAÇÃO, ESPESSURA 3CM. AF_06/2014","PISO - PISOS",null,"m²",1,27.16,27.16]
["Composição Auxiliar"," 87301 ","SINAPI","ARGAMASSA TRAÇO 1:4 (EM VOLUME DE CIMENTO E AREIA MÉDIA ÚMIDA) PARA CONTRAPISO, PREPARO MECÂNICO COM BETONEIRA 400 L. AF_08/2019","SEDI - SERVIÇOS DIVERSOS",null,"m³",4.3099999999999999E-2,303.83,13.1]
["Composição Auxiliar"," 88316 ","SINAPI","SERVENTE COM ENCARGOS COMPLEMENTARES","SEDI - SERVIÇOS DIVERSOS",null,"H",0.25732749999999999,14.96,3.85]
["Composição Auxiliar"," 88309 ","SINAPI","PEDREIRO COM ENCARGOS COMPLEMENTARES","SEDI - SERVIÇOS DIVERSOS",null,"H",0.51465470000000002,19.399999999999999,9.98]
["Insumo"," 00001379 ","SINAPI","CIMENTO PORTLAND COMPOSTO CP II-32","Material",null,"KG",0.5,0.46,0.23]
[{"$nulls":4},"MO sem LS =>",16.579999999999998,"LS =>",0,"MO com LS =>",16.579999999999998]
[{"$nulls":4},"Valor do BDI =>",7.4907279999999998,null,"Valor com BDI =>",null,34.65]
[]
[null,"Código","Banco","Descrição","Tipo",null,"Und","Quant.","Valor Unit","Total"]
["Composição"," 87745 ","SINAPI","CONTRAPISO EM ARGAMASSA TRAÇO 1:4 (CIMENTO E AREIA), PREPARO MECÂNICO COM BETONEIRA 400 L, APLICADO EM ÁREAS MOLHADAS SOBRE LAJE, ADERIDO, ESPESSURA 3CM. AF_06/2014","PISO - PISOS",null,"m²",1,29.18,29.18]
["Composição Auxiliar"," 87301 ","SINAPI","ARGAMASSA TRAÇO 1:4 (EM VOLUME DE CIMENTO E AREIA MÉDIA ÚMIDA) PARA CONTRAPISO, PREPARO MECÂNICO COM BETONEIRA 400 L. AF_08/2019","SEDI - SERVIÇOS DIVERSOS",null,"m³",4.3099999999999999E-2,303.83,13.1]
["Composição Auxiliar"," 88316 ","SINAPI","SERVENTE COM ENCARGOS COMPLEMENTARES","SEDI - SERVIÇOS DIVERSOS",null,"H",0.24593090000000001,14.96,3.68]
["Composição Auxiliar"," 88309 ","SINAPI","PEDREIRO COM ENCARGOS COMPLEMENTARES","SEDI - SERVIÇOS DIVERSOS",null,"H",0.49186190000000002,19.399999999999999,9.5399999999999991]
["Insumo"," 00007334 ","SINAPI","ADITIVO ADESIVO LIQUIDO PARA ARGAMASSAS DE REVESTIMENTOS CIMENTICIOS","Material",null,"L",0.435,6.05,2.63]
["Insumo"," 00001379 ","SINAPI","CIMENTO PORTLAND COMPOSTO CP II-32","Material",null,"KG",0.5,0.46,0.23]
[{"$nulls":4},"MO sem LS =>",15.97,"LS =>",0,"MO com LS =>",15.97]
[{"$nulls":4},"Valor do BDI =>",8.0478439999999996,null,"Valor com BDI =>",null,37.229999999999997]
[]
[null,"Código","Banco","Descrição","Tipo",null,"Und","Quant.","Valor Unit","Total"]
["Composição"," 87630 ","SINAPI","CONTRAPISO EM ARGAMASSA TRAÇO 1:4 (CIMENTO E AREIA), PREPARO MECÂNICO COM BETONEIRA 400 L, APLICADO EM ÁREAS SECAS SOBRE LAJE, ADERIDO, ESPESSURA 3CM. AF_06/2014","PISO - PISOS",null,"m²",1,22.85,22.85]
["Composição Auxiliar"," 87301 ","SINAPI","ARGAMASSA TRAÇO 1:4 (EM VOLUME DE CIMENTO E AREIA MÉDIA ÚMIDA) PARA CONTRAPISO, PREPARO MECÂNICO COM BETONEIRA 400 L. AF_08/2019","SEDI - SERVIÇOS DIVERSOS",null,"m³",4.3099999999999999E-2,303.83,13.1]
["Composição Auxiliar"," 88316 ","SINAPI","SERVENTE COM ENCARGOS COMPLEMENTARES","SEDI - SERVIÇOS DIVERSOS",null,"H",0.12806339999999999,14.96,1.92]
["Composição Auxiliar"," 88309 ","SINAPI","PEDREIRO COM ENCARGOS COMPLEMENTARES","SEDI - SERVIÇOS DIVERSOS",null,"H",0.25612610000000002,19.399999999999999,4.97]
["Insumo"," 00007334 ","SINAPI","ADITIVO ADESIVO LIQUIDO PARA ARGAMASSAS DE REVESTIMENTOS CIMENTICIOS","Material",null,"L",0.435,6.05,2.63]
["Insumo"," 00001379 ","SINAPI","CIMENTO PORTLAND COMPOSTO CP II-32","Material",null,"KG",0.5,0.46,0.23]
[{"$nulls":4},"MO sem LS =>",9.6300000000000008,"LS =>",0.01,"MO com LS =>",9.64]
[{"$nulls":4},"Valor do BDI =>",6.3020300000000002,null,"Valor com BDI =>",null,29.15]
[]
[null,"Código","Banco","Descrição","Tipo",null,"Und","Quant.","Valor Unit","Total"]
["Composição"," 92795 ","SINAPI","CORTE E DOBRA DE AÇO CA-50, DIÂMETRO DE 12,5 MM, UTILIZADO EM ESTRUTURAS DIVERSAS, EXCETO LAJES. AF_12/2015","FUES - FUNDAÇÕES E ESTRUTURAS",null,"KG",1,3.52,3.52]
["Composição Auxiliar"," 88238 ","SINAPI","AJUDANTE DE ARMADOR COM ENCARGOS COMPLEMENTARES","SEDI - SERVIÇOS DIVERSOS",null,"H",7.8439999999999998E-4,14.95,0.01]
["Composição Auxiliar"," 88245 ","SINAPI","ARMADOR COM ENCARGOS COMPLEMENTARES","SEDI - SERVIÇOS DIVERSOS",null,"H",5.4904000000000003E-3,19.3,0.11]
["Insumo"," 00043055 ","SINAPI","ACO CA-50, 12,5 MM OU 16,0 MM, VERGALHAO","Material",null,"KG",1.1100000000000001,3.06,3.4]
[{"$nulls":4},"MO sem LS =>",0.12,"LS =>",0,"MO com LS =>",0.12]
[{"$nulls":4},"Valor do BDI =>",0.97081600000000001,null,"Valor com BDI =>",null,4.49]
[]
[null,"Código","Banco","Descrição","Tipo",null,"Und","Quant.","Valor Unit","Total"]
["Composição"," 92799 ","SINAPI","CORTE E DOBRA DE AÇO CA-60, DIÂMETRO DE 4,2 MM, UTILIZADO EM LAJE. AF_12/2015","FUES - FUNDAÇÕES E ESTRUTURAS",null,"KG",1,5.13,5.13]
["Composição Auxiliar"," 88238 ","SINAPI","AJUDANTE DE ARMADOR COM ENCARGOS COMPLEMENTARES","SEDI - SERVIÇOS DIVERSOS",null,"H",1.02868E-2,14.95,0.15]
["Composição Auxiliar"," 88245 ","SINAPI","ARMADOR COM ENCARGOS COMPLEMENTARES","SEDI - SERVIÇOS DIVERSOS",null,"H",7.3263800000000004E-2,19.3,1.41]
["Insumo"," 00043059 ","SINAPI","ACO CA-60, 4,2 MM, OU 5,0 MM, OU 6,0 MM, OU 7,0 MM, VERGALHAO","Material",null,"KG",1.07,3.34,3.57]
[{"$nulls":4},"MO sem LS =>",1.56,"LS =>",0,"MO com LS =>",1.56]
[{"$nulls":4},"Valor do BDI =>",1.4148540000000001,null,"Valor com BDI =>",null,6.54]
[]
[null,"Código","Banco","Descrição","Tipo",null,"Und","Quant.","Valor Unit","Total"]
["Composição"," 95308 ","SINAPI","CURSO DE CAPACITAÇÃO PARA AJUDANTE DE ARMADOR (ENCARGOS COMPLEMENTARES) - HORISTA","SEDI - SERVIÇOS DIVERSOS",null,"H",1,0.08,0.08]
["Insumo"," 00006114 ","SINAPI","AJUDANTE DE ARMADOR","Mão de Obra",null,"H",7.9000000000000008E-3,10.55,0.08]
[{"$nulls":4},"MO sem LS =>",0.08,"LS =>",0,"MO com LS =>",0.08]
[{"$nulls":4},"Valor do BDI =>",2.2064E-2,null,"Valor com BDI =>",null,0.1]
[]
[null,"Código","Banco","Descrição","Tipo",null,"Und","Quant.","Valor Unit","Total"]
["Composição"," 95309 ","SINAPI","CURSO DE CAPACITAÇÃO PARA AJUDANTE DE CARPINTEIRO (ENCARGOS COMPLEMENTARES) - HORISTA","SEDI - SERVIÇOS DIVERSOS",null,"H",1,0.11,0.11]
["Insumo"," 00006117 ","SINAPI","CARPINTEIRO AUXILIAR","Mão de Obra",null,"H",1.0200000000000001E-2,11.27,0.11]
[{"$nulls":4},"MO sem LS =>",0.11,"LS =>",0,"MO com LS =>",0.11]
[{"$nulls":4},"Valor do BDI =>",3.0338E-2,null,"Valor com BDI =>",null,0.14000000000000001]
[]
[null,"Código","Banco","Descrição","Tipo",null,"Und","Quant.","Valor Unit","Total"]
["Composição"," 100291 ","SINAPI","CURSO DE CAPACITAÇÃO PARA AJUDANTE DE PINTOR (ENCARGOS COMPLEMENTARES) - HORISTA","SEDI - SERVIÇOS DIVERSOS",null,"H",1,0.11,0.11]
["Insumo"," 00034466 ","SINAPI","AJUDANTE DE PINTOR","Mão de Obra",null,"H",1.0200000000000001E-2,10.55,0.11]
[{"$nulls":4},"MO sem LS =>",0.11,"LS =>",0,"MO com LS =>",0.11]
[{"$nulls":4},"Valor do BDI =>",3.0338E-2,null,"Valor com BDI =>",null,0.14000000000000001]
[]
[null,"Código","Banco","Descrição","Tipo",null,"Und","Quant.","Valor Unit","Total"]
["Composição"," 95313 ","SINAPI","CURSO DE CAPACITAÇÃO PARA AJUDANTE ESPECIALIZADO (ENCARGOS COMPLEMENTARES) - HORISTA","SEDI - SERVIÇOS DIVERSOS",null,"H",1,0.1,0.1]
["Insumo"," 00000242 ","SINAPI","AJUDANTE ESPECIALIZADO","Mão de Obra",null,"H",7.9000000000000008E-3,13.17,0.1]
[{"$nulls":4},"MO sem LS =>",0.1,"LS =>",0,"MO com LS =>",0.1]
[{"$nulls":4},"Valor do BDI =>",2.758E-2,null,"Valor com BDI =>",null,0.13]
[]
[null,"Código","Banco","Descrição","Tipo",null,"Und","Quant.","Valor Unit","Total"]
["Composição"," 95392 ","SINAPI","CURSO DE CAPACITAÇÃO PARA ALMOXARIFE (ENCARGOS COMPLEMENTARES) - HORISTA","SEDI - SERVIÇOS DIVERSOS",null,"H",1,0.05,0.05]
["Insumo"," 00000253 ","SINAPI","ALMOXARIFE","Mão de Obra",null,"H",3.5000000000000001E-3,14.86,0.05]
[{"$nulls":4},"MO sem LS =>",0.05,"LS =>",0,"MO com LS =>",0.05]
[{"$nulls":4},"Valor do BDI =>",1.379E-2,null,"Valor com BDI =>",null,0.06]
[]
[null,"Código","Banco","Descrição","Tipo",null,"Und","Quant.","Valor Unit","Total"]
["Composição"," 95393 ","SINAPI","CURSO DE CAPACITAÇÃO PARA APONTADOR OU APROPRIADOR (ENCARGOS COMPLEMENTARES) - HORISTA","SEDI - SERVIÇOS DIVERSOS",null,"H",1,0.22,0.22]
["Insumo"," 00006122 ","SINAPI","APONTADOR OU APROPRIADOR DE MAO DE OBRA","Mão de Obra",null,"H",1.46E-2,14.86,0.22]
[{"$nulls":4},"MO sem LS =>",0.22,"LS =>",0,"MO com LS =>",0.22]
[{"$nulls":4},"Valor do BDI =>",6.0676000000000001E-2,null,"Valor com BDI =>",null,0.28000000000000003]
[]
[null,"Código","Banco","Descrição","Tipo",null,"Und","Quant.","Valor Unit","Total"]
["Composição"," 95314 ","SINAPI","CURSO DE CAPACITAÇÃO PARA ARMADOR (ENCARGOS COMPLEMENTARES) - HORISTA","SEDI - SERVIÇOS DIVERSOS",null,"H",1,0.12,0.12]
["Insumo"," 00000378 ","SINAPI","ARMADOR","Mão de Obra",null,"H",7.9000000000000008E-3,14.86,0.12]
[{"$nulls":4},"MO sem LS =>",0.12,"LS =>",0,"MO com LS =>",0.12]
[{"$nulls":4},"Valor do BDI =>",3.3096E-2,null,"Valor com BDI =>",null,0.15]
[]
[null,"Código","Banco","Descrição","Tipo",null,"Und","Quant.","Valor Unit","Total"]
["Composição"," 95315 ","SINAPI","CURSO DE CAPACITAÇÃO PARA ASSENTADOR DE TUBOS (ENCARGOS COMPLEMENTARES) - HORISTA","SEDI - SERVIÇOS DIVERSOS",null,"H",1,0.17,0.17]
["Insumo"," 00040331 ","SINAPI","ASSENTADOR DE MANILHAS","Mão de Obra",null,"H",1.0200000000000001E-2,16.23,0.17]
[{"$nulls":4},"MO sem LS =>",0.17,"LS =>",0,"MO com LS =>",0.17]
[{"$nulls":4},"Valor do BDI =>",4.6885999999999997E-2,null,"Valor com BDI =>",null,0.22]
[]
[null,"Código","Banco","Descrição","Tipo",null,"Und","Quant.","Valor Unit","Total"]
["Composição"," 95316 ","SINAPI","CURSO DE CAPACITAÇÃO PARA AUXILIAR DE ELETRICISTA (ENCARGOS COMPLEMENTARES) - HORISTA","SEDI - SERVIÇOS DIVERSOS",null,"H",1,0.27,0.27]
["Insumo"," 00000247 ","SINAPI","AJUDANTE DE ELETRICISTA","Mão de Obra",null,"H",2.5700000000000001E-2,10.55,0.27]
[{"$nulls":4},"MO sem LS =>",0.27,"LS =>",0,"MO com LS =>",0.27]
[{"$nulls":4},"Valor do BDI =>",7.4466000000000004E-2,null,"Valor com BDI =>",null,0.34]
[]
[null,"Código","Banco","Descrição","Tipo",null,"Und","Quant.","Valor Unit","Total"]
["Composição"," 95317 ","SINAPI","CURSO DE CAPACITAÇÃO PARA AUXILIAR DE ENCANADOR OU BOMBEIRO HIDRÁULICO (ENCARGOS COMPLEMENTARES) - HORISTA","SEDI - SERVIÇOS DIVERSOS",null,"H",1,0.13,0.13]
["Insumo"," 00000246 ","SINAPI","AUXILIAR DE ENCANADOR OU BOMBEIRO HIDRAULICO","Mão de Obra",null,"H",1.24E-2,10.55,0.13]
[{"$nulls":4},"MO sem LS =>",0.13,"LS =>",0,"MO com LS =>",0.13]
[{"$nulls":4},"Valor do BDI =>",3.5853999999999997E-2,null,"Valor com BDI =>",null,0.17]
[]
[null,"Código","Banco","Descrição","Tipo",null,"Und","Quant.","Valor Unit","Total"]
["Composição"," 95320 ","SINAPI","CURSO DE CAPACITAÇÃO PARA AUXILIAR DE SERRALHEIRO (ENCARGOS COMPLEMENTARES) - HORISTA","SEDI - SERVIÇOS DIVERSOS",null,"H",1,0.08,0.08]
["Insumo"," 00000252 ","SINAPI","AJUDANTE DE SERRALHEIRO","Mão de Obra",null,"H",7.9000000000000008E-3,10.68,0.08]
[{"$nulls":4},"MO sem LS =>",0.08,"LS =>",0,"MO com LS =>",0.08]
[{"$nulls":4},"Valor do BDI =>",2.2064E-2,null,"Valor com BDI =>",null,0.1]
[]
[null,"Código","Banco","Descrição","Tipo",null,"Und","Quant.","Valor Unit","Total"]
["Composição"," 95322 ","SINAPI","CURSO DE CAPACITAÇÃO PARA AUXILIAR DE TOPÓGRAFO (ENCARGOS COMPLEMENTARES) - HORISTA","SEDI - SERVIÇOS DIVERSOS",null,"H",1,0.08,0.08]
["Insumo"," 00000244 ","SINAPI","AUXILIAR DE TOPOGRAFO","Mão de Obra",null,"H",5.7000000000000002E-3,13.7,0.08]
[{"$nulls":4},"MO sem LS =>",0.08,"LS =>",0,"MO com LS =>",0.08]
[{"$nulls":4},"Valor do BDI =>",2.2064E-2,null,"Valor com BDI =>",null,0.1]
[]
[null,"Código","Banco","Descrição","Tipo",null,"Und","Quant.","Valor Unit","Total"]
["Composição"," 95324 ","SINAPI","CURSO DE CAPACITAÇÃO PARA AZULEJISTA OU LADRILHISTA (ENCARGOS COMPLEMENTARES) - HORISTA","SEDI - SERVIÇOS DIVERSOS",null,"H",1,0.18,0.18]
["Insumo"," 00004760 ","SINAPI","AZULEJISTA OU LADRILHEIRO","Mão de Obra",null,"H",1.0200000000000001E-2,17.59,0.18]
[{"$nulls":4},"MO sem LS =>",0.18,"LS =>",0,"MO com LS =>",0.18]
[{"$nulls":4},"Valor do BDI =>",4.9644000000000001E-2,null,"Valor com BDI =>",null,0.23]
[]
[null,"Código","Banco","Descrição","Tipo",null,"Und","Quant.","Valor Unit","Total"]
["Composição"," 95329 ","SINAPI","CURSO DE CAPACITAÇÃO PARA CARPINTEIRO DE ESQUADRIA (ENCARGOS COMPLEMENTARES) - HORISTA","SEDI - SERVIÇOS DIVERSOS",null,"H",1,0.15,0.15]
["Insumo"," 00001214 ","SINAPI","CARPINTEIRO DE ESQUADRIAS","Mão de Obra",null,"H",1.0200000000000001E-2,14.86,0.15]
[{"$nulls":4},"MO sem LS =>",0.15,"LS =>",0,"MO com LS =>",0.15]
[{"$nulls":4},"Valor do BDI =>",4.1369999999999997E-2,null,"Valor com BDI =>",null,0.19]
[]
[null,"Código","Banco","Descrição","Tipo",null,"Und","Quant.","Valor Unit","Total"]
["Composição"," 95330 ","SINAPI","CURSO DE CAPACITAÇÃO PARA CARPINTEIRO DE FÔRMAS (ENCARGOS COMPLEMENTARES) - HORISTA","SEDI - SERVIÇOS DIVERSOS",null,"H",1,0.12,0.12]
["Insumo"," 00001213 ","SINAPI","CARPINTEIRO DE FORMAS","Mão de Obra",null,"H",7.9000000000000008E-3,14.86,0.12]
[{"$nulls":4},"MO sem LS =>",0.12,"LS =>",0,"MO com LS =>",0.12]
[{"$nulls":4},"Valor do BDI =>",3.3096E-2,null,"Valor com BDI =>",null,0.15]
[]
[null,"Código","Banco","Descrição","Tipo",null,"Und","Quant.","Valor Unit","Total"]
["Composição"," 95400 ","SINAPI","CURSO DE CAPACITAÇÃO PARA DESENHISTA PROJETISTA (ENCARGOS COMPLEMENTARES) - HORISTA","SEDI - SERVIÇOS DIVERSOS",null,"H",1,0.1,0.1]
["Insumo"," 00002358 ","SINAPI","DESENHISTA PROJETISTA","Mão de Obra",null,"H",3.5000000000000001E-3,28.27,0.1]
[{"$nulls":4},"MO sem LS =>",0.1,"LS =>",0,"MO com LS =>",0.1]
[{"$nulls":4},"Valor do BDI =>",2.758E-2,null,"Valor com BDI =>",null,0.13]
[]
[null,"Código","Banco","Descrição","Tipo",null,"Und","Quant.","Valor Unit","Total"]
["Composição"," 95332 ","SINAPI","CURSO DE CAPACITAÇÃO PARA ELETRICISTA (ENCARGOS COMPLEMENTARES) - HORISTA","SEDI - SERVIÇOS DIVERSOS",null,"H",1,0.38,0.38]
["Insumo"," 00002436 ","SINAPI","ELETRICISTA","Mão de Obra",null,"H",2.5700000000000001E-2,14.86,0.38]
[{"$nulls":4},"MO sem LS =>",0.38,"LS =>",0,"MO com LS =>",0.38]
[{"$nulls":4},"Valor do BDI =>",0.10480399999999999,null,"Valor com BDI =>",null,0.48]
[]
[null,"Código","Banco","Descrição","Tipo",null,"Und","Quant.","Valor Unit","Total"]
["Composição"," 95335 ","SINAPI","CURSO DE CAPACITAÇÃO PARA ENCANADOR OU BOMBEIRO HIDRÁULICO (ENCARGOS COMPLEMENTARES) - HORISTA","SEDI - SERVIÇOS DIVERSOS",null,"H",1,0.18,0.18]
["Insumo"," 00002696 ","SINAPI","ENCANADOR OU BOMBEIRO HIDRAULICO","Mão de Obra",null,"H",1.24E-2,14.86,0.18]
[{"$nulls":4},"MO sem LS =>",0.18,"LS =>",0,"MO com LS =>",0.18]
[{"$nulls":4},"Valor do BDI =>",4.9644000000000001E-2,null,"Valor com BDI =>",null,0.23]
[]
[null,"Código","Banco","Descrição","Tipo",null,"Und","Quant.","Valor Unit","Total"]
["Composição"," 95401 ","SINAPI","CURSO DE CAPACITAÇÃO PARA ENCARREGADO GERAL (ENCARGOS COMPLEMENTARES) - HORISTA","SEDI - SERVIÇOS DIVERSOS",null,"H",1,0.33,0.33]
["Insumo"," 00004083 ","SINAPI","ENCARREGADO GERAL DE OBRAS","Mão de Obra",null,"H",1.46E-2,22.38,0.33]
[{"$nulls":4},"MO sem LS =>",0.33,"LS =>",0,"MO com LS =>",0.33]
[{"$nulls":4},"Valor do BDI =>",9.1013999999999998E-2,null,"Valor com BDI =>",null,0.42]
[]
[null,"Código","Banco","Descrição","Tipo",null,"Und","Quant.","Valor Unit","Total"]
["Composição"," 95403 ","SINAPI","CURSO DE CAPACITAÇÃO PARA ENGENHEIRO CIVIL DE OBRA PLENO (ENCARGOS COMPLEMENTARES) - HORISTA","SEDI - SERVIÇOS DIVERSOS",null,"H",1,0.98,0.98]
["Insumo"," 00002707 ","SINAPI","ENGENHEIRO CIVIL DE OBRA PLENO","Mão de Obra",null,"H",1.0200000000000001E-2,96.46,0.98]
[{"$nulls":4},"MO sem LS =>",0.98,"LS =>",0,"MO com LS =>",0.98]
[{"$nulls":4},"Valor do BDI =>",0.27028400000000002,null,"Valor com BDI =>",null,1.25]
[]
[null,"Código","Banco","Descrição","Tipo",null,"Und","Quant.","Valor Unit","Total"]
["Composição"," 95407 ","SINAPI","CURSO DE CAPACITAÇÃO PARA ENGENHEIRO ELETRICISTA (ENCARGOS COMPLEMENTARES) - HORISTA","SEDI - SERVIÇOS DIVERSOS",null,"H",1,1.93,1.93]
["Insumo"," 00034783 ","SINAPI","ENGENHEIRO ELETRICISTA","Mão de Obra",null,"H",2.35E-2,81.95,1.93]
[{"$nulls":4},"MO sem LS =>",1.93,"LS =>",0,"MO com LS =>",1.93]
[{"$nulls":4},"Valor do BDI =>",0.53229400000000004,null,"Valor com BDI =>",null,2.46]
[]
[null,"Código","Banco","Descrição","Tipo",null,"Und","Quant.","Valor Unit","Total"]
["Composição"," 95338 ","SINAPI","CURSO DE CAPACITAÇÃO PARA IMPERMEABILIZADOR (ENCARGOS COMPLEMENTARES) - HORISTA","SEDI - SERVIÇOS DIVERSOS",null,"H",1,0.22,0.22]
["Insumo"," 00012873 ","SINAPI","IMPERMEABILIZADOR","Mão de Obra",null,"H",1.46E-2,14.86,0.22]
[{"$nulls":4},"MO sem LS =>",0.22,"LS =>",0,"MO com LS =>",0.22]
[{"$nulls":4},"Valor do BDI =>",6.0676000000000001E-2,null,"Valor com BDI =>",null,0.28000000000000003]
[]
[null,"Código","Banco","Descrição","Tipo",null,"Und","Quant.","Valor Unit","Total"]
["Composição"," 95390 ","SINAPI","CURSO DE CAPACITAÇÃO PARA JARDINEIRO (ENCARGOS COMPLEMENTARES) - HORISTA","SEDI - SERVIÇOS DIVERSOS",null,"H",1,0.05,0.05]
["Insumo"," 00025964 ","SINAPI","JARDINEIRO","Mão de Obra",null,"H",3.5000000000000001E-3,13.83,0.05]
[{"$nulls":4},"MO sem LS =>",0.05,"LS =>",0,"MO com LS =>",0.05]
[{"$nulls":4},"Valor do BDI =>",1.379E-2,null,"Valor com BDI =>",null,0.06]
[]
[null,"Código","Banco","Descrição","Tipo",null,"Und","Quant.","Valor Unit","Total"]
["Composição"," 95405 ","SINAPI","CURSO DE CAPACITAÇÃO PARA MESTRE DE OBRAS (ENCARGOS COMPLEMENTARES) - HORISTA","SEDI - SERVIÇOS DIVERSOS",null,"H",1,0.5,0.5]
["Insumo"," 00004069 ","SINAPI","MESTRE DE OBRAS","Mão de Obra",null,"H",1.46E-2,33.950000000000003,0.5]
[{"$nulls":4},"MO sem LS =>",0.5,"LS =>",0,"MO com LS =>",0.5]
[{"$nulls":4},"Valor do BDI =>",0.13789999999999999,null,"Valor com BDI =>",null,0.64]
[]
[null,"Código","Banco","Descrição","Tipo",null,"Und","Quant.","Valor Unit","Total"]
["Composição"," 95343 ","SINAPI","CURSO DE CAPACITAÇÃO PARA MONTADOR  DE TUBO AÇO/EQUIPAMENTOS (ENCARGOS COMPLEMENTARES) - HORISTA","SEDI - SERVIÇOS DIVERSOS",null,"H",1,0.18,0.18]
["Insumo"," 00002701 ","SINAPI","INSTALADOR DE TUBULACOES (TUBOS/EQUIPAMENTOS)","Mão de Obra",null,"H",1.0200000000000001E-2,17.59,0.18]
[{"$nulls":4},"MO sem LS =>",0.18,"LS =>",0,"MO com LS =>",0.18]
[{"$nulls":4},"Valor do BDI =>",4.9644000000000001E-2,null,"Valor com BDI =>",null,0.23]
[]
[null,"Código","Banco","Descrição","Tipo",null,"Und","Quant.","Valor Unit","Total"]
["Composição"," 95345 ","SINAPI","CURSO DE CAPACITAÇÃO PARA MONTADOR ELETROMECÂNICO (ENCARGOS COMPLEMENTARES) - HORISTA","SEDI - SERVIÇOS DIVERSOS",null,"H",1,0.49,0.49]
["Insumo"," 00002437 ","SINAPI","MONTADOR DE MAQUINAS","Mão de Obra",null,"H",2.1299999999999999E-2,22.8,0.49]
[{"$nulls":4},"MO sem LS =>",0.49,"LS =>",0,"MO com LS =>",0.49]
[{"$nulls":4},"Valor do BDI =>",0.13514200000000001,null,"Valor com BDI =>",null,0.63]
[]
[null,"Código","Banco","Descrição","Tipo",null,"Und","Quant.","Valor Unit","Total"]
["Composição"," 95346 ","SINAPI","CURSO DE CAPACITAÇÃO PARA MOTORISTA DE BASCULANTE (ENCARGOS COMPLEMENTARES) - HORISTA","SEDI - SERVIÇOS DIVERSOS",null,"H",1,0.05,0.05]
["Insumo"," 00020020 ","SINAPI","MOTORISTA DE CAMINHAO-BASCULANTE","Mão de Obra",null,"H",3.5000000000000001E-3,14.25,0.05]
[{"$nulls":4},"MO sem LS =>",0.05,"LS =>",0,"MO com LS =>",0.05]
[{"$nulls":4},"Valor do BDI =>",1.379E-2,null,"Valor com BDI =>",null,0.06]
[]
[null,"Código","Banco","Descrição","Tipo",null,"Und","Quant.","Valor Unit","Total"]
["Composição"," 95347 ","SINAPI","CURSO DE CAPACITAÇÃO PARA MOTORISTA DE CAMINHÃO (ENCARGOS COMPLEMENTARES) - HORISTA","SEDI - SERVIÇOS DIVERSOS",null,"H",1,0.05,0.05]
["Insumo"," 00004093 ","SINAPI","MOTORISTA DE CAMINHAO","Mão de Obra",null,"H",3.5000000000000001E-3,15.09,0.05]
[{"$nulls":4},"MO sem LS =>",0.05,"LS =>",0,"MO com LS =>",0.05]
[{"$nulls":4},"Valor do BDI =>",1.379E-2,null,"Valor com BDI =>",null,0.06]
[]
[null,"Código","Banco","Descrição","Tipo",null,"Und","Quant.","Valor Unit","Total"]
["Composição"," 95349 ","SINAPI","CURSO DE CAPACITAÇÃO PARA MOTORISTA DE VEÍCULO LEVE (ENCARGOS COMPLEMENTARES) - HORISTA","SEDI - SERVIÇOS DIVERSOS",null,"H",1,0.06,0.06]
["Insumo"," 00004095 ","SINAPI","MOTORISTA DE CARRO DE PASSEIO","Mão de Obra",null,"H",3.5000000000000001E-3,15.75,0.06]
[{"$nulls":4},"MO sem LS =>",0.06,"LS =>",0,"MO com LS =>",0.06]
[{"$nulls":4},"Valor do BDI =>",1.6548E-2,null,"Valor com BDI =>",null,0.08]
[]
[null,"Código","Banco","Descrição","Tipo",null,"Und","Quant.","Valor Unit","Total"]
["Composição"," 95351 ","SINAPI","CURSO DE CAPACITAÇÃO PARA MOTORISTA OPERADOR DE MUNCK (ENCARGOS COMPLEMENTARES) - HORISTA","SEDI - SERVIÇOS DIVERSOS",null,"H",1,0.2,0.2]
["Insumo"," 00004096 ","SINAPI","MOTORISTA OPERADOR DE CAMINHAO COM MUNCK","Mão de Obra",null,"H",1.1299999999999999E-2,17.420000000000002,0.2]
[{"$nulls":4},"MO sem LS =>",0.2,"LS =>",0,"MO com LS =>",0.2]
[{"$nulls":4},"Valor do BDI =>",5.5160000000000001E-2,null,"Valor com BDI =>",null,0.26]
[]
[null,"Código","Banco","Descrição","Tipo",null,"Und","Quant.","Valor Unit","Total"]
["Composição"," 95389 ","SINAPI","CURSO DE CAPACITAÇÃO PARA OPERADOR DE BETONEIRA ESTACIONÁRIA/MISTURADOR (ENCARGOS COMPLEMENTARES) - HORISTA","SEDI - SERVIÇOS DIVERSOS",null,"H",1,7.0000000000000007E-2,7.0000000000000007E-2]
["Insumo"," 00037666 ","SINAPI","OPERADOR DE BETONEIRA ESTACIONARIA / MISTURADOR","Mão de Obra",null,"H",5.7000000000000002E-3,13.13,7.0000000000000007E-2]
[{"$nulls":4},"MO sem LS =>",7.0000000000000007E-2,"LS =>",0,"MO com LS =>",7.0000000000000007E-2]
[{"$nulls":4},"Valor do BDI =>",1.9306E-2,null,"Valor com BDI =>",null,0.09]
[]
[null,"Código","Banco","Descrição","Tipo",null,"Und","Quant.","Valor Unit","Total"]
["Composição"," 95357 ","SINAPI","CURSO DE CAPACITAÇÃO PARA OPERADOR DE ESCAVADEIRA (ENCARGOS COMPLEMENTARES) - HORISTA","SEDI - SERVIÇOS DIVERSOS",null,"H",1,0.15,0.15]
["Insumo"," 00004234 ","SINAPI","OPERADOR DE ESCAVADEIRA","Mão de Obra",null,"H",7.9000000000000008E-3,18.37,0.15]
[{"$nulls":4},"MO sem LS =>",0.15,"LS =>",0,"MO com LS =>",0.15]
[{"$nulls":4},"Valor do BDI =>",4.1369999999999997E-2,null,"Valor com BDI =>",null,0.19]
[]
[null,"Código","Banco","Descrição","Tipo",null,"Und","Quant.","Valor Unit","Total"]
["Composição"," 95358 ","SINAPI","CURSO DE CAPACITAÇÃO PARA OPERADOR DE GUINCHO (ENCARGOS COMPLEMENTARES) - HORISTA","SEDI - SERVIÇOS DIVERSOS",null,"H",1,0.18,0.18]
["Insumo"," 00004253 ","SINAPI","OPERADOR DE GUINCHO OU GUINCHEIRO","Mão de Obra",null,"H",1.1299999999999999E-2,15.75,0.18]
[{"$nulls":4},"MO sem LS =>",0.18,"LS =>",0,"MO com LS =>",0.18]
[{"$nulls":4},"Valor do BDI =>",4.9644000000000001E-2,null,"Valor com BDI =>",null,0.23]
[]
[null,"Código","Banco","Descrição","Tipo",null,"Und","Quant.","Valor Unit","Total"]
["Composição"," 95363 ","SINAPI","CURSO DE CAPACITAÇÃO PARA OPERADOR DE MOTONIVELADORA (ENCARGOS COMPLEMENTARES) - HORISTA","SEDI - SERVIÇOS DIVERSOS",null,"H",1,0.12,0.12]
["Insumo"," 00004239 ","SINAPI","OPERADOR DE MOTONIVELADORA","Mão de Obra",null,"H",5.7000000000000002E-3,20.9,0.12]
[{"$nulls":4},"MO sem LS =>",0.12,"LS =>",0,"MO com LS =>",0.12]
[{"$nulls":4},"Valor do BDI =>",3.3096E-2,null,"Valor com BDI =>",null,0.15]
[]
[null,"Código","Banco","Descrição","Tipo",null,"Und","Quant.","Valor Unit","Total"]
["Composição"," 95360 ","SINAPI","CURSO DE CAPACITAÇÃO PARA OPERADOR DE MÁQUINAS E EQUIPAMENTOS (ENCARGOS COMPLEMENTARES) - HORISTA","SEDI - SERVIÇOS DIVERSOS",null,"H",1,0.14000000000000001,0.14000000000000001]
["Insumo"," 00004230 ","SINAPI","OPERADOR DE MAQUINAS E TRATORES DIVERSOS (TERRAPLANAGEM)","Mão de Obra",null,"H",7.9000000000000008E-3,17.399999999999999,0.14000000000000001]
[{"$nulls":4},"MO sem LS =>",0.14000000000000001,"LS =>",0,"MO com LS =>",0.14000000000000001]
[{"$nulls":4},"Valor do BDI =>",3.8612E-2,null,"Valor com BDI =>",null,0.18]
[]
[null,"Código","Banco","Descrição","Tipo",null,"Und","Quant.","Valor Unit","Total"]
["Composição"," 95366 ","SINAPI","CURSO DE CAPACITAÇÃO PARA OPERADOR DE ROLO COMPACTADOR (ENCARGOS COMPLEMENTARES) - HORISTA","SEDI - SERVIÇOS DIVERSOS",null,"H",1,0.09,0.09]
["Insumo"," 00004238 ","SINAPI","OPERADOR DE ROLO COMPACTADOR","Mão de Obra",null,"H",5.7000000000000002E-3,15.75,0.09]
[{"$nulls":4},"MO sem LS =>",0.09,"LS =>",0,"MO com LS =>",0.09]
[{"$nulls":4},"Valor do BDI =>",2.4822E-2,null,"Valor com BDI =>",null,0.11]
[]
[null,"Código","Banco","Descrição","Tipo",null,"Und","Quant.","Valor Unit","Total"]
["Composição"," 95371 ","SINAPI","CURSO DE CAPACITAÇÃO PARA PEDREIRO (ENCARGOS COMPLEMENTARES) - HORISTA","SEDI - SERVIÇOS DIVERSOS",null,"H",1,0.22,0.22]
["Insumo"," 00004750 ","SINAPI","PEDREIRO","Mão de Obra",null,"H",1.46E-2,14.86,0.22]
[{"$nulls":4},"MO sem LS =>",0.22,"LS =>",0,"MO com LS =>",0.22]
[{"$nulls":4},"Valor do BDI =>",6.0676000000000001E-2,null,"Valor com BDI =>",null,0.28000000000000003]
[]
[null,"Código","Banco","Descrição","Tipo",null,"Und","Quant.","Valor Unit","Total"]
["Composição"," 95372 ","SINAPI","CURSO DE CAPACITAÇÃO PARA PINTOR (ENCARGOS COMPLEMENTARES) - HORISTA","SEDI - SERVIÇOS DIVERSOS",null,"H",1,0.15,0.15]
["Insumo"," 00004783 ","SINAPI","PINTOR","Mão de Obra",null,"H",1.0200000000000001E-2,14.86,0.15]
[{"$nulls":4},"MO sem LS =>",0.15,"LS =>",0,"MO com LS =>",0.15]
[{"$nulls":4},"Valor do BDI =>",4.1369999999999997E-2,null,"Valor com BDI =>",null,0.19]
[]
[null,"Código","Banco","Descrição","Tipo",null,"Und","Quant.","Valor Unit","Total"]
["Composição"," 95377 ","SINAPI","CURSO DE CAPACITAÇÃO PARA SERRALHEIRO (ENCARGOS COMPLEMENTARES) - HORISTA","SEDI - SERVIÇOS DIVERSOS",null,"H",1,0.12,0.12]
["Insumo"," 00006110 ","SINAPI","SERRALHEIRO","Mão de Obra",null,"H",7.9000000000000008E-3,14.86,0.12]
[{"$nulls":4},"MO sem LS =>",0.12,"LS =>",0,"MO com LS =>",0.12]
[{"$nulls":4},"Valor do BDI =>",3.3096E-2,null,"Valor com BDI =>",null,0.15]
[]
[null,"Código","Banco","Descrição","Tipo",null,"Und","Quant.","Valor Unit","Total"]
["Composição"," 95378 ","SINAPI","CURSO DE CAPACITAÇÃO PARA SERVENTE (ENCARGOS COMPLEMENTARES) - HORISTA","SEDI - SERVIÇOS DIVERSOS",null,"H",1,0.15,0.15]
["Insumo"," 00006111 ","SINAPI","SERVENTE DE OBRAS","Mão de Obra",null,"H",1.46E-2,10.55,0.15]
[{"$nulls":4},"MO sem LS =>",0.15,"LS =>",0,"MO com LS =>",0.15]
[{"$nulls":4},"Valor do BDI =>",4.1369999999999997E-2,null,"Valor com BDI =>",null,0.19]
[]
[null,"Código","Banco","Descrição","Tipo",null,"Und","Quant.","Valor Unit","Total"]
["Composição"," 95379 ","SINAPI","CURSO DE CAPACITAÇÃO PARA SOLDADOR (ENCARGOS COMPLEMENTARES) - HORISTA","SEDI - SERVIÇOS DIVERSOS",null,"H",1,0.12,0.12]
["Insumo"," 00006160 ","SINAPI","SOLDADOR","Mão de Obra",null,"H",7.9000000000000008E-3,14.86,0.12]
[{"$nulls":4},"MO sem LS =>",0.12,"LS =>",0,"MO com LS =>",0.12]
[{"$nulls":4},"Valor do BDI =>",3.3096E-2,null,"Valor com BDI =>",null,0.15]
[]
[null,"Código","Banco","Descrição","Tipo",null,"Und","Quant.","Valor Unit","Total"]
["Composição"," 100535 ","SINAPI","CURSO DE CAPACITAÇÃO PARA TECNICO DE EDIFICACOES (ENCARGOS COMPLEMENTARES) - HORISTA","SEDI - SERVIÇOS DIVERSOS",null,"H",1,0.4,0.4]
["Insumo"," 00040945 ","SINAPI","TECNICO DE EDIFICACOES","Mão de Obra",null,"H",1.24E-2,32.01,0.4]
[{"$nulls":4},"MO sem LS =>",0.4,"LS =>",0,"MO com LS =>",0.4]
[{"$nulls":4},"Valor do BDI =>",0.11032,null,"Valor com BDI =>",null,0.51]
[]
[null,"Código","Banco","Descrição","Tipo",null,"Und","Quant.","Valor Unit","Total"]
["Composição"," 95385 ","SINAPI","CURSO DE CAPACITAÇÃO PARA TELHADISTA (ENCARGOS COMPLEMENTARES) - HORISTA","SEDI - SERVIÇOS DIVERSOS",null,"H",1,0.13,0.13]
["Insumo"," 00012869 ","SINAPI","TELHADOR","Mão de Obra",null,"H",7.9000000000000008E-3,17.059999999999999,0.13]
[{"$nulls":4},"MO sem LS =>",0.13,"LS =>",0,"MO com LS =>",0.13]
[{"$nulls":4},"Valor do BDI =>",3.5853999999999997E-2,null,"Valor com BDI =>",null,0.17]
[]
[null,"Código","Banco","Descrição","Tipo",null,"Und","Quant.","Valor Unit","Total"]
["Composição"," 95406 ","SINAPI","CURSO DE CAPACITAÇÃO PARA TOPÓGRAFO (ENCARGOS COMPLEMENTARES) - HORISTA","SEDI - SERVIÇOS DIVERSOS",null,"H",1,0.19,0.19]
["Insumo"," 00007592 ","SINAPI","TOPOGRAFO","Mão de Obra",null,"H",5.7000000000000002E-3,33.57,0.19]
[{"$nulls":4},"MO sem LS =>",0.19,"LS =>",0,"MO com LS =>",0.19]
[{"$nulls":4},"Valor do BDI =>",5.2401999999999997E-2,null,"Valor com BDI =>",null,0.24]
[]
[null,"Código","Banco","Descrição","Tipo",null,"Und","Quant.","Valor Unit","Total"]
["Composição"," 95386 ","SINAPI","CURSO DE CAPACITAÇÃO PARA TRATORISTA (ENCARGOS COMPLEMENTARES) - HORISTA","SEDI - SERVIÇOS DIVERSOS",null,"H",1,0.15,0.15]
["Insumo"," 00004237 ","SINAPI","OPERADOR DE TRATOR - EXCLUSIVE AGROPECUARIA","Mão de Obra",null,"H",7.9000000000000008E-3,19.21,0.15]
[{"$nulls":4},"MO sem LS =>",0.15,"LS =>",0,"MO com LS =>",0.15]
[{"$nulls":4},"Valor do BDI =>",4.1369999999999997E-2,null,"Valor com BDI =>",null,0.19]
[]
[null,"Código","Banco","Descrição","Tipo",null,"Und","Quant.","Valor Unit","Total"]
["Composição"," 100315 ","SINAPI","CURSO DE CAPACITAÇÃO PARA TÉCNICO EM SEGURANÇA DO TRABALHO (ENCARGOS COMPLEMENTARES) - MENSALISTA","SEDI - SERVIÇOS DIVERSOS",null,"MES",1,30.93,30.93]
["Insumo"," 00040944 ","SINAPI","TECNICO EM SEGURANCA DO TRABALHO (MENSALISTA)","Mão de Obra",null,"MES",9.4999999999999998E-3,3255.77,30.93]
[{"$nulls":4},"MO sem LS =>",30.93,"LS =>",0,"MO com LS =>",30.93]
[{"$nulls":4},"Valor do BDI =>",8.5304939999999991,null,"Valor com BDI =>",null,39.46]
[]
[null,"Código","Banco","Descrição","Tipo",null,"Und","Quant.","Valor Unit","Total"]
["Composição"," 95388 ","SINAPI","CURSO DE CAPACITAÇÃO PARA VIGIA NOTURNO (ENCARGOS COMPLEMENTARES) - HORISTA","SEDI - SERVIÇOS DIVERSOS",null,"H",1,0.05,0.05]
["Insumo"," 00041776 ","SINAPI","VIGIA NOTURNO, HORA EFETIVAMENTE TRABALHADA DE 22 H AS 5 H (COM ADICIONAL NOTURNO)","Mão de Obra",null,"H",3.5000000000000001E-3,14.86,0.05]
[{"$nulls":4},"MO sem LS =>",0.05,"LS =>",0,"MO com LS =>",0.05]
[{"$nulls":4},"Valor do BDI =>",1.379E-2,null,"Valor com BDI =>",null,0.06]
[]
[null,"Código","Banco","Descrição","Tipo",null,"Und","Quant.","Valor Unit","Total"]
["Composição"," 91911 ","SINAPI","CURVA 90 GRAUS PARA ELETRODUTO, PVC, ROSCÁVEL, DN 20 MM (1/2\"), PARA CIRCUITOS TERMINAIS, INSTALADA EM PAREDE - FORNECIMENTO E INSTALAÇÃO. AF_12/2015","INEL - INSTALAÇÃO ELÉTRICA/ELETRIFICAÇÃO E ILUMINAÇÃO EXTERNA",null,"UN",1,7.35,7.35]
["Composição Auxiliar"," 88264 ","SINAPI","ELETRICISTA COM ENCARGOS COMPLEMENTARES","SEDI - SERVIÇOS DIVERSOS",null,"H",0.1679466,19.579999999999998,3.29]
["Composição Auxiliar"," 88247 ","SINAPI","AUXILIAR DE ELETRICISTA COM ENCARGOS COMPLEMENTARES","SEDI - SERVIÇOS DIVERSOS",null,"H",0.1679466,15.16,2.5499999999999998]
["Insumo"," 00001870 ","SINAPI","CURVA 90 GRAUS, LONGA, DE PVC RIGIDO ROSCAVEL, DE 1/2\", PARA ELETRODUTO","Material",null,"UN",1,1.51,1.51]
[{"$nulls":4},"MO sem LS =>",5.83,"LS =>",0.01,"MO com LS =>",5.84]
[{"$nulls":4},"Valor do BDI =>",2.0271300000000001,null,"Valor com BDI =>",null,9.3800000000000008]
[]
[null,"Código","Banco","Descrição","Tipo",null,"Und","Quant.","Valor Unit","Total"]
["Composição"," 91890 ","SINAPI","CURVA 90 GRAUS PARA ELETRODUTO, PVC, ROSCÁVEL, DN 25 MM (3/4\"), PARA CIRCUITOS TERMINAIS, INSTALADA EM FORRO - FORNECIMENTO E INSTALAÇÃO. AF_12/2015","INEL - INSTALAÇÃO ELÉTRICA/ELETRIFICAÇÃO E ILUMINAÇÃO EXTERNA",null,"UN",1,5.85,5.85]
["Composição Auxiliar"," 88264 ","SINAPI","ELETRICISTA COM ENCARGOS COMPLEMENTARES","SEDI - SERVIÇOS DIVERSOS",null,"H",0.1248264,19.579999999999998,2.44]
["Composição Auxiliar"," 88247 ","SINAPI","AUXILIAR DE ELETRICISTA COM ENCARGOS COMPLEMENTARES","SEDI - SERVIÇOS DIVERSOS",null,"H",0.1248264,15.16,1.89]
["Insumo"," 00001879 ","SINAPI","CURVA 90 GRAUS, LONGA, DE PVC RIGIDO ROSCAVEL, DE 3/4\", PARA ELETRODUTO","Material",null,"UN",1,1.52,1.52]
[{"$nulls":4},"MO sem LS =>",4.33,"LS =>",0,"MO com LS =>",4.33]
[{"$nulls":4},"Valor do BDI =>",1.6134299999999999,null,"Valor com BDI =>",null,7.46]
[]
[null,"Código","Banco","Descrição","Tipo",null,"Und","Quant.","Valor Unit","Total"]
["Composição"," 89748 ","SINAPI","CURVA CURTA 90 GRAUS, PVC, SERIE NORMAL, ESGOTO PREDIAL, DN 100 MM, JUNTA ELÁSTICA, FORNECIDO E INSTALADO EM RAMAL DE DESCARGA OU RAMAL DE ESGOTO SANITÁRIO. AF_12/2014","INHI - INSTALAÇÕES HIDROS SANITÁRIAS",null,"UN",1,19.03,19.03]
["Composição Auxiliar"," 88267 ","SINAPI","ENCANADOR OU BOMBEIRO HIDRÁULICO COM ENCARGOS COMPLEMENTARES","SEDI - SERVIÇOS DIVERSOS",null,"H",0.19536700000000001,18.97,3.71]
["Composição Auxiliar"," 88248 ","SINAPI","AUXILIAR DE ENCANADOR OU BOMBEIRO HIDRÁULICO COM ENCARGOS COMPLEMENTARES","SEDI - SERVIÇOS DIVERSOS",null,"H",0.19536700000000001,14.61,2.85]
["Insumo"," 00000301 ","SINAPI","ANEL BORRACHA PARA TUBO ESGOTO PREDIAL, DN 100 MM (NBR 5688)","Material",null,"UN",1,1.99,1.99]
["Insumo"," 00001966 ","SINAPI","CURVA PVC CURTA 90 GRAUS, 100 MM, PARA ESGOTO PREDIAL","Material",null,"UN",1,9.7799999999999994,9.7799999999999994]
["Insumo"," 00020078 ","SINAPI","PASTA LUBRIFICANTE PARA TUBOS E CONEXOES COM JUNTA ELASTICA (USO EM PVC, ACO, POLIETILENO E OUTROS) ( DE *400* G)","Material",null,"UN",4.5999999999999999E-2,15.23,0.7]
[{"$nulls":4},"MO sem LS =>",6.56,"LS =>",0,"MO com LS =>",6.56]
[{"$nulls":4},"Valor do BDI =>",5.2484739999999999,null,"Valor com BDI =>",null,24.28]
[]
[null,"Código","Banco","Descrição","Tipo",null,"Und","Quant.","Valor Unit","Total"]
["Composição"," 126 ","ORSE","Concreto simples fabricado na obra, fck=15 mpa, lançado e adensado","Concreto Simples",null,"m³",1,306.95,306.95]
["Composição Auxiliar"," 125 ","ORSE","Concreto simples fck= 15 MPA (b1/b2), fabricado na obra, sem lançamento e adensamento","Concreto Simples",null,"m³",1,274.43,274.43]
["Composição Auxiliar"," 7692 ","ORSE","Lançamento de concreto simples fabricado na obra, inclusive adensamento e acabamento em peças da superestrutura","Concreto Simples",null,"m³",1,32.520000000000003,32.520000000000003]
[{"$nulls":4},"MO sem LS =>",102.79,"LS =>",0.01,"MO com LS =>",102.8]
[{"$nulls":4},"Valor do BDI =>",84.656809999999993,null,"Valor com BDI =>",null,391.61]
[]
[null,"Código","Banco","Descrição","Tipo",null,"Und","Quant.","Valor Unit","Total"]
["Composição"," 125 ","ORSE","Concreto simples fck= 15 MPA (b1/b2), fabricado na obra, sem lançamento e adensamento","Concreto Simples",null,"m³",1,274.43,274.43]
["Composição Auxiliar"," 88316 ","SINAPI","SERVENTE COM ENCARGOS COMPLEMENTARES","SEDI - SERVIÇOS DIVERSOS",null,"H",4.6980624000000004,14.96,70.28]
["Insumo"," 00000367 ","SINAPI","AREIA GROSSA - POSTO JAZIDA/FORNECEDOR (RETIRADO NA JAZIDA, SEM TRANSPORTE)","Material",null,"m³",0.91300000000000003,37.869999999999997,34.58]
["Insumo"," 00001379 ","SINAPI","CIMENTO PORTLAND COMPOSTO CP II-32","Material",null,"KG",293,0.46,134.78]
["Insumo"," 00004718 ","SINAPI","PEDRA BRITADA N. 2 (19 A 38 MM) POSTO PEDREIRA/FORNECEDOR, SEM FRETE","Material",null,"m³",0.627,41.61,26.09]
["Insumo"," 00004721 ","SINAPI","PEDRA BRITADA N. 1 (9,5 a 19 MM) POSTO PEDREIRA/FORNECEDOR, SEM FRETE","Material",null,"m³",0.20899999999999999,41.61,8.6999999999999993]
[{"$nulls":4},"MO sem LS =>",70.28,"LS =>",0,"MO com LS =>",70.28]
[{"$nulls":4},"Valor do BDI =>",75.687793999999997,null,"Valor com BDI =>",null,350.12]
[]
[null,"Código","Banco","Descrição","Tipo",null,"Und","Quant.","Valor Unit","Total"]
["Composição"," 90775 ","SINAPI","DESENHISTA PROJETISTA COM ENCARGOS COMPLEMENTARES","SEDI - SERVIÇOS DIVERSOS",null,"H",1,29.38,29.38]
["Composição Auxiliar"," 95400 ","SINAPI","CURSO DE CAPACITAÇÃO PARA DESENHISTA PROJETISTA (ENCARGOS COMPLEMENTARES) - HORISTA","SEDI - SERVIÇOS DIVERSOS",null,"H",1,0.1,0.1]
["Insumo"," 00002358 ","SINAPI","DESENHISTA PROJETISTA","Mão de Obra",null,"H",1,28.27,28.27]
["Insumo"," 00043493 ","SINAPI","EPI - FAMILIA TOPOGRAFO - HORISTA (ENCARGOS COMPLEMENTARES - COLETADO CAIXA)","Mão de Obra",null,"H",1,0.54,0.54]
["Insumo"," 00037372 ","SINAPI","EXAMES - HORISTA (COLETADO CAIXA)","Mão de Obra",null,"H",1,0.35,0.35]
["Insumo"," 00043469 ","SINAPI","FERRAMENTAS - FAMILIA TOPOGRAFO - HORISTA (ENCARGOS COMPLEMENTARES - COLETADO CAIXA)","Mão de Obra",null,"H",1,0.05,0.05]
["Insumo"," 00037373 ","SINAPI","SEGURO - HORISTA (COLETADO CAIXA)","Mão de Obra",null,"H",1,7.0000000000000007E-2,7.0000000000000007E-2]
[{"$nulls":4},"MO sem LS =>",29.38,"LS =>",0,"MO com LS =>",29.38]
[{"$nulls":4},"Valor do BDI =>",8.1030040000000003,null,"Valor com BDI =>",null,37.479999999999997]
[]
[null,"Código","Banco","Descrição","Tipo",null,"Und","Quant.","Valor Unit","Total"]
["Composição"," 74130/001 ","SINAPI","DISJUNTOR TERMOMAGNETICO MONOPOLAR PADRAO NEMA (AMERICANO) 10 A 30A 240V, FORNECIMENTO E INSTALACAO","INEL - INSTALAÇÃO ELÉTRICA/ELETRIFICAÇÃO E ILUMINAÇÃO EXTERNA",null,"UN",1,9.67,9.67]
["Composição Auxiliar"," 88264 ","SINAPI","ELETRICISTA COM ENCARGOS COMPLEMENTARES","SEDI - SERVIÇOS DIVERSOS",null,"H",9.7772300000000006E-2,19.579999999999998,1.91]
["Insumo"," 00002370 ","SINAPI","DISJUNTOR TIPO NEMA, MONOPOLAR 10 ATE 30A, TENSAO MAXIMA DE 240 V","Material",null,"UN",1,7.76,7.76]
[{"$nulls":4},"MO sem LS =>",1.91,"LS =>",0,"MO com LS =>",1.91]
[{"$nulls":4},"Valor do BDI =>",2.6669860000000001,null,"Valor com BDI =>",null,12.34]
[]
[null,"Código","Banco","Descrição","Tipo",null,"Und","Quant.","Valor Unit","Total"]
["Composição"," V210 ","Próprio","DISTRIBUIÇÃO DE POSTE CONCRETO","ASTU - ASSENTAMENTO DE TUBOS E PECAS",null,"UN",1,34.42,34.42]
["Composição Auxiliar"," 88247 ","SINAPI","AUXILIAR DE ELETRICISTA COM ENCARGOS COMPLEMENTARES","SEDI - SERVIÇOS DIVERSOS",null,"H",0.42121989999999998,15.16,6.39]
["Composição Auxiliar"," 93402 ","SINAPI","GUINDAUTO HIDRÁULICO, CAPACIDADE MÁXIMA DE CARGA 3300 KG, MOMENTO MÁXIMO DE CARGA 5,8 TM, ALCANCE MÁXIMO HORIZONTAL 7,60 M, INCLUSIVE CAMINHÃO TOCO PBT 16.000 KG, POTÊNCIA DE 189 CV - CHP DIURNO. AF_03/2016","CHOR - CUSTOS HORÁRIOS DE MÁQUINAS E EQUIPAMENTOS",null,"CHP",0.27,103.8,28.03]
[{"$nulls":4},"MO sem LS =>",10.81,"LS =>",0.01,"MO com LS =>",10.82]
[{"$nulls":4},"Valor do BDI =>",9.493036,null,"Valor com BDI =>",null,43.91]
[]
[null,"Código","Banco","Descrição","Tipo",null,"Und","Quant.","Valor Unit","Total"]
["Composição"," 88264 ","SINAPI","ELETRICISTA COM ENCARGOS COMPLEMENTARES","SEDI - SERVIÇOS DIVERSOS",null,"H",1,19.579999999999998,19.579999999999998]
["Composição Auxiliar"," 95332 ","SINAPI","CURSO DE CAPACITAÇÃO PARA ELETRICISTA (ENCARGOS COMPLEMENTARES) - HORISTA","SEDI - SERVIÇOS DIVERSOS",null,"H",1,0.38,0.38]
["Insumo"," 00037370 ","SINAPI","ALIMENTACAO - HORISTA (COLETADO CAIXA)","Mão de Obra",null,"H",1,1.77,1.77]
["Insumo"," 00043484 ","SINAPI","EPI - FAMILIA ELETRICISTA - HORISTA (ENCARGOS COMPLEMENTARES - COLETADO CAIXA)","Mão de Obra",null,"H",1,0.93,0.93]
["Insumo"," 00002436 ","SINAPI","ELETRICISTA","Mão de Obra",null,"H",1,14.86,14.86]
["Insumo"," 00043460 ","SINAPI","FERRAMENTAS - FAMILIA ELETRICISTA - HORISTA (ENCARGOS COMPLEMENTARES - COLETADO CAIXA)","Mão de Obra",null,"H",1,0.55000000000000004,0.55000000000000004]
["Insumo"," 00037372 ","SINAPI","EXAMES - HORISTA (COLETADO CAIXA)","Mão de Obra",null,"H",1,0.35,0.35]
["Insumo"," 00037373 ","SINAPI","SEGURO - HORISTA (COLETADO CAIXA)","Mão de Obra",null,"H",1,7.0000000000000007E-2,7.0000000000000007E-2]
["Insumo"," 00037371 ","SINAPI","TRANSPORTE - HORISTA (COLETADO CAIXA)","Mão de Obra",null,"H",1,0.67,0.67]
[{"$nulls":4},"MO sem LS =>",19.579999999999998,"LS =>",0,"MO com LS =>",19.579999999999998]
[{"$nulls":4},"Valor do BDI =>",5.4001640000000002,null,"Valor com BDI =>",null,24.98]
[]
[null,"Código","Banco","Descrição","Tipo",null,"Und","Quant.","Valor Unit","Total"]
["Composição"," 91842 ","SINAPI","ELETRODUTO FLEXÍVEL CORRUGADO, PVC, DN 20 MM (1/2\"), PARA CIRCUITOS TERMINAIS, INSTALADO EM LAJE - FORNECIMENTO E INSTALAÇÃO. AF_12/2015","INEL - INSTALAÇÃO ELÉTRICA/ELETRIFICAÇÃO E ILUMINAÇÃO EXTERNA",null,"M",1,3.08,3.08]
["Composição Auxiliar"," 88264 ","SINAPI","ELETRICISTA COM ENCARGOS COMPLEMENTARES","SEDI - SERVIÇOS DIVERSOS",null,"H",5.5927400000000002E-2,19.579999999999998,1.1000000000000001]
["Composição Auxiliar"," 88247 ","SINAPI","AUXILIAR DE ELETRICISTA COM ENCARGOS COMPLEMENTARES","SEDI - SERVIÇOS DIVERSOS",null,"H",5.5927400000000002E-2,15.16,0.85]
["Insumo"," 00043132 ","SINAPI","ARAME RECOZIDO 16 BWG, D = 1,65 MM (0,016 KG/M) OU 18 BWG, D = 1,25 MM (0,01 KG/M)","Material",null,"KG",1.6000000000000001E-3,10.15,0.02]
["Insumo"," 00002689 ","SINAPI","ELETRODUTO PVC FLEXIVEL CORRUGADO, COR AMARELA, DE 20 MM","Material",null,"M",1.1000000000000001,1.01,1.1100000000000001]
[{"$nulls":4},"MO sem LS =>",1.94,"LS =>",0.01,"MO com LS =>",1.95]
[{"$nulls":4},"Valor do BDI =>",0.849464,null,"Valor com BDI =>",null,3.93]
[]
[null,"Código","Banco","Descrição","Tipo",null,"Und","Quant.","Valor Unit","Total"]
["Composição"," 91852 ","SINAPI","ELETRODUTO FLEXÍVEL CORRUGADO, PVC, DN 20 MM (1/2\"), PARA CIRCUITOS TERMINAIS, INSTALADO EM PAREDE - FORNECIMENTO E INSTALAÇÃO. AF_12/2015","INEL - INSTALAÇÃO ELÉTRICA/ELETRIFICAÇÃO E ILUMINAÇÃO EXTERNA",null,"M",1,4.51,4.51]
["Composição Auxiliar"," 88264 ","SINAPI","ELETRICISTA COM ENCARGOS COMPLEMENTARES","SEDI - SERVIÇOS DIVERSOS",null,"H",0.1003487,19.579999999999998,1.96]
["Composição Auxiliar"," 88247 ","SINAPI","AUXILIAR DE ELETRICISTA COM ENCARGOS COMPLEMENTARES","SEDI - SERVIÇOS DIVERSOS",null,"H",0.1003487,15.16,1.52]
["Insumo"," 00002689 ","SINAPI","ELETRODUTO PVC FLEXIVEL CORRUGADO, COR AMARELA, DE 20 MM","Material",null,"M",1.0169999999999999,1.01,1.03]
[{"$nulls":4},"MO sem LS =>",3.48,"LS =>",0,"MO com LS =>",3.48]
[{"$nulls":4},"Valor do BDI =>",1.2438579999999999,null,"Valor com BDI =>",null,5.75]
[]
[null,"Código","Banco","Descrição","Tipo",null,"Und","Quant.","Valor Unit","Total"]
["Composição"," 91862 ","SINAPI","ELETRODUTO RÍGIDO ROSCÁVEL, PVC, DN 20 MM (1/2\"), PARA CIRCUITOS TERMINAIS, INSTALADO EM FORRO - FORNECIMENTO E INSTALAÇÃO. AF_12/2015","INEL - INSTALAÇÃO ELÉTRICA/ELETRIFICAÇÃO E ILUMINAÇÃO EXTERNA",null,"M",1,5.41,5.41]
["Composição Auxiliar"," 91170 ","SINAPI","FIXAÇÃO DE TUBOS HORIZONTAIS DE PVC, CPVC OU COBRE DIÂMETROS MENORES OU IGUAIS A 40 MM OU ELETROCALHAS ATÉ 150MM DE LARGURA, COM ABRAÇADEIRA METÁLICA RÍGIDA TIPO D 1/2\u0094, FIXADA EM PERFILADO EM LAJE. AF_05/2015","INHI - INSTALAÇÕES HIDROS SANITÁRIAS",null,"M",1,1.95,1.95]
["Composição Auxiliar"," 88264 ","SINAPI","ELETRICISTA COM ENCARGOS COMPLEMENTARES","SEDI - SERVIÇOS DIVERSOS",null,"H",5.07909E-2,19.579999999999998,0.99]
["Composição Auxiliar"," 88247 ","SINAPI","AUXILIAR DE ELETRICISTA COM ENCARGOS COMPLEMENTARES","SEDI - SERVIÇOS DIVERSOS",null,"H",5.07909E-2,15.16,0.77]
["Insumo"," 00002673 ","SINAPI","ELETRODUTO DE PVC RIGIDO ROSCAVEL DE 1/2 \", SEM LUVA","Material",null,"M",1.0169999999999999,1.67,1.7]
[{"$nulls":4},"MO sem LS =>",2.9,"LS =>",0,"MO com LS =>",2.9]
[{"$nulls":4},"Valor do BDI =>",1.492078,null,"Valor com BDI =>",null,6.9]
[]
[null,"Código","Banco","Descrição","Tipo",null,"Und","Quant.","Valor Unit","Total"]
["Composição"," 91870 ","SINAPI","ELETRODUTO RÍGIDO ROSCÁVEL, PVC, DN 20 MM (1/2\"), PARA CIRCUITOS TERMINAIS, INSTALADO EM PAREDE - FORNECIMENTO E INSTALAÇÃO. AF_12/2015","INEL - INSTALAÇÃO ELÉTRICA/ELETRIFICAÇÃO E ILUMINAÇÃO EXTERNA",null,"M",1,5.83,5.83]
["Composição Auxiliar"," 88264 ","SINAPI","ELETRICISTA COM ENCARGOS COMPLEMENTARES","SEDI - SERVIÇOS DIVERSOS",null,"H",0.1189229,19.579999999999998,2.33]
["Composição Auxiliar"," 88247 ","SINAPI","AUXILIAR DE ELETRICISTA COM ENCARGOS COMPLEMENTARES","SEDI - SERVIÇOS DIVERSOS",null,"H",0.1189229,15.16,1.8]
["Insumo"," 00002673 ","SINAPI","ELETRODUTO DE PVC RIGIDO ROSCAVEL DE 1/2 \", SEM LUVA","Material",null,"M",1.0169999999999999,1.67,1.7]
[{"$nulls":4},"MO sem LS =>",4.13,"LS =>",0,"MO com LS =>",4.13]
[{"$nulls":4},"Valor do BDI =>",1.6079140000000001,null,"Valor com BDI =>",null,7.44]
[]
[null,"Código","Banco","Descrição","Tipo",null,"Und","Quant.","Valor Unit","Total"]
["Composição"," 91863 ","SINAPI","ELETRODUTO RÍGIDO ROSCÁVEL, PVC, DN 25 MM (3/4\"), PARA CIRCUITOS TERMINAIS, INSTALADO EM FORRO - FORNECIMENTO E INSTALAÇÃO. AF_12/2015","INEL - INSTALAÇÃO ELÉTRICA/ELETRIFICAÇÃO E ILUMINAÇÃO EXTERNA",null,"M",1,6.29,6.29]
["Composição Auxiliar"," 91170 ","SINAPI","FIXAÇÃO DE TUBOS HORIZONTAIS DE PVC, CPVC OU COBRE DIÂMETROS MENORES OU IGUAIS A 40 MM OU ELETROCALHAS ATÉ 150MM DE LARGURA, COM ABRAÇADEIRA METÁLICA RÍGIDA TIPO D 1/2\u0094, FIXADA EM PERFILADO EM LAJE. AF_05/2015","INHI - INSTALAÇÕES HIDROS SANITÁRIAS",null,"M",1,1.95,1.95]
["Composição Auxiliar"," 88264 ","SINAPI","ELETRICISTA COM ENCARGOS COMPLEMENTARES","SEDI - SERVIÇOS DIVERSOS",null,"H",6.3831100000000002E-2,19.579999999999998,1.25]
["Composição Auxiliar"," 88247 ","SINAPI","AUXILIAR DE ELETRICISTA COM ENCARGOS COMPLEMENTARES","SEDI - SERVIÇOS DIVERSOS",null,"H",6.3831100000000002E-2,15.16,0.97]
["Insumo"," 00002674 ","SINAPI","ELETRODUTO DE PVC RIGIDO ROSCAVEL DE 3/4 \", SEM LUVA","Material",null,"M",1.0169999999999999,2.08,2.12]
[{"$nulls":4},"MO sem LS =>",3.36,"LS =>",0,"MO com LS =>",3.36]
[{"$nulls":4},"Valor do BDI =>",1.734782,null,"Valor com BDI =>",null,8.02]
[]
[null,"Código","Banco","Descrição","Tipo",null,"Und","Quant.","Valor Unit","Total"]
["Composição"," 91871 ","SINAPI","ELETRODUTO RÍGIDO ROSCÁVEL, PVC, DN 25 MM (3/4\"), PARA CIRCUITOS TERMINAIS, INSTALADO EM PAREDE - FORNECIMENTO E INSTALAÇÃO. AF_12/2015","INEL - INSTALAÇÃO ELÉTRICA/ELETRIFICAÇÃO E ILUMINAÇÃO EXTERNA",null,"M",1,6.72,6.72]
["Composição Auxiliar"," 88264 ","SINAPI","ELETRICISTA COM ENCARGOS COMPLEMENTARES","SEDI - SERVIÇOS DIVERSOS",null,"H",0.13249710000000001,19.579999999999998,2.59]
["Composição Auxiliar"," 88247 ","SINAPI","AUXILIAR DE ELETRICISTA COM ENCARGOS COMPLEMENTARES","SEDI - SERVIÇOS DIVERSOS",null,"H",0.13249710000000001,15.16,2.0099999999999998]
["Insumo"," 00002674 ","SINAPI","ELETRODUTO DE PVC RIGIDO ROSCAVEL DE 3/4 \", SEM LUVA","Material",null,"M",1.0169999999999999,2.08,2.12]
[{"$nulls":4},"MO sem LS =>",4.5999999999999996,"LS =>",0,"MO com LS =>",4.5999999999999996]
[{"$nulls":4},"Valor do BDI =>",1.8533759999999999,null,"Valor com BDI =>",null,8.57]
[]
[null,"Código","Banco","Descrição","Tipo",null,"Und","Quant.","Valor Unit","Total"]
["Composição"," 87777 ","SINAPI","EMBOÇO OU MASSA ÚNICA EM ARGAMASSA TRAÇO 1:2:8, PREPARO MANUAL, APLICADA MANUALMENTE EM PANOS DE FACHADA COM PRESENÇA DE VÃOS, ESPESSURA DE 25 MM. AF_06/2014","REVE - REVESTIMENTO E TRATAMENTO DE SUPERFÍCIES",null,"m²",1,32.25,32.25]
["Composição Auxiliar"," 87369 ","SINAPI","ARGAMASSA TRAÇO 1:2:8 (EM VOLUME DE CIMENTO, CAL E AREIA MÉDIA ÚMIDA) PARA EMBOÇO/MASSA ÚNICA/ASSENTAMENTO DE ALVENARIA DE VEDAÇÃO, PREPARO MANUAL. AF_08/2019","SEDI - SERVIÇOS DIVERSOS",null,"m³",3.1399999999999997E-2,320.77,10.07]
["Composição Auxiliar"," 88316 ","SINAPI","SERVENTE COM ENCARGOS COMPLEMENTARES","SEDI - SERVIÇOS DIVERSOS",null,"H",0.60930269999999997,14.96,9.1199999999999992]
["Composição Auxiliar"," 88309 ","SINAPI","PEDREIRO COM ENCARGOS COMPLEMENTARES","SEDI - SERVIÇOS DIVERSOS",null,"H",0.60930269999999997,19.399999999999999,11.82]
["Insumo"," 00037411 ","SINAPI","TELA DE ACO SOLDADA GALVANIZADA/ZINCADA PARA ALVENARIA, FIO D = *1,24 MM, MALHA 25 X 25 MM","Material",null,"m²",0.13880000000000001,8.92,1.24]
[{"$nulls":4},"MO sem LS =>",25,"LS =>",0.01,"MO com LS =>",25.01]
[{"$nulls":4},"Valor do BDI =>",8.8945500000000006,null,"Valor com BDI =>",null,41.14]
[]
[null,"Código","Banco","Descrição","Tipo",null,"Und","Quant.","Valor Unit","Total"]
["Composição"," 87531 ","SINAPI","EMBOÇO, PARA RECEBIMENTO DE CERÂMICA, EM ARGAMASSA TRAÇO 1:2:8, PREPARO MECÂNICO COM BETONEIRA 400L, APLICADO MANUALMENTE EM FACES INTERNAS DE PAREDES, PARA AMBIENTE COM ÁREA ENTRE 5M2 E 10M2, ESPESSURA DE 20MM, COM EXECUÇÃO DE TALISCAS. AF_06/2014","REVE - REVESTIMENTO E TRATAMENTO DE SUPERFÍCIES",null,"m²",1,17.940000000000001,17.940000000000001]
["Composição Auxiliar"," 87292 ","SINAPI","ARGAMASSA TRAÇO 1:2:8 (EM VOLUME DE CIMENTO, CAL E AREIA MÉDIA ÚMIDA) PARA EMBOÇO/MASSA ÚNICA/ASSENTAMENTO DE ALVENARIA DE VEDAÇÃO, PREPARO MECÂNICO COM BETONEIRA 400 L. AF_08/2019","SEDI - SERVIÇOS DIVERSOS",null,"m³",3.7600000000000001E-2,255.17,9.59]
["Composição Auxiliar"," 88316 ","SINAPI","SERVENTE COM ENCARGOS COMPLEMENTARES","SEDI - SERVIÇOS DIVERSOS",null,"H",0.12332559999999999,14.96,1.84]
["Composição Auxiliar"," 88309 ","SINAPI","PEDREIRO COM ENCARGOS COMPLEMENTARES","SEDI - SERVIÇOS DIVERSOS",null,"H",0.33563300000000001,19.399999999999999,6.51]
[{"$nulls":4},"MO sem LS =>",10.56,"LS =>",0,"MO com LS =>",10.56]
[{"$nulls":4},"Valor do BDI =>",4.9478520000000001,null,"Valor com BDI =>",null,22.89]
[]
[null,"Código","Banco","Descrição","Tipo",null,"Und","Quant.","Valor Unit","Total"]
["Composição"," 87527 ","SINAPI","EMBOÇO, PARA RECEBIMENTO DE CERÂMICA, EM ARGAMASSA TRAÇO 1:2:8, PREPARO MECÂNICO COM BETONEIRA 400L, APLICADO MANUALMENTE EM FACES INTERNAS DE PAREDES, PARA AMBIENTE COM ÁREA MENOR QUE 5M2, ESPESSURA DE 20MM, COM EXECUÇÃO DE TALISCAS. AF_06/2014","REVE - REVESTIMENTO E TRATAMENTO DE SUPERFÍCIES",null,"m²",1,20.85,20.85]
["Composição Auxiliar"," 87292 ","SINAPI","ARGAMASSA TRAÇO 1:2:8 (EM VOLUME DE CIMENTO, CAL E AREIA MÉDIA ÚMIDA) PARA EMBOÇO/MASSA ÚNICA/ASSENTAMENTO DE ALVENARIA DE VEDAÇÃO, PREPARO MECÂNICO COM BETONEIRA 400 L. AF_08/2019","SEDI - SERVIÇOS DIVERSOS",null,"m³",3.7600000000000001E-2,255.17,9.59]
["Composição Auxiliar"," 88316 ","SINAPI","SERVENTE COM ENCARGOS COMPLEMENTARES","SEDI - SERVIÇOS DIVERSOS",null,"H",0.16488929999999999,14.96,2.4700000000000002]
["Composição Auxiliar"," 88309 ","SINAPI","PEDREIRO COM ENCARGOS COMPLEMENTARES","SEDI - SERVIÇOS DIVERSOS",null,"H",0.45325019999999999,19.399999999999999,8.7899999999999991]
[{"$nulls":4},"MO sem LS =>",13.47,"LS =>",0,"MO com LS =>",13.47]
[{"$nulls":4},"Valor do BDI =>",5.7504299999999997,null,"Valor com BDI =>",null,26.6]
[]
[null,"Código","Banco","Descrição","Tipo",null,"Und","Quant.","Valor Unit","Total"]
["Composição"," 88267 ","SINAPI","ENCANADOR OU BOMBEIRO HIDRÁULICO COM ENCARGOS COMPLEMENTARES","SEDI - SERVIÇOS DIVERSOS",null,"H",1,18.97,18.97]
["Composição Auxiliar"," 95335 ","SINAPI","CURSO DE CAPACITAÇÃO PARA ENCANADOR OU BOMBEIRO HIDRÁULICO (ENCARGOS COMPLEMENTARES) - HORISTA","SEDI - SERVIÇOS DIVERSOS",null,"H",1,0.18,0.18]
["Insumo"," 00037370 ","SINAPI","ALIMENTACAO - HORISTA (COLETADO CAIXA)","Mão de Obra",null,"H",1,1.77,1.77]
["Insumo"," 00043485 ","SINAPI","EPI - FAMILIA ENCANADOR - HORISTA (ENCARGOS COMPLEMENTARES - COLETADO CAIXA)","Mão de Obra",null,"H",1,0.83,0.83]
["Insumo"," 00002696 ","SINAPI","ENCANADOR OU BOMBEIRO HIDRAULICO","Mão de Obra",null,"H",1,14.86,14.86]
["Insumo"," 00037372 ","SINAPI","EXAMES - HORISTA (COLETADO CAIXA)","Mão de Obra",null,"H",1,0.35,0.35]
["Insumo"," 00043461 ","SINAPI","FERRAMENTAS - FAMILIA ENCANADOR - HORISTA (ENCARGOS COMPLEMENTARES - COLETADO CAIXA)","Mão de Obra",null,"H",1,0.24,0.24]
["Insumo"," 00037373 ","SINAPI","SEGURO - HORISTA (COLETADO CAIXA)","Mão de Obra",null,"H",1,7.0000000000000007E-2,7.0000000000000007E-2]
["Insumo"," 00037371 ","SINAPI","TRANSPORTE - HORISTA (COLETADO CAIXA)","Mão de Obra",null,"H",1,0.67,0.67]
[{"$nulls":4},"MO sem LS =>",18.97,"LS =>",0,"MO com LS =>",18.97]
[{"$nulls":4},"Valor do BDI =>",5.2319259999999996,null,"Valor com BDI =>",null,24.2]
[]
[null,"Código","Banco","Descrição","Tipo",null,"Und","Quant.","Valor Unit","Total"]
["Composição"," 90776 ","SINAPI","ENCARREGADO GERAL COM ENCARGOS COMPLEMENTARES","SEDI - SERVIÇOS DIVERSOS",null,"H",1,24.16,24.16]
["Composição Auxiliar"," 95401 ","SINAPI","CURSO DE CAPACITAÇÃO PARA ENCARREGADO GERAL (ENCARGOS COMPLEMENTARES) - HORISTA","SEDI - SERVIÇOS DIVERSOS",null,"H",1,0.33,0.33]
["Insumo"," 00043487 ","SINAPI","EPI - FAMILIA ENCARREGADO GERAL - HORISTA (ENCARGOS COMPLEMENTARES - COLETADO CAIXA)","Mão de Obra",null,"H",1,0.95,0.95]
["Insumo"," 00004083 ","SINAPI","ENCARREGADO GERAL DE OBRAS","Mão de Obra",null,"H",1,22.38,22.38]
["Insumo"," 00043463 ","SINAPI","FERRAMENTAS - FAMILIA ENCARREGADO GERAL - HORISTA (ENCARGOS COMPLEMENTARES - COLETADO CAIXA)","Mão de Obra",null,"H",1,0.08,0.08]
["Insumo"," 00037372 ","SINAPI","EXAMES - HORISTA (COLETADO CAIXA)","Mão de Obra",null,"H",1,0.35,0.35]
["Insumo"," 00037373 ","SINAPI","SEGURO - HORISTA (COLETADO CAIXA)","Mão de Obra",null,"H",1,7.0000000000000007E-2,7.0000000000000007E-2]
[{"$nulls":4},"MO sem LS =>",24.16,"LS =>",0,"MO com LS =>",24.16]
[{"$nulls":4},"Valor do BDI =>",6.6633279999999999,null,"Valor com BDI =>",null,30.82]
[]
[null,"Código","Banco","Descrição","Tipo",null,"Und","Quant.","Valor Unit","Total"]
["Composição"," 86884 ","SINAPI","ENGATE FLEXÍVEL EM PLÁSTICO BRANCO, 1/2\u0094 X 30CM - FORNECIMENTO E INSTALAÇÃO. AF_01/2020","INHI - INSTALAÇÕES HIDROS SANITÁRIAS",null,"UN",1,5.57,5.57]
["Composição Auxiliar"," 88316 ","SINAPI","SERVENTE COM ENCARGOS COMPLEMENTARES","SEDI - SERVIÇOS DIVERSOS",null,"H",3.7561400000000002E-2,14.96,0.56000000000000005]
["Composição Auxiliar"," 88267 ","SINAPI","ENCANADOR OU BOMBEIRO HIDRÁULICO COM ENCARGOS COMPLEMENTARES","SEDI - SERVIÇOS DIVERSOS",null,"H",0.1190876,18.97,2.2599999999999998]
["Insumo"," 00006141 ","SINAPI","ENGATE/RABICHO FLEXIVEL PLASTICO (PVC OU ABS) BRANCO 1/2 \" X 30 CM","Material",null,"UN",1,2.69,2.69]
["Insumo"," 00003146 ","SINAPI","FITA VEDA ROSCA EM ROLOS DE 18 MM X 10 M (L X C)","Material",null,"UN",2.1000000000000001E-2,2.73,0.06]
[{"$nulls":4},"MO sem LS =>",2.82,"LS =>",0,"MO com LS =>",2.82]
[{"$nulls":4},"Valor do BDI =>",1.536206,null,"Valor com BDI =>",null,7.11]
[]
[null,"Código","Banco","Descrição","Tipo",null,"Und","Quant.","Valor Unit","Total"]
["Composição"," 90778 ","SINAPI","ENGENHEIRO CIVIL DE OBRA PLENO COM ENCARGOS COMPLEMENTARES","SEDI - SERVIÇOS DIVERSOS",null,"H",1,98.44,98.44]
["Composição Auxiliar"," 95403 ","SINAPI","CURSO DE CAPACITAÇÃO PARA ENGENHEIRO CIVIL DE OBRA PLENO (ENCARGOS COMPLEMENTARES) - HORISTA","SEDI - SERVIÇOS DIVERSOS",null,"H",1,0.98,0.98]
["Insumo"," 00043486 ","SINAPI","EPI - FAMILIA ENGENHEIRO CIVIL - HORISTA (ENCARGOS COMPLEMENTARES - COLETADO CAIXA)","Mão de Obra",null,"H",1,0.56999999999999995,0.56999999999999995]
["Insumo"," 00002707 ","SINAPI","ENGENHEIRO CIVIL DE OBRA PLENO","Mão de Obra",null,"H",1,96.46,96.46]
["Insumo"," 00037372 ","SINAPI","EXAMES - HORISTA (COLETADO CAIXA)","Mão de Obra",null,"H",1,0.35,0.35]
["Insumo"," 00043462 ","SINAPI","FERRAMENTAS - FAMILIA ENGENHEIRO CIVIL - HORISTA (ENCARGOS COMPLEMENTARES - COLETADO CAIXA)","Mão de Obra",null,"H",1,0.01,0.01]
["Insumo"," 00037373 ","SINAPI","SEGURO - HORISTA (COLETADO CAIXA)","Mão de Obra",null,"H",1,7.0000000000000007E-2,7.0000000000000007E-2]
[{"$nulls":4},"MO sem LS =>",98.44,"LS =>",0,"MO com LS =>",98.44]
[{"$nulls":4},"Valor do BDI =>",27.149751999999999,null,"Valor com BDI =>",null,125.59]
[]
[null,"Código","Banco","Descrição","Tipo",null,"Und","Quant.","Valor Unit","Total"]
["Composição"," 91677 ","SINAPI","ENGENHEIRO ELETRICISTA COM ENCARGOS COMPLEMENTARES","SEDI - SERVIÇOS DIVERSOS",null,"H",1,84.88,84.88]
["Composição Auxiliar"," 95407 ","SINAPI","CURSO DE CAPACITAÇÃO PARA ENGENHEIRO ELETRICISTA (ENCARGOS COMPLEMENTARES) - HORISTA","SEDI - SERVIÇOS DIVERSOS",null,"H",1,1.93,1.93]
["Insumo"," 00043486 ","SINAPI","EPI - FAMILIA ENGENHEIRO CIVIL - HORISTA (ENCARGOS COMPLEMENTARES - COLETADO CAIXA)","Mão de Obra",null,"H",1,0.56999999999999995,0.56999999999999995]
["Insumo"," 00034783 ","SINAPI","ENGENHEIRO ELETRICISTA","Mão de Obra",null,"H",1,81.95,81.95]
["Insumo"," 00037372 ","SINAPI","EXAMES - HORISTA (COLETADO CAIXA)","Mão de Obra",null,"H",1,0.35,0.35]
["Insumo"," 00043462 ","SINAPI","FERRAMENTAS - FAMILIA ENGENHEIRO CIVIL - HORISTA (ENCARGOS COMPLEMENTARES - COLETADO CAIXA)","Mão de Obra",null,"H",1,0.01,0.01]
["Insumo"," 00037373 ","SINAPI","SEGURO - HORISTA (COLETADO CAIXA)","Mão de Obra",null,"H",1,7.0000000000000007E-2,7.0000000000000007E-2]
[{"$nulls":4},"MO sem LS =>",84.88,"LS =>",0,"MO com LS =>",84.88]
[{"$nulls":4},"Valor do BDI =>",23.409904000000001,null,"Valor com BDI =>",null,108.29]
[]
[null,"Código","Banco","Descrição","Tipo",null,"Und","Quant.","Valor Unit","Total"]
["Composição"," 5632 ","SINAPI","ESCAVADEIRA HIDRÁULICA SOBRE ESTEIRAS, CAÇAMBA 0,80 M3, PESO OPERACIONAL 17 T, POTENCIA BRUTA 111 HP - CHI DIURNO. AF_06/2014","CHOR - CUSTOS HORÁRIOS DE MÁQUINAS E EQUIPAMENTOS",null,"CHI",1,39.56,39.56]
["Composição Auxiliar"," 5627 ","SINAPI","ESCAVADEIRA HIDRÁULICA SOBRE ESTEIRAS, CAÇAMBA 0,80 M3, PESO OPERACIONAL 17 T, POTENCIA BRUTA 111 HP - DEPRECIAÇÃO. AF_06/2014","CHOR - CUSTOS HORÁRIOS DE MÁQUINAS E EQUIPAMENTOS",null,"H",1,19.68,19.68]
["Composição Auxiliar"," 5628 ","SINAPI","ESCAVADEIRA HIDRÁULICA SOBRE ESTEIRAS, CAÇAMBA 0,80 M3, PESO OPERACIONAL 17 T, POTENCIA BRUTA 111 HP - JUROS. AF_06/2014","CHOR - CUSTOS HORÁRIOS DE MÁQUINAS E EQUIPAMENTOS",null,"H",1,2.67,2.67]
["Composição Auxiliar"," 88294 ","SINAPI","OPERADOR DE ESCAVADEIRA COM ENCARGOS COMPLEMENTARES","SEDI - SERVIÇOS DIVERSOS",null,"H",0.78066120000000006,22.05,17.21]
[{"$nulls":4},"MO sem LS =>",17.21,"LS =>",0,"MO com LS =>",17.21]
[{"$nulls":4},"Valor do BDI =>",10.910648,null,"Valor com BDI =>",null,50.47]
[]
[null,"Código","Banco","Descrição","Tipo",null,"Und","Quant.","Valor Unit","Total"]
["Composição"," 5631 ","SINAPI","ESCAVADEIRA HIDRÁULICA SOBRE ESTEIRAS, CAÇAMBA 0,80 M3, PESO OPERACIONAL 17 T, POTENCIA BRUTA 111 HP - CHP DIURNO. AF_06/2014","CHOR - CUSTOS HORÁRIOS DE MÁQUINAS E EQUIPAMENTOS",null,"CHP",1,90.39,90.39]
["Composição Auxiliar"," 5630 ","SINAPI","ESCAVADEIRA HIDRÁULICA SOBRE ESTEIRAS, CAÇAMBA 0,80 M3, PESO OPERACIONAL 17 T, POTENCIA BRUTA 111 HP - MATERIAIS NA OPERAÇÃO. AF_06/2014","CHOR - CUSTOS HORÁRIOS DE MÁQUINAS E EQUIPAMENTOS",null,"H",1,26.28,26.28]
["Composição Auxiliar"," 5627 ","SINAPI","ESCAVADEIRA HIDRÁULICA SOBRE ESTEIRAS, CAÇAMBA 0,80 M3, PESO OPERACIONAL 17 T, POTENCIA BRUTA 111 HP - DEPRECIAÇÃO. AF_06/2014","CHOR - CUSTOS HORÁRIOS DE MÁQUINAS E EQUIPAMENTOS",null,"H",1,19.68,19.68]
["Composição Auxiliar"," 5629 ","SINAPI","ESCAVADEIRA HIDRÁULICA SOBRE ESTEIRAS, CAÇAMBA 0,80 M3, PESO OPERACIONAL 17 T, POTENCIA BRUTA 111 HP - MANUTENÇÃO. AF_06/2014","CHOR - CUSTOS HORÁRIOS DE MÁQUINAS E EQUIPAMENTOS",null,"H",1,24.6,24.6]
["Composição Auxiliar"," 5628 ","SINAPI","ESCAVADEIRA HIDRÁULICA SOBRE ESTEIRAS, CAÇAMBA 0,80 M3, PESO OPERACIONAL 17 T, POTENCIA BRUTA 111 HP - JUROS. AF_06/2014","CHOR - CUSTOS HORÁRIOS DE MÁQUINAS E EQUIPAMENTOS",null,"H",1,2.67,2.67]
["Composição Auxiliar"," 88294 ","SINAPI","OPERADOR DE ESCAVADEIRA COM ENCARGOS COMPLEMENTARES","SEDI - SERVIÇOS DIVERSOS",null,"H",0.77817270000000005,22.05,17.16]
[{"$nulls":4},"MO sem LS =>",17.16,"LS =>",0,"MO com LS =>",17.16]
[{"$nulls":4},"Valor do BDI =>",24.929562000000001,null,"Valor com BDI =>",null,115.32]
[]
[null,"Código","Banco","Descrição","Tipo",null,"Und","Quant.","Valor Unit","Total"]
["Composição"," 5627 ","SINAPI","ESCAVADEIRA HIDRÁULICA SOBRE ESTEIRAS, CAÇAMBA 0,80 M3, PESO OPERACIONAL 17 T, POTENCIA BRUTA 111 HP - DEPRECIAÇÃO. AF_06/2014","CHOR - CUSTOS HORÁRIOS DE MÁQUINAS E EQUIPAMENTOS",null,"H",1,19.68,19.68]
["Insumo"," 00010685 ","SINAPI","ESCAVADEIRA HIDRAULICA SOBRE ESTEIRAS, CACAMBA 0,80M3, PESO OPERACIONAL 17T, POTENCIA BRUTA 111HP","Equipamento",null,"UN",5.5999999999999999E-5,351360,19.68]
[{"$nulls":4},"MO sem LS =>",0,"LS =>",0,"MO com LS =>",0]
[{"$nulls":4},"Valor do BDI =>",5.4277439999999997,null,"Valor com BDI =>",null,25.11]
[]
[null,"Código","Banco","Descrição","Tipo",null,"Und","Quant.","Valor Unit","Total"]
["Composição"," 5628 ","SINAPI","ESCAVADEIRA HIDRÁULICA SOBRE ESTEIRAS, CAÇAMBA 0,80 M3, PESO OPERACIONAL 17 T, POTENCIA BRUTA 111 HP - JUROS. AF_06/2014","CHOR - CUSTOS HORÁRIOS DE MÁQUINAS E EQUIPAMENTOS",null,"H",1,2.67,2.67]
["Insumo"," 00010685 ","SINAPI","ESCAVADEIRA HIDRAULICA SOBRE ESTEIRAS, CACAMBA 0,80M3, PESO OPERACIONAL 17T, POTENCIA BRUTA 111HP","Equipamento",null,"UN",7.6000000000000001E-6,351360,2.67]
[{"$nulls":4},"MO sem LS =>",0,"LS =>",0,"MO com LS =>",0]
[{"$nulls":4},"Valor do BDI =>",0.73638599999999999,null,"Valor com BDI =>",null,3.41]
[]
[null,"Código","Banco","Descrição","Tipo",null,"Und","Quant.","Valor Unit","Total"]
["Composição"," 5629 ","SINAPI","ESCAVADEIRA HIDRÁULICA SOBRE ESTEIRAS, CAÇAMBA 0,80 M3, PESO OPERACIONAL 17 T, POTENCIA BRUTA 111 HP - MANUTENÇÃO. AF_06/2014","CHOR - CUSTOS HORÁRIOS DE MÁQUINAS E EQUIPAMENTOS",null,"H",1,24.6,24.6]
["Insumo"," 00010685 ","SINAPI","ESCAVADEIRA HIDRAULICA SOBRE ESTEIRAS, CACAMBA 0,80M3, PESO OPERACIONAL 17T, POTENCIA BRUTA 111HP","Equipamento",null,"UN",6.9999999999999994E-5,351360,24.6]
[{"$nulls":4},"MO sem LS =>",0,"LS =>",0,"MO com LS =>",0]
[{"$nulls":4},"Valor do BDI =>",6.7846799999999998,null,"Valor com BDI =>",null,31.38]
[]
[null,"Código","Banco","Descrição","Tipo",null,"Und","Quant.","Valor Unit","Total"]
["Composição"," 5630 ","SINAPI","ESCAVADEIRA HIDRÁULICA SOBRE ESTEIRAS, CAÇAMBA 0,80 M3, PESO OPERACIONAL 17 T, POTENCIA BRUTA 111 HP - MATERIAIS NA OPERAÇÃO. AF_06/2014","CHOR - CUSTOS HORÁRIOS DE MÁQUINAS E EQUIPAMENTOS",null,"H",1,26.28,26.28]
["Insumo"," 00004221 ","SINAPI","OLEO DIESEL COMBUSTIVEL COMUM","Material",null,"L",10.77,2.44,26.28]
[{"$nulls":4},"MO sem LS =>",0,"LS =>",0,"MO com LS =>",0]
[{"$nulls":4},"Valor do BDI =>",7.248024,null,"Valor com BDI =>",null,33.53]
[]
[null,"Código","Banco","Descrição","Tipo",null,"Und","Quant.","Valor Unit","Total"]
["Composição"," 84013 ","SINAPI","ESCAVADEIRA HIDRÁULICA SOBRE ESTEIRAS, CAÇAMBA 0,80 M3, PESO OPERACIONAL 17,8 T, POTÊNCIA LÍQUIDA 110 HP - CHI DIURNO. AF_10/2014","CHOR - CUSTOS HORÁRIOS DE MÁQUINAS E EQUIPAMENTOS",null,"CHI",1,38.53,38.53]
["Composição Auxiliar"," 88834 ","SINAPI","ESCAVADEIRA HIDRÁULICA SOBRE ESTEIRAS, CAÇAMBA 0,80 M3, PESO OPERACIONAL 17,8 T, POTÊNCIA LÍQUIDA 110 HP - JUROS. AF_10/2014","CHOR - CUSTOS HORÁRIOS DE MÁQUINAS E EQUIPAMENTOS",null,"H",1,2.5499999999999998,2.5499999999999998]
["Composição Auxiliar"," 88832 ","SINAPI","ESCAVADEIRA HIDRÁULICA SOBRE ESTEIRAS, CAÇAMBA 0,80 M3, PESO OPERACIONAL 17,8 T, POTÊNCIA LÍQUIDA 110 HP - DEPRECIAÇÃO. AF_10/2014","CHOR - CUSTOS HORÁRIOS DE MÁQUINAS E EQUIPAMENTOS",null,"H",1,18.77,18.77]
["Composição Auxiliar"," 88294 ","SINAPI","OPERADOR DE ESCAVADEIRA COM ENCARGOS COMPLEMENTARES","SEDI - SERVIÇOS DIVERSOS",null,"H",0.78066120000000006,22.05,17.21]
[{"$nulls":4},"MO sem LS =>",17.21,"LS =>",0,"MO com LS =>",17.21]
[{"$nulls":4},"Valor do BDI =>",10.626574,null,"Valor com BDI =>",null,49.16]
[]
[null,"Código","Banco","Descrição","Tipo",null,"Und","Quant.","Valor Unit","Total"]
["Composição"," 90991 ","SINAPI","ESCAVADEIRA HIDRÁULICA SOBRE ESTEIRAS, CAÇAMBA 0,80 M3, PESO OPERACIONAL 17,8 T, POTÊNCIA LÍQUIDA 110 HP - CHP DIURNO. AF_10/2014","CHOR - CUSTOS HORÁRIOS DE MÁQUINAS E EQUIPAMENTOS",null,"CHP",1,87.99,87.99]
["Composição Auxiliar"," 88834 ","SINAPI","ESCAVADEIRA HIDRÁULICA SOBRE ESTEIRAS, CAÇAMBA 0,80 M3, PESO OPERACIONAL 17,8 T, POTÊNCIA LÍQUIDA 110 HP - JUROS. AF_10/2014","CHOR - CUSTOS HORÁRIOS DE MÁQUINAS E EQUIPAMENTOS",null,"H",1,2.5499999999999998,2.5499999999999998]
["Composição Auxiliar"," 88836 ","SINAPI","ESCAVADEIRA HIDRÁULICA SOBRE ESTEIRAS, CAÇAMBA 0,80 M3, PESO OPERACIONAL 17,8 T, POTÊNCIA LÍQUIDA 110 HP - MATERIAIS NA OPERAÇÃO. AF_10/2014","CHOR - CUSTOS HORÁRIOS DE MÁQUINAS E EQUIPAMENTOS",null,"H",1,26.03,26.03]
["Composição Auxiliar"," 88835 ","SINAPI","ESCAVADEIRA HIDRÁULICA SOBRE ESTEIRAS, CAÇAMBA 0,80 M3, PESO OPERACIONAL 17,8 T, POTÊNCIA LÍQUIDA 110 HP - MANUTENÇÃO. AF_10/2014","CHOR - CUSTOS HORÁRIOS DE MÁQUINAS E EQUIPAMENTOS",null,"H",1,23.47,23.47]
["Composição Auxiliar"," 88832 ","SINAPI","ESCAVADEIRA HIDRÁULICA SOBRE ESTEIRAS, CAÇAMBA 0,80 M3, PESO OPERACIONAL 17,8 T, POTÊNCIA LÍQUIDA 110 HP - DEPRECIAÇÃO. AF_10/2014","CHOR - CUSTOS HORÁRIOS DE MÁQUINAS E EQUIPAMENTOS",null,"H",1,18.77,18.77]
["Composição Auxiliar"," 88294 ","SINAPI","OPERADOR DE ESCAVADEIRA COM ENCARGOS COMPLEMENTARES","SEDI - SERVIÇOS DIVERSOS",null,"H",0.77888369999999996,22.05,17.170000000000002]
[{"$nulls":4},"MO sem LS =>",17.170000000000002,"LS =>",0,"MO com LS =>",17.170000000000002]
[{"$nulls":4},"Valor do BDI =>",24.267641999999999,null,"Valor com BDI =>",null,112.26]
[]
[null,"Código","Banco","Descrição","Tipo",null,"Und","Quant.","Valor Unit","Total"]
["Composição"," 88832 ","SINAPI","ESCAVADEIRA HIDRÁULICA SOBRE ESTEIRAS, CAÇAMBA 0,80 M3, PESO OPERACIONAL 17,8 T, POTÊNCIA LÍQUIDA 110 HP - DEPRECIAÇÃO. AF_10/2014","CHOR - CUSTOS HORÁRIOS DE MÁQUINAS E EQUIPAMENTOS",null,"H",1,18.77,18.77]
["Insumo"," 00036482 ","SINAPI","ESCAVADEIRA HIDRAULICA SOBRE ESTEIRAS, CACAMBA  0,80 M3, PESO OPERACIONAL 17,8 T, POTENCIA LIQUIDA 110 HP","Equipamento",null,"UN",5.5999999999999999E-5,335240.90000000002,18.77]
[{"$nulls":4},"MO sem LS =>",0,"LS =>",0,"MO com LS =>",0]
[{"$nulls":4},"Valor do BDI =>",5.1767659999999998,null,"Valor com BDI =>",null,23.95]
[]
[null,"Código","Banco","Descrição","Tipo",null,"Und","Quant.","Valor Unit","Total"]
["Composição"," 88834 ","SINAPI","ESCAVADEIRA HIDRÁULICA SOBRE ESTEIRAS, CAÇAMBA 0,80 M3, PESO OPERACIONAL 17,8 T, POTÊNCIA LÍQUIDA 110 HP - JUROS. AF_10/2014","CHOR - CUSTOS HORÁRIOS DE MÁQUINAS E EQUIPAMENTOS",null,"H",1,2.5499999999999998,2.5499999999999998]
["Insumo"," 00036482 ","SINAPI","ESCAVADEIRA HIDRAULICA SOBRE ESTEIRAS, CACAMBA  0,80 M3, PESO OPERACIONAL 17,8 T, POTENCIA LIQUIDA 110 HP","Equipamento",null,"UN",7.6000000000000001E-6,335240.90000000002,2.5499999999999998]
[{"$nulls":4},"MO sem LS =>",0,"LS =>",0,"MO com LS =>",0]
[{"$nulls":4},"Valor do BDI =>",0.70328999999999997,null,"Valor com BDI =>",null,3.25]
[]
[null,"Código","Banco","Descrição","Tipo",null,"Und","Quant.","Valor Unit","Total"]
["Composição"," 88835 ","SINAPI","ESCAVADEIRA HIDRÁULICA SOBRE ESTEIRAS, CAÇAMBA 0,80 M3, PESO OPERACIONAL 17,8 T, POTÊNCIA LÍQUIDA 110 HP - MANUTENÇÃO. AF_10/2014","CHOR - CUSTOS HORÁRIOS DE MÁQUINAS E EQUIPAMENTOS",null,"H",1,23.47,23.47]
["Insumo"," 00036482 ","SINAPI","ESCAVADEIRA HIDRAULICA SOBRE ESTEIRAS, CACAMBA  0,80 M3, PESO OPERACIONAL 17,8 T, POTENCIA LIQUIDA 110 HP","Equipamento",null,"UN",6.9999999999999994E-5,335240.90000000002,23.47]
[{"$nulls":4},"MO sem LS =>",0,"LS =>",0,"MO com LS =>",0]
[{"$nulls":4},"Valor do BDI =>",6.4730259999999999,null,"Valor com BDI =>",null,29.94]
[]
[null,"Código","Banco","Descrição","Tipo",null,"Und","Quant.","Valor Unit","Total"]
["Composição"," 88836 ","SINAPI","ESCAVADEIRA HIDRÁULICA SOBRE ESTEIRAS, CAÇAMBA 0,80 M3, PESO OPERACIONAL 17,8 T, POTÊNCIA LÍQUIDA 110 HP - MATERIAIS NA OPERAÇÃO. AF_10/2014","CHOR - CUSTOS HORÁRIOS DE MÁQUINAS E EQUIPAMENTOS",null,"H",1,26.03,26.03]
["Insumo"," 00004221 ","SINAPI","OLEO DIESEL COMBUSTIVEL COMUM","Material",null,"L",10.67,2.44,26.03]
[{"$nulls":4},"MO sem LS =>",0,"LS =>",0,"MO com LS =>",0]
[{"$nulls":4},"Valor do BDI =>",7.179074,null,"Valor com BDI =>",null,33.21]
[]
[null,"Código","Banco","Descrição","Tipo",null,"Und","Quant.","Valor Unit","Total"]
["Composição"," 88908 ","SINAPI","ESCAVADEIRA HIDRÁULICA SOBRE ESTEIRAS, CAÇAMBA 1,20 M3, PESO OPERACIONAL 21 T, POTÊNCIA BRUTA 155 HP - CHI DIURNO. AF_06/2014","CHOR - CUSTOS HORÁRIOS DE MÁQUINAS E EQUIPAMENTOS",null,"CHI",1,42.08,42.08]
["Composição Auxiliar"," 88902 ","SINAPI","ESCAVADEIRA HIDRÁULICA SOBRE ESTEIRAS, CAÇAMBA 1,20 M3, PESO OPERACIONAL 21 T, POTÊNCIA BRUTA 155 HP - JUROS. AF_06/2014","CHOR - CUSTOS HORÁRIOS DE MÁQUINAS E EQUIPAMENTOS",null,"H",1,2.97,2.97]
["Composição Auxiliar"," 88900 ","SINAPI","ESCAVADEIRA HIDRÁULICA SOBRE ESTEIRAS, CAÇAMBA 1,20 M3, PESO OPERACIONAL 21 T, POTÊNCIA BRUTA 155 HP - DEPRECIAÇÃO. AF_06/2014","CHOR - CUSTOS HORÁRIOS DE MÁQUINAS E EQUIPAMENTOS",null,"H",1,21.89,21.89]
["Composição Auxiliar"," 88294 ","SINAPI","OPERADOR DE ESCAVADEIRA COM ENCARGOS COMPLEMENTARES","SEDI - SERVIÇOS DIVERSOS",null,"H",0.78101670000000001,22.05,17.22]
[{"$nulls":4},"MO sem LS =>",17.22,"LS =>",0,"MO com LS =>",17.22]
[{"$nulls":4},"Valor do BDI =>",11.605664000000001,null,"Valor com BDI =>",null,53.69]
[]
[null,"Código","Banco","Descrição","Tipo",null,"Und","Quant.","Valor Unit","Total"]
["Composição"," 88907 ","SINAPI","ESCAVADEIRA HIDRÁULICA SOBRE ESTEIRAS, CAÇAMBA 1,20 M3, PESO OPERACIONAL 21 T, POTÊNCIA BRUTA 155 HP - CHP DIURNO. AF_06/2014","CHOR - CUSTOS HORÁRIOS DE MÁQUINAS E EQUIPAMENTOS",null,"CHP",1,106.05,106.05]
["Composição Auxiliar"," 88902 ","SINAPI","ESCAVADEIRA HIDRÁULICA SOBRE ESTEIRAS, CAÇAMBA 1,20 M3, PESO OPERACIONAL 21 T, POTÊNCIA BRUTA 155 HP - JUROS. AF_06/2014","CHOR - CUSTOS HORÁRIOS DE MÁQUINAS E EQUIPAMENTOS",null,"H",1,2.97,2.97]
["Composição Auxiliar"," 88904 ","SINAPI","ESCAVADEIRA HIDRÁULICA SOBRE ESTEIRAS, CAÇAMBA 1,20 M3, PESO OPERACIONAL 21 T, POTÊNCIA BRUTA 155 HP - MATERIAIS NA OPERAÇÃO. AF_06/2014","CHOR - CUSTOS HORÁRIOS DE MÁQUINAS E EQUIPAMENTOS",null,"H",1,36.67,36.67]
["Composição Auxiliar"," 88903 ","SINAPI","ESCAVADEIRA HIDRÁULICA SOBRE ESTEIRAS, CAÇAMBA 1,20 M3, PESO OPERACIONAL 21 T, POTÊNCIA BRUTA 155 HP - MANUTENÇÃO. AF_06/2014","CHOR - CUSTOS HORÁRIOS DE MÁQUINAS E EQUIPAMENTOS",null,"H",1,27.36,27.36]
["Composição Auxiliar"," 88900 ","SINAPI","ESCAVADEIRA HIDRÁULICA SOBRE ESTEIRAS, CAÇAMBA 1,20 M3, PESO OPERACIONAL 21 T, POTÊNCIA BRUTA 155 HP - DEPRECIAÇÃO. AF_06/2014","CHOR - CUSTOS HORÁRIOS DE MÁQUINAS E EQUIPAMENTOS",null,"H",1,21.89,21.89]
["Composição Auxiliar"," 88294 ","SINAPI","OPERADOR DE ESCAVADEIRA COM ENCARGOS COMPLEMENTARES","SEDI - SERVIÇOS DIVERSOS",null,"H",0.77817270000000005,22.05,17.16]
[{"$nulls":4},"MO sem LS =>",17.16,"LS =>",0,"MO com LS =>",17.16]
[{"$nulls":4},"Valor do BDI =>",29.24859,null,"Valor com BDI =>",null,135.30000000000001]
[]
[null,"Código","Banco","Descrição","Tipo",null,"Und","Quant.","Valor Unit","Total"]
["Composição"," 88900 ","SINAPI","ESCAVADEIRA HIDRÁULICA SOBRE ESTEIRAS, CAÇAMBA 1,20 M3, PESO OPERACIONAL 21 T, POTÊNCIA BRUTA 155 HP - DEPRECIAÇÃO. AF_06/2014","CHOR - CUSTOS HORÁRIOS DE MÁQUINAS E EQUIPAMENTOS",null,"H",1,21.89,21.89]
["Insumo"," 00014525 ","SINAPI","ESCAVADEIRA HIDRAULICA SOBRE ESTEIRAS COM CACAMBA DE 1,20 M3, PESO OPERACIONAL 21 T, POTENCIA BRUTA 155 HP","Equipamento",null,"UN",5.5999999999999999E-5,390888,21.89]
[{"$nulls":4},"MO sem LS =>",0,"LS =>",0,"MO com LS =>",0]
[{"$nulls":4},"Valor do BDI =>",6.0372620000000001,null,"Valor com BDI =>",null,27.93]
[]
[null,"Código","Banco","Descrição","Tipo",null,"Und","Quant.","Valor Unit","Total"]
["Composição"," 88902 ","SINAPI","ESCAVADEIRA HIDRÁULICA SOBRE ESTEIRAS, CAÇAMBA 1,20 M3, PESO OPERACIONAL 21 T, POTÊNCIA BRUTA 155 HP - JUROS. AF_06/2014","CHOR - CUSTOS HORÁRIOS DE MÁQUINAS E EQUIPAMENTOS",null,"H",1,2.97,2.97]
["Insumo"," 00014525 ","SINAPI","ESCAVADEIRA HIDRAULICA SOBRE ESTEIRAS COM CACAMBA DE 1,20 M3, PESO OPERACIONAL 21 T, POTENCIA BRUTA 155 HP","Equipamento",null,"UN",7.6000000000000001E-6,390888,2.97]
[{"$nulls":4},"MO sem LS =>",0,"LS =>",0,"MO com LS =>",0]
[{"$nulls":4},"Valor do BDI =>",0.81912600000000002,null,"Valor com BDI =>",null,3.79]
[]
[null,"Código","Banco","Descrição","Tipo",null,"Und","Quant.","Valor Unit","Total"]
["Composição"," 88903 ","SINAPI","ESCAVADEIRA HIDRÁULICA SOBRE ESTEIRAS, CAÇAMBA 1,20 M3, PESO OPERACIONAL 21 T, POTÊNCIA BRUTA 155 HP - MANUTENÇÃO. AF_06/2014","CHOR - CUSTOS HORÁRIOS DE MÁQUINAS E EQUIPAMENTOS",null,"H",1,27.36,27.36]
["Insumo"," 00014525 ","SINAPI","ESCAVADEIRA HIDRAULICA SOBRE ESTEIRAS COM CACAMBA DE 1,20 M3, PESO OPERACIONAL 21 T, POTENCIA BRUTA 155 HP","Equipamento",null,"UN",6.9999999999999994E-5,390888,27.36]
[{"$nulls":4},"MO sem LS =>",0,"LS =>",0,"MO com LS =>",0]
[{"$nulls":4},"Valor do BDI =>",7.5458879999999997,null,"Valor com BDI =>",null,34.909999999999997]
[]
[null,"Código","Banco","Descrição","Tipo",null,"Und","Quant.","Valor Unit","Total"]
["Composição"," 88904 ","SINAPI","ESCAVADEIRA HIDRÁULICA SOBRE ESTEIRAS, CAÇAMBA 1,20 M3, PESO OPERACIONAL 21 T, POTÊNCIA BRUTA 155 HP - MATERIAIS NA OPERAÇÃO. AF_06/2014","CHOR - CUSTOS HORÁRIOS DE MÁQUINAS E EQUIPAMENTOS",null,"H",1,36.67,36.67]
["Insumo"," 00004221 ","SINAPI","OLEO DIESEL COMBUSTIVEL COMUM","Material",null,"L",15.03,2.44,36.67]
[{"$nulls":4},"MO sem LS =>",0,"LS =>",0,"MO com LS =>",0]
[{"$nulls":4},"Valor do BDI =>",10.113586,null,"Valor com BDI =>",null,46.78]
[]
[null,"Código","Banco","Descrição","Tipo",null,"Und","Quant.","Valor Unit","Total"]
["Composição"," V208 ","Próprio","ESCAVAÇÃO P/ POSTE DE CONCRETO ATÉ 1.60M","ASTU - ASSENTAMENTO DE TUBOS E PECAS",null,"CAVA",1,40.89,40.89]
["Composição Auxiliar"," 88316 ","SINAPI","SERVENTE COM ENCARGOS COMPLEMENTARES","SEDI - SERVIÇOS DIVERSOS",null,"H",2.7330462999999998,14.96,40.89]
[{"$nulls":4},"MO sem LS =>",40.89,"LS =>",0,"MO com LS =>",40.89]
[{"$nulls":4},"Valor do BDI =>",11.277462,null,"Valor com BDI =>",null,52.17]
[]
[null,"Código","Banco","Descrição","Tipo",null,"Und","Quant.","Valor Unit","Total"]
["Composição"," 101232 ","SINAPI","ESCAVAÇÃO VERTICAL A CÉU ABERTO, EM OBRAS DE INFRAESTRUTURA, INCLUINDO CARGA, DESCARGA E TRANSPORTE, EM SOLO DE 1ª CATEGORIA COM ESCAVADEIRA HIDRÁULICA (CAÇAMBA: 1,2 M³ / 155 HP), FROTA DE 3 CAMINHÕES BASCULANTES DE 14 M³, DMT ATÉ 1 KM E VELOCIDADE MÉDIA14KM/H. AF_05/2020","MOVT - MOVIMENTO DE TERRA",null,"m³",1,3.91,3.91]
["Composição Auxiliar"," 89877 ","SINAPI","CAMINHÃO BASCULANTE 14 M3, COM CAVALO MECÂNICO DE CAPACIDADE MÁXIMA DE TRAÇÃO COMBINADO DE 36000 KG, POTÊNCIA 286 CV, INCLUSIVE SEMIREBOQUE COM CAÇAMBA METÁLICA - CHI DIURNO. AF_12/2014","CHOR - CUSTOS HORÁRIOS DE MÁQUINAS E EQUIPAMENTOS",null,"CHI",6.8999999999999999E-3,33.049999999999997,0.23]
["Composição Auxiliar"," 88907 ","SINAPI","ESCAVADEIRA HIDRÁULICA SOBRE ESTEIRAS, CAÇAMBA 1,20 M3, PESO OPERACIONAL 21 T, POTÊNCIA BRUTA 155 HP - CHP DIURNO. AF_06/2014","CHOR - CUSTOS HORÁRIOS DE MÁQUINAS E EQUIPAMENTOS",null,"CHP",7.3000000000000001E-3,106.05,0.77]
["Composição Auxiliar"," 89876 ","SINAPI","CAMINHÃO BASCULANTE 14 M3, COM CAVALO MECÂNICO DE CAPACIDADE MÁXIMA DE TRAÇÃO COMBINADO DE 36000 KG, POTÊNCIA 286 CV, INCLUSIVE SEMIREBOQUE COM CAÇAMBA METÁLICA - CHP DIURNO. AF_12/2014","CHOR - CUSTOS HORÁRIOS DE MÁQUINAS E EQUIPAMENTOS",null,"CHP",2.0500000000000001E-2,133.36000000000001,2.73]
["Composição Auxiliar"," 88908 ","SINAPI","ESCAVADEIRA HIDRÁULICA SOBRE ESTEIRAS, CAÇAMBA 1,20 M3, PESO OPERACIONAL 21 T, POTÊNCIA BRUTA 155 HP - CHI DIURNO. AF_06/2014","CHOR - CUSTOS HORÁRIOS DE MÁQUINAS E EQUIPAMENTOS",null,"CHI",1.8E-3,42.08,0.08]
["Composição Auxiliar"," 88316 ","SINAPI","SERVENTE COM ENCARGOS COMPLEMENTARES","SEDI - SERVIÇOS DIVERSOS",null,"H",6.9471999999999997E-3,14.96,0.1]
[{"$nulls":4},"MO sem LS =>",0.64,"LS =>",0,"MO com LS =>",0.64]
[{"$nulls":4},"Valor do BDI =>",1.0783780000000001,null,"Valor com BDI =>",null,4.99]
[]
[null,"Código","Banco","Descrição","Tipo",null,"Und","Quant.","Valor Unit","Total"]
["Composição"," 73301 ","SINAPI","ESCORAMENTO FORMAS ATE H = 3,30M, COM MADEIRA DE 3A QUALIDADE, NAO APARELHADA, APROVEITAMENTO TABUAS 3X E PRUMOS 4X.","ESCO - ESCORAMENTO",null,"m³",1,7.11,7.11]
["Composição Auxiliar"," 88316 ","SINAPI","SERVENTE COM ENCARGOS COMPLEMENTARES","SEDI - SERVIÇOS DIVERSOS",null,"H",0.1329804,14.96,1.99]
["Composição Auxiliar"," 88262 ","SINAPI","CARPINTEIRO DE FORMAS COM ENCARGOS COMPLEMENTARES","SEDI - SERVIÇOS DIVERSOS",null,"H",0.1329804,19.260000000000002,2.56]
["Insumo"," 00004491 ","SINAPI","PONTALETE DE MADEIRA NAO APARELHADA *7,5 X 7,5* CM (3 X 3 \") PINUS, MISTA OU EQUIVALENTE DA REGIAO","Material",null,"M",0.4,3.27,1.31]
["Insumo"," 00010567 ","SINAPI","TABUA DE MADEIRA NAO APARELHADA *2,5 X 23* CM (1 x 9 \") PINUS, MISTA OU EQUIVALENTE DA REGIAO","Material",null,"M",0.24399999999999999,4.04,0.99]
["Insumo"," 00005075 ","SINAPI","PREGO DE ACO POLIDO COM CABECA 18 X 30 (2 3/4 X 10)","Material",null,"KG",3.3000000000000002E-2,7.94,0.26]
[{"$nulls":4},"MO sem LS =>",4.55,"LS =>",0,"MO com LS =>",4.55]
[{"$nulls":4},"Valor do BDI =>",1.9609380000000001,null,"Valor com BDI =>",null,9.07]
[]
[null,"Código","Banco","Descrição","Tipo",null,"Und","Quant.","Valor Unit","Total"]
["Composição"," 93208 ","SINAPI","EXECUÇÃO DE ALMOXARIFADO EM CANTEIRO DE OBRA EM CHAPA DE MADEIRA COMPENSADA, INCLUSO PRATELEIRAS. AF_02/2016","CANT - CANTEIRO DE OBRAS",null,"m²",1,430.07,430.07]
["Composição Auxiliar"," 98442 ","SINAPI","PAREDE DE MADEIRA COMPENSADA PARA CONSTRUÇÃO TEMPORÁRIA EM CHAPA SIMPLES, EXTERNA, COM ÁREA LÍQUIDA MENOR QUE 6 M², SEM VÃO. AF_05/2018","CANT - CANTEIRO DE OBRAS",null,"m²",0.40479999999999999,64.31,26.03]
["Composição Auxiliar"," 98441 ","SINAPI","PAREDE DE MADEIRA COMPENSADA PARA CONSTRUÇÃO TEMPORÁRIA EM CHAPA SIMPLES, EXTERNA, COM ÁREA LÍQUIDA MAIOR OU IGUAL A 6 M², SEM VÃO. AF_05/2018","CANT - CANTEIRO DE OBRAS",null,"m²",0.35170000000000001,62.46,21.97]
["Composição Auxiliar"," 98443 ","SINAPI","PAREDE DE MADEIRA COMPENSADA PARA CONSTRUÇÃO TEMPORÁRIA EM CHAPA SIMPLES, INTERNA, COM ÁREA LÍQUIDA MAIOR OU IGUAL A 6 M², SEM VÃO. AF_05/2018","CANT - CANTEIRO DE OBRAS",null,"m²",2.81E-2,53.74,1.51]
["Composição Auxiliar"," 98447 ","SINAPI","PAREDE DE MADEIRA COMPENSADA PARA CONSTRUÇÃO TEMPORÁRIA EM CHAPA SIMPLES, INTERNA, COM ÁREA LÍQUIDA MAIOR OU IGUAL A 6 M², COM VÃO. AF_05/2018","CANT - CANTEIRO DE OBRAS",null,"m²",4.3900000000000002E-2,62.59,2.75]
["Composição Auxiliar"," 98444 ","SINAPI","PAREDE DE MADEIRA COMPENSADA PARA CONSTRUÇÃO TEMPORÁRIA EM CHAPA SIMPLES, INTERNA, COM ÁREA LÍQUIDA MENOR QUE 6 M², SEM VÃO. AF_05/2018","CANT - CANTEIRO DE OBRAS",null,"m²",3.2300000000000002E-2,55.06,1.78]
["Composição Auxiliar"," 98445 ","SINAPI","PAREDE DE MADEIRA COMPENSADA PARA CONSTRUÇÃO TEMPORÁRIA EM CHAPA SIMPLES, EXTERNA, COM ÁREA LÍQUIDA MAIOR OU IGUAL A 6 M², COM VÃO. AF_05/2018","CANT - CANTEIRO DE OBRAS",null,"m²",0.54949999999999999,74.56,40.97]
["Composição Auxiliar"," 98446 ","SINAPI","PAREDE DE MADEIRA COMPENSADA PARA CONSTRUÇÃO TEMPORÁRIA EM CHAPA SIMPLES, EXTERNA, COM ÁREA LÍQUIDA MENOR QUE 6 M², COM VÃO. AF_05/2018","CANT - CANTEIRO DE OBRAS",null,"m²",0.4284,96.1,41.17]
["Composição Auxiliar"," 98448 ","SINAPI","PAREDE DE MADEIRA COMPENSADA PARA CONSTRUÇÃO TEMPORÁRIA EM CHAPA SIMPLES, INTERNA, COM ÁREA LÍQUIDA MENOR QUE 6 M², COM VÃO. AF_05/2018","CANT - CANTEIRO DE OBRAS",null,"m²",3.4200000000000001E-2,78.930000000000007,2.7]
["Composição Auxiliar"," 92543 ","SINAPI","TRAMA DE MADEIRA COMPOSTA POR TERÇAS PARA TELHADOS DE ATÉ 2 ÁGUAS PARA TELHA ONDULADA DE FIBROCIMENTO, METÁLICA, PLÁSTICA OU TERMOACÚSTICA, INCLUSO TRANSPORTE VERTICAL. AF_07/2019","COBE - COBERTURA",null,"m²",1.4396,9.2200000000000006,13.27]
["Composição Auxiliar"," 94210 ","SINAPI","TELHAMENTO COM TELHA ONDULADA DE FIBROCIMENTO E = 6 MM, COM RECOBRIMENTO LATERAL DE 1 1/4 DE ONDA PARA TELHADO COM INCLINAÇÃO MÁXIMA DE 10°, COM ATÉ 2 ÁGUAS, INCLUSO IÇAMENTO. AF_07/2019","COBE - COBERTURA",null,"m²",1.4396,32.06,46.15]
["Composição Auxiliar"," 94559 ","SINAPI","JANELA DE AÇO TIPO BASCULANTE PARA VIDROS, COM BATENTE, FERRAGENS E PINTURA ANTICORROSIVA. EXCLUSIVE VIDROS, ACABAMENTO, ALIZAR E CONTRAMARCO. FORNECIMENTO E INSTALAÇÃO. AF_12/2019","ESQV - ESQUADRIAS/FERRAGENS/VIDROS",null,"m²",7.5499999999999998E-2,456.05,34.43]
["Composição Auxiliar"," 91341 ","SINAPI","PORTA EM ALUMÍNIO DE ABRIR TIPO VENEZIANA COM GUARNIÇÃO, FIXAÇÃO COM PARAFUSOS - FORNECIMENTO E INSTALAÇÃO. AF_12/2019","ESQV - ESQUADRIAS/FERRAGENS/VIDROS",null,"m²",6.3399999999999998E-2,301.31,19.100000000000001]
["Composição Auxiliar"," 95240 ","SINAPI","LASTRO DE CONCRETO MAGRO, APLICADO EM PISOS OU RADIERS, ESPESSURA DE 3 CM. AF_07/2016","FUES - FUNDAÇÕES E ESTRUTURAS",null,"m²",6.0000000000000001E-3,9.2100000000000009,0.06]
["Composição Auxiliar"," 95241 ","SINAPI","LASTRO DE CONCRETO MAGRO, APLICADO EM PISOS OU RADIERS, ESPESSURA DE 5 CM. AF_07/2016","FUES - FUNDAÇÕES E ESTRUTURAS",null,"m²",1.4396,15.36,22.11]
["Composição Auxiliar"," 101165 ","SINAPI","ALVENARIA DE EMBASAMENTO COM BLOCO ESTRUTURAL DE CONCRETO, DE 14X19X29CM E ARGAMASSA DE ASSENTAMENTO COM PREPARO EM BETONEIRA. AF_05/2020","FUES - FUNDAÇÕES E ESTRUTURAS",null,"m³",2.69E-2,481.39,12.95]
["Composição Auxiliar"," 91862 ","SINAPI","ELETRODUTO RÍGIDO ROSCÁVEL, PVC, DN 20 MM (1/2\"), PARA CIRCUITOS TERMINAIS, INSTALADO EM FORRO - FORNECIMENTO E INSTALAÇÃO. AF_12/2015","INEL - INSTALAÇÃO ELÉTRICA/ELETRIFICAÇÃO E ILUMINAÇÃO EXTERNA",null,"M",0.25180000000000002,5.41,1.36]
["Composição Auxiliar"," 91870 ","SINAPI","ELETRODUTO RÍGIDO ROSCÁVEL, PVC, DN 20 MM (1/2\"), PARA CIRCUITOS TERMINAIS, INSTALADO EM PAREDE - FORNECIMENTO E INSTALAÇÃO. AF_12/2015","INEL - INSTALAÇÃO ELÉTRICA/ELETRIFICAÇÃO E ILUMINAÇÃO EXTERNA",null,"M",0.2266,5.83,1.32]
["Composição Auxiliar"," 91911 ","SINAPI","CURVA 90 GRAUS PARA ELETRODUTO, PVC, ROSCÁVEL, DN 20 MM (1/2\"), PARA CIRCUITOS TERMINAIS, INSTALADA EM PAREDE - FORNECIMENTO E INSTALAÇÃO. AF_12/2015","INEL - INSTALAÇÃO ELÉTRICA/ELETRIFICAÇÃO E ILUMINAÇÃO EXTERNA",null,"UN",7.5499999999999998E-2,7.35,0.55000000000000004]
["Composição Auxiliar"," 97611 ","SINAPI","LÂMPADA COMPACTA FLUORESCENTE DE 15 W, BASE E27 - FORNECIMENTO E INSTALAÇÃO. AF_02/2020","INEL - INSTALAÇÃO ELÉTRICA/ELETRIFICAÇÃO E ILUMINAÇÃO EXTERNA",null,"UN",2.52E-2,14.26,0.36]
["Composição Auxiliar"," 97593 ","SINAPI","LUMINÁRIA TIPO SPOT, DE SOBREPOR, COM 1 LÂMPADA FLUORESCENTE DE 15 W, SEM REATOR - FORNECIMENTO E INSTALAÇÃO. AF_02/2020","INEL - INSTALAÇÃO ELÉTRICA/ELETRIFICAÇÃO E ILUMINAÇÃO EXTERNA",null,"UN",2.52E-2,65.05,1.64]
["Composição Auxiliar"," 91926 ","SINAPI","CABO DE COBRE FLEXÍVEL ISOLADO, 2,5 MM², ANTI-CHAMA 450/750 V, PARA CIRCUITOS TERMINAIS - FORNECIMENTO E INSTALAÇÃO. AF_12/2015","INEL - INSTALAÇÃO ELÉTRICA/ELETRIFICAÇÃO E ILUMINAÇÃO EXTERNA",null,"M",0.67979999999999996,2.12,1.44]
["Composição Auxiliar"," 84402 ","SINAPI","QUADRO DE DISTRIBUICAO DE ENERGIA P/ 6 DISJUNTORES TERMOMAGNETICOS MONOPOLARES SEM BARRAMENTO, DE EMBUTIR, EM CHAPA METALICA - FORNECIMENTO E INSTALACAO","INEL - INSTALAÇÃO ELÉTRICA/ELETRIFICAÇÃO E ILUMINAÇÃO EXTERNA",null,"UN",2.52E-2,51.74,1.3]
["Composição Auxiliar"," 92025 ","SINAPI","INTERRUPTOR SIMPLES (1 MÓDULO) COM 2 TOMADAS DE EMBUTIR 2P+T 10 A,  INCLUINDO SUPORTE E PLACA - FORNECIMENTO E INSTALAÇÃO. AF_12/2015","INEL - INSTALAÇÃO ELÉTRICA/ELETRIFICAÇÃO E ILUMINAÇÃO EXTERNA",null,"UN",2.52E-2,41.95,1.06]
["Composição Auxiliar"," 95805 ","SINAPI","CONDULETE DE PVC, TIPO B, PARA ELETRODUTO DE PVC SOLDÁVEL DN 25 MM (3/4''), APARENTE - FORNECIMENTO E INSTALAÇÃO. AF_11/2016","INEL - INSTALAÇÃO ELÉTRICA/ELETRIFICAÇÃO E ILUMINAÇÃO EXTERNA",null,"UN",5.04E-2,13.56,0.68]
["Composição Auxiliar"," 95811 ","SINAPI","CONDULETE DE PVC, TIPO LB, PARA ELETRODUTO DE PVC SOLDÁVEL DN 25 MM (3/4''), APARENTE - FORNECIMENTO E INSTALAÇÃO. AF_11/2016","INEL - INSTALAÇÃO ELÉTRICA/ELETRIFICAÇÃO E ILUMINAÇÃO EXTERNA",null,"UN",2.52E-2,8.69,0.22]
["Composição Auxiliar"," 91937 ","SINAPI","CAIXA OCTOGONAL 3\" X 3\", PVC, INSTALADA EM LAJE - FORNECIMENTO E INSTALAÇÃO. AF_12/2015","INEL - INSTALAÇÃO ELÉTRICA/ELETRIFICAÇÃO E ILUMINAÇÃO EXTERNA",null,"UN",0.12590000000000001,6.23,0.78]
["Composição Auxiliar"," 92000 ","SINAPI","TOMADA BAIXA DE EMBUTIR (1 MÓDULO), 2P+T 10 A, INCLUINDO SUPORTE E PLACA - FORNECIMENTO E INSTALAÇÃO. AF_12/2015","INEL - INSTALAÇÃO ELÉTRICA/ELETRIFICAÇÃO E ILUMINAÇÃO EXTERNA",null,"UN",5.04E-2,17.59,0.89]
["Composição Auxiliar"," 91924 ","SINAPI","CABO DE COBRE FLEXÍVEL ISOLADO, 1,5 MM², ANTI-CHAMA 450/750 V, PARA CIRCUITOS TERMINAIS - FORNECIMENTO E INSTALAÇÃO. AF_12/2015","INEL - INSTALAÇÃO ELÉTRICA/ELETRIFICAÇÃO E ILUMINAÇÃO EXTERNA",null,"M",0.62190000000000001,1.48,0.92]
["Composição Auxiliar"," 97586 ","SINAPI","LUMINÁRIA TIPO CALHA, DE SOBREPOR, COM 2 LÂMPADAS TUBULARES FLUORESCENTES DE 36 W, COM REATOR DE PARTIDA RÁPIDA - FORNECIMENTO E INSTALAÇÃO. AF_02/2020","INEL - INSTALAÇÃO ELÉTRICA/ELETRIFICAÇÃO E ILUMINAÇÃO EXTERNA",null,"UN",0.1007,67.959999999999994,6.84]
["Composição Auxiliar"," 74130/001 ","SINAPI","DISJUNTOR TERMOMAGNETICO MONOPOLAR PADRAO NEMA (AMERICANO) 10 A 30A 240V, FORNECIMENTO E INSTALACAO","INEL - INSTALAÇÃO ELÉTRICA/ELETRIFICAÇÃO E ILUMINAÇÃO EXTERNA",null,"UN",5.04E-2,9.67,0.49]
["Composição Auxiliar"," 91173 ","SINAPI","FIXAÇÃO DE TUBOS VERTICAIS DE PPR DIÂMETROS MENORES OU IGUAIS A 40 MM COM ABRAÇADEIRA METÁLICA RÍGIDA TIPO D 1/2\", FIXADA EM PERFILADO EM ALVENARIA. AF_05/2015","INHI - INSTALAÇÕES HIDROS SANITÁRIAS",null,"M",0.2266,0.99,0.22]
["Composição Auxiliar"," 91170 ","SINAPI","FIXAÇÃO DE TUBOS HORIZONTAIS DE PVC, CPVC OU COBRE DIÂMETROS MENORES OU IGUAIS A 40 MM OU ELETROCALHAS ATÉ 150MM DE LARGURA, COM ABRAÇADEIRA METÁLICA RÍGIDA TIPO D 1/2\u0094, FIXADA EM PERFILADO EM LAJE. AF_05/2015","INHI - INSTALAÇÕES HIDROS SANITÁRIAS",null,"M",0.25180000000000002,1.95,0.49]
["Composição Auxiliar"," 96995 ","SINAPI","REATERRO MANUAL APILOADO COM SOQUETE. AF_10/2017","MOVT - MOVIMENTO DE TERRA",null,"m³",6.7000000000000002E-3,28.02,0.19]
["Composição Auxiliar"," 88487 ","SINAPI","APLICAÇÃO MANUAL DE PINTURA COM TINTA LÁTEX PVA EM PAREDES, DUAS DEMÃOS. AF_06/2014","PINT - PINTURAS",null,"m²",3.7456999999999998,6.42,24.05]
["Composição Auxiliar"," 93358 ","SINAPI","ESCAVAÇÃO MANUAL DE VALA COM PROFUNDIDADE MENOR OU IGUAL A 1,30 M. AF_03/2016","MOVT - MOVIMENTO DE TERRA",null,"m³",2.6200000000000001E-2,44.97,1.18]
["Composição Auxiliar"," 88262 ","SINAPI","CARPINTEIRO DE FORMAS COM ENCARGOS COMPLEMENTARES","SEDI - SERVIÇOS DIVERSOS",null,"H",0.76454469999999997,19.260000000000002,14.73]
["Insumo"," 00004513 ","SINAPI","CAIBRO DE MADEIRA NAO APARELHADA 5 X 5 CM (2 X 2 \") PINUS, MISTA OU EQUIVALENTE DA REGIAO","Material",null,"M",3.4843999999999999,2.86,9.9700000000000006]
["Insumo"," 00011455 ","SINAPI","FECHO / TRINCO / FERROLHO FIO REDONDO, DE SOBREPOR, 8\", EM ACO GALVANIZADO / ZINCADO","Material",null,"UN",2.52E-2,6.96,0.18]
["Insumo"," 00010891 ","SINAPI","EXTINTOR DE INCENDIO PORTATIL COM CARGA DE PO QUIMICO SECO (PQS) DE 4 KG, CLASSE BC","Material",null,"UN",2.52E-2,112.31,2.83]
["Insumo"," 00010886 ","SINAPI","EXTINTOR DE INCENDIO PORTATIL COM CARGA DE AGUA PRESSURIZADA DE 10 L, CLASSE A","Material",null,"UN",2.52E-2,116.14,2.93]
["Insumo"," 00011587 ","SINAPI","FORRO DE PVC LISO, BRANCO, REGUA DE 10 CM, ESPESSURA DE 8 MM A 10 MM (COM COLOCACAO / SEM ESTRUTURA METALICA)","Material",null,"m²",1,45.78,45.78]
["Insumo"," 00006193 ","SINAPI","TABUA DE MADEIRA NAO APARELHADA *2,5 X 20* CM, CEDRINHO OU EQUIVALENTE DA REGIAO","Material",null,"M",3.9174000000000002,5.29,20.72]
[{"$nulls":4},"MO sem LS =>",109.88,"LS =>",0.06,"MO com LS =>",109.94]
[{"$nulls":4},"Valor do BDI =>",118.61330599999999,null,"Valor com BDI =>",null,548.67999999999995]
[]
[null,"Código","Banco","Descrição","Tipo",null,"Und","Quant.","Valor Unit","Total"]
["Composição"," 93582 ","SINAPI","EXECUÇÃO DE CENTRAL DE ARMADURA EM CANTEIRO DE OBRA, NÃO INCLUSO MOBILIÁRIO E EQUIPAMENTOS. AF_04/2016","CANT - CANTEIRO DE OBRAS",null,"m²",1,139.80000000000001,139.80000000000001]
["Composição Auxiliar"," 98442 ","SINAPI","PAREDE DE MADEIRA COMPENSADA PARA CONSTRUÇÃO TEMPORÁRIA EM CHAPA SIMPLES, EXTERNA, COM ÁREA LÍQUIDA MENOR QUE 6 M², SEM VÃO. AF_05/2018","CANT - CANTEIRO DE OBRAS",null,"m²",0.1129,64.31,7.26]
["Composição Auxiliar"," 98441 ","SINAPI","PAREDE DE MADEIRA COMPENSADA PARA CONSTRUÇÃO TEMPORÁRIA EM CHAPA SIMPLES, EXTERNA, COM ÁREA LÍQUIDA MAIOR OU IGUAL A 6 M², SEM VÃO. AF_05/2018","CANT - CANTEIRO DE OBRAS",null,"m²",9.8100000000000007E-2,62.46,6.13]
["Composição Auxiliar"," 98445 ","SINAPI","PAREDE DE MADEIRA COMPENSADA PARA CONSTRUÇÃO TEMPORÁRIA EM CHAPA SIMPLES, EXTERNA, COM ÁREA LÍQUIDA MAIOR OU IGUAL A 6 M², COM VÃO. AF_05/2018","CANT - CANTEIRO DE OBRAS",null,"m²",0.1532,74.56,11.42]
["Composição Auxiliar"," 98446 ","SINAPI","PAREDE DE MADEIRA COMPENSADA PARA CONSTRUÇÃO TEMPORÁRIA EM CHAPA SIMPLES, EXTERNA, COM ÁREA LÍQUIDA MENOR QUE 6 M², COM VÃO. AF_05/2018","CANT - CANTEIRO DE OBRAS",null,"m²",0.1195,96.1,11.48]
["Composição Auxiliar"," 92543 ","SINAPI","TRAMA DE MADEIRA COMPOSTA POR TERÇAS PARA TELHADOS DE ATÉ 2 ÁGUAS PARA TELHA ONDULADA DE FIBROCIMENTO, METÁLICA, PLÁSTICA OU TERMOACÚSTICA, INCLUSO TRANSPORTE VERTICAL. AF_07/2019","COBE - COBERTURA",null,"m²",1.2466999999999999,9.2200000000000006,11.49]
["Composição Auxiliar"," 94210 ","SINAPI","TELHAMENTO COM TELHA ONDULADA DE FIBROCIMENTO E = 6 MM, COM RECOBRIMENTO LATERAL DE 1 1/4 DE ONDA PARA TELHADO COM INCLINAÇÃO MÁXIMA DE 10°, COM ATÉ 2 ÁGUAS, INCLUSO IÇAMENTO. AF_07/2019","COBE - COBERTURA",null,"m²",1.2466999999999999,32.06,39.97]
["Composição Auxiliar"," 95241 ","SINAPI","LASTRO DE CONCRETO MAGRO, APLICADO EM PISOS OU RADIERS, ESPESSURA DE 5 CM. AF_07/2016","FUES - FUNDAÇÕES E ESTRUTURAS",null,"m²",1.2466999999999999,15.36,19.149999999999999]
["Composição Auxiliar"," 91862 ","SINAPI","ELETRODUTO RÍGIDO ROSCÁVEL, PVC, DN 20 MM (1/2\"), PARA CIRCUITOS TERMINAIS, INSTALADO EM FORRO - FORNECIMENTO E INSTALAÇÃO. AF_12/2015","INEL - INSTALAÇÃO ELÉTRICA/ELETRIFICAÇÃO E ILUMINAÇÃO EXTERNA",null,"M",0.3397,5.41,1.84]
["Composição Auxiliar"," 91870 ","SINAPI","ELETRODUTO RÍGIDO ROSCÁVEL, PVC, DN 20 MM (1/2\"), PARA CIRCUITOS TERMINAIS, INSTALADO EM PAREDE - FORNECIMENTO E INSTALAÇÃO. AF_12/2015","INEL - INSTALAÇÃO ELÉTRICA/ELETRIFICAÇÃO E ILUMINAÇÃO EXTERNA",null,"M",0.22189999999999999,5.83,1.29]
["Composição Auxiliar"," 91959 ","SINAPI","INTERRUPTOR SIMPLES (2 MÓDULOS), 10A/250V, INCLUINDO SUPORTE E PLACA - FORNECIMENTO E INSTALAÇÃO. AF_12/2015","INEL - INSTALAÇÃO ELÉTRICA/ELETRIFICAÇÃO E ILUMINAÇÃO EXTERNA",null,"UN",1.66E-2,26.31,0.44]
["Composição Auxiliar"," 92981 ","SINAPI","CABO DE COBRE FLEXÍVEL ISOLADO, 16 MM², ANTI-CHAMA 450/750 V, PARA DISTRIBUIÇÃO - FORNECIMENTO E INSTALAÇÃO. AF_12/2015","INEL - INSTALAÇÃO ELÉTRICA/ELETRIFICAÇÃO E ILUMINAÇÃO EXTERNA",null,"M",0.1656,7.68,1.27]
["Composição Auxiliar"," 96985 ","SINAPI","HASTE DE ATERRAMENTO 5/8  PARA SPDA - FORNECIMENTO E INSTALAÇÃO. AF_12/2017","INEL - INSTALAÇÃO ELÉTRICA/ELETRIFICAÇÃO E ILUMINAÇÃO EXTERNA",null,"UN",3.3099999999999997E-2,40.01,1.32]
["Composição Auxiliar"," 91926 ","SINAPI","CABO DE COBRE FLEXÍVEL ISOLADO, 2,5 MM², ANTI-CHAMA 450/750 V, PARA CIRCUITOS TERMINAIS - FORNECIMENTO E INSTALAÇÃO. AF_12/2015","INEL - INSTALAÇÃO ELÉTRICA/ELETRIFICAÇÃO E ILUMINAÇÃO EXTERNA",null,"M",0.94720000000000004,2.12,2.0099999999999998]
["Composição Auxiliar"," 84402 ","SINAPI","QUADRO DE DISTRIBUICAO DE ENERGIA P/ 6 DISJUNTORES TERMOMAGNETICOS MONOPOLARES SEM BARRAMENTO, DE EMBUTIR, EM CHAPA METALICA - FORNECIMENTO E INSTALACAO","INEL - INSTALAÇÃO ELÉTRICA/ELETRIFICAÇÃO E ILUMINAÇÃO EXTERNA",null,"UN",1.66E-2,51.74,0.86]
["Composição Auxiliar"," 95805 ","SINAPI","CONDULETE DE PVC, TIPO B, PARA ELETRODUTO DE PVC SOLDÁVEL DN 25 MM (3/4''), APARENTE - FORNECIMENTO E INSTALAÇÃO. AF_11/2016","INEL - INSTALAÇÃO ELÉTRICA/ELETRIFICAÇÃO E ILUMINAÇÃO EXTERNA",null,"UN",6.6199999999999995E-2,13.56,0.9]
["Composição Auxiliar"," 92000 ","SINAPI","TOMADA BAIXA DE EMBUTIR (1 MÓDULO), 2P+T 10 A, INCLUINDO SUPORTE E PLACA - FORNECIMENTO E INSTALAÇÃO. AF_12/2015","INEL - INSTALAÇÃO ELÉTRICA/ELETRIFICAÇÃO E ILUMINAÇÃO EXTERNA",null,"UN",3.3099999999999997E-2,17.59,0.57999999999999996]
["Composição Auxiliar"," 97886 ","SINAPI","CAIXA ENTERRADA ELÉTRICA RETANGULAR, EM ALVENARIA COM TIJOLOS CERÂMICOS MACIÇOS, FUNDO COM BRITA, DIMENSÕES INTERNAS: 0,3X0,3X0,3 M. AF_05/2018","INEL - INSTALAÇÃO ELÉTRICA/ELETRIFICAÇÃO E ILUMINAÇÃO EXTERNA",null,"UN",3.3099999999999997E-2,96.06,3.18]
["Composição Auxiliar"," 91924 ","SINAPI","CABO DE COBRE FLEXÍVEL ISOLADO, 1,5 MM², ANTI-CHAMA 450/750 V, PARA CIRCUITOS TERMINAIS - FORNECIMENTO E INSTALAÇÃO. AF_12/2015","INEL - INSTALAÇÃO ELÉTRICA/ELETRIFICAÇÃO E ILUMINAÇÃO EXTERNA",null,"M",0.93340000000000001,1.48,1.38]
["Composição Auxiliar"," 97586 ","SINAPI","LUMINÁRIA TIPO CALHA, DE SOBREPOR, COM 2 LÂMPADAS TUBULARES FLUORESCENTES DE 36 W, COM REATOR DE PARTIDA RÁPIDA - FORNECIMENTO E INSTALAÇÃO. AF_02/2020","INEL - INSTALAÇÃO ELÉTRICA/ELETRIFICAÇÃO E ILUMINAÇÃO EXTERNA",null,"UN",0.13250000000000001,67.959999999999994,9]
["Composição Auxiliar"," 74130/001 ","SINAPI","DISJUNTOR TERMOMAGNETICO MONOPOLAR PADRAO NEMA (AMERICANO) 10 A 30A 240V, FORNECIMENTO E INSTALACAO","INEL - INSTALAÇÃO ELÉTRICA/ELETRIFICAÇÃO E ILUMINAÇÃO EXTERNA",null,"UN",8.2799999999999999E-2,9.67,0.8]
["Composição Auxiliar"," 92001 ","SINAPI","TOMADA BAIXA DE EMBUTIR (1 MÓDULO), 2P+T 20 A, INCLUINDO SUPORTE E PLACA - FORNECIMENTO E INSTALAÇÃO. AF_12/2015","INEL - INSTALAÇÃO ELÉTRICA/ELETRIFICAÇÃO E ILUMINAÇÃO EXTERNA",null,"UN",3.3099999999999997E-2,19.25,0.64]
["Composição Auxiliar"," 91170 ","SINAPI","FIXAÇÃO DE TUBOS HORIZONTAIS DE PVC, CPVC OU COBRE DIÂMETROS MENORES OU IGUAIS A 40 MM OU ELETROCALHAS ATÉ 150MM DE LARGURA, COM ABRAÇADEIRA METÁLICA RÍGIDA TIPO D 1/2\u0094, FIXADA EM PERFILADO EM LAJE. AF_05/2015","INHI - INSTALAÇÕES HIDROS SANITÁRIAS",null,"M",0.22189999999999999,1.95,0.43]
["Composição Auxiliar"," 88487 ","SINAPI","APLICAÇÃO MANUAL DE PINTURA COM TINTA LÁTEX PVA EM PAREDES, DUAS DEMÃOS. AF_06/2014","PINT - PINTURAS",null,"m²",0.48370000000000002,6.42,3.11]
["Composição Auxiliar"," 93358 ","SINAPI","ESCAVAÇÃO MANUAL DE VALA COM PROFUNDIDADE MENOR OU IGUAL A 1,30 M. AF_03/2016","MOVT - MOVIMENTO DE TERRA",null,"m³",1.2999999999999999E-3,44.97,0.06]
["Insumo"," 00010891 ","SINAPI","EXTINTOR DE INCENDIO PORTATIL COM CARGA DE PO QUIMICO SECO (PQS) DE 4 KG, CLASSE BC","Material",null,"UN",1.66E-2,112.31,1.86]
["Insumo"," 00010886 ","SINAPI","EXTINTOR DE INCENDIO PORTATIL COM CARGA DE AGUA PRESSURIZADA DE 10 L, CLASSE A","Material",null,"UN",1.66E-2,116.14,1.93]
[{"$nulls":4},"MO sem LS =>",39.43,"LS =>",0.04,"MO com LS =>",39.47]
[{"$nulls":4},"Valor do BDI =>",38.556840000000001,null,"Valor com BDI =>",null,178.36]
[]
[null,"Código","Banco","Descrição","Tipo",null,"Und","Quant.","Valor Unit","Total"]
["Composição"," 93583 ","SINAPI","EXECUÇÃO DE CENTRAL DE FÔRMAS, PRODUÇÃO DE ARGAMASSA OU CONCRETO EM CANTEIRO DE OBRA, NÃO INCLUSO MOBILIÁRIO E EQUIPAMENTOS. AF_04/2016","CANT - CANTEIRO DE OBRAS",null,"m²",1,236.61,236.61]
["Composição Auxiliar"," 98442 ","SINAPI","PAREDE DE MADEIRA COMPENSADA PARA CONSTRUÇÃO TEMPORÁRIA EM CHAPA SIMPLES, EXTERNA, COM ÁREA LÍQUIDA MENOR QUE 6 M², SEM VÃO. AF_05/2018","CANT - CANTEIRO DE OBRAS",null,"m²",0.1111,64.31,7.14]
["Composição Auxiliar"," 98441 ","SINAPI","PAREDE DE MADEIRA COMPENSADA PARA CONSTRUÇÃO TEMPORÁRIA EM CHAPA SIMPLES, EXTERNA, COM ÁREA LÍQUIDA MAIOR OU IGUAL A 6 M², SEM VÃO. AF_05/2018","CANT - CANTEIRO DE OBRAS",null,"m²",9.6600000000000005E-2,62.46,6.03]
["Composição Auxiliar"," 98445 ","SINAPI","PAREDE DE MADEIRA COMPENSADA PARA CONSTRUÇÃO TEMPORÁRIA EM CHAPA SIMPLES, EXTERNA, COM ÁREA LÍQUIDA MAIOR OU IGUAL A 6 M², COM VÃO. AF_05/2018","CANT - CANTEIRO DE OBRAS",null,"m²",0.15079999999999999,74.56,11.24]
["Composição Auxiliar"," 98446 ","SINAPI","PAREDE DE MADEIRA COMPENSADA PARA CONSTRUÇÃO TEMPORÁRIA EM CHAPA SIMPLES, EXTERNA, COM ÁREA LÍQUIDA MENOR QUE 6 M², COM VÃO. AF_05/2018","CANT - CANTEIRO DE OBRAS",null,"m²",0.1176,96.1,11.3]
["Composição Auxiliar"," 92543 ","SINAPI","TRAMA DE MADEIRA COMPOSTA POR TERÇAS PARA TELHADOS DE ATÉ 2 ÁGUAS PARA TELHA ONDULADA DE FIBROCIMENTO, METÁLICA, PLÁSTICA OU TERMOACÚSTICA, INCLUSO TRANSPORTE VERTICAL. AF_07/2019","COBE - COBERTURA",null,"m²",1.9256,9.2200000000000006,17.75]
["Composição Auxiliar"," 94210 ","SINAPI","TELHAMENTO COM TELHA ONDULADA DE FIBROCIMENTO E = 6 MM, COM RECOBRIMENTO LATERAL DE 1 1/4 DE ONDA PARA TELHADO COM INCLINAÇÃO MÁXIMA DE 10°, COM ATÉ 2 ÁGUAS, INCLUSO IÇAMENTO. AF_07/2019","COBE - COBERTURA",null,"m²",1.9256,32.06,61.73]
["Composição Auxiliar"," 95241 ","SINAPI","LASTRO DE CONCRETO MAGRO, APLICADO EM PISOS OU RADIERS, ESPESSURA DE 5 CM. AF_07/2016","FUES - FUNDAÇÕES E ESTRUTURAS",null,"m²",1.9256,15.36,29.58]
["Composição Auxiliar"," 91862 ","SINAPI","ELETRODUTO RÍGIDO ROSCÁVEL, PVC, DN 20 MM (1/2\"), PARA CIRCUITOS TERMINAIS, INSTALADO EM FORRO - FORNECIMENTO E INSTALAÇÃO. AF_12/2015","INEL - INSTALAÇÃO ELÉTRICA/ELETRIFICAÇÃO E ILUMINAÇÃO EXTERNA",null,"M",0.42509999999999998,5.41,2.2999999999999998]
["Composição Auxiliar"," 91870 ","SINAPI","ELETRODUTO RÍGIDO ROSCÁVEL, PVC, DN 20 MM (1/2\"), PARA CIRCUITOS TERMINAIS, INSTALADO EM PAREDE - FORNECIMENTO E INSTALAÇÃO. AF_12/2015","INEL - INSTALAÇÃO ELÉTRICA/ELETRIFICAÇÃO E ILUMINAÇÃO EXTERNA",null,"M",0.46379999999999999,5.83,2.7]
["Composição Auxiliar"," 92981 ","SINAPI","CABO DE COBRE FLEXÍVEL ISOLADO, 16 MM², ANTI-CHAMA 450/750 V, PARA DISTRIBUIÇÃO - FORNECIMENTO E INSTALAÇÃO. AF_12/2015","INEL - INSTALAÇÃO ELÉTRICA/ELETRIFICAÇÃO E ILUMINAÇÃO EXTERNA",null,"M",0.48309999999999997,7.68,3.71]
["Composição Auxiliar"," 92008 ","SINAPI","TOMADA BAIXA DE EMBUTIR (2 MÓDULOS), 2P+T 10 A, INCLUINDO SUPORTE E PLACA - FORNECIMENTO E INSTALAÇÃO. AF_12/2015","INEL - INSTALAÇÃO ELÉTRICA/ELETRIFICAÇÃO E ILUMINAÇÃO EXTERNA",null,"UN",0.28989999999999999,28.27,8.1999999999999993]
["Composição Auxiliar"," 96985 ","SINAPI","HASTE DE ATERRAMENTO 5/8  PARA SPDA - FORNECIMENTO E INSTALAÇÃO. AF_12/2017","INEL - INSTALAÇÃO ELÉTRICA/ELETRIFICAÇÃO E ILUMINAÇÃO EXTERNA",null,"UN",9.6600000000000005E-2,40.01,3.86]
["Composição Auxiliar"," 91926 ","SINAPI","CABO DE COBRE FLEXÍVEL ISOLADO, 2,5 MM², ANTI-CHAMA 450/750 V, PARA CIRCUITOS TERMINAIS - FORNECIMENTO E INSTALAÇÃO. AF_12/2015","INEL - INSTALAÇÃO ELÉTRICA/ELETRIFICAÇÃO E ILUMINAÇÃO EXTERNA",null,"M",2.0870000000000002,2.12,4.42]
["Composição Auxiliar"," 84402 ","SINAPI","QUADRO DE DISTRIBUICAO DE ENERGIA P/ 6 DISJUNTORES TERMOMAGNETICOS MONOPOLARES SEM BARRAMENTO, DE EMBUTIR, EM CHAPA METALICA - FORNECIMENTO E INSTALACAO","INEL - INSTALAÇÃO ELÉTRICA/ELETRIFICAÇÃO E ILUMINAÇÃO EXTERNA",null,"UN",9.6600000000000005E-2,51.74,5]
["Composição Auxiliar"," 95805 ","SINAPI","CONDULETE DE PVC, TIPO B, PARA ELETRODUTO DE PVC SOLDÁVEL DN 25 MM (3/4''), APARENTE - FORNECIMENTO E INSTALAÇÃO. AF_11/2016","INEL - INSTALAÇÃO ELÉTRICA/ELETRIFICAÇÃO E ILUMINAÇÃO EXTERNA",null,"UN",0.38650000000000001,13.56,5.24]
["Composição Auxiliar"," 97886 ","SINAPI","CAIXA ENTERRADA ELÉTRICA RETANGULAR, EM ALVENARIA COM TIJOLOS CERÂMICOS MACIÇOS, FUNDO COM BRITA, DIMENSÕES INTERNAS: 0,3X0,3X0,3 M. AF_05/2018","INEL - INSTALAÇÃO ELÉTRICA/ELETRIFICAÇÃO E ILUMINAÇÃO EXTERNA",null,"UN",9.6600000000000005E-2,96.06,9.2799999999999994]
["Composição Auxiliar"," 92023 ","SINAPI","INTERRUPTOR SIMPLES (1 MÓDULO) COM 1 TOMADA DE EMBUTIR 2P+T 10 A,  INCLUINDO SUPORTE E PLACA - FORNECIMENTO E INSTALAÇÃO. AF_12/2015","INEL - INSTALAÇÃO ELÉTRICA/ELETRIFICAÇÃO E ILUMINAÇÃO EXTERNA",null,"UN",9.6600000000000005E-2,29.27,2.83]
["Composição Auxiliar"," 91924 ","SINAPI","CABO DE COBRE FLEXÍVEL ISOLADO, 1,5 MM², ANTI-CHAMA 450/750 V, PARA CIRCUITOS TERMINAIS - FORNECIMENTO E INSTALAÇÃO. AF_12/2015","INEL - INSTALAÇÃO ELÉTRICA/ELETRIFICAÇÃO E ILUMINAÇÃO EXTERNA",null,"M",1.0821000000000001,1.48,1.6]
["Composição Auxiliar"," 97586 ","SINAPI","LUMINÁRIA TIPO CALHA, DE SOBREPOR, COM 2 LÂMPADAS TUBULARES FLUORESCENTES DE 36 W, COM REATOR DE PARTIDA RÁPIDA - FORNECIMENTO E INSTALAÇÃO. AF_02/2020","INEL - INSTALAÇÃO ELÉTRICA/ELETRIFICAÇÃO E ILUMINAÇÃO EXTERNA",null,"UN",0.19320000000000001,67.959999999999994,13.13]
["Composição Auxiliar"," 74130/001 ","SINAPI","DISJUNTOR TERMOMAGNETICO MONOPOLAR PADRAO NEMA (AMERICANO) 10 A 30A 240V, FORNECIMENTO E INSTALACAO","INEL - INSTALAÇÃO ELÉTRICA/ELETRIFICAÇÃO E ILUMINAÇÃO EXTERNA",null,"UN",0.28989999999999999,9.67,2.8]
["Composição Auxiliar"," 91173 ","SINAPI","FIXAÇÃO DE TUBOS VERTICAIS DE PPR DIÂMETROS MENORES OU IGUAIS A 40 MM COM ABRAÇADEIRA METÁLICA RÍGIDA TIPO D 1/2\", FIXADA EM PERFILADO EM ALVENARIA. AF_05/2015","INHI - INSTALAÇÕES HIDROS SANITÁRIAS",null,"M",0.46379999999999999,0.99,0.46]
["Composição Auxiliar"," 91170 ","SINAPI","FIXAÇÃO DE TUBOS HORIZONTAIS DE PVC, CPVC OU COBRE DIÂMETROS MENORES OU IGUAIS A 40 MM OU ELETROCALHAS ATÉ 150MM DE LARGURA, COM ABRAÇADEIRA METÁLICA RÍGIDA TIPO D 1/2\u0094, FIXADA EM PERFILADO EM LAJE. AF_05/2015","INHI - INSTALAÇÕES HIDROS SANITÁRIAS",null,"M",0.42509999999999998,1.95,0.83]
["Composição Auxiliar"," 88487 ","SINAPI","APLICAÇÃO MANUAL DE PINTURA COM TINTA LÁTEX PVA EM PAREDES, DUAS DEMÃOS. AF_06/2014","PINT - PINTURAS",null,"m²",0.47610000000000002,6.42,3.06]
["Composição Auxiliar"," 93358 ","SINAPI","ESCAVAÇÃO MANUAL DE VALA COM PROFUNDIDADE MENOR OU IGUAL A 1,30 M. AF_03/2016","MOVT - MOVIMENTO DE TERRA",null,"m³",7.7999999999999996E-3,44.97,0.35]
["Insumo"," 00010891 ","SINAPI","EXTINTOR DE INCENDIO PORTATIL COM CARGA DE PO QUIMICO SECO (PQS) DE 4 KG, CLASSE BC","Material",null,"UN",9.6600000000000005E-2,112.31,10.85]
["Insumo"," 00010886 ","SINAPI","EXTINTOR DE INCENDIO PORTATIL COM CARGA DE AGUA PRESSURIZADA DE 10 L, CLASSE A","Material",null,"UN",9.6600000000000005E-2,116.14,11.22]
[{"$nulls":4},"MO sem LS =>",66.78,"LS =>",0.03,"MO com LS =>",66.81]
[{"$nulls":4},"Valor do BDI =>",65.257037999999994,null,"Valor com BDI =>",null,301.87]
[]
[null,"Código","Banco","Descrição","Tipo",null,"Und","Quant.","Valor Unit","Total"]
["Composição"," 93584 ","SINAPI","EXECUÇÃO DE DEPÓSITO EM CANTEIRO DE OBRA EM CHAPA DE MADEIRA COMPENSADA, NÃO INCLUSO MOBILIÁRIO. AF_04/2016","CANT - CANTEIRO DE OBRAS",null,"m²",1,427.44,427.44]
["Composição Auxiliar"," 98442 ","SINAPI","PAREDE DE MADEIRA COMPENSADA PARA CONSTRUÇÃO TEMPORÁRIA EM CHAPA SIMPLES, EXTERNA, COM ÁREA LÍQUIDA MENOR QUE 6 M², SEM VÃO. AF_05/2018","CANT - CANTEIRO DE OBRAS",null,"m²",0.59109999999999996,64.31,38.01]
["Composição Auxiliar"," 98441 ","SINAPI","PAREDE DE MADEIRA COMPENSADA PARA CONSTRUÇÃO TEMPORÁRIA EM CHAPA SIMPLES, EXTERNA, COM ÁREA LÍQUIDA MAIOR OU IGUAL A 6 M², SEM VÃO. AF_05/2018","CANT - CANTEIRO DE OBRAS",null,"m²",0.51359999999999995,62.46,32.08]
["Composição Auxiliar"," 98445 ","SINAPI","PAREDE DE MADEIRA COMPENSADA PARA CONSTRUÇÃO TEMPORÁRIA EM CHAPA SIMPLES, EXTERNA, COM ÁREA LÍQUIDA MAIOR OU IGUAL A 6 M², COM VÃO. AF_05/2018","CANT - CANTEIRO DE OBRAS",null,"m²",0.80230000000000001,74.56,59.82]
["Composição Auxiliar"," 98446 ","SINAPI","PAREDE DE MADEIRA COMPENSADA PARA CONSTRUÇÃO TEMPORÁRIA EM CHAPA SIMPLES, EXTERNA, COM ÁREA LÍQUIDA MENOR QUE 6 M², COM VÃO. AF_05/2018","CANT - CANTEIRO DE OBRAS",null,"m²",0.62549999999999994,96.1,60.11]
["Composição Auxiliar"," 92543 ","SINAPI","TRAMA DE MADEIRA COMPOSTA POR TERÇAS PARA TELHADOS DE ATÉ 2 ÁGUAS PARA TELHA ONDULADA DE FIBROCIMENTO, METÁLICA, PLÁSTICA OU TERMOACÚSTICA, INCLUSO TRANSPORTE VERTICAL. AF_07/2019","COBE - COBERTURA",null,"m²",1.7192000000000001,9.2200000000000006,15.85]
["Composição Auxiliar"," 94210 ","SINAPI","TELHAMENTO COM TELHA ONDULADA DE FIBROCIMENTO E = 6 MM, COM RECOBRIMENTO LATERAL DE 1 1/4 DE ONDA PARA TELHADO COM INCLINAÇÃO MÁXIMA DE 10°, COM ATÉ 2 ÁGUAS, INCLUSO IÇAMENTO. AF_07/2019","COBE - COBERTURA",null,"m²",1.7192000000000001,32.06,55.12]
["Composição Auxiliar"," 94559 ","SINAPI","JANELA DE AÇO TIPO BASCULANTE PARA VIDROS, COM BATENTE, FERRAGENS E PINTURA ANTICORROSIVA. EXCLUSIVE VIDROS, ACABAMENTO, ALIZAR E CONTRAMARCO. FORNECIMENTO E INSTALAÇÃO. AF_12/2019","ESQV - ESQUADRIAS/FERRAGENS/VIDROS",null,"m²",6.6199999999999995E-2,456.05,30.19]
["Composição Auxiliar"," 91341 ","SINAPI","PORTA EM ALUMÍNIO DE ABRIR TIPO VENEZIANA COM GUARNIÇÃO, FIXAÇÃO COM PARAFUSOS - FORNECIMENTO E INSTALAÇÃO. AF_12/2019","ESQV - ESQUADRIAS/FERRAGENS/VIDROS",null,"m²",0.153,301.31,46.1]
["Composição Auxiliar"," 95240 ","SINAPI","LASTRO DE CONCRETO MAGRO, APLICADO EM PISOS OU RADIERS, ESPESSURA DE 3 CM. AF_07/2016","FUES - FUNDAÇÕES E ESTRUTURAS",null,"m²",9.2999999999999992E-3,9.2100000000000009,0.09]
["Composição Auxiliar"," 95241 ","SINAPI","LASTRO DE CONCRETO MAGRO, APLICADO EM PISOS OU RADIERS, ESPESSURA DE 5 CM. AF_07/2016","FUES - FUNDAÇÕES E ESTRUTURAS",null,"m²",1.5109999999999999,15.36,23.21]
["Composição Auxiliar"," 91852 ","SINAPI","ELETRODUTO FLEXÍVEL CORRUGADO, PVC, DN 20 MM (1/2\"), PARA CIRCUITOS TERMINAIS, INSTALADO EM PAREDE - FORNECIMENTO E INSTALAÇÃO. AF_12/2015","INEL - INSTALAÇÃO ELÉTRICA/ELETRIFICAÇÃO E ILUMINAÇÃO EXTERNA",null,"M",6.6199999999999995E-2,4.51,0.3]
["Composição Auxiliar"," 101165 ","SINAPI","ALVENARIA DE EMBASAMENTO COM BLOCO ESTRUTURAL DE CONCRETO, DE 14X19X29CM E ARGAMASSA DE ASSENTAMENTO COM PREPARO EM BETONEIRA. AF_05/2020","FUES - FUNDAÇÕES E ESTRUTURAS",null,"m³",4.1700000000000001E-2,481.39,20.07]
["Composição Auxiliar"," 91862 ","SINAPI","ELETRODUTO RÍGIDO ROSCÁVEL, PVC, DN 20 MM (1/2\"), PARA CIRCUITOS TERMINAIS, INSTALADO EM FORRO - FORNECIMENTO E INSTALAÇÃO. AF_12/2015","INEL - INSTALAÇÃO ELÉTRICA/ELETRIFICAÇÃO E ILUMINAÇÃO EXTERNA",null,"M",0.13250000000000001,5.41,0.72]
["Composição Auxiliar"," 91870 ","SINAPI","ELETRODUTO RÍGIDO ROSCÁVEL, PVC, DN 20 MM (1/2\"), PARA CIRCUITOS TERMINAIS, INSTALADO EM PAREDE - FORNECIMENTO E INSTALAÇÃO. AF_12/2015","INEL - INSTALAÇÃO ELÉTRICA/ELETRIFICAÇÃO E ILUMINAÇÃO EXTERNA",null,"M",0.17219999999999999,5.83,1]
["Composição Auxiliar"," 95805 ","SINAPI","CONDULETE DE PVC, TIPO B, PARA ELETRODUTO DE PVC SOLDÁVEL DN 25 MM (3/4''), APARENTE - FORNECIMENTO E INSTALAÇÃO. AF_11/2016","INEL - INSTALAÇÃO ELÉTRICA/ELETRIFICAÇÃO E ILUMINAÇÃO EXTERNA",null,"UN",0.13250000000000001,13.56,1.8]
["Composição Auxiliar"," 92023 ","SINAPI","INTERRUPTOR SIMPLES (1 MÓDULO) COM 1 TOMADA DE EMBUTIR 2P+T 10 A,  INCLUINDO SUPORTE E PLACA - FORNECIMENTO E INSTALAÇÃO. AF_12/2015","INEL - INSTALAÇÃO ELÉTRICA/ELETRIFICAÇÃO E ILUMINAÇÃO EXTERNA",null,"UN",6.6199999999999995E-2,29.27,1.94]
["Composição Auxiliar"," 91924 ","SINAPI","CABO DE COBRE FLEXÍVEL ISOLADO, 1,5 MM², ANTI-CHAMA 450/750 V, PARA CIRCUITOS TERMINAIS - FORNECIMENTO E INSTALAÇÃO. AF_12/2015","INEL - INSTALAÇÃO ELÉTRICA/ELETRIFICAÇÃO E ILUMINAÇÃO EXTERNA",null,"M",0.67549999999999999,1.48,1]
["Composição Auxiliar"," 97586 ","SINAPI","LUMINÁRIA TIPO CALHA, DE SOBREPOR, COM 2 LÂMPADAS TUBULARES FLUORESCENTES DE 36 W, COM REATOR DE PARTIDA RÁPIDA - FORNECIMENTO E INSTALAÇÃO. AF_02/2020","INEL - INSTALAÇÃO ELÉTRICA/ELETRIFICAÇÃO E ILUMINAÇÃO EXTERNA",null,"UN",6.6199999999999995E-2,67.959999999999994,4.5]
["Composição Auxiliar"," 91173 ","SINAPI","FIXAÇÃO DE TUBOS VERTICAIS DE PPR DIÂMETROS MENORES OU IGUAIS A 40 MM COM ABRAÇADEIRA METÁLICA RÍGIDA TIPO D 1/2\", FIXADA EM PERFILADO EM ALVENARIA. AF_05/2015","INHI - INSTALAÇÕES HIDROS SANITÁRIAS",null,"M",0.17219999999999999,0.99,0.17]
["Composição Auxiliar"," 91170 ","SINAPI","FIXAÇÃO DE TUBOS HORIZONTAIS DE PVC, CPVC OU COBRE DIÂMETROS MENORES OU IGUAIS A 40 MM OU ELETROCALHAS ATÉ 150MM DE LARGURA, COM ABRAÇADEIRA METÁLICA RÍGIDA TIPO D 1/2\u0094, FIXADA EM PERFILADO EM LAJE. AF_05/2015","INHI - INSTALAÇÕES HIDROS SANITÁRIAS",null,"M",0.13250000000000001,1.95,0.26]
["Composição Auxiliar"," 96995 ","SINAPI","REATERRO MANUAL APILOADO COM SOQUETE. AF_10/2017","MOVT - MOVIMENTO DE TERRA",null,"m³",1.06E-2,28.02,0.3]
["Composição Auxiliar"," 88487 ","SINAPI","APLICAÇÃO MANUAL DE PINTURA COM TINTA LÁTEX PVA EM PAREDES, DUAS DEMÃOS. AF_06/2014","PINT - PINTURAS",null,"m²",5.0648999999999997,6.42,32.520000000000003]
["Composição Auxiliar"," 93358 ","SINAPI","ESCAVAÇÃO MANUAL DE VALA COM PROFUNDIDADE MENOR OU IGUAL A 1,30 M. AF_03/2016","MOVT - MOVIMENTO DE TERRA",null,"m³",4.0399999999999998E-2,44.97,1.82]
["Insumo"," 00011455 ","SINAPI","FECHO / TRINCO / FERROLHO FIO REDONDO, DE SOBREPOR, 8\", EM ACO GALVANIZADO / ZINCADO","Material",null,"UN",6.6199999999999995E-2,6.96,0.46]
[{"$nulls":4},"MO sem LS =>",118.83,"LS =>",0.02,"MO com LS =>",118.85]
[{"$nulls":4},"Valor do BDI =>",117.887952,null,"Valor com BDI =>",null,545.33000000000004]
[]
[null,"Código","Banco","Descrição","Tipo",null,"Und","Quant.","Valor Unit","Total"]
["Composição"," 93207 ","SINAPI","EXECUÇÃO DE ESCRITÓRIO EM CANTEIRO DE OBRA EM CHAPA DE MADEIRA COMPENSADA, NÃO INCLUSO MOBILIÁRIO E EQUIPAMENTOS. AF_02/2016","CANT - CANTEIRO DE OBRAS",null,"m²",1,547.9,547.9]
["Composição Auxiliar"," 98442 ","SINAPI","PAREDE DE MADEIRA COMPENSADA PARA CONSTRUÇÃO TEMPORÁRIA EM CHAPA SIMPLES, EXTERNA, COM ÁREA LÍQUIDA MENOR QUE 6 M², SEM VÃO. AF_05/2018","CANT - CANTEIRO DE OBRAS",null,"m²",0.34289999999999998,64.31,22.05]
["Composição Auxiliar"," 98441 ","SINAPI","PAREDE DE MADEIRA COMPENSADA PARA CONSTRUÇÃO TEMPORÁRIA EM CHAPA SIMPLES, EXTERNA, COM ÁREA LÍQUIDA MAIOR OU IGUAL A 6 M², SEM VÃO. AF_05/2018","CANT - CANTEIRO DE OBRAS",null,"m²",0.2979,62.46,18.61]
["Composição Auxiliar"," 98443 ","SINAPI","PAREDE DE MADEIRA COMPENSADA PARA CONSTRUÇÃO TEMPORÁRIA EM CHAPA SIMPLES, INTERNA, COM ÁREA LÍQUIDA MAIOR OU IGUAL A 6 M², SEM VÃO. AF_05/2018","CANT - CANTEIRO DE OBRAS",null,"m²",0.15809999999999999,53.74,8.5]
["Composição Auxiliar"," 98447 ","SINAPI","PAREDE DE MADEIRA COMPENSADA PARA CONSTRUÇÃO TEMPORÁRIA EM CHAPA SIMPLES, INTERNA, COM ÁREA LÍQUIDA MAIOR OU IGUAL A 6 M², COM VÃO. AF_05/2018","CANT - CANTEIRO DE OBRAS",null,"m²",0.247,62.59,15.46]
["Composição Auxiliar"," 98444 ","SINAPI","PAREDE DE MADEIRA COMPENSADA PARA CONSTRUÇÃO TEMPORÁRIA EM CHAPA SIMPLES, INTERNA, COM ÁREA LÍQUIDA MENOR QUE 6 M², SEM VÃO. AF_05/2018","CANT - CANTEIRO DE OBRAS",null,"m²",0.182,55.06,10.02]
["Composição Auxiliar"," 98445 ","SINAPI","PAREDE DE MADEIRA COMPENSADA PARA CONSTRUÇÃO TEMPORÁRIA EM CHAPA SIMPLES, EXTERNA, COM ÁREA LÍQUIDA MAIOR OU IGUAL A 6 M², COM VÃO. AF_05/2018","CANT - CANTEIRO DE OBRAS",null,"m²",0.46539999999999998,74.56,34.700000000000003]
["Composição Auxiliar"," 98446 ","SINAPI","PAREDE DE MADEIRA COMPENSADA PARA CONSTRUÇÃO TEMPORÁRIA EM CHAPA SIMPLES, EXTERNA, COM ÁREA LÍQUIDA MENOR QUE 6 M², COM VÃO. AF_05/2018","CANT - CANTEIRO DE OBRAS",null,"m²",0.3629,96.1,34.869999999999997]
["Composição Auxiliar"," 98448 ","SINAPI","PAREDE DE MADEIRA COMPENSADA PARA CONSTRUÇÃO TEMPORÁRIA EM CHAPA SIMPLES, INTERNA, COM ÁREA LÍQUIDA MENOR QUE 6 M², COM VÃO. AF_05/2018","CANT - CANTEIRO DE OBRAS",null,"m²",0.19259999999999999,78.930000000000007,15.2]
["Composição Auxiliar"," 92543 ","SINAPI","TRAMA DE MADEIRA COMPOSTA POR TERÇAS PARA TELHADOS DE ATÉ 2 ÁGUAS PARA TELHA ONDULADA DE FIBROCIMENTO, METÁLICA, PLÁSTICA OU TERMOACÚSTICA, INCLUSO TRANSPORTE VERTICAL. AF_07/2019","COBE - COBERTURA",null,"m²",1.3621000000000001,9.2200000000000006,12.56]
["Composição Auxiliar"," 94210 ","SINAPI","TELHAMENTO COM TELHA ONDULADA DE FIBROCIMENTO E = 6 MM, COM RECOBRIMENTO LATERAL DE 1 1/4 DE ONDA PARA TELHADO COM INCLINAÇÃO MÁXIMA DE 10°, COM ATÉ 2 ÁGUAS, INCLUSO IÇAMENTO. AF_07/2019","COBE - COBERTURA",null,"m²",1.3621000000000001,32.06,43.67]
["Composição Auxiliar"," 90822 ","SINAPI","PORTA DE MADEIRA PARA PINTURA, SEMI-OCA (LEVE OU MÉDIA), 80X210CM, ESPESSURA DE 3,5CM, INCLUSO DOBRADIÇAS - FORNECIMENTO E INSTALAÇÃO. AF_12/2019","ESQV - ESQUADRIAS/FERRAGENS/VIDROS",null,"UN",5.7799999999999997E-2,282.01,16.3]
["Composição Auxiliar"," 90820 ","SINAPI","PORTA DE MADEIRA PARA PINTURA, SEMI-OCA (LEVE OU MÉDIA), 60X210CM, ESPESSURA DE 3,5CM, INCLUSO DOBRADIÇAS - FORNECIMENTO E INSTALAÇÃO. AF_12/2019","ESQV - ESQUADRIAS/FERRAGENS/VIDROS",null,"UN",3.85E-2,261.02999999999997,10.050000000000001]
["Composição Auxiliar"," 94559 ","SINAPI","JANELA DE AÇO TIPO BASCULANTE PARA VIDROS, COM BATENTE, FERRAGENS E PINTURA ANTICORROSIVA. EXCLUSIVE VIDROS, ACABAMENTO, ALIZAR E CONTRAMARCO. FORNECIMENTO E INSTALAÇÃO. AF_12/2019","ESQV - ESQUADRIAS/FERRAGENS/VIDROS",null,"m²",2.8899999999999999E-2,456.05,13.18]
["Composição Auxiliar"," 91341 ","SINAPI","PORTA EM ALUMÍNIO DE ABRIR TIPO VENEZIANA COM GUARNIÇÃO, FIXAÇÃO COM PARAFUSOS - FORNECIMENTO E INSTALAÇÃO. AF_12/2019","ESQV - ESQUADRIAS/FERRAGENS/VIDROS",null,"m²",3.2399999999999998E-2,301.31,9.76]
["Composição Auxiliar"," 100665 ","SINAPI","JANELA DE MADEIRA - CEDRINHO/ANGELIM OU EQUIVALENTE DA REGIÃO - DE ABRIR COM 4 FOLHAS (2 VENEZIANAS E 2 GUILHOTINAS PARA VIDRO), COM BATENTE, ALIZAR E FERRAGENS. EXCLUSIVE VIDROS, ACABAMENTO E CONTRAMARCO. FORNECIMENTO E INSTALAÇÃO. AF_12/2019","ESQV - ESQUADRIAS/FERRAGENS/VIDROS",null,"m²",9.64E-2,325.94,31.42]
["Composição Auxiliar"," 95240 ","SINAPI","LASTRO DE CONCRETO MAGRO, APLICADO EM PISOS OU RADIERS, ESPESSURA DE 3 CM. AF_07/2016","FUES - FUNDAÇÕES E ESTRUTURAS",null,"m²",5.4000000000000003E-3,9.2100000000000009,0.05]
["Composição Auxiliar"," 95241 ","SINAPI","LASTRO DE CONCRETO MAGRO, APLICADO EM PISOS OU RADIERS, ESPESSURA DE 5 CM. AF_07/2016","FUES - FUNDAÇÕES E ESTRUTURAS",null,"m²",1.3559000000000001,15.36,20.83]
["Composição Auxiliar"," 101165 ","SINAPI","ALVENARIA DE EMBASAMENTO COM BLOCO ESTRUTURAL DE CONCRETO, DE 14X19X29CM E ARGAMASSA DE ASSENTAMENTO COM PREPARO EM BETONEIRA. AF_05/2020","FUES - FUNDAÇÕES E ESTRUTURAS",null,"m³",2.3900000000000001E-2,481.39,11.51]
["Composição Auxiliar"," 91862 ","SINAPI","ELETRODUTO RÍGIDO ROSCÁVEL, PVC, DN 20 MM (1/2\"), PARA CIRCUITOS TERMINAIS, INSTALADO EM FORRO - FORNECIMENTO E INSTALAÇÃO. AF_12/2015","INEL - INSTALAÇÃO ELÉTRICA/ELETRIFICAÇÃO E ILUMINAÇÃO EXTERNA",null,"M",0.53,5.41,2.87]
["Composição Auxiliar"," 91870 ","SINAPI","ELETRODUTO RÍGIDO ROSCÁVEL, PVC, DN 20 MM (1/2\"), PARA CIRCUITOS TERMINAIS, INSTALADO EM PAREDE - FORNECIMENTO E INSTALAÇÃO. AF_12/2015","INEL - INSTALAÇÃO ELÉTRICA/ELETRIFICAÇÃO E ILUMINAÇÃO EXTERNA",null,"M",1.7343999999999999,5.83,10.11]
["Composição Auxiliar"," 91911 ","SINAPI","CURVA 90 GRAUS PARA ELETRODUTO, PVC, ROSCÁVEL, DN 20 MM (1/2\"), PARA CIRCUITOS TERMINAIS, INSTALADA EM PAREDE - FORNECIMENTO E INSTALAÇÃO. AF_12/2015","INEL - INSTALAÇÃO ELÉTRICA/ELETRIFICAÇÃO E ILUMINAÇÃO EXTERNA",null,"UN",0.19270000000000001,7.35,1.42]
["Composição Auxiliar"," 91928 ","SINAPI","CABO DE COBRE FLEXÍVEL ISOLADO, 4 MM², ANTI-CHAMA 450/750 V, PARA CIRCUITOS TERMINAIS - FORNECIMENTO E INSTALAÇÃO. AF_12/2015","INEL - INSTALAÇÃO ELÉTRICA/ELETRIFICAÇÃO E ILUMINAÇÃO EXTERNA",null,"M",2.0234999999999999,3.4,6.88]
["Composição Auxiliar"," 97611 ","SINAPI","LÂMPADA COMPACTA FLUORESCENTE DE 15 W, BASE E27 - FORNECIMENTO E INSTALAÇÃO. AF_02/2020","INEL - INSTALAÇÃO ELÉTRICA/ELETRIFICAÇÃO E ILUMINAÇÃO EXTERNA",null,"UN",3.85E-2,14.26,0.55000000000000004]
["Composição Auxiliar"," 89726 ","SINAPI","JOELHO 45 GRAUS, PVC, SERIE NORMAL, ESGOTO PREDIAL, DN 40 MM, JUNTA SOLDÁVEL, FORNECIDO E INSTALADO EM RAMAL DE DESCARGA OU RAMAL DE ESGOTO SANITÁRIO. AF_12/2014","INHI - INSTALAÇÕES HIDROS SANITÁRIAS",null,"UN",5.7799999999999997E-2,4.07,0.24]
["Composição Auxiliar"," 97593 ","SINAPI","LUMINÁRIA TIPO SPOT, DE SOBREPOR, COM 1 LÂMPADA FLUORESCENTE DE 15 W, SEM REATOR - FORNECIMENTO E INSTALAÇÃO. AF_02/2020","INEL - INSTALAÇÃO ELÉTRICA/ELETRIFICAÇÃO E ILUMINAÇÃO EXTERNA",null,"UN",7.7100000000000002E-2,65.05,5.0199999999999996]
["Composição Auxiliar"," 89714 ","SINAPI","TUBO PVC, SERIE NORMAL, ESGOTO PREDIAL, DN 100 MM, FORNECIDO E INSTALADO EM RAMAL DE DESCARGA OU RAMAL DE ESGOTO SANITÁRIO. AF_12/2014","INHI - INSTALAÇÕES HIDROS SANITÁRIAS",null,"M",0.1472,30.25,4.45]
["Composição Auxiliar"," 92981 ","SINAPI","CABO DE COBRE FLEXÍVEL ISOLADO, 16 MM², ANTI-CHAMA 450/750 V, PARA DISTRIBUIÇÃO - FORNECIMENTO E INSTALAÇÃO. AF_12/2015","INEL - INSTALAÇÃO ELÉTRICA/ELETRIFICAÇÃO E ILUMINAÇÃO EXTERNA",null,"M",0.19270000000000001,7.68,1.48]
["Composição Auxiliar"," 92008 ","SINAPI","TOMADA BAIXA DE EMBUTIR (2 MÓDULOS), 2P+T 10 A, INCLUINDO SUPORTE E PLACA - FORNECIMENTO E INSTALAÇÃO. AF_12/2015","INEL - INSTALAÇÃO ELÉTRICA/ELETRIFICAÇÃO E ILUMINAÇÃO EXTERNA",null,"UN",0.1542,28.27,4.3600000000000003]
["Composição Auxiliar"," 96985 ","SINAPI","HASTE DE ATERRAMENTO 5/8  PARA SPDA - FORNECIMENTO E INSTALAÇÃO. AF_12/2017","INEL - INSTALAÇÃO ELÉTRICA/ELETRIFICAÇÃO E ILUMINAÇÃO EXTERNA",null,"UN",3.85E-2,40.01,1.54]
["Composição Auxiliar"," 91926 ","SINAPI","CABO DE COBRE FLEXÍVEL ISOLADO, 2,5 MM², ANTI-CHAMA 450/750 V, PARA CIRCUITOS TERMINAIS - FORNECIMENTO E INSTALAÇÃO. AF_12/2015","INEL - INSTALAÇÃO ELÉTRICA/ELETRIFICAÇÃO E ILUMINAÇÃO EXTERNA",null,"M",3.4689000000000001,2.12,7.35]
["Composição Auxiliar"," 95805 ","SINAPI","CONDULETE DE PVC, TIPO B, PARA ELETRODUTO DE PVC SOLDÁVEL DN 25 MM (3/4''), APARENTE - FORNECIMENTO E INSTALAÇÃO. AF_11/2016","INEL - INSTALAÇÃO ELÉTRICA/ELETRIFICAÇÃO E ILUMINAÇÃO EXTERNA",null,"UN",0.28910000000000002,13.56,3.92]
["Composição Auxiliar"," 95811 ","SINAPI","CONDULETE DE PVC, TIPO LB, PARA ELETRODUTO DE PVC SOLDÁVEL DN 25 MM (3/4''), APARENTE - FORNECIMENTO E INSTALAÇÃO. AF_11/2016","INEL - INSTALAÇÃO ELÉTRICA/ELETRIFICAÇÃO E ILUMINAÇÃO EXTERNA",null,"UN",0.13489999999999999,8.69,1.17]
["Composição Auxiliar"," 91937 ","SINAPI","CAIXA OCTOGONAL 3\" X 3\", PVC, INSTALADA EM LAJE - FORNECIMENTO E INSTALAÇÃO. AF_12/2015","INEL - INSTALAÇÃO ELÉTRICA/ELETRIFICAÇÃO E ILUMINAÇÃO EXTERNA",null,"UN",0.1734,6.23,1.08]
["Composição Auxiliar"," 92000 ","SINAPI","TOMADA BAIXA DE EMBUTIR (1 MÓDULO), 2P+T 10 A, INCLUINDO SUPORTE E PLACA - FORNECIMENTO E INSTALAÇÃO. AF_12/2015","INEL - INSTALAÇÃO ELÉTRICA/ELETRIFICAÇÃO E ILUMINAÇÃO EXTERNA",null,"UN",7.7100000000000002E-2,17.59,1.36]
["Composição Auxiliar"," 83463 ","SINAPI","QUADRO DE DISTRIBUICAO DE ENERGIA EM CHAPA DE ACO GALVANIZADO, PARA 12 DISJUNTORES TERMOMAGNETICOS MONOPOLARES, COM BARRAMENTO TRIFASICO E NEUTRO - FORNECIMENTO E INSTALACAO","INEL - INSTALAÇÃO ELÉTRICA/ELETRIFICAÇÃO E ILUMINAÇÃO EXTERNA",null,"UN",1.9300000000000001E-2,203.96,3.94]
["Composição Auxiliar"," 89712 ","SINAPI","TUBO PVC, SERIE NORMAL, ESGOTO PREDIAL, DN 50 MM, FORNECIDO E INSTALADO EM RAMAL DE DESCARGA OU RAMAL DE ESGOTO SANITÁRIO. AF_12/2014","INHI - INSTALAÇÕES HIDROS SANITÁRIAS",null,"M",0.12529999999999999,15.38,1.93]
["Composição Auxiliar"," 97886 ","SINAPI","CAIXA ENTERRADA ELÉTRICA RETANGULAR, EM ALVENARIA COM TIJOLOS CERÂMICOS MACIÇOS, FUNDO COM BRITA, DIMENSÕES INTERNAS: 0,3X0,3X0,3 M. AF_05/2018","INEL - INSTALAÇÃO ELÉTRICA/ELETRIFICAÇÃO E ILUMINAÇÃO EXTERNA",null,"UN",3.85E-2,96.06,3.7]
["Composição Auxiliar"," 92023 ","SINAPI","INTERRUPTOR SIMPLES (1 MÓDULO) COM 1 TOMADA DE EMBUTIR 2P+T 10 A,  INCLUINDO SUPORTE E PLACA - FORNECIMENTO E INSTALAÇÃO. AF_12/2015","INEL - INSTALAÇÃO ELÉTRICA/ELETRIFICAÇÃO E ILUMINAÇÃO EXTERNA",null,"UN",0.13489999999999999,29.27,3.95]
["Composição Auxiliar"," 91924 ","SINAPI","CABO DE COBRE FLEXÍVEL ISOLADO, 1,5 MM², ANTI-CHAMA 450/750 V, PARA CIRCUITOS TERMINAIS - FORNECIMENTO E INSTALAÇÃO. AF_12/2015","INEL - INSTALAÇÃO ELÉTRICA/ELETRIFICAÇÃO E ILUMINAÇÃO EXTERNA",null,"M",1.4165000000000001,1.48,2.1]
["Composição Auxiliar"," 97586 ","SINAPI","LUMINÁRIA TIPO CALHA, DE SOBREPOR, COM 2 LÂMPADAS TUBULARES FLUORESCENTES DE 36 W, COM REATOR DE PARTIDA RÁPIDA - FORNECIMENTO E INSTALAÇÃO. AF_02/2020","INEL - INSTALAÇÃO ELÉTRICA/ELETRIFICAÇÃO E ILUMINAÇÃO EXTERNA",null,"UN",0.11559999999999999,67.959999999999994,7.86]
["Composição Auxiliar"," 97612 ","SINAPI","LÂMPADA COMPACTA FLUORESCENTE DE 20 W, BASE E27 - FORNECIMENTO E INSTALAÇÃO. AF_02/2020","INEL - INSTALAÇÃO ELÉTRICA/ELETRIFICAÇÃO E ILUMINAÇÃO EXTERNA",null,"UN",3.85E-2,15.55,0.6]
["Composição Auxiliar"," 74130/001 ","SINAPI","DISJUNTOR TERMOMAGNETICO MONOPOLAR PADRAO NEMA (AMERICANO) 10 A 30A 240V, FORNECIMENTO E INSTALACAO","INEL - INSTALAÇÃO ELÉTRICA/ELETRIFICAÇÃO E ILUMINAÇÃO EXTERNA",null,"UN",0.1734,9.67,1.68]
["Composição Auxiliar"," 98283 ","SINAPI","CABO TELEFÔNICO CCI-50 4 PARES, SEM BLINDAGEM, INSTALADO EM DISTRIBUIÇÃO DE EDIFICAÇÃO RESIDENCIAL - FORNECIMENTO E INSTALAÇÃO. AF_11/2019","INES - INSTALAÇÕES ESPECIAIS",null,"M",0.61670000000000003,5.35,3.3]
["Composição Auxiliar"," 89724 ","SINAPI","JOELHO 90 GRAUS, PVC, SERIE NORMAL, ESGOTO PREDIAL, DN 40 MM, JUNTA SOLDÁVEL, FORNECIDO E INSTALADO EM RAMAL DE DESCARGA OU RAMAL DE ESGOTO SANITÁRIO. AF_12/2014","INHI - INSTALAÇÕES HIDROS SANITÁRIAS",null,"UN",7.7100000000000002E-2,5.23,0.4]
["Composição Auxiliar"," 91945 ","SINAPI","SUPORTE PARAFUSADO COM PLACA DE ENCAIXE 4\" X 2\" ALTO (2,00 M DO PISO) PARA PONTO ELÉTRICO - FORNECIMENTO E INSTALAÇÃO. AF_12/2015","INEL - INSTALAÇÃO ELÉTRICA/ELETRIFICAÇÃO E ILUMINAÇÃO EXTERNA",null,"UN",5.7799999999999997E-2,6.15,0.36]
["Composição Auxiliar"," 89711 ","SINAPI","TUBO PVC, SERIE NORMAL, ESGOTO PREDIAL, DN 40 MM, FORNECIDO E INSTALADO EM RAMAL DE DESCARGA OU RAMAL DE ESGOTO SANITÁRIO. AF_12/2014","INHI - INSTALAÇÕES HIDROS SANITÁRIAS",null,"M",0.13880000000000001,10.47,1.45]
["Composição Auxiliar"," 100556 ","SINAPI","CAIXA DE PASSAGEM PARA TELEFONE 15X15X10CM (SOBREPOR), FORNECIMENTO E INSTALACAO. AF_11/2019","INES - INSTALAÇÕES ESPECIAIS",null,"UN",1.9300000000000001E-2,18.79,0.36]
["Composição Auxiliar"," 89731 ","SINAPI","JOELHO 90 GRAUS, PVC, SERIE NORMAL, ESGOTO PREDIAL, DN 50 MM, JUNTA ELÁSTICA, FORNECIDO E INSTALADO EM RAMAL DE DESCARGA OU RAMAL DE ESGOTO SANITÁRIO. AF_12/2014","INHI - INSTALAÇÕES HIDROS SANITÁRIAS",null,"UN",1.9300000000000001E-2,5.96,0.12]
["Composição Auxiliar"," 89748 ","SINAPI","CURVA CURTA 90 GRAUS, PVC, SERIE NORMAL, ESGOTO PREDIAL, DN 100 MM, JUNTA ELÁSTICA, FORNECIDO E INSTALADO EM RAMAL DE DESCARGA OU RAMAL DE ESGOTO SANITÁRIO. AF_12/2014","INHI - INSTALAÇÕES HIDROS SANITÁRIAS",null,"UN",5.7799999999999997E-2,19.03,1.1000000000000001]
["Composição Auxiliar"," 89796 ","SINAPI","TE, PVC, SERIE NORMAL, ESGOTO PREDIAL, DN 100 X 100 MM, JUNTA ELÁSTICA, FORNECIDO E INSTALADO EM RAMAL DE DESCARGA OU RAMAL DE ESGOTO SANITÁRIO. AF_12/2014","INHI - INSTALAÇÕES HIDROS SANITÁRIAS",null,"UN",3.85E-2,21.13,0.81]
["Composição Auxiliar"," 89784 ","SINAPI","TE, PVC, SERIE NORMAL, ESGOTO PREDIAL, DN 50 X 50 MM, JUNTA ELÁSTICA, FORNECIDO E INSTALADO EM RAMAL DE DESCARGA OU RAMAL DE ESGOTO SANITÁRIO. AF_12/2014","INHI - INSTALAÇÕES HIDROS SANITÁRIAS",null,"UN",5.7799999999999997E-2,10.46,0.6]
["Composição Auxiliar"," 89482 ","SINAPI","CAIXA SIFONADA, PVC, DN 100 X 100 X 50 MM, FORNECIDA E INSTALADA EM RAMAIS DE ENCAMINHAMENTO DE ÁGUA PLUVIAL. AF_12/2014","INHI - INSTALAÇÕES HIDROS SANITÁRIAS",null,"UN",3.85E-2,14.14,0.54]
["Composição Auxiliar"," 74166/001 ","SINAPI","CAIXA DE INSPEÇÃO EM CONCRETO PRÉ-MOLDADO DN 60CM COM TAMPA H= 60CM - FORNECIMENTO E INSTALACAO","INHI - INSTALAÇÕES HIDROS SANITÁRIAS",null,"UN",1.9300000000000001E-2,142.69999999999999,2.75]
["Composição Auxiliar"," 86943 ","SINAPI","LAVATÓRIO LOUÇA BRANCA SUSPENSO, 29,5 X 39CM OU EQUIVALENTE, PADRÃO POPULAR, INCLUSO SIFÃO FLEXÍVEL EM PVC, VÁLVULA E ENGATE FLEXÍVEL 30CM EM PLÁSTICO E TORNEIRA CROMADA DE MESA, PADRÃO POPULAR - FORNECIMENTO E INSTALAÇÃO. AF_01/2020","INHI - INSTALAÇÕES HIDROS SANITÁRIAS",null,"UN",3.85E-2,141.47,5.45]
["Composição Auxiliar"," 86888 ","SINAPI","VASO SANITÁRIO SIFONADO COM CAIXA ACOPLADA LOUÇA BRANCA - FORNECIMENTO E INSTALAÇÃO. AF_01/2020","INHI - INSTALAÇÕES HIDROS SANITÁRIAS",null,"UN",3.85E-2,276.54000000000002,10.65]
["Composição Auxiliar"," 86934 ","SINAPI","BANCADA DE MÁRMORE SINTÉTICO 120 X 60CM, COM CUBA INTEGRADA, INCLUSO SIFÃO TIPO FLEXÍVEL EM PVC, VÁLVULA EM PLÁSTICO CROMADO TIPO AMERICANA E TORNEIRA CROMADA LONGA, DE PAREDE, PADRÃO POPULAR - FORNECIMENTO E INSTALAÇÃO. AF_01/2020","INHI - INSTALAÇÕES HIDROS SANITÁRIAS",null,"UN",1.9300000000000001E-2,214.49,4.1399999999999997]
["Composição Auxiliar"," 89957 ","SINAPI","PONTO DE CONSUMO TERMINAL DE ÁGUA FRIA (SUBRAMAL) COM TUBULAÇÃO DE PVC, DN 25 MM, INSTALADO EM RAMAL DE ÁGUA, INCLUSOS RASGO E CHUMBAMENTO EM ALVENARIA. AF_12/2014","INHI - INSTALAÇÕES HIDROS SANITÁRIAS",null,"UN",9.64E-2,77.81,7.5]
["Composição Auxiliar"," 91173 ","SINAPI","FIXAÇÃO DE TUBOS VERTICAIS DE PPR DIÂMETROS MENORES OU IGUAIS A 40 MM COM ABRAÇADEIRA METÁLICA RÍGIDA TIPO D 1/2\", FIXADA EM PERFILADO EM ALVENARIA. AF_05/2015","INHI - INSTALAÇÕES HIDROS SANITÁRIAS",null,"M",1.7343999999999999,0.99,1.72]
["Composição Auxiliar"," 90443 ","SINAPI","RASGO EM ALVENARIA PARA RAMAIS/ DISTRIBUIÇÃO COM DIAMETROS MENORES OU IGUAIS A 40 MM. AF_05/2015","INHI - INSTALAÇÕES HIDROS SANITÁRIAS",null,"M",0.1002,7.45,0.75]
["Composição Auxiliar"," 91170 ","SINAPI","FIXAÇÃO DE TUBOS HORIZONTAIS DE PVC, CPVC OU COBRE DIÂMETROS MENORES OU IGUAIS A 40 MM OU ELETROCALHAS ATÉ 150MM DE LARGURA, COM ABRAÇADEIRA METÁLICA RÍGIDA TIPO D 1/2\u0094, FIXADA EM PERFILADO EM LAJE. AF_05/2015","INHI - INSTALAÇÕES HIDROS SANITÁRIAS",null,"M",0.53,1.95,1.03]
["Composição Auxiliar"," 90466 ","SINAPI","CHUMBAMENTO LINEAR EM ALVENARIA PARA RAMAIS/DISTRIBUIÇÃO COM DIÂMETROS MENORES OU IGUAIS A 40 MM. AF_05/2015","INHI - INSTALAÇÕES HIDROS SANITÁRIAS",null,"M",0.1002,7.45,0.75]
["Composição Auxiliar"," 96995 ","SINAPI","REATERRO MANUAL APILOADO COM SOQUETE. AF_10/2017","MOVT - MOVIMENTO DE TERRA",null,"m³",6.0000000000000001E-3,28.02,0.17]
["Composição Auxiliar"," 88487 ","SINAPI","APLICAÇÃO MANUAL DE PINTURA COM TINTA LÁTEX PVA EM PAREDES, DUAS DEMÃOS. AF_06/2014","PINT - PINTURAS",null,"m²",4.4976000000000003,6.42,28.87]
["Composição Auxiliar"," 93358 ","SINAPI","ESCAVAÇÃO MANUAL DE VALA COM PROFUNDIDADE MENOR OU IGUAL A 1,30 M. AF_03/2016","MOVT - MOVIMENTO DE TERRA",null,"m³",2.3300000000000001E-2,44.97,1.05]
["Composição Auxiliar"," 87548 ","SINAPI","MASSA ÚNICA, PARA RECEBIMENTO DE PINTURA, EM ARGAMASSA TRAÇO 1:2:8, PREPARO MANUAL, APLICADA MANUALMENTE EM FACES INTERNAS DE PAREDES, ESPESSURA DE 10MM, COM EXECUÇÃO DE TALISCAS. AF_06/2014","REVE - REVESTIMENTO E TRATAMENTO DE SUPERFÍCIES",null,"m²",3.85E-2,13.63,0.52]
["Composição Auxiliar"," 89171 ","SINAPI","(COMPOSIÇÃO REPRESENTATIVA) DO SERVIÇO DE REVESTIMENTO CERÂMICO PARA PISO COM PLACAS TIPO GRÉS DE DIMENSÕES 35X35 CM, PARA EDIFICAÇÃO HABITACIONAL UNIFAMILIAR (CASA) E EDIFICAÇÃO PÚBLICA PADRÃO. AF_11/2014","PISO - PISOS",null,"m²",8.0600000000000005E-2,34.729999999999997,2.8]
["Composição Auxiliar"," 87877 ","SINAPI","CHAPISCO APLICADO EM ALVENARIAS E ESTRUTURAS DE CONCRETO INTERNAS, COM ROLO PARA TEXTURA ACRÍLICA.  ARGAMASSA INDUSTRIALIZADA COM PREPARO EM MISTURADOR 300 KG. AF_06/2014","REVE - REVESTIMENTO E TRATAMENTO DE SUPERFÍCIES",null,"m²",0.20469999999999999,4.82,0.99]
["Composição Auxiliar"," 89168 ","SINAPI","(COMPOSIÇÃO REPRESENTATIVA) DO SERVIÇO DE ALVENARIA DE VEDAÇÃO DE BLOCOS VAZADOS DE CERÂMICA DE 9X19X19CM (ESPESSURA 9CM), PARA EDIFICAÇÃO HABITACIONAL UNIFAMILIAR (CASA) E EDIFICAÇÃO PÚBLICA PADRÃO. AF_11/2014","PARE - PAREDES/PAINEIS",null,"m²",0.1023,50.61,5.18]
["Composição Auxiliar"," 89173 ","SINAPI","(COMPOSIÇÃO REPRESENTATIVA) DO SERVIÇO DE EMBOÇO/MASSA ÚNICA, APLICADO MANUALMENTE, TRAÇO 1:2:8, EM BETONEIRA DE 400L, PAREDES INTERNAS, COM EXECUÇÃO DE TALISCAS, EDIFICAÇÃO HABITACIONAL UNIFAMILIAR (CASAS) E EDIFICAÇÃO PÚBLICA PADRÃO. AF_12/2014","REVE - REVESTIMENTO E TRATAMENTO DE SUPERFÍCIES",null,"m²",0.20469999999999999,18.84,3.86]
["Insumo"," 00010891 ","SINAPI","EXTINTOR DE INCENDIO PORTATIL COM CARGA DE PO QUIMICO SECO (PQS) DE 4 KG, CLASSE BC","Material",null,"UN",1.9300000000000001E-2,112.31,2.17]
["Insumo"," 00003080 ","SINAPI","FECHADURA DE EMBUTIR PARA PORTA EXTERNA / ENTRADA, MAQUINA 40 MM, COM CILINDRO, MACANETA ALAVANCA E ESPELHO EM METAL CROMADO - NIVEL SEGURANCA MEDIO - COMPLETA","Material",null,"CJ",5.7799999999999997E-2,28.5,1.65]
["Insumo"," 00010886 ","SINAPI","EXTINTOR DE INCENDIO PORTATIL COM CARGA DE AGUA PRESSURIZADA DE 10 L, CLASSE A","Material",null,"UN",1.9300000000000001E-2,116.14,2.2400000000000002]
["Insumo"," 00003097 ","SINAPI","FECHADURA DE EMBUTIR PARA PORTA DE BANHEIRO, TIPO TRANQUETA, MAQUINA 40 MM, MACANETAS ALAVANCA E ROSETAS REDONDAS EM METAL CROMADO - NIVEL SEGURANCA MEDIO - COMPLETA","Material",null,"CJ",3.85E-2,21.32,0.82]
["Insumo"," 00011587 ","SINAPI","FORRO DE PVC LISO, BRANCO, REGUA DE 10 CM, ESPESSURA DE 8 MM A 10 MM (COM COLOCACAO / SEM ESTRUTURA METALICA)","Material",null,"m²",0.99380000000000002,45.78,45.5]
[{"$nulls":4},"MO sem LS =>",150.63,"LS =>",0.08,"MO com LS =>",150.71]
[{"$nulls":4},"Valor do BDI =>",151.11081999999999,null,"Valor com BDI =>",null,699.01]
[]
[null,"Código","Banco","Descrição","Tipo",null,"Und","Quant.","Valor Unit","Total"]
["Composição"," 93585 ","SINAPI","EXECUÇÃO DE GUARITA EM CANTEIRO DE OBRA EM CHAPA DE MADEIRA COMPENSADA, NÃO INCLUSO MOBILIÁRIO. AF_04/2016","CANT - CANTEIRO DE OBRAS",null,"m²",1,554.01,554.01]
["Composição Auxiliar"," 98442 ","SINAPI","PAREDE DE MADEIRA COMPENSADA PARA CONSTRUÇÃO TEMPORÁRIA EM CHAPA SIMPLES, EXTERNA, COM ÁREA LÍQUIDA MENOR QUE 6 M², SEM VÃO. AF_05/2018","CANT - CANTEIRO DE OBRAS",null,"m²",0.86780000000000002,64.31,55.81]
["Composição Auxiliar"," 98441 ","SINAPI","PAREDE DE MADEIRA COMPENSADA PARA CONSTRUÇÃO TEMPORÁRIA EM CHAPA SIMPLES, EXTERNA, COM ÁREA LÍQUIDA MAIOR OU IGUAL A 6 M², SEM VÃO. AF_05/2018","CANT - CANTEIRO DE OBRAS",null,"m²",0.754,62.46,47.09]
["Composição Auxiliar"," 98445 ","SINAPI","PAREDE DE MADEIRA COMPENSADA PARA CONSTRUÇÃO TEMPORÁRIA EM CHAPA SIMPLES, EXTERNA, COM ÁREA LÍQUIDA MAIOR OU IGUAL A 6 M², COM VÃO. AF_05/2018","CANT - CANTEIRO DE OBRAS",null,"m²",1.1778999999999999,74.56,87.82]
["Composição Auxiliar"," 98446 ","SINAPI","PAREDE DE MADEIRA COMPENSADA PARA CONSTRUÇÃO TEMPORÁRIA EM CHAPA SIMPLES, EXTERNA, COM ÁREA LÍQUIDA MENOR QUE 6 M², COM VÃO. AF_05/2018","CANT - CANTEIRO DE OBRAS",null,"m²",0.91839999999999999,96.1,88.26]
["Composição Auxiliar"," 92543 ","SINAPI","TRAMA DE MADEIRA COMPOSTA POR TERÇAS PARA TELHADOS DE ATÉ 2 ÁGUAS PARA TELHA ONDULADA DE FIBROCIMENTO, METÁLICA, PLÁSTICA OU TERMOACÚSTICA, INCLUSO TRANSPORTE VERTICAL. AF_07/2019","COBE - COBERTURA",null,"m²",1.5965,9.2200000000000006,14.72]
["Composição Auxiliar"," 94210 ","SINAPI","TELHAMENTO COM TELHA ONDULADA DE FIBROCIMENTO E = 6 MM, COM RECOBRIMENTO LATERAL DE 1 1/4 DE ONDA PARA TELHADO COM INCLINAÇÃO MÁXIMA DE 10°, COM ATÉ 2 ÁGUAS, INCLUSO IÇAMENTO. AF_07/2019","COBE - COBERTURA",null,"m²",1.5965,32.06,51.18]
["Composição Auxiliar"," 90822 ","SINAPI","PORTA DE MADEIRA PARA PINTURA, SEMI-OCA (LEVE OU MÉDIA), 80X210CM, ESPESSURA DE 3,5CM, INCLUSO DOBRADIÇAS - FORNECIMENTO E INSTALAÇÃO. AF_12/2019","ESQV - ESQUADRIAS/FERRAGENS/VIDROS",null,"UN",0.19309999999999999,282.01,54.46]
["Composição Auxiliar"," 100665 ","SINAPI","JANELA DE MADEIRA - CEDRINHO/ANGELIM OU EQUIVALENTE DA REGIÃO - DE ABRIR COM 4 FOLHAS (2 VENEZIANAS E 2 GUILHOTINAS PARA VIDRO), COM BATENTE, ALIZAR E FERRAGENS. EXCLUSIVE VIDROS, ACABAMENTO E CONTRAMARCO. FORNECIMENTO E INSTALAÇÃO. AF_12/2019","ESQV - ESQUADRIAS/FERRAGENS/VIDROS",null,"m²",0.19309999999999999,325.94,62.94]
["Composição Auxiliar"," 95240 ","SINAPI","LASTRO DE CONCRETO MAGRO, APLICADO EM PISOS OU RADIERS, ESPESSURA DE 3 CM. AF_07/2016","FUES - FUNDAÇÕES E ESTRUTURAS",null,"m²",1.8263,9.2100000000000009,16.82]
["Composição Auxiliar"," 91852 ","SINAPI","ELETRODUTO FLEXÍVEL CORRUGADO, PVC, DN 20 MM (1/2\"), PARA CIRCUITOS TERMINAIS, INSTALADO EM PAREDE - FORNECIMENTO E INSTALAÇÃO. AF_12/2015","INEL - INSTALAÇÃO ELÉTRICA/ELETRIFICAÇÃO E ILUMINAÇÃO EXTERNA",null,"M",0.19309999999999999,4.51,0.87]
["Composição Auxiliar"," 91862 ","SINAPI","ELETRODUTO RÍGIDO ROSCÁVEL, PVC, DN 20 MM (1/2\"), PARA CIRCUITOS TERMINAIS, INSTALADO EM FORRO - FORNECIMENTO E INSTALAÇÃO. AF_12/2015","INEL - INSTALAÇÃO ELÉTRICA/ELETRIFICAÇÃO E ILUMINAÇÃO EXTERNA",null,"M",0.21240000000000001,5.41,1.1499999999999999]
["Composição Auxiliar"," 91870 ","SINAPI","ELETRODUTO RÍGIDO ROSCÁVEL, PVC, DN 20 MM (1/2\"), PARA CIRCUITOS TERMINAIS, INSTALADO EM PAREDE - FORNECIMENTO E INSTALAÇÃO. AF_12/2015","INEL - INSTALAÇÃO ELÉTRICA/ELETRIFICAÇÃO E ILUMINAÇÃO EXTERNA",null,"M",0.48259999999999997,5.83,2.81]
["Composição Auxiliar"," 97593 ","SINAPI","LUMINÁRIA TIPO SPOT, DE SOBREPOR, COM 1 LÂMPADA FLUORESCENTE DE 15 W, SEM REATOR - FORNECIMENTO E INSTALAÇÃO. AF_02/2020","INEL - INSTALAÇÃO ELÉTRICA/ELETRIFICAÇÃO E ILUMINAÇÃO EXTERNA",null,"UN",0.19309999999999999,65.05,12.56]
["Composição Auxiliar"," 91926 ","SINAPI","CABO DE COBRE FLEXÍVEL ISOLADO, 2,5 MM², ANTI-CHAMA 450/750 V, PARA CIRCUITOS TERMINAIS - FORNECIMENTO E INSTALAÇÃO. AF_12/2015","INEL - INSTALAÇÃO ELÉTRICA/ELETRIFICAÇÃO E ILUMINAÇÃO EXTERNA",null,"M",2.1429,2.12,4.54]
["Composição Auxiliar"," 95811 ","SINAPI","CONDULETE DE PVC, TIPO LB, PARA ELETRODUTO DE PVC SOLDÁVEL DN 25 MM (3/4''), APARENTE - FORNECIMENTO E INSTALAÇÃO. AF_11/2016","INEL - INSTALAÇÃO ELÉTRICA/ELETRIFICAÇÃO E ILUMINAÇÃO EXTERNA",null,"UN",0.3861,8.69,3.36]
["Composição Auxiliar"," 98308 ","SINAPI","TOMADA PARA TELEFONE RJ11 - FORNECIMENTO E INSTALAÇÃO. AF_11/2019","INES - INSTALAÇÕES ESPECIAIS",null,"UN",0.19309999999999999,21.03,4.0599999999999996]
["Composição Auxiliar"," 100919 ","SINAPI","LÂMPADA FLUORESCENTE ESPIRAL BRANCA 45 W, BASE E27 - FORNECIMENTO E INSTALAÇÃO. AF_02/2020","INEL - INSTALAÇÃO ELÉTRICA/ELETRIFICAÇÃO E ILUMINAÇÃO EXTERNA",null,"UN",0.19309999999999999,40.299999999999997,7.78]
["Composição Auxiliar"," 92027 ","SINAPI","INTERRUPTOR SIMPLES (2 MÓDULOS) COM 1 TOMADA DE EMBUTIR 2P+T 10 A,  INCLUINDO SUPORTE E PLACA - FORNECIMENTO E INSTALAÇÃO. AF_12/2015","INEL - INSTALAÇÃO ELÉTRICA/ELETRIFICAÇÃO E ILUMINAÇÃO EXTERNA",null,"UN",0.19309999999999999,38.979999999999997,7.53]
["Composição Auxiliar"," 91173 ","SINAPI","FIXAÇÃO DE TUBOS VERTICAIS DE PPR DIÂMETROS MENORES OU IGUAIS A 40 MM COM ABRAÇADEIRA METÁLICA RÍGIDA TIPO D 1/2\", FIXADA EM PERFILADO EM ALVENARIA. AF_05/2015","INHI - INSTALAÇÕES HIDROS SANITÁRIAS",null,"M",0.47299999999999998,0.99,0.47]
["Composição Auxiliar"," 91170 ","SINAPI","FIXAÇÃO DE TUBOS HORIZONTAIS DE PVC, CPVC OU COBRE DIÂMETROS MENORES OU IGUAIS A 40 MM OU ELETROCALHAS ATÉ 150MM DE LARGURA, COM ABRAÇADEIRA METÁLICA RÍGIDA TIPO D 1/2\u0094, FIXADA EM PERFILADO EM LAJE. AF_05/2015","INHI - INSTALAÇÕES HIDROS SANITÁRIAS",null,"M",0.21240000000000001,1.95,0.41]
["Composição Auxiliar"," 88487 ","SINAPI","APLICAÇÃO MANUAL DE PINTURA COM TINTA LÁTEX PVA EM PAREDES, DUAS DEMÃOS. AF_06/2014","PINT - PINTURAS",null,"m²",3.7181000000000002,6.42,23.87]
["Insumo"," 00003080 ","SINAPI","FECHADURA DE EMBUTIR PARA PORTA EXTERNA / ENTRADA, MAQUINA 40 MM, COM CILINDRO, MACANETA ALAVANCA E ESPELHO EM METAL CROMADO - NIVEL SEGURANCA MEDIO - COMPLETA","Material",null,"CJ",0.19309999999999999,28.5,5.5]
[{"$nulls":4},"MO sem LS =>",141.94,"LS =>",0.05,"MO com LS =>",141.99]
[{"$nulls":4},"Valor do BDI =>",152.79595800000001,null,"Valor com BDI =>",null,706.81]
[]
[null,"Código","Banco","Descrição","Tipo",null,"Und","Quant.","Valor Unit","Total"]
["Composição"," 94992 ","SINAPI","EXECUÇÃO DE PASSEIO (CALÇADA) OU PISO DE CONCRETO COM CONCRETO MOLDADO IN LOCO, FEITO EM OBRA, ACABAMENTO CONVENCIONAL, ESPESSURA 6 CM, ARMADO. AF_07/2016","PISO - PISOS",null,"m²",1,43.93,43.93]
["Composição Auxiliar"," 94964 ","SINAPI","CONCRETO FCK = 20MPA, TRAÇO 1:2,7:3 (CIMENTO/ AREIA MÉDIA/ BRITA 1)  - PREPARO MECÂNICO COM BETONEIRA 400 L. AF_07/2016","FUES - FUNDAÇÕES E ESTRUTURAS",null,"m³",7.2800000000000004E-2,239.57,17.440000000000001]
["Composição Auxiliar"," 88316 ","SINAPI","SERVENTE COM ENCARGOS COMPLEMENTARES","SEDI - SERVIÇOS DIVERSOS",null,"H",0.27869959999999999,14.96,4.17]
["Composição Auxiliar"," 88309 ","SINAPI","PEDREIRO COM ENCARGOS COMPLEMENTARES","SEDI - SERVIÇOS DIVERSOS",null,"H",0.1730747,19.399999999999999,3.36]
["Composição Auxiliar"," 88262 ","SINAPI","CARPINTEIRO DE FORMAS COM ENCARGOS COMPLEMENTARES","SEDI - SERVIÇOS DIVERSOS",null,"H",0.1057029,19.260000000000002,2.04]
["Insumo"," 00003777 ","SINAPI","LONA PLASTICA PRETA, E= 150 MICRA","Material",null,"m²",1.1279999999999999,0.82,0.92]
["Insumo"," 00004517 ","SINAPI","SARRAFO DE MADEIRA NAO APARELHADA *2,5 X 7,5* CM (1 X 3 \") PINUS, MISTA OU EQUIVALENTE DA REGIAO","Material",null,"M",0.45,1.17,0.53]
["Insumo"," 00007156 ","SINAPI","TELA DE ACO SOLDADA NERVURADA, CA-60, Q-196, (3,11 KG/M2), DIAMETRO DO FIO = 5,0 MM, LARGURA = 2,45 M, ESPACAMENTO DA MALHA = 10 X 10 CM","Material",null,"m²",1.1224000000000001,13.78,15.47]
[{"$nulls":4},"MO sem LS =>",13.25,"LS =>",0.01,"MO com LS =>",13.26]
[{"$nulls":4},"Valor do BDI =>",12.115894000000001,null,"Valor com BDI =>",null,56.05]
[]
[null,"Código","Banco","Descrição","Tipo",null,"Und","Quant.","Valor Unit","Total"]
["Composição"," 93210 ","SINAPI","EXECUÇÃO DE REFEITÓRIO EM CANTEIRO DE OBRA EM CHAPA DE MADEIRA COMPENSADA, NÃO INCLUSO MOBILIÁRIO E EQUIPAMENTOS. AF_02/2016","CANT - CANTEIRO DE OBRAS",null,"m²",1,305.70999999999998,305.70999999999998]
["Composição Auxiliar"," 98442 ","SINAPI","PAREDE DE MADEIRA COMPENSADA PARA CONSTRUÇÃO TEMPORÁRIA EM CHAPA SIMPLES, EXTERNA, COM ÁREA LÍQUIDA MENOR QUE 6 M², SEM VÃO. AF_05/2018","CANT - CANTEIRO DE OBRAS",null,"m²",0.1668,64.31,10.73]
["Composição Auxiliar"," 98441 ","SINAPI","PAREDE DE MADEIRA COMPENSADA PARA CONSTRUÇÃO TEMPORÁRIA EM CHAPA SIMPLES, EXTERNA, COM ÁREA LÍQUIDA MAIOR OU IGUAL A 6 M², SEM VÃO. AF_05/2018","CANT - CANTEIRO DE OBRAS",null,"m²",0.1449,62.46,9.0500000000000007]
["Composição Auxiliar"," 98445 ","SINAPI","PAREDE DE MADEIRA COMPENSADA PARA CONSTRUÇÃO TEMPORÁRIA EM CHAPA SIMPLES, EXTERNA, COM ÁREA LÍQUIDA MAIOR OU IGUAL A 6 M², COM VÃO. AF_05/2018","CANT - CANTEIRO DE OBRAS",null,"m²",0.22639999999999999,74.56,16.88]
["Composição Auxiliar"," 98446 ","SINAPI","PAREDE DE MADEIRA COMPENSADA PARA CONSTRUÇÃO TEMPORÁRIA EM CHAPA SIMPLES, EXTERNA, COM ÁREA LÍQUIDA MENOR QUE 6 M², COM VÃO. AF_05/2018","CANT - CANTEIRO DE OBRAS",null,"m²",0.17649999999999999,96.1,16.96]
["Composição Auxiliar"," 92543 ","SINAPI","TRAMA DE MADEIRA COMPOSTA POR TERÇAS PARA TELHADOS DE ATÉ 2 ÁGUAS PARA TELHA ONDULADA DE FIBROCIMENTO, METÁLICA, PLÁSTICA OU TERMOACÚSTICA, INCLUSO TRANSPORTE VERTICAL. AF_07/2019","COBE - COBERTURA",null,"m²",1.4510000000000001,9.2200000000000006,13.38]
["Composição Auxiliar"," 94210 ","SINAPI","TELHAMENTO COM TELHA ONDULADA DE FIBROCIMENTO E = 6 MM, COM RECOBRIMENTO LATERAL DE 1 1/4 DE ONDA PARA TELHADO COM INCLINAÇÃO MÁXIMA DE 10°, COM ATÉ 2 ÁGUAS, INCLUSO IÇAMENTO. AF_07/2019","COBE - COBERTURA",null,"m²",1.4510000000000001,32.06,46.52]
["Composição Auxiliar"," 90822 ","SINAPI","PORTA DE MADEIRA PARA PINTURA, SEMI-OCA (LEVE OU MÉDIA), 80X210CM, ESPESSURA DE 3,5CM, INCLUSO DOBRADIÇAS - FORNECIMENTO E INSTALAÇÃO. AF_12/2019","ESQV - ESQUADRIAS/FERRAGENS/VIDROS",null,"UN",2.6800000000000001E-2,282.01,7.56]
["Composição Auxiliar"," 95240 ","SINAPI","LASTRO DE CONCRETO MAGRO, APLICADO EM PISOS OU RADIERS, ESPESSURA DE 3 CM. AF_07/2016","FUES - FUNDAÇÕES E ESTRUTURAS",null,"m²",8.9999999999999993E-3,9.2100000000000009,0.08]
["Composição Auxiliar"," 95241 ","SINAPI","LASTRO DE CONCRETO MAGRO, APLICADO EM PISOS OU RADIERS, ESPESSURA DE 5 CM. AF_07/2016","FUES - FUNDAÇÕES E ESTRUTURAS",null,"m²",1.4510000000000001,15.36,22.29]
["Composição Auxiliar"," 101165 ","SINAPI","ALVENARIA DE EMBASAMENTO COM BLOCO ESTRUTURAL DE CONCRETO, DE 14X19X29CM E ARGAMASSA DE ASSENTAMENTO COM PREPARO EM BETONEIRA. AF_05/2020","FUES - FUNDAÇÕES E ESTRUTURAS",null,"m³",0.04,481.39,19.260000000000002]
["Composição Auxiliar"," 91862 ","SINAPI","ELETRODUTO RÍGIDO ROSCÁVEL, PVC, DN 20 MM (1/2\"), PARA CIRCUITOS TERMINAIS, INSTALADO EM FORRO - FORNECIMENTO E INSTALAÇÃO. AF_12/2015","INEL - INSTALAÇÃO ELÉTRICA/ELETRIFICAÇÃO E ILUMINAÇÃO EXTERNA",null,"M",0.3221,5.41,1.74]
["Composição Auxiliar"," 91870 ","SINAPI","ELETRODUTO RÍGIDO ROSCÁVEL, PVC, DN 20 MM (1/2\"), PARA CIRCUITOS TERMINAIS, INSTALADO EM PAREDE - FORNECIMENTO E INSTALAÇÃO. AF_12/2015","INEL - INSTALAÇÃO ELÉTRICA/ELETRIFICAÇÃO E ILUMINAÇÃO EXTERNA",null,"M",0.53690000000000004,5.83,3.13]
["Composição Auxiliar"," 91911 ","SINAPI","CURVA 90 GRAUS PARA ELETRODUTO, PVC, ROSCÁVEL, DN 20 MM (1/2\"), PARA CIRCUITOS TERMINAIS, INSTALADA EM PAREDE - FORNECIMENTO E INSTALAÇÃO. AF_12/2015","INEL - INSTALAÇÃO ELÉTRICA/ELETRIFICAÇÃO E ILUMINAÇÃO EXTERNA",null,"UN",0.1074,7.35,0.79]
["Composição Auxiliar"," 89714 ","SINAPI","TUBO PVC, SERIE NORMAL, ESGOTO PREDIAL, DN 100 MM, FORNECIDO E INSTALADO EM RAMAL DE DESCARGA OU RAMAL DE ESGOTO SANITÁRIO. AF_12/2014","INHI - INSTALAÇÕES HIDROS SANITÁRIAS",null,"M",0.14230000000000001,30.25,4.3]
["Composição Auxiliar"," 92008 ","SINAPI","TOMADA BAIXA DE EMBUTIR (2 MÓDULOS), 2P+T 10 A, INCLUINDO SUPORTE E PLACA - FORNECIMENTO E INSTALAÇÃO. AF_12/2015","INEL - INSTALAÇÃO ELÉTRICA/ELETRIFICAÇÃO E ILUMINAÇÃO EXTERNA",null,"UN",0.13420000000000001,28.27,3.79]
["Composição Auxiliar"," 91926 ","SINAPI","CABO DE COBRE FLEXÍVEL ISOLADO, 2,5 MM², ANTI-CHAMA 450/750 V, PARA CIRCUITOS TERMINAIS - FORNECIMENTO E INSTALAÇÃO. AF_12/2015","INEL - INSTALAÇÃO ELÉTRICA/ELETRIFICAÇÃO E ILUMINAÇÃO EXTERNA",null,"M",2.5503,2.12,5.41]
["Composição Auxiliar"," 84402 ","SINAPI","QUADRO DE DISTRIBUICAO DE ENERGIA P/ 6 DISJUNTORES TERMOMAGNETICOS MONOPOLARES SEM BARRAMENTO, DE EMBUTIR, EM CHAPA METALICA - FORNECIMENTO E INSTALACAO","INEL - INSTALAÇÃO ELÉTRICA/ELETRIFICAÇÃO E ILUMINAÇÃO EXTERNA",null,"UN",2.6800000000000001E-2,51.74,1.39]
["Composição Auxiliar"," 95805 ","SINAPI","CONDULETE DE PVC, TIPO B, PARA ELETRODUTO DE PVC SOLDÁVEL DN 25 MM (3/4''), APARENTE - FORNECIMENTO E INSTALAÇÃO. AF_11/2016","INEL - INSTALAÇÃO ELÉTRICA/ELETRIFICAÇÃO E ILUMINAÇÃO EXTERNA",null,"UN",0.18790000000000001,13.56,2.5499999999999998]
["Composição Auxiliar"," 95811 ","SINAPI","CONDULETE DE PVC, TIPO LB, PARA ELETRODUTO DE PVC SOLDÁVEL DN 25 MM (3/4''), APARENTE - FORNECIMENTO E INSTALAÇÃO. AF_11/2016","INEL - INSTALAÇÃO ELÉTRICA/ELETRIFICAÇÃO E ILUMINAÇÃO EXTERNA",null,"UN",2.6800000000000001E-2,8.69,0.23]
["Composição Auxiliar"," 91937 ","SINAPI","CAIXA OCTOGONAL 3\" X 3\", PVC, INSTALADA EM LAJE - FORNECIMENTO E INSTALAÇÃO. AF_12/2015","INEL - INSTALAÇÃO ELÉTRICA/ELETRIFICAÇÃO E ILUMINAÇÃO EXTERNA",null,"UN",0.16109999999999999,6.23,1]
["Composição Auxiliar"," 92000 ","SINAPI","TOMADA BAIXA DE EMBUTIR (1 MÓDULO), 2P+T 10 A, INCLUINDO SUPORTE E PLACA - FORNECIMENTO E INSTALAÇÃO. AF_12/2015","INEL - INSTALAÇÃO ELÉTRICA/ELETRIFICAÇÃO E ILUMINAÇÃO EXTERNA",null,"UN",2.6800000000000001E-2,17.59,0.47]
["Composição Auxiliar"," 92023 ","SINAPI","INTERRUPTOR SIMPLES (1 MÓDULO) COM 1 TOMADA DE EMBUTIR 2P+T 10 A,  INCLUINDO SUPORTE E PLACA - FORNECIMENTO E INSTALAÇÃO. AF_12/2015","INEL - INSTALAÇÃO ELÉTRICA/ELETRIFICAÇÃO E ILUMINAÇÃO EXTERNA",null,"UN",2.6800000000000001E-2,29.27,0.78]
["Composição Auxiliar"," 91924 ","SINAPI","CABO DE COBRE FLEXÍVEL ISOLADO, 1,5 MM², ANTI-CHAMA 450/750 V, PARA CIRCUITOS TERMINAIS - FORNECIMENTO E INSTALAÇÃO. AF_12/2015","INEL - INSTALAÇÃO ELÉTRICA/ELETRIFICAÇÃO E ILUMINAÇÃO EXTERNA",null,"M",0.85909999999999997,1.48,1.27]
["Composição Auxiliar"," 97586 ","SINAPI","LUMINÁRIA TIPO CALHA, DE SOBREPOR, COM 2 LÂMPADAS TUBULARES FLUORESCENTES DE 36 W, COM REATOR DE PARTIDA RÁPIDA - FORNECIMENTO E INSTALAÇÃO. AF_02/2020","INEL - INSTALAÇÃO ELÉTRICA/ELETRIFICAÇÃO E ILUMINAÇÃO EXTERNA",null,"UN",0.16109999999999999,67.959999999999994,10.95]
["Composição Auxiliar"," 74130/001 ","SINAPI","DISJUNTOR TERMOMAGNETICO MONOPOLAR PADRAO NEMA (AMERICANO) 10 A 30A 240V, FORNECIMENTO E INSTALACAO","INEL - INSTALAÇÃO ELÉTRICA/ELETRIFICAÇÃO E ILUMINAÇÃO EXTERNA",null,"UN",0.1074,9.67,1.04]
["Composição Auxiliar"," 89724 ","SINAPI","JOELHO 90 GRAUS, PVC, SERIE NORMAL, ESGOTO PREDIAL, DN 40 MM, JUNTA SOLDÁVEL, FORNECIDO E INSTALADO EM RAMAL DE DESCARGA OU RAMAL DE ESGOTO SANITÁRIO. AF_12/2014","INHI - INSTALAÇÕES HIDROS SANITÁRIAS",null,"UN",5.3699999999999998E-2,5.23,0.28000000000000003]
["Composição Auxiliar"," 89711 ","SINAPI","TUBO PVC, SERIE NORMAL, ESGOTO PREDIAL, DN 40 MM, FORNECIDO E INSTALADO EM RAMAL DE DESCARGA OU RAMAL DE ESGOTO SANITÁRIO. AF_12/2014","INHI - INSTALAÇÕES HIDROS SANITÁRIAS",null,"M",8.8599999999999998E-2,10.47,0.93]
["Composição Auxiliar"," 98102 ","SINAPI","CAIXA DE GORDURA SIMPLES, CIRCULAR, EM CONCRETO PRÉ-MOLDADO, DIÂMETRO INTERNO = 0,4 M, ALTURA INTERNA = 0,4 M. AF_05/2018","INHI - INSTALAÇÕES HIDROS SANITÁRIAS",null,"UN",2.6800000000000001E-2,46.2,1.24]
["Composição Auxiliar"," 74166/001 ","SINAPI","CAIXA DE INSPEÇÃO EM CONCRETO PRÉ-MOLDADO DN 60CM COM TAMPA H= 60CM - FORNECIMENTO E INSTALACAO","INHI - INSTALAÇÕES HIDROS SANITÁRIAS",null,"UN",2.6800000000000001E-2,142.69999999999999,3.82]
["Composição Auxiliar"," 86943 ","SINAPI","LAVATÓRIO LOUÇA BRANCA SUSPENSO, 29,5 X 39CM OU EQUIVALENTE, PADRÃO POPULAR, INCLUSO SIFÃO FLEXÍVEL EM PVC, VÁLVULA E ENGATE FLEXÍVEL 30CM EM PLÁSTICO E TORNEIRA CROMADA DE MESA, PADRÃO POPULAR - FORNECIMENTO E INSTALAÇÃO. AF_01/2020","INHI - INSTALAÇÕES HIDROS SANITÁRIAS",null,"UN",2.6800000000000001E-2,141.47,3.79]
["Composição Auxiliar"," 86934 ","SINAPI","BANCADA DE MÁRMORE SINTÉTICO 120 X 60CM, COM CUBA INTEGRADA, INCLUSO SIFÃO TIPO FLEXÍVEL EM PVC, VÁLVULA EM PLÁSTICO CROMADO TIPO AMERICANA E TORNEIRA CROMADA LONGA, DE PAREDE, PADRÃO POPULAR - FORNECIMENTO E INSTALAÇÃO. AF_01/2020","INHI - INSTALAÇÕES HIDROS SANITÁRIAS",null,"UN",2.6800000000000001E-2,214.49,5.75]
["Composição Auxiliar"," 89957 ","SINAPI","PONTO DE CONSUMO TERMINAL DE ÁGUA FRIA (SUBRAMAL) COM TUBULAÇÃO DE PVC, DN 25 MM, INSTALADO EM RAMAL DE ÁGUA, INCLUSOS RASGO E CHUMBAMENTO EM ALVENARIA. AF_12/2014","INHI - INSTALAÇÕES HIDROS SANITÁRIAS",null,"UN",5.3699999999999998E-2,77.81,4.18]
["Composição Auxiliar"," 91173 ","SINAPI","FIXAÇÃO DE TUBOS VERTICAIS DE PPR DIÂMETROS MENORES OU IGUAIS A 40 MM COM ABRAÇADEIRA METÁLICA RÍGIDA TIPO D 1/2\", FIXADA EM PERFILADO EM ALVENARIA. AF_05/2015","INHI - INSTALAÇÕES HIDROS SANITÁRIAS",null,"M",0.53690000000000004,0.99,0.53]
["Composição Auxiliar"," 91170 ","SINAPI","FIXAÇÃO DE TUBOS HORIZONTAIS DE PVC, CPVC OU COBRE DIÂMETROS MENORES OU IGUAIS A 40 MM OU ELETROCALHAS ATÉ 150MM DE LARGURA, COM ABRAÇADEIRA METÁLICA RÍGIDA TIPO D 1/2\u0094, FIXADA EM PERFILADO EM LAJE. AF_05/2015","INHI - INSTALAÇÕES HIDROS SANITÁRIAS",null,"M",0.3221,1.95,0.63]
["Composição Auxiliar"," 96995 ","SINAPI","REATERRO MANUAL APILOADO COM SOQUETE. AF_10/2017","MOVT - MOVIMENTO DE TERRA",null,"m³",0.01,28.02,0.28000000000000003]
["Composição Auxiliar"," 88487 ","SINAPI","APLICAÇÃO MANUAL DE PINTURA COM TINTA LÁTEX PVA EM PAREDES, DUAS DEMÃOS. AF_06/2014","PINT - PINTURAS",null,"m²",1.4293,6.42,9.18]
["Composição Auxiliar"," 93358 ","SINAPI","ESCAVAÇÃO MANUAL DE VALA COM PROFUNDIDADE MENOR OU IGUAL A 1,30 M. AF_03/2016","MOVT - MOVIMENTO DE TERRA",null,"m³",3.9E-2,44.97,1.75]
["Composição Auxiliar"," 88262 ","SINAPI","CARPINTEIRO DE FORMAS COM ENCARGOS COMPLEMENTARES","SEDI - SERVIÇOS DIVERSOS",null,"H",0.87546650000000004,19.260000000000002,16.86]
["Insumo"," 00010891 ","SINAPI","EXTINTOR DE INCENDIO PORTATIL COM CARGA DE PO QUIMICO SECO (PQS) DE 4 KG, CLASSE BC","Material",null,"UN",2.6800000000000001E-2,112.31,3.01]
["Insumo"," 00003080 ","SINAPI","FECHADURA DE EMBUTIR PARA PORTA EXTERNA / ENTRADA, MAQUINA 40 MM, COM CILINDRO, MACANETA ALAVANCA E ESPELHO EM METAL CROMADO - NIVEL SEGURANCA MEDIO - COMPLETA","Material",null,"CJ",2.6800000000000001E-2,28.5,0.76]
["Insumo"," 00010886 ","SINAPI","EXTINTOR DE INCENDIO PORTATIL COM CARGA DE AGUA PRESSURIZADA DE 10 L, CLASSE A","Material",null,"UN",2.6800000000000001E-2,116.14,3.11]
["Insumo"," 00011587 ","SINAPI","FORRO DE PVC LISO, BRANCO, REGUA DE 10 CM, ESPESSURA DE 8 MM A 10 MM (COM COLOCACAO / SEM ESTRUTURA METALICA)","Material",null,"m²",1,45.78,45.78]
["Insumo"," 00037525 ","SINAPI","TELA PLASTICA TECIDA LISTRADA BRANCA E LARANJA, TIPO GUARDA CORPO, EM POLIETILENO MONOFILADO, ROLO 1,20 X 50 M (L X C)","Equipamento",null,"M",1.2782,1.78,2.2799999999999998]
[{"$nulls":4},"MO sem LS =>",93.78,"LS =>",0.04,"MO com LS =>",93.82]
[{"$nulls":4},"Valor do BDI =>",84.314818000000002,null,"Valor com BDI =>",null,390.02]
[]
[null,"Código","Banco","Descrição","Tipo",null,"Und","Quant.","Valor Unit","Total"]
["Composição"," 93212 ","SINAPI","EXECUÇÃO DE SANITÁRIO E VESTIÁRIO EM CANTEIRO DE OBRA EM CHAPA DE MADEIRA COMPENSADA, NÃO INCLUSO MOBILIÁRIO. AF_02/2016","CANT - CANTEIRO DE OBRAS",null,"m²",1,512.75,512.75]
["Composição Auxiliar"," 98442 ","SINAPI","PAREDE DE MADEIRA COMPENSADA PARA CONSTRUÇÃO TEMPORÁRIA EM CHAPA SIMPLES, EXTERNA, COM ÁREA LÍQUIDA MENOR QUE 6 M², SEM VÃO. AF_05/2018","CANT - CANTEIRO DE OBRAS",null,"m²",0.30070000000000002,64.31,19.34]
["Composição Auxiliar"," 98441 ","SINAPI","PAREDE DE MADEIRA COMPENSADA PARA CONSTRUÇÃO TEMPORÁRIA EM CHAPA SIMPLES, EXTERNA, COM ÁREA LÍQUIDA MAIOR OU IGUAL A 6 M², SEM VÃO. AF_05/2018","CANT - CANTEIRO DE OBRAS",null,"m²",0.26119999999999999,62.46,16.309999999999999]
["Composição Auxiliar"," 98443 ","SINAPI","PAREDE DE MADEIRA COMPENSADA PARA CONSTRUÇÃO TEMPORÁRIA EM CHAPA SIMPLES, INTERNA, COM ÁREA LÍQUIDA MAIOR OU IGUAL A 6 M², SEM VÃO. AF_05/2018","CANT - CANTEIRO DE OBRAS",null,"m²",8.3000000000000004E-2,53.74,4.46]
["Composição Auxiliar"," 98447 ","SINAPI","PAREDE DE MADEIRA COMPENSADA PARA CONSTRUÇÃO TEMPORÁRIA EM CHAPA SIMPLES, INTERNA, COM ÁREA LÍQUIDA MAIOR OU IGUAL A 6 M², COM VÃO. AF_05/2018","CANT - CANTEIRO DE OBRAS",null,"m²",0.12970000000000001,62.59,8.1199999999999992]
["Composição Auxiliar"," 98444 ","SINAPI","PAREDE DE MADEIRA COMPENSADA PARA CONSTRUÇÃO TEMPORÁRIA EM CHAPA SIMPLES, INTERNA, COM ÁREA LÍQUIDA MENOR QUE 6 M², SEM VÃO. AF_05/2018","CANT - CANTEIRO DE OBRAS",null,"m²",9.5600000000000004E-2,55.06,5.26]
["Composição Auxiliar"," 98445 ","SINAPI","PAREDE DE MADEIRA COMPENSADA PARA CONSTRUÇÃO TEMPORÁRIA EM CHAPA SIMPLES, EXTERNA, COM ÁREA LÍQUIDA MAIOR OU IGUAL A 6 M², COM VÃO. AF_05/2018","CANT - CANTEIRO DE OBRAS",null,"m²",0.40810000000000002,74.56,30.43]
["Composição Auxiliar"," 98446 ","SINAPI","PAREDE DE MADEIRA COMPENSADA PARA CONSTRUÇÃO TEMPORÁRIA EM CHAPA SIMPLES, EXTERNA, COM ÁREA LÍQUIDA MENOR QUE 6 M², COM VÃO. AF_05/2018","CANT - CANTEIRO DE OBRAS",null,"m²",0.31819999999999998,96.1,30.58]
["Composição Auxiliar"," 98448 ","SINAPI","PAREDE DE MADEIRA COMPENSADA PARA CONSTRUÇÃO TEMPORÁRIA EM CHAPA SIMPLES, INTERNA, COM ÁREA LÍQUIDA MENOR QUE 6 M², COM VÃO. AF_05/2018","CANT - CANTEIRO DE OBRAS",null,"m²",0.1011,78.930000000000007,7.98]
["Composição Auxiliar"," 92543 ","SINAPI","TRAMA DE MADEIRA COMPOSTA POR TERÇAS PARA TELHADOS DE ATÉ 2 ÁGUAS PARA TELHA ONDULADA DE FIBROCIMENTO, METÁLICA, PLÁSTICA OU TERMOACÚSTICA, INCLUSO TRANSPORTE VERTICAL. AF_07/2019","COBE - COBERTURA",null,"m²",1.3566,9.2200000000000006,12.51]
["Composição Auxiliar"," 94210 ","SINAPI","TELHAMENTO COM TELHA ONDULADA DE FIBROCIMENTO E = 6 MM, COM RECOBRIMENTO LATERAL DE 1 1/4 DE ONDA PARA TELHADO COM INCLINAÇÃO MÁXIMA DE 10°, COM ATÉ 2 ÁGUAS, INCLUSO IÇAMENTO. AF_07/2019","COBE - COBERTURA",null,"m²",1.3566,32.06,43.49]
["Composição Auxiliar"," 90822 ","SINAPI","PORTA DE MADEIRA PARA PINTURA, SEMI-OCA (LEVE OU MÉDIA), 80X210CM, ESPESSURA DE 3,5CM, INCLUSO DOBRADIÇAS - FORNECIMENTO E INSTALAÇÃO. AF_12/2019","ESQV - ESQUADRIAS/FERRAGENS/VIDROS",null,"UN",3.4799999999999998E-2,282.01,9.81]
["Composição Auxiliar"," 94559 ","SINAPI","JANELA DE AÇO TIPO BASCULANTE PARA VIDROS, COM BATENTE, FERRAGENS E PINTURA ANTICORROSIVA. EXCLUSIVE VIDROS, ACABAMENTO, ALIZAR E CONTRAMARCO. FORNECIMENTO E INSTALAÇÃO. AF_12/2019","ESQV - ESQUADRIAS/FERRAGENS/VIDROS",null,"m²",9.0499999999999997E-2,456.05,41.27]
["Composição Auxiliar"," 91305 ","SINAPI","FECHADURA DE EMBUTIR PARA PORTA DE BANHEIRO, COMPLETA, ACABAMENTO PADRÃO POPULAR, INCLUSO EXECUÇÃO DE FURO - FORNECIMENTO E INSTALAÇÃO. AF_12/2019","ESQV - ESQUADRIAS/FERRAGENS/VIDROS",null,"UN",5.2200000000000003E-2,37.369999999999997,1.95]
["Composição Auxiliar"," 95240 ","SINAPI","LASTRO DE CONCRETO MAGRO, APLICADO EM PISOS OU RADIERS, ESPESSURA DE 3 CM. AF_07/2016","FUES - FUNDAÇÕES E ESTRUTURAS",null,"m²",6.4000000000000003E-3,9.2100000000000009,0.06]
["Composição Auxiliar"," 95241 ","SINAPI","LASTRO DE CONCRETO MAGRO, APLICADO EM PISOS OU RADIERS, ESPESSURA DE 5 CM. AF_07/2016","FUES - FUNDAÇÕES E ESTRUTURAS",null,"m²",1.3328,15.36,20.47]
["Composição Auxiliar"," 101165 ","SINAPI","ALVENARIA DE EMBASAMENTO COM BLOCO ESTRUTURAL DE CONCRETO, DE 14X19X29CM E ARGAMASSA DE ASSENTAMENTO COM PREPARO EM BETONEIRA. AF_05/2020","FUES - FUNDAÇÕES E ESTRUTURAS",null,"m³",2.86E-2,481.39,13.77]
["Composição Auxiliar"," 91871 ","SINAPI","ELETRODUTO RÍGIDO ROSCÁVEL, PVC, DN 25 MM (3/4\"), PARA CIRCUITOS TERMINAIS, INSTALADO EM PAREDE - FORNECIMENTO E INSTALAÇÃO. AF_12/2015","INEL - INSTALAÇÃO ELÉTRICA/ELETRIFICAÇÃO E ILUMINAÇÃO EXTERNA",null,"M",2.6100000000000002E-2,6.72,0.18]
["Composição Auxiliar"," 91890 ","SINAPI","CURVA 90 GRAUS PARA ELETRODUTO, PVC, ROSCÁVEL, DN 25 MM (3/4\"), PARA CIRCUITOS TERMINAIS, INSTALADA EM FORRO - FORNECIMENTO E INSTALAÇÃO. AF_12/2015","INEL - INSTALAÇÃO ELÉTRICA/ELETRIFICAÇÃO E ILUMINAÇÃO EXTERNA",null,"UN",1.7399999999999999E-2,5.85,0.1]
["Composição Auxiliar"," 91863 ","SINAPI","ELETRODUTO RÍGIDO ROSCÁVEL, PVC, DN 25 MM (3/4\"), PARA CIRCUITOS TERMINAIS, INSTALADO EM FORRO - FORNECIMENTO E INSTALAÇÃO. AF_12/2015","INEL - INSTALAÇÃO ELÉTRICA/ELETRIFICAÇÃO E ILUMINAÇÃO EXTERNA",null,"M",0.1305,6.29,0.82]
["Composição Auxiliar"," 91882 ","SINAPI","LUVA PARA ELETRODUTO, PVC, ROSCÁVEL, DN 20 MM (1/2\"), PARA CIRCUITOS TERMINAIS, INSTALADA EM PAREDE - FORNECIMENTO E INSTALAÇÃO. AF_12/2015","INEL - INSTALAÇÃO ELÉTRICA/ELETRIFICAÇÃO E ILUMINAÇÃO EXTERNA",null,"UN",3.4799999999999998E-2,4.32,0.15]
["Composição Auxiliar"," 91862 ","SINAPI","ELETRODUTO RÍGIDO ROSCÁVEL, PVC, DN 20 MM (1/2\"), PARA CIRCUITOS TERMINAIS, INSTALADO EM FORRO - FORNECIMENTO E INSTALAÇÃO. AF_12/2015","INEL - INSTALAÇÃO ELÉTRICA/ELETRIFICAÇÃO E ILUMINAÇÃO EXTERNA",null,"M",0.33069999999999999,5.41,1.79]
["Composição Auxiliar"," 91875 ","SINAPI","LUVA PARA ELETRODUTO, PVC, ROSCÁVEL, DN 25 MM (3/4\"), PARA CIRCUITOS TERMINAIS, INSTALADA EM FORRO - FORNECIMENTO E INSTALAÇÃO. AF_12/2015","INEL - INSTALAÇÃO ELÉTRICA/ELETRIFICAÇÃO E ILUMINAÇÃO EXTERNA",null,"UN",3.4799999999999998E-2,3.56,0.12]
["Composição Auxiliar"," 91870 ","SINAPI","ELETRODUTO RÍGIDO ROSCÁVEL, PVC, DN 20 MM (1/2\"), PARA CIRCUITOS TERMINAIS, INSTALADO EM PAREDE - FORNECIMENTO E INSTALAÇÃO. AF_12/2015","INEL - INSTALAÇÃO ELÉTRICA/ELETRIFICAÇÃO E ILUMINAÇÃO EXTERNA",null,"M",0.15659999999999999,5.83,0.91]
["Composição Auxiliar"," 91911 ","SINAPI","CURVA 90 GRAUS PARA ELETRODUTO, PVC, ROSCÁVEL, DN 20 MM (1/2\"), PARA CIRCUITOS TERMINAIS, INSTALADA EM PAREDE - FORNECIMENTO E INSTALAÇÃO. AF_12/2015","INEL - INSTALAÇÃO ELÉTRICA/ELETRIFICAÇÃO E ILUMINAÇÃO EXTERNA",null,"UN",6.9599999999999995E-2,7.35,0.51]
["Composição Auxiliar"," 91928 ","SINAPI","CABO DE COBRE FLEXÍVEL ISOLADO, 4 MM², ANTI-CHAMA 450/750 V, PARA CIRCUITOS TERMINAIS - FORNECIMENTO E INSTALAÇÃO. AF_12/2015","INEL - INSTALAÇÃO ELÉTRICA/ELETRIFICAÇÃO E ILUMINAÇÃO EXTERNA",null,"M",1.0442,3.4,3.55]
["Composição Auxiliar"," 91959 ","SINAPI","INTERRUPTOR SIMPLES (2 MÓDULOS), 10A/250V, INCLUINDO SUPORTE E PLACA - FORNECIMENTO E INSTALAÇÃO. AF_12/2015","INEL - INSTALAÇÃO ELÉTRICA/ELETRIFICAÇÃO E ILUMINAÇÃO EXTERNA",null,"UN",1.7399999999999999E-2,26.31,0.46]
["Composição Auxiliar"," 89714 ","SINAPI","TUBO PVC, SERIE NORMAL, ESGOTO PREDIAL, DN 100 MM, FORNECIDO E INSTALADO EM RAMAL DE DESCARGA OU RAMAL DE ESGOTO SANITÁRIO. AF_12/2014","INHI - INSTALAÇÕES HIDROS SANITÁRIAS",null,"M",4.7E-2,30.25,1.42]
["Composição Auxiliar"," 92981 ","SINAPI","CABO DE COBRE FLEXÍVEL ISOLADO, 16 MM², ANTI-CHAMA 450/750 V, PARA DISTRIBUIÇÃO - FORNECIMENTO E INSTALAÇÃO. AF_12/2015","INEL - INSTALAÇÃO ELÉTRICA/ELETRIFICAÇÃO E ILUMINAÇÃO EXTERNA",null,"M",0.2611,7.68,2.0099999999999998]
["Composição Auxiliar"," 96985 ","SINAPI","HASTE DE ATERRAMENTO 5/8  PARA SPDA - FORNECIMENTO E INSTALAÇÃO. AF_12/2017","INEL - INSTALAÇÃO ELÉTRICA/ELETRIFICAÇÃO E ILUMINAÇÃO EXTERNA",null,"UN",5.2200000000000003E-2,40.01,2.09]
["Composição Auxiliar"," 91926 ","SINAPI","CABO DE COBRE FLEXÍVEL ISOLADO, 2,5 MM², ANTI-CHAMA 450/750 V, PARA CIRCUITOS TERMINAIS - FORNECIMENTO E INSTALAÇÃO. AF_12/2015","INEL - INSTALAÇÃO ELÉTRICA/ELETRIFICAÇÃO E ILUMINAÇÃO EXTERNA",null,"M",0.46989999999999998,2.12,1]
["Composição Auxiliar"," 84402 ","SINAPI","QUADRO DE DISTRIBUICAO DE ENERGIA P/ 6 DISJUNTORES TERMOMAGNETICOS MONOPOLARES SEM BARRAMENTO, DE EMBUTIR, EM CHAPA METALICA - FORNECIMENTO E INSTALACAO","INEL - INSTALAÇÃO ELÉTRICA/ELETRIFICAÇÃO E ILUMINAÇÃO EXTERNA",null,"UN",1.7399999999999999E-2,51.74,0.9]
["Composição Auxiliar"," 95805 ","SINAPI","CONDULETE DE PVC, TIPO B, PARA ELETRODUTO DE PVC SOLDÁVEL DN 25 MM (3/4''), APARENTE - FORNECIMENTO E INSTALAÇÃO. AF_11/2016","INEL - INSTALAÇÃO ELÉTRICA/ELETRIFICAÇÃO E ILUMINAÇÃO EXTERNA",null,"UN",1.7399999999999999E-2,13.56,0.24]
["Composição Auxiliar"," 95811 ","SINAPI","CONDULETE DE PVC, TIPO LB, PARA ELETRODUTO DE PVC SOLDÁVEL DN 25 MM (3/4''), APARENTE - FORNECIMENTO E INSTALAÇÃO. AF_11/2016","INEL - INSTALAÇÃO ELÉTRICA/ELETRIFICAÇÃO E ILUMINAÇÃO EXTERNA",null,"UN",5.2200000000000003E-2,8.69,0.45]
["Composição Auxiliar"," 91937 ","SINAPI","CAIXA OCTOGONAL 3\" X 3\", PVC, INSTALADA EM LAJE - FORNECIMENTO E INSTALAÇÃO. AF_12/2015","INEL - INSTALAÇÃO ELÉTRICA/ELETRIFICAÇÃO E ILUMINAÇÃO EXTERNA",null,"UN",0.13919999999999999,6.23,0.87]
["Composição Auxiliar"," 92000 ","SINAPI","TOMADA BAIXA DE EMBUTIR (1 MÓDULO), 2P+T 10 A, INCLUINDO SUPORTE E PLACA - FORNECIMENTO E INSTALAÇÃO. AF_12/2015","INEL - INSTALAÇÃO ELÉTRICA/ELETRIFICAÇÃO E ILUMINAÇÃO EXTERNA",null,"UN",3.4799999999999998E-2,17.59,0.61]
["Composição Auxiliar"," 89712 ","SINAPI","TUBO PVC, SERIE NORMAL, ESGOTO PREDIAL, DN 50 MM, FORNECIDO E INSTALADO EM RAMAL DE DESCARGA OU RAMAL DE ESGOTO SANITÁRIO. AF_12/2014","INHI - INSTALAÇÕES HIDROS SANITÁRIAS",null,"M",0.2235,15.38,3.44]
["Composição Auxiliar"," 97886 ","SINAPI","CAIXA ENTERRADA ELÉTRICA RETANGULAR, EM ALVENARIA COM TIJOLOS CERÂMICOS MACIÇOS, FUNDO COM BRITA, DIMENSÕES INTERNAS: 0,3X0,3X0,3 M. AF_05/2018","INEL - INSTALAÇÃO ELÉTRICA/ELETRIFICAÇÃO E ILUMINAÇÃO EXTERNA",null,"UN",5.2200000000000003E-2,96.06,5.01]
["Composição Auxiliar"," 91924 ","SINAPI","CABO DE COBRE FLEXÍVEL ISOLADO, 1,5 MM², ANTI-CHAMA 450/750 V, PARA CIRCUITOS TERMINAIS - FORNECIMENTO E INSTALAÇÃO. AF_12/2015","INEL - INSTALAÇÃO ELÉTRICA/ELETRIFICAÇÃO E ILUMINAÇÃO EXTERNA",null,"M",1.2529999999999999,1.48,1.85]
["Composição Auxiliar"," 97586 ","SINAPI","LUMINÁRIA TIPO CALHA, DE SOBREPOR, COM 2 LÂMPADAS TUBULARES FLUORESCENTES DE 36 W, COM REATOR DE PARTIDA RÁPIDA - FORNECIMENTO E INSTALAÇÃO. AF_02/2020","INEL - INSTALAÇÃO ELÉTRICA/ELETRIFICAÇÃO E ILUMINAÇÃO EXTERNA",null,"UN",0.13919999999999999,67.959999999999994,9.4600000000000009]
["Composição Auxiliar"," 74130/001 ","SINAPI","DISJUNTOR TERMOMAGNETICO MONOPOLAR PADRAO NEMA (AMERICANO) 10 A 30A 240V, FORNECIMENTO E INSTALACAO","INEL - INSTALAÇÃO ELÉTRICA/ELETRIFICAÇÃO E ILUMINAÇÃO EXTERNA",null,"UN",0.10440000000000001,9.67,1.01]
["Composição Auxiliar"," 89724 ","SINAPI","JOELHO 90 GRAUS, PVC, SERIE NORMAL, ESGOTO PREDIAL, DN 40 MM, JUNTA SOLDÁVEL, FORNECIDO E INSTALADO EM RAMAL DE DESCARGA OU RAMAL DE ESGOTO SANITÁRIO. AF_12/2014","INHI - INSTALAÇÕES HIDROS SANITÁRIAS",null,"UN",0.17399999999999999,5.23,0.91]
["Composição Auxiliar"," 89711 ","SINAPI","TUBO PVC, SERIE NORMAL, ESGOTO PREDIAL, DN 40 MM, FORNECIDO E INSTALADO EM RAMAL DE DESCARGA OU RAMAL DE ESGOTO SANITÁRIO. AF_12/2014","INHI - INSTALAÇÕES HIDROS SANITÁRIAS",null,"M",0.16309999999999999,10.47,1.71]
["Composição Auxiliar"," 91967 ","SINAPI","INTERRUPTOR SIMPLES (3 MÓDULOS), 10A/250V, INCLUINDO SUPORTE E PLACA - FORNECIMENTO E INSTALAÇÃO. AF_12/2015","INEL - INSTALAÇÃO ELÉTRICA/ELETRIFICAÇÃO E ILUMINAÇÃO EXTERNA",null,"UN",1.7399999999999999E-2,36.04,0.63]
["Composição Auxiliar"," 89731 ","SINAPI","JOELHO 90 GRAUS, PVC, SERIE NORMAL, ESGOTO PREDIAL, DN 50 MM, JUNTA ELÁSTICA, FORNECIDO E INSTALADO EM RAMAL DE DESCARGA OU RAMAL DE ESGOTO SANITÁRIO. AF_12/2014","INHI - INSTALAÇÕES HIDROS SANITÁRIAS",null,"UN",1.7399999999999999E-2,5.96,0.1]
["Composição Auxiliar"," 89748 ","SINAPI","CURVA CURTA 90 GRAUS, PVC, SERIE NORMAL, ESGOTO PREDIAL, DN 100 MM, JUNTA ELÁSTICA, FORNECIDO E INSTALADO EM RAMAL DE DESCARGA OU RAMAL DE ESGOTO SANITÁRIO. AF_12/2014","INHI - INSTALAÇÕES HIDROS SANITÁRIAS",null,"UN",5.2200000000000003E-2,19.03,0.99]
["Composição Auxiliar"," 89784 ","SINAPI","TE, PVC, SERIE NORMAL, ESGOTO PREDIAL, DN 50 X 50 MM, JUNTA ELÁSTICA, FORNECIDO E INSTALADO EM RAMAL DE DESCARGA OU RAMAL DE ESGOTO SANITÁRIO. AF_12/2014","INHI - INSTALAÇÕES HIDROS SANITÁRIAS",null,"UN",1.7399999999999999E-2,10.46,0.18]
["Composição Auxiliar"," 74166/001 ","SINAPI","CAIXA DE INSPEÇÃO EM CONCRETO PRÉ-MOLDADO DN 60CM COM TAMPA H= 60CM - FORNECIMENTO E INSTALACAO","INHI - INSTALAÇÕES HIDROS SANITÁRIAS",null,"UN",3.4799999999999998E-2,142.69999999999999,4.97]
["Composição Auxiliar"," 86943 ","SINAPI","LAVATÓRIO LOUÇA BRANCA SUSPENSO, 29,5 X 39CM OU EQUIVALENTE, PADRÃO POPULAR, INCLUSO SIFÃO FLEXÍVEL EM PVC, VÁLVULA E ENGATE FLEXÍVEL 30CM EM PLÁSTICO E TORNEIRA CROMADA DE MESA, PADRÃO POPULAR - FORNECIMENTO E INSTALAÇÃO. AF_01/2020","INHI - INSTALAÇÕES HIDROS SANITÁRIAS",null,"UN",5.2200000000000003E-2,141.47,7.38]
["Composição Auxiliar"," 86888 ","SINAPI","VASO SANITÁRIO SIFONADO COM CAIXA ACOPLADA LOUÇA BRANCA - FORNECIMENTO E INSTALAÇÃO. AF_01/2020","INHI - INSTALAÇÕES HIDROS SANITÁRIAS",null,"UN",5.2200000000000003E-2,276.54000000000002,14.44]
["Composição Auxiliar"," 89709 ","SINAPI","RALO SIFONADO, PVC, DN 100 X 40 MM, JUNTA SOLDÁVEL, FORNECIDO E INSTALADO EM RAMAL DE DESCARGA OU EM RAMAL DE ESGOTO SANITÁRIO. AF_12/2014","INHI - INSTALAÇÕES HIDROS SANITÁRIAS",null,"UN",6.9599999999999995E-2,6.37,0.44]
["Composição Auxiliar"," 100860 ","SINAPI","CHUVEIRO ELÉTRICO COMUM CORPO PLÁSTICO, TIPO DUCHA \u0096 FORNECIMENTO E INSTALAÇÃO. AF_01/2020","INHI - INSTALAÇÕES HIDROS SANITÁRIAS",null,"UN",6.9599999999999995E-2,50.35,3.5]
["Composição Auxiliar"," 89957 ","SINAPI","PONTO DE CONSUMO TERMINAL DE ÁGUA FRIA (SUBRAMAL) COM TUBULAÇÃO DE PVC, DN 25 MM, INSTALADO EM RAMAL DE ÁGUA, INCLUSOS RASGO E CHUMBAMENTO EM ALVENARIA. AF_12/2014","INHI - INSTALAÇÕES HIDROS SANITÁRIAS",null,"UN",0.17399999999999999,77.81,13.54]
["Composição Auxiliar"," 89970 ","SINAPI","KIT DE REGISTRO DE PRESSÃO BRUTO DE LATÃO ¾\", INCLUSIVE CONEXÕES, ROSCÁVEL, INSTALADO EM RAMAL DE ÁGUA FRIA - FORNECIMENTO E INSTALAÇÃO. AF_12/2014","INHI - INSTALAÇÕES HIDROS SANITÁRIAS",null,"UN",6.9599999999999995E-2,28.54,1.99]
["Composição Auxiliar"," 91173 ","SINAPI","FIXAÇÃO DE TUBOS VERTICAIS DE PPR DIÂMETROS MENORES OU IGUAIS A 40 MM COM ABRAÇADEIRA METÁLICA RÍGIDA TIPO D 1/2\", FIXADA EM PERFILADO EM ALVENARIA. AF_05/2015","INHI - INSTALAÇÕES HIDROS SANITÁRIAS",null,"M",0.1827,0.99,0.18]
["Composição Auxiliar"," 90443 ","SINAPI","RASGO EM ALVENARIA PARA RAMAIS/ DISTRIBUIÇÃO COM DIAMETROS MENORES OU IGUAIS A 40 MM. AF_05/2015","INHI - INSTALAÇÕES HIDROS SANITÁRIAS",null,"M",7.22E-2,7.45,0.54]
["Composição Auxiliar"," 91170 ","SINAPI","FIXAÇÃO DE TUBOS HORIZONTAIS DE PVC, CPVC OU COBRE DIÂMETROS MENORES OU IGUAIS A 40 MM OU ELETROCALHAS ATÉ 150MM DE LARGURA, COM ABRAÇADEIRA METÁLICA RÍGIDA TIPO D 1/2\u0094, FIXADA EM PERFILADO EM LAJE. AF_05/2015","INHI - INSTALAÇÕES HIDROS SANITÁRIAS",null,"M",0.4612,1.95,0.9]
["Composição Auxiliar"," 90466 ","SINAPI","CHUMBAMENTO LINEAR EM ALVENARIA PARA RAMAIS/DISTRIBUIÇÃO COM DIÂMETROS MENORES OU IGUAIS A 40 MM. AF_05/2015","INHI - INSTALAÇÕES HIDROS SANITÁRIAS",null,"M",7.22E-2,7.45,0.54]
["Composição Auxiliar"," 87903 ","SINAPI","CHAPISCO APLICADO EM ALVENARIA (COM PRESENÇA DE VÃOS) E ESTRUTURAS DE CONCRETO DE FACHADA, COM ROLO PARA TEXTURA ACRÍLICA.  ARGAMASSA INDUSTRIALIZADA COM PREPARO EM MISTURADOR 300 KG. AF_06/2014","REVE - REVESTIMENTO E TRATAMENTO DE SUPERFÍCIES",null,"m²",0.1681,6.4,1.08]
["Composição Auxiliar"," 87777 ","SINAPI","EMBOÇO OU MASSA ÚNICA EM ARGAMASSA TRAÇO 1:2:8, PREPARO MANUAL, APLICADA MANUALMENTE EM PANOS DE FACHADA COM PRESENÇA DE VÃOS, ESPESSURA DE 25 MM. AF_06/2014","REVE - REVESTIMENTO E TRATAMENTO DE SUPERFÍCIES",null,"m²",0.1681,32.25,5.42]
["Composição Auxiliar"," 96995 ","SINAPI","REATERRO MANUAL APILOADO COM SOQUETE. AF_10/2017","MOVT - MOVIMENTO DE TERRA",null,"m³",7.1999999999999998E-3,28.02,0.2]
["Composição Auxiliar"," 88487 ","SINAPI","APLICAÇÃO MANUAL DE PINTURA COM TINTA LÁTEX PVA EM PAREDES, DUAS DEMÃOS. AF_06/2014","PINT - PINTURAS",null,"m²",2.4441999999999999,6.42,15.69]
["Composição Auxiliar"," 93358 ","SINAPI","ESCAVAÇÃO MANUAL DE VALA COM PROFUNDIDADE MENOR OU IGUAL A 1,30 M. AF_03/2016","MOVT - MOVIMENTO DE TERRA",null,"m³",2.7900000000000001E-2,44.97,1.25]
["Composição Auxiliar"," 87548 ","SINAPI","MASSA ÚNICA, PARA RECEBIMENTO DE PINTURA, EM ARGAMASSA TRAÇO 1:2:8, PREPARO MANUAL, APLICADA MANUALMENTE EM FACES INTERNAS DE PAREDES, ESPESSURA DE 10MM, COM EXECUÇÃO DE TALISCAS. AF_06/2014","REVE - REVESTIMENTO E TRATAMENTO DE SUPERFÍCIES",null,"m²",0.18940000000000001,13.63,2.58]
["Composição Auxiliar"," 89171 ","SINAPI","(COMPOSIÇÃO REPRESENTATIVA) DO SERVIÇO DE REVESTIMENTO CERÂMICO PARA PISO COM PLACAS TIPO GRÉS DE DIMENSÕES 35X35 CM, PARA EDIFICAÇÃO HABITACIONAL UNIFAMILIAR (CASA) E EDIFICAÇÃO PÚBLICA PADRÃO. AF_11/2014","PISO - PISOS",null,"m²",0.46279999999999999,34.729999999999997,16.07]
["Composição Auxiliar"," 98679 ","SINAPI","PISO CIMENTADO, TRAÇO 1:3 (CIMENTO E AREIA), ACABAMENTO LISO, ESPESSURA 2,0 CM, PREPARO MECÂNICO DA ARGAMASSA. AF_06/2018","PISO - PISOS",null,"m²",0.51339999999999997,19.59,10.06]
["Composição Auxiliar"," 87877 ","SINAPI","CHAPISCO APLICADO EM ALVENARIAS E ESTRUTURAS DE CONCRETO INTERNAS, COM ROLO PARA TEXTURA ACRÍLICA.  ARGAMASSA INDUSTRIALIZADA COM PREPARO EM MISTURADOR 300 KG. AF_06/2014","REVE - REVESTIMENTO E TRATAMENTO DE SUPERFÍCIES",null,"m²",0.76790000000000003,4.82,3.7]
["Composição Auxiliar"," 89168 ","SINAPI","(COMPOSIÇÃO REPRESENTATIVA) DO SERVIÇO DE ALVENARIA DE VEDAÇÃO DE BLOCOS VAZADOS DE CERÂMICA DE 9X19X19CM (ESPESSURA 9CM), PARA EDIFICAÇÃO HABITACIONAL UNIFAMILIAR (CASA) E EDIFICAÇÃO PÚBLICA PADRÃO. AF_11/2014","PARE - PAREDES/PAINEIS",null,"m²",0.46750000000000003,50.61,23.66]
["Composição Auxiliar"," 89173 ","SINAPI","(COMPOSIÇÃO REPRESENTATIVA) DO SERVIÇO DE EMBOÇO/MASSA ÚNICA, APLICADO MANUALMENTE, TRAÇO 1:2:8, EM BETONEIRA DE 400L, PAREDES INTERNAS, COM EXECUÇÃO DE TALISCAS, EDIFICAÇÃO HABITACIONAL UNIFAMILIAR (CASAS) E EDIFICAÇÃO PÚBLICA PADRÃO. AF_12/2014","REVE - REVESTIMENTO E TRATAMENTO DE SUPERFÍCIES",null,"m²",0.76790000000000003,18.84,14.47]
["Insumo"," 00011367 ","SINAPI","!EM PROCESSO DE DESATIVACAO! PORTA DE MADEIRA, FOLHA LEVE (NBR 15930), E = 35 MM, NUCLEO COLMEIA, CAPA LISA EM HDF, ACABAMENTO MELAMINICO EM PADRAO MADEIRA","Material",null,"m²",5.6399999999999999E-2,92.95,5.24]
["Insumo"," 00011712 ","SINAPI","CAIXA SIFONADA PVC, 150 X 150 X 50 MM, COM GRELHA QUADRADA BRANCA (NBR 5688)","Material",null,"UN",3.4799999999999998E-2,18.2,0.63]
["Insumo"," 00003080 ","SINAPI","FECHADURA DE EMBUTIR PARA PORTA EXTERNA / ENTRADA, MAQUINA 40 MM, COM CILINDRO, MACANETA ALAVANCA E ESPELHO EM METAL CROMADO - NIVEL SEGURANCA MEDIO - COMPLETA","Material",null,"CJ",3.4799999999999998E-2,28.5,0.99]
["Insumo"," 00011587 ","SINAPI","FORRO DE PVC LISO, BRANCO, REGUA DE 10 CM, ESPESSURA DE 8 MM A 10 MM (COM COLOCACAO / SEM ESTRUTURA METALICA)","Material",null,"m²",0.97619999999999996,45.78,44.69]
["Insumo"," 00003659 ","SINAPI","JUNCAO SIMPLES, PVC, DN 100 X 50 MM, SERIE NORMAL PARA ESGOTO PREDIAL","Material",null,"UN",1.7399999999999999E-2,7.22,0.13]
["Insumo"," 00003670 ","SINAPI","JUNCAO SIMPLES, PVC, 45 GRAUS, DN 100 X 100 MM, SERIE NORMAL PARA ESGOTO PREDIAL","Material",null,"UN",3.4799999999999998E-2,9.6,0.33]
["Insumo"," 00011697 ","SINAPI","MICTORIO COLETIVO ACO INOX (AISI 304), E = 0,8 MM, DE *100 X 40 X 30* CM (C X A X P)","Material",null,"UN",1.7399999999999999E-2,341.19,5.94]
["Insumo"," 00021112 ","SINAPI","VALVULA DE DESCARGA EM METAL CROMADO PARA MICTORIO COM ACIONAMENTO POR PRESSAO E FECHAMENTO AUTOMATICO","Material",null,"UN",1.7399999999999999E-2,167.75,2.92]
[{"$nulls":4},"MO sem LS =>",156.53,"LS =>",7.0000000000000007E-2,"MO com LS =>",156.6]
[{"$nulls":4},"Valor do BDI =>",141.41645,null,"Valor com BDI =>",null,654.16999999999996]
[]
[null,"Código","Banco","Descrição","Tipo",null,"Und","Quant.","Valor Unit","Total"]
["Composição"," 92269 ","SINAPI","FABRICAÇÃO DE FÔRMA PARA PILARES E ESTRUTURAS SIMILARES, EM MADEIRA SERRADA, E=25 MM. AF_12/2015","FUES - FUNDAÇÕES E ESTRUTURAS",null,"m²",1,54.01,54.01]
["Composição Auxiliar"," 91692 ","SINAPI","SERRA CIRCULAR DE BANCADA COM MOTOR ELÉTRICO POTÊNCIA DE 5HP, COM COIFA PARA DISCO 10\" - CHP DIURNO. AF_08/2015","CHOR - CUSTOS HORÁRIOS DE MÁQUINAS E EQUIPAMENTOS",null,"CHP",6.3E-2,18.559999999999999,1.17]
["Composição Auxiliar"," 91693 ","SINAPI","SERRA CIRCULAR DE BANCADA COM MOTOR ELÉTRICO POTÊNCIA DE 5HP, COM COIFA PARA DISCO 10\" - CHI DIURNO. AF_08/2015","CHOR - CUSTOS HORÁRIOS DE MÁQUINAS E EQUIPAMENTOS",null,"CHI",7.1999999999999995E-2,16.53,1.19]
["Composição Auxiliar"," 88262 ","SINAPI","CARPINTEIRO DE FORMAS COM ENCARGOS COMPLEMENTARES","SEDI - SERVIÇOS DIVERSOS",null,"H",0.52726450000000002,19.260000000000002,10.16]
["Composição Auxiliar"," 88239 ","SINAPI","AJUDANTE DE CARPINTEIRO COM ENCARGOS COMPLEMENTARES","SEDI - SERVIÇOS DIVERSOS",null,"H",0.1054529,15.66,1.65]
["Insumo"," 00004517 ","SINAPI","SARRAFO DE MADEIRA NAO APARELHADA *2,5 X 7,5* CM (1 X 3 \") PINUS, MISTA OU EQUIVALENTE DA REGIAO","Material",null,"M",7.165,1.17,8.3800000000000008]
["Insumo"," 00005068 ","SINAPI","PREGO DE ACO POLIDO COM CABECA 17 X 21 (2 X 11)","Material",null,"KG",5.8999999999999997E-2,7.94,0.47]
["Insumo"," 00006189 ","SINAPI","TABUA DE MADEIRA NAO APARELHADA *2,5 X 30* CM, CEDRINHO OU EQUIVALENTE DA REGIAO","Material",null,"M",4.0090000000000003,7.73,30.99]
[{"$nulls":4},"MO sem LS =>",14.03,"LS =>",0.01,"MO com LS =>",14.04]
[{"$nulls":4},"Valor do BDI =>",14.895958,null,"Valor com BDI =>",null,68.91]
[]
[null,"Código","Banco","Descrição","Tipo",null,"Und","Quant.","Valor Unit","Total"]
["Composição"," 96539 ","SINAPI","FABRICAÇÃO, MONTAGEM E DESMONTAGEM DE FÔRMA PARA VIGA BALDRAME, EM CHAPA DE MADEIRA COMPENSADA RESINADA, E=17 MM, 2 UTILIZAÇÕES. AF_06/2017","FUES - FUNDAÇÕES E ESTRUTURAS",null,"m²",1,64.22,64.22]
["Composição Auxiliar"," 91692 ","SINAPI","SERRA CIRCULAR DE BANCADA COM MOTOR ELÉTRICO POTÊNCIA DE 5HP, COM COIFA PARA DISCO 10\" - CHP DIURNO. AF_08/2015","CHOR - CUSTOS HORÁRIOS DE MÁQUINAS E EQUIPAMENTOS",null,"CHP",2.5999999999999999E-2,18.559999999999999,0.48]
["Composição Auxiliar"," 91693 ","SINAPI","SERRA CIRCULAR DE BANCADA COM MOTOR ELÉTRICO POTÊNCIA DE 5HP, COM COIFA PARA DISCO 10\" - CHI DIURNO. AF_08/2015","CHOR - CUSTOS HORÁRIOS DE MÁQUINAS E EQUIPAMENTOS",null,"CHI",5.5E-2,16.53,0.91]
["Composição Auxiliar"," 88262 ","SINAPI","CARPINTEIRO DE FORMAS COM ENCARGOS COMPLEMENTARES","SEDI - SERVIÇOS DIVERSOS",null,"H",1.513501,19.260000000000002,29.15]
["Composição Auxiliar"," 88239 ","SINAPI","AJUDANTE DE CARPINTEIRO COM ENCARGOS COMPLEMENTARES","SEDI - SERVIÇOS DIVERSOS",null,"H",0.59587259999999997,15.66,9.33]
["Insumo"," 00001358 ","SINAPI","CHAPA DE MADEIRA COMPENSADA RESINADA PARA FORMA DE CONCRETO, DE *2,2 X 1,1* M, E = 17 MM","Material",null,"m²",0.59299999999999997,24.92,14.78]
["Insumo"," 00002692 ","SINAPI","DESMOLDANTE PROTETOR PARA FORMAS DE MADEIRA, DE BASE OLEOSA EMULSIONADA EM AGUA","Material",null,"L",0.01,4.1900000000000004,0.04]
["Insumo"," 00020247 ","SINAPI","PREGO DE ACO POLIDO COM CABECA 15 X 15 (1 1/4 X 13)","Material",null,"KG",7.0000000000000001E-3,8.7899999999999991,0.06]
["Insumo"," 00004517 ","SINAPI","SARRAFO DE MADEIRA NAO APARELHADA *2,5 X 7,5* CM (1 X 3 \") PINUS, MISTA OU EQUIVALENTE DA REGIAO","Material",null,"M",1.359,1.17,1.59]
["Insumo"," 00004491 ","SINAPI","PONTALETE DE MADEIRA NAO APARELHADA *7,5 X 7,5* CM (3 X 3 \") PINUS, MISTA OU EQUIVALENTE DA REGIAO","Material",null,"M",2.294,3.27,7.5]
["Insumo"," 00005073 ","SINAPI","PREGO DE ACO POLIDO COM CABECA 17 X 24 (2 1/4 X 11)","Material",null,"KG",3.5000000000000003E-2,8.1,0.28000000000000003]
["Insumo"," 00040304 ","SINAPI","PREGO DE ACO POLIDO COM CABECA DUPLA 17 X 27 (2 1/2 X 11)","Material",null,"KG",0.01,9.8000000000000007,0.1]
[{"$nulls":4},"MO sem LS =>",39.82,"LS =>",0,"MO com LS =>",39.82]
[{"$nulls":4},"Valor do BDI =>",17.711876,null,"Valor com BDI =>",null,81.93]
[]
[null,"Código","Banco","Descrição","Tipo",null,"Und","Quant.","Valor Unit","Total"]
["Composição"," 91305 ","SINAPI","FECHADURA DE EMBUTIR PARA PORTA DE BANHEIRO, COMPLETA, ACABAMENTO PADRÃO POPULAR, INCLUSO EXECUÇÃO DE FURO - FORNECIMENTO E INSTALAÇÃO. AF_12/2019","ESQV - ESQUADRIAS/FERRAGENS/VIDROS",null,"UN",1,37.369999999999997,37.369999999999997]
["Composição Auxiliar"," 88316 ","SINAPI","SERVENTE COM ENCARGOS COMPLEMENTARES","SEDI - SERVIÇOS DIVERSOS",null,"H",0.29991230000000002,14.96,4.49]
["Composição Auxiliar"," 88261 ","SINAPI","CARPINTEIRO DE ESQUADRIA COM ENCARGOS COMPLEMENTARES","SEDI - SERVIÇOS DIVERSOS",null,"H",0.59904360000000001,19.29,11.56]
["Insumo"," 00003097 ","SINAPI","FECHADURA DE EMBUTIR PARA PORTA DE BANHEIRO, TIPO TRANQUETA, MAQUINA 40 MM, MACANETAS ALAVANCA E ROSETAS REDONDAS EM METAL CROMADO - NIVEL SEGURANCA MEDIO - COMPLETA","Material",null,"CJ",1,21.32,21.32]
[{"$nulls":4},"MO sem LS =>",16.04,"LS =>",0.01,"MO com LS =>",16.05]
[{"$nulls":4},"Valor do BDI =>",10.306646000000001,null,"Valor com BDI =>",null,47.68]
[]
[null,"Código","Banco","Descrição","Tipo",null,"Und","Quant.","Valor Unit","Total"]
["Composição"," 91170 ","SINAPI","FIXAÇÃO DE TUBOS HORIZONTAIS DE PVC, CPVC OU COBRE DIÂMETROS MENORES OU IGUAIS A 40 MM OU ELETROCALHAS ATÉ 150MM DE LARGURA, COM ABRAÇADEIRA METÁLICA RÍGIDA TIPO D 1/2\u0094, FIXADA EM PERFILADO EM LAJE. AF_05/2015","INHI - INSTALAÇÕES HIDROS SANITÁRIAS",null,"M",1,1.95,1.95]
["Composição Auxiliar"," 88267 ","SINAPI","ENCANADOR OU BOMBEIRO HIDRÁULICO COM ENCARGOS COMPLEMENTARES","SEDI - SERVIÇOS DIVERSOS",null,"H",5.40519E-2,18.97,1.03]
["Composição Auxiliar"," 88248 ","SINAPI","AUXILIAR DE ENCANADOR OU BOMBEIRO HIDRÁULICO COM ENCARGOS COMPLEMENTARES","SEDI - SERVIÇOS DIVERSOS",null,"H",7.8337000000000007E-3,14.61,0.11]
["Insumo"," 00000392 ","SINAPI","ABRACADEIRA EM ACO PARA AMARRACAO DE ELETRODUTOS, TIPO D, COM 1/2\" E PARAFUSO DE FIXACAO","Material",null,"UN",0.65,1.24,0.81]
[{"$nulls":4},"MO sem LS =>",1.1399999999999999,"LS =>",0,"MO com LS =>",1.1399999999999999]
[{"$nulls":4},"Valor do BDI =>",0.53781000000000001,null,"Valor com BDI =>",null,2.4900000000000002]
[]
[null,"Código","Banco","Descrição","Tipo",null,"Und","Quant.","Valor Unit","Total"]
["Composição"," 91173 ","SINAPI","FIXAÇÃO DE TUBOS VERTICAIS DE PPR DIÂMETROS MENORES OU IGUAIS A 40 MM COM ABRAÇADEIRA METÁLICA RÍGIDA TIPO D 1/2\", FIXADA EM PERFILADO EM ALVENARIA. AF_05/2015","INHI - INSTALAÇÕES HIDROS SANITÁRIAS",null,"M",1,0.99,0.99]
["Composição Auxiliar"," 88267 ","SINAPI","ENCANADOR OU BOMBEIRO HIDRÁULICO COM ENCARGOS COMPLEMENTARES","SEDI - SERVIÇOS DIVERSOS",null,"H",2.7323400000000001E-2,18.97,0.52]
["Composição Auxiliar"," 88248 ","SINAPI","AUXILIAR DE ENCANADOR OU BOMBEIRO HIDRÁULICO COM ENCARGOS COMPLEMENTARES","SEDI - SERVIÇOS DIVERSOS",null,"H",3.9034E-3,14.61,0.06]
["Insumo"," 00000392 ","SINAPI","ABRACADEIRA EM ACO PARA AMARRACAO DE ELETRODUTOS, TIPO D, COM 1/2\" E PARAFUSO DE FIXACAO","Material",null,"UN",0.33300000000000002,1.24,0.41]
[{"$nulls":4},"MO sem LS =>",0.57999999999999996,"LS =>",0,"MO com LS =>",0.57999999999999996]
[{"$nulls":4},"Valor do BDI =>",0.27304200000000001,null,"Valor com BDI =>",null,1.26]
[]
[null,"Código","Banco","Descrição","Tipo",null,"Und","Quant.","Valor Unit","Total"]
["Composição"," 116 ","ORSE","Forma Plana para estruturas, em compensado resinado de 12mm, 05 usos, inclusive escoramento - Revisada 07..2015","Formas",null,"m²",1,46.03,46.03]
["Composição Auxiliar"," 88262 ","SINAPI","CARPINTEIRO DE FORMAS COM ENCARGOS COMPLEMENTARES","SEDI - SERVIÇOS DIVERSOS",null,"H",0.75993379999999999,19.260000000000002,14.64]
["Composição Auxiliar"," 88316 ","SINAPI","SERVENTE COM ENCARGOS COMPLEMENTARES","SEDI - SERVIÇOS DIVERSOS",null,"H",1.054379,14.96,15.77]
["Insumo"," 630 ","ORSE","Compensado resinado 12mm - Madeirit ou similar","Material",null,"m²",0.23400000000000001,17.68,4.1399999999999997]
["Insumo"," 1569 ","ORSE","Madeira mista serrada (barrote) 6 x 6cm - 0,0036 m3/m (angelim, louro)","Material",null,"m",1.2270000000000001,5.1100000000000003,6.27]
["Insumo"," 00043130 ","SINAPI","ARAME GALVANIZADO 12 BWG, D = 2,76 MM (0,048 KG/M) OU 14 BWG, D = 2,11 MM (0,026 KG/M)","Material",null,"KG",0.15,10.15,1.52]
["Insumo"," 00002692 ","SINAPI","DESMOLDANTE PROTETOR PARA FORMAS DE MADEIRA, DE BASE OLEOSA EMULSIONADA EM AGUA","Material",null,"L",0.02,4.1900000000000004,0.08]
["Insumo"," 00005068 ","SINAPI","PREGO DE ACO POLIDO COM CABECA 17 X 21 (2 X 11)","Material",null,"KG",2.5000000000000001E-2,7.94,0.2]
["Insumo"," 00004509 ","SINAPI","TABUA DE MADEIRA NAO APARELHADA *2,5 X 10 CM (1 X 4 \") PINUS, MISTA OU EQUIVALENTE DA REGIAO","Material",null,"M",1.089,1.79,1.95]
["Insumo"," 00005069 ","SINAPI","PREGO DE ACO POLIDO COM CABECA 17 X 27 (2 1/2 X 11)","Material",null,"KG",0.1,8.1,0.81]
["Insumo"," 00006193 ","SINAPI","TABUA DE MADEIRA NAO APARELHADA *2,5 X 20* CM, CEDRINHO OU EQUIVALENTE DA REGIAO","Material",null,"M",0.122,5.29,0.65]
[{"$nulls":4},"MO sem LS =>",30.41,"LS =>",0,"MO com LS =>",30.41]
[{"$nulls":4},"Valor do BDI =>",12.695074,null,"Valor com BDI =>",null,58.73]
[]
[null,"Código","Banco","Descrição","Tipo",null,"Und","Quant.","Valor Unit","Total"]
["Composição"," 93282 ","SINAPI","GUINCHO ELÉTRICO DE COLUNA, CAPACIDADE 400 KG, COM MOTO FREIO, MOTOR TRIFÁSICO DE 1,25 CV - CHI DIURNO. AF_03/2016","CHOR - CUSTOS HORÁRIOS DE MÁQUINAS E EQUIPAMENTOS",null,"CHI",1,15.43,15.43]
["Composição Auxiliar"," 93278 ","SINAPI","GUINCHO ELÉTRICO DE COLUNA, CAPACIDADE 400 KG, COM MOTO FREIO, MOTOR TRIFÁSICO DE 1,25 CV - JUROS. AF_03/2016","CHOR - CUSTOS HORÁRIOS DE MÁQUINAS E EQUIPAMENTOS",null,"H",1,0.02,0.02]
["Composição Auxiliar"," 93277 ","SINAPI","GUINCHO ELÉTRICO DE COLUNA, CAPACIDADE 400 KG, COM MOTO FREIO, MOTOR TRIFÁSICO DE 1,25 CV - DEPRECIAÇÃO. AF_03/2016","CHOR - CUSTOS HORÁRIOS DE MÁQUINAS E EQUIPAMENTOS",null,"H",1,0.21,0.21]
["Composição Auxiliar"," 88295 ","SINAPI","OPERADOR DE GUINCHO COM ENCARGOS COMPLEMENTARES","SEDI - SERVIÇOS DIVERSOS",null,"H",0.78131280000000003,19.46,15.2]
[{"$nulls":4},"MO sem LS =>",15.2,"LS =>",0,"MO com LS =>",15.2]
[{"$nulls":4},"Valor do BDI =>",4.2555940000000003,null,"Valor com BDI =>",null,19.690000000000001]
[]
[null,"Código","Banco","Descrição","Tipo",null,"Und","Quant.","Valor Unit","Total"]
["Composição"," 93281 ","SINAPI","GUINCHO ELÉTRICO DE COLUNA, CAPACIDADE 400 KG, COM MOTO FREIO, MOTOR TRIFÁSICO DE 1,25 CV - CHP DIURNO. AF_03/2016","CHOR - CUSTOS HORÁRIOS DE MÁQUINAS E EQUIPAMENTOS",null,"CHP",1,16.11,16.11]
["Composição Auxiliar"," 93278 ","SINAPI","GUINCHO ELÉTRICO DE COLUNA, CAPACIDADE 400 KG, COM MOTO FREIO, MOTOR TRIFÁSICO DE 1,25 CV - JUROS. AF_03/2016","CHOR - CUSTOS HORÁRIOS DE MÁQUINAS E EQUIPAMENTOS",null,"H",1,0.02,0.02]
["Composição Auxiliar"," 93277 ","SINAPI","GUINCHO ELÉTRICO DE COLUNA, CAPACIDADE 400 KG, COM MOTO FREIO, MOTOR TRIFÁSICO DE 1,25 CV - DEPRECIAÇÃO. AF_03/2016","CHOR - CUSTOS HORÁRIOS DE MÁQUINAS E EQUIPAMENTOS",null,"H",1,0.21,0.21]
["Composição Auxiliar"," 93280 ","SINAPI","GUINCHO ELÉTRICO DE COLUNA, CAPACIDADE 400 KG, COM MOTO FREIO, MOTOR TRIFÁSICO DE 1,25 CV - MATERIAIS NA OPERAÇÃO. AF_03/2016","CHOR - CUSTOS HORÁRIOS DE MÁQUINAS E EQUIPAMENTOS",null,"H",1,0.48,0.48]
["Composição Auxiliar"," 93279 ","SINAPI","GUINCHO ELÉTRICO DE COLUNA, CAPACIDADE 400 KG, COM MOTO FREIO, MOTOR TRIFÁSICO DE 1,25 CV - MANUTENÇÃO. AF_03/2016","CHOR - CUSTOS HORÁRIOS DE MÁQUINAS E EQUIPAMENTOS",null,"H",1,0.2,0.2]
["Composição Auxiliar"," 88295 ","SINAPI","OPERADOR DE GUINCHO COM ENCARGOS COMPLEMENTARES","SEDI - SERVIÇOS DIVERSOS",null,"H",0.78131280000000003,19.46,15.2]
[{"$nulls":4},"MO sem LS =>",15.2,"LS =>",0,"MO com LS =>",15.2]
[{"$nulls":4},"Valor do BDI =>",4.4431380000000003,null,"Valor com BDI =>",null,20.55]
[]
[null,"Código","Banco","Descrição","Tipo",null,"Und","Quant.","Valor Unit","Total"]
["Composição"," 93277 ","SINAPI","GUINCHO ELÉTRICO DE COLUNA, CAPACIDADE 400 KG, COM MOTO FREIO, MOTOR TRIFÁSICO DE 1,25 CV - DEPRECIAÇÃO. AF_03/2016","CHOR - CUSTOS HORÁRIOS DE MÁQUINAS E EQUIPAMENTOS",null,"H",1,0.21,0.21]
["Insumo"," 00036487 ","SINAPI","GUINCHO ELETRICO DE COLUNA, CAPACIDADE 400 KG, COM MOTO FREIO, MOTOR TRIFASICO DE 1,25 CV","Equipamento",null,"UN",6.3999999999999997E-5,3283.41,0.21]
[{"$nulls":4},"MO sem LS =>",0,"LS =>",0,"MO com LS =>",0]
[{"$nulls":4},"Valor do BDI =>",5.7917999999999997E-2,null,"Valor com BDI =>",null,0.27]
[]
[null,"Código","Banco","Descrição","Tipo",null,"Und","Quant.","Valor Unit","Total"]
["Composição"," 93278 ","SINAPI","GUINCHO ELÉTRICO DE COLUNA, CAPACIDADE 400 KG, COM MOTO FREIO, MOTOR TRIFÁSICO DE 1,25 CV - JUROS. AF_03/2016","CHOR - CUSTOS HORÁRIOS DE MÁQUINAS E EQUIPAMENTOS",null,"H",1,0.02,0.02]
["Insumo"," 00036487 ","SINAPI","GUINCHO ELETRICO DE COLUNA, CAPACIDADE 400 KG, COM MOTO FREIO, MOTOR TRIFASICO DE 1,25 CV","Equipamento",null,"UN",7.6000000000000001E-6,3283.41,0.02]
[{"$nulls":4},"MO sem LS =>",0,"LS =>",0,"MO com LS =>",0]
[{"$nulls":4},"Valor do BDI =>",5.5160000000000001E-3,null,"Valor com BDI =>",null,0.03]
[]
[null,"Código","Banco","Descrição","Tipo",null,"Und","Quant.","Valor Unit","Total"]
["Composição"," 93279 ","SINAPI","GUINCHO ELÉTRICO DE COLUNA, CAPACIDADE 400 KG, COM MOTO FREIO, MOTOR TRIFÁSICO DE 1,25 CV - MANUTENÇÃO. AF_03/2016","CHOR - CUSTOS HORÁRIOS DE MÁQUINAS E EQUIPAMENTOS",null,"H",1,0.2,0.2]
["Insumo"," 00036487 ","SINAPI","GUINCHO ELETRICO DE COLUNA, CAPACIDADE 400 KG, COM MOTO FREIO, MOTOR TRIFASICO DE 1,25 CV","Equipamento",null,"UN",6.0000000000000002E-5,3283.41,0.2]
[{"$nulls":4},"MO sem LS =>",0,"LS =>",0,"MO com LS =>",0]
[{"$nulls":4},"Valor do BDI =>",5.5160000000000001E-2,null,"Valor com BDI =>",null,0.26]
[]
[null,"Código","Banco","Descrição","Tipo",null,"Und","Quant.","Valor Unit","Total"]
["Composição"," 93280 ","SINAPI","GUINCHO ELÉTRICO DE COLUNA, CAPACIDADE 400 KG, COM MOTO FREIO, MOTOR TRIFÁSICO DE 1,25 CV - MATERIAIS NA OPERAÇÃO. AF_03/2016","CHOR - CUSTOS HORÁRIOS DE MÁQUINAS E EQUIPAMENTOS",null,"H",1,0.48,0.48]
["Insumo"," 00002705 ","SINAPI","ENERGIA ELETRICA ATE 2000 KWH INDUSTRIAL, SEM DEMANDA","Material",null,"KW/H",0.78,0.62,0.48]
[{"$nulls":4},"MO sem LS =>",0,"LS =>",0,"MO com LS =>",0]
[{"$nulls":4},"Valor do BDI =>",0.132384,null,"Valor com BDI =>",null,0.61]
[]
[null,"Código","Banco","Descrição","Tipo",null,"Und","Quant.","Valor Unit","Total"]
["Composição"," 93402 ","SINAPI","GUINDAUTO HIDRÁULICO, CAPACIDADE MÁXIMA DE CARGA 3300 KG, MOMENTO MÁXIMO DE CARGA 5,8 TM, ALCANCE MÁXIMO HORIZONTAL 7,60 M, INCLUSIVE CAMINHÃO TOCO PBT 16.000 KG, POTÊNCIA DE 189 CV - CHP DIURNO. AF_03/2016","CHOR - CUSTOS HORÁRIOS DE MÁQUINAS E EQUIPAMENTOS",null,"CHP",1,103.8,103.8]
["Composição Auxiliar"," 93401 ","SINAPI","GUINDAUTO HIDRÁULICO, CAPACIDADE MÁXIMA DE CARGA 3300 KG, MOMENTO MÁXIMO DE CARGA 5,8 TM, ALCANCE MÁXIMO HORIZONTAL 7,60 M, INCLUSIVE CAMINHÃO TOCO PBT 16.000 KG, POTÊNCIA DE 189 CV - MATERIAIS NA OPERAÇÃO. AF_03/2016","CHOR - CUSTOS HORÁRIOS DE MÁQUINAS E EQUIPAMENTOS",null,"H",1,64.489999999999995,64.489999999999995]
["Composição Auxiliar"," 93398 ","SINAPI","GUINDAUTO HIDRÁULICO, CAPACIDADE MÁXIMA DE CARGA 3300 KG, MOMENTO MÁXIMO DE CARGA 5,8 TM, ALCANCE MÁXIMO HORIZONTAL 7,60 M, INCLUSIVE CAMINHÃO TOCO PBT 16.000 KG, POTÊNCIA DE 189 CV - JUROS. AF_03/2016","CHOR - CUSTOS HORÁRIOS DE MÁQUINAS E EQUIPAMENTOS",null,"H",1,1.52,1.52]
["Composição Auxiliar"," 93400 ","SINAPI","GUINDAUTO HIDRÁULICO, CAPACIDADE MÁXIMA DE CARGA 3300 KG, MOMENTO MÁXIMO DE CARGA 5,8 TM, ALCANCE MÁXIMO HORIZONTAL 7,60 M, INCLUSIVE CAMINHÃO TOCO PBT 16.000 KG, POTÊNCIA DE 189 CV - MANUTENÇÃO. AF_03/2016","CHOR - CUSTOS HORÁRIOS DE MÁQUINAS E EQUIPAMENTOS",null,"H",1,13.56,13.56]
["Composição Auxiliar"," 93399 ","SINAPI","GUINDAUTO HIDRÁULICO, CAPACIDADE MÁXIMA DE CARGA 3300 KG, MOMENTO MÁXIMO DE CARGA 5,8 TM, ALCANCE MÁXIMO HORIZONTAL 7,60 M, INCLUSIVE CAMINHÃO TOCO PBT 16.000 KG, POTÊNCIA DE 189 CV \u0096 IMPOSTOS E SEGUROS. AF_03/2016","CHOR - CUSTOS HORÁRIOS DE MÁQUINAS E EQUIPAMENTOS",null,"H",1,0.59,0.59]
["Composição Auxiliar"," 93397 ","SINAPI","GUINDAUTO HIDRÁULICO, CAPACIDADE MÁXIMA DE CARGA 3300 KG, MOMENTO MÁXIMO DE CARGA 5,8 TM, ALCANCE MÁXIMO HORIZONTAL 7,60 M, INCLUSIVE CAMINHÃO TOCO PBT 16.000 KG, POTÊNCIA DE 189 CV - DEPRECIAÇÃO. AF_03/2016","CHOR - CUSTOS HORÁRIOS DE MÁQUINAS E EQUIPAMENTOS",null,"H",1,7.24,7.24]
["Composição Auxiliar"," 88286 ","SINAPI","MOTORISTA OPERADOR DE MUNCK COM ENCARGOS COMPLEMENTARES","SEDI - SERVIÇOS DIVERSOS",null,"H",0.77538929999999995,21.15,16.399999999999999]
[{"$nulls":4},"MO sem LS =>",16.399999999999999,"LS =>",0,"MO com LS =>",16.399999999999999]
[{"$nulls":4},"Valor do BDI =>",28.628039999999999,null,"Valor com BDI =>",null,132.43]
[]
[null,"Código","Banco","Descrição","Tipo",null,"Und","Quant.","Valor Unit","Total"]
["Composição"," 93397 ","SINAPI","GUINDAUTO HIDRÁULICO, CAPACIDADE MÁXIMA DE CARGA 3300 KG, MOMENTO MÁXIMO DE CARGA 5,8 TM, ALCANCE MÁXIMO HORIZONTAL 7,60 M, INCLUSIVE CAMINHÃO TOCO PBT 16.000 KG, POTÊNCIA DE 189 CV - DEPRECIAÇÃO. AF_03/2016","CHOR - CUSTOS HORÁRIOS DE MÁQUINAS E EQUIPAMENTOS",null,"H",1,7.24,7.24]
["Insumo"," 00037761 ","SINAPI","CAMINHAO TOCO, PESO BRUTO TOTAL 16000 KG, CARGA UTIL MAXIMA DE 10685 KG, DISTANCIA ENTRE EIXOS 4,8M, POTENCIA 189 CV (INCLUI CABINE E CHASSI, NAO INCLUI CARROCERIA)","Equipamento",null,"UN",3.43E-5,170146.69,5.84]
["Insumo"," 00010712 ","SINAPI","GUINDAUTO HIDRAULICO, CAPACIDADE MAXIMA DE CARGA 3300 KG, MOMENTO MAXIMO DE CARGA 5,8 TM , ALCANCE MAXIMO HORIZONTAL  7,60 M, PARA MONTAGEM SOBRE CHASSI DE CAMINHAO PBT MINIMO 8000 KG (INCLUI MONTAGEM, NAO INCLUI CAMINHAO)","Equipamento",null,"UN",3.43E-5,40697.980000000003,1.4]
[{"$nulls":4},"MO sem LS =>",0,"LS =>",0,"MO com LS =>",0]
[{"$nulls":4},"Valor do BDI =>",1.9967919999999999,null,"Valor com BDI =>",null,9.24]
[]
[null,"Código","Banco","Descrição","Tipo",null,"Und","Quant.","Valor Unit","Total"]
["Composição"," 93398 ","SINAPI","GUINDAUTO HIDRÁULICO, CAPACIDADE MÁXIMA DE CARGA 3300 KG, MOMENTO MÁXIMO DE CARGA 5,8 TM, ALCANCE MÁXIMO HORIZONTAL 7,60 M, INCLUSIVE CAMINHÃO TOCO PBT 16.000 KG, POTÊNCIA DE 189 CV - JUROS. AF_03/2016","CHOR - CUSTOS HORÁRIOS DE MÁQUINAS E EQUIPAMENTOS",null,"H",1,1.52,1.52]
["Insumo"," 00037761 ","SINAPI","CAMINHAO TOCO, PESO BRUTO TOTAL 16000 KG, CARGA UTIL MAXIMA DE 10685 KG, DISTANCIA ENTRE EIXOS 4,8M, POTENCIA 189 CV (INCLUI CABINE E CHASSI, NAO INCLUI CARROCERIA)","Equipamento",null,"UN",7.1999999999999997E-6,170146.69,1.23]
["Insumo"," 00010712 ","SINAPI","GUINDAUTO HIDRAULICO, CAPACIDADE MAXIMA DE CARGA 3300 KG, MOMENTO MAXIMO DE CARGA 5,8 TM , ALCANCE MAXIMO HORIZONTAL  7,60 M, PARA MONTAGEM SOBRE CHASSI DE CAMINHAO PBT MINIMO 8000 KG (INCLUI MONTAGEM, NAO INCLUI CAMINHAO)","Equipamento",null,"UN",7.1999999999999997E-6,40697.980000000003,0.28999999999999998]
[{"$nulls":4},"MO sem LS =>",0,"LS =>",0,"MO com LS =>",0]
[{"$nulls":4},"Valor do BDI =>",0.41921599999999998,null,"Valor com BDI =>",null,1.94]
[]
[null,"Código","Banco","Descrição","Tipo",null,"Und","Quant.","Valor Unit","Total"]
["Composição"," 93400 ","SINAPI","GUINDAUTO HIDRÁULICO, CAPACIDADE MÁXIMA DE CARGA 3300 KG, MOMENTO MÁXIMO DE CARGA 5,8 TM, ALCANCE MÁXIMO HORIZONTAL 7,60 M, INCLUSIVE CAMINHÃO TOCO PBT 16.000 KG, POTÊNCIA DE 189 CV - MANUTENÇÃO. AF_03/2016","CHOR - CUSTOS HORÁRIOS DE MÁQUINAS E EQUIPAMENTOS",null,"H",1,13.56,13.56]
["Insumo"," 00037761 ","SINAPI","CAMINHAO TOCO, PESO BRUTO TOTAL 16000 KG, CARGA UTIL MAXIMA DE 10685 KG, DISTANCIA ENTRE EIXOS 4,8M, POTENCIA 189 CV (INCLUI CABINE E CHASSI, NAO INCLUI CARROCERIA)","Equipamento",null,"UN",6.4300000000000004E-5,170146.69,10.94]
["Insumo"," 00010712 ","SINAPI","GUINDAUTO HIDRAULICO, CAPACIDADE MAXIMA DE CARGA 3300 KG, MOMENTO MAXIMO DE CARGA 5,8 TM , ALCANCE MAXIMO HORIZONTAL  7,60 M, PARA MONTAGEM SOBRE CHASSI DE CAMINHAO PBT MINIMO 8000 KG (INCLUI MONTAGEM, NAO INCLUI CAMINHAO)","Equipamento",null,"UN",6.4300000000000004E-5,40697.980000000003,2.62]
[{"$nulls":4},"MO sem LS =>",0,"LS =>",0,"MO com LS =>",0]
[{"$nulls":4},"Valor do BDI =>",3.7398479999999998,null,"Valor com BDI =>",null,17.3]
[]
[null,"Código","Banco","Descrição","Tipo",null,"Und","Quant.","Valor Unit","Total"]
["Composição"," 93401 ","SINAPI","GUINDAUTO HIDRÁULICO, CAPACIDADE MÁXIMA DE CARGA 3300 KG, MOMENTO MÁXIMO DE CARGA 5,8 TM, ALCANCE MÁXIMO HORIZONTAL 7,60 M, INCLUSIVE CAMINHÃO TOCO PBT 16.000 KG, POTÊNCIA DE 189 CV - MATERIAIS NA OPERAÇÃO. AF_03/2016","CHOR - CUSTOS HORÁRIOS DE MÁQUINAS E EQUIPAMENTOS",null,"H",1,64.489999999999995,64.489999999999995]
["Insumo"," 00004221 ","SINAPI","OLEO DIESEL COMBUSTIVEL COMUM","Material",null,"L",26.43,2.44,64.489999999999995]
[{"$nulls":4},"MO sem LS =>",0,"LS =>",0,"MO com LS =>",0]
[{"$nulls":4},"Valor do BDI =>",17.786342000000001,null,"Valor com BDI =>",null,82.28]
[]
[null,"Código","Banco","Descrição","Tipo",null,"Und","Quant.","Valor Unit","Total"]
["Composição"," 93399 ","SINAPI","GUINDAUTO HIDRÁULICO, CAPACIDADE MÁXIMA DE CARGA 3300 KG, MOMENTO MÁXIMO DE CARGA 5,8 TM, ALCANCE MÁXIMO HORIZONTAL 7,60 M, INCLUSIVE CAMINHÃO TOCO PBT 16.000 KG, POTÊNCIA DE 189 CV \u0096 IMPOSTOS E SEGUROS. AF_03/2016","CHOR - CUSTOS HORÁRIOS DE MÁQUINAS E EQUIPAMENTOS",null,"H",1,0.59,0.59]
["Insumo"," 00037761 ","SINAPI","CAMINHAO TOCO, PESO BRUTO TOTAL 16000 KG, CARGA UTIL MAXIMA DE 10685 KG, DISTANCIA ENTRE EIXOS 4,8M, POTENCIA 189 CV (INCLUI CABINE E CHASSI, NAO INCLUI CARROCERIA)","Equipamento",null,"UN",2.7999999999999999E-6,170146.69,0.48]
["Insumo"," 00010712 ","SINAPI","GUINDAUTO HIDRAULICO, CAPACIDADE MAXIMA DE CARGA 3300 KG, MOMENTO MAXIMO DE CARGA 5,8 TM , ALCANCE MAXIMO HORIZONTAL  7,60 M, PARA MONTAGEM SOBRE CHASSI DE CAMINHAO PBT MINIMO 8000 KG (INCLUI MONTAGEM, NAO INCLUI CAMINHAO)","Equipamento",null,"UN",2.7999999999999999E-6,40697.980000000003,0.11]
[{"$nulls":4},"MO sem LS =>",0,"LS =>",0,"MO com LS =>",0]
[{"$nulls":4},"Valor do BDI =>",0.16272200000000001,null,"Valor com BDI =>",null,0.75]
[]
[null,"Código","Banco","Descrição","Tipo",null,"Und","Quant.","Valor Unit","Total"]
["Composição"," 96985 ","SINAPI","HASTE DE ATERRAMENTO 5/8  PARA SPDA - FORNECIMENTO E INSTALAÇÃO. AF_12/2017","INEL - INSTALAÇÃO ELÉTRICA/ELETRIFICAÇÃO E ILUMINAÇÃO EXTERNA",null,"UN",1,40.01,40.01]
["Composição Auxiliar"," 88264 ","SINAPI","ELETRICISTA COM ENCARGOS COMPLEMENTARES","SEDI - SERVIÇOS DIVERSOS",null,"H",0.1976609,19.579999999999998,3.87]
["Composição Auxiliar"," 88247 ","SINAPI","AUXILIAR DE ELETRICISTA COM ENCARGOS COMPLEMENTARES","SEDI - SERVIÇOS DIVERSOS",null,"H",0.1976609,15.16,3]
["Insumo"," 00003379 ","SINAPI","!EM PROCESSO DE DESATIVACAO! HASTE DE ATERRAMENTO EM ACO COM 3,00 M DE COMPRIMENTO E DN = 5/8\", REVESTIDA COM BAIXA CAMADA DE COBRE, SEM CONECTOR","Material",null,"UN",1,33.14,33.14]
[{"$nulls":4},"MO sem LS =>",6.87,"LS =>",0,"MO com LS =>",6.87]
[{"$nulls":4},"Valor do BDI =>",11.034758,null,"Valor com BDI =>",null,51.04]
[]
[null,"Código","Banco","Descrição","Tipo",null,"Und","Quant.","Valor Unit","Total"]
["Composição"," 88270 ","SINAPI","IMPERMEABILIZADOR COM ENCARGOS COMPLEMENTARES","SEDI - SERVIÇOS DIVERSOS",null,"H",1,19.399999999999999,19.399999999999999]
["Composição Auxiliar"," 95338 ","SINAPI","CURSO DE CAPACITAÇÃO PARA IMPERMEABILIZADOR (ENCARGOS COMPLEMENTARES) - HORISTA","SEDI - SERVIÇOS DIVERSOS",null,"H",1,0.22,0.22]
["Insumo"," 00037370 ","SINAPI","ALIMENTACAO - HORISTA (COLETADO CAIXA)","Mão de Obra",null,"H",1,1.77,1.77]
["Insumo"," 00043489 ","SINAPI","EPI - FAMILIA PEDREIRO - HORISTA (ENCARGOS COMPLEMENTARES - COLETADO CAIXA)","Mão de Obra",null,"H",1,0.96,0.96]
["Insumo"," 00037372 ","SINAPI","EXAMES - HORISTA (COLETADO CAIXA)","Mão de Obra",null,"H",1,0.35,0.35]
["Insumo"," 00043465 ","SINAPI","FERRAMENTAS - FAMILIA PEDREIRO - HORISTA (ENCARGOS COMPLEMENTARES - COLETADO CAIXA)","Mão de Obra",null,"H",1,0.5,0.5]
["Insumo"," 00012873 ","SINAPI","IMPERMEABILIZADOR","Mão de Obra",null,"H",1,14.86,14.86]
["Insumo"," 00037373 ","SINAPI","SEGURO - HORISTA (COLETADO CAIXA)","Mão de Obra",null,"H",1,7.0000000000000007E-2,7.0000000000000007E-2]
["Insumo"," 00037371 ","SINAPI","TRANSPORTE - HORISTA (COLETADO CAIXA)","Mão de Obra",null,"H",1,0.67,0.67]
[{"$nulls":4},"MO sem LS =>",19.399999999999999,"LS =>",0,"MO com LS =>",19.399999999999999]
[{"$nulls":4},"Valor do BDI =>",5.3505200000000004,null,"Valor com BDI =>",null,24.75]
[]
[null,"Código","Banco","Descrição","Tipo",null,"Und","Quant.","Valor Unit","Total"]
["Composição"," 98546 ","SINAPI","IMPERMEABILIZAÇÃO DE SUPERFÍCIE COM MANTA ASFÁLTICA, UMA CAMADA, INCLUSIVE APLICAÇÃO DE PRIMER ASFÁLTICO, E=3MM. AF_06/2018","IMPE - IMPERMEABILIZAÇÕES E PROTEÇÕES DIVERSAS",null,"m²",1,58.41,58.41]
["Composição Auxiliar"," 88243 ","SINAPI","AJUDANTE ESPECIALIZADO COM ENCARGOS COMPLEMENTARES","SEDI - SERVIÇOS DIVERSOS",null,"H",0.1499162,17.53,2.63]
["Composição Auxiliar"," 88270 ","SINAPI","IMPERMEABILIZADOR COM ENCARGOS COMPLEMENTARES","SEDI - SERVIÇOS DIVERSOS",null,"H",0.74021130000000002,19.399999999999999,14.36]
["Insumo"," 00004226 ","SINAPI","GAS DE COZINHA - GLP","Material",null,"KG",0.26,4.3099999999999996,1.1200000000000001]
["Insumo"," 00004014 ","SINAPI","MANTA ASFALTICA ELASTOMERICA EM POLIESTER 3 MM, TIPO III, CLASSE B, ACABAMENTO PP (NBR 9952)","Material",null,"m²",1.125,29.08,32.72]
["Insumo"," 00000511 ","SINAPI","PRIMER PARA MANTA ASFALTICA A BASE DE ASFALTO MODIFICADO DILUIDO EM SOLVENTE, APLICACAO A FRIO","Material",null,"L",0.61499999999999999,12.33,7.58]
[{"$nulls":4},"MO sem LS =>",16.989999999999998,"LS =>",0,"MO com LS =>",16.989999999999998]
[{"$nulls":4},"Valor do BDI =>",16.109477999999999,null,"Valor com BDI =>",null,74.52]
[]
[null,"Código","Banco","Descrição","Tipo",null,"Und","Quant.","Valor Unit","Total"]
["Composição"," V219 ","Próprio","IMPLANTAÇÃO DE POSTE CONCRETO T/ DT 11/300","ASTU - ASSENTAMENTO DE TUBOS E PECAS",null,"UN",1,34.11,34.11]
["Composição Auxiliar"," 88279 ","SINAPI","MONTADOR ELETROMECÃNICO COM ENCARGOS COMPLEMENTARES","SEDI - SERVIÇOS DIVERSOS",null,"H",0.85898149999999995,27.63,23.73]
["Composição Auxiliar"," 90776 ","SINAPI","ENCARREGADO GERAL COM ENCARGOS COMPLEMENTARES","SEDI - SERVIÇOS DIVERSOS",null,"H",0.4294907,24.16,10.38]
[{"$nulls":4},"MO sem LS =>",34.11,"LS =>",0,"MO com LS =>",34.11]
[{"$nulls":4},"Valor do BDI =>",9.4075380000000006,null,"Valor com BDI =>",null,43.52]
[]
[null,"Código","Banco","Descrição","Tipo",null,"Und","Quant.","Valor Unit","Total"]
["Composição"," V287 ","Próprio","IMPLANTAÇÃO DE POSTE CONCRETO T/ DT 11/600","INEL - INSTALAÇÃO ELÉTRICA/ELETRIFICAÇÃO E ILUMINAÇÃO EXTERNA",null,"UN",1,91.2,91.2]
["Composição Auxiliar"," 88279 ","SINAPI","MONTADOR ELETROMECÃNICO COM ENCARGOS COMPLEMENTARES","SEDI - SERVIÇOS DIVERSOS",null,"H",0.85898140000000001,27.63,23.73]
["Composição Auxiliar"," 90776 ","SINAPI","ENCARREGADO GERAL COM ENCARGOS COMPLEMENTARES","SEDI - SERVIÇOS DIVERSOS",null,"H",0.4294907,24.16,10.38]
["Composição Auxiliar"," 93402 ","SINAPI","GUINDAUTO HIDRÁULICO, CAPACIDADE MÁXIMA DE CARGA 3300 KG, MOMENTO MÁXIMO DE CARGA 5,8 TM, ALCANCE MÁXIMO HORIZONTAL 7,60 M, INCLUSIVE CAMINHÃO TOCO PBT 16.000 KG, POTÊNCIA DE 189 CV - CHP DIURNO. AF_03/2016","CHOR - CUSTOS HORÁRIOS DE MÁQUINAS E EQUIPAMENTOS",null,"CHP",0.55000000000000004,103.8,57.09]
[{"$nulls":4},"MO sem LS =>",43.13,"LS =>",0,"MO com LS =>",43.13]
[{"$nulls":4},"Valor do BDI =>",25.15296,null,"Valor com BDI =>",null,116.35]
[]
[null,"Código","Banco","Descrição","Tipo",null,"Und","Quant.","Valor Unit","Total"]
["Composição"," 73836/001 ","SINAPI","INSTALACAO DE CONJ.MOTO BOMBA HORIZONTAL ATE 10 CV","INPR - INSTALAÇÕES DE PRODUÇÃO",null,"UN",1,357.41,357.41]
["Composição Auxiliar"," 95139 ","SINAPI","TALHA MANUAL DE CORRENTE, CAPACIDADE DE 2 TON. COM ELEVAÇÃO DE 3 M - CHP DIURNO. AF_07/2016","CHOR - CUSTOS HORÁRIOS DE MÁQUINAS E EQUIPAMENTOS",null,"CHP",5,0.05,0.25]
["Composição Auxiliar"," 88316 ","SINAPI","SERVENTE COM ENCARGOS COMPLEMENTARES","SEDI - SERVIÇOS DIVERSOS",null,"H",7.8076018999999999,14.96,116.8]
["Composição Auxiliar"," 88267 ","SINAPI","ENCANADOR OU BOMBEIRO HIDRÁULICO COM ENCARGOS COMPLEMENTARES","SEDI - SERVIÇOS DIVERSOS",null,"H",3.9038010999999999,18.97,74.06]
["Composição Auxiliar"," 88277 ","SINAPI","MONTADOR (TUBO AÇO/EQUIPAMENTOS) COM ENCARGOS COMPLEMENTARES","SEDI - SERVIÇOS DIVERSOS",null,"H",7.8076018999999999,21.3,166.3]
[{"$nulls":4},"MO sem LS =>",357.16,"LS =>",0,"MO com LS =>",357.16]
[{"$nulls":4},"Valor do BDI =>",98.573678000000001,null,"Valor com BDI =>",null,455.98]
[]
[null,"Código","Banco","Descrição","Tipo",null,"Und","Quant.","Valor Unit","Total"]
["Composição"," V279 ","Próprio","INSTALAÇÃO DE ATERRAMENTO EM REDE AÉREA DE BT   ","ASTU - ASSENTAMENTO DE TUBOS E PECAS",null,"UN",1,31.73,31.73]
["Composição Auxiliar"," 88279 ","SINAPI","MONTADOR ELETROMECÃNICO COM ENCARGOS COMPLEMENTARES","SEDI - SERVIÇOS DIVERSOS",null,"H",0.74162039999999996,27.63,20.49]
["Composição Auxiliar"," 88247 ","SINAPI","AUXILIAR DE ELETRICISTA COM ENCARGOS COMPLEMENTARES","SEDI - SERVIÇOS DIVERSOS",null,"H",0.74162039999999996,15.16,11.24]
[{"$nulls":4},"MO sem LS =>",31.73,"LS =>",0,"MO com LS =>",31.73]
[{"$nulls":4},"Valor do BDI =>",8.7511340000000004,null,"Valor com BDI =>",null,40.479999999999997]
[]
[null,"Código","Banco","Descrição","Tipo",null,"Und","Quant.","Valor Unit","Total"]
["Composição"," V108 ","Próprio","INSTALAÇÃO DE BUCHA PASS. PORCELANA P/ 15KV 16MM","ASTU - ASSENTAMENTO DE TUBOS E PECAS",null,"UN",1,13.57,13.57]
["Composição Auxiliar"," 88247 ","SINAPI","AUXILIAR DE ELETRICISTA COM ENCARGOS COMPLEMENTARES","SEDI - SERVIÇOS DIVERSOS",null,"H",0.3907524,15.16,5.92]
["Composição Auxiliar"," 88264 ","SINAPI","ELETRICISTA COM ENCARGOS COMPLEMENTARES","SEDI - SERVIÇOS DIVERSOS",null,"H",0.3907524,19.579999999999998,7.65]
[{"$nulls":4},"MO sem LS =>",13.57,"LS =>",0,"MO com LS =>",13.57]
[{"$nulls":4},"Valor do BDI =>",3.7426059999999999,null,"Valor com BDI =>",null,17.309999999999999]
[]
[null,"Código","Banco","Descrição","Tipo",null,"Und","Quant.","Valor Unit","Total"]
["Composição"," V118 ","Próprio","INSTALAÇÃO DE CAIXA DE MEDIÇÃO DE ENERGIA ATIVA E REATIVA","ASTU - ASSENTAMENTO DE TUBOS E PECAS",null,"un",1,21.7,21.7]
["Composição Auxiliar"," 88247 ","SINAPI","AUXILIAR DE ELETRICISTA COM ENCARGOS COMPLEMENTARES","SEDI - SERVIÇOS DIVERSOS",null,"H",0.62459819999999999,15.16,9.4700000000000006]
["Composição Auxiliar"," 88264 ","SINAPI","ELETRICISTA COM ENCARGOS COMPLEMENTARES","SEDI - SERVIÇOS DIVERSOS",null,"H",0.62459819999999999,19.579999999999998,12.23]
[{"$nulls":4},"MO sem LS =>",21.7,"LS =>",0,"MO com LS =>",21.7]
[{"$nulls":4},"Valor do BDI =>",5.9848600000000003,null,"Valor com BDI =>",null,27.68]
[]
[null,"Código","Banco","Descrição","Tipo",null,"Und","Quant.","Valor Unit","Total"]
["Composição"," V102 ","Próprio","INSTALAÇÃO DE CANTONEIRA DE 38X38X4.8MM - COMP. 1.6M","ASTU - ASSENTAMENTO DE TUBOS E PECAS",null,"M",1,5.41,5.41]
["Composição Auxiliar"," 88247 ","SINAPI","AUXILIAR DE ELETRICISTA COM ENCARGOS COMPLEMENTARES","SEDI - SERVIÇOS DIVERSOS",null,"H",0.1559749,15.16,2.36]
["Composição Auxiliar"," 88264 ","SINAPI","ELETRICISTA COM ENCARGOS COMPLEMENTARES","SEDI - SERVIÇOS DIVERSOS",null,"H",0.1559749,19.579999999999998,3.05]
[{"$nulls":4},"MO sem LS =>",5.41,"LS =>",0,"MO com LS =>",5.41]
[{"$nulls":4},"Valor do BDI =>",1.492078,null,"Valor com BDI =>",null,6.9]
[]
[null,"Código","Banco","Descrição","Tipo",null,"Und","Quant.","Valor Unit","Total"]
["Composição"," V122 ","Próprio","INSTALAÇÃO DE CHAVE CORTA CIRCUITO FUSÍVEL AÇÃO SIMULT. 15KV-100A","ASTU - ASSENTAMENTO DE TUBOS E PECAS",null,"un",1,18.989999999999998,18.989999999999998]
["Composição Auxiliar"," 88247 ","SINAPI","AUXILIAR DE ELETRICISTA COM ENCARGOS COMPLEMENTARES","SEDI - SERVIÇOS DIVERSOS",null,"H",0.54672730000000003,15.16,8.2899999999999991]
["Composição Auxiliar"," 88264 ","SINAPI","ELETRICISTA COM ENCARGOS COMPLEMENTARES","SEDI - SERVIÇOS DIVERSOS",null,"H",0.54672730000000003,19.579999999999998,10.7]
[{"$nulls":4},"MO sem LS =>",18.989999999999998,"LS =>",0,"MO com LS =>",18.989999999999998]
[{"$nulls":4},"Valor do BDI =>",5.2374419999999997,null,"Valor com BDI =>",null,24.23]
[]
[null,"Código","Banco","Descrição","Tipo",null,"Und","Quant.","Valor Unit","Total"]
["Composição"," V105 ","Próprio","INSTALAÇÃO DE CHAVE SECCIONADORA TRIPOLAR S/ FUS. TIPO FACA-15KV-400A","ASTU - ASSENTAMENTO DE TUBOS E PECAS",null,"UN",1,5.41,5.41]
["Composição Auxiliar"," 88247 ","SINAPI","AUXILIAR DE ELETRICISTA COM ENCARGOS COMPLEMENTARES","SEDI - SERVIÇOS DIVERSOS",null,"H",0.1559749,15.16,2.36]
["Composição Auxiliar"," 88264 ","SINAPI","ELETRICISTA COM ENCARGOS COMPLEMENTARES","SEDI - SERVIÇOS DIVERSOS",null,"H",0.1559749,19.579999999999998,3.05]
[{"$nulls":4},"MO sem LS =>",5.41,"LS =>",0,"MO com LS =>",5.41]
[{"$nulls":4},"Valor do BDI =>",1.492078,null,"Valor com BDI =>",null,6.9]
[]
[null,"Código","Banco","Descrição","Tipo",null,"Und","Quant.","Valor Unit","Total"]
["Composição"," V136 ","Próprio","INSTALAÇÃO DE CONECTOR CONCÊNTRICO DERIV. TIPO T ø 3/8\"","ASTU - ASSENTAMENTO DE TUBOS E PECAS",null,"UN",1,2.71,2.71]
["Composição Auxiliar"," 88247 ","SINAPI","AUXILIAR DE ELETRICISTA COM ENCARGOS COMPLEMENTARES","SEDI - SERVIÇOS DIVERSOS",null,"H",7.8103900000000004E-2,15.16,1.18]
["Composição Auxiliar"," 88264 ","SINAPI","ELETRICISTA COM ENCARGOS COMPLEMENTARES","SEDI - SERVIÇOS DIVERSOS",null,"H",7.8103900000000004E-2,19.579999999999998,1.53]
[{"$nulls":4},"MO sem LS =>",2.71,"LS =>",0,"MO com LS =>",2.71]
[{"$nulls":4},"Valor do BDI =>",0.74741800000000003,null,"Valor com BDI =>",null,3.46]
[]
[null,"Código","Banco","Descrição","Tipo",null,"Und","Quant.","Valor Unit","Total"]
["Composição"," V140 ","Próprio","INSTALAÇÃO DE CONECTOR CONCÊNTRICO TERM. ANG. ø 3/8\"","ASTU - ASSENTAMENTO DE TUBOS E PECAS",null,"UN",1,2.71,2.71]
["Composição Auxiliar"," 88247 ","SINAPI","AUXILIAR DE ELETRICISTA COM ENCARGOS COMPLEMENTARES","SEDI - SERVIÇOS DIVERSOS",null,"H",7.8103900000000004E-2,15.16,1.18]
["Composição Auxiliar"," 88264 ","SINAPI","ELETRICISTA COM ENCARGOS COMPLEMENTARES","SEDI - SERVIÇOS DIVERSOS",null,"H",7.8103900000000004E-2,19.579999999999998,1.53]
[{"$nulls":4},"MO sem LS =>",2.71,"LS =>",0,"MO com LS =>",2.71]
[{"$nulls":4},"Valor do BDI =>",0.74741800000000003,null,"Valor com BDI =>",null,3.46]
[]
[null,"Código","Banco","Descrição","Tipo",null,"Und","Quant.","Valor Unit","Total"]
["Composição"," v138 ","Próprio","INSTALAÇÃO DE CONECTOR CONCÊNTRICO TERMINAL CENTRAL ø 3/8\"","ASTU - ASSENTAMENTO DE TUBOS E PECAS",null,"UN",1,2.71,2.71]
["Composição Auxiliar"," 88247 ","SINAPI","AUXILIAR DE ELETRICISTA COM ENCARGOS COMPLEMENTARES","SEDI - SERVIÇOS DIVERSOS",null,"H",7.8103900000000004E-2,15.16,1.18]
["Composição Auxiliar"," 88264 ","SINAPI","ELETRICISTA COM ENCARGOS COMPLEMENTARES","SEDI - SERVIÇOS DIVERSOS",null,"H",7.8103900000000004E-2,19.579999999999998,1.53]
[{"$nulls":4},"MO sem LS =>",2.71,"LS =>",0,"MO com LS =>",2.71]
[{"$nulls":4},"Valor do BDI =>",0.74741800000000003,null,"Valor com BDI =>",null,3.46]
[]
[null,"Código","Banco","Descrição","Tipo",null,"Und","Quant.","Valor Unit","Total"]
["Composição"," V137 ","Próprio","INSTALAÇÃO DE CONECTOR CONCÊNTRICO UNIÃO ANGULAR ø 3/8\"","ASTU - ASSENTAMENTO DE TUBOS E PECAS",null,"UN",1,4.24,4.24]
["Composição Auxiliar"," 88247 ","SINAPI","AUXILIAR DE ELETRICISTA COM ENCARGOS COMPLEMENTARES","SEDI - SERVIÇOS DIVERSOS",null,"H",7.8115199999999996E-2,15.16,1.18]
["Composição Auxiliar"," 88264 ","SINAPI","ELETRICISTA COM ENCARGOS COMPLEMENTARES","SEDI - SERVIÇOS DIVERSOS",null,"H",0.15623049999999999,19.579999999999998,3.06]
[{"$nulls":4},"MO sem LS =>",4.24,"LS =>",0,"MO com LS =>",4.24]
[{"$nulls":4},"Valor do BDI =>",1.169392,null,"Valor com BDI =>",null,5.41]
[]
[null,"Código","Banco","Descrição","Tipo",null,"Und","Quant.","Valor Unit","Total"]
["Composição"," V135 ","Próprio","INSTALAÇÃO DE CONECTOR CONCÊNTRICO UNIÃO COM SUPORTE ø 3/8\"","ASTU - ASSENTAMENTO DE TUBOS E PECAS",null,"UN",1,2.71,2.71]
["Composição Auxiliar"," 88247 ","SINAPI","AUXILIAR DE ELETRICISTA COM ENCARGOS COMPLEMENTARES","SEDI - SERVIÇOS DIVERSOS",null,"H",7.8103900000000004E-2,15.16,1.18]
["Composição Auxiliar"," 88264 ","SINAPI","ELETRICISTA COM ENCARGOS COMPLEMENTARES","SEDI - SERVIÇOS DIVERSOS",null,"H",7.8103900000000004E-2,19.579999999999998,1.53]
[{"$nulls":4},"MO sem LS =>",2.71,"LS =>",0,"MO com LS =>",2.71]
[{"$nulls":4},"Valor do BDI =>",0.74741800000000003,null,"Valor com BDI =>",null,3.46]
[]
[null,"Código","Banco","Descrição","Tipo",null,"Und","Quant.","Valor Unit","Total"]
["Composição"," V139 ","Próprio","INSTALAÇÃO DE CONECTOR CONCÊNTRICO UNIÃO SEM SUPORTE ø 3/8\"","ASTU - ASSENTAMENTO DE TUBOS E PECAS",null,"UN",1,2.71,2.71]
["Composição Auxiliar"," 88247 ","SINAPI","AUXILIAR DE ELETRICISTA COM ENCARGOS COMPLEMENTARES","SEDI - SERVIÇOS DIVERSOS",null,"H",7.8103900000000004E-2,15.16,1.18]
["Composição Auxiliar"," 88264 ","SINAPI","ELETRICISTA COM ENCARGOS COMPLEMENTARES","SEDI - SERVIÇOS DIVERSOS",null,"H",7.8103900000000004E-2,19.579999999999998,1.53]
[{"$nulls":4},"MO sem LS =>",2.71,"LS =>",0,"MO com LS =>",2.71]
[{"$nulls":4},"Valor do BDI =>",0.74741800000000003,null,"Valor com BDI =>",null,3.46]
[]
[null,"Código","Banco","Descrição","Tipo",null,"Und","Quant.","Valor Unit","Total"]
["Composição"," V131 ","Próprio","INSTALAÇÃO DE CONECTOR KS - 16MM","ASTU - ASSENTAMENTO DE TUBOS E PECAS",null,"UN",1,2.71,2.71]
["Composição Auxiliar"," 88247 ","SINAPI","AUXILIAR DE ELETRICISTA COM ENCARGOS COMPLEMENTARES","SEDI - SERVIÇOS DIVERSOS",null,"H",7.8103900000000004E-2,15.16,1.18]
["Composição Auxiliar"," 88264 ","SINAPI","ELETRICISTA COM ENCARGOS COMPLEMENTARES","SEDI - SERVIÇOS DIVERSOS",null,"H",7.8103900000000004E-2,19.579999999999998,1.53]
[{"$nulls":4},"MO sem LS =>",2.71,"LS =>",0,"MO com LS =>",2.71]
[{"$nulls":4},"Valor do BDI =>",0.74741800000000003,null,"Valor com BDI =>",null,3.46]
[]
[null,"Código","Banco","Descrição","Tipo",null,"Und","Quant.","Valor Unit","Total"]
["Composição"," V119 ","Próprio","INSTALAÇÃO DE CONECTOR KSU - 25","ASTU - ASSENTAMENTO DE TUBOS E PECAS",null,"un",1,3.25,3.25]
["Composição Auxiliar"," 88247 ","SINAPI","AUXILIAR DE ELETRICISTA COM ENCARGOS COMPLEMENTARES","SEDI - SERVIÇOS DIVERSOS",null,"H",9.3678200000000003E-2,15.16,1.42]
["Composição Auxiliar"," 88264 ","SINAPI","ELETRICISTA COM ENCARGOS COMPLEMENTARES","SEDI - SERVIÇOS DIVERSOS",null,"H",9.3678200000000003E-2,19.579999999999998,1.83]
[{"$nulls":4},"MO sem LS =>",3.25,"LS =>",0,"MO com LS =>",3.25]
[{"$nulls":4},"Valor do BDI =>",0.89634999999999998,null,"Valor com BDI =>",null,4.1500000000000004]
[]
[null,"Código","Banco","Descrição","Tipo",null,"Und","Quant.","Valor Unit","Total"]
["Composição"," V130 ","Próprio","INSTALAÇÃO DE CURVA PVC ROSQ. 3\"","ASTU - ASSENTAMENTO DE TUBOS E PECAS",null,"UN",1,2.71,2.71]
["Composição Auxiliar"," 88247 ","SINAPI","AUXILIAR DE ELETRICISTA COM ENCARGOS COMPLEMENTARES","SEDI - SERVIÇOS DIVERSOS",null,"H",7.8103900000000004E-2,15.16,1.18]
["Composição Auxiliar"," 88264 ","SINAPI","ELETRICISTA COM ENCARGOS COMPLEMENTARES","SEDI - SERVIÇOS DIVERSOS",null,"H",7.8103900000000004E-2,19.579999999999998,1.53]
[{"$nulls":4},"MO sem LS =>",2.71,"LS =>",0,"MO com LS =>",2.71]
[{"$nulls":4},"Valor do BDI =>",0.74741800000000003,null,"Valor com BDI =>",null,3.46]
[]
[null,"Código","Banco","Descrição","Tipo",null,"Und","Quant.","Valor Unit","Total"]
["Composição"," V127 ","Próprio","INSTALAÇÃO DE CURVA PVC ROSQ. 3/4\"","ASTU - ASSENTAMENTO DE TUBOS E PECAS",null,"UN",1,2.71,2.71]
["Composição Auxiliar"," 88247 ","SINAPI","AUXILIAR DE ELETRICISTA COM ENCARGOS COMPLEMENTARES","SEDI - SERVIÇOS DIVERSOS",null,"H",7.8103900000000004E-2,15.16,1.18]
["Composição Auxiliar"," 88264 ","SINAPI","ELETRICISTA COM ENCARGOS COMPLEMENTARES","SEDI - SERVIÇOS DIVERSOS",null,"H",7.8103900000000004E-2,19.579999999999998,1.53]
[{"$nulls":4},"MO sem LS =>",2.71,"LS =>",0,"MO com LS =>",2.71]
[{"$nulls":4},"Valor do BDI =>",0.74741800000000003,null,"Valor com BDI =>",null,3.46]
[]
[null,"Código","Banco","Descrição","Tipo",null,"Und","Quant.","Valor Unit","Total"]
["Composição"," V106 ","Próprio","INSTALAÇÃO DE DISJUNTOR AUTOMÁTICO. ISOLAMENTO P/ 15KV-500A","ASTU - ASSENTAMENTO DE TUBOS E PECAS",null,"UN",1,5.41,5.41]
["Composição Auxiliar"," 88247 ","SINAPI","AUXILIAR DE ELETRICISTA COM ENCARGOS COMPLEMENTARES","SEDI - SERVIÇOS DIVERSOS",null,"H",0.1559749,15.16,2.36]
["Composição Auxiliar"," 88264 ","SINAPI","ELETRICISTA COM ENCARGOS COMPLEMENTARES","SEDI - SERVIÇOS DIVERSOS",null,"H",0.1559749,19.579999999999998,3.05]
[{"$nulls":4},"MO sem LS =>",5.41,"LS =>",0,"MO com LS =>",5.41]
[{"$nulls":4},"Valor do BDI =>",1.492078,null,"Valor com BDI =>",null,6.9]
[]
[null,"Código","Banco","Descrição","Tipo",null,"Und","Quant.","Valor Unit","Total"]
["Composição"," V117 ","Próprio","INSTALAÇÃO DE ELETRODUTO AÇO CARB. GALV.. 3/4\" X 6 M","ASTU - ASSENTAMENTO DE TUBOS E PECAS",null,"un",1,5.41,5.41]
["Composição Auxiliar"," 88247 ","SINAPI","AUXILIAR DE ELETRICISTA COM ENCARGOS COMPLEMENTARES","SEDI - SERVIÇOS DIVERSOS",null,"H",0.1559749,15.16,2.36]
["Composição Auxiliar"," 88264 ","SINAPI","ELETRICISTA COM ENCARGOS COMPLEMENTARES","SEDI - SERVIÇOS DIVERSOS",null,"H",0.1559749,19.579999999999998,3.05]
[{"$nulls":4},"MO sem LS =>",5.41,"LS =>",0,"MO com LS =>",5.41]
[{"$nulls":4},"Valor do BDI =>",1.492078,null,"Valor com BDI =>",null,6.9]
[]
[null,"Código","Banco","Descrição","Tipo",null,"Und","Quant.","Valor Unit","Total"]
["Composição"," V129 ","Próprio","INSTALAÇÃO DE ELETRODUTO PVC ROSQ. 3\"","ASTU - ASSENTAMENTO DE TUBOS E PECAS",null,"m",1,4.07,4.07]
["Composição Auxiliar"," 88247 ","SINAPI","AUXILIAR DE ELETRICISTA COM ENCARGOS COMPLEMENTARES","SEDI - SERVIÇOS DIVERSOS",null,"H",0.11715589999999999,15.16,1.78]
["Composição Auxiliar"," 88264 ","SINAPI","ELETRICISTA COM ENCARGOS COMPLEMENTARES","SEDI - SERVIÇOS DIVERSOS",null,"H",0.11715589999999999,19.579999999999998,2.29]
[{"$nulls":4},"MO sem LS =>",4.07,"LS =>",0,"MO com LS =>",4.07]
[{"$nulls":4},"Valor do BDI =>",1.122506,null,"Valor com BDI =>",null,5.19]
[]
[null,"Código","Banco","Descrição","Tipo",null,"Und","Quant.","Valor Unit","Total"]
["Composição"," V126 ","Próprio","INSTALAÇÃO DE ELETRODUTO PVC ROSQ. 3/4\"","ASTU - ASSENTAMENTO DE TUBOS E PECAS",null,"m",1,4.07,4.07]
["Composição Auxiliar"," 88247 ","SINAPI","AUXILIAR DE ELETRICISTA COM ENCARGOS COMPLEMENTARES","SEDI - SERVIÇOS DIVERSOS",null,"H",0.11715589999999999,15.16,1.78]
["Composição Auxiliar"," 88264 ","SINAPI","ELETRICISTA COM ENCARGOS COMPLEMENTARES","SEDI - SERVIÇOS DIVERSOS",null,"H",0.11715589999999999,19.579999999999998,2.29]
[{"$nulls":4},"MO sem LS =>",4.07,"LS =>",0,"MO com LS =>",4.07]
[{"$nulls":4},"Valor do BDI =>",1.122506,null,"Valor com BDI =>",null,5.19]
[]
[null,"Código","Banco","Descrição","Tipo",null,"Und","Quant.","Valor Unit","Total"]
["Composição"," V123 ","Próprio","INSTALAÇÃO DE ELO FUSIVEL  140 K","ASTU - ASSENTAMENTO DE TUBOS E PECAS",null,"un",1,8.15,8.15]
["Composição Auxiliar"," 88247 ","SINAPI","AUXILIAR DE ELETRICISTA COM ENCARGOS COMPLEMENTARES","SEDI - SERVIÇOS DIVERSOS",null,"H",0.23454449999999999,15.16,3.56]
["Composição Auxiliar"," 88264 ","SINAPI","ELETRICISTA COM ENCARGOS COMPLEMENTARES","SEDI - SERVIÇOS DIVERSOS",null,"H",0.23454449999999999,19.579999999999998,4.59]
[{"$nulls":4},"MO sem LS =>",8.15,"LS =>",0,"MO com LS =>",8.15]
[{"$nulls":4},"Valor do BDI =>",2.24777,null,"Valor com BDI =>",null,10.4]
[]
[null,"Código","Banco","Descrição","Tipo",null,"Und","Quant.","Valor Unit","Total"]
["Composição"," V286 ","Próprio","INSTALAÇÃO DE ELO FUSÍVEL","INEL - INSTALAÇÃO ELÉTRICA/ELETRIFICAÇÃO E ILUMINAÇÃO EXTERNA",null,"VAO/CO",1,8.58,8.58]
["Composição Auxiliar"," 88247 ","SINAPI","AUXILIAR DE ELETRICISTA COM ENCARGOS COMPLEMENTARES","SEDI - SERVIÇOS DIVERSOS",null,"H",0.1564527,15.16,2.37]
["Composição Auxiliar"," 88279 ","SINAPI","MONTADOR ELETROMECÃNICO COM ENCARGOS COMPLEMENTARES","SEDI - SERVIÇOS DIVERSOS",null,"H",0.1564527,27.63,4.32]
["Composição Auxiliar"," 90776 ","SINAPI","ENCARREGADO GERAL COM ENCARGOS COMPLEMENTARES","SEDI - SERVIÇOS DIVERSOS",null,"H",7.8226400000000001E-2,24.16,1.89]
[{"$nulls":4},"MO sem LS =>",8.58,"LS =>",0,"MO com LS =>",8.58]
[{"$nulls":4},"Valor do BDI =>",2.3663639999999999,null,"Valor com BDI =>",null,10.95]
[]
[null,"Código","Banco","Descrição","Tipo",null,"Und","Quant.","Valor Unit","Total"]
["Composição"," V120 ","Próprio","INSTALAÇÃO DE GRADE DE PROTEÇÃO EM CANTONEIRA DE AÇO E TELA DE ARAME 12AWG","ASTU - ASSENTAMENTO DE TUBOS E PECAS",null,"un",1,17.63,17.63]
["Composição Auxiliar"," 88247 ","SINAPI","AUXILIAR DE ELETRICISTA COM ENCARGOS COMPLEMENTARES","SEDI - SERVIÇOS DIVERSOS",null,"H",0.50744239999999996,15.16,7.69]
["Composição Auxiliar"," 88264 ","SINAPI","ELETRICISTA COM ENCARGOS COMPLEMENTARES","SEDI - SERVIÇOS DIVERSOS",null,"H",0.50744239999999996,19.579999999999998,9.94]
[{"$nulls":4},"MO sem LS =>",17.63,"LS =>",0,"MO com LS =>",17.63]
[{"$nulls":4},"Valor do BDI =>",4.8623539999999998,null,"Valor com BDI =>",null,22.49]
[]
[null,"Código","Banco","Descrição","Tipo",null,"Und","Quant.","Valor Unit","Total"]
["Composição"," V134 ","Próprio","INSTALAÇÃO DE HASTE ATERR. COBREADA 19 X 3048MM. PROLONG.","ASTU - ASSENTAMENTO DE TUBOS E PECAS",null,"UN",1,9.49,9.49]
["Composição Auxiliar"," 88247 ","SINAPI","AUXILIAR DE ELETRICISTA COM ENCARGOS COMPLEMENTARES","SEDI - SERVIÇOS DIVERSOS",null,"H",0.27336369999999999,15.16,4.1399999999999997]
["Composição Auxiliar"," 88264 ","SINAPI","ELETRICISTA COM ENCARGOS COMPLEMENTARES","SEDI - SERVIÇOS DIVERSOS",null,"H",0.27336369999999999,19.579999999999998,5.35]
[{"$nulls":4},"MO sem LS =>",9.49,"LS =>",0,"MO com LS =>",9.49]
[{"$nulls":4},"Valor do BDI =>",2.6173419999999998,null,"Valor com BDI =>",null,12.11]
[]
[null,"Código","Banco","Descrição","Tipo",null,"Und","Quant.","Valor Unit","Total"]
["Composição"," V116 ","Próprio","INSTALAÇÃO DE INTERRUPTOR DE 1 TECLA","ASTU - ASSENTAMENTO DE TUBOS E PECAS",null,"un",1,4.07,4.07]
["Composição Auxiliar"," 88247 ","SINAPI","AUXILIAR DE ELETRICISTA COM ENCARGOS COMPLEMENTARES","SEDI - SERVIÇOS DIVERSOS",null,"H",0.11715589999999999,15.16,1.78]
["Composição Auxiliar"," 88264 ","SINAPI","ELETRICISTA COM ENCARGOS COMPLEMENTARES","SEDI - SERVIÇOS DIVERSOS",null,"H",0.11715589999999999,19.579999999999998,2.29]
[{"$nulls":4},"MO sem LS =>",4.07,"LS =>",0,"MO com LS =>",4.07]
[{"$nulls":4},"Valor do BDI =>",1.122506,null,"Valor com BDI =>",null,5.19]
[]
[null,"Código","Banco","Descrição","Tipo",null,"Und","Quant.","Valor Unit","Total"]
["Composição"," V107 ","Próprio","INSTALAÇÃO DE ISOLADOR DE PORCELANA TIPO PEDESTAL P/15KV. USO INTERNO","ASTU - ASSENTAMENTO DE TUBOS E PECAS",null,"UN",1,5.41,5.41]
["Composição Auxiliar"," 88247 ","SINAPI","AUXILIAR DE ELETRICISTA COM ENCARGOS COMPLEMENTARES","SEDI - SERVIÇOS DIVERSOS",null,"H",0.1559749,15.16,2.36]
["Composição Auxiliar"," 88264 ","SINAPI","ELETRICISTA COM ENCARGOS COMPLEMENTARES","SEDI - SERVIÇOS DIVERSOS",null,"H",0.1559749,19.579999999999998,3.05]
[{"$nulls":4},"MO sem LS =>",5.41,"LS =>",0,"MO com LS =>",5.41]
[{"$nulls":4},"Valor do BDI =>",1.492078,null,"Valor com BDI =>",null,6.9]
[]
[null,"Código","Banco","Descrição","Tipo",null,"Und","Quant.","Valor Unit","Total"]
["Composição"," V101 ","Próprio","INSTALAÇÃO DE ISOLADOR DISCO PORC. G. OLHAL. 175X140MM","ASTU - ASSENTAMENTO DE TUBOS E PECAS",null,"UN",1,2.71,2.71]
["Composição Auxiliar"," 88247 ","SINAPI","AUXILIAR DE ELETRICISTA COM ENCARGOS COMPLEMENTARES","SEDI - SERVIÇOS DIVERSOS",null,"H",7.8103900000000004E-2,15.16,1.18]
["Composição Auxiliar"," 88264 ","SINAPI","ELETRICISTA COM ENCARGOS COMPLEMENTARES","SEDI - SERVIÇOS DIVERSOS",null,"H",7.8103900000000004E-2,19.579999999999998,1.53]
[{"$nulls":4},"MO sem LS =>",2.71,"LS =>",0,"MO com LS =>",2.71]
[{"$nulls":4},"Valor do BDI =>",0.74741800000000003,null,"Valor com BDI =>",null,3.46]
[]
[null,"Código","Banco","Descrição","Tipo",null,"Und","Quant.","Valor Unit","Total"]
["Composição"," V128 ","Próprio","INSTALAÇÃO DE LUVA DE PVC ROSQ. 3/4\"","ASTU - ASSENTAMENTO DE TUBOS E PECAS",null,"un",1,2.71,2.71]
["Composição Auxiliar"," 88247 ","SINAPI","AUXILIAR DE ELETRICISTA COM ENCARGOS COMPLEMENTARES","SEDI - SERVIÇOS DIVERSOS",null,"H",7.8103900000000004E-2,15.16,1.18]
["Composição Auxiliar"," 88264 ","SINAPI","ELETRICISTA COM ENCARGOS COMPLEMENTARES","SEDI - SERVIÇOS DIVERSOS",null,"H",7.8103900000000004E-2,19.579999999999998,1.53]
[{"$nulls":4},"MO sem LS =>",2.71,"LS =>",0,"MO com LS =>",2.71]
[{"$nulls":4},"Valor do BDI =>",0.74741800000000003,null,"Valor com BDI =>",null,3.46]
[]
[null,"Código","Banco","Descrição","Tipo",null,"Und","Quant.","Valor Unit","Total"]
["Composição"," V115 ","Próprio","INSTALAÇÃO DE LÂMPADA MISTA DE 160 WATTS","ASTU - ASSENTAMENTO DE TUBOS E PECAS",null,"UN",1,2.71,2.71]
["Composição Auxiliar"," 88247 ","SINAPI","AUXILIAR DE ELETRICISTA COM ENCARGOS COMPLEMENTARES","SEDI - SERVIÇOS DIVERSOS",null,"H",7.8103900000000004E-2,15.16,1.18]
["Composição Auxiliar"," 88264 ","SINAPI","ELETRICISTA COM ENCARGOS COMPLEMENTARES","SEDI - SERVIÇOS DIVERSOS",null,"H",7.8103900000000004E-2,19.579999999999998,1.53]
[{"$nulls":4},"MO sem LS =>",2.71,"LS =>",0,"MO com LS =>",2.71]
[{"$nulls":4},"Valor do BDI =>",0.74741800000000003,null,"Valor com BDI =>",null,3.46]
[]
[null,"Código","Banco","Descrição","Tipo",null,"Und","Quant.","Valor Unit","Total"]
["Composição"," V114 ","Próprio","INSTALAÇÃO DE LÚMINARIA A PROVA DE TEMPO","ASTU - ASSENTAMENTO DE TUBOS E PECAS",null,"UN",1,3.06,3.06]
["Composição Auxiliar"," 88264 ","SINAPI","ELETRICISTA COM ENCARGOS COMPLEMENTARES","SEDI - SERVIÇOS DIVERSOS",null,"H",0.15627070000000001,19.579999999999998,3.06]
[{"$nulls":4},"MO sem LS =>",3.06,"LS =>",0,"MO com LS =>",3.06]
[{"$nulls":4},"Valor do BDI =>",0.84394800000000003,null,"Valor com BDI =>",null,3.9]
[]
[null,"Código","Banco","Descrição","Tipo",null,"Und","Quant.","Valor Unit","Total"]
["Composição"," V141 ","Próprio","INSTALAÇÃO DE MUFLA INTERNA","ASTU - ASSENTAMENTO DE TUBOS E PECAS",null,"UN",1,33.409999999999997,33.409999999999997]
["Composição Auxiliar"," 88247 ","SINAPI","AUXILIAR DE ELETRICISTA COM ENCARGOS COMPLEMENTARES","SEDI - SERVIÇOS DIVERSOS",null,"H",0.78068230000000005,15.16,11.84]
["Composição Auxiliar"," 88279 ","SINAPI","MONTADOR ELETROMECÃNICO COM ENCARGOS COMPLEMENTARES","SEDI - SERVIÇOS DIVERSOS",null,"H",0.78068230000000005,27.63,21.57]
[{"$nulls":4},"MO sem LS =>",33.409999999999997,"LS =>",0,"MO com LS =>",33.409999999999997]
[{"$nulls":4},"Valor do BDI =>",9.2144779999999997,null,"Valor com BDI =>",null,42.62]
[]
[null,"Código","Banco","Descrição","Tipo",null,"Und","Quant.","Valor Unit","Total"]
["Composição"," V142 ","Próprio","INSTALAÇÃO DE MUFLA INTERNA","ASTU - ASSENTAMENTO DE TUBOS E PECAS",null,"UN",1,33.409999999999997,33.409999999999997]
["Composição Auxiliar"," 88247 ","SINAPI","AUXILIAR DE ELETRICISTA COM ENCARGOS COMPLEMENTARES","SEDI - SERVIÇOS DIVERSOS",null,"H",0.78068230000000005,15.16,11.84]
["Composição Auxiliar"," 88279 ","SINAPI","MONTADOR ELETROMECÃNICO COM ENCARGOS COMPLEMENTARES","SEDI - SERVIÇOS DIVERSOS",null,"H",0.78068230000000005,27.63,21.57]
[{"$nulls":4},"MO sem LS =>",33.409999999999997,"LS =>",0,"MO com LS =>",33.409999999999997]
[{"$nulls":4},"Valor do BDI =>",9.2144779999999997,null,"Valor com BDI =>",null,42.62]
[]
[null,"Código","Banco","Descrição","Tipo",null,"Und","Quant.","Valor Unit","Total"]
["Composição"," V133 ","Próprio","INSTALAÇÃO DE PARA-RAIO P/ 15KV TIPO ÓXIDO DE ZINCO","ASTU - ASSENTAMENTO DE TUBOS E PECAS",null,"UN",1,8.15,8.15]
["Composição Auxiliar"," 88247 ","SINAPI","AUXILIAR DE ELETRICISTA COM ENCARGOS COMPLEMENTARES","SEDI - SERVIÇOS DIVERSOS",null,"H",0.23454449999999999,15.16,3.56]
["Composição Auxiliar"," 88264 ","SINAPI","ELETRICISTA COM ENCARGOS COMPLEMENTARES","SEDI - SERVIÇOS DIVERSOS",null,"H",0.23454449999999999,19.579999999999998,4.59]
[{"$nulls":4},"MO sem LS =>",8.15,"LS =>",0,"MO com LS =>",8.15]
[{"$nulls":4},"Valor do BDI =>",2.24777,null,"Valor com BDI =>",null,10.4]
[]
[null,"Código","Banco","Descrição","Tipo",null,"Und","Quant.","Valor Unit","Total"]
["Composição"," V124 ","Próprio","INSTALAÇÃO DE QUADRO DE DISTRIBUIÇÃO C/ BARRAMENTO 12 CIRCUITOS","ASTU - ASSENTAMENTO DE TUBOS E PECAS",null,"un",1,18.989999999999998,18.989999999999998]
["Composição Auxiliar"," 88247 ","SINAPI","AUXILIAR DE ELETRICISTA COM ENCARGOS COMPLEMENTARES","SEDI - SERVIÇOS DIVERSOS",null,"H",0.54672730000000003,15.16,8.2899999999999991]
["Composição Auxiliar"," 88264 ","SINAPI","ELETRICISTA COM ENCARGOS COMPLEMENTARES","SEDI - SERVIÇOS DIVERSOS",null,"H",0.54672730000000003,19.579999999999998,10.7]
[{"$nulls":4},"MO sem LS =>",18.989999999999998,"LS =>",0,"MO com LS =>",18.989999999999998]
[{"$nulls":4},"Valor do BDI =>",5.2374419999999997,null,"Valor com BDI =>",null,24.23]
[]
[null,"Código","Banco","Descrição","Tipo",null,"Und","Quant.","Valor Unit","Total"]
["Composição"," V109 ","Próprio","INSTALAÇÃO DE SUPORTE METALICO PARA FIXACAO DOS T.C.'S E T.P.'S","ASTU - ASSENTAMENTO DE TUBOS E PECAS",null,"UN",1,13.02,13.02]
["Composição Auxiliar"," 88247 ","SINAPI","AUXILIAR DE ELETRICISTA COM ENCARGOS COMPLEMENTARES","SEDI - SERVIÇOS DIVERSOS",null,"H",0.37494539999999998,15.16,5.68]
["Composição Auxiliar"," 88264 ","SINAPI","ELETRICISTA COM ENCARGOS COMPLEMENTARES","SEDI - SERVIÇOS DIVERSOS",null,"H",0.37494539999999998,19.579999999999998,7.34]
[{"$nulls":4},"MO sem LS =>",13.02,"LS =>",0,"MO com LS =>",13.02]
[{"$nulls":4},"Valor do BDI =>",3.590916,null,"Valor com BDI =>",null,16.61]
[]
[null,"Código","Banco","Descrição","Tipo",null,"Und","Quant.","Valor Unit","Total"]
["Composição"," V270 ","Próprio","INSTALAÇÃO DE TRANFORMADOR TRIFÁSICO EM 13.8KV-380/220V DE 30KVA","ASTU - ASSENTAMENTO DE TUBOS E PECAS",null,"UN",1,206.19,206.19]
["Composição Auxiliar"," 88247 ","SINAPI","AUXILIAR DE ELETRICISTA COM ENCARGOS COMPLEMENTARES","SEDI - SERVIÇOS DIVERSOS",null,"H",1.9520734,15.16,29.59]
["Composição Auxiliar"," 88279 ","SINAPI","MONTADOR ELETROMECÃNICO COM ENCARGOS COMPLEMENTARES","SEDI - SERVIÇOS DIVERSOS",null,"H",1.9520734,27.63,53.94]
["Composição Auxiliar"," 90776 ","SINAPI","ENCARREGADO GERAL COM ENCARGOS COMPLEMENTARES","SEDI - SERVIÇOS DIVERSOS",null,"H",0.78082929999999995,24.16,18.86]
["Composição Auxiliar"," 93402 ","SINAPI","GUINDAUTO HIDRÁULICO, CAPACIDADE MÁXIMA DE CARGA 3300 KG, MOMENTO MÁXIMO DE CARGA 5,8 TM, ALCANCE MÁXIMO HORIZONTAL 7,60 M, INCLUSIVE CAMINHÃO TOCO PBT 16.000 KG, POTÊNCIA DE 189 CV - CHP DIURNO. AF_03/2016","CHOR - CUSTOS HORÁRIOS DE MÁQUINAS E EQUIPAMENTOS",null,"CHP",1,103.8,103.8]
[{"$nulls":4},"MO sem LS =>",118.79,"LS =>",0,"MO com LS =>",118.79]
[{"$nulls":4},"Valor do BDI =>",56.867201999999999,null,"Valor com BDI =>",null,263.06]
[]
[null,"Código","Banco","Descrição","Tipo",null,"Und","Quant.","Valor Unit","Total"]
["Composição"," V112 ","Próprio","INSTALAÇÃO DE TRANFORMADOR TRIFÁSICO EM 13.8KV-380/220V DE 750KVA","ASTU - ASSENTAMENTO DE TUBOS E PECAS",null,"UN",1,176.87,176.87]
["Composição Auxiliar"," 88247 ","SINAPI","AUXILIAR DE ELETRICISTA COM ENCARGOS COMPLEMENTARES","SEDI - SERVIÇOS DIVERSOS",null,"H",1.7959091,15.16,27.23]
["Composição Auxiliar"," 88279 ","SINAPI","MONTADOR ELETROMECÃNICO COM ENCARGOS COMPLEMENTARES","SEDI - SERVIÇOS DIVERSOS",null,"H",1.7959091,27.63,49.62]
["Composição Auxiliar"," 90776 ","SINAPI","ENCARREGADO GERAL COM ENCARGOS COMPLEMENTARES","SEDI - SERVIÇOS DIVERSOS",null,"H",0.70274700000000001,24.16,16.98]
["Composição Auxiliar"," 93402 ","SINAPI","GUINDAUTO HIDRÁULICO, CAPACIDADE MÁXIMA DE CARGA 3300 KG, MOMENTO MÁXIMO DE CARGA 5,8 TM, ALCANCE MÁXIMO HORIZONTAL 7,60 M, INCLUSIVE CAMINHÃO TOCO PBT 16.000 KG, POTÊNCIA DE 189 CV - CHP DIURNO. AF_03/2016","CHOR - CUSTOS HORÁRIOS DE MÁQUINAS E EQUIPAMENTOS",null,"CHP",0.8,103.8,83.04]
[{"$nulls":4},"MO sem LS =>",106.94,"LS =>",0.01,"MO com LS =>",106.95]
[{"$nulls":4},"Valor do BDI =>",48.780746000000001,null,"Valor com BDI =>",null,225.65]
[]
[null,"Código","Banco","Descrição","Tipo",null,"Und","Quant.","Valor Unit","Total"]
["Composição"," V110 ","Próprio","INSTALAÇÃO DE TRANSF. DE CORRENTE 15 KV. 100 A. ESPECIFICACÃO ELETROBRAS E ABNT","ASTU - ASSENTAMENTO DE TUBOS E PECAS",null,"UN",1,17.63,17.63]
["Composição Auxiliar"," 88247 ","SINAPI","AUXILIAR DE ELETRICISTA COM ENCARGOS COMPLEMENTARES","SEDI - SERVIÇOS DIVERSOS",null,"H",0.50744239999999996,15.16,7.69]
["Composição Auxiliar"," 88264 ","SINAPI","ELETRICISTA COM ENCARGOS COMPLEMENTARES","SEDI - SERVIÇOS DIVERSOS",null,"H",0.50744239999999996,19.579999999999998,9.94]
[{"$nulls":4},"MO sem LS =>",17.63,"LS =>",0,"MO com LS =>",17.63]
[{"$nulls":4},"Valor do BDI =>",4.8623539999999998,null,"Valor com BDI =>",null,22.49]
[]
[null,"Código","Banco","Descrição","Tipo",null,"Und","Quant.","Valor Unit","Total"]
["Composição"," V111 ","Próprio","INSTALAÇÃO DE TRANSFORMADOR DE POTENCIAL. 15 KV. 13800/380/220V. 800 VA","ASTU - ASSENTAMENTO DE TUBOS E PECAS",null,"UN",1,18.18,18.18]
["Composição Auxiliar"," 88247 ","SINAPI","AUXILIAR DE ELETRICISTA COM ENCARGOS COMPLEMENTARES","SEDI - SERVIÇOS DIVERSOS",null,"H",0.52324950000000003,15.16,7.93]
["Composição Auxiliar"," 88264 ","SINAPI","ELETRICISTA COM ENCARGOS COMPLEMENTARES","SEDI - SERVIÇOS DIVERSOS",null,"H",0.52324950000000003,19.579999999999998,10.25]
[{"$nulls":4},"MO sem LS =>",18.18,"LS =>",0,"MO com LS =>",18.18]
[{"$nulls":4},"Valor do BDI =>",5.0140440000000002,null,"Valor com BDI =>",null,23.19]
[]
[null,"Código","Banco","Descrição","Tipo",null,"Und","Quant.","Valor Unit","Total"]
["Composição"," V113 ","Próprio","INSTALAÇÃO DE VERGALHAO DE COBRE ø 3/8\" COM 3 METRO","ASTU - ASSENTAMENTO DE TUBOS E PECAS",null,"UN",1,24.41,24.41]
["Composição Auxiliar"," 88247 ","SINAPI","AUXILIAR DE ELETRICISTA COM ENCARGOS COMPLEMENTARES","SEDI - SERVIÇOS DIVERSOS",null,"H",0.7027021,15.16,10.65]
["Composição Auxiliar"," 88264 ","SINAPI","ELETRICISTA COM ENCARGOS COMPLEMENTARES","SEDI - SERVIÇOS DIVERSOS",null,"H",0.7027021,19.579999999999998,13.76]
[{"$nulls":4},"MO sem LS =>",24.41,"LS =>",0,"MO com LS =>",24.41]
[{"$nulls":4},"Valor do BDI =>",6.732278,null,"Valor com BDI =>",null,31.14]
[]
[null,"Código","Banco","Descrição","Tipo",null,"Und","Quant.","Valor Unit","Total"]
["Composição"," 92023 ","SINAPI","INTERRUPTOR SIMPLES (1 MÓDULO) COM 1 TOMADA DE EMBUTIR 2P+T 10 A,  INCLUINDO SUPORTE E PLACA - FORNECIMENTO E INSTALAÇÃO. AF_12/2015","INEL - INSTALAÇÃO ELÉTRICA/ELETRIFICAÇÃO E ILUMINAÇÃO EXTERNA",null,"UN",1,29.27,29.27]
["Composição Auxiliar"," 91946 ","SINAPI","SUPORTE PARAFUSADO COM PLACA DE ENCAIXE 4\" X 2\" MÉDIO (1,30 M DO PISO) PARA PONTO ELÉTRICO - FORNECIMENTO E INSTALAÇÃO. AF_12/2015","INEL - INSTALAÇÃO ELÉTRICA/ELETRIFICAÇÃO E ILUMINAÇÃO EXTERNA",null,"UN",1,5.26,5.26]
["Composição Auxiliar"," 92022 ","SINAPI","INTERRUPTOR SIMPLES (1 MÓDULO) COM 1 TOMADA DE EMBUTIR 2P+T 10 A,  SEM SUPORTE E SEM PLACA - FORNECIMENTO E INSTALAÇÃO. AF_12/2015","INEL - INSTALAÇÃO ELÉTRICA/ELETRIFICAÇÃO E ILUMINAÇÃO EXTERNA",null,"UN",1,24.01,24.01]
[{"$nulls":4},"MO sem LS =>",14.69,"LS =>",0.01,"MO com LS =>",14.7]
[{"$nulls":4},"Valor do BDI =>",8.0726659999999999,null,"Valor com BDI =>",null,37.340000000000003]
[]
[null,"Código","Banco","Descrição","Tipo",null,"Und","Quant.","Valor Unit","Total"]
["Composição"," 92022 ","SINAPI","INTERRUPTOR SIMPLES (1 MÓDULO) COM 1 TOMADA DE EMBUTIR 2P+T 10 A,  SEM SUPORTE E SEM PLACA - FORNECIMENTO E INSTALAÇÃO. AF_12/2015","INEL - INSTALAÇÃO ELÉTRICA/ELETRIFICAÇÃO E ILUMINAÇÃO EXTERNA",null,"UN",1,24.01,24.01]
["Composição Auxiliar"," 88264 ","SINAPI","ELETRICISTA COM ENCARGOS COMPLEMENTARES","SEDI - SERVIÇOS DIVERSOS",null,"H",0.36857590000000001,19.579999999999998,7.22]
["Composição Auxiliar"," 88247 ","SINAPI","AUXILIAR DE ELETRICISTA COM ENCARGOS COMPLEMENTARES","SEDI - SERVIÇOS DIVERSOS",null,"H",0.36857590000000001,15.16,5.59]
["Insumo"," 00038112 ","SINAPI","INTERRUPTOR SIMPLES 10A, 250V (APENAS MODULO)","Material",null,"UN",1,5.24,5.24]
["Insumo"," 00038101 ","SINAPI","TOMADA 2P+T 10A, 250V  (APENAS MODULO)","Material",null,"UN",1,5.96,5.96]
[{"$nulls":4},"MO sem LS =>",12.8,"LS =>",0.01,"MO com LS =>",12.81]
[{"$nulls":4},"Valor do BDI =>",6.6219580000000002,null,"Valor com BDI =>",null,30.63]
[]
[null,"Código","Banco","Descrição","Tipo",null,"Und","Quant.","Valor Unit","Total"]
["Composição"," 92025 ","SINAPI","INTERRUPTOR SIMPLES (1 MÓDULO) COM 2 TOMADAS DE EMBUTIR 2P+T 10 A,  INCLUINDO SUPORTE E PLACA - FORNECIMENTO E INSTALAÇÃO. AF_12/2015","INEL - INSTALAÇÃO ELÉTRICA/ELETRIFICAÇÃO E ILUMINAÇÃO EXTERNA",null,"UN",1,41.95,41.95]
["Composição Auxiliar"," 91946 ","SINAPI","SUPORTE PARAFUSADO COM PLACA DE ENCAIXE 4\" X 2\" MÉDIO (1,30 M DO PISO) PARA PONTO ELÉTRICO - FORNECIMENTO E INSTALAÇÃO. AF_12/2015","INEL - INSTALAÇÃO ELÉTRICA/ELETRIFICAÇÃO E ILUMINAÇÃO EXTERNA",null,"UN",1,5.26,5.26]
["Composição Auxiliar"," 92024 ","SINAPI","INTERRUPTOR SIMPLES (1 MÓDULO) COM 2 TOMADAS DE EMBUTIR 2P+T 10 A,  SEM SUPORTE E SEM PLACA - FORNECIMENTO E INSTALAÇÃO. AF_12/2015","INEL - INSTALAÇÃO ELÉTRICA/ELETRIFICAÇÃO E ILUMINAÇÃO EXTERNA",null,"UN",1,36.69,36.69]
[{"$nulls":4},"MO sem LS =>",21.42,"LS =>",0,"MO com LS =>",21.42]
[{"$nulls":4},"Valor do BDI =>",11.56981,null,"Valor com BDI =>",null,53.52]
[]
[null,"Código","Banco","Descrição","Tipo",null,"Und","Quant.","Valor Unit","Total"]
["Composição"," 92024 ","SINAPI","INTERRUPTOR SIMPLES (1 MÓDULO) COM 2 TOMADAS DE EMBUTIR 2P+T 10 A,  SEM SUPORTE E SEM PLACA - FORNECIMENTO E INSTALAÇÃO. AF_12/2015","INEL - INSTALAÇÃO ELÉTRICA/ELETRIFICAÇÃO E ILUMINAÇÃO EXTERNA",null,"UN",1,36.69,36.69]
["Composição Auxiliar"," 88264 ","SINAPI","ELETRICISTA COM ENCARGOS COMPLEMENTARES","SEDI - SERVIÇOS DIVERSOS",null,"H",0.56206849999999997,19.579999999999998,11.01]
["Composição Auxiliar"," 88247 ","SINAPI","AUXILIAR DE ELETRICISTA COM ENCARGOS COMPLEMENTARES","SEDI - SERVIÇOS DIVERSOS",null,"H",0.56206849999999997,15.16,8.52]
["Insumo"," 00038112 ","SINAPI","INTERRUPTOR SIMPLES 10A, 250V (APENAS MODULO)","Material",null,"UN",1,5.24,5.24]
["Insumo"," 00038101 ","SINAPI","TOMADA 2P+T 10A, 250V  (APENAS MODULO)","Material",null,"UN",2,5.96,11.92]
[{"$nulls":4},"MO sem LS =>",19.53,"LS =>",0,"MO com LS =>",19.53]
[{"$nulls":4},"Valor do BDI =>",10.119102,null,"Valor com BDI =>",null,46.81]
[]
[null,"Código","Banco","Descrição","Tipo",null,"Und","Quant.","Valor Unit","Total"]
["Composição"," 91953 ","SINAPI","INTERRUPTOR SIMPLES (1 MÓDULO), 10A/250V, INCLUINDO SUPORTE E PLACA - FORNECIMENTO E INSTALAÇÃO. AF_12/2015","INEL - INSTALAÇÃO ELÉTRICA/ELETRIFICAÇÃO E ILUMINAÇÃO EXTERNA",null,"UN",1,16.61,16.61]
["Composição Auxiliar"," 91952 ","SINAPI","INTERRUPTOR SIMPLES (1 MÓDULO), 10A/250V, SEM SUPORTE E SEM PLACA - FORNECIMENTO E INSTALAÇÃO. AF_12/2015","INEL - INSTALAÇÃO ELÉTRICA/ELETRIFICAÇÃO E ILUMINAÇÃO EXTERNA",null,"UN",1,11.35,11.35]
["Composição Auxiliar"," 91946 ","SINAPI","SUPORTE PARAFUSADO COM PLACA DE ENCAIXE 4\" X 2\" MÉDIO (1,30 M DO PISO) PARA PONTO ELÉTRICO - FORNECIMENTO E INSTALAÇÃO. AF_12/2015","INEL - INSTALAÇÃO ELÉTRICA/ELETRIFICAÇÃO E ILUMINAÇÃO EXTERNA",null,"UN",1,5.26,5.26]
[{"$nulls":4},"MO sem LS =>",8,"LS =>",0,"MO com LS =>",8]
[{"$nulls":4},"Valor do BDI =>",4.5810380000000004,null,"Valor com BDI =>",null,21.19]
[]
[null,"Código","Banco","Descrição","Tipo",null,"Und","Quant.","Valor Unit","Total"]
["Composição"," 91952 ","SINAPI","INTERRUPTOR SIMPLES (1 MÓDULO), 10A/250V, SEM SUPORTE E SEM PLACA - FORNECIMENTO E INSTALAÇÃO. AF_12/2015","INEL - INSTALAÇÃO ELÉTRICA/ELETRIFICAÇÃO E ILUMINAÇÃO EXTERNA",null,"UN",1,11.35,11.35]
["Composição Auxiliar"," 88264 ","SINAPI","ELETRICISTA COM ENCARGOS COMPLEMENTARES","SEDI - SERVIÇOS DIVERSOS",null,"H",0.17585029999999999,19.579999999999998,3.44]
["Composição Auxiliar"," 88247 ","SINAPI","AUXILIAR DE ELETRICISTA COM ENCARGOS COMPLEMENTARES","SEDI - SERVIÇOS DIVERSOS",null,"H",0.17585029999999999,15.16,2.67]
["Insumo"," 00038112 ","SINAPI","INTERRUPTOR SIMPLES 10A, 250V (APENAS MODULO)","Material",null,"UN",1,5.24,5.24]
[{"$nulls":4},"MO sem LS =>",6.11,"LS =>",0,"MO com LS =>",6.11]
[{"$nulls":4},"Valor do BDI =>",3.1303299999999998,null,"Valor com BDI =>",null,14.48]
[]
[null,"Código","Banco","Descrição","Tipo",null,"Und","Quant.","Valor Unit","Total"]
["Composição"," 92027 ","SINAPI","INTERRUPTOR SIMPLES (2 MÓDULOS) COM 1 TOMADA DE EMBUTIR 2P+T 10 A,  INCLUINDO SUPORTE E PLACA - FORNECIMENTO E INSTALAÇÃO. AF_12/2015","INEL - INSTALAÇÃO ELÉTRICA/ELETRIFICAÇÃO E ILUMINAÇÃO EXTERNA",null,"UN",1,38.979999999999997,38.979999999999997]
["Composição Auxiliar"," 92026 ","SINAPI","INTERRUPTOR SIMPLES (2 MÓDULOS) COM 1 TOMADA DE EMBUTIR 2P+T 10 A,  SEM SUPORTE E SEM PLACA - FORNECIMENTO E INSTALAÇÃO. AF_12/2015","INEL - INSTALAÇÃO ELÉTRICA/ELETRIFICAÇÃO E ILUMINAÇÃO EXTERNA",null,"UN",1,33.72,33.72]
["Composição Auxiliar"," 91946 ","SINAPI","SUPORTE PARAFUSADO COM PLACA DE ENCAIXE 4\" X 2\" MÉDIO (1,30 M DO PISO) PARA PONTO ELÉTRICO - FORNECIMENTO E INSTALAÇÃO. AF_12/2015","INEL - INSTALAÇÃO ELÉTRICA/ELETRIFICAÇÃO E ILUMINAÇÃO EXTERNA",null,"UN",1,5.26,5.26]
[{"$nulls":4},"MO sem LS =>",19.16,"LS =>",0.01,"MO com LS =>",19.170000000000002]
[{"$nulls":4},"Valor do BDI =>",10.750684,null,"Valor com BDI =>",null,49.73]
[]
[null,"Código","Banco","Descrição","Tipo",null,"Und","Quant.","Valor Unit","Total"]
["Composição"," 92026 ","SINAPI","INTERRUPTOR SIMPLES (2 MÓDULOS) COM 1 TOMADA DE EMBUTIR 2P+T 10 A,  SEM SUPORTE E SEM PLACA - FORNECIMENTO E INSTALAÇÃO. AF_12/2015","INEL - INSTALAÇÃO ELÉTRICA/ELETRIFICAÇÃO E ILUMINAÇÃO EXTERNA",null,"UN",1,33.72,33.72]
["Composição Auxiliar"," 88264 ","SINAPI","ELETRICISTA COM ENCARGOS COMPLEMENTARES","SEDI - SERVIÇOS DIVERSOS",null,"H",0.4972377,19.579999999999998,9.74]
["Composição Auxiliar"," 88247 ","SINAPI","AUXILIAR DE ELETRICISTA COM ENCARGOS COMPLEMENTARES","SEDI - SERVIÇOS DIVERSOS",null,"H",0.4972377,15.16,7.54]
["Insumo"," 00038112 ","SINAPI","INTERRUPTOR SIMPLES 10A, 250V (APENAS MODULO)","Material",null,"UN",2,5.24,10.48]
["Insumo"," 00038101 ","SINAPI","TOMADA 2P+T 10A, 250V  (APENAS MODULO)","Material",null,"UN",1,5.96,5.96]
[{"$nulls":4},"MO sem LS =>",17.27,"LS =>",0.01,"MO com LS =>",17.28]
[{"$nulls":4},"Valor do BDI =>",9.2999759999999991,null,"Valor com BDI =>",null,43.02]
[]
[null,"Código","Banco","Descrição","Tipo",null,"Und","Quant.","Valor Unit","Total"]
["Composição"," 91959 ","SINAPI","INTERRUPTOR SIMPLES (2 MÓDULOS), 10A/250V, INCLUINDO SUPORTE E PLACA - FORNECIMENTO E INSTALAÇÃO. AF_12/2015","INEL - INSTALAÇÃO ELÉTRICA/ELETRIFICAÇÃO E ILUMINAÇÃO EXTERNA",null,"UN",1,26.31,26.31]
["Composição Auxiliar"," 91958 ","SINAPI","INTERRUPTOR SIMPLES (2 MÓDULOS), 10A/250V, SEM SUPORTE E SEM PLACA - FORNECIMENTO E INSTALAÇÃO. AF_12/2015","INEL - INSTALAÇÃO ELÉTRICA/ELETRIFICAÇÃO E ILUMINAÇÃO EXTERNA",null,"UN",1,21.05,21.05]
["Composição Auxiliar"," 91946 ","SINAPI","SUPORTE PARAFUSADO COM PLACA DE ENCAIXE 4\" X 2\" MÉDIO (1,30 M DO PISO) PARA PONTO ELÉTRICO - FORNECIMENTO E INSTALAÇÃO. AF_12/2015","INEL - INSTALAÇÃO ELÉTRICA/ELETRIFICAÇÃO E ILUMINAÇÃO EXTERNA",null,"UN",1,5.26,5.26]
[{"$nulls":4},"MO sem LS =>",12.46,"LS =>",0,"MO com LS =>",12.46]
[{"$nulls":4},"Valor do BDI =>",7.2562980000000001,null,"Valor com BDI =>",null,33.57]
[]
[null,"Código","Banco","Descrição","Tipo",null,"Und","Quant.","Valor Unit","Total"]
["Composição"," 91958 ","SINAPI","INTERRUPTOR SIMPLES (2 MÓDULOS), 10A/250V, SEM SUPORTE E SEM PLACA - FORNECIMENTO E INSTALAÇÃO. AF_12/2015","INEL - INSTALAÇÃO ELÉTRICA/ELETRIFICAÇÃO E ILUMINAÇÃO EXTERNA",null,"UN",1,21.05,21.05]
["Composição Auxiliar"," 88264 ","SINAPI","ELETRICISTA COM ENCARGOS COMPLEMENTARES","SEDI - SERVIÇOS DIVERSOS",null,"H",0.30427900000000002,19.579999999999998,5.96]
["Composição Auxiliar"," 88247 ","SINAPI","AUXILIAR DE ELETRICISTA COM ENCARGOS COMPLEMENTARES","SEDI - SERVIÇOS DIVERSOS",null,"H",0.30427900000000002,15.16,4.6100000000000003]
["Insumo"," 00038112 ","SINAPI","INTERRUPTOR SIMPLES 10A, 250V (APENAS MODULO)","Material",null,"UN",2,5.24,10.48]
[{"$nulls":4},"MO sem LS =>",10.57,"LS =>",0,"MO com LS =>",10.57]
[{"$nulls":4},"Valor do BDI =>",5.8055899999999996,null,"Valor com BDI =>",null,26.86]
[]
[null,"Código","Banco","Descrição","Tipo",null,"Und","Quant.","Valor Unit","Total"]
["Composição"," 91967 ","SINAPI","INTERRUPTOR SIMPLES (3 MÓDULOS), 10A/250V, INCLUINDO SUPORTE E PLACA - FORNECIMENTO E INSTALAÇÃO. AF_12/2015","INEL - INSTALAÇÃO ELÉTRICA/ELETRIFICAÇÃO E ILUMINAÇÃO EXTERNA",null,"UN",1,36.04,36.04]
["Composição Auxiliar"," 91966 ","SINAPI","INTERRUPTOR SIMPLES (3 MÓDULOS), 10A/250V, SEM SUPORTE E SEM PLACA - FORNECIMENTO E INSTALAÇÃO. AF_12/2015","INEL - INSTALAÇÃO ELÉTRICA/ELETRIFICAÇÃO E ILUMINAÇÃO EXTERNA",null,"UN",1,30.78,30.78]
["Composição Auxiliar"," 91946 ","SINAPI","SUPORTE PARAFUSADO COM PLACA DE ENCAIXE 4\" X 2\" MÉDIO (1,30 M DO PISO) PARA PONTO ELÉTRICO - FORNECIMENTO E INSTALAÇÃO. AF_12/2015","INEL - INSTALAÇÃO ELÉTRICA/ELETRIFICAÇÃO E ILUMINAÇÃO EXTERNA",null,"UN",1,5.26,5.26]
[{"$nulls":4},"MO sem LS =>",16.95,"LS =>",0,"MO com LS =>",16.95]
[{"$nulls":4},"Valor do BDI =>",9.9398319999999991,null,"Valor com BDI =>",null,45.98]
[]
[null,"Código","Banco","Descrição","Tipo",null,"Und","Quant.","Valor Unit","Total"]
["Composição"," 91966 ","SINAPI","INTERRUPTOR SIMPLES (3 MÓDULOS), 10A/250V, SEM SUPORTE E SEM PLACA - FORNECIMENTO E INSTALAÇÃO. AF_12/2015","INEL - INSTALAÇÃO ELÉTRICA/ELETRIFICAÇÃO E ILUMINAÇÃO EXTERNA",null,"UN",1,30.78,30.78]
["Composição Auxiliar"," 88264 ","SINAPI","ELETRICISTA COM ENCARGOS COMPLEMENTARES","SEDI - SERVIÇOS DIVERSOS",null,"H",0.43340669999999998,19.579999999999998,8.49]
["Composição Auxiliar"," 88247 ","SINAPI","AUXILIAR DE ELETRICISTA COM ENCARGOS COMPLEMENTARES","SEDI - SERVIÇOS DIVERSOS",null,"H",0.43340669999999998,15.16,6.57]
["Insumo"," 00038112 ","SINAPI","INTERRUPTOR SIMPLES 10A, 250V (APENAS MODULO)","Material",null,"UN",3,5.24,15.72]
[{"$nulls":4},"MO sem LS =>",15.06,"LS =>",0,"MO com LS =>",15.06]
[{"$nulls":4},"Valor do BDI =>",8.4891240000000003,null,"Valor com BDI =>",null,39.270000000000003]
[]
[null,"Código","Banco","Descrição","Tipo",null,"Und","Quant.","Valor Unit","Total"]
["Composição"," 11147 ","ORSE","Isolamento térmico c/ poliestireno expandido (isopor), e=5,0cm, coladas com frioasfalto da vedacit ou similar","Isolamento Térmico",null,"m²",1,41.47,41.47]
["Composição Auxiliar"," 88270 ","SINAPI","IMPERMEABILIZADOR COM ENCARGOS COMPLEMENTARES","SEDI - SERVIÇOS DIVERSOS",null,"H",0.46851379999999998,19.399999999999999,9.09]
["Composição Auxiliar"," 88316 ","SINAPI","SERVENTE COM ENCARGOS COMPLEMENTARES","SEDI - SERVIÇOS DIVERSOS",null,"H",0.46851379999999998,14.96,7.01]
["Insumo"," 8208 ","ORSE","Frioasfalto Vedacit ou similar","Material",null,"kg",2,5.82,11.64]
["Insumo"," 00003409 ","SINAPI","POLIESTIRENO EXPANDIDO/EPS (ISOPOR), TIPO 2F, PLACA, ISOLAMENTO TERMOACUSTICO, E = 50 MM, 1000 X 500 MM","Material",null,"m²",1.05,13.08,13.73]
[{"$nulls":4},"MO sem LS =>",16.100000000000001,"LS =>",0,"MO com LS =>",16.100000000000001]
[{"$nulls":4},"Valor do BDI =>",11.437426,null,"Valor com BDI =>",null,52.91]
[]
[null,"Código","Banco","Descrição","Tipo",null,"Und","Quant.","Valor Unit","Total"]
["Composição"," 94559 ","SINAPI","JANELA DE AÇO TIPO BASCULANTE PARA VIDROS, COM BATENTE, FERRAGENS E PINTURA ANTICORROSIVA. EXCLUSIVE VIDROS, ACABAMENTO, ALIZAR E CONTRAMARCO. FORNECIMENTO E INSTALAÇÃO. AF_12/2019","ESQV - ESQUADRIAS/FERRAGENS/VIDROS",null,"m²",1,456.05,456.05]
["Composição Auxiliar"," 88629 ","SINAPI","ARGAMASSA TRAÇO 1:3 (EM VOLUME DE CIMENTO E AREIA MÉDIA ÚMIDA), PREPARO MANUAL. AF_08/2019","SEDI - SERVIÇOS DIVERSOS",null,"m³",2.1000000000000001E-2,343.49,7.21]
["Composição Auxiliar"," 88316 ","SINAPI","SERVENTE COM ENCARGOS COMPLEMENTARES","SEDI - SERVIÇOS DIVERSOS",null,"H",1.7888189000000001,14.96,26.76]
["Composição Auxiliar"," 88309 ","SINAPI","PEDREIRO COM ENCARGOS COMPLEMENTARES","SEDI - SERVIÇOS DIVERSOS",null,"H",3.5768567999999998,19.399999999999999,69.39]
["Insumo"," 00011190 ","SINAPI","JANELA BASCULANTE, ACO, COM BATENTE/REQUADRO, 60 X 60 CM (SEM VIDROS)","Material",null,"UN",2.778,126.96,352.69]
[{"$nulls":4},"MO sem LS =>",98.26,"LS =>",0,"MO com LS =>",98.26]
[{"$nulls":4},"Valor do BDI =>",125.77858999999999,null,"Valor com BDI =>",null,581.83000000000004]
[]
[null,"Código","Banco","Descrição","Tipo",null,"Und","Quant.","Valor Unit","Total"]
["Composição"," 100665 ","SINAPI","JANELA DE MADEIRA - CEDRINHO/ANGELIM OU EQUIVALENTE DA REGIÃO - DE ABRIR COM 4 FOLHAS (2 VENEZIANAS E 2 GUILHOTINAS PARA VIDRO), COM BATENTE, ALIZAR E FERRAGENS. EXCLUSIVE VIDROS, ACABAMENTO E CONTRAMARCO. FORNECIMENTO E INSTALAÇÃO. AF_12/2019","ESQV - ESQUADRIAS/FERRAGENS/VIDROS",null,"m²",1,325.94,325.94]
["Composição Auxiliar"," 88316 ","SINAPI","SERVENTE COM ENCARGOS COMPLEMENTARES","SEDI - SERVIÇOS DIVERSOS",null,"H",0.67630630000000003,14.96,10.119999999999999]
["Composição Auxiliar"," 88261 ","SINAPI","CARPINTEIRO DE ESQUADRIA COM ENCARGOS COMPLEMENTARES","SEDI - SERVIÇOS DIVERSOS",null,"H",1.3526127999999999,19.29,26.09]
["Insumo"," 00004430 ","SINAPI","CAIBRO DE MADEIRA NAO APARELHADA *5 X 6* CM, MACARANDUBA, ANGELIM OU EQUIVALENTE DA REGIAO","Material",null,"M",1.7258,5.08,8.77]
["Insumo"," 00003421 ","SINAPI","JANELA EM MADEIRA CEDRINHO/ ANGELIM COMERCIAL/ CURUPIXA/ CUMARU OU EQUIVALENTE DA REGIAO, CAIXA DO BATENTE/MARCO *10* CM, 2 FOLHAS DE ABRIR TIPO VENEZIANA E 2 FOLHAS GUILHOTINA PARA VIDRO, COM GUARNICAO/ALIZAR, COM FERRAGENS (SEM VIDRO E SEM ACABAMENTO)","Material",null,"m²",1,263.14999999999998,263.14999999999998]
["Insumo"," 00005067 ","SINAPI","PREGO DE ACO POLIDO COM CABECA 16 X 24 (2 1/4 X 12)","Material",null,"KG",4.2867700000000002E-2,8.4600000000000009,0.36]
["Insumo"," 00000142 ","SINAPI","SELANTE ELASTICO MONOCOMPONENTE A BASE DE POLIURETANO (PU) PARA JUNTAS DIVERSAS","Material",null,"310ML",0.83509999999999995,20.89,17.45]
[{"$nulls":4},"MO sem LS =>",36.21,"LS =>",0,"MO com LS =>",36.21]
[{"$nulls":4},"Valor do BDI =>",89.894251999999994,null,"Valor com BDI =>",null,415.83]
[]
[null,"Código","Banco","Descrição","Tipo",null,"Und","Quant.","Valor Unit","Total"]
["Composição"," 88441 ","SINAPI","JARDINEIRO COM ENCARGOS COMPLEMENTARES","SEDI - SERVIÇOS DIVERSOS",null,"H",1,18.2,18.2]
["Composição Auxiliar"," 95390 ","SINAPI","CURSO DE CAPACITAÇÃO PARA JARDINEIRO (ENCARGOS COMPLEMENTARES) - HORISTA","SEDI - SERVIÇOS DIVERSOS",null,"H",1,0.05,0.05]
["Insumo"," 00037370 ","SINAPI","ALIMENTACAO - HORISTA (COLETADO CAIXA)","Mão de Obra",null,"H",1,1.77,1.77]
["Insumo"," 00043489 ","SINAPI","EPI - FAMILIA PEDREIRO - HORISTA (ENCARGOS COMPLEMENTARES - COLETADO CAIXA)","Mão de Obra",null,"H",1,0.96,0.96]
["Insumo"," 00037372 ","SINAPI","EXAMES - HORISTA (COLETADO CAIXA)","Mão de Obra",null,"H",1,0.35,0.35]
["Insumo"," 00043465 ","SINAPI","FERRAMENTAS - FAMILIA PEDREIRO - HORISTA (ENCARGOS COMPLEMENTARES - COLETADO CAIXA)","Mão de Obra",null,"H",1,0.5,0.5]
["Insumo"," 00025964 ","SINAPI","JARDINEIRO","Mão de Obra",null,"H",1,13.83,13.83]
["Insumo"," 00037373 ","SINAPI","SEGURO - HORISTA (COLETADO CAIXA)","Mão de Obra",null,"H",1,7.0000000000000007E-2,7.0000000000000007E-2]
["Insumo"," 00037371 ","SINAPI","TRANSPORTE - HORISTA (COLETADO CAIXA)","Mão de Obra",null,"H",1,0.67,0.67]
[{"$nulls":4},"MO sem LS =>",18.2,"LS =>",0,"MO com LS =>",18.2]
[{"$nulls":4},"Valor do BDI =>",5.0195600000000002,null,"Valor com BDI =>",null,23.22]
[]
[null,"Código","Banco","Descrição","Tipo",null,"Und","Quant.","Valor Unit","Total"]
["Composição"," 89726 ","SINAPI","JOELHO 45 GRAUS, PVC, SERIE NORMAL, ESGOTO PREDIAL, DN 40 MM, JUNTA SOLDÁVEL, FORNECIDO E INSTALADO EM RAMAL DE DESCARGA OU RAMAL DE ESGOTO SANITÁRIO. AF_12/2014","INHI - INSTALAÇÕES HIDROS SANITÁRIAS",null,"UN",1,4.07,4.07]
["Composição Auxiliar"," 88267 ","SINAPI","ENCANADOR OU BOMBEIRO HIDRÁULICO COM ENCARGOS COMPLEMENTARES","SEDI - SERVIÇOS DIVERSOS",null,"H",7.8339400000000003E-2,18.97,1.49]
["Composição Auxiliar"," 88248 ","SINAPI","AUXILIAR DE ENCANADOR OU BOMBEIRO HIDRÁULICO COM ENCARGOS COMPLEMENTARES","SEDI - SERVIÇOS DIVERSOS",null,"H",7.8339400000000003E-2,14.61,1.1399999999999999]
["Insumo"," 00000122 ","SINAPI","ADESIVO PLASTICO PARA PVC, FRASCO COM 850 GR","Material",null,"UN",9.9000000000000008E-3,41.61,0.41]
["Insumo"," 00003516 ","SINAPI","JOELHO PVC, SOLDAVEL, BB, 45 GRAUS, DN 40 MM, PARA ESGOTO PREDIAL","Material",null,"UN",1,0.46,0.46]
["Insumo"," 00038383 ","SINAPI","LIXA D'AGUA EM FOLHA, GRAO 100","Material",null,"UN",2.1000000000000001E-2,1.48,0.03]
["Insumo"," 00020083 ","SINAPI","SOLUCAO LIMPADORA PARA PVC, FRASCO COM 1000 CM3","Material",null,"UN",1.4999999999999999E-2,36.14,0.54]
[{"$nulls":4},"MO sem LS =>",2.63,"LS =>",0,"MO com LS =>",2.63]
[{"$nulls":4},"Valor do BDI =>",1.122506,null,"Valor com BDI =>",null,5.19]
[]
[null,"Código","Banco","Descrição","Tipo",null,"Und","Quant.","Valor Unit","Total"]
["Composição"," 89366 ","SINAPI","JOELHO 90 GRAUS COM BUCHA DE LATÃO, PVC, SOLDÁVEL, DN 25MM, X 3/4\u0094 INSTALADO EM RAMAL OU SUB-RAMAL DE ÁGUA - FORNECIMENTO E INSTALAÇÃO. AF_12/2014","INHI - INSTALAÇÕES HIDROS SANITÁRIAS",null,"UN",1,8.39,8.39]
["Composição Auxiliar"," 88267 ","SINAPI","ENCANADOR OU BOMBEIRO HIDRÁULICO COM ENCARGOS COMPLEMENTARES","SEDI - SERVIÇOS DIVERSOS",null,"H",0.117509,18.97,2.23]
["Composição Auxiliar"," 88248 ","SINAPI","AUXILIAR DE ENCANADOR OU BOMBEIRO HIDRÁULICO COM ENCARGOS COMPLEMENTARES","SEDI - SERVIÇOS DIVERSOS",null,"H",0.117509,14.61,1.72]
["Insumo"," 00000122 ","SINAPI","ADESIVO PLASTICO PARA PVC, FRASCO COM 850 GR","Material",null,"UN",7.0000000000000001E-3,41.61,0.28999999999999998]
["Insumo"," 00003524 ","SINAPI","JOELHO PVC, SOLDAVEL, COM BUCHA DE LATAO, 90 GRAUS, 25 MM X 3/4\", PARA AGUA FRIA PREDIAL","Material",null,"UN",1,3.79,3.79]
["Insumo"," 00038383 ","SINAPI","LIXA D'AGUA EM FOLHA, GRAO 100","Material",null,"UN",0.05,1.48,7.0000000000000007E-2]
["Insumo"," 00020083 ","SINAPI","SOLUCAO LIMPADORA PARA PVC, FRASCO COM 1000 CM3","Material",null,"UN",8.0000000000000002E-3,36.14,0.28999999999999998]
[{"$nulls":4},"MO sem LS =>",3.95,"LS =>",0,"MO com LS =>",3.95]
[{"$nulls":4},"Valor do BDI =>",2.3139620000000001,null,"Valor com BDI =>",null,10.7]
[]
[null,"Código","Banco","Descrição","Tipo",null,"Und","Quant.","Valor Unit","Total"]
["Composição"," 89724 ","SINAPI","JOELHO 90 GRAUS, PVC, SERIE NORMAL, ESGOTO PREDIAL, DN 40 MM, JUNTA SOLDÁVEL, FORNECIDO E INSTALADO EM RAMAL DE DESCARGA OU RAMAL DE ESGOTO SANITÁRIO. AF_12/2014","INHI - INSTALAÇÕES HIDROS SANITÁRIAS",null,"UN",1,5.23,5.23]
["Composição Auxiliar"," 88267 ","SINAPI","ENCANADOR OU BOMBEIRO HIDRÁULICO COM ENCARGOS COMPLEMENTARES","SEDI - SERVIÇOS DIVERSOS",null,"H",7.8339400000000003E-2,18.97,1.49]
["Composição Auxiliar"," 88248 ","SINAPI","AUXILIAR DE ENCANADOR OU BOMBEIRO HIDRÁULICO COM ENCARGOS COMPLEMENTARES","SEDI - SERVIÇOS DIVERSOS",null,"H",7.8339400000000003E-2,14.61,1.1399999999999999]
["Insumo"," 00000122 ","SINAPI","ADESIVO PLASTICO PARA PVC, FRASCO COM 850 GR","Material",null,"UN",9.9000000000000008E-3,41.61,0.41]
["Insumo"," 00003517 ","SINAPI","JOELHO PVC, SOLDAVEL, BB, 90 GRAUS, DN 40 MM, PARA ESGOTO PREDIAL","Material",null,"UN",1,1.62,1.62]
["Insumo"," 00038383 ","SINAPI","LIXA D'AGUA EM FOLHA, GRAO 100","Material",null,"UN",2.1000000000000001E-2,1.48,0.03]
["Insumo"," 00020083 ","SINAPI","SOLUCAO LIMPADORA PARA PVC, FRASCO COM 1000 CM3","Material",null,"UN",1.4999999999999999E-2,36.14,0.54]
[{"$nulls":4},"MO sem LS =>",2.63,"LS =>",0,"MO com LS =>",2.63]
[{"$nulls":4},"Valor do BDI =>",1.442434,null,"Valor com BDI =>",null,6.67]
[]
[null,"Código","Banco","Descrição","Tipo",null,"Und","Quant.","Valor Unit","Total"]
["Composição"," 89731 ","SINAPI","JOELHO 90 GRAUS, PVC, SERIE NORMAL, ESGOTO PREDIAL, DN 50 MM, JUNTA ELÁSTICA, FORNECIDO E INSTALADO EM RAMAL DE DESCARGA OU RAMAL DE ESGOTO SANITÁRIO. AF_12/2014","INHI - INSTALAÇÕES HIDROS SANITÁRIAS",null,"UN",1,5.96,5.96]
["Composição Auxiliar"," 88267 ","SINAPI","ENCANADOR OU BOMBEIRO HIDRÁULICO COM ENCARGOS COMPLEMENTARES","SEDI - SERVIÇOS DIVERSOS",null,"H",0.1018411,18.97,1.93]
["Composição Auxiliar"," 88248 ","SINAPI","AUXILIAR DE ENCANADOR OU BOMBEIRO HIDRÁULICO COM ENCARGOS COMPLEMENTARES","SEDI - SERVIÇOS DIVERSOS",null,"H",0.1018411,14.61,1.49]
["Insumo"," 00000296 ","SINAPI","ANEL BORRACHA PARA TUBO ESGOTO PREDIAL DN 50 MM (NBR 5688)","Material",null,"UN",1,1.1200000000000001,1.1200000000000001]
["Insumo"," 00003526 ","SINAPI","JOELHO PVC, SOLDAVEL, PB, 90 GRAUS, DN 50 MM, PARA ESGOTO PREDIAL","Material",null,"UN",1,1.1200000000000001,1.1200000000000001]
["Insumo"," 00020078 ","SINAPI","PASTA LUBRIFICANTE PARA TUBOS E CONEXOES COM JUNTA ELASTICA (USO EM PVC, ACO, POLIETILENO E OUTROS) ( DE *400* G)","Material",null,"UN",0.02,15.23,0.3]
[{"$nulls":4},"MO sem LS =>",3.42,"LS =>",0,"MO com LS =>",3.42]
[{"$nulls":4},"Valor do BDI =>",1.6437679999999999,null,"Valor com BDI =>",null,7.6]
[]
[null,"Código","Banco","Descrição","Tipo",null,"Und","Quant.","Valor Unit","Total"]
["Composição"," 89362 ","SINAPI","JOELHO 90 GRAUS, PVC, SOLDÁVEL, DN 25MM, INSTALADO EM RAMAL OU SUB-RAMAL DE ÁGUA - FORNECIMENTO E INSTALAÇÃO. AF_12/2014","INHI - INSTALAÇÕES HIDROS SANITÁRIAS",null,"UN",1,4.9800000000000004,4.9800000000000004]
["Composição Auxiliar"," 88267 ","SINAPI","ENCANADOR OU BOMBEIRO HIDRÁULICO COM ENCARGOS COMPLEMENTARES","SEDI - SERVIÇOS DIVERSOS",null,"H",0.117509,18.97,2.23]
["Composição Auxiliar"," 88248 ","SINAPI","AUXILIAR DE ENCANADOR OU BOMBEIRO HIDRÁULICO COM ENCARGOS COMPLEMENTARES","SEDI - SERVIÇOS DIVERSOS",null,"H",0.117509,14.61,1.72]
["Insumo"," 00000122 ","SINAPI","ADESIVO PLASTICO PARA PVC, FRASCO COM 850 GR","Material",null,"UN",7.0000000000000001E-3,41.61,0.28999999999999998]
["Insumo"," 00003529 ","SINAPI","JOELHO PVC, SOLDAVEL, 90 GRAUS, 25 MM, PARA AGUA FRIA PREDIAL","Material",null,"UN",1,0.38,0.38]
["Insumo"," 00038383 ","SINAPI","LIXA D'AGUA EM FOLHA, GRAO 100","Material",null,"UN",0.05,1.48,7.0000000000000007E-2]
["Insumo"," 00020083 ","SINAPI","SOLUCAO LIMPADORA PARA PVC, FRASCO COM 1000 CM3","Material",null,"UN",8.0000000000000002E-3,36.14,0.28999999999999998]
[{"$nulls":4},"MO sem LS =>",3.95,"LS =>",0,"MO com LS =>",3.95]
[{"$nulls":4},"Valor do BDI =>",1.3734839999999999,null,"Valor com BDI =>",null,6.35]
[]
[null,"Código","Banco","Descrição","Tipo",null,"Und","Quant.","Valor Unit","Total"]
["Composição"," 89970 ","SINAPI","KIT DE REGISTRO DE PRESSÃO BRUTO DE LATÃO ¾\", INCLUSIVE CONEXÕES, ROSCÁVEL, INSTALADO EM RAMAL DE ÁGUA FRIA - FORNECIMENTO E INSTALAÇÃO. AF_12/2014","INHI - INSTALAÇÕES HIDROS SANITÁRIAS",null,"UN",1,28.54,28.54]
["Composição Auxiliar"," 89385 ","SINAPI","LUVA SOLDÁVEL E COM ROSCA, PVC, SOLDÁVEL, DN 25MM X 3/4\u0094, INSTALADO EM RAMAL OU SUB-RAMAL DE ÁGUA - FORNECIMENTO E INSTALAÇÃO. AF_12/2014","INHI - INSTALAÇÕES HIDROS SANITÁRIAS",null,"UN",1,4.13,4.13]
["Composição Auxiliar"," 89383 ","SINAPI","ADAPTADOR CURTO COM BOLSA E ROSCA PARA REGISTRO, PVC, SOLDÁVEL, DN 25MM X 3/4\u0094, INSTALADO EM RAMAL OU SUB-RAMAL DE ÁGUA - FORNECIMENTO E INSTALAÇÃO. AF_12/2014","INHI - INSTALAÇÕES HIDROS SANITÁRIAS",null,"UN",1,3.74,3.74]
["Composição Auxiliar"," 89351 ","SINAPI","REGISTRO DE PRESSÃO BRUTO, LATÃO,  ROSCÁVEL, 3/4\u0094, FORNECIDO E INSTALADO EM RAMAL DE ÁGUA. AF_12/2014","INHI - INSTALAÇÕES HIDROS SANITÁRIAS",null,"UN",1,20.67,20.67]
[{"$nulls":4},"MO sem LS =>",10.5,"LS =>",0,"MO com LS =>",10.5]
[{"$nulls":4},"Valor do BDI =>",7.8713319999999998,null,"Valor com BDI =>",null,36.409999999999997]
[]
[null,"Código","Banco","Descrição","Tipo",null,"Und","Quant.","Valor Unit","Total"]
["Composição"," 74141/001 ","SINAPI","LAJE PRE-MOLD BETA 11 P/1KN/M2 VAOS 4,40M/INCL VIGOTAS TIJOLOS ARMADURA NEGATIVA CAPEAMENTO 3CM CONCRETO 20MPA ESCORAMENTO MATERIAL E MAO  DE OBRA.","FUES - FUNDAÇÕES E ESTRUTURAS",null,"m²",1,63.75,63.75]
["Composição Auxiliar"," 94970 ","SINAPI","CONCRETO FCK = 20MPA, TRAÇO 1:2,7:3 (CIMENTO/ AREIA MÉDIA/ BRITA 1)  - PREPARO MECÂNICO COM BETONEIRA 600 L. AF_07/2016","FUES - FUNDAÇÕES E ESTRUTURAS",null,"m³",3.5000000000000003E-2,232.23,8.1300000000000008]
["Composição Auxiliar"," 92874 ","SINAPI","LANÇAMENTO COM USO DE BOMBA, ADENSAMENTO E ACABAMENTO DE CONCRETO EM ESTRUTURAS. AF_12/2015","FUES - FUNDAÇÕES E ESTRUTURAS",null,"m³",3.5000000000000003E-2,20.05,0.7]
["Composição Auxiliar"," 88316 ","SINAPI","SERVENTE COM ENCARGOS COMPLEMENTARES","SEDI - SERVIÇOS DIVERSOS",null,"H",0.62441899999999995,14.96,9.34]
["Composição Auxiliar"," 88309 ","SINAPI","PEDREIRO COM ENCARGOS COMPLEMENTARES","SEDI - SERVIÇOS DIVERSOS",null,"H",0.23415720000000001,19.399999999999999,4.54]
["Composição Auxiliar"," 88262 ","SINAPI","CARPINTEIRO DE FORMAS COM ENCARGOS COMPLEMENTARES","SEDI - SERVIÇOS DIVERSOS",null,"H",0.1248838,19.260000000000002,2.41]
["Insumo"," 00003741 ","SINAPI","LAJE PRE-MOLDADA CONVENCIONAL (LAJOTAS + VIGOTAS) PARA FORRO, UNIDIRECIONAL, SOBRECARGA DE 100 KG/M2, VAO ATE 4,50 M (SEM COLOCACAO)","Material",null,"m²",1,32.549999999999997,32.549999999999997]
["Insumo"," 00004491 ","SINAPI","PONTALETE DE MADEIRA NAO APARELHADA *7,5 X 7,5* CM (3 X 3 \") PINUS, MISTA OU EQUIVALENTE DA REGIAO","Material",null,"M",1.1000000000000001,3.27,3.6]
["Insumo"," 00005075 ","SINAPI","PREGO DE ACO POLIDO COM CABECA 18 X 30 (2 3/4 X 10)","Material",null,"KG",0.02,7.94,0.16]
["Insumo"," 00006189 ","SINAPI","TABUA DE MADEIRA NAO APARELHADA *2,5 X 30* CM, CEDRINHO OU EQUIVALENTE DA REGIAO","Material",null,"M",0.3,7.73,2.3199999999999998]
[{"$nulls":4},"MO sem LS =>",18.41,"LS =>",0,"MO com LS =>",18.41]
[{"$nulls":4},"Valor do BDI =>",17.582249999999998,null,"Valor com BDI =>",null,81.33]
[]
[null,"Código","Banco","Descrição","Tipo",null,"Und","Quant.","Valor Unit","Total"]
["Composição"," 92874 ","SINAPI","LANÇAMENTO COM USO DE BOMBA, ADENSAMENTO E ACABAMENTO DE CONCRETO EM ESTRUTURAS. AF_12/2015","FUES - FUNDAÇÕES E ESTRUTURAS",null,"m³",1,20.05,20.05]
["Composição Auxiliar"," 90587 ","SINAPI","VIBRADOR DE IMERSÃO, DIÂMETRO DE PONTEIRA 45MM, MOTOR ELÉTRICO TRIFÁSICO POTÊNCIA DE 2 CV - CHI DIURNO. AF_06/2015","CHOR - CUSTOS HORÁRIOS DE MÁQUINAS E EQUIPAMENTOS",null,"CHI",0.13100000000000001,0.25,0.03]
["Composição Auxiliar"," 90586 ","SINAPI","VIBRADOR DE IMERSÃO, DIÂMETRO DE PONTEIRA 45MM, MOTOR ELÉTRICO TRIFÁSICO POTÊNCIA DE 2 CV - CHP DIURNO. AF_06/2015","CHOR - CUSTOS HORÁRIOS DE MÁQUINAS E EQUIPAMENTOS",null,"CHP",6.8000000000000005E-2,1.2,0.08]
["Composição Auxiliar"," 88316 ","SINAPI","SERVENTE COM ENCARGOS COMPLEMENTARES","SEDI - SERVIÇOS DIVERSOS",null,"H",0.93114719999999995,14.96,13.93]
["Composição Auxiliar"," 88309 ","SINAPI","PEDREIRO COM ENCARGOS COMPLEMENTARES","SEDI - SERVIÇOS DIVERSOS",null,"H",0.1554516,19.399999999999999,3.02]
["Composição Auxiliar"," 88262 ","SINAPI","CARPINTEIRO DE FORMAS COM ENCARGOS COMPLEMENTARES","SEDI - SERVIÇOS DIVERSOS",null,"H",0.1554516,19.260000000000002,2.99]
[{"$nulls":4},"MO sem LS =>",19.940000000000001,"LS =>",0,"MO com LS =>",19.940000000000001]
[{"$nulls":4},"Valor do BDI =>",5.5297900000000002,null,"Valor com BDI =>",null,25.58]
[]
[null,"Código","Banco","Descrição","Tipo",null,"Und","Quant.","Valor Unit","Total"]
["Composição"," V103 ","Próprio","LANÇAMENTO DE CABO DE COBRE ISOLADO P/ 1KV 240 MM²","ASTU - ASSENTAMENTO DE TUBOS E PECAS",null,"M",1,5.41,5.41]
["Composição Auxiliar"," 88247 ","SINAPI","AUXILIAR DE ELETRICISTA COM ENCARGOS COMPLEMENTARES","SEDI - SERVIÇOS DIVERSOS",null,"H",0.1559749,15.16,2.36]
["Composição Auxiliar"," 88264 ","SINAPI","ELETRICISTA COM ENCARGOS COMPLEMENTARES","SEDI - SERVIÇOS DIVERSOS",null,"H",0.1559749,19.579999999999998,3.05]
[{"$nulls":4},"MO sem LS =>",5.41,"LS =>",0,"MO com LS =>",5.41]
[{"$nulls":4},"Valor do BDI =>",1.492078,null,"Valor com BDI =>",null,6.9]
[]
[null,"Código","Banco","Descrição","Tipo",null,"Und","Quant.","Valor Unit","Total"]
["Composição"," V132 ","Próprio","LANÇAMENTO DE CABO DE COBRE ISOLADO P/ 1KV DE 120MM² - N","ASTU - ASSENTAMENTO DE TUBOS E PECAS",null,"M",1,5.41,5.41]
["Composição Auxiliar"," 88247 ","SINAPI","AUXILIAR DE ELETRICISTA COM ENCARGOS COMPLEMENTARES","SEDI - SERVIÇOS DIVERSOS",null,"H",0.1559749,15.16,2.36]
["Composição Auxiliar"," 88264 ","SINAPI","ELETRICISTA COM ENCARGOS COMPLEMENTARES","SEDI - SERVIÇOS DIVERSOS",null,"H",0.1559749,19.579999999999998,3.05]
[{"$nulls":4},"MO sem LS =>",5.41,"LS =>",0,"MO com LS =>",5.41]
[{"$nulls":4},"Valor do BDI =>",1.492078,null,"Valor com BDI =>",null,6.9]
[]
[null,"Código","Banco","Descrição","Tipo",null,"Und","Quant.","Valor Unit","Total"]
["Composição"," V121 ","Próprio","LANÇAMENTO DE CABO DE COBRE NÚ. 4AWG - 16MM²","ASTU - ASSENTAMENTO DE TUBOS E PECAS",null,"kg",1,6.78,6.78]
["Composição Auxiliar"," 88247 ","SINAPI","AUXILIAR DE ELETRICISTA COM ENCARGOS COMPLEMENTARES","SEDI - SERVIÇOS DIVERSOS",null,"H",0.19525970000000001,15.16,2.96]
["Composição Auxiliar"," 88264 ","SINAPI","ELETRICISTA COM ENCARGOS COMPLEMENTARES","SEDI - SERVIÇOS DIVERSOS",null,"H",0.19525970000000001,19.579999999999998,3.82]
[{"$nulls":4},"MO sem LS =>",6.78,"LS =>",0,"MO com LS =>",6.78]
[{"$nulls":4},"Valor do BDI =>",1.8699239999999999,null,"Valor com BDI =>",null,8.65]
[]
[null,"Código","Banco","Descrição","Tipo",null,"Und","Quant.","Valor Unit","Total"]
["Composição"," V104 ","Próprio","LANÇAMENTO DE CABO DE CU 2AWG NU.TEMPERA MOLE (50MM2) (ATERRAMENTO)","ASTU - ASSENTAMENTO DE TUBOS E PECAS",null,"M",1,4.07,4.07]
["Composição Auxiliar"," 88247 ","SINAPI","AUXILIAR DE ELETRICISTA COM ENCARGOS COMPLEMENTARES","SEDI - SERVIÇOS DIVERSOS",null,"H",0.11715589999999999,15.16,1.78]
["Composição Auxiliar"," 88264 ","SINAPI","ELETRICISTA COM ENCARGOS COMPLEMENTARES","SEDI - SERVIÇOS DIVERSOS",null,"H",0.11715589999999999,19.579999999999998,2.29]
[{"$nulls":4},"MO sem LS =>",4.07,"LS =>",0,"MO com LS =>",4.07]
[{"$nulls":4},"Valor do BDI =>",1.122506,null,"Valor com BDI =>",null,5.19]
[]
[null,"Código","Banco","Descrição","Tipo",null,"Und","Quant.","Valor Unit","Total"]
["Composição"," V125 ","Próprio","LANÇAMENTO DE FIO DE COBRE ISOLADO 2.5MM 750V","ASTU - ASSENTAMENTO DE TUBOS E PECAS",null,"m",1,4.07,4.07]
["Composição Auxiliar"," 88247 ","SINAPI","AUXILIAR DE ELETRICISTA COM ENCARGOS COMPLEMENTARES","SEDI - SERVIÇOS DIVERSOS",null,"H",0.11715589999999999,15.16,1.78]
["Composição Auxiliar"," 88264 ","SINAPI","ELETRICISTA COM ENCARGOS COMPLEMENTARES","SEDI - SERVIÇOS DIVERSOS",null,"H",0.11715589999999999,19.579999999999998,2.29]
[{"$nulls":4},"MO sem LS =>",4.07,"LS =>",0,"MO com LS =>",4.07]
[{"$nulls":4},"Valor do BDI =>",1.122506,null,"Valor com BDI =>",null,5.19]
[]
[null,"Código","Banco","Descrição","Tipo",null,"Und","Quant.","Valor Unit","Total"]
["Composição"," C1604 ","SEINFRA","LANÇAMENTO E APLICAÇÃO DE CONCRETO S/ ELEVAÇÃO","CONCRETOS",null,"m³",1,100.39,100.39]
["Composição Auxiliar"," 88309 ","SINAPI","PEDREIRO COM ENCARGOS COMPLEMENTARES","SEDI - SERVIÇOS DIVERSOS",null,"H",1.5616300999999999,19.399999999999999,30.3]
["Composição Auxiliar"," 88316 ","SINAPI","SERVENTE COM ENCARGOS COMPLEMENTARES","SEDI - SERVIÇOS DIVERSOS",null,"H",4.6848903999999996,14.96,70.09]
[{"$nulls":4},"MO sem LS =>",100.38,"LS =>",0.01,"MO com LS =>",100.39]
[{"$nulls":4},"Valor do BDI =>",27.687562,null,"Valor com BDI =>",null,128.08000000000001]
[]
[null,"Código","Banco","Descrição","Tipo",null,"Und","Quant.","Valor Unit","Total"]
["Composição"," V276 ","Próprio","LANÇAMENTO E NIVELAMENTO DE CONDUTOR 1/0 AWG CAA","INEL - INSTALAÇÃO ELÉTRICA/ELETRIFICAÇÃO E ILUMINAÇÃO EXTERNA",null,"KM/CON",1,490.73,490.73]
["Composição Auxiliar"," 88247 ","SINAPI","AUXILIAR DE ELETRICISTA COM ENCARGOS COMPLEMENTARES","SEDI - SERVIÇOS DIVERSOS",null,"H",6.2463186999999998,15.16,94.69]
["Composição Auxiliar"," 73467 ","SINAPI","CAMINHÃO TOCO, PBT 14.300 KG, CARGA ÚTIL MÁX. 9.710 KG, DIST. ENTRE EIXOS 3,56 M, POTÊNCIA 185 CV, INCLUSIVE CARROCERIA FIXA ABERTA DE MADEIRA P/ TRANSPORTE GERAL DE CARGA SECA, DIMEN. APROX. 2,50 X 6,50 X 0,50 M - CHP DIURNO. AF_06/2014","CHOR - CUSTOS HORÁRIOS DE MÁQUINAS E EQUIPAMENTOS",null,"CHP",2,71.290000000000006,142.58000000000001]
["Composição Auxiliar"," 88279 ","SINAPI","MONTADOR ELETROMECÃNICO COM ENCARGOS COMPLEMENTARES","SEDI - SERVIÇOS DIVERSOS",null,"H",7.8078984,27.63,215.73]
["Composição Auxiliar"," 90776 ","SINAPI","ENCARREGADO GERAL COM ENCARGOS COMPLEMENTARES","SEDI - SERVIÇOS DIVERSOS",null,"H",1.5615798000000001,24.16,37.729999999999997]
[{"$nulls":4},"MO sem LS =>",377.21,"LS =>",0,"MO com LS =>",377.21]
[{"$nulls":4},"Valor do BDI =>",135.343334,null,"Valor com BDI =>",null,626.07000000000005]
[]
[null,"Código","Banco","Descrição","Tipo",null,"Und","Quant.","Valor Unit","Total"]
["Composição"," 95240 ","SINAPI","LASTRO DE CONCRETO MAGRO, APLICADO EM PISOS OU RADIERS, ESPESSURA DE 3 CM. AF_07/2016","FUES - FUNDAÇÕES E ESTRUTURAS",null,"m²",1,9.2100000000000009,9.2100000000000009]
["Composição Auxiliar"," 94968 ","SINAPI","CONCRETO MAGRO PARA LASTRO, TRAÇO 1:4,5:4,5 (CIMENTO/ AREIA MÉDIA/ BRITA 1)  - PREPARO MECÂNICO COM BETONEIRA 600 L. AF_07/2016","FUES - FUNDAÇÕES E ESTRUTURAS",null,"m³",3.39E-2,183.49,6.22]
["Composição Auxiliar"," 88316 ","SINAPI","SERVENTE COM ENCARGOS COMPLEMENTARES","SEDI - SERVIÇOS DIVERSOS",null,"H",3.4660299999999998E-2,14.96,0.52]
["Composição Auxiliar"," 88309 ","SINAPI","PEDREIRO COM ENCARGOS COMPLEMENTARES","SEDI - SERVIÇOS DIVERSOS",null,"H",0.12732170000000001,19.399999999999999,2.4700000000000002]
[{"$nulls":4},"MO sem LS =>",4.42,"LS =>",0,"MO com LS =>",4.42]
[{"$nulls":4},"Valor do BDI =>",2.5401180000000001,null,"Valor com BDI =>",null,11.75]
[]
[null,"Código","Banco","Descrição","Tipo",null,"Und","Quant.","Valor Unit","Total"]
["Composição"," 95241 ","SINAPI","LASTRO DE CONCRETO MAGRO, APLICADO EM PISOS OU RADIERS, ESPESSURA DE 5 CM. AF_07/2016","FUES - FUNDAÇÕES E ESTRUTURAS",null,"m²",1,15.36,15.36]
["Composição Auxiliar"," 94968 ","SINAPI","CONCRETO MAGRO PARA LASTRO, TRAÇO 1:4,5:4,5 (CIMENTO/ AREIA MÉDIA/ BRITA 1)  - PREPARO MECÂNICO COM BETONEIRA 600 L. AF_07/2016","FUES - FUNDAÇÕES E ESTRUTURAS",null,"m³",5.6500000000000002E-2,183.49,10.37]
["Composição Auxiliar"," 88316 ","SINAPI","SERVENTE COM ENCARGOS COMPLEMENTARES","SEDI - SERVIÇOS DIVERSOS",null,"H",5.7878699999999998E-2,14.96,0.87]
["Composição Auxiliar"," 88309 ","SINAPI","PEDREIRO COM ENCARGOS COMPLEMENTARES","SEDI - SERVIÇOS DIVERSOS",null,"H",0.2122995,19.399999999999999,4.12]
[{"$nulls":4},"MO sem LS =>",7.37,"LS =>",0,"MO com LS =>",7.37]
[{"$nulls":4},"Valor do BDI =>",4.2362880000000001,null,"Valor com BDI =>",null,19.600000000000001]
[]
[null,"Código","Banco","Descrição","Tipo",null,"Und","Quant.","Valor Unit","Total"]
["Composição"," 94111 ","SINAPI","LASTRO DE VALA COM PREPARO DE FUNDO, LARGURA MENOR QUE 1,5 M, COM CAMADA DE AREIA, LANÇAMENTO MECANIZADO, EM LOCAL COM NÍVEL BAIXO DE INTERFERÊNCIA. AF_06/2016","MOVT - MOVIMENTO DE TERRA",null,"m³",1,72.63,72.63]
["Composição Auxiliar"," 5678 ","SINAPI","RETROESCAVADEIRA SOBRE RODAS COM CARREGADEIRA, TRAÇÃO 4X4, POTÊNCIA LÍQ. 88 HP, CAÇAMBA CARREG. CAP. MÍN. 1 M3, CAÇAMBA RETRO CAP. 0,26 M3, PESO OPERACIONAL MÍN. 6.674 KG, PROFUNDIDADE ESCAVAÇÃO MÁX. 4,37 M - CHP DIURNO. AF_06/2014","CHOR - CUSTOS HORÁRIOS DE MÁQUINAS E EQUIPAMENTOS",null,"CHP",0.106,68.14,7.22]
["Composição Auxiliar"," 91534 ","SINAPI","COMPACTADOR DE SOLOS DE PERCUSSÃO (SOQUETE) COM MOTOR A GASOLINA 4 TEMPOS, POTÊNCIA 4 CV - CHI DIURNO. AF_08/2015","CHOR - CUSTOS HORÁRIOS DE MÁQUINAS E EQUIPAMENTOS",null,"CHI",6.4000000000000001E-2,16.91,1.08]
["Composição Auxiliar"," 91533 ","SINAPI","COMPACTADOR DE SOLOS DE PERCUSSÃO (SOQUETE) COM MOTOR A GASOLINA 4 TEMPOS, POTÊNCIA 4 CV - CHP DIURNO. AF_08/2015","CHOR - CUSTOS HORÁRIOS DE MÁQUINAS E EQUIPAMENTOS",null,"CHP",6.9000000000000006E-2,20.85,1.44]
["Composição Auxiliar"," 5679 ","SINAPI","RETROESCAVADEIRA SOBRE RODAS COM CARREGADEIRA, TRAÇÃO 4X4, POTÊNCIA LÍQ. 88 HP, CAÇAMBA CARREG. CAP. MÍN. 1 M3, CAÇAMBA RETRO CAP. 0,26 M3, PESO OPERACIONAL MÍN. 6.674 KG, PROFUNDIDADE ESCAVAÇÃO MÁX. 4,37 M - CHI DIURNO. AF_06/2014","CHOR - CUSTOS HORÁRIOS DE MÁQUINAS E EQUIPAMENTOS",null,"CHI",0.53,31.11,16.489999999999998]
["Composição Auxiliar"," 88316 ","SINAPI","SERVENTE COM ENCARGOS COMPLEMENTARES","SEDI - SERVIÇOS DIVERSOS",null,"H",0.89366520000000005,14.96,13.37]
["Composição Auxiliar"," 88309 ","SINAPI","PEDREIRO COM ENCARGOS COMPLEMENTARES","SEDI - SERVIÇOS DIVERSOS",null,"H",0.59603720000000004,19.399999999999999,11.56]
["Insumo"," 00000370 ","SINAPI","AREIA MEDIA - POSTO JAZIDA/FORNECEDOR (RETIRADO NA JAZIDA, SEM TRANSPORTE)","Material",null,"m³",1.1000000000000001,19.52,21.47]
[{"$nulls":4},"MO sem LS =>",38.06,"LS =>",0,"MO com LS =>",38.06]
[{"$nulls":4},"Valor do BDI =>",20.031354,null,"Valor com BDI =>",null,92.66]
[]
[null,"Código","Banco","Descrição","Tipo",null,"Und","Quant.","Valor Unit","Total"]
["Composição"," 94103 ","SINAPI","LASTRO DE VALA COM PREPARO DE FUNDO, LARGURA MENOR QUE 1,5 M, COM CAMADA DE BRITA, LANÇAMENTO MANUAL, EM LOCAL COM NÍVEL BAIXO DE INTERFERÊNCIA. AF_06/2016","MOVT - MOVIMENTO DE TERRA",null,"m³",1,144.13999999999999,144.13999999999999]
["Composição Auxiliar"," 91534 ","SINAPI","COMPACTADOR DE SOLOS DE PERCUSSÃO (SOQUETE) COM MOTOR A GASOLINA 4 TEMPOS, POTÊNCIA 4 CV - CHI DIURNO. AF_08/2015","CHOR - CUSTOS HORÁRIOS DE MÁQUINAS E EQUIPAMENTOS",null,"CHI",6.4000000000000001E-2,16.91,1.08]
["Composição Auxiliar"," 91533 ","SINAPI","COMPACTADOR DE SOLOS DE PERCUSSÃO (SOQUETE) COM MOTOR A GASOLINA 4 TEMPOS, POTÊNCIA 4 CV - CHP DIURNO. AF_08/2015","CHOR - CUSTOS HORÁRIOS DE MÁQUINAS E EQUIPAMENTOS",null,"CHP",6.9000000000000006E-2,20.85,1.44]
["Composição Auxiliar"," 88316 ","SINAPI","SERVENTE COM ENCARGOS COMPLEMENTARES","SEDI - SERVIÇOS DIVERSOS",null,"H",2.9819722999999998,14.96,44.61]
["Composição Auxiliar"," 88309 ","SINAPI","PEDREIRO COM ENCARGOS COMPLEMENTARES","SEDI - SERVIÇOS DIVERSOS",null,"H",1.9879815000000001,19.399999999999999,38.57]
["Insumo"," 00004720 ","SINAPI","PEDRA BRITADA N. 0, OU PEDRISCO (4,8 A 9,5 MM) POSTO PEDREIRA/FORNECEDOR, SEM FRETE","Material",null,"m³",1.1000000000000001,53.13,58.44]
[{"$nulls":4},"MO sem LS =>",85.37,"LS =>",0,"MO com LS =>",85.37]
[{"$nulls":4},"Valor do BDI =>",39.753812000000003,null,"Valor com BDI =>",null,183.89]
[]
[null,"Código","Banco","Descrição","Tipo",null,"Und","Quant.","Valor Unit","Total"]
["Composição"," 86904 ","SINAPI","LAVATÓRIO LOUÇA BRANCA SUSPENSO, 29,5 X 39CM OU EQUIVALENTE, PADRÃO POPULAR - FORNECIMENTO E INSTALAÇÃO. AF_01/2020","INHI - INSTALAÇÕES HIDROS SANITÁRIAS",null,"UN",1,83.64,83.64]
["Composição Auxiliar"," 88316 ","SINAPI","SERVENTE COM ENCARGOS COMPLEMENTARES","SEDI - SERVIÇOS DIVERSOS",null,"H",0.14724519999999999,14.96,2.2000000000000002]
["Composição Auxiliar"," 88267 ","SINAPI","ENCANADOR OU BOMBEIRO HIDRÁULICO COM ENCARGOS COMPLEMENTARES","SEDI - SERVIÇOS DIVERSOS",null,"H",0.3021414,18.97,5.73]
["Insumo"," 00010425 ","SINAPI","LAVATORIO LOUCA BRANCA SUSPENSO *40 X 30* CM","Material",null,"UN",1,56.56,56.56]
["Insumo"," 00037329 ","SINAPI","REJUNTE EPOXI BRANCO","Material",null,"KG",3.04E-2,36.67,1.1100000000000001]
["Insumo"," 00004351 ","SINAPI","PARAFUSO NIQUELADO 3 1/2\" COM ACABAMENTO CROMADO PARA FIXAR PECA SANITARIA, INCLUI PORCA CEGA, ARRUELA E BUCHA DE NYLON TAMANHO S-8","Material",null,"UN",2,9.02,18.04]
[{"$nulls":4},"MO sem LS =>",7.93,"LS =>",0,"MO com LS =>",7.93]
[{"$nulls":4},"Valor do BDI =>",23.067912,null,"Valor com BDI =>",null,106.71]
[]
[null,"Código","Banco","Descrição","Tipo",null,"Und","Quant.","Valor Unit","Total"]
["Composição"," 86943 ","SINAPI","LAVATÓRIO LOUÇA BRANCA SUSPENSO, 29,5 X 39CM OU EQUIVALENTE, PADRÃO POPULAR, INCLUSO SIFÃO FLEXÍVEL EM PVC, VÁLVULA E ENGATE FLEXÍVEL 30CM EM PLÁSTICO E TORNEIRA CROMADA DE MESA, PADRÃO POPULAR - FORNECIMENTO E INSTALAÇÃO. AF_01/2020","INHI - INSTALAÇÕES HIDROS SANITÁRIAS",null,"UN",1,141.47,141.47]
["Composição Auxiliar"," 86904 ","SINAPI","LAVATÓRIO LOUÇA BRANCA SUSPENSO, 29,5 X 39CM OU EQUIVALENTE, PADRÃO POPULAR - FORNECIMENTO E INSTALAÇÃO. AF_01/2020","INHI - INSTALAÇÕES HIDROS SANITÁRIAS",null,"UN",1,83.64,83.64]
["Composição Auxiliar"," 86884 ","SINAPI","ENGATE FLEXÍVEL EM PLÁSTICO BRANCO, 1/2\u0094 X 30CM - FORNECIMENTO E INSTALAÇÃO. AF_01/2020","INHI - INSTALAÇÕES HIDROS SANITÁRIAS",null,"UN",1,5.57,5.57]
["Composição Auxiliar"," 86883 ","SINAPI","SIFÃO DO TIPO FLEXÍVEL EM PVC 1  X 1.1/2  - FORNECIMENTO E INSTALAÇÃO. AF_01/2020","INHI - INSTALAÇÕES HIDROS SANITÁRIAS",null,"UN",1,7.64,7.64]
["Composição Auxiliar"," 86879 ","SINAPI","VÁLVULA EM PLÁSTICO 1\u0094 PARA PIA, TANQUE OU LAVATÓRIO, COM OU SEM LADRÃO - FORNECIMENTO E INSTALAÇÃO. AF_01/2020","INHI - INSTALAÇÕES HIDROS SANITÁRIAS",null,"UN",1,4.53,4.53]
["Composição Auxiliar"," 86906 ","SINAPI","TORNEIRA CROMADA DE MESA, 1/2\u0094 OU 3/4\u0094, PARA LAVATÓRIO, PADRÃO POPULAR - FORNECIMENTO E INSTALAÇÃO. AF_01/2020","INHI - INSTALAÇÕES HIDROS SANITÁRIAS",null,"UN",1,40.090000000000003,40.090000000000003]
[{"$nulls":4},"MO sem LS =>",16.37,"LS =>",0,"MO com LS =>",16.37]
[{"$nulls":4},"Valor do BDI =>",39.017426,null,"Valor com BDI =>",null,180.49]
[]
[null,"Código","Banco","Descrição","Tipo",null,"Und","Quant.","Valor Unit","Total"]
["Composição"," 98524 ","SINAPI","LIMPEZA MANUAL DE VEGETAÇÃO EM TERRENO COM ENXADA.AF_05/2018","URBA - URBANIZAÇÃO",null,"m²",1,1.86,1.86]
["Composição Auxiliar"," 88316 ","SINAPI","SERVENTE COM ENCARGOS COMPLEMENTARES","SEDI - SERVIÇOS DIVERSOS",null,"H",5.6249800000000003E-2,14.96,0.84]
["Composição Auxiliar"," 88441 ","SINAPI","JARDINEIRO COM ENCARGOS COMPLEMENTARES","SEDI - SERVIÇOS DIVERSOS",null,"H",5.6249800000000003E-2,18.2,1.02]
[{"$nulls":4},"MO sem LS =>",1.86,"LS =>",0,"MO com LS =>",1.86]
[{"$nulls":4},"Valor do BDI =>",0.512988,null,"Valor com BDI =>",null,2.37]
[]
[null,"Código","Banco","Descrição","Tipo",null,"Und","Quant.","Valor Unit","Total"]
["Composição"," 99059 ","SINAPI","LOCACAO CONVENCIONAL DE OBRA, UTILIZANDO GABARITO DE TÁBUAS CORRIDAS PONTALETADAS A CADA 2,00M -  2 UTILIZAÇÕES. AF_10/2018","SERT - SERVIÇOS TÉCNICOS",null,"M",1,26.65,26.65]
["Composição Auxiliar"," 91692 ","SINAPI","SERRA CIRCULAR DE BANCADA COM MOTOR ELÉTRICO POTÊNCIA DE 5HP, COM COIFA PARA DISCO 10\" - CHP DIURNO. AF_08/2015","CHOR - CUSTOS HORÁRIOS DE MÁQUINAS E EQUIPAMENTOS",null,"CHP",3.8999999999999998E-3,18.559999999999999,7.0000000000000007E-2]
["Composição Auxiliar"," 91693 ","SINAPI","SERRA CIRCULAR DE BANCADA COM MOTOR ELÉTRICO POTÊNCIA DE 5HP, COM COIFA PARA DISCO 10\" - CHI DIURNO. AF_08/2015","CHOR - CUSTOS HORÁRIOS DE MÁQUINAS E EQUIPAMENTOS",null,"CHI",1.6799999999999999E-2,16.53,0.28000000000000003]
["Composição Auxiliar"," 94974 ","SINAPI","CONCRETO MAGRO PARA LASTRO, TRAÇO 1:4,5:4,5 (CIMENTO/ AREIA MÉDIA/ BRITA 1)  - PREPARO MANUAL. AF_07/2016","FUES - FUNDAÇÕES E ESTRUTURAS",null,"m³",4.5999999999999999E-3,258.99,1.19]
["Composição Auxiliar"," 88262 ","SINAPI","CARPINTEIRO DE FORMAS COM ENCARGOS COMPLEMENTARES","SEDI - SERVIÇOS DIVERSOS",null,"H",0.55602070000000003,19.260000000000002,10.71]
["Composição Auxiliar"," 88239 ","SINAPI","AJUDANTE DE CARPINTEIRO COM ENCARGOS COMPLEMENTARES","SEDI - SERVIÇOS DIVERSOS",null,"H",0.2780493,15.66,4.3499999999999996]
["Composição Auxiliar"," 99062 ","SINAPI","MARCAÇÃO DE PONTOS EM GABARITO OU CAVALETE. AF_10/2018","SERT - SERVIÇOS TÉCNICOS",null,"UN",1.5,1.39,2.09]
["Insumo"," 00004417 ","SINAPI","SARRAFO DE MADEIRA NAO APARELHADA *2,5 X 7* CM, MACARANDUBA, ANGELIM OU EQUIVALENTE DA REGIAO","Material",null,"M",0.74450000000000005,2.67,1.99]
["Insumo"," 00005068 ","SINAPI","PREGO DE ACO POLIDO COM CABECA 17 X 21 (2 X 11)","Material",null,"KG",0.111,7.94,0.88]
["Insumo"," 00004433 ","SINAPI","PECA DE MADEIRA NAO APARELHADA *7,5 X 7,5* CM (3 X 3 \") MACARANDUBA, ANGELIM OU EQUIVALENTE DA REGIAO","Material",null,"M",0.41249999999999998,6.14,2.5299999999999998]
["Insumo"," 00010567 ","SINAPI","TABUA DE MADEIRA NAO APARELHADA *2,5 X 23* CM (1 x 9 \") PINUS, MISTA OU EQUIVALENTE DA REGIAO","Material",null,"M",0.55000000000000004,4.04,2.2200000000000002]
["Insumo"," 00007356 ","SINAPI","TINTA ACRILICA PREMIUM, COR BRANCO FOSCO","Material",null,"L",2.5600000000000001E-2,13.24,0.34]
[{"$nulls":4},"MO sem LS =>",17.98,"LS =>",0,"MO com LS =>",17.98]
[{"$nulls":4},"Valor do BDI =>",7.3500699999999997,null,"Valor com BDI =>",null,34]
[]
[null,"Código","Banco","Descrição","Tipo",null,"Und","Quant.","Valor Unit","Total"]
["Composição"," V207 ","Próprio","LOCAÇÃO DE POSTE COM INSTRUMENTO","ASTU - ASSENTAMENTO DE TUBOS E PECAS",null,"UN",1,107.4,107.4]
["Composição Auxiliar"," 88253 ","SINAPI","AUXILIAR DE TOPÓGRAFO COM ENCARGOS COMPLEMENTARES","SEDI - SERVIÇOS DIVERSOS",null,"H",1.3663689000000001,14.79,20.21]
["Composição Auxiliar"," 88279 ","SINAPI","MONTADOR ELETROMECÃNICO COM ENCARGOS COMPLEMENTARES","SEDI - SERVIÇOS DIVERSOS",null,"H",1.3663689000000001,27.63,37.75]
["Composição Auxiliar"," 90781 ","SINAPI","TOPOGRAFO COM ENCARGOS COMPLEMENTARES","SEDI - SERVIÇOS DIVERSOS",null,"H",1.3663689000000001,34.770000000000003,47.51]
["Insumo"," I0775 ","SEINFRA","TEODOLITO (CHP)","Equipamento",null,"H",1.75,1.1000000000000001,1.93]
[{"$nulls":4},"MO sem LS =>",105.47,"LS =>",0,"MO com LS =>",105.47]
[{"$nulls":4},"Valor do BDI =>",29.620920000000002,null,"Valor com BDI =>",null,137.02000000000001]
[]
[null,"Código","Banco","Descrição","Tipo",null,"Und","Quant.","Valor Unit","Total"]
["Composição"," 83479 ","SINAPI","LUMINARIA ESTANQUE - PROTECAO CONTRA AGUA, POEIRA OU IMPACTOS - TIPO AQUATIC PIAL OU EQUIVALENTE","INEL - INSTALAÇÃO ELÉTRICA/ELETRIFICAÇÃO E ILUMINAÇÃO EXTERNA",null,"UN",1,90.89,90.89]
["Composição Auxiliar"," 88264 ","SINAPI","ELETRICISTA COM ENCARGOS COMPLEMENTARES","SEDI - SERVIÇOS DIVERSOS",null,"H",0.62459819999999999,19.579999999999998,12.23]
["Composição Auxiliar"," 88247 ","SINAPI","AUXILIAR DE ELETRICISTA COM ENCARGOS COMPLEMENTARES","SEDI - SERVIÇOS DIVERSOS",null,"H",0.62459819999999999,15.16,9.4700000000000006]
["Insumo"," 00043543 ","SINAPI","LUMINARIA TIPO TARTARUGA A PROVA DE TEMPO, GASES, VAPOR E PO, EM ALUMINIO, COM GRADE, BASE E27, POTENCIA MAXIMA 100 W - REF Y 25/1 (NAO INCLUI LAMPADA)","Material",null,"UN",1,69.19,69.19]
[{"$nulls":4},"MO sem LS =>",21.7,"LS =>",0,"MO com LS =>",21.7]
[{"$nulls":4},"Valor do BDI =>",25.067461999999999,null,"Valor com BDI =>",null,115.96]
[]
[null,"Código","Banco","Descrição","Tipo",null,"Und","Quant.","Valor Unit","Total"]
["Composição"," 97586 ","SINAPI","LUMINÁRIA TIPO CALHA, DE SOBREPOR, COM 2 LÂMPADAS TUBULARES FLUORESCENTES DE 36 W, COM REATOR DE PARTIDA RÁPIDA - FORNECIMENTO E INSTALAÇÃO. AF_02/2020","INEL - INSTALAÇÃO ELÉTRICA/ELETRIFICAÇÃO E ILUMINAÇÃO EXTERNA",null,"UN",1,67.959999999999994,67.959999999999994]
["Composição Auxiliar"," 88264 ","SINAPI","ELETRICISTA COM ENCARGOS COMPLEMENTARES","SEDI - SERVIÇOS DIVERSOS",null,"H",0.32354480000000002,19.579999999999998,6.34]
["Composição Auxiliar"," 88247 ","SINAPI","AUXILIAR DE ELETRICISTA COM ENCARGOS COMPLEMENTARES","SEDI - SERVIÇOS DIVERSOS",null,"H",0.1348364,15.16,2.04]
["Insumo"," 00003799 ","SINAPI","LUMINARIA DE SOBREPOR EM CHAPA DE ACO PARA 2 LAMPADAS FLUORESCENTES DE *36* W, ALETADA, COMPLETA (LAMPADAS E REATOR INCLUSOS)","Material",null,"UN",1,59.58,59.58]
[{"$nulls":4},"MO sem LS =>",8.3800000000000008,"LS =>",0,"MO com LS =>",8.3800000000000008]
[{"$nulls":4},"Valor do BDI =>",18.743368,null,"Valor com BDI =>",null,86.7]
[]
[null,"Código","Banco","Descrição","Tipo",null,"Und","Quant.","Valor Unit","Total"]
["Composição"," 97593 ","SINAPI","LUMINÁRIA TIPO SPOT, DE SOBREPOR, COM 1 LÂMPADA FLUORESCENTE DE 15 W, SEM REATOR - FORNECIMENTO E INSTALAÇÃO. AF_02/2020","INEL - INSTALAÇÃO ELÉTRICA/ELETRIFICAÇÃO E ILUMINAÇÃO EXTERNA",null,"UN",1,65.05,65.05]
["Composição Auxiliar"," 88264 ","SINAPI","ELETRICISTA COM ENCARGOS COMPLEMENTARES","SEDI - SERVIÇOS DIVERSOS",null,"H",0.35281410000000002,19.579999999999998,6.91]
["Composição Auxiliar"," 88247 ","SINAPI","AUXILIAR DE ELETRICISTA COM ENCARGOS COMPLEMENTARES","SEDI - SERVIÇOS DIVERSOS",null,"H",0.1431404,15.16,2.17]
["Insumo"," 00038191 ","SINAPI","LAMPADA FLUORESCENTE COMPACTA 2U BRANCA 15 W, BASE E27 (127/220 V)","Material",null,"UN",1,9.1300000000000008,9.1300000000000008]
["Insumo"," 00012266 ","SINAPI","LUMINARIA SPOT DE SOBREPOR EM ALUMINIO COM ALETA PLASTICA PARA 1 LAMPADA, BASE E27, POTENCIA MAXIMA 40/60 W (NAO INCLUI LAMPADA)","Material",null,"UN",1,46.84,46.84]
[{"$nulls":4},"MO sem LS =>",9.08,"LS =>",0,"MO com LS =>",9.08]
[{"$nulls":4},"Valor do BDI =>",17.94079,null,"Valor com BDI =>",null,82.99]
[]
[null,"Código","Banco","Descrição","Tipo",null,"Und","Quant.","Valor Unit","Total"]
["Composição"," 91882 ","SINAPI","LUVA PARA ELETRODUTO, PVC, ROSCÁVEL, DN 20 MM (1/2\"), PARA CIRCUITOS TERMINAIS, INSTALADA EM PAREDE - FORNECIMENTO E INSTALAÇÃO. AF_12/2015","INEL - INSTALAÇÃO ELÉTRICA/ELETRIFICAÇÃO E ILUMINAÇÃO EXTERNA",null,"UN",1,4.32,4.32]
["Composição Auxiliar"," 88264 ","SINAPI","ELETRICISTA COM ENCARGOS COMPLEMENTARES","SEDI - SERVIÇOS DIVERSOS",null,"H",0.1115534,19.579999999999998,2.1800000000000002]
["Composição Auxiliar"," 88247 ","SINAPI","AUXILIAR DE ELETRICISTA COM ENCARGOS COMPLEMENTARES","SEDI - SERVIÇOS DIVERSOS",null,"H",0.1115534,15.16,1.69]
["Insumo"," 00001901 ","SINAPI","LUVA EM PVC RIGIDO ROSCAVEL, DE 1/2\", PARA ELETRODUTO","Material",null,"UN",1,0.45,0.45]
[{"$nulls":4},"MO sem LS =>",3.87,"LS =>",0,"MO com LS =>",3.87]
[{"$nulls":4},"Valor do BDI =>",1.1914560000000001,null,"Valor com BDI =>",null,5.51]
[]
[null,"Código","Banco","Descrição","Tipo",null,"Und","Quant.","Valor Unit","Total"]
["Composição"," 91875 ","SINAPI","LUVA PARA ELETRODUTO, PVC, ROSCÁVEL, DN 25 MM (3/4\"), PARA CIRCUITOS TERMINAIS, INSTALADA EM FORRO - FORNECIMENTO E INSTALAÇÃO. AF_12/2015","INEL - INSTALAÇÃO ELÉTRICA/ELETRIFICAÇÃO E ILUMINAÇÃO EXTERNA",null,"UN",1,3.56,3.56]
["Composição Auxiliar"," 88264 ","SINAPI","ELETRICISTA COM ENCARGOS COMPLEMENTARES","SEDI - SERVIÇOS DIVERSOS",null,"H",8.3473500000000006E-2,19.579999999999998,1.63]
["Composição Auxiliar"," 88247 ","SINAPI","AUXILIAR DE ELETRICISTA COM ENCARGOS COMPLEMENTARES","SEDI - SERVIÇOS DIVERSOS",null,"H",8.3473500000000006E-2,15.16,1.27]
["Insumo"," 00001891 ","SINAPI","LUVA EM PVC RIGIDO ROSCAVEL, DE 3/4\", PARA ELETRODUTO","Material",null,"UN",1,0.66,0.66]
[{"$nulls":4},"MO sem LS =>",2.9,"LS =>",0,"MO com LS =>",2.9]
[{"$nulls":4},"Valor do BDI =>",0.98184800000000005,null,"Valor com BDI =>",null,4.54]
[]
[null,"Código","Banco","Descrição","Tipo",null,"Und","Quant.","Valor Unit","Total"]
["Composição"," 89385 ","SINAPI","LUVA SOLDÁVEL E COM ROSCA, PVC, SOLDÁVEL, DN 25MM X 3/4\u0094, INSTALADO EM RAMAL OU SUB-RAMAL DE ÁGUA - FORNECIMENTO E INSTALAÇÃO. AF_12/2014","INHI - INSTALAÇÕES HIDROS SANITÁRIAS",null,"UN",1,4.13,4.13]
["Composição Auxiliar"," 88267 ","SINAPI","ENCANADOR OU BOMBEIRO HIDRÁULICO COM ENCARGOS COMPLEMENTARES","SEDI - SERVIÇOS DIVERSOS",null,"H",7.8339400000000003E-2,18.97,1.49]
["Composição Auxiliar"," 88248 ","SINAPI","AUXILIAR DE ENCANADOR OU BOMBEIRO HIDRÁULICO COM ENCARGOS COMPLEMENTARES","SEDI - SERVIÇOS DIVERSOS",null,"H",7.8339400000000003E-2,14.61,1.1399999999999999]
["Insumo"," 00000122 ","SINAPI","ADESIVO PLASTICO PARA PVC, FRASCO COM 850 GR","Material",null,"UN",7.0000000000000001E-3,41.61,0.28999999999999998]
["Insumo"," 00038383 ","SINAPI","LIXA D'AGUA EM FOLHA, GRAO 100","Material",null,"UN",0.05,1.48,7.0000000000000007E-2]
["Insumo"," 00003906 ","SINAPI","LUVA SOLDAVEL COM ROSCA, PVC, 25 MM X 3/4\", PARA AGUA FRIA PREDIAL","Material",null,"UN",1,0.85,0.85]
["Insumo"," 00020083 ","SINAPI","SOLUCAO LIMPADORA PARA PVC, FRASCO COM 1000 CM3","Material",null,"UN",8.0000000000000002E-3,36.14,0.28999999999999998]
[{"$nulls":4},"MO sem LS =>",2.63,"LS =>",0,"MO com LS =>",2.63]
[{"$nulls":4},"Valor do BDI =>",1.139054,null,"Valor com BDI =>",null,5.27]
[]
[null,"Código","Banco","Descrição","Tipo",null,"Und","Quant.","Valor Unit","Total"]
["Composição"," 7692 ","ORSE","Lançamento de concreto simples fabricado na obra, inclusive adensamento e acabamento em peças da superestrutura","Concreto Simples",null,"m³",1,32.520000000000003,32.520000000000003]
["Composição Auxiliar"," 88245 ","SINAPI","ARMADOR COM ENCARGOS COMPLEMENTARES","SEDI - SERVIÇOS DIVERSOS",null,"H",0.140597,19.3,2.71]
["Composição Auxiliar"," 88262 ","SINAPI","CARPINTEIRO DE FORMAS COM ENCARGOS COMPLEMENTARES","SEDI - SERVIÇOS DIVERSOS",null,"H",0.2811939,19.260000000000002,5.42]
["Composição Auxiliar"," 88309 ","SINAPI","PEDREIRO COM ENCARGOS COMPLEMENTARES","SEDI - SERVIÇOS DIVERSOS",null,"H",0.2811939,19.399999999999999,5.46]
["Composição Auxiliar"," 88316 ","SINAPI","SERVENTE COM ENCARGOS COMPLEMENTARES","SEDI - SERVIÇOS DIVERSOS",null,"H",1.2653728,14.96,18.93]
[{"$nulls":4},"MO sem LS =>",32.51,"LS =>",0.01,"MO com LS =>",32.520000000000003]
[{"$nulls":4},"Valor do BDI =>",8.9690159999999999,null,"Valor com BDI =>",null,41.49]
[]
[null,"Código","Banco","Descrição","Tipo",null,"Und","Quant.","Valor Unit","Total"]
["Composição"," 97611 ","SINAPI","LÂMPADA COMPACTA FLUORESCENTE DE 15 W, BASE E27 - FORNECIMENTO E INSTALAÇÃO. AF_02/2020","INEL - INSTALAÇÃO ELÉTRICA/ELETRIFICAÇÃO E ILUMINAÇÃO EXTERNA",null,"UN",1,14.26,14.26]
["Composição Auxiliar"," 88264 ","SINAPI","ELETRICISTA COM ENCARGOS COMPLEMENTARES","SEDI - SERVIÇOS DIVERSOS",null,"H",0.1286621,19.579999999999998,2.52]
["Composição Auxiliar"," 88247 ","SINAPI","AUXILIAR DE ELETRICISTA COM ENCARGOS COMPLEMENTARES","SEDI - SERVIÇOS DIVERSOS",null,"H",5.3641500000000002E-2,15.16,0.81]
["Insumo"," 00038191 ","SINAPI","LAMPADA FLUORESCENTE COMPACTA 2U BRANCA 15 W, BASE E27 (127/220 V)","Material",null,"UN",1,9.1300000000000008,9.1300000000000008]
["Insumo"," 00012295 ","SINAPI","SOQUETE DE BAQUELITE BASE E27, PARA LAMPADAS","Material",null,"UN",1,1.8,1.8]
[{"$nulls":4},"MO sem LS =>",3.33,"LS =>",0,"MO com LS =>",3.33]
[{"$nulls":4},"Valor do BDI =>",3.9329079999999998,null,"Valor com BDI =>",null,18.190000000000001]
[]
[null,"Código","Banco","Descrição","Tipo",null,"Und","Quant.","Valor Unit","Total"]
["Composição"," 97612 ","SINAPI","LÂMPADA COMPACTA FLUORESCENTE DE 20 W, BASE E27 - FORNECIMENTO E INSTALAÇÃO. AF_02/2020","INEL - INSTALAÇÃO ELÉTRICA/ELETRIFICAÇÃO E ILUMINAÇÃO EXTERNA",null,"UN",1,15.55,15.55]
["Composição Auxiliar"," 88264 ","SINAPI","ELETRICISTA COM ENCARGOS COMPLEMENTARES","SEDI - SERVIÇOS DIVERSOS",null,"H",0.1286621,19.579999999999998,2.52]
["Composição Auxiliar"," 88247 ","SINAPI","AUXILIAR DE ELETRICISTA COM ENCARGOS COMPLEMENTARES","SEDI - SERVIÇOS DIVERSOS",null,"H",5.3641500000000002E-2,15.16,0.81]
["Insumo"," 00038780 ","SINAPI","LAMPADA FLUORESCENTE COMPACTA 3U BRANCA 20 W, BASE E27 (127/220 V)","Material",null,"UN",1,10.42,10.42]
["Insumo"," 00012295 ","SINAPI","SOQUETE DE BAQUELITE BASE E27, PARA LAMPADAS","Material",null,"UN",1,1.8,1.8]
[{"$nulls":4},"MO sem LS =>",3.33,"LS =>",0,"MO com LS =>",3.33]
[{"$nulls":4},"Valor do BDI =>",4.2886899999999999,null,"Valor com BDI =>",null,19.84]
[]
[null,"Código","Banco","Descrição","Tipo",null,"Und","Quant.","Valor Unit","Total"]
["Composição"," 100919 ","SINAPI","LÂMPADA FLUORESCENTE ESPIRAL BRANCA 45 W, BASE E27 - FORNECIMENTO E INSTALAÇÃO. AF_02/2020","INEL - INSTALAÇÃO ELÉTRICA/ELETRIFICAÇÃO E ILUMINAÇÃO EXTERNA",null,"UN",1,40.299999999999997,40.299999999999997]
["Composição Auxiliar"," 88264 ","SINAPI","ELETRICISTA COM ENCARGOS COMPLEMENTARES","SEDI - SERVIÇOS DIVERSOS",null,"H",0.1286621,19.579999999999998,2.52]
["Composição Auxiliar"," 88247 ","SINAPI","AUXILIAR DE ELETRICISTA COM ENCARGOS COMPLEMENTARES","SEDI - SERVIÇOS DIVERSOS",null,"H",5.3641500000000002E-2,15.16,0.81]
["Insumo"," 00038781 ","SINAPI","LAMPADA FLUORESCENTE ESPIRAL BRANCA 45 W, BASE E27 (127/220 V)","Material",null,"UN",1,35.17,35.17]
["Insumo"," 00012295 ","SINAPI","SOQUETE DE BAQUELITE BASE E27, PARA LAMPADAS","Material",null,"UN",1,1.8,1.8]
[{"$nulls":4},"MO sem LS =>",3.33,"LS =>",0,"MO com LS =>",3.33]
[{"$nulls":4},"Valor do BDI =>",11.114739999999999,null,"Valor com BDI =>",null,51.41]
[]
[null,"Código","Banco","Descrição","Tipo",null,"Und","Quant.","Valor Unit","Total"]
["Composição"," 99062 ","SINAPI","MARCAÇÃO DE PONTOS EM GABARITO OU CAVALETE. AF_10/2018","SERT - SERVIÇOS TÉCNICOS",null,"UN",1,1.39,1.39]
["Composição Auxiliar"," 88262 ","SINAPI","CARPINTEIRO DE FORMAS COM ENCARGOS COMPLEMENTARES","SEDI - SERVIÇOS DIVERSOS",null,"H",5.0307400000000002E-2,19.260000000000002,0.97]
["Composição Auxiliar"," 88239 ","SINAPI","AJUDANTE DE CARPINTEIRO COM ENCARGOS COMPLEMENTARES","SEDI - SERVIÇOS DIVERSOS",null,"H",2.5192800000000001E-2,15.66,0.39]
["Insumo"," 00005068 ","SINAPI","PREGO DE ACO POLIDO COM CABECA 17 X 21 (2 X 11)","Material",null,"KG",3.3999999999999998E-3,7.94,0.03]
[{"$nulls":4},"MO sem LS =>",1.36,"LS =>",0,"MO com LS =>",1.36]
[{"$nulls":4},"Valor do BDI =>",0.38336199999999998,null,"Valor com BDI =>",null,1.77]
[]
[null,"Código","Banco","Descrição","Tipo",null,"Und","Quant.","Valor Unit","Total"]
["Composição"," 87548 ","SINAPI","MASSA ÚNICA, PARA RECEBIMENTO DE PINTURA, EM ARGAMASSA TRAÇO 1:2:8, PREPARO MANUAL, APLICADA MANUALMENTE EM FACES INTERNAS DE PAREDES, ESPESSURA DE 10MM, COM EXECUÇÃO DE TALISCAS. AF_06/2014","REVE - REVESTIMENTO E TRATAMENTO DE SUPERFÍCIES",null,"m²",1,13.63,13.63]
["Composição Auxiliar"," 87369 ","SINAPI","ARGAMASSA TRAÇO 1:2:8 (EM VOLUME DE CIMENTO, CAL E AREIA MÉDIA ÚMIDA) PARA EMBOÇO/MASSA ÚNICA/ASSENTAMENTO DE ALVENARIA DE VEDAÇÃO, PREPARO MANUAL. AF_08/2019","SEDI - SERVIÇOS DIVERSOS",null,"m³",2.1299999999999999E-2,320.77,6.83]
["Composição Auxiliar"," 88316 ","SINAPI","SERVENTE COM ENCARGOS COMPLEMENTARES","SEDI - SERVIÇOS DIVERSOS",null,"H",9.9982399999999999E-2,14.96,1.5]
["Composição Auxiliar"," 88309 ","SINAPI","PEDREIRO COM ENCARGOS COMPLEMENTARES","SEDI - SERVIÇOS DIVERSOS",null,"H",0.27338899999999999,19.399999999999999,5.3]
[{"$nulls":4},"MO sem LS =>",9.56,"LS =>",0,"MO com LS =>",9.56]
[{"$nulls":4},"Valor do BDI =>",3.7591540000000001,null,"Valor com BDI =>",null,17.39]
[]
[null,"Código","Banco","Descrição","Tipo",null,"Und","Quant.","Valor Unit","Total"]
["Composição"," 87529 ","SINAPI","MASSA ÚNICA, PARA RECEBIMENTO DE PINTURA, EM ARGAMASSA TRAÇO 1:2:8, PREPARO MECÂNICO COM BETONEIRA 400L, APLICADA MANUALMENTE EM FACES INTERNAS DE PAREDES, ESPESSURA DE 20MM, COM EXECUÇÃO DE TALISCAS. AF_06/2014","REVE - REVESTIMENTO E TRATAMENTO DE SUPERFÍCIES",null,"m²",1,18.72,18.72]
["Composição Auxiliar"," 87292 ","SINAPI","ARGAMASSA TRAÇO 1:2:8 (EM VOLUME DE CIMENTO, CAL E AREIA MÉDIA ÚMIDA) PARA EMBOÇO/MASSA ÚNICA/ASSENTAMENTO DE ALVENARIA DE VEDAÇÃO, PREPARO MECÂNICO COM BETONEIRA 400 L. AF_08/2019","SEDI - SERVIÇOS DIVERSOS",null,"m³",3.7600000000000001E-2,255.17,9.59]
["Composição Auxiliar"," 88316 ","SINAPI","SERVENTE COM ENCARGOS COMPLEMENTARES","SEDI - SERVIÇOS DIVERSOS",null,"H",0.13363549999999999,14.96,2]
["Composição Auxiliar"," 88309 ","SINAPI","PEDREIRO COM ENCARGOS COMPLEMENTARES","SEDI - SERVIÇOS DIVERSOS",null,"H",0.36730239999999997,19.399999999999999,7.13]
[{"$nulls":4},"MO sem LS =>",11.33,"LS =>",0.01,"MO com LS =>",11.34]
[{"$nulls":4},"Valor do BDI =>",5.1629759999999996,null,"Valor com BDI =>",null,23.88]
[]
[null,"Código","Banco","Descrição","Tipo",null,"Und","Quant.","Valor Unit","Total"]
["Composição"," 90780 ","SINAPI","MESTRE DE OBRAS COM ENCARGOS COMPLEMENTARES","SEDI - SERVIÇOS DIVERSOS",null,"H",1,35.9,35.9]
["Composição Auxiliar"," 95405 ","SINAPI","CURSO DE CAPACITAÇÃO PARA MESTRE DE OBRAS (ENCARGOS COMPLEMENTARES) - HORISTA","SEDI - SERVIÇOS DIVERSOS",null,"H",1,0.5,0.5]
["Insumo"," 00043487 ","SINAPI","EPI - FAMILIA ENCARREGADO GERAL - HORISTA (ENCARGOS COMPLEMENTARES - COLETADO CAIXA)","Mão de Obra",null,"H",1,0.95,0.95]
["Insumo"," 00043463 ","SINAPI","FERRAMENTAS - FAMILIA ENCARREGADO GERAL - HORISTA (ENCARGOS COMPLEMENTARES - COLETADO CAIXA)","Mão de Obra",null,"H",1,0.08,0.08]
["Insumo"," 00037372 ","SINAPI","EXAMES - HORISTA (COLETADO CAIXA)","Mão de Obra",null,"H",1,0.35,0.35]
["Insumo"," 00004069 ","SINAPI","MESTRE DE OBRAS","Mão de Obra",null,"H",1,33.950000000000003,33.950000000000003]
["Insumo"," 00037373 ","SINAPI","SEGURO - HORISTA (COLETADO CAIXA)","Mão de Obra",null,"H",1,7.0000000000000007E-2,7.0000000000000007E-2]
[{"$nulls":4},"MO sem LS =>",35.9,"LS =>",0,"MO com LS =>",35.9]
[{"$nulls":4},"Valor do BDI =>",9.9012200000000004,null,"Valor com BDI =>",null,45.8]
[]
[null,"Código","Banco","Descrição","Tipo",null,"Und","Quant.","Valor Unit","Total"]
["Composição"," 88392 ","SINAPI","MISTURADOR DE ARGAMASSA, EIXO HORIZONTAL, CAPACIDADE DE MISTURA 300 KG, MOTOR ELÉTRICO POTÊNCIA 5 CV - CHI DIURNO. AF_06/2014","CHOR - CUSTOS HORÁRIOS DE MÁQUINAS E EQUIPAMENTOS",null,"CHI",1,0.55000000000000004,0.55000000000000004]
["Composição Auxiliar"," 88387 ","SINAPI","MISTURADOR DE ARGAMASSA, EIXO HORIZONTAL, CAPACIDADE DE MISTURA 300 KG, MOTOR ELÉTRICO POTÊNCIA 5 CV - DEPRECIAÇÃO. AF_06/2014","CHOR - CUSTOS HORÁRIOS DE MÁQUINAS E EQUIPAMENTOS",null,"H",1,0.49,0.49]
["Composição Auxiliar"," 88389 ","SINAPI","MISTURADOR DE ARGAMASSA, EIXO HORIZONTAL, CAPACIDADE DE MISTURA 300 KG, MOTOR ELÉTRICO POTÊNCIA 5 CV - JUROS. AF_06/2014","CHOR - CUSTOS HORÁRIOS DE MÁQUINAS E EQUIPAMENTOS",null,"H",1,0.06,0.06]
[{"$nulls":4},"MO sem LS =>",0,"LS =>",0,"MO com LS =>",0]
[{"$nulls":4},"Valor do BDI =>",0.15168999999999999,null,"Valor com BDI =>",null,0.7]
[]
[null,"Código","Banco","Descrição","Tipo",null,"Und","Quant.","Valor Unit","Total"]
["Composição"," 88386 ","SINAPI","MISTURADOR DE ARGAMASSA, EIXO HORIZONTAL, CAPACIDADE DE MISTURA 300 KG, MOTOR ELÉTRICO POTÊNCIA 5 CV - CHP DIURNO. AF_06/2014","CHOR - CUSTOS HORÁRIOS DE MÁQUINAS E EQUIPAMENTOS",null,"CHP",1,3.1,3.1]
["Composição Auxiliar"," 88391 ","SINAPI","MISTURADOR DE ARGAMASSA, EIXO HORIZONTAL, CAPACIDADE DE MISTURA 300 KG, MOTOR ELÉTRICO POTÊNCIA 5 CV - MATERIAIS NA OPERAÇÃO. AF_06/2014","CHOR - CUSTOS HORÁRIOS DE MÁQUINAS E EQUIPAMENTOS",null,"H",1,1.94,1.94]
["Composição Auxiliar"," 88387 ","SINAPI","MISTURADOR DE ARGAMASSA, EIXO HORIZONTAL, CAPACIDADE DE MISTURA 300 KG, MOTOR ELÉTRICO POTÊNCIA 5 CV - DEPRECIAÇÃO. AF_06/2014","CHOR - CUSTOS HORÁRIOS DE MÁQUINAS E EQUIPAMENTOS",null,"H",1,0.49,0.49]
["Composição Auxiliar"," 88390 ","SINAPI","MISTURADOR DE ARGAMASSA, EIXO HORIZONTAL, CAPACIDADE DE MISTURA 300 KG, MOTOR ELÉTRICO POTÊNCIA 5 CV - MANUTENÇÃO. AF_06/2014","CHOR - CUSTOS HORÁRIOS DE MÁQUINAS E EQUIPAMENTOS",null,"H",1,0.61,0.61]
["Composição Auxiliar"," 88389 ","SINAPI","MISTURADOR DE ARGAMASSA, EIXO HORIZONTAL, CAPACIDADE DE MISTURA 300 KG, MOTOR ELÉTRICO POTÊNCIA 5 CV - JUROS. AF_06/2014","CHOR - CUSTOS HORÁRIOS DE MÁQUINAS E EQUIPAMENTOS",null,"H",1,0.06,0.06]
[{"$nulls":4},"MO sem LS =>",0,"LS =>",0,"MO com LS =>",0]
[{"$nulls":4},"Valor do BDI =>",0.85497999999999996,null,"Valor com BDI =>",null,3.95]
[]
[null,"Código","Banco","Descrição","Tipo",null,"Und","Quant.","Valor Unit","Total"]
["Composição"," 88387 ","SINAPI","MISTURADOR DE ARGAMASSA, EIXO HORIZONTAL, CAPACIDADE DE MISTURA 300 KG, MOTOR ELÉTRICO POTÊNCIA 5 CV - DEPRECIAÇÃO. AF_06/2014","CHOR - CUSTOS HORÁRIOS DE MÁQUINAS E EQUIPAMENTOS",null,"H",1,0.49,0.49]
["Insumo"," 00037544 ","SINAPI","MISTURADOR DE ARGAMASSA, EIXO HORIZONTAL, CAPACIDADE DE MISTURA 300 KG, MOTOR ELETRICO TRIFASICO 220/380 V, POTENCIA 5 CV","Equipamento",null,"UN",6.3999999999999997E-5,7619.87,0.49]
[{"$nulls":4},"MO sem LS =>",0,"LS =>",0,"MO com LS =>",0]
[{"$nulls":4},"Valor do BDI =>",0.13514200000000001,null,"Valor com BDI =>",null,0.63]
[]
[null,"Código","Banco","Descrição","Tipo",null,"Und","Quant.","Valor Unit","Total"]
["Composição"," 88389 ","SINAPI","MISTURADOR DE ARGAMASSA, EIXO HORIZONTAL, CAPACIDADE DE MISTURA 300 KG, MOTOR ELÉTRICO POTÊNCIA 5 CV - JUROS. AF_06/2014","CHOR - CUSTOS HORÁRIOS DE MÁQUINAS E EQUIPAMENTOS",null,"H",1,0.06,0.06]
["Insumo"," 00037544 ","SINAPI","MISTURADOR DE ARGAMASSA, EIXO HORIZONTAL, CAPACIDADE DE MISTURA 300 KG, MOTOR ELETRICO TRIFASICO 220/380 V, POTENCIA 5 CV","Equipamento",null,"UN",7.6000000000000001E-6,7619.87,0.06]
[{"$nulls":4},"MO sem LS =>",0,"LS =>",0,"MO com LS =>",0]
[{"$nulls":4},"Valor do BDI =>",1.6548E-2,null,"Valor com BDI =>",null,0.08]
[]
[null,"Código","Banco","Descrição","Tipo",null,"Und","Quant.","Valor Unit","Total"]
["Composição"," 88390 ","SINAPI","MISTURADOR DE ARGAMASSA, EIXO HORIZONTAL, CAPACIDADE DE MISTURA 300 KG, MOTOR ELÉTRICO POTÊNCIA 5 CV - MANUTENÇÃO. AF_06/2014","CHOR - CUSTOS HORÁRIOS DE MÁQUINAS E EQUIPAMENTOS",null,"H",1,0.61,0.61]
["Insumo"," 00037544 ","SINAPI","MISTURADOR DE ARGAMASSA, EIXO HORIZONTAL, CAPACIDADE DE MISTURA 300 KG, MOTOR ELETRICO TRIFASICO 220/380 V, POTENCIA 5 CV","Equipamento",null,"UN",8.0000000000000007E-5,7619.87,0.61]
[{"$nulls":4},"MO sem LS =>",0,"LS =>",0,"MO com LS =>",0]
[{"$nulls":4},"Valor do BDI =>",0.168238,null,"Valor com BDI =>",null,0.78]
[]
[null,"Código","Banco","Descrição","Tipo",null,"Und","Quant.","Valor Unit","Total"]
["Composição"," 88391 ","SINAPI","MISTURADOR DE ARGAMASSA, EIXO HORIZONTAL, CAPACIDADE DE MISTURA 300 KG, MOTOR ELÉTRICO POTÊNCIA 5 CV - MATERIAIS NA OPERAÇÃO. AF_06/2014","CHOR - CUSTOS HORÁRIOS DE MÁQUINAS E EQUIPAMENTOS",null,"H",1,1.94,1.94]
["Insumo"," 00002705 ","SINAPI","ENERGIA ELETRICA ATE 2000 KWH INDUSTRIAL, SEM DEMANDA","Material",null,"KW/H",3.13,0.62,1.94]
[{"$nulls":4},"MO sem LS =>",0,"LS =>",0,"MO com LS =>",0]
[{"$nulls":4},"Valor do BDI =>",0.53505199999999997,null,"Valor com BDI =>",null,2.48]
[]
[null,"Código","Banco","Descrição","Tipo",null,"Und","Quant.","Valor Unit","Total"]
["Composição"," 88277 ","SINAPI","MONTADOR (TUBO AÇO/EQUIPAMENTOS) COM ENCARGOS COMPLEMENTARES","SEDI - SERVIÇOS DIVERSOS",null,"H",1,21.3,21.3]
["Composição Auxiliar"," 95343 ","SINAPI","CURSO DE CAPACITAÇÃO PARA MONTADOR  DE TUBO AÇO/EQUIPAMENTOS (ENCARGOS COMPLEMENTARES) - HORISTA","SEDI - SERVIÇOS DIVERSOS",null,"H",1,0.18,0.18]
["Insumo"," 00037370 ","SINAPI","ALIMENTACAO - HORISTA (COLETADO CAIXA)","Mão de Obra",null,"H",1,1.77,1.77]
["Insumo"," 00043488 ","SINAPI","EPI - FAMILIA OPERADOR ESCAVADEIRA - HORISTA (ENCARGOS COMPLEMENTARES - COLETADO CAIXA)","Mão de Obra",null,"H",1,0.66,0.66]
["Insumo"," 00037372 ","SINAPI","EXAMES - HORISTA (COLETADO CAIXA)","Mão de Obra",null,"H",1,0.35,0.35]
["Insumo"," 00043464 ","SINAPI","FERRAMENTAS - FAMILIA OPERADOR ESCAVADEIRA - HORISTA (ENCARGOS COMPLEMENTARES - COLETADO CAIXA)","Mão de Obra",null,"H",1,0.01,0.01]
["Insumo"," 00002701 ","SINAPI","INSTALADOR DE TUBULACOES (TUBOS/EQUIPAMENTOS)","Mão de Obra",null,"H",1,17.59,17.59]
["Insumo"," 00037373 ","SINAPI","SEGURO - HORISTA (COLETADO CAIXA)","Mão de Obra",null,"H",1,7.0000000000000007E-2,7.0000000000000007E-2]
["Insumo"," 00037371 ","SINAPI","TRANSPORTE - HORISTA (COLETADO CAIXA)","Mão de Obra",null,"H",1,0.67,0.67]
[{"$nulls":4},"MO sem LS =>",21.3,"LS =>",0,"MO com LS =>",21.3]
[{"$nulls":4},"Valor do BDI =>",5.8745399999999997,null,"Valor com BDI =>",null,27.17]
[]
[null,"Código","Banco","Descrição","Tipo",null,"Und","Quant.","Valor Unit","Total"]
["Composição"," 88279 ","SINAPI","MONTADOR ELETROMECÃNICO COM ENCARGOS COMPLEMENTARES","SEDI - SERVIÇOS DIVERSOS",null,"H",1,27.63,27.63]
["Composição Auxiliar"," 95345 ","SINAPI","CURSO DE CAPACITAÇÃO PARA MONTADOR ELETROMECÂNICO (ENCARGOS COMPLEMENTARES) - HORISTA","SEDI - SERVIÇOS DIVERSOS",null,"H",1,0.49,0.49]
["Insumo"," 00037370 ","SINAPI","ALIMENTACAO - HORISTA (COLETADO CAIXA)","Mão de Obra",null,"H",1,1.77,1.77]
["Insumo"," 00043484 ","SINAPI","EPI - FAMILIA ELETRICISTA - HORISTA (ENCARGOS COMPLEMENTARES - COLETADO CAIXA)","Mão de Obra",null,"H",1,0.93,0.93]
["Insumo"," 00043460 ","SINAPI","FERRAMENTAS - FAMILIA ELETRICISTA - HORISTA (ENCARGOS COMPLEMENTARES - COLETADO CAIXA)","Mão de Obra",null,"H",1,0.55000000000000004,0.55000000000000004]
["Insumo"," 00037372 ","SINAPI","EXAMES - HORISTA (COLETADO CAIXA)","Mão de Obra",null,"H",1,0.35,0.35]
["Insumo"," 00037373 ","SINAPI","SEGURO - HORISTA (COLETADO CAIXA)","Mão de Obra",null,"H",1,7.0000000000000007E-2,7.0000000000000007E-2]
["Insumo"," 00002437 ","SINAPI","MONTADOR DE MAQUINAS","Mão de Obra",null,"H",1,22.8,22.8]
["Insumo"," 00037371 ","SINAPI","TRANSPORTE - HORISTA (COLETADO CAIXA)","Mão de Obra",null,"H",1,0.67,0.67]
[{"$nulls":4},"MO sem LS =>",27.63,"LS =>",0,"MO com LS =>",27.63]
[{"$nulls":4},"Valor do BDI =>",7.6203539999999998,null,"Valor com BDI =>",null,35.25]
[]
[null,"Código","Banco","Descrição","Tipo",null,"Und","Quant.","Valor Unit","Total"]
["Composição"," 92411 ","SINAPI","MONTAGEM E DESMONTAGEM DE FÔRMA DE PILARES RETANGULARES E ESTRUTURAS SIMILARES COM ÁREA MÉDIA DAS SEÇÕES MAIOR QUE 0,25 M², PÉ-DIREITO SIMPLES, EM MADEIRA SERRADA, 2 UTILIZAÇÕES. AF_12/2015","FUES - FUNDAÇÕES E ESTRUTURAS",null,"m²",1,75.069999999999993,75.069999999999993]
["Composição Auxiliar"," 92269 ","SINAPI","FABRICAÇÃO DE FÔRMA PARA PILARES E ESTRUTURAS SIMILARES, EM MADEIRA SERRADA, E=25 MM. AF_12/2015","FUES - FUNDAÇÕES E ESTRUTURAS",null,"m²",0.53,54.01,28.63]
["Composição Auxiliar"," 88262 ","SINAPI","CARPINTEIRO DE FORMAS COM ENCARGOS COMPLEMENTARES","SEDI - SERVIÇOS DIVERSOS",null,"H",2.0837132,19.260000000000002,40.130000000000003]
["Composição Auxiliar"," 88239 ","SINAPI","AJUDANTE DE CARPINTEIRO COM ENCARGOS COMPLEMENTARES","SEDI - SERVIÇOS DIVERSOS",null,"H",0.38191000000000003,15.66,5.98]
["Insumo"," 00002692 ","SINAPI","DESMOLDANTE PROTETOR PARA FORMAS DE MADEIRA, DE BASE OLEOSA EMULSIONADA EM AGUA","Material",null,"L",1.7000000000000001E-2,4.1900000000000004,7.0000000000000007E-2]
["Insumo"," 00040304 ","SINAPI","PREGO DE ACO POLIDO COM CABECA DUPLA 17 X 27 (2 1/2 X 11)","Material",null,"KG",2.7E-2,9.8000000000000007,0.26]
[{"$nulls":4},"MO sem LS =>",53.55,"LS =>",0,"MO com LS =>",53.55]
[{"$nulls":4},"Valor do BDI =>",20.704305999999999,null,"Valor com BDI =>",null,95.77]
[]
[null,"Código","Banco","Descrição","Tipo",null,"Und","Quant.","Valor Unit","Total"]
["Composição"," V288 ","Próprio","MONTAGEM ELETROMECÂNICA DE ESTRUTURA DE AT (GENÉRICA) EM POSTE CONC. \"DT\" C/ TRAFO","INEL - INSTALAÇÃO ELÉTRICA/ELETRIFICAÇÃO E ILUMINAÇÃO EXTERNA",null,"UN",1,257.57,257.57]
["Composição Auxiliar"," 88247 ","SINAPI","AUXILIAR DE ELETRICISTA COM ENCARGOS COMPLEMENTARES","SEDI - SERVIÇOS DIVERSOS",null,"H",5.1218406999999999,15.16,77.650000000000006]
["Composição Auxiliar"," 88279 ","SINAPI","MONTADOR ELETROMECÃNICO COM ENCARGOS COMPLEMENTARES","SEDI - SERVIÇOS DIVERSOS",null,"H",6.5116085000000004,27.63,179.92]
[{"$nulls":4},"MO sem LS =>",257.56,"LS =>",0.01,"MO com LS =>",257.57]
[{"$nulls":4},"Valor do BDI =>",71.037806000000003,null,"Valor com BDI =>",null,328.61]
[]
[null,"Código","Banco","Descrição","Tipo",null,"Und","Quant.","Valor Unit","Total"]
["Composição"," V289 ","Próprio","MONTAGEM ELETROMECÂNICA DE ESTRUTURA DE AT (GENÉRICA) EM POSTE CONC. \"DT\" S/ TRAFO","INEL - INSTALAÇÃO ELÉTRICA/ELETRIFICAÇÃO E ILUMINAÇÃO EXTERNA",null,"UN",1,84.81,84.81]
["Composição Auxiliar"," 88247 ","SINAPI","AUXILIAR DE ELETRICISTA COM ENCARGOS COMPLEMENTARES","SEDI - SERVIÇOS DIVERSOS",null,"H",1.5382072,15.16,23.32]
["Composição Auxiliar"," 88279 ","SINAPI","MONTADOR ELETROMECÃNICO COM ENCARGOS COMPLEMENTARES","SEDI - SERVIÇOS DIVERSOS",null,"H",2.2253251000000001,27.63,61.49]
[{"$nulls":4},"MO sem LS =>",84.8,"LS =>",0.01,"MO com LS =>",84.81]
[{"$nulls":4},"Valor do BDI =>",23.390598000000001,null,"Valor com BDI =>",null,108.2]
[]
[null,"Código","Banco","Descrição","Tipo",null,"Und","Quant.","Valor Unit","Total"]
["Composição"," V235 ","Próprio","MONTAGEM ELETROMECÂNICA DE ESTRUTURA DE AT - ESTAI DE ÂNCORA","ASTU - ASSENTAMENTO DE TUBOS E PECAS",null,"UN",1,26.73,26.73]
["Composição Auxiliar"," 88247 ","SINAPI","AUXILIAR DE ELETRICISTA COM ENCARGOS COMPLEMENTARES","SEDI - SERVIÇOS DIVERSOS",null,"H",0.62461990000000001,15.16,9.4700000000000006]
["Composição Auxiliar"," 88279 ","SINAPI","MONTADOR ELETROMECÃNICO COM ENCARGOS COMPLEMENTARES","SEDI - SERVIÇOS DIVERSOS",null,"H",0.62461990000000001,27.63,17.260000000000002]
[{"$nulls":4},"MO sem LS =>",26.73,"LS =>",0,"MO com LS =>",26.73]
[{"$nulls":4},"Valor do BDI =>",7.372134,null,"Valor com BDI =>",null,34.1]
[]
[null,"Código","Banco","Descrição","Tipo",null,"Und","Quant.","Valor Unit","Total"]
["Composição"," 5934 ","SINAPI","MOTONIVELADORA POTÊNCIA BÁSICA LÍQUIDA (PRIMEIRA MARCHA) 125 HP, PESO BRUTO 13032 KG, LARGURA DA LÂMINA DE 3,7 M - CHI DIURNO. AF_06/2014","CHOR - CUSTOS HORÁRIOS DE MÁQUINAS E EQUIPAMENTOS",null,"CHI",1,39.14,39.14]
["Composição Auxiliar"," 89228 ","SINAPI","MOTONIVELADORA POTÊNCIA BÁSICA LÍQUIDA (PRIMEIRA MARCHA) 125 HP, PESO BRUTO 13032 KG, LARGURA DA LÂMINA DE 3,7 M - DEPRECIAÇÃO. AF_06/2014","CHOR - CUSTOS HORÁRIOS DE MÁQUINAS E EQUIPAMENTOS",null,"H",1,16.93,16.93]
["Composição Auxiliar"," 89229 ","SINAPI","MOTONIVELADORA POTÊNCIA BÁSICA LÍQUIDA (PRIMEIRA MARCHA) 125 HP, PESO BRUTO 13032 KG, LARGURA DA LÂMINA DE 3,7 M - JUROS. AF_06/2014","CHOR - CUSTOS HORÁRIOS DE MÁQUINAS E EQUIPAMENTOS",null,"H",1,3.05,3.05]
["Composição Auxiliar"," 88300 ","SINAPI","OPERADOR DE MOTONIVELADORA COM ENCARGOS COMPLEMENTARES","SEDI - SERVIÇOS DIVERSOS",null,"H",0.7806514,24.55,19.16]
[{"$nulls":4},"MO sem LS =>",19.16,"LS =>",0,"MO com LS =>",19.16]
[{"$nulls":4},"Valor do BDI =>",10.794812,null,"Valor com BDI =>",null,49.93]
[]
[null,"Código","Banco","Descrição","Tipo",null,"Und","Quant.","Valor Unit","Total"]
["Composição"," 5932 ","SINAPI","MOTONIVELADORA POTÊNCIA BÁSICA LÍQUIDA (PRIMEIRA MARCHA) 125 HP, PESO BRUTO 13032 KG, LARGURA DA LÂMINA DE 3,7 M - CHP DIURNO. AF_06/2014","CHOR - CUSTOS HORÁRIOS DE MÁQUINAS E EQUIPAMENTOS",null,"CHP",1,100.43,100.43]
["Composição Auxiliar"," 5779 ","SINAPI","MOTONIVELADORA POTÊNCIA BÁSICA LÍQUIDA (PRIMEIRA MARCHA) 125 HP, PESO BRUTO 13032 KG, LARGURA DA LÂMINA DE 3,7 M - MANUTENÇÃO. AF_06/2014","CHOR - CUSTOS HORÁRIOS DE MÁQUINAS E EQUIPAMENTOS",null,"H",1,27.21,27.21]
["Composição Auxiliar"," 53849 ","SINAPI","MOTONIVELADORA POTÊNCIA BÁSICA LÍQUIDA (PRIMEIRA MARCHA) 125 HP, PESO BRUTO 13032 KG, LARGURA DA LÂMINA DE 3,7 M - MATERIAIS NA OPERAÇÃO. AF_06/2014","CHOR - CUSTOS HORÁRIOS DE MÁQUINAS E EQUIPAMENTOS",null,"H",1,34.14,34.14]
["Composição Auxiliar"," 89228 ","SINAPI","MOTONIVELADORA POTÊNCIA BÁSICA LÍQUIDA (PRIMEIRA MARCHA) 125 HP, PESO BRUTO 13032 KG, LARGURA DA LÂMINA DE 3,7 M - DEPRECIAÇÃO. AF_06/2014","CHOR - CUSTOS HORÁRIOS DE MÁQUINAS E EQUIPAMENTOS",null,"H",1,16.93,16.93]
["Composição Auxiliar"," 89229 ","SINAPI","MOTONIVELADORA POTÊNCIA BÁSICA LÍQUIDA (PRIMEIRA MARCHA) 125 HP, PESO BRUTO 13032 KG, LARGURA DA LÂMINA DE 3,7 M - JUROS. AF_06/2014","CHOR - CUSTOS HORÁRIOS DE MÁQUINAS E EQUIPAMENTOS",null,"H",1,3.05,3.05]
["Composição Auxiliar"," 88300 ","SINAPI","OPERADOR DE MOTONIVELADORA COM ENCARGOS COMPLEMENTARES","SEDI - SERVIÇOS DIVERSOS",null,"H",0.77809709999999999,24.55,19.100000000000001]
[{"$nulls":4},"MO sem LS =>",19.100000000000001,"LS =>",0,"MO com LS =>",19.100000000000001]
[{"$nulls":4},"Valor do BDI =>",27.698594,null,"Valor com BDI =>",null,128.13]
[]
[null,"Código","Banco","Descrição","Tipo",null,"Und","Quant.","Valor Unit","Total"]
["Composição"," 89228 ","SINAPI","MOTONIVELADORA POTÊNCIA BÁSICA LÍQUIDA (PRIMEIRA MARCHA) 125 HP, PESO BRUTO 13032 KG, LARGURA DA LÂMINA DE 3,7 M - DEPRECIAÇÃO. AF_06/2014","CHOR - CUSTOS HORÁRIOS DE MÁQUINAS E EQUIPAMENTOS",null,"H",1,16.93,16.93]
["Insumo"," 00004090 ","SINAPI","MOTONIVELADORA POTENCIA BASICA LIQUIDA (PRIMEIRA MARCHA) 125 HP , PESO BRUTO 13843 KG, LARGURA DA LAMINA DE 3,7 M","Equipamento",null,"UN",4.0000000000000003E-5,423193.59999999998,16.93]
[{"$nulls":4},"MO sem LS =>",0,"LS =>",0,"MO com LS =>",0]
[{"$nulls":4},"Valor do BDI =>",4.6692939999999998,null,"Valor com BDI =>",null,21.6]
[]
[null,"Código","Banco","Descrição","Tipo",null,"Und","Quant.","Valor Unit","Total"]
["Composição"," 89229 ","SINAPI","MOTONIVELADORA POTÊNCIA BÁSICA LÍQUIDA (PRIMEIRA MARCHA) 125 HP, PESO BRUTO 13032 KG, LARGURA DA LÂMINA DE 3,7 M - JUROS. AF_06/2014","CHOR - CUSTOS HORÁRIOS DE MÁQUINAS E EQUIPAMENTOS",null,"H",1,3.05,3.05]
["Insumo"," 00004090 ","SINAPI","MOTONIVELADORA POTENCIA BASICA LIQUIDA (PRIMEIRA MARCHA) 125 HP , PESO BRUTO 13843 KG, LARGURA DA LAMINA DE 3,7 M","Equipamento",null,"UN",7.1999999999999997E-6,423193.59999999998,3.05]
[{"$nulls":4},"MO sem LS =>",0,"LS =>",0,"MO com LS =>",0]
[{"$nulls":4},"Valor do BDI =>",0.84118999999999999,null,"Valor com BDI =>",null,3.89]
[]
[null,"Código","Banco","Descrição","Tipo",null,"Und","Quant.","Valor Unit","Total"]
["Composição"," 5779 ","SINAPI","MOTONIVELADORA POTÊNCIA BÁSICA LÍQUIDA (PRIMEIRA MARCHA) 125 HP, PESO BRUTO 13032 KG, LARGURA DA LÂMINA DE 3,7 M - MANUTENÇÃO. AF_06/2014","CHOR - CUSTOS HORÁRIOS DE MÁQUINAS E EQUIPAMENTOS",null,"H",1,27.21,27.21]
["Insumo"," 00004090 ","SINAPI","MOTONIVELADORA POTENCIA BASICA LIQUIDA (PRIMEIRA MARCHA) 125 HP , PESO BRUTO 13843 KG, LARGURA DA LAMINA DE 3,7 M","Equipamento",null,"UN",6.4300000000000004E-5,423193.59999999998,27.21]
[{"$nulls":4},"MO sem LS =>",0,"LS =>",0,"MO com LS =>",0]
[{"$nulls":4},"Valor do BDI =>",7.504518,null,"Valor com BDI =>",null,34.71]
[]
[null,"Código","Banco","Descrição","Tipo",null,"Und","Quant.","Valor Unit","Total"]
["Composição"," 53849 ","SINAPI","MOTONIVELADORA POTÊNCIA BÁSICA LÍQUIDA (PRIMEIRA MARCHA) 125 HP, PESO BRUTO 13032 KG, LARGURA DA LÂMINA DE 3,7 M - MATERIAIS NA OPERAÇÃO. AF_06/2014","CHOR - CUSTOS HORÁRIOS DE MÁQUINAS E EQUIPAMENTOS",null,"H",1,34.14,34.14]
["Insumo"," 00004221 ","SINAPI","OLEO DIESEL COMBUSTIVEL COMUM","Material",null,"L",13.99,2.44,34.14]
[{"$nulls":4},"MO sem LS =>",0,"LS =>",0,"MO com LS =>",0]
[{"$nulls":4},"Valor do BDI =>",9.4158120000000007,null,"Valor com BDI =>",null,43.56]
[]
[null,"Código","Banco","Descrição","Tipo",null,"Und","Quant.","Valor Unit","Total"]
["Composição"," 88281 ","SINAPI","MOTORISTA DE BASCULANTE COM ENCARGOS COMPLEMENTARES","SEDI - SERVIÇOS DIVERSOS",null,"H",1,17.829999999999998,17.829999999999998]
["Composição Auxiliar"," 95346 ","SINAPI","CURSO DE CAPACITAÇÃO PARA MOTORISTA DE BASCULANTE (ENCARGOS COMPLEMENTARES) - HORISTA","SEDI - SERVIÇOS DIVERSOS",null,"H",1,0.05,0.05]
["Insumo"," 00037370 ","SINAPI","ALIMENTACAO - HORISTA (COLETADO CAIXA)","Mão de Obra",null,"H",1,1.77,1.77]
["Insumo"," 00043488 ","SINAPI","EPI - FAMILIA OPERADOR ESCAVADEIRA - HORISTA (ENCARGOS COMPLEMENTARES - COLETADO CAIXA)","Mão de Obra",null,"H",1,0.66,0.66]
["Insumo"," 00037372 ","SINAPI","EXAMES - HORISTA (COLETADO CAIXA)","Mão de Obra",null,"H",1,0.35,0.35]
["Insumo"," 00043464 ","SINAPI","FERRAMENTAS - FAMILIA OPERADOR ESCAVADEIRA - HORISTA (ENCARGOS COMPLEMENTARES - COLETADO CAIXA)","Mão de Obra",null,"H",1,0.01,0.01]
["Insumo"," 00020020 ","SINAPI","MOTORISTA DE CAMINHAO-BASCULANTE","Mão de Obra",null,"H",1,14.25,14.25]
["Insumo"," 00037373 ","SINAPI","SEGURO - HORISTA (COLETADO CAIXA)","Mão de Obra",null,"H",1,7.0000000000000007E-2,7.0000000000000007E-2]
["Insumo"," 00037371 ","SINAPI","TRANSPORTE - HORISTA (COLETADO CAIXA)","Mão de Obra",null,"H",1,0.67,0.67]
[{"$nulls":4},"MO sem LS =>",17.829999999999998,"LS =>",0,"MO com LS =>",17.829999999999998]
[{"$nulls":4},"Valor do BDI =>",4.9175139999999997,null,"Valor com BDI =>",null,22.75]
[]
[null,"Código","Banco","Descrição","Tipo",null,"Und","Quant.","Valor Unit","Total"]
["Composição"," 88282 ","SINAPI","MOTORISTA DE CAMINHÃO COM ENCARGOS COMPLEMENTARES","SEDI - SERVIÇOS DIVERSOS",null,"H",1,18.670000000000002,18.670000000000002]
["Composição Auxiliar"," 95347 ","SINAPI","CURSO DE CAPACITAÇÃO PARA MOTORISTA DE CAMINHÃO (ENCARGOS COMPLEMENTARES) - HORISTA","SEDI - SERVIÇOS DIVERSOS",null,"H",1,0.05,0.05]
["Insumo"," 00037370 ","SINAPI","ALIMENTACAO - HORISTA (COLETADO CAIXA)","Mão de Obra",null,"H",1,1.77,1.77]
["Insumo"," 00043488 ","SINAPI","EPI - FAMILIA OPERADOR ESCAVADEIRA - HORISTA (ENCARGOS COMPLEMENTARES - COLETADO CAIXA)","Mão de Obra",null,"H",1,0.66,0.66]
["Insumo"," 00037372 ","SINAPI","EXAMES - HORISTA (COLETADO CAIXA)","Mão de Obra",null,"H",1,0.35,0.35]
["Insumo"," 00043464 ","SINAPI","FERRAMENTAS - FAMILIA OPERADOR ESCAVADEIRA - HORISTA (ENCARGOS COMPLEMENTARES - COLETADO CAIXA)","Mão de Obra",null,"H",1,0.01,0.01]
["Insumo"," 00004093 ","SINAPI","MOTORISTA DE CAMINHAO","Mão de Obra",null,"H",1,15.09,15.09]
["Insumo"," 00037373 ","SINAPI","SEGURO - HORISTA (COLETADO CAIXA)","Mão de Obra",null,"H",1,7.0000000000000007E-2,7.0000000000000007E-2]
["Insumo"," 00037371 ","SINAPI","TRANSPORTE - HORISTA (COLETADO CAIXA)","Mão de Obra",null,"H",1,0.67,0.67]
[{"$nulls":4},"MO sem LS =>",18.670000000000002,"LS =>",0,"MO com LS =>",18.670000000000002]
[{"$nulls":4},"Valor do BDI =>",5.1491860000000003,null,"Valor com BDI =>",null,23.82]
[]
[null,"Código","Banco","Descrição","Tipo",null,"Und","Quant.","Valor Unit","Total"]
["Composição"," 88284 ","SINAPI","MOTORISTA DE VEIÍCULO LEVE COM ENCARGOS COMPLEMENTARES","SEDI - SERVIÇOS DIVERSOS",null,"H",1,19.34,19.34]
["Composição Auxiliar"," 95349 ","SINAPI","CURSO DE CAPACITAÇÃO PARA MOTORISTA DE VEÍCULO LEVE (ENCARGOS COMPLEMENTARES) - HORISTA","SEDI - SERVIÇOS DIVERSOS",null,"H",1,0.06,0.06]
["Insumo"," 00037370 ","SINAPI","ALIMENTACAO - HORISTA (COLETADO CAIXA)","Mão de Obra",null,"H",1,1.77,1.77]
["Insumo"," 00043488 ","SINAPI","EPI - FAMILIA OPERADOR ESCAVADEIRA - HORISTA (ENCARGOS COMPLEMENTARES - COLETADO CAIXA)","Mão de Obra",null,"H",1,0.66,0.66]
["Insumo"," 00037372 ","SINAPI","EXAMES - HORISTA (COLETADO CAIXA)","Mão de Obra",null,"H",1,0.35,0.35]
["Insumo"," 00043464 ","SINAPI","FERRAMENTAS - FAMILIA OPERADOR ESCAVADEIRA - HORISTA (ENCARGOS COMPLEMENTARES - COLETADO CAIXA)","Mão de Obra",null,"H",1,0.01,0.01]
["Insumo"," 00004095 ","SINAPI","MOTORISTA DE CARRO DE PASSEIO","Mão de Obra",null,"H",1,15.75,15.75]
["Insumo"," 00037373 ","SINAPI","SEGURO - HORISTA (COLETADO CAIXA)","Mão de Obra",null,"H",1,7.0000000000000007E-2,7.0000000000000007E-2]
["Insumo"," 00037371 ","SINAPI","TRANSPORTE - HORISTA (COLETADO CAIXA)","Mão de Obra",null,"H",1,0.67,0.67]
[{"$nulls":4},"MO sem LS =>",19.34,"LS =>",0,"MO com LS =>",19.34]
[{"$nulls":4},"Valor do BDI =>",5.3339720000000002,null,"Valor com BDI =>",null,24.67]
[]
[null,"Código","Banco","Descrição","Tipo",null,"Und","Quant.","Valor Unit","Total"]
["Composição"," 88286 ","SINAPI","MOTORISTA OPERADOR DE MUNCK COM ENCARGOS COMPLEMENTARES","SEDI - SERVIÇOS DIVERSOS",null,"H",1,21.15,21.15]
["Composição Auxiliar"," 95351 ","SINAPI","CURSO DE CAPACITAÇÃO PARA MOTORISTA OPERADOR DE MUNCK (ENCARGOS COMPLEMENTARES) - HORISTA","SEDI - SERVIÇOS DIVERSOS",null,"H",1,0.2,0.2]
["Insumo"," 00037370 ","SINAPI","ALIMENTACAO - HORISTA (COLETADO CAIXA)","Mão de Obra",null,"H",1,1.77,1.77]
["Insumo"," 00043488 ","SINAPI","EPI - FAMILIA OPERADOR ESCAVADEIRA - HORISTA (ENCARGOS COMPLEMENTARES - COLETADO CAIXA)","Mão de Obra",null,"H",1,0.66,0.66]
["Insumo"," 00037372 ","SINAPI","EXAMES - HORISTA (COLETADO CAIXA)","Mão de Obra",null,"H",1,0.35,0.35]
["Insumo"," 00043464 ","SINAPI","FERRAMENTAS - FAMILIA OPERADOR ESCAVADEIRA - HORISTA (ENCARGOS COMPLEMENTARES - COLETADO CAIXA)","Mão de Obra",null,"H",1,0.01,0.01]
["Insumo"," 00037373 ","SINAPI","SEGURO - HORISTA (COLETADO CAIXA)","Mão de Obra",null,"H",1,7.0000000000000007E-2,7.0000000000000007E-2]
["Insumo"," 00004096 ","SINAPI","MOTORISTA OPERADOR DE CAMINHAO COM MUNCK","Mão de Obra",null,"H",1,17.420000000000002,17.420000000000002]
["Insumo"," 00037371 ","SINAPI","TRANSPORTE - HORISTA (COLETADO CAIXA)","Mão de Obra",null,"H",1,0.67,0.67]
[{"$nulls":4},"MO sem LS =>",21.15,"LS =>",0,"MO com LS =>",21.15]
[{"$nulls":4},"Valor do BDI =>",5.83317,null,"Valor com BDI =>",null,26.98]
[]
[null,"Código","Banco","Descrição","Tipo",null,"Und","Quant.","Valor Unit","Total"]
["Composição"," 88377 ","SINAPI","OPERADOR DE BETONEIRA ESTACIONÁRIA/MISTURADOR COM ENCARGOS COMPLEMENTARES","SEDI - SERVIÇOS DIVERSOS",null,"H",1,16.73,16.73]
["Composição Auxiliar"," 95389 ","SINAPI","CURSO DE CAPACITAÇÃO PARA OPERADOR DE BETONEIRA ESTACIONÁRIA/MISTURADOR (ENCARGOS COMPLEMENTARES) - HORISTA","SEDI - SERVIÇOS DIVERSOS",null,"H",1,7.0000000000000007E-2,7.0000000000000007E-2]
["Insumo"," 00037370 ","SINAPI","ALIMENTACAO - HORISTA (COLETADO CAIXA)","Mão de Obra",null,"H",1,1.77,1.77]
["Insumo"," 00043488 ","SINAPI","EPI - FAMILIA OPERADOR ESCAVADEIRA - HORISTA (ENCARGOS COMPLEMENTARES - COLETADO CAIXA)","Mão de Obra",null,"H",1,0.66,0.66]
["Insumo"," 00037372 ","SINAPI","EXAMES - HORISTA (COLETADO CAIXA)","Mão de Obra",null,"H",1,0.35,0.35]
["Insumo"," 00043464 ","SINAPI","FERRAMENTAS - FAMILIA OPERADOR ESCAVADEIRA - HORISTA (ENCARGOS COMPLEMENTARES - COLETADO CAIXA)","Mão de Obra",null,"H",1,0.01,0.01]
["Insumo"," 00037666 ","SINAPI","OPERADOR DE BETONEIRA ESTACIONARIA / MISTURADOR","Mão de Obra",null,"H",1,13.13,13.13]
["Insumo"," 00037373 ","SINAPI","SEGURO - HORISTA (COLETADO CAIXA)","Mão de Obra",null,"H",1,7.0000000000000007E-2,7.0000000000000007E-2]
["Insumo"," 00037371 ","SINAPI","TRANSPORTE - HORISTA (COLETADO CAIXA)","Mão de Obra",null,"H",1,0.67,0.67]
[{"$nulls":4},"MO sem LS =>",16.73,"LS =>",0,"MO com LS =>",16.73]
[{"$nulls":4},"Valor do BDI =>",4.614134,null,"Valor com BDI =>",null,21.34]
[]
[null,"Código","Banco","Descrição","Tipo",null,"Und","Quant.","Valor Unit","Total"]
["Composição"," 88294 ","SINAPI","OPERADOR DE ESCAVADEIRA COM ENCARGOS COMPLEMENTARES","SEDI - SERVIÇOS DIVERSOS",null,"H",1,22.05,22.05]
["Composição Auxiliar"," 95357 ","SINAPI","CURSO DE CAPACITAÇÃO PARA OPERADOR DE ESCAVADEIRA (ENCARGOS COMPLEMENTARES) - HORISTA","SEDI - SERVIÇOS DIVERSOS",null,"H",1,0.15,0.15]
["Insumo"," 00037370 ","SINAPI","ALIMENTACAO - HORISTA (COLETADO CAIXA)","Mão de Obra",null,"H",1,1.77,1.77]
["Insumo"," 00043488 ","SINAPI","EPI - FAMILIA OPERADOR ESCAVADEIRA - HORISTA (ENCARGOS COMPLEMENTARES - COLETADO CAIXA)","Mão de Obra",null,"H",1,0.66,0.66]
["Insumo"," 00037372 ","SINAPI","EXAMES - HORISTA (COLETADO CAIXA)","Mão de Obra",null,"H",1,0.35,0.35]
["Insumo"," 00043464 ","SINAPI","FERRAMENTAS - FAMILIA OPERADOR ESCAVADEIRA - HORISTA (ENCARGOS COMPLEMENTARES - COLETADO CAIXA)","Mão de Obra",null,"H",1,0.01,0.01]
["Insumo"," 00037373 ","SINAPI","SEGURO - HORISTA (COLETADO CAIXA)","Mão de Obra",null,"H",1,7.0000000000000007E-2,7.0000000000000007E-2]
["Insumo"," 00004234 ","SINAPI","OPERADOR DE ESCAVADEIRA","Mão de Obra",null,"H",1,18.37,18.37]
["Insumo"," 00037371 ","SINAPI","TRANSPORTE - HORISTA (COLETADO CAIXA)","Mão de Obra",null,"H",1,0.67,0.67]
[{"$nulls":4},"MO sem LS =>",22.05,"LS =>",0,"MO com LS =>",22.05]
[{"$nulls":4},"Valor do BDI =>",6.0813899999999999,null,"Valor com BDI =>",null,28.13]
[]
[null,"Código","Banco","Descrição","Tipo",null,"Und","Quant.","Valor Unit","Total"]
["Composição"," 88295 ","SINAPI","OPERADOR DE GUINCHO COM ENCARGOS COMPLEMENTARES","SEDI - SERVIÇOS DIVERSOS",null,"H",1,19.46,19.46]
["Composição Auxiliar"," 95358 ","SINAPI","CURSO DE CAPACITAÇÃO PARA OPERADOR DE GUINCHO (ENCARGOS COMPLEMENTARES) - HORISTA","SEDI - SERVIÇOS DIVERSOS",null,"H",1,0.18,0.18]
["Insumo"," 00037370 ","SINAPI","ALIMENTACAO - HORISTA (COLETADO CAIXA)","Mão de Obra",null,"H",1,1.77,1.77]
["Insumo"," 00043488 ","SINAPI","EPI - FAMILIA OPERADOR ESCAVADEIRA - HORISTA (ENCARGOS COMPLEMENTARES - COLETADO CAIXA)","Mão de Obra",null,"H",1,0.66,0.66]
["Insumo"," 00037372 ","SINAPI","EXAMES - HORISTA (COLETADO CAIXA)","Mão de Obra",null,"H",1,0.35,0.35]
["Insumo"," 00043464 ","SINAPI","FERRAMENTAS - FAMILIA OPERADOR ESCAVADEIRA - HORISTA (ENCARGOS COMPLEMENTARES - COLETADO CAIXA)","Mão de Obra",null,"H",1,0.01,0.01]
["Insumo"," 00004253 ","SINAPI","OPERADOR DE GUINCHO OU GUINCHEIRO","Mão de Obra",null,"H",1,15.75,15.75]
["Insumo"," 00037373 ","SINAPI","SEGURO - HORISTA (COLETADO CAIXA)","Mão de Obra",null,"H",1,7.0000000000000007E-2,7.0000000000000007E-2]
["Insumo"," 00037371 ","SINAPI","TRANSPORTE - HORISTA (COLETADO CAIXA)","Mão de Obra",null,"H",1,0.67,0.67]
[{"$nulls":4},"MO sem LS =>",19.46,"LS =>",0,"MO com LS =>",19.46]
[{"$nulls":4},"Valor do BDI =>",5.3670679999999997,null,"Valor com BDI =>",null,24.83]
[]
[null,"Código","Banco","Descrição","Tipo",null,"Und","Quant.","Valor Unit","Total"]
["Composição"," 88300 ","SINAPI","OPERADOR DE MOTONIVELADORA COM ENCARGOS COMPLEMENTARES","SEDI - SERVIÇOS DIVERSOS",null,"H",1,24.55,24.55]
["Composição Auxiliar"," 95363 ","SINAPI","CURSO DE CAPACITAÇÃO PARA OPERADOR DE MOTONIVELADORA (ENCARGOS COMPLEMENTARES) - HORISTA","SEDI - SERVIÇOS DIVERSOS",null,"H",1,0.12,0.12]
["Insumo"," 00037370 ","SINAPI","ALIMENTACAO - HORISTA (COLETADO CAIXA)","Mão de Obra",null,"H",1,1.77,1.77]
["Insumo"," 00043488 ","SINAPI","EPI - FAMILIA OPERADOR ESCAVADEIRA - HORISTA (ENCARGOS COMPLEMENTARES - COLETADO CAIXA)","Mão de Obra",null,"H",1,0.66,0.66]
["Insumo"," 00037372 ","SINAPI","EXAMES - HORISTA (COLETADO CAIXA)","Mão de Obra",null,"H",1,0.35,0.35]
["Insumo"," 00043464 ","SINAPI","FERRAMENTAS - FAMILIA OPERADOR ESCAVADEIRA - HORISTA (ENCARGOS COMPLEMENTARES - COLETADO CAIXA)","Mão de Obra",null,"H",1,0.01,0.01]
["Insumo"," 00004239 ","SINAPI","OPERADOR DE MOTONIVELADORA","Mão de Obra",null,"H",1,20.9,20.9]
["Insumo"," 00037373 ","SINAPI","SEGURO - HORISTA (COLETADO CAIXA)","Mão de Obra",null,"H",1,7.0000000000000007E-2,7.0000000000000007E-2]
["Insumo"," 00037371 ","SINAPI","TRANSPORTE - HORISTA (COLETADO CAIXA)","Mão de Obra",null,"H",1,0.67,0.67]
[{"$nulls":4},"MO sem LS =>",24.55,"LS =>",0,"MO com LS =>",24.55]
[{"$nulls":4},"Valor do BDI =>",6.7708899999999996,null,"Valor com BDI =>",null,31.32]
[]
[null,"Código","Banco","Descrição","Tipo",null,"Und","Quant.","Valor Unit","Total"]
["Composição"," 88297 ","SINAPI","OPERADOR DE MÁQUINAS E EQUIPAMENTOS COM ENCARGOS COMPLEMENTARES","SEDI - SERVIÇOS DIVERSOS",null,"H",1,21.07,21.07]
["Composição Auxiliar"," 95360 ","SINAPI","CURSO DE CAPACITAÇÃO PARA OPERADOR DE MÁQUINAS E EQUIPAMENTOS (ENCARGOS COMPLEMENTARES) - HORISTA","SEDI - SERVIÇOS DIVERSOS",null,"H",1,0.14000000000000001,0.14000000000000001]
["Insumo"," 00037370 ","SINAPI","ALIMENTACAO - HORISTA (COLETADO CAIXA)","Mão de Obra",null,"H",1,1.77,1.77]
["Insumo"," 00043488 ","SINAPI","EPI - FAMILIA OPERADOR ESCAVADEIRA - HORISTA (ENCARGOS COMPLEMENTARES - COLETADO CAIXA)","Mão de Obra",null,"H",1,0.66,0.66]
["Insumo"," 00037372 ","SINAPI","EXAMES - HORISTA (COLETADO CAIXA)","Mão de Obra",null,"H",1,0.35,0.35]
["Insumo"," 00043464 ","SINAPI","FERRAMENTAS - FAMILIA OPERADOR ESCAVADEIRA - HORISTA (ENCARGOS COMPLEMENTARES - COLETADO CAIXA)","Mão de Obra",null,"H",1,0.01,0.01]
["Insumo"," 00037373 ","SINAPI","SEGURO - HORISTA (COLETADO CAIXA)","Mão de Obra",null,"H",1,7.0000000000000007E-2,7.0000000000000007E-2]
["Insumo"," 00004230 ","SINAPI","OPERADOR DE MAQUINAS E TRATORES DIVERSOS (TERRAPLANAGEM)","Mão de Obra",null,"H",1,17.399999999999999,17.399999999999999]
["Insumo"," 00037371 ","SINAPI","TRANSPORTE - HORISTA (COLETADO CAIXA)","Mão de Obra",null,"H",1,0.67,0.67]
[{"$nulls":4},"MO sem LS =>",21.07,"LS =>",0,"MO com LS =>",21.07]
[{"$nulls":4},"Valor do BDI =>",5.8111059999999997,null,"Valor com BDI =>",null,26.88]
[]
[null,"Código","Banco","Descrição","Tipo",null,"Und","Quant.","Valor Unit","Total"]
["Composição"," 88303 ","SINAPI","OPERADOR DE ROLO COMPACTADOR COM ENCARGOS COMPLEMENTARES","SEDI - SERVIÇOS DIVERSOS",null,"H",1,19.37,19.37]
["Composição Auxiliar"," 95366 ","SINAPI","CURSO DE CAPACITAÇÃO PARA OPERADOR DE ROLO COMPACTADOR (ENCARGOS COMPLEMENTARES) - HORISTA","SEDI - SERVIÇOS DIVERSOS",null,"H",1,0.09,0.09]
["Insumo"," 00037370 ","SINAPI","ALIMENTACAO - HORISTA (COLETADO CAIXA)","Mão de Obra",null,"H",1,1.77,1.77]
["Insumo"," 00043488 ","SINAPI","EPI - FAMILIA OPERADOR ESCAVADEIRA - HORISTA (ENCARGOS COMPLEMENTARES - COLETADO CAIXA)","Mão de Obra",null,"H",1,0.66,0.66]
["Insumo"," 00037372 ","SINAPI","EXAMES - HORISTA (COLETADO CAIXA)","Mão de Obra",null,"H",1,0.35,0.35]
["Insumo"," 00043464 ","SINAPI","FERRAMENTAS - FAMILIA OPERADOR ESCAVADEIRA - HORISTA (ENCARGOS COMPLEMENTARES - COLETADO CAIXA)","Mão de Obra",null,"H",1,0.01,0.01]
["Insumo"," 00004238 ","SINAPI","OPERADOR DE ROLO COMPACTADOR","Mão de Obra",null,"H",1,15.75,15.75]
["Insumo"," 00037373 ","SINAPI","SEGURO - HORISTA (COLETADO CAIXA)","Mão de Obra",null,"H",1,7.0000000000000007E-2,7.0000000000000007E-2]
["Insumo"," 00037371 ","SINAPI","TRANSPORTE - HORISTA (COLETADO CAIXA)","Mão de Obra",null,"H",1,0.67,0.67]
[{"$nulls":4},"MO sem LS =>",19.37,"LS =>",0,"MO com LS =>",19.37]
[{"$nulls":4},"Valor do BDI =>",5.3422460000000003,null,"Valor com BDI =>",null,24.71]
[]
[null,"Código","Banco","Descrição","Tipo",null,"Und","Quant.","Valor Unit","Total"]
["Composição"," 98445 ","SINAPI","PAREDE DE MADEIRA COMPENSADA PARA CONSTRUÇÃO TEMPORÁRIA EM CHAPA SIMPLES, EXTERNA, COM ÁREA LÍQUIDA MAIOR OU IGUAL A 6 M², COM VÃO. AF_05/2018","CANT - CANTEIRO DE OBRAS",null,"m²",1,74.56,74.56]
["Composição Auxiliar"," 91692 ","SINAPI","SERRA CIRCULAR DE BANCADA COM MOTOR ELÉTRICO POTÊNCIA DE 5HP, COM COIFA PARA DISCO 10\" - CHP DIURNO. AF_08/2015","CHOR - CUSTOS HORÁRIOS DE MÁQUINAS E EQUIPAMENTOS",null,"CHP",1.1900000000000001E-2,18.559999999999999,0.22]
["Composição Auxiliar"," 91693 ","SINAPI","SERRA CIRCULAR DE BANCADA COM MOTOR ELÉTRICO POTÊNCIA DE 5HP, COM COIFA PARA DISCO 10\" - CHI DIURNO. AF_08/2015","CHOR - CUSTOS HORÁRIOS DE MÁQUINAS E EQUIPAMENTOS",null,"CHI",5.1799999999999999E-2,16.53,0.86]
["Composição Auxiliar"," 94974 ","SINAPI","CONCRETO MAGRO PARA LASTRO, TRAÇO 1:4,5:4,5 (CIMENTO/ AREIA MÉDIA/ BRITA 1)  - PREPARO MANUAL. AF_07/2016","FUES - FUNDAÇÕES E ESTRUTURAS",null,"m³",2.0999999999999999E-3,258.99,0.54]
["Composição Auxiliar"," 88262 ","SINAPI","CARPINTEIRO DE FORMAS COM ENCARGOS COMPLEMENTARES","SEDI - SERVIÇOS DIVERSOS",null,"H",0.8536144,19.260000000000002,16.440000000000001]
["Composição Auxiliar"," 88239 ","SINAPI","AJUDANTE DE CARPINTEIRO COM ENCARGOS COMPLEMENTARES","SEDI - SERVIÇOS DIVERSOS",null,"H",0.28453810000000002,15.66,4.46]
["Insumo"," 00001350 ","SINAPI","!EM PROCESSO DE DESATIVACAO! CHAPA DE MADEIRA COMPENSADA RESINADA PARA FORMA DE CONCRETO, DE *2,2 X 1,1* M, E = 10 MM","Material",null,"UN",0.43390000000000001,36.700000000000003,15.92]
["Insumo"," 00005061 ","SINAPI","PREGO DE ACO POLIDO COM CABECA 18 X 27 (2 1/2 X 10)","Material",null,"KG",6.2799999999999995E-2,7.81,0.49]
["Insumo"," 00004433 ","SINAPI","PECA DE MADEIRA NAO APARELHADA *7,5 X 7,5* CM (3 X 3 \") MACARANDUBA, ANGELIM OU EQUIVALENTE DA REGIAO","Material",null,"M",1.8032999999999999,6.14,11.07]
["Insumo"," 00003992 ","SINAPI","TABUA DE MADEIRA APARELHADA *2,5 X 30* CM, MACARANDUBA, ANGELIM OU EQUIVALENTE DA REGIAO","Material",null,"M",1.8032999999999999,13.62,24.56]
[{"$nulls":4},"MO sem LS =>",22.19,"LS =>",0.01,"MO com LS =>",22.2]
[{"$nulls":4},"Valor do BDI =>",20.563648000000001,null,"Valor com BDI =>",null,95.12]
[]
[null,"Código","Banco","Descrição","Tipo",null,"Und","Quant.","Valor Unit","Total"]
["Composição"," 98441 ","SINAPI","PAREDE DE MADEIRA COMPENSADA PARA CONSTRUÇÃO TEMPORÁRIA EM CHAPA SIMPLES, EXTERNA, COM ÁREA LÍQUIDA MAIOR OU IGUAL A 6 M², SEM VÃO. AF_05/2018","CANT - CANTEIRO DE OBRAS",null,"m²",1,62.46,62.46]
["Composição Auxiliar"," 91692 ","SINAPI","SERRA CIRCULAR DE BANCADA COM MOTOR ELÉTRICO POTÊNCIA DE 5HP, COM COIFA PARA DISCO 10\" - CHP DIURNO. AF_08/2015","CHOR - CUSTOS HORÁRIOS DE MÁQUINAS E EQUIPAMENTOS",null,"CHP",8.2000000000000007E-3,18.559999999999999,0.15]
["Composição Auxiliar"," 91693 ","SINAPI","SERRA CIRCULAR DE BANCADA COM MOTOR ELÉTRICO POTÊNCIA DE 5HP, COM COIFA PARA DISCO 10\" - CHI DIURNO. AF_08/2015","CHOR - CUSTOS HORÁRIOS DE MÁQUINAS E EQUIPAMENTOS",null,"CHI",3.5900000000000001E-2,16.53,0.59]
["Composição Auxiliar"," 94974 ","SINAPI","CONCRETO MAGRO PARA LASTRO, TRAÇO 1:4,5:4,5 (CIMENTO/ AREIA MÉDIA/ BRITA 1)  - PREPARO MANUAL. AF_07/2016","FUES - FUNDAÇÕES E ESTRUTURAS",null,"m³",1.5E-3,258.99,0.39]
["Composição Auxiliar"," 88262 ","SINAPI","CARPINTEIRO DE FORMAS COM ENCARGOS COMPLEMENTARES","SEDI - SERVIÇOS DIVERSOS",null,"H",0.58815039999999996,19.260000000000002,11.33]
["Composição Auxiliar"," 88239 ","SINAPI","AJUDANTE DE CARPINTEIRO COM ENCARGOS COMPLEMENTARES","SEDI - SERVIÇOS DIVERSOS",null,"H",0.1960761,15.66,3.07]
["Insumo"," 00001350 ","SINAPI","!EM PROCESSO DE DESATIVACAO! CHAPA DE MADEIRA COMPENSADA RESINADA PARA FORMA DE CONCRETO, DE *2,2 X 1,1* M, E = 10 MM","Material",null,"UN",0.43390000000000001,36.700000000000003,15.92]
["Insumo"," 00005061 ","SINAPI","PREGO DE ACO POLIDO COM CABECA 18 X 27 (2 1/2 X 10)","Material",null,"KG",5.1700000000000003E-2,7.81,0.4]
["Insumo"," 00004433 ","SINAPI","PECA DE MADEIRA NAO APARELHADA *7,5 X 7,5* CM (3 X 3 \") MACARANDUBA, ANGELIM OU EQUIVALENTE DA REGIAO","Material",null,"M",1.2307999999999999,6.14,7.56]
["Insumo"," 00003992 ","SINAPI","TABUA DE MADEIRA APARELHADA *2,5 X 30* CM, MACARANDUBA, ANGELIM OU EQUIVALENTE DA REGIAO","Material",null,"M",1.6922999999999999,13.62,23.05]
[{"$nulls":4},"MO sem LS =>",15.3,"LS =>",0.01,"MO com LS =>",15.31]
[{"$nulls":4},"Valor do BDI =>",17.226468000000001,null,"Valor com BDI =>",null,79.69]
[]
[null,"Código","Banco","Descrição","Tipo",null,"Und","Quant.","Valor Unit","Total"]
["Composição"," 98446 ","SINAPI","PAREDE DE MADEIRA COMPENSADA PARA CONSTRUÇÃO TEMPORÁRIA EM CHAPA SIMPLES, EXTERNA, COM ÁREA LÍQUIDA MENOR QUE 6 M², COM VÃO. AF_05/2018","CANT - CANTEIRO DE OBRAS",null,"m²",1,96.1,96.1]
["Composição Auxiliar"," 91692 ","SINAPI","SERRA CIRCULAR DE BANCADA COM MOTOR ELÉTRICO POTÊNCIA DE 5HP, COM COIFA PARA DISCO 10\" - CHP DIURNO. AF_08/2015","CHOR - CUSTOS HORÁRIOS DE MÁQUINAS E EQUIPAMENTOS",null,"CHP",1.7000000000000001E-2,18.559999999999999,0.32]
["Composição Auxiliar"," 91693 ","SINAPI","SERRA CIRCULAR DE BANCADA COM MOTOR ELÉTRICO POTÊNCIA DE 5HP, COM COIFA PARA DISCO 10\" - CHI DIURNO. AF_08/2015","CHOR - CUSTOS HORÁRIOS DE MÁQUINAS E EQUIPAMENTOS",null,"CHI",7.4399999999999994E-2,16.53,1.23]
["Composição Auxiliar"," 94974 ","SINAPI","CONCRETO MAGRO PARA LASTRO, TRAÇO 1:4,5:4,5 (CIMENTO/ AREIA MÉDIA/ BRITA 1)  - PREPARO MANUAL. AF_07/2016","FUES - FUNDAÇÕES E ESTRUTURAS",null,"m³",3.0999999999999999E-3,258.99,0.8]
["Composição Auxiliar"," 88262 ","SINAPI","CARPINTEIRO DE FORMAS COM ENCARGOS COMPLEMENTARES","SEDI - SERVIÇOS DIVERSOS",null,"H",1.4083231,19.260000000000002,27.12]
["Composição Auxiliar"," 88239 ","SINAPI","AJUDANTE DE CARPINTEIRO COM ENCARGOS COMPLEMENTARES","SEDI - SERVIÇOS DIVERSOS",null,"H",0.46946700000000002,15.66,7.35]
["Insumo"," 00001350 ","SINAPI","!EM PROCESSO DE DESATIVACAO! CHAPA DE MADEIRA COMPENSADA RESINADA PARA FORMA DE CONCRETO, DE *2,2 X 1,1* M, E = 10 MM","Material",null,"UN",0.43390000000000001,36.700000000000003,15.92]
["Insumo"," 00005061 ","SINAPI","PREGO DE ACO POLIDO COM CABECA 18 X 27 (2 1/2 X 10)","Material",null,"KG",7.8399999999999997E-2,7.81,0.61]
["Insumo"," 00004433 ","SINAPI","PECA DE MADEIRA NAO APARELHADA *7,5 X 7,5* CM (3 X 3 \") MACARANDUBA, ANGELIM OU EQUIVALENTE DA REGIAO","Material",null,"M",2.6139000000000001,6.14,16.05]
["Insumo"," 00003992 ","SINAPI","TABUA DE MADEIRA APARELHADA *2,5 X 30* CM, MACARANDUBA, ANGELIM OU EQUIVALENTE DA REGIAO","Material",null,"M",1.9603999999999999,13.62,26.7]
[{"$nulls":4},"MO sem LS =>",36.33,"LS =>",0,"MO com LS =>",36.33]
[{"$nulls":4},"Valor do BDI =>",26.504380000000001,null,"Valor com BDI =>",null,122.6]
[]
[null,"Código","Banco","Descrição","Tipo",null,"Und","Quant.","Valor Unit","Total"]
["Composição"," 98442 ","SINAPI","PAREDE DE MADEIRA COMPENSADA PARA CONSTRUÇÃO TEMPORÁRIA EM CHAPA SIMPLES, EXTERNA, COM ÁREA LÍQUIDA MENOR QUE 6 M², SEM VÃO. AF_05/2018","CANT - CANTEIRO DE OBRAS",null,"m²",1,64.31,64.31]
["Composição Auxiliar"," 91692 ","SINAPI","SERRA CIRCULAR DE BANCADA COM MOTOR ELÉTRICO POTÊNCIA DE 5HP, COM COIFA PARA DISCO 10\" - CHP DIURNO. AF_08/2015","CHOR - CUSTOS HORÁRIOS DE MÁQUINAS E EQUIPAMENTOS",null,"CHP",7.6E-3,18.559999999999999,0.14000000000000001]
["Composição Auxiliar"," 91693 ","SINAPI","SERRA CIRCULAR DE BANCADA COM MOTOR ELÉTRICO POTÊNCIA DE 5HP, COM COIFA PARA DISCO 10\" - CHI DIURNO. AF_08/2015","CHOR - CUSTOS HORÁRIOS DE MÁQUINAS E EQUIPAMENTOS",null,"CHI",3.32E-2,16.53,0.55000000000000004]
["Composição Auxiliar"," 94974 ","SINAPI","CONCRETO MAGRO PARA LASTRO, TRAÇO 1:4,5:4,5 (CIMENTO/ AREIA MÉDIA/ BRITA 1)  - PREPARO MANUAL. AF_07/2016","FUES - FUNDAÇÕES E ESTRUTURAS",null,"m³",1.5E-3,258.99,0.39]
["Composição Auxiliar"," 88262 ","SINAPI","CARPINTEIRO DE FORMAS COM ENCARGOS COMPLEMENTARES","SEDI - SERVIÇOS DIVERSOS",null,"H",0.66586409999999996,19.260000000000002,12.82]
["Composição Auxiliar"," 88239 ","SINAPI","AJUDANTE DE CARPINTEIRO COM ENCARGOS COMPLEMENTARES","SEDI - SERVIÇOS DIVERSOS",null,"H",0.22195480000000001,15.66,3.48]
["Insumo"," 00001350 ","SINAPI","!EM PROCESSO DE DESATIVACAO! CHAPA DE MADEIRA COMPENSADA RESINADA PARA FORMA DE CONCRETO, DE *2,2 X 1,1* M, E = 10 MM","Material",null,"UN",0.43390000000000001,36.700000000000003,15.92]
["Insumo"," 00005061 ","SINAPI","PREGO DE ACO POLIDO COM CABECA 18 X 27 (2 1/2 X 10)","Material",null,"KG",5.1700000000000003E-2,7.81,0.4]
["Insumo"," 00004433 ","SINAPI","PECA DE MADEIRA NAO APARELHADA *7,5 X 7,5* CM (3 X 3 \") MACARANDUBA, ANGELIM OU EQUIVALENTE DA REGIAO","Material",null,"M",1.2307999999999999,6.14,7.56]
["Insumo"," 00003992 ","SINAPI","TABUA DE MADEIRA APARELHADA *2,5 X 30* CM, MACARANDUBA, ANGELIM OU EQUIVALENTE DA REGIAO","Material",null,"M",1.6922999999999999,13.62,23.05]
[{"$nulls":4},"MO sem LS =>",17.149999999999999,"LS =>",0.01,"MO com LS =>",17.16]
[{"$nulls":4},"Valor do BDI =>",17.736698000000001,null,"Valor com BDI =>",null,82.05]
[]
[null,"Código","Banco","Descrição","Tipo",null,"Und","Quant.","Valor Unit","Total"]
["Composição"," 98447 ","SINAPI","PAREDE DE MADEIRA COMPENSADA PARA CONSTRUÇÃO TEMPORÁRIA EM CHAPA SIMPLES, INTERNA, COM ÁREA LÍQUIDA MAIOR OU IGUAL A 6 M², COM VÃO. AF_05/2018","CANT - CANTEIRO DE OBRAS",null,"m²",1,62.59,62.59]
["Composição Auxiliar"," 91692 ","SINAPI","SERRA CIRCULAR DE BANCADA COM MOTOR ELÉTRICO POTÊNCIA DE 5HP, COM COIFA PARA DISCO 10\" - CHP DIURNO. AF_08/2015","CHOR - CUSTOS HORÁRIOS DE MÁQUINAS E EQUIPAMENTOS",null,"CHP",1.1900000000000001E-2,18.559999999999999,0.22]
["Composição Auxiliar"," 91693 ","SINAPI","SERRA CIRCULAR DE BANCADA COM MOTOR ELÉTRICO POTÊNCIA DE 5HP, COM COIFA PARA DISCO 10\" - CHI DIURNO. AF_08/2015","CHOR - CUSTOS HORÁRIOS DE MÁQUINAS E EQUIPAMENTOS",null,"CHI",5.1799999999999999E-2,16.53,0.86]
["Composição Auxiliar"," 88262 ","SINAPI","CARPINTEIRO DE FORMAS COM ENCARGOS COMPLEMENTARES","SEDI - SERVIÇOS DIVERSOS",null,"H",0.47142119999999998,19.260000000000002,9.08]
["Composição Auxiliar"," 88239 ","SINAPI","AJUDANTE DE CARPINTEIRO COM ENCARGOS COMPLEMENTARES","SEDI - SERVIÇOS DIVERSOS",null,"H",0.15711430000000001,15.66,2.46]
["Insumo"," 00001350 ","SINAPI","!EM PROCESSO DE DESATIVACAO! CHAPA DE MADEIRA COMPENSADA RESINADA PARA FORMA DE CONCRETO, DE *2,2 X 1,1* M, E = 10 MM","Material",null,"UN",0.43390000000000001,36.700000000000003,15.92]
["Insumo"," 00005061 ","SINAPI","PREGO DE ACO POLIDO COM CABECA 18 X 27 (2 1/2 X 10)","Material",null,"KG",6.2799999999999995E-2,7.81,0.49]
["Insumo"," 00004433 ","SINAPI","PECA DE MADEIRA NAO APARELHADA *7,5 X 7,5* CM (3 X 3 \") MACARANDUBA, ANGELIM OU EQUIVALENTE DA REGIAO","Material",null,"M",1.4652000000000001,6.14,9]
["Insumo"," 00003992 ","SINAPI","TABUA DE MADEIRA APARELHADA *2,5 X 30* CM, MACARANDUBA, ANGELIM OU EQUIVALENTE DA REGIAO","Material",null,"M",1.8032999999999999,13.62,24.56]
[{"$nulls":4},"MO sem LS =>",12.59,"LS =>",0,"MO com LS =>",12.59]
[{"$nulls":4},"Valor do BDI =>",17.262322000000001,null,"Valor com BDI =>",null,79.849999999999994]
[]
[null,"Código","Banco","Descrição","Tipo",null,"Und","Quant.","Valor Unit","Total"]
["Composição"," 98443 ","SINAPI","PAREDE DE MADEIRA COMPENSADA PARA CONSTRUÇÃO TEMPORÁRIA EM CHAPA SIMPLES, INTERNA, COM ÁREA LÍQUIDA MAIOR OU IGUAL A 6 M², SEM VÃO. AF_05/2018","CANT - CANTEIRO DE OBRAS",null,"m²",1,53.74,53.74]
["Composição Auxiliar"," 91692 ","SINAPI","SERRA CIRCULAR DE BANCADA COM MOTOR ELÉTRICO POTÊNCIA DE 5HP, COM COIFA PARA DISCO 10\" - CHP DIURNO. AF_08/2015","CHOR - CUSTOS HORÁRIOS DE MÁQUINAS E EQUIPAMENTOS",null,"CHP",8.2000000000000007E-3,18.559999999999999,0.15]
["Composição Auxiliar"," 91693 ","SINAPI","SERRA CIRCULAR DE BANCADA COM MOTOR ELÉTRICO POTÊNCIA DE 5HP, COM COIFA PARA DISCO 10\" - CHI DIURNO. AF_08/2015","CHOR - CUSTOS HORÁRIOS DE MÁQUINAS E EQUIPAMENTOS",null,"CHI",3.5900000000000001E-2,16.53,0.59]
["Composição Auxiliar"," 88262 ","SINAPI","CARPINTEIRO DE FORMAS COM ENCARGOS COMPLEMENTARES","SEDI - SERVIÇOS DIVERSOS",null,"H",0.3059906,19.260000000000002,5.89]
["Composição Auxiliar"," 88239 ","SINAPI","AJUDANTE DE CARPINTEIRO COM ENCARGOS COMPLEMENTARES","SEDI - SERVIÇOS DIVERSOS",null,"H",0.1020228,15.66,1.6]
["Insumo"," 00001350 ","SINAPI","!EM PROCESSO DE DESATIVACAO! CHAPA DE MADEIRA COMPENSADA RESINADA PARA FORMA DE CONCRETO, DE *2,2 X 1,1* M, E = 10 MM","Material",null,"UN",0.43390000000000001,36.700000000000003,15.92]
["Insumo"," 00005061 ","SINAPI","PREGO DE ACO POLIDO COM CABECA 18 X 27 (2 1/2 X 10)","Material",null,"KG",5.1700000000000003E-2,7.81,0.4]
["Insumo"," 00004433 ","SINAPI","PECA DE MADEIRA NAO APARELHADA *7,5 X 7,5* CM (3 X 3 \") MACARANDUBA, ANGELIM OU EQUIVALENTE DA REGIAO","Material",null,"M",1,6.14,6.14]
["Insumo"," 00003992 ","SINAPI","TABUA DE MADEIRA APARELHADA *2,5 X 30* CM, MACARANDUBA, ANGELIM OU EQUIVALENTE DA REGIAO","Material",null,"M",1.6922999999999999,13.62,23.05]
[{"$nulls":4},"MO sem LS =>",8.2200000000000006,"LS =>",0,"MO com LS =>",8.2200000000000006]
[{"$nulls":4},"Valor do BDI =>",14.821491999999999,null,"Valor com BDI =>",null,68.56]
[]
[null,"Código","Banco","Descrição","Tipo",null,"Und","Quant.","Valor Unit","Total"]
["Composição"," 98448 ","SINAPI","PAREDE DE MADEIRA COMPENSADA PARA CONSTRUÇÃO TEMPORÁRIA EM CHAPA SIMPLES, INTERNA, COM ÁREA LÍQUIDA MENOR QUE 6 M², COM VÃO. AF_05/2018","CANT - CANTEIRO DE OBRAS",null,"m²",1,78.930000000000007,78.930000000000007]
["Composição Auxiliar"," 91692 ","SINAPI","SERRA CIRCULAR DE BANCADA COM MOTOR ELÉTRICO POTÊNCIA DE 5HP, COM COIFA PARA DISCO 10\" - CHP DIURNO. AF_08/2015","CHOR - CUSTOS HORÁRIOS DE MÁQUINAS E EQUIPAMENTOS",null,"CHP",1.7000000000000001E-2,18.559999999999999,0.32]
["Composição Auxiliar"," 91693 ","SINAPI","SERRA CIRCULAR DE BANCADA COM MOTOR ELÉTRICO POTÊNCIA DE 5HP, COM COIFA PARA DISCO 10\" - CHI DIURNO. AF_08/2015","CHOR - CUSTOS HORÁRIOS DE MÁQUINAS E EQUIPAMENTOS",null,"CHI",7.4399999999999994E-2,16.53,1.23]
["Composição Auxiliar"," 88262 ","SINAPI","CARPINTEIRO DE FORMAS COM ENCARGOS COMPLEMENTARES","SEDI - SERVIÇOS DIVERSOS",null,"H",0.86221309999999995,19.260000000000002,16.61]
["Composição Auxiliar"," 88239 ","SINAPI","AJUDANTE DE CARPINTEIRO COM ENCARGOS COMPLEMENTARES","SEDI - SERVIÇOS DIVERSOS",null,"H",0.28737829999999998,15.66,4.5]
["Insumo"," 00001350 ","SINAPI","!EM PROCESSO DE DESATIVACAO! CHAPA DE MADEIRA COMPENSADA RESINADA PARA FORMA DE CONCRETO, DE *2,2 X 1,1* M, E = 10 MM","Material",null,"UN",0.43390000000000001,36.700000000000003,15.92]
["Insumo"," 00005061 ","SINAPI","PREGO DE ACO POLIDO COM CABECA 18 X 27 (2 1/2 X 10)","Material",null,"KG",7.8399999999999997E-2,7.81,0.61]
["Insumo"," 00004433 ","SINAPI","PECA DE MADEIRA NAO APARELHADA *7,5 X 7,5* CM (3 X 3 \") MACARANDUBA, ANGELIM OU EQUIVALENTE DA REGIAO","Material",null,"M",2.1238000000000001,6.14,13.04]
["Insumo"," 00003992 ","SINAPI","TABUA DE MADEIRA APARELHADA *2,5 X 30* CM, MACARANDUBA, ANGELIM OU EQUIVALENTE DA REGIAO","Material",null,"M",1.9603999999999999,13.62,26.7]
[{"$nulls":4},"MO sem LS =>",22.61,"LS =>",0,"MO com LS =>",22.61]
[{"$nulls":4},"Valor do BDI =>",21.768894,null,"Valor com BDI =>",null,100.7]
[]
[null,"Código","Banco","Descrição","Tipo",null,"Und","Quant.","Valor Unit","Total"]
["Composição"," 98444 ","SINAPI","PAREDE DE MADEIRA COMPENSADA PARA CONSTRUÇÃO TEMPORÁRIA EM CHAPA SIMPLES, INTERNA, COM ÁREA LÍQUIDA MENOR QUE 6 M², SEM VÃO. AF_05/2018","CANT - CANTEIRO DE OBRAS",null,"m²",1,55.06,55.06]
["Composição Auxiliar"," 91692 ","SINAPI","SERRA CIRCULAR DE BANCADA COM MOTOR ELÉTRICO POTÊNCIA DE 5HP, COM COIFA PARA DISCO 10\" - CHP DIURNO. AF_08/2015","CHOR - CUSTOS HORÁRIOS DE MÁQUINAS E EQUIPAMENTOS",null,"CHP",7.6E-3,18.559999999999999,0.14000000000000001]
["Composição Auxiliar"," 91693 ","SINAPI","SERRA CIRCULAR DE BANCADA COM MOTOR ELÉTRICO POTÊNCIA DE 5HP, COM COIFA PARA DISCO 10\" - CHI DIURNO. AF_08/2015","CHOR - CUSTOS HORÁRIOS DE MÁQUINAS E EQUIPAMENTOS",null,"CHI",3.32E-2,16.53,0.55000000000000004]
["Composição Auxiliar"," 88262 ","SINAPI","CARPINTEIRO DE FORMAS COM ENCARGOS COMPLEMENTARES","SEDI - SERVIÇOS DIVERSOS",null,"H",0.36170970000000002,19.260000000000002,6.97]
["Composição Auxiliar"," 88239 ","SINAPI","AJUDANTE DE CARPINTEIRO COM ENCARGOS COMPLEMENTARES","SEDI - SERVIÇOS DIVERSOS",null,"H",0.12056989999999999,15.66,1.89]
["Insumo"," 00001350 ","SINAPI","!EM PROCESSO DE DESATIVACAO! CHAPA DE MADEIRA COMPENSADA RESINADA PARA FORMA DE CONCRETO, DE *2,2 X 1,1* M, E = 10 MM","Material",null,"UN",0.43390000000000001,36.700000000000003,15.92]
["Insumo"," 00005061 ","SINAPI","PREGO DE ACO POLIDO COM CABECA 18 X 27 (2 1/2 X 10)","Material",null,"KG",5.1700000000000003E-2,7.81,0.4]
["Insumo"," 00004433 ","SINAPI","PECA DE MADEIRA NAO APARELHADA *7,5 X 7,5* CM (3 X 3 \") MACARANDUBA, ANGELIM OU EQUIVALENTE DA REGIAO","Material",null,"M",1,6.14,6.14]
["Insumo"," 00003992 ","SINAPI","TABUA DE MADEIRA APARELHADA *2,5 X 30* CM, MACARANDUBA, ANGELIM OU EQUIVALENTE DA REGIAO","Material",null,"M",1.6922999999999999,13.62,23.05]
[{"$nulls":4},"MO sem LS =>",9.5299999999999994,"LS =>",0.01,"MO com LS =>",9.5399999999999991]
[{"$nulls":4},"Valor do BDI =>",15.185548000000001,null,"Valor com BDI =>",null,70.25]
[]
[null,"Código","Banco","Descrição","Tipo",null,"Und","Quant.","Valor Unit","Total"]
["Composição"," 88309 ","SINAPI","PEDREIRO COM ENCARGOS COMPLEMENTARES","SEDI - SERVIÇOS DIVERSOS",null,"H",1,19.399999999999999,19.399999999999999]
["Composição Auxiliar"," 95371 ","SINAPI","CURSO DE CAPACITAÇÃO PARA PEDREIRO (ENCARGOS COMPLEMENTARES) - HORISTA","SEDI - SERVIÇOS DIVERSOS",null,"H",1,0.22,0.22]
["Insumo"," 00037370 ","SINAPI","ALIMENTACAO - HORISTA (COLETADO CAIXA)","Mão de Obra",null,"H",1,1.77,1.77]
["Insumo"," 00043489 ","SINAPI","EPI - FAMILIA PEDREIRO - HORISTA (ENCARGOS COMPLEMENTARES - COLETADO CAIXA)","Mão de Obra",null,"H",1,0.96,0.96]
["Insumo"," 00037372 ","SINAPI","EXAMES - HORISTA (COLETADO CAIXA)","Mão de Obra",null,"H",1,0.35,0.35]
["Insumo"," 00043465 ","SINAPI","FERRAMENTAS - FAMILIA PEDREIRO - HORISTA (ENCARGOS COMPLEMENTARES - COLETADO CAIXA)","Mão de Obra",null,"H",1,0.5,0.5]
["Insumo"," 00004750 ","SINAPI","PEDREIRO","Mão de Obra",null,"H",1,14.86,14.86]
["Insumo"," 00037373 ","SINAPI","SEGURO - HORISTA (COLETADO CAIXA)","Mão de Obra",null,"H",1,7.0000000000000007E-2,7.0000000000000007E-2]
["Insumo"," 00037371 ","SINAPI","TRANSPORTE - HORISTA (COLETADO CAIXA)","Mão de Obra",null,"H",1,0.67,0.67]
[{"$nulls":4},"MO sem LS =>",19.399999999999999,"LS =>",0,"MO com LS =>",19.399999999999999]
[{"$nulls":4},"Valor do BDI =>",5.3505200000000004,null,"Valor com BDI =>",null,24.75]
[]
[null,"Código","Banco","Descrição","Tipo",null,"Und","Quant.","Valor Unit","Total"]
["Composição"," 97734 ","SINAPI","PEÇA RETANGULAR PRÉ-MOLDADA, VOLUME DE CONCRETO DE 10 A 30 LITROS, TAXA DE AÇO APROXIMADA DE 30KG/M³. AF_01/2018","FUES - FUNDAÇÕES E ESTRUTURAS",null,"m³",1,1591.5,1591.5]
["Composição Auxiliar"," 91692 ","SINAPI","SERRA CIRCULAR DE BANCADA COM MOTOR ELÉTRICO POTÊNCIA DE 5HP, COM COIFA PARA DISCO 10\" - CHP DIURNO. AF_08/2015","CHOR - CUSTOS HORÁRIOS DE MÁQUINAS E EQUIPAMENTOS",null,"CHP",0.48770000000000002,18.559999999999999,9.0500000000000007]
["Composição Auxiliar"," 90587 ","SINAPI","VIBRADOR DE IMERSÃO, DIÂMETRO DE PONTEIRA 45MM, MOTOR ELÉTRICO TRIFÁSICO POTÊNCIA DE 2 CV - CHI DIURNO. AF_06/2015","CHOR - CUSTOS HORÁRIOS DE MÁQUINAS E EQUIPAMENTOS",null,"CHI",18.246200000000002,0.25,4.5599999999999996]
["Composição Auxiliar"," 90586 ","SINAPI","VIBRADOR DE IMERSÃO, DIÂMETRO DE PONTEIRA 45MM, MOTOR ELÉTRICO TRIFÁSICO POTÊNCIA DE 2 CV - CHP DIURNO. AF_06/2015","CHOR - CUSTOS HORÁRIOS DE MÁQUINAS E EQUIPAMENTOS",null,"CHP",6.6349999999999998,1.2,7.96]
["Composição Auxiliar"," 91693 ","SINAPI","SERRA CIRCULAR DE BANCADA COM MOTOR ELÉTRICO POTÊNCIA DE 5HP, COM COIFA PARA DISCO 10\" - CHI DIURNO. AF_08/2015","CHOR - CUSTOS HORÁRIOS DE MÁQUINAS E EQUIPAMENTOS",null,"CHI",0.70430000000000004,16.53,11.64]
["Composição Auxiliar"," 92783 ","SINAPI","ARMAÇÃO DE LAJE DE UMA ESTRUTURA CONVENCIONAL DE CONCRETO ARMADO EM UMA EDIFICAÇÃO TÉRREA OU SOBRADO UTILIZANDO AÇO CA-60 DE 4,2 MM - MONTAGEM. AF_12/2015","FUES - FUNDAÇÕES E ESTRUTURAS",null,"KG",27.898800000000001,8.9,248.3]
["Composição Auxiliar"," 94971 ","SINAPI","CONCRETO FCK = 25MPA, TRAÇO 1:2,3:2,7 (CIMENTO/ AREIA MÉDIA/ BRITA 1)  - PREPARO MECÂNICO COM BETONEIRA 600 L. AF_07/2016","FUES - FUNDAÇÕES E ESTRUTURAS",null,"m³",1.2,249.09,298.91000000000003]
["Composição Auxiliar"," 88316 ","SINAPI","SERVENTE COM ENCARGOS COMPLEMENTARES","SEDI - SERVIÇOS DIVERSOS",null,"H",24.664453099999999,14.96,368.98]
["Composição Auxiliar"," 88309 ","SINAPI","PEDREIRO COM ENCARGOS COMPLEMENTARES","SEDI - SERVIÇOS DIVERSOS",null,"H",24.664453099999999,19.399999999999999,478.49]
["Composição Auxiliar"," 88239 ","SINAPI","AJUDANTE DE CARPINTEIRO COM ENCARGOS COMPLEMENTARES","SEDI - SERVIÇOS DIVERSOS",null,"H",0.93197609999999997,15.66,14.59]
["Composição Auxiliar"," 88261 ","SINAPI","CARPINTEIRO DE ESQUADRIA COM ENCARGOS COMPLEMENTARES","SEDI - SERVIÇOS DIVERSOS",null,"H",4.6598810000000004,19.29,89.89]
["Insumo"," 00001358 ","SINAPI","CHAPA DE MADEIRA COMPENSADA RESINADA PARA FORMA DE CONCRETO, DE *2,2 X 1,1* M, E = 17 MM","Material",null,"m²",1.9403999999999999,24.92,48.35]
["Insumo"," 00002692 ","SINAPI","DESMOLDANTE PROTETOR PARA FORMAS DE MADEIRA, DE BASE OLEOSA EMULSIONADA EM AGUA","Material",null,"L",8.3299999999999999E-2,4.1900000000000004,0.35]
["Insumo"," 00020247 ","SINAPI","PREGO DE ACO POLIDO COM CABECA 15 X 15 (1 1/4 X 13)","Material",null,"KG",0.4365,8.7899999999999991,3.84]
["Insumo"," 00004517 ","SINAPI","SARRAFO DE MADEIRA NAO APARELHADA *2,5 X 7,5* CM (1 X 3 \") PINUS, MISTA OU EQUIVALENTE DA REGIAO","Material",null,"M",5.6283000000000003,1.17,6.59]
[{"$nulls":4},"MO sem LS =>",1153.1300000000001,"LS =>",0,"MO com LS =>",1153.1300000000001]
[{"$nulls":4},"Valor do BDI =>",438.9357,null,"Valor com BDI =>",null,2030.44]
[]
[null,"Código","Banco","Descrição","Tipo",null,"Und","Quant.","Valor Unit","Total"]
["Composição"," 88310 ","SINAPI","PINTOR COM ENCARGOS COMPLEMENTARES","SEDI - SERVIÇOS DIVERSOS",null,"H",1,20.5,20.5]
["Composição Auxiliar"," 95372 ","SINAPI","CURSO DE CAPACITAÇÃO PARA PINTOR (ENCARGOS COMPLEMENTARES) - HORISTA","SEDI - SERVIÇOS DIVERSOS",null,"H",1,0.15,0.15]
["Insumo"," 00037370 ","SINAPI","ALIMENTACAO - HORISTA (COLETADO CAIXA)","Mão de Obra",null,"H",1,1.77,1.77]
["Insumo"," 00043490 ","SINAPI","EPI - FAMILIA PINTOR - HORISTA (ENCARGOS COMPLEMENTARES - COLETADO CAIXA)","Mão de Obra",null,"H",1,1.46,1.46]
["Insumo"," 00037372 ","SINAPI","EXAMES - HORISTA (COLETADO CAIXA)","Mão de Obra",null,"H",1,0.35,0.35]
["Insumo"," 00043466 ","SINAPI","FERRAMENTAS - FAMILIA PINTOR - HORISTA (ENCARGOS COMPLEMENTARES - COLETADO CAIXA)","Mão de Obra",null,"H",1,1.17,1.17]
["Insumo"," 00037373 ","SINAPI","SEGURO - HORISTA (COLETADO CAIXA)","Mão de Obra",null,"H",1,7.0000000000000007E-2,7.0000000000000007E-2]
["Insumo"," 00004783 ","SINAPI","PINTOR","Mão de Obra",null,"H",1,14.86,14.86]
["Insumo"," 00037371 ","SINAPI","TRANSPORTE - HORISTA (COLETADO CAIXA)","Mão de Obra",null,"H",1,0.67,0.67]
[{"$nulls":4},"MO sem LS =>",20.5,"LS =>",0,"MO com LS =>",20.5]
[{"$nulls":4},"Valor do BDI =>",5.6539000000000001,null,"Valor com BDI =>",null,26.15]
[]
[null,"Código","Banco","Descrição","Tipo",null,"Und","Quant.","Valor Unit","Total"]
["Composição"," 100760 ","SINAPI","PINTURA COM TINTA ALQUÍDICA DE ACABAMENTO (ESMALTE SINTÉTICO BRILHANTE) APLICADA A ROLO OU PINCEL SOBRE SUPERFÍCIES METÁLICAS (EXCETO PERFIL) EXECUTADO EM OBRA (02 DEMÃOS). AF_01/2020","PINT - PINTURAS",null,"m²",1,26.52,26.52]
["Composição Auxiliar"," 88310 ","SINAPI","PINTOR COM ENCARGOS COMPLEMENTARES","SEDI - SERVIÇOS DIVERSOS",null,"H",1.0582201,20.5,21.69]
["Insumo"," 00005318 ","SINAPI","SOLVENTE DILUENTE A BASE DE AGUARRAS","Material",null,"L",2.5499999999999998E-2,10.93,0.28000000000000003]
["Insumo"," 00007292 ","SINAPI","TINTA ESMALTE SINTETICO PREMIUM BRILHANTE","Material",null,"L",0.25490000000000002,17.84,4.55]
[{"$nulls":4},"MO sem LS =>",21.69,"LS =>",0,"MO com LS =>",21.69]
[{"$nulls":4},"Valor do BDI =>",7.3142160000000001,null,"Valor com BDI =>",null,33.83]
[]
[null,"Código","Banco","Descrição","Tipo",null,"Und","Quant.","Valor Unit","Total"]
["Composição"," 98679 ","SINAPI","PISO CIMENTADO, TRAÇO 1:3 (CIMENTO E AREIA), ACABAMENTO LISO, ESPESSURA 2,0 CM, PREPARO MECÂNICO DA ARGAMASSA. AF_06/2018","PISO - PISOS",null,"m²",1,19.59,19.59]
["Composição Auxiliar"," 87298 ","SINAPI","ARGAMASSA TRAÇO 1:3 (EM VOLUME DE CIMENTO E AREIA MÉDIA ÚMIDA) PARA CONTRAPISO, PREPARO MECÂNICO COM BETONEIRA 400 L. AF_08/2019","SEDI - SERVIÇOS DIVERSOS",null,"m³",3.1E-2,348.69,10.81]
["Composição Auxiliar"," 88316 ","SINAPI","SERVENTE COM ENCARGOS COMPLEMENTARES","SEDI - SERVIÇOS DIVERSOS",null,"H",0.13766110000000001,14.96,2.06]
["Composição Auxiliar"," 88309 ","SINAPI","PEDREIRO COM ENCARGOS COMPLEMENTARES","SEDI - SERVIÇOS DIVERSOS",null,"H",0.27532129999999999,19.399999999999999,5.34]
["Insumo"," 00001379 ","SINAPI","CIMENTO PORTLAND COMPOSTO CP II-32","Material",null,"KG",0.5,0.46,0.23]
["Insumo"," 00003671 ","SINAPI","JUNTA PLASTICA DE DILATACAO PARA PISOS, COR CINZA, 17 X 3 MM (ALTURA X ESPESSURA)","Material",null,"M",1.67,0.69,1.1499999999999999]
[{"$nulls":4},"MO sem LS =>",9.1999999999999993,"LS =>",0,"MO com LS =>",9.1999999999999993]
[{"$nulls":4},"Valor do BDI =>",5.4029220000000002,null,"Valor com BDI =>",null,24.99]
[]
[null,"Código","Banco","Descrição","Tipo",null,"Und","Quant.","Valor Unit","Total"]
["Composição"," 89957 ","SINAPI","PONTO DE CONSUMO TERMINAL DE ÁGUA FRIA (SUBRAMAL) COM TUBULAÇÃO DE PVC, DN 25 MM, INSTALADO EM RAMAL DE ÁGUA, INCLUSOS RASGO E CHUMBAMENTO EM ALVENARIA. AF_12/2014","INHI - INSTALAÇÕES HIDROS SANITÁRIAS",null,"UN",1,77.81,77.81]
["Composição Auxiliar"," 89395 ","SINAPI","TE, PVC, SOLDÁVEL, DN 25MM, INSTALADO EM RAMAL OU SUB-RAMAL DE ÁGUA - FORNECIMENTO E INSTALAÇÃO. AF_12/2014","INHI - INSTALAÇÕES HIDROS SANITÁRIAS",null,"UN",0.89,6.91,6.15]
["Composição Auxiliar"," 89356 ","SINAPI","TUBO, PVC, SOLDÁVEL, DN 25MM, INSTALADO EM RAMAL OU SUB-RAMAL DE ÁGUA - FORNECIMENTO E INSTALAÇÃO. AF_12/2014","INHI - INSTALAÇÕES HIDROS SANITÁRIAS",null,"M",2.14,11.92,25.51]
["Composição Auxiliar"," 89366 ","SINAPI","JOELHO 90 GRAUS COM BUCHA DE LATÃO, PVC, SOLDÁVEL, DN 25MM, X 3/4\u0094 INSTALADO EM RAMAL OU SUB-RAMAL DE ÁGUA - FORNECIMENTO E INSTALAÇÃO. AF_12/2014","INHI - INSTALAÇÕES HIDROS SANITÁRIAS",null,"UN",1,8.39,8.39]
["Composição Auxiliar"," 89362 ","SINAPI","JOELHO 90 GRAUS, PVC, SOLDÁVEL, DN 25MM, INSTALADO EM RAMAL OU SUB-RAMAL DE ÁGUA - FORNECIMENTO E INSTALAÇÃO. AF_12/2014","INHI - INSTALAÇÕES HIDROS SANITÁRIAS",null,"UN",1.18,4.9800000000000004,5.88]
["Composição Auxiliar"," 90443 ","SINAPI","RASGO EM ALVENARIA PARA RAMAIS/ DISTRIBUIÇÃO COM DIAMETROS MENORES OU IGUAIS A 40 MM. AF_05/2015","INHI - INSTALAÇÕES HIDROS SANITÁRIAS",null,"M",2.14,7.45,15.94]
["Composição Auxiliar"," 90466 ","SINAPI","CHUMBAMENTO LINEAR EM ALVENARIA PARA RAMAIS/DISTRIBUIÇÃO COM DIÂMETROS MENORES OU IGUAIS A 40 MM. AF_05/2015","INHI - INSTALAÇÕES HIDROS SANITÁRIAS",null,"M",2.14,7.45,15.94]
[{"$nulls":4},"MO sem LS =>",64.31,"LS =>",0.02,"MO com LS =>",64.33]
[{"$nulls":4},"Valor do BDI =>",21.459997999999999,null,"Valor com BDI =>",null,99.27]
[]
[null,"Código","Banco","Descrição","Tipo",null,"Und","Quant.","Valor Unit","Total"]
["Composição"," 93128 ","SINAPI","PONTO DE ILUMINAÇÃO RESIDENCIAL INCLUINDO INTERRUPTOR SIMPLES, CAIXA ELÉTRICA, ELETRODUTO, CABO, RASGO, QUEBRA E CHUMBAMENTO (EXCLUINDO LUMINÁRIA E LÂMPADA). AF_01/2016","INEL - INSTALAÇÃO ELÉTRICA/ELETRIFICAÇÃO E ILUMINAÇÃO EXTERNA",null,"UN",1,82.69,82.69]
["Composição Auxiliar"," 91842 ","SINAPI","ELETRODUTO FLEXÍVEL CORRUGADO, PVC, DN 20 MM (1/2\"), PARA CIRCUITOS TERMINAIS, INSTALADO EM LAJE - FORNECIMENTO E INSTALAÇÃO. AF_12/2015","INEL - INSTALAÇÃO ELÉTRICA/ELETRIFICAÇÃO E ILUMINAÇÃO EXTERNA",null,"M",2,3.08,6.16]
["Composição Auxiliar"," 91852 ","SINAPI","ELETRODUTO FLEXÍVEL CORRUGADO, PVC, DN 20 MM (1/2\"), PARA CIRCUITOS TERMINAIS, INSTALADO EM PAREDE - FORNECIMENTO E INSTALAÇÃO. AF_12/2015","INEL - INSTALAÇÃO ELÉTRICA/ELETRIFICAÇÃO E ILUMINAÇÃO EXTERNA",null,"M",2.2000000000000002,4.51,9.92]
["Composição Auxiliar"," 91940 ","SINAPI","CAIXA RETANGULAR 4\" X 2\" MÉDIA (1,30 M DO PISO), PVC, INSTALADA EM PAREDE - FORNECIMENTO E INSTALAÇÃO. AF_12/2015","INEL - INSTALAÇÃO ELÉTRICA/ELETRIFICAÇÃO E ILUMINAÇÃO EXTERNA",null,"UN",1,8.31,8.31]
["Composição Auxiliar"," 91953 ","SINAPI","INTERRUPTOR SIMPLES (1 MÓDULO), 10A/250V, INCLUINDO SUPORTE E PLACA - FORNECIMENTO E INSTALAÇÃO. AF_12/2015","INEL - INSTALAÇÃO ELÉTRICA/ELETRIFICAÇÃO E ILUMINAÇÃO EXTERNA",null,"UN",1,16.61,16.61]
["Composição Auxiliar"," 91937 ","SINAPI","CAIXA OCTOGONAL 3\" X 3\", PVC, INSTALADA EM LAJE - FORNECIMENTO E INSTALAÇÃO. AF_12/2015","INEL - INSTALAÇÃO ELÉTRICA/ELETRIFICAÇÃO E ILUMINAÇÃO EXTERNA",null,"UN",0.375,6.23,2.34]
["Composição Auxiliar"," 91924 ","SINAPI","CABO DE COBRE FLEXÍVEL ISOLADO, 1,5 MM², ANTI-CHAMA 450/750 V, PARA CIRCUITOS TERMINAIS - FORNECIMENTO E INSTALAÇÃO. AF_12/2015","INEL - INSTALAÇÃO ELÉTRICA/ELETRIFICAÇÃO E ILUMINAÇÃO EXTERNA",null,"M",8.4,1.48,12.43]
["Composição Auxiliar"," 90456 ","SINAPI","QUEBRA EM ALVENARIA PARA INSTALAÇÃO DE CAIXA DE TOMADA (4X4 OU 4X2). AF_05/2015","INHI - INSTALAÇÕES HIDROS SANITÁRIAS",null,"UN",1,2.39,2.39]
["Composição Auxiliar"," 90466 ","SINAPI","CHUMBAMENTO LINEAR EM ALVENARIA PARA RAMAIS/DISTRIBUIÇÃO COM DIÂMETROS MENORES OU IGUAIS A 40 MM. AF_05/2015","INHI - INSTALAÇÕES HIDROS SANITÁRIAS",null,"M",2.2000000000000002,7.45,16.39]
["Composição Auxiliar"," 90447 ","SINAPI","RASGO EM ALVENARIA PARA ELETRODUTOS COM DIAMETROS MENORES OU IGUAIS A 40 MM. AF_05/2015","INHI - INSTALAÇÕES HIDROS SANITÁRIAS",null,"M",2.2000000000000002,3.7,8.14]
[{"$nulls":4},"MO sem LS =>",58.59,"LS =>",0.05,"MO com LS =>",58.64]
[{"$nulls":4},"Valor do BDI =>",22.805902,null,"Valor com BDI =>",null,105.5]
[]
[null,"Código","Banco","Descrição","Tipo",null,"Und","Quant.","Valor Unit","Total"]
["Composição"," 93141 ","SINAPI","PONTO DE TOMADA RESIDENCIAL INCLUINDO TOMADA 10A/250V, CAIXA ELÉTRICA, ELETRODUTO, CABO, RASGO, QUEBRA E CHUMBAMENTO. AF_01/2016","INEL - INSTALAÇÃO ELÉTRICA/ELETRIFICAÇÃO E ILUMINAÇÃO EXTERNA",null,"UN",1,99.94,99.94]
["Composição Auxiliar"," 91842 ","SINAPI","ELETRODUTO FLEXÍVEL CORRUGADO, PVC, DN 20 MM (1/2\"), PARA CIRCUITOS TERMINAIS, INSTALADO EM LAJE - FORNECIMENTO E INSTALAÇÃO. AF_12/2015","INEL - INSTALAÇÃO ELÉTRICA/ELETRIFICAÇÃO E ILUMINAÇÃO EXTERNA",null,"M",2,3.08,6.16]
["Composição Auxiliar"," 91852 ","SINAPI","ELETRODUTO FLEXÍVEL CORRUGADO, PVC, DN 20 MM (1/2\"), PARA CIRCUITOS TERMINAIS, INSTALADO EM PAREDE - FORNECIMENTO E INSTALAÇÃO. AF_12/2015","INEL - INSTALAÇÃO ELÉTRICA/ELETRIFICAÇÃO E ILUMINAÇÃO EXTERNA",null,"M",2.2000000000000002,4.51,9.92]
["Composição Auxiliar"," 91940 ","SINAPI","CAIXA RETANGULAR 4\" X 2\" MÉDIA (1,30 M DO PISO), PVC, INSTALADA EM PAREDE - FORNECIMENTO E INSTALAÇÃO. AF_12/2015","INEL - INSTALAÇÃO ELÉTRICA/ELETRIFICAÇÃO E ILUMINAÇÃO EXTERNA",null,"UN",1,8.31,8.31]
["Composição Auxiliar"," 91926 ","SINAPI","CABO DE COBRE FLEXÍVEL ISOLADO, 2,5 MM², ANTI-CHAMA 450/750 V, PARA CIRCUITOS TERMINAIS - FORNECIMENTO E INSTALAÇÃO. AF_12/2015","INEL - INSTALAÇÃO ELÉTRICA/ELETRIFICAÇÃO E ILUMINAÇÃO EXTERNA",null,"M",12.6,2.12,26.71]
["Composição Auxiliar"," 91937 ","SINAPI","CAIXA OCTOGONAL 3\" X 3\", PVC, INSTALADA EM LAJE - FORNECIMENTO E INSTALAÇÃO. AF_12/2015","INEL - INSTALAÇÃO ELÉTRICA/ELETRIFICAÇÃO E ILUMINAÇÃO EXTERNA",null,"UN",0.375,6.23,2.34]
["Composição Auxiliar"," 91996 ","SINAPI","TOMADA MÉDIA DE EMBUTIR (1 MÓDULO), 2P+T 10 A, INCLUINDO SUPORTE E PLACA - FORNECIMENTO E INSTALAÇÃO. AF_12/2015","INEL - INSTALAÇÃO ELÉTRICA/ELETRIFICAÇÃO E ILUMINAÇÃO EXTERNA",null,"UN",1,19.579999999999998,19.579999999999998]
["Composição Auxiliar"," 90456 ","SINAPI","QUEBRA EM ALVENARIA PARA INSTALAÇÃO DE CAIXA DE TOMADA (4X4 OU 4X2). AF_05/2015","INHI - INSTALAÇÕES HIDROS SANITÁRIAS",null,"UN",1,2.39,2.39]
["Composição Auxiliar"," 90466 ","SINAPI","CHUMBAMENTO LINEAR EM ALVENARIA PARA RAMAIS/DISTRIBUIÇÃO COM DIÂMETROS MENORES OU IGUAIS A 40 MM. AF_05/2015","INHI - INSTALAÇÕES HIDROS SANITÁRIAS",null,"M",2.2000000000000002,7.45,16.39]
["Composição Auxiliar"," 90447 ","SINAPI","RASGO EM ALVENARIA PARA ELETRODUTOS COM DIAMETROS MENORES OU IGUAIS A 40 MM. AF_05/2015","INHI - INSTALAÇÕES HIDROS SANITÁRIAS",null,"M",2.2000000000000002,3.7,8.14]
[{"$nulls":4},"MO sem LS =>",65.5,"LS =>",0.06,"MO com LS =>",65.56]
[{"$nulls":4},"Valor do BDI =>",27.563452000000002,null,"Valor com BDI =>",null,127.5]
[]
[null,"Código","Banco","Descrição","Tipo",null,"Und","Quant.","Valor Unit","Total"]
["Composição"," 93143 ","SINAPI","PONTO DE TOMADA RESIDENCIAL INCLUINDO TOMADA 20A/250V, CAIXA ELÉTRICA, ELETRODUTO, CABO, RASGO, QUEBRA E CHUMBAMENTO. AF_01/2016","INEL - INSTALAÇÃO ELÉTRICA/ELETRIFICAÇÃO E ILUMINAÇÃO EXTERNA",null,"UN",1,101.6,101.6]
["Composição Auxiliar"," 91842 ","SINAPI","ELETRODUTO FLEXÍVEL CORRUGADO, PVC, DN 20 MM (1/2\"), PARA CIRCUITOS TERMINAIS, INSTALADO EM LAJE - FORNECIMENTO E INSTALAÇÃO. AF_12/2015","INEL - INSTALAÇÃO ELÉTRICA/ELETRIFICAÇÃO E ILUMINAÇÃO EXTERNA",null,"M",2,3.08,6.16]
["Composição Auxiliar"," 91852 ","SINAPI","ELETRODUTO FLEXÍVEL CORRUGADO, PVC, DN 20 MM (1/2\"), PARA CIRCUITOS TERMINAIS, INSTALADO EM PAREDE - FORNECIMENTO E INSTALAÇÃO. AF_12/2015","INEL - INSTALAÇÃO ELÉTRICA/ELETRIFICAÇÃO E ILUMINAÇÃO EXTERNA",null,"M",2.2000000000000002,4.51,9.92]
["Composição Auxiliar"," 91940 ","SINAPI","CAIXA RETANGULAR 4\" X 2\" MÉDIA (1,30 M DO PISO), PVC, INSTALADA EM PAREDE - FORNECIMENTO E INSTALAÇÃO. AF_12/2015","INEL - INSTALAÇÃO ELÉTRICA/ELETRIFICAÇÃO E ILUMINAÇÃO EXTERNA",null,"UN",1,8.31,8.31]
["Composição Auxiliar"," 91926 ","SINAPI","CABO DE COBRE FLEXÍVEL ISOLADO, 2,5 MM², ANTI-CHAMA 450/750 V, PARA CIRCUITOS TERMINAIS - FORNECIMENTO E INSTALAÇÃO. AF_12/2015","INEL - INSTALAÇÃO ELÉTRICA/ELETRIFICAÇÃO E ILUMINAÇÃO EXTERNA",null,"M",12.6,2.12,26.71]
["Composição Auxiliar"," 91937 ","SINAPI","CAIXA OCTOGONAL 3\" X 3\", PVC, INSTALADA EM LAJE - FORNECIMENTO E INSTALAÇÃO. AF_12/2015","INEL - INSTALAÇÃO ELÉTRICA/ELETRIFICAÇÃO E ILUMINAÇÃO EXTERNA",null,"UN",0.375,6.23,2.34]
["Composição Auxiliar"," 91997 ","SINAPI","TOMADA MÉDIA DE EMBUTIR (1 MÓDULO), 2P+T 20 A, INCLUINDO SUPORTE E PLACA - FORNECIMENTO E INSTALAÇÃO. AF_12/2015","INEL - INSTALAÇÃO ELÉTRICA/ELETRIFICAÇÃO E ILUMINAÇÃO EXTERNA",null,"UN",1,21.24,21.24]
["Composição Auxiliar"," 90456 ","SINAPI","QUEBRA EM ALVENARIA PARA INSTALAÇÃO DE CAIXA DE TOMADA (4X4 OU 4X2). AF_05/2015","INHI - INSTALAÇÕES HIDROS SANITÁRIAS",null,"UN",1,2.39,2.39]
["Composição Auxiliar"," 90466 ","SINAPI","CHUMBAMENTO LINEAR EM ALVENARIA PARA RAMAIS/DISTRIBUIÇÃO COM DIÂMETROS MENORES OU IGUAIS A 40 MM. AF_05/2015","INHI - INSTALAÇÕES HIDROS SANITÁRIAS",null,"M",2.2000000000000002,7.45,16.39]
["Composição Auxiliar"," 90447 ","SINAPI","RASGO EM ALVENARIA PARA ELETRODUTOS COM DIAMETROS MENORES OU IGUAIS A 40 MM. AF_05/2015","INHI - INSTALAÇÕES HIDROS SANITÁRIAS",null,"M",2.2000000000000002,3.7,8.14]
[{"$nulls":4},"MO sem LS =>",65.5,"LS =>",0.06,"MO com LS =>",65.56]
[{"$nulls":4},"Valor do BDI =>",28.021280000000001,null,"Valor com BDI =>",null,129.62]
[]
[null,"Código","Banco","Descrição","Tipo",null,"Und","Quant.","Valor Unit","Total"]
["Composição"," C1958 ","SEINFRA","PORTA DE FERRO COMPACTA EM CHAPA, INCLUS. BATENTES E FERRAGENS","ESQUADRIAS METÁLICAS",null,"m²",1,223.3,223.3]
["Composição Auxiliar"," 88309 ","SINAPI","PEDREIRO COM ENCARGOS COMPLEMENTARES","SEDI - SERVIÇOS DIVERSOS",null,"H",1.1713150999999999,19.399999999999999,22.72]
["Composição Auxiliar"," 88316 ","SINAPI","SERVENTE COM ENCARGOS COMPLEMENTARES","SEDI - SERVIÇOS DIVERSOS",null,"H",1.9521919000000001,14.96,29.2]
["Insumo"," I0208 ","SEINFRA","BATENTE DE FERRO","Material",null,"M",2.5,13.98,34.950000000000003]
["Insumo"," 00000367 ","SINAPI","AREIA GROSSA - POSTO JAZIDA/FORNECEDOR (RETIRADO NA JAZIDA, SEM TRANSPORTE)","Material",null,"m³",7.1999999999999998E-3,37.869999999999997,0.27]
["Insumo"," I1031 ","SEINFRA","DOBRADIÇA DE FERRO PARA PORTA INTERNA","Material",null,"UN",1.78,19.260000000000002,34.28]
["Insumo"," 00001379 ","SINAPI","CIMENTO PORTLAND COMPOSTO CP II-32","Material",null,"KG",2.0299999999999998,0.46,0.93]
["Insumo"," 00001106 ","SINAPI","CAL HIDRATADA CH-I PARA ARGAMASSAS","Material",null,"KG",0.49,0.47,0.23]
["Insumo"," 00038151 ","SINAPI","FECHADURA DE EMBUTIR PARA PORTA EXTERNA, MAQUINA 40 MM, COM CILINDRO, MACANETA ALAVANCA E ROSETA REDONDA EM METAL CROMADO - NIVEL DE SEGURANCA MEDIO - COMPLETA","Material",null,"CJ",0.59,27,15.93]
["Insumo"," I1704 ","SEINFRA","PORTA DE FERRO EM CHAPA DUPLA N.14","Material",null,"m²",1,84.79,84.79]
[{"$nulls":4},"MO sem LS =>",51.92,"LS =>",0,"MO com LS =>",51.92]
[{"$nulls":4},"Valor do BDI =>",61.58614,null,"Valor com BDI =>",null,284.89]
[]
[null,"Código","Banco","Descrição","Tipo",null,"Und","Quant.","Valor Unit","Total"]
["Composição"," 90820 ","SINAPI","PORTA DE MADEIRA PARA PINTURA, SEMI-OCA (LEVE OU MÉDIA), 60X210CM, ESPESSURA DE 3,5CM, INCLUSO DOBRADIÇAS - FORNECIMENTO E INSTALAÇÃO. AF_12/2019","ESQV - ESQUADRIAS/FERRAGENS/VIDROS",null,"UN",1,261.02999999999997,261.02999999999997]
["Composição Auxiliar"," 88316 ","SINAPI","SERVENTE COM ENCARGOS COMPLEMENTARES","SEDI - SERVIÇOS DIVERSOS",null,"H",0.50124349999999995,14.96,7.5]
["Composição Auxiliar"," 88261 ","SINAPI","CARPINTEIRO DE ESQUADRIA COM ENCARGOS COMPLEMENTARES","SEDI - SERVIÇOS DIVERSOS",null,"H",1.0024872,19.29,19.34]
["Insumo"," 00002432 ","SINAPI","DOBRADICA EM ACO/FERRO, 3 1/2\" X  3\", E= 1,9  A 2 MM, COM ANEL,  CROMADO OU ZINCADO, TAMPA BOLA, COM PARAFUSOS","Material",null,"UN",3,12.28,36.840000000000003]
["Insumo"," 00011055 ","SINAPI","PARAFUSO ROSCA SOBERBA ZINCADO CABECA CHATA FENDA SIMPLES 3,5 X 25 MM (1 \")","Material",null,"UN",19.8,0.03,0.59]
["Insumo"," 00010553 ","SINAPI","PORTA DE MADEIRA, FOLHA MEDIA (NBR 15930) DE 60 X 210 CM, E = 35 MM, NUCLEO SARRAFEADO, CAPA LISA EM HDF, ACABAMENTO EM PRIMER PARA PINTURA","Material",null,"UN",1,196.76,196.76]
[{"$nulls":4},"MO sem LS =>",26.84,"LS =>",0,"MO com LS =>",26.84]
[{"$nulls":4},"Valor do BDI =>",71.992074000000002,null,"Valor com BDI =>",null,333.02]
[]
[null,"Código","Banco","Descrição","Tipo",null,"Und","Quant.","Valor Unit","Total"]
["Composição"," 90822 ","SINAPI","PORTA DE MADEIRA PARA PINTURA, SEMI-OCA (LEVE OU MÉDIA), 80X210CM, ESPESSURA DE 3,5CM, INCLUSO DOBRADIÇAS - FORNECIMENTO E INSTALAÇÃO. AF_12/2019","ESQV - ESQUADRIAS/FERRAGENS/VIDROS",null,"UN",1,282.01,282.01]
["Composição Auxiliar"," 88316 ","SINAPI","SERVENTE COM ENCARGOS COMPLEMENTARES","SEDI - SERVIÇOS DIVERSOS",null,"H",0.60419929999999999,14.96,9.0399999999999991]
["Composição Auxiliar"," 88261 ","SINAPI","CARPINTEIRO DE ESQUADRIA COM ENCARGOS COMPLEMENTARES","SEDI - SERVIÇOS DIVERSOS",null,"H",1.2083984999999999,19.29,23.31]
["Insumo"," 00002432 ","SINAPI","DOBRADICA EM ACO/FERRO, 3 1/2\" X  3\", E= 1,9  A 2 MM, COM ANEL,  CROMADO OU ZINCADO, TAMPA BOLA, COM PARAFUSOS","Material",null,"UN",3,12.28,36.840000000000003]
["Insumo"," 00011055 ","SINAPI","PARAFUSO ROSCA SOBERBA ZINCADO CABECA CHATA FENDA SIMPLES 3,5 X 25 MM (1 \")","Material",null,"UN",19.8,0.03,0.59]
["Insumo"," 00010555 ","SINAPI","PORTA DE MADEIRA, FOLHA MEDIA (NBR 15930) DE 80 X 210 CM, E = 35 MM, NUCLEO SARRAFEADO, CAPA LISA EM HDF, ACABAMENTO EM PRIMER PARA PINTURA","Material",null,"UN",1,212.23,212.23]
[{"$nulls":4},"MO sem LS =>",32.35,"LS =>",0,"MO com LS =>",32.35]
[{"$nulls":4},"Valor do BDI =>",77.778357999999997,null,"Valor com BDI =>",null,359.79]
[]
[null,"Código","Banco","Descrição","Tipo",null,"Und","Quant.","Valor Unit","Total"]
["Composição"," 91341 ","SINAPI","PORTA EM ALUMÍNIO DE ABRIR TIPO VENEZIANA COM GUARNIÇÃO, FIXAÇÃO COM PARAFUSOS - FORNECIMENTO E INSTALAÇÃO. AF_12/2019","ESQV - ESQUADRIAS/FERRAGENS/VIDROS",null,"m²",1,301.31,301.31]
["Composição Auxiliar"," 88316 ","SINAPI","SERVENTE COM ENCARGOS COMPLEMENTARES","SEDI - SERVIÇOS DIVERSOS",null,"H",0.14930550000000001,14.96,2.23]
["Composição Auxiliar"," 88309 ","SINAPI","PEDREIRO COM ENCARGOS COMPLEMENTARES","SEDI - SERVIÇOS DIVERSOS",null,"H",0.29908000000000001,19.399999999999999,5.8]
["Insumo"," 00007568 ","SINAPI","BUCHA DE NYLON SEM ABA S10, COM PARAFUSO DE 6,10 X 65 MM EM ACO ZINCADO COM ROSCA SOBERBA, CABECA CHATA E FENDA PHILLIPS","Material",null,"UN",4.8166000000000002,0.28000000000000003,1.35]
["Insumo"," 00036888 ","SINAPI","GUARNICAO/MOLDURA DE ACABAMENTO PARA ESQUADRIA DE ALUMINIO ANODIZADO NATURAL, PARA 1 FACE","Material",null,"M",6.8503999999999996,3.92,26.85]
["Insumo"," 00039025 ","SINAPI","PORTA DE ABRIR EM ALUMINIO TIPO VENEZIANA, ACABAMENTO ANODIZADO NATURAL, SEM GUARNICAO/ALIZAR/VISTA, 87 X 210 CM","Material",null,"UN",0.54730000000000001,450.64,246.64]
["Insumo"," 00000142 ","SINAPI","SELANTE ELASTICO MONOCOMPONENTE A BASE DE POLIURETANO (PU) PARA JUNTAS DIVERSAS","Material",null,"310ML",0.88290000000000002,20.89,18.440000000000001]
[{"$nulls":4},"MO sem LS =>",8.0299999999999994,"LS =>",0,"MO com LS =>",8.0299999999999994]
[{"$nulls":4},"Valor do BDI =>",83.101298,null,"Valor com BDI =>",null,384.41]
[]
[null,"Código","Banco","Descrição","Tipo",null,"Und","Quant.","Valor Unit","Total"]
["Composição"," 83463 ","SINAPI","QUADRO DE DISTRIBUICAO DE ENERGIA EM CHAPA DE ACO GALVANIZADO, PARA 12 DISJUNTORES TERMOMAGNETICOS MONOPOLARES, COM BARRAMENTO TRIFASICO E NEUTRO - FORNECIMENTO E INSTALACAO","INEL - INSTALAÇÃO ELÉTRICA/ELETRIFICAÇÃO E ILUMINAÇÃO EXTERNA",null,"UN",1,203.96,203.96]
["Composição Auxiliar"," 88264 ","SINAPI","ELETRICISTA COM ENCARGOS COMPLEMENTARES","SEDI - SERVIÇOS DIVERSOS",null,"H",1.561612,19.579999999999998,30.58]
["Composição Auxiliar"," 88247 ","SINAPI","AUXILIAR DE ELETRICISTA COM ENCARGOS COMPLEMENTARES","SEDI - SERVIÇOS DIVERSOS",null,"H",1.561612,15.16,23.67]
["Insumo"," 00013393 ","SINAPI","QUADRO DE DISTRIBUICAO COM BARRAMENTO TRIFASICO, DE EMBUTIR, EM CHAPA DE ACO GALVANIZADO, PARA 12 DISJUNTORES DIN, 100 A","Material",null,"UN",1,149.71,149.71]
[{"$nulls":4},"MO sem LS =>",54.25,"LS =>",0,"MO com LS =>",54.25]
[{"$nulls":4},"Valor do BDI =>",56.252167999999998,null,"Valor com BDI =>",null,260.20999999999998]
[]
[null,"Código","Banco","Descrição","Tipo",null,"Und","Quant.","Valor Unit","Total"]
["Composição"," 84402 ","SINAPI","QUADRO DE DISTRIBUICAO DE ENERGIA P/ 6 DISJUNTORES TERMOMAGNETICOS MONOPOLARES SEM BARRAMENTO, DE EMBUTIR, EM CHAPA METALICA - FORNECIMENTO E INSTALACAO","INEL - INSTALAÇÃO ELÉTRICA/ELETRIFICAÇÃO E ILUMINAÇÃO EXTERNA",null,"UN",1,51.74,51.74]
["Composição Auxiliar"," 88264 ","SINAPI","ELETRICISTA COM ENCARGOS COMPLEMENTARES","SEDI - SERVIÇOS DIVERSOS",null,"H",0.78057310000000002,19.579999999999998,15.28]
["Composição Auxiliar"," 88247 ","SINAPI","AUXILIAR DE ELETRICISTA COM ENCARGOS COMPLEMENTARES","SEDI - SERVIÇOS DIVERSOS",null,"H",0.78057310000000002,15.16,11.83]
["Insumo"," 00039795 ","SINAPI","QUADRO DE DISTRIBUICAO, SEM BARRAMENTO, EM PVC, DE EMBUTIR, PARA 6 DISJUNTORES NEMA OU 8 DISJUNTORES DIN","Material",null,"UN",1,24.63,24.63]
[{"$nulls":4},"MO sem LS =>",27.11,"LS =>",0,"MO com LS =>",27.11]
[{"$nulls":4},"Valor do BDI =>",14.269892,null,"Valor com BDI =>",null,66.010000000000005]
[]
[null,"Código","Banco","Descrição","Tipo",null,"Und","Quant.","Valor Unit","Total"]
["Composição"," 90456 ","SINAPI","QUEBRA EM ALVENARIA PARA INSTALAÇÃO DE CAIXA DE TOMADA (4X4 OU 4X2). AF_05/2015","INHI - INSTALAÇÕES HIDROS SANITÁRIAS",null,"UN",1,2.39,2.39]
["Composição Auxiliar"," 88267 ","SINAPI","ENCANADOR OU BOMBEIRO HIDRÁULICO COM ENCARGOS COMPLEMENTARES","SEDI - SERVIÇOS DIVERSOS",null,"H",0.1125102,18.97,2.13]
["Composição Auxiliar"," 88248 ","SINAPI","AUXILIAR DE ENCANADOR OU BOMBEIRO HIDRÁULICO COM ENCARGOS COMPLEMENTARES","SEDI - SERVIÇOS DIVERSOS",null,"H",1.7970300000000002E-2,14.61,0.26]
[{"$nulls":4},"MO sem LS =>",2.39,"LS =>",0,"MO com LS =>",2.39]
[{"$nulls":4},"Valor do BDI =>",0.65916200000000003,null,"Valor com BDI =>",null,3.05]
[]
[null,"Código","Banco","Descrição","Tipo",null,"Und","Quant.","Valor Unit","Total"]
["Composição"," 89709 ","SINAPI","RALO SIFONADO, PVC, DN 100 X 40 MM, JUNTA SOLDÁVEL, FORNECIDO E INSTALADO EM RAMAL DE DESCARGA OU EM RAMAL DE ESGOTO SANITÁRIO. AF_12/2014","INHI - INSTALAÇÕES HIDROS SANITÁRIAS",null,"UN",1,6.37,6.37]
["Composição Auxiliar"," 88267 ","SINAPI","ENCANADOR OU BOMBEIRO HIDRÁULICO COM ENCARGOS COMPLEMENTARES","SEDI - SERVIÇOS DIVERSOS",null,"H",5.4596899999999997E-2,18.97,1.04]
["Composição Auxiliar"," 88248 ","SINAPI","AUXILIAR DE ENCANADOR OU BOMBEIRO HIDRÁULICO COM ENCARGOS COMPLEMENTARES","SEDI - SERVIÇOS DIVERSOS",null,"H",5.4596899999999997E-2,14.61,0.8]
["Insumo"," 00000122 ","SINAPI","ADESIVO PLASTICO PARA PVC, FRASCO COM 850 GR","Material",null,"UN",4.8999999999999998E-3,41.61,0.2]
["Insumo"," 00038383 ","SINAPI","LIXA D'AGUA EM FOLHA, GRAO 100","Material",null,"UN",1.7000000000000001E-2,1.48,0.03]
["Insumo"," 00020083 ","SINAPI","SOLUCAO LIMPADORA PARA PVC, FRASCO COM 1000 CM3","Material",null,"UN",7.4999999999999997E-3,36.14,0.27]
["Insumo"," 00011741 ","SINAPI","RALO SIFONADO PVC CILINDRICO, 100 X 40 MM,  COM GRELHA REDONDA BRANCA","Material",null,"UN",1,4.03,4.03]
[{"$nulls":4},"MO sem LS =>",1.83,"LS =>",0.01,"MO com LS =>",1.84]
[{"$nulls":4},"Valor do BDI =>",1.7568459999999999,null,"Valor com BDI =>",null,8.1300000000000008]
[]
[null,"Código","Banco","Descrição","Tipo",null,"Und","Quant.","Valor Unit","Total"]
["Composição"," 90447 ","SINAPI","RASGO EM ALVENARIA PARA ELETRODUTOS COM DIAMETROS MENORES OU IGUAIS A 40 MM. AF_05/2015","INHI - INSTALAÇÕES HIDROS SANITÁRIAS",null,"M",1,3.7,3.7]
["Composição Auxiliar"," 88264 ","SINAPI","ELETRICISTA COM ENCARGOS COMPLEMENTARES","SEDI - SERVIÇOS DIVERSOS",null,"H",0.168542,19.579999999999998,3.3]
["Composição Auxiliar"," 88247 ","SINAPI","AUXILIAR DE ELETRICISTA COM ENCARGOS COMPLEMENTARES","SEDI - SERVIÇOS DIVERSOS",null,"H",2.6529799999999999E-2,15.16,0.4]
[{"$nulls":4},"MO sem LS =>",3.7,"LS =>",0,"MO com LS =>",3.7]
[{"$nulls":4},"Valor do BDI =>",1.0204599999999999,null,"Valor com BDI =>",null,4.72]
[]
[null,"Código","Banco","Descrição","Tipo",null,"Und","Quant.","Valor Unit","Total"]
["Composição"," 90443 ","SINAPI","RASGO EM ALVENARIA PARA RAMAIS/ DISTRIBUIÇÃO COM DIAMETROS MENORES OU IGUAIS A 40 MM. AF_05/2015","INHI - INSTALAÇÕES HIDROS SANITÁRIAS",null,"M",1,7.45,7.45]
["Composição Auxiliar"," 88267 ","SINAPI","ENCANADOR OU BOMBEIRO HIDRÁULICO COM ENCARGOS COMPLEMENTARES","SEDI - SERVIÇOS DIVERSOS",null,"H",0.35047859999999997,18.97,6.65]
["Composição Auxiliar"," 88248 ","SINAPI","AUXILIAR DE ENCANADOR OU BOMBEIRO HIDRÁULICO COM ENCARGOS COMPLEMENTARES","SEDI - SERVIÇOS DIVERSOS",null,"H",5.4640300000000003E-2,14.61,0.8]
[{"$nulls":4},"MO sem LS =>",7.45,"LS =>",0,"MO com LS =>",7.45]
[{"$nulls":4},"Valor do BDI =>",2.05471,null,"Valor com BDI =>",null,9.5]
[]
[null,"Código","Banco","Descrição","Tipo",null,"Und","Quant.","Valor Unit","Total"]
["Composição"," 96995 ","SINAPI","REATERRO MANUAL APILOADO COM SOQUETE. AF_10/2017","MOVT - MOVIMENTO DE TERRA",null,"m³",1,28.02,28.02]
["Composição Auxiliar"," 88316 ","SINAPI","SERVENTE COM ENCARGOS COMPLEMENTARES","SEDI - SERVIÇOS DIVERSOS",null,"H",1.8727658,14.96,28.02]
[{"$nulls":4},"MO sem LS =>",28.02,"LS =>",0,"MO com LS =>",28.02]
[{"$nulls":4},"Valor do BDI =>",7.7279159999999996,null,"Valor com BDI =>",null,35.75]
[]
[null,"Código","Banco","Descrição","Tipo",null,"Und","Quant.","Valor Unit","Total"]
["Composição"," C3121 ","SEINFRA","REBOCO C/ ARGAMASSA DE CIMENTO E AREIA PENEIRADA, TRAÇO 1:6","ARGAMASSAS PARA PAREDES INTERNAS E EXTERNAS",null,"m²",1,28.99,28.99]
["Composição Auxiliar"," C4430 ","SEINFRA","ARGAMASSA DE CIMENTO E AREIA PEN. TRAÇO 1:6","ARGAMASSA DE CIMENTO",null,"m³",2.5000000000000001E-2,514.72,12.87]
["Composição Auxiliar"," 88309 ","SINAPI","PEDREIRO COM ENCARGOS COMPLEMENTARES","SEDI - SERVIÇOS DIVERSOS",null,"H",0.46898339999999999,19.399999999999999,9.1]
["Composição Auxiliar"," 88316 ","SINAPI","SERVENTE COM ENCARGOS COMPLEMENTARES","SEDI - SERVIÇOS DIVERSOS",null,"H",0.46898339999999999,14.96,7.02]
[{"$nulls":4},"MO sem LS =>",25.59,"LS =>",0.01,"MO com LS =>",25.6]
[{"$nulls":4},"Valor do BDI =>",7.9954419999999997,null,"Valor com BDI =>",null,36.99]
[]
[null,"Código","Banco","Descrição","Tipo",null,"Und","Quant.","Valor Unit","Total"]
["Composição"," C3035 ","SEINFRA","REBOCO C/ ARGAMASSA DE CIMENTO E AREIA S/ PENEIRAR TRAÇO 1:6, ESP=20 mm P/ TETO","ARGAMASSAS PARA TETOS",null,"m²",1,23.82,23.82]
["Composição Auxiliar"," C0173 ","SEINFRA","ARGAMASSA DE CIMENTO E AREIA S/PEN. TRAÇO 1:6","ARGAMASSA DE CIMENTO",null,"m³",0.02,252.49,5.05]
["Composição Auxiliar"," 88309 ","SINAPI","PEDREIRO COM ENCARGOS COMPLEMENTARES","SEDI - SERVIÇOS DIVERSOS",null,"H",0.54644280000000001,19.399999999999999,10.6]
["Composição Auxiliar"," 88316 ","SINAPI","SERVENTE COM ENCARGOS COMPLEMENTARES","SEDI - SERVIÇOS DIVERSOS",null,"H",0.54644280000000001,14.96,8.17]
[{"$nulls":4},"MO sem LS =>",21.11,"LS =>",0,"MO com LS =>",21.11]
[{"$nulls":4},"Valor do BDI =>",6.5695560000000004,null,"Valor com BDI =>",null,30.39]
[]
[null,"Código","Banco","Descrição","Tipo",null,"Und","Quant.","Valor Unit","Total"]
["Composição"," 89351 ","SINAPI","REGISTRO DE PRESSÃO BRUTO, LATÃO,  ROSCÁVEL, 3/4\u0094, FORNECIDO E INSTALADO EM RAMAL DE ÁGUA. AF_12/2014","INHI - INSTALAÇÕES HIDROS SANITÁRIAS",null,"UN",1,20.67,20.67]
["Composição Auxiliar"," 88267 ","SINAPI","ENCANADOR OU BOMBEIRO HIDRÁULICO COM ENCARGOS COMPLEMENTARES","SEDI - SERVIÇOS DIVERSOS",null,"H",0.15619730000000001,18.97,2.96]
["Composição Auxiliar"," 88248 ","SINAPI","AUXILIAR DE ENCANADOR OU BOMBEIRO HIDRÁULICO COM ENCARGOS COMPLEMENTARES","SEDI - SERVIÇOS DIVERSOS",null,"H",0.15619730000000001,14.61,2.2799999999999998]
["Insumo"," 00003148 ","SINAPI","FITA VEDA ROSCA EM ROLOS DE 18 MM X 50 M (L X C)","Material",null,"UN",1.2999999999999999E-2,10.07,0.13]
["Insumo"," 00011753 ","SINAPI","REGISTRO PRESSAO BRUTO EM LATAO FORJADO, BITOLA 3/4 \" (REF 1400)","Material",null,"UN",1,15.3,15.3]
[{"$nulls":4},"MO sem LS =>",5.24,"LS =>",0,"MO com LS =>",5.24]
[{"$nulls":4},"Valor do BDI =>",5.7007859999999999,null,"Valor com BDI =>",null,26.37]
[]
[null,"Código","Banco","Descrição","Tipo",null,"Und","Quant.","Valor Unit","Total"]
["Composição"," V27 ","Próprio","RETIRADA E RECOLOCAÇÃO DE  TELHA CERÂMICA CAPA-CANAL. COM ATÉ DUAS ÁGUAS","ASTU - ASSENTAMENTO DE TUBOS E PECAS",null,"m²",1,9.57,9.57]
["Composição Auxiliar"," 88316 ","SINAPI","SERVENTE COM ENCARGOS COMPLEMENTARES","SEDI - SERVIÇOS DIVERSOS",null,"H",0.2042754,14.96,3.06]
["Composição Auxiliar"," 88323 ","SINAPI","TELHADISTA COM ENCARGOS COMPLEMENTARES","SEDI - SERVIÇOS DIVERSOS",null,"H",0.30329440000000002,21.47,6.51]
[{"$nulls":4},"MO sem LS =>",9.57,"LS =>",0,"MO com LS =>",9.57]
[{"$nulls":4},"Valor do BDI =>",2.6394060000000001,null,"Valor com BDI =>",null,12.21]
[]
[null,"Código","Banco","Descrição","Tipo",null,"Und","Quant.","Valor Unit","Total"]
["Composição"," V28 ","Próprio","RETIRADA E RECOLOCAÇÃO DE MADEIRAMENTO.COM ATÉ DUAS ÁGUAS","ASTU - ASSENTAMENTO DE TUBOS E PECAS",null,"m²",1,9.85,9.85]
["Composição Auxiliar"," 88239 ","SINAPI","AJUDANTE DE CARPINTEIRO COM ENCARGOS COMPLEMENTARES","SEDI - SERVIÇOS DIVERSOS",null,"H",0.20507010000000001,15.66,3.21]
["Composição Auxiliar"," 88262 ","SINAPI","CARPINTEIRO DE FORMAS COM ENCARGOS COMPLEMENTARES","SEDI - SERVIÇOS DIVERSOS",null,"H",0.30447419999999997,19.260000000000002,5.86]
["Composição Auxiliar"," 93281 ","SINAPI","GUINCHO ELÉTRICO DE COLUNA, CAPACIDADE 400 KG, COM MOTO FREIO, MOTOR TRIFÁSICO DE 1,25 CV - CHP DIURNO. AF_03/2016","CHOR - CUSTOS HORÁRIOS DE MÁQUINAS E EQUIPAMENTOS",null,"CHP",3.3999999999999998E-3,16.11,0.05]
["Composição Auxiliar"," 93282 ","SINAPI","GUINCHO ELÉTRICO DE COLUNA, CAPACIDADE 400 KG, COM MOTO FREIO, MOTOR TRIFÁSICO DE 1,25 CV - CHI DIURNO. AF_03/2016","CHOR - CUSTOS HORÁRIOS DE MÁQUINAS E EQUIPAMENTOS",null,"CHI",4.7999999999999996E-3,15.43,7.0000000000000007E-2]
["Insumo"," 00020247 ","SINAPI","PREGO DE ACO POLIDO COM CABECA 15 X 15 (1 1/4 X 13)","Material",null,"KG",0.03,8.7899999999999991,0.26]
["Insumo"," 00039027 ","SINAPI","PREGO DE ACO POLIDO COM CABECA 19  X 36 (3 1/4  X  9)","Material",null,"KG",0.05,7.93,0.4]
[{"$nulls":4},"MO sem LS =>",9.19,"LS =>",0,"MO com LS =>",9.19]
[{"$nulls":4},"Valor do BDI =>",2.7166299999999999,null,"Valor com BDI =>",null,12.57]
[]
[null,"Código","Banco","Descrição","Tipo",null,"Und","Quant.","Valor Unit","Total"]
["Composição"," 5679 ","SINAPI","RETROESCAVADEIRA SOBRE RODAS COM CARREGADEIRA, TRAÇÃO 4X4, POTÊNCIA LÍQ. 88 HP, CAÇAMBA CARREG. CAP. MÍN. 1 M3, CAÇAMBA RETRO CAP. 0,26 M3, PESO OPERACIONAL MÍN. 6.674 KG, PROFUNDIDADE ESCAVAÇÃO MÁX. 4,37 M - CHI DIURNO. AF_06/2014","CHOR - CUSTOS HORÁRIOS DE MÁQUINAS E EQUIPAMENTOS",null,"CHI",1,31.11,31.11]
["Composição Auxiliar"," 88857 ","SINAPI","RETROESCAVADEIRA SOBRE RODAS COM CARREGADEIRA, TRAÇÃO 4X4, POTÊNCIA LÍQ. 88 HP, CAÇAMBA CARREG. CAP. MÍN. 1 M3, CAÇAMBA RETRO CAP. 0,26 M3, PESO OPERACIONAL MÍN. 6.674 KG, PROFUNDIDADE ESCAVAÇÃO MÁX. 4,37 M - DEPRECIAÇÃO. AF_06/2014","CHOR - CUSTOS HORÁRIOS DE MÁQUINAS E EQUIPAMENTOS",null,"H",1,12.24,12.24]
["Composição Auxiliar"," 88858 ","SINAPI","RETROESCAVADEIRA SOBRE RODAS COM CARREGADEIRA, TRAÇÃO 4X4, POTÊNCIA LÍQ. 88 HP, CAÇAMBA CARREG. CAP. MÍN. 1 M3, CAÇAMBA RETRO CAP. 0,26 M3, PESO OPERACIONAL MÍN. 6.674 KG, PROFUNDIDADE ESCAVAÇÃO MÁX. 4,37 M - JUROS. AF_06/2014","CHOR - CUSTOS HORÁRIOS DE MÁQUINAS E EQUIPAMENTOS",null,"H",1,1.66,1.66]
["Composição Auxiliar"," 88294 ","SINAPI","OPERADOR DE ESCAVADEIRA COM ENCARGOS COMPLEMENTARES","SEDI - SERVIÇOS DIVERSOS",null,"H",0.78066120000000006,22.05,17.21]
[{"$nulls":4},"MO sem LS =>",17.21,"LS =>",0,"MO com LS =>",17.21]
[{"$nulls":4},"Valor do BDI =>",8.5801379999999998,null,"Valor com BDI =>",null,39.69]
[]
[null,"Código","Banco","Descrição","Tipo",null,"Und","Quant.","Valor Unit","Total"]
["Composição"," 5678 ","SINAPI","RETROESCAVADEIRA SOBRE RODAS COM CARREGADEIRA, TRAÇÃO 4X4, POTÊNCIA LÍQ. 88 HP, CAÇAMBA CARREG. CAP. MÍN. 1 M3, CAÇAMBA RETRO CAP. 0,26 M3, PESO OPERACIONAL MÍN. 6.674 KG, PROFUNDIDADE ESCAVAÇÃO MÁX. 4,37 M - CHP DIURNO. AF_06/2014","CHOR - CUSTOS HORÁRIOS DE MÁQUINAS E EQUIPAMENTOS",null,"CHP",1,68.14,68.14]
["Composição Auxiliar"," 5664 ","SINAPI","RETROESCAVADEIRA SOBRE RODAS COM CARREGADEIRA, TRAÇÃO 4X4, POTÊNCIA LÍQ. 88 HP, CAÇAMBA CARREG. CAP. MÍN. 1 M3, CAÇAMBA RETRO CAP. 0,26 M3, PESO OPERACIONAL MÍN. 6.674 KG, PROFUNDIDADE ESCAVAÇÃO MÁX. 4,37 M - MANUTENÇÃO. AF_06/2014","CHOR - CUSTOS HORÁRIOS DE MÁQUINAS E EQUIPAMENTOS",null,"H",1,15.3,15.3]
["Composição Auxiliar"," 53786 ","SINAPI","RETROESCAVADEIRA SOBRE RODAS COM CARREGADEIRA, TRAÇÃO 4X4, POTÊNCIA LÍQ. 88 HP, CAÇAMBA CARREG. CAP. MÍN. 1 M3, CAÇAMBA RETRO CAP. 0,26 M3, PESO OPERACIONAL MÍN. 6.674 KG, PROFUNDIDADE ESCAVAÇÃO MÁX. 4,37 M - MATERIAIS NA OPERAÇÃO. AF_06/2014","CHOR - CUSTOS HORÁRIOS DE MÁQUINAS E EQUIPAMENTOS",null,"H",1,21.76,21.76]
["Composição Auxiliar"," 88857 ","SINAPI","RETROESCAVADEIRA SOBRE RODAS COM CARREGADEIRA, TRAÇÃO 4X4, POTÊNCIA LÍQ. 88 HP, CAÇAMBA CARREG. CAP. MÍN. 1 M3, CAÇAMBA RETRO CAP. 0,26 M3, PESO OPERACIONAL MÍN. 6.674 KG, PROFUNDIDADE ESCAVAÇÃO MÁX. 4,37 M - DEPRECIAÇÃO. AF_06/2014","CHOR - CUSTOS HORÁRIOS DE MÁQUINAS E EQUIPAMENTOS",null,"H",1,12.24,12.24]
["Composição Auxiliar"," 88858 ","SINAPI","RETROESCAVADEIRA SOBRE RODAS COM CARREGADEIRA, TRAÇÃO 4X4, POTÊNCIA LÍQ. 88 HP, CAÇAMBA CARREG. CAP. MÍN. 1 M3, CAÇAMBA RETRO CAP. 0,26 M3, PESO OPERACIONAL MÍN. 6.674 KG, PROFUNDIDADE ESCAVAÇÃO MÁX. 4,37 M - JUROS. AF_06/2014","CHOR - CUSTOS HORÁRIOS DE MÁQUINAS E EQUIPAMENTOS",null,"H",1,1.66,1.66]
["Composição Auxiliar"," 88294 ","SINAPI","OPERADOR DE ESCAVADEIRA COM ENCARGOS COMPLEMENTARES","SEDI - SERVIÇOS DIVERSOS",null,"H",0.77923920000000002,22.05,17.18]
[{"$nulls":4},"MO sem LS =>",17.18,"LS =>",0,"MO com LS =>",17.18]
[{"$nulls":4},"Valor do BDI =>",18.793012000000001,null,"Valor com BDI =>",null,86.93]
[]
[null,"Código","Banco","Descrição","Tipo",null,"Und","Quant.","Valor Unit","Total"]
["Composição"," 88857 ","SINAPI","RETROESCAVADEIRA SOBRE RODAS COM CARREGADEIRA, TRAÇÃO 4X4, POTÊNCIA LÍQ. 88 HP, CAÇAMBA CARREG. CAP. MÍN. 1 M3, CAÇAMBA RETRO CAP. 0,26 M3, PESO OPERACIONAL MÍN. 6.674 KG, PROFUNDIDADE ESCAVAÇÃO MÁX. 4,37 M - DEPRECIAÇÃO. AF_06/2014","CHOR - CUSTOS HORÁRIOS DE MÁQUINAS E EQUIPAMENTOS",null,"H",1,12.24,12.24]
["Insumo"," 00036531 ","SINAPI","RETROESCAVADEIRA SOBRE RODAS COM CARREGADEIRA, TRACAO 4 X 4, POTENCIA LIQUIDA 88 HP, PESO OPERACIONAL MINIMO DE 6674 KG, CAPACIDADE DA CARREGADEIRA DE 1,00 M3 E DA  RETROESCAVADEIRA MINIMA DE 0,26 M3, PROFUNDIDADE DE ESCAVACAO MAXIMA DE 4,37 M","Equipamento",null,"UN",5.5999999999999999E-5,218528.77,12.24]
[{"$nulls":4},"MO sem LS =>",0,"LS =>",0,"MO com LS =>",0]
[{"$nulls":4},"Valor do BDI =>",3.3757920000000001,null,"Valor com BDI =>",null,15.62]
[]
[null,"Código","Banco","Descrição","Tipo",null,"Und","Quant.","Valor Unit","Total"]
["Composição"," 88858 ","SINAPI","RETROESCAVADEIRA SOBRE RODAS COM CARREGADEIRA, TRAÇÃO 4X4, POTÊNCIA LÍQ. 88 HP, CAÇAMBA CARREG. CAP. MÍN. 1 M3, CAÇAMBA RETRO CAP. 0,26 M3, PESO OPERACIONAL MÍN. 6.674 KG, PROFUNDIDADE ESCAVAÇÃO MÁX. 4,37 M - JUROS. AF_06/2014","CHOR - CUSTOS HORÁRIOS DE MÁQUINAS E EQUIPAMENTOS",null,"H",1,1.66,1.66]
["Insumo"," 00036531 ","SINAPI","RETROESCAVADEIRA SOBRE RODAS COM CARREGADEIRA, TRACAO 4 X 4, POTENCIA LIQUIDA 88 HP, PESO OPERACIONAL MINIMO DE 6674 KG, CAPACIDADE DA CARREGADEIRA DE 1,00 M3 E DA  RETROESCAVADEIRA MINIMA DE 0,26 M3, PROFUNDIDADE DE ESCAVACAO MAXIMA DE 4,37 M","Equipamento",null,"UN",7.6000000000000001E-6,218528.77,1.66]
[{"$nulls":4},"MO sem LS =>",0,"LS =>",0,"MO com LS =>",0]
[{"$nulls":4},"Valor do BDI =>",0.45782800000000001,null,"Valor com BDI =>",null,2.12]
[]
[null,"Código","Banco","Descrição","Tipo",null,"Und","Quant.","Valor Unit","Total"]
["Composição"," 5664 ","SINAPI","RETROESCAVADEIRA SOBRE RODAS COM CARREGADEIRA, TRAÇÃO 4X4, POTÊNCIA LÍQ. 88 HP, CAÇAMBA CARREG. CAP. MÍN. 1 M3, CAÇAMBA RETRO CAP. 0,26 M3, PESO OPERACIONAL MÍN. 6.674 KG, PROFUNDIDADE ESCAVAÇÃO MÁX. 4,37 M - MANUTENÇÃO. AF_06/2014","CHOR - CUSTOS HORÁRIOS DE MÁQUINAS E EQUIPAMENTOS",null,"H",1,15.3,15.3]
["Insumo"," 00036531 ","SINAPI","RETROESCAVADEIRA SOBRE RODAS COM CARREGADEIRA, TRACAO 4 X 4, POTENCIA LIQUIDA 88 HP, PESO OPERACIONAL MINIMO DE 6674 KG, CAPACIDADE DA CARREGADEIRA DE 1,00 M3 E DA  RETROESCAVADEIRA MINIMA DE 0,26 M3, PROFUNDIDADE DE ESCAVACAO MAXIMA DE 4,37 M","Equipamento",null,"UN",6.9999999999999994E-5,218528.77,15.3]
[{"$nulls":4},"MO sem LS =>",0,"LS =>",0,"MO com LS =>",0]
[{"$nulls":4},"Valor do BDI =>",4.2197399999999998,null,"Valor com BDI =>",null,19.52]
[]
[null,"Código","Banco","Descrição","Tipo",null,"Und","Quant.","Valor Unit","Total"]
["Composição"," 53786 ","SINAPI","RETROESCAVADEIRA SOBRE RODAS COM CARREGADEIRA, TRAÇÃO 4X4, POTÊNCIA LÍQ. 88 HP, CAÇAMBA CARREG. CAP. MÍN. 1 M3, CAÇAMBA RETRO CAP. 0,26 M3, PESO OPERACIONAL MÍN. 6.674 KG, PROFUNDIDADE ESCAVAÇÃO MÁX. 4,37 M - MATERIAIS NA OPERAÇÃO. AF_06/2014","CHOR - CUSTOS HORÁRIOS DE MÁQUINAS E EQUIPAMENTOS",null,"H",1,21.76,21.76]
["Insumo"," 00004221 ","SINAPI","OLEO DIESEL COMBUSTIVEL COMUM","Material",null,"L",8.92,2.44,21.76]
[{"$nulls":4},"MO sem LS =>",0,"LS =>",0,"MO com LS =>",0]
[{"$nulls":4},"Valor do BDI =>",6.0014079999999996,null,"Valor com BDI =>",null,27.76]
[]
[null,"Código","Banco","Descrição","Tipo",null,"Und","Quant.","Valor Unit","Total"]
["Composição"," 87247 ","SINAPI","REVESTIMENTO CERÂMICO PARA PISO COM PLACAS TIPO ESMALTADA EXTRA DE DIMENSÕES 35X35 CM APLICADA EM AMBIENTES DE ÁREA ENTRE 5 M2 E 10 M2. AF_06/2014","PISO - PISOS",null,"m²",1,36.81,36.81]
["Composição Auxiliar"," 88316 ","SINAPI","SERVENTE COM ENCARGOS COMPLEMENTARES","SEDI - SERVIÇOS DIVERSOS",null,"H",0.1566739,14.96,2.34]
["Composição Auxiliar"," 88256 ","SINAPI","AZULEJISTA OU LADRILHISTA COM ENCARGOS COMPLEMENTARES","SEDI - SERVIÇOS DIVERSOS",null,"H",0.33684890000000001,22.09,7.44]
["Insumo"," 00001381 ","SINAPI","ARGAMASSA COLANTE AC I PARA CERAMICAS","Material",null,"KG",4.8600000000000003,0.41,1.99]
["Insumo"," 00001287 ","SINAPI","PISO EM CERAMICA ESMALTADA EXTRA, PEI MAIOR OU IGUAL A 4, FORMATO MENOR OU IGUAL A 2025 CM2","Material",null,"m²",1.06,23.03,24.41]
["Insumo"," 00034357 ","SINAPI","REJUNTE COLORIDO, CIMENTICIO","Material",null,"KG",0.24,2.63,0.63]
[{"$nulls":4},"MO sem LS =>",9.7799999999999994,"LS =>",0,"MO com LS =>",9.7799999999999994]
[{"$nulls":4},"Valor do BDI =>",10.152198,null,"Valor com BDI =>",null,46.96]
[]
[null,"Código","Banco","Descrição","Tipo",null,"Und","Quant.","Valor Unit","Total"]
["Composição"," 87248 ","SINAPI","REVESTIMENTO CERÂMICO PARA PISO COM PLACAS TIPO ESMALTADA EXTRA DE DIMENSÕES 35X35 CM APLICADA EM AMBIENTES DE ÁREA MAIOR QUE 10 M2. AF_06/2014","PISO - PISOS",null,"m²",1,32.950000000000003,32.950000000000003]
["Composição Auxiliar"," 88316 ","SINAPI","SERVENTE COM ENCARGOS COMPLEMENTARES","SEDI - SERVIÇOS DIVERSOS",null,"H",0.1176447,14.96,1.76]
["Composição Auxiliar"," 88256 ","SINAPI","AZULEJISTA OU LADRILHISTA COM ENCARGOS COMPLEMENTARES","SEDI - SERVIÇOS DIVERSOS",null,"H",0.1882315,22.09,4.16]
["Insumo"," 00001381 ","SINAPI","ARGAMASSA COLANTE AC I PARA CERAMICAS","Material",null,"KG",4.8600000000000003,0.41,1.99]
["Insumo"," 00001287 ","SINAPI","PISO EM CERAMICA ESMALTADA EXTRA, PEI MAIOR OU IGUAL A 4, FORMATO MENOR OU IGUAL A 2025 CM2","Material",null,"m²",1.06,23.03,24.41]
["Insumo"," 00034357 ","SINAPI","REJUNTE COLORIDO, CIMENTICIO","Material",null,"KG",0.24,2.63,0.63]
[{"$nulls":4},"MO sem LS =>",5.92,"LS =>",0,"MO com LS =>",5.92]
[{"$nulls":4},"Valor do BDI =>",9.0876099999999997,null,"Valor com BDI =>",null,42.04]
[]
[null,"Código","Banco","Descrição","Tipo",null,"Und","Quant.","Valor Unit","Total"]
["Composição"," 87246 ","SINAPI","REVESTIMENTO CERÂMICO PARA PISO COM PLACAS TIPO ESMALTADA EXTRA DE DIMENSÕES 35X35 CM APLICADA EM AMBIENTES DE ÁREA MENOR QUE 5 M2. AF_06/2014","PISO - PISOS",null,"m²",1,41.61,41.61]
["Composição Auxiliar"," 88316 ","SINAPI","SERVENTE COM ENCARGOS COMPLEMENTARES","SEDI - SERVIÇOS DIVERSOS",null,"H",0.2036019,14.96,3.05]
["Composição Auxiliar"," 88256 ","SINAPI","AZULEJISTA OU LADRILHISTA COM ENCARGOS COMPLEMENTARES","SEDI - SERVIÇOS DIVERSOS",null,"H",0.5011738,22.09,11.07]
["Insumo"," 00001381 ","SINAPI","ARGAMASSA COLANTE AC I PARA CERAMICAS","Material",null,"KG",4.8600000000000003,0.41,1.99]
["Insumo"," 00001287 ","SINAPI","PISO EM CERAMICA ESMALTADA EXTRA, PEI MAIOR OU IGUAL A 4, FORMATO MENOR OU IGUAL A 2025 CM2","Material",null,"m²",1.08,23.03,24.87]
["Insumo"," 00034357 ","SINAPI","REJUNTE COLORIDO, CIMENTICIO","Material",null,"KG",0.24,2.63,0.63]
[{"$nulls":4},"MO sem LS =>",14.12,"LS =>",0,"MO com LS =>",14.12]
[{"$nulls":4},"Valor do BDI =>",11.476038000000001,null,"Valor com BDI =>",null,53.09]
[]
[null,"Código","Banco","Descrição","Tipo",null,"Und","Quant.","Valor Unit","Total"]
["Composição"," 6880 ","SINAPI","ROLO COMPACTADOR DE PNEUS ESTÁTICO, PRESSÃO VARIÁVEL, POTÊNCIA 111 HP, PESO SEM/COM LASTRO 9,5 / 26 T, LARGURA DE TRABALHO 1,90 M - CHI DIURNO. AF_07/2014","CHOR - CUSTOS HORÁRIOS DE MÁQUINAS E EQUIPAMENTOS",null,"CHI",1,37.24,37.24]
["Composição Auxiliar"," 7039 ","SINAPI","ROLO COMPACTADOR DE PNEUS ESTÁTICO, PRESSÃO VARIÁVEL, POTÊNCIA 111 HP, PESO SEM/COM LASTRO 9,5 / 26 T, LARGURA DE TRABALHO 1,90 M - JUROS. AF_07/2014","CHOR - CUSTOS HORÁRIOS DE MÁQUINAS E EQUIPAMENTOS",null,"H",1,2.7,2.7]
["Composição Auxiliar"," 7038 ","SINAPI","ROLO COMPACTADOR DE PNEUS ESTÁTICO, PRESSÃO VARIÁVEL, POTÊNCIA 111 HP, PESO SEM/COM LASTRO 9,5 / 26 T, LARGURA DE TRABALHO 1,90 M - DEPRECIAÇÃO. AF_07/2014","CHOR - CUSTOS HORÁRIOS DE MÁQUINAS E EQUIPAMENTOS",null,"H",1,19.420000000000002,19.420000000000002]
["Composição Auxiliar"," 88303 ","SINAPI","OPERADOR DE ROLO COMPACTADOR COM ENCARGOS COMPLEMENTARES","SEDI - SERVIÇOS DIVERSOS",null,"H",0.78065560000000001,19.37,15.12]
[{"$nulls":4},"MO sem LS =>",15.12,"LS =>",0,"MO com LS =>",15.12]
[{"$nulls":4},"Valor do BDI =>",10.270792,null,"Valor com BDI =>",null,47.51]
[]
[null,"Código","Banco","Descrição","Tipo",null,"Und","Quant.","Valor Unit","Total"]
["Composição"," 6879 ","SINAPI","ROLO COMPACTADOR DE PNEUS ESTÁTICO, PRESSÃO VARIÁVEL, POTÊNCIA 111 HP, PESO SEM/COM LASTRO 9,5 / 26 T, LARGURA DE TRABALHO 1,90 M - CHP DIURNO. AF_07/2014","CHOR - CUSTOS HORÁRIOS DE MÁQUINAS E EQUIPAMENTOS",null,"CHP",1,87.79,87.79]
["Composição Auxiliar"," 7040 ","SINAPI","ROLO COMPACTADOR DE PNEUS ESTÁTICO, PRESSÃO VARIÁVEL, POTÊNCIA 111 HP, PESO SEM/COM LASTRO 9,5 / 26 T, LARGURA DE TRABALHO 1,90 M - MANUTENÇÃO. AF_07/2014","CHOR - CUSTOS HORÁRIOS DE MÁQUINAS E EQUIPAMENTOS",null,"H",1,24.31,24.31]
["Composição Auxiliar"," 7039 ","SINAPI","ROLO COMPACTADOR DE PNEUS ESTÁTICO, PRESSÃO VARIÁVEL, POTÊNCIA 111 HP, PESO SEM/COM LASTRO 9,5 / 26 T, LARGURA DE TRABALHO 1,90 M - JUROS. AF_07/2014","CHOR - CUSTOS HORÁRIOS DE MÁQUINAS E EQUIPAMENTOS",null,"H",1,2.7,2.7]
["Composição Auxiliar"," 7038 ","SINAPI","ROLO COMPACTADOR DE PNEUS ESTÁTICO, PRESSÃO VARIÁVEL, POTÊNCIA 111 HP, PESO SEM/COM LASTRO 9,5 / 26 T, LARGURA DE TRABALHO 1,90 M - DEPRECIAÇÃO. AF_07/2014","CHOR - CUSTOS HORÁRIOS DE MÁQUINAS E EQUIPAMENTOS",null,"H",1,19.420000000000002,19.420000000000002]
["Composição Auxiliar"," 55263 ","SINAPI","ROLO COMPACTADOR DE PNEUS ESTÁTICO, PRESSÃO VARIÁVEL, POTÊNCIA 111 HP, PESO SEM/COM LASTRO 9,5 / 26 T, LARGURA DE TRABALHO 1,90 M - MATERIAIS NA OPERAÇÃO. AF_07/2014","CHOR - CUSTOS HORÁRIOS DE MÁQUINAS E EQUIPAMENTOS",null,"H",1,26.28,26.28]
["Composição Auxiliar"," 88303 ","SINAPI","OPERADOR DE ROLO COMPACTADOR COM ENCARGOS COMPLEMENTARES","SEDI - SERVIÇOS DIVERSOS",null,"H",0.77863210000000005,19.37,15.08]
[{"$nulls":4},"MO sem LS =>",15.08,"LS =>",0,"MO com LS =>",15.08]
[{"$nulls":4},"Valor do BDI =>",24.212482000000001,null,"Valor com BDI =>",null,112]
[]
[null,"Código","Banco","Descrição","Tipo",null,"Und","Quant.","Valor Unit","Total"]
["Composição"," 7038 ","SINAPI","ROLO COMPACTADOR DE PNEUS ESTÁTICO, PRESSÃO VARIÁVEL, POTÊNCIA 111 HP, PESO SEM/COM LASTRO 9,5 / 26 T, LARGURA DE TRABALHO 1,90 M - DEPRECIAÇÃO. AF_07/2014","CHOR - CUSTOS HORÁRIOS DE MÁQUINAS E EQUIPAMENTOS",null,"H",1,19.420000000000002,19.420000000000002]
["Insumo"," 00010642 ","SINAPI","ROLO COMPACTADOR DE PNEUS, ESTATICO, PRESSAO VARIAVEL, POTENCIA 111 HP, PESO SEM/COM LASTRO 9,5/26,0 T, LARGURA DE ROLAGEM 1,90 M","Equipamento",null,"UN",5.3300000000000001E-5,364438.4,19.420000000000002]
[{"$nulls":4},"MO sem LS =>",0,"LS =>",0,"MO com LS =>",0]
[{"$nulls":4},"Valor do BDI =>",5.3560359999999996,null,"Valor com BDI =>",null,24.78]
[]
[null,"Código","Banco","Descrição","Tipo",null,"Und","Quant.","Valor Unit","Total"]
["Composição"," 7039 ","SINAPI","ROLO COMPACTADOR DE PNEUS ESTÁTICO, PRESSÃO VARIÁVEL, POTÊNCIA 111 HP, PESO SEM/COM LASTRO 9,5 / 26 T, LARGURA DE TRABALHO 1,90 M - JUROS. AF_07/2014","CHOR - CUSTOS HORÁRIOS DE MÁQUINAS E EQUIPAMENTOS",null,"H",1,2.7,2.7]
["Insumo"," 00010642 ","SINAPI","ROLO COMPACTADOR DE PNEUS, ESTATICO, PRESSAO VARIAVEL, POTENCIA 111 HP, PESO SEM/COM LASTRO 9,5/26,0 T, LARGURA DE ROLAGEM 1,90 M","Equipamento",null,"UN",7.4000000000000003E-6,364438.4,2.7]
[{"$nulls":4},"MO sem LS =>",0,"LS =>",0,"MO com LS =>",0]
[{"$nulls":4},"Valor do BDI =>",0.74465999999999999,null,"Valor com BDI =>",null,3.44]
[]
[null,"Código","Banco","Descrição","Tipo",null,"Und","Quant.","Valor Unit","Total"]
["Composição"," 7040 ","SINAPI","ROLO COMPACTADOR DE PNEUS ESTÁTICO, PRESSÃO VARIÁVEL, POTÊNCIA 111 HP, PESO SEM/COM LASTRO 9,5 / 26 T, LARGURA DE TRABALHO 1,90 M - MANUTENÇÃO. AF_07/2014","CHOR - CUSTOS HORÁRIOS DE MÁQUINAS E EQUIPAMENTOS",null,"H",1,24.31,24.31]
["Insumo"," 00010642 ","SINAPI","ROLO COMPACTADOR DE PNEUS, ESTATICO, PRESSAO VARIAVEL, POTENCIA 111 HP, PESO SEM/COM LASTRO 9,5/26,0 T, LARGURA DE ROLAGEM 1,90 M","Equipamento",null,"UN",6.6699999999999995E-5,364438.4,24.31]
[{"$nulls":4},"MO sem LS =>",0,"LS =>",0,"MO com LS =>",0]
[{"$nulls":4},"Valor do BDI =>",6.7046979999999996,null,"Valor com BDI =>",null,31.01]
[]
[null,"Código","Banco","Descrição","Tipo",null,"Und","Quant.","Valor Unit","Total"]
["Composição"," 55263 ","SINAPI","ROLO COMPACTADOR DE PNEUS ESTÁTICO, PRESSÃO VARIÁVEL, POTÊNCIA 111 HP, PESO SEM/COM LASTRO 9,5 / 26 T, LARGURA DE TRABALHO 1,90 M - MATERIAIS NA OPERAÇÃO. AF_07/2014","CHOR - CUSTOS HORÁRIOS DE MÁQUINAS E EQUIPAMENTOS",null,"H",1,26.28,26.28]
["Insumo"," 00004221 ","SINAPI","OLEO DIESEL COMBUSTIVEL COMUM","Material",null,"L",10.77,2.44,26.28]
[{"$nulls":4},"MO sem LS =>",0,"LS =>",0,"MO com LS =>",0]
[{"$nulls":4},"Valor do BDI =>",7.248024,null,"Valor com BDI =>",null,33.53]
[]
[null,"Código","Banco","Descrição","Tipo",null,"Und","Quant.","Valor Unit","Total"]
["Composição"," 93244 ","SINAPI","ROLO COMPACTADOR VIBRATÓRIO PÉ DE CARNEIRO PARA SOLOS, POTÊNCIA 80 HP, PESO OPERACIONAL SEM/COM LASTRO 7,4 / 8,8 T, LARGURA DE TRABALHO 1,68 M - CHI DIURNO. AF_02/2016","CHOR - CUSTOS HORÁRIOS DE MÁQUINAS E EQUIPAMENTOS",null,"CHI",1,29.84,29.84]
["Composição Auxiliar"," 73313 ","SINAPI","ROLO COMPACTADOR VIBRATÓRIO PÉ DE CARNEIRO PARA SOLOS, POTÊNCIA 80 HP, PESO OPERACIONAL SEM/COM LASTRO 7,4 / 8,8 T, LARGURA DE TRABALHO 1,68 M - JUROS. AF_02/2016","CHOR - CUSTOS HORÁRIOS DE MÁQUINAS E EQUIPAMENTOS",null,"H",1,1.79,1.79]
["Composição Auxiliar"," 73309 ","SINAPI","ROLO COMPACTADOR VIBRATÓRIO PÉ DE CARNEIRO PARA SOLOS, POTÊNCIA 80 HP, PESO OPERACIONAL SEM/COM LASTRO 7,4 / 8,8 T, LARGURA DE TRABALHO 1,68 M - DEPRECIAÇÃO. AF_02/2016","CHOR - CUSTOS HORÁRIOS DE MÁQUINAS E EQUIPAMENTOS",null,"H",1,12.92,12.92]
["Composição Auxiliar"," 88303 ","SINAPI","OPERADOR DE ROLO COMPACTADOR COM ENCARGOS COMPLEMENTARES","SEDI - SERVIÇOS DIVERSOS",null,"H",0.78106030000000004,19.37,15.13]
[{"$nulls":4},"MO sem LS =>",15.13,"LS =>",0,"MO com LS =>",15.13]
[{"$nulls":4},"Valor do BDI =>",8.2298720000000003,null,"Valor com BDI =>",null,38.07]
[]
[null,"Código","Banco","Descrição","Tipo",null,"Und","Quant.","Valor Unit","Total"]
["Composição"," 73436 ","SINAPI","ROLO COMPACTADOR VIBRATÓRIO PÉ DE CARNEIRO PARA SOLOS, POTÊNCIA 80 HP, PESO OPERACIONAL SEM/COM LASTRO 7,4 / 8,8 T, LARGURA DE TRABALHO 1,68 M - CHP DIURNO. AF_02/2016","CHOR - CUSTOS HORÁRIOS DE MÁQUINAS E EQUIPAMENTOS",null,"CHP",1,99.53,99.53]
["Composição Auxiliar"," 5089 ","SINAPI","ROLO COMPACTADOR VIBRATÓRIO PÉ DE CARNEIRO PARA SOLOS, POTÊNCIA 80 HP, PESO OPERACIONAL SEM/COM LASTRO 7,4 / 8,8 T, LARGURA DE TRABALHO 1,68 M - MANUTENÇÃO. AF_02/2016","CHOR - CUSTOS HORÁRIOS DE MÁQUINAS E EQUIPAMENTOS",null,"H",1,16.170000000000002,16.170000000000002]
["Composição Auxiliar"," 73313 ","SINAPI","ROLO COMPACTADOR VIBRATÓRIO PÉ DE CARNEIRO PARA SOLOS, POTÊNCIA 80 HP, PESO OPERACIONAL SEM/COM LASTRO 7,4 / 8,8 T, LARGURA DE TRABALHO 1,68 M - JUROS. AF_02/2016","CHOR - CUSTOS HORÁRIOS DE MÁQUINAS E EQUIPAMENTOS",null,"H",1,1.79,1.79]
["Composição Auxiliar"," 73309 ","SINAPI","ROLO COMPACTADOR VIBRATÓRIO PÉ DE CARNEIRO PARA SOLOS, POTÊNCIA 80 HP, PESO OPERACIONAL SEM/COM LASTRO 7,4 / 8,8 T, LARGURA DE TRABALHO 1,68 M - DEPRECIAÇÃO. AF_02/2016","CHOR - CUSTOS HORÁRIOS DE MÁQUINAS E EQUIPAMENTOS",null,"H",1,12.92,12.92]
["Composição Auxiliar"," 73315 ","SINAPI","ROLO COMPACTADOR VIBRATÓRIO PÉ DE CARNEIRO PARA SOLOS, POTÊNCIA 80 HP, PESO OPERACIONAL SEM/COM LASTRO 7,4 / 8,8 T, LARGURA DE TRABALHO 1,68 M - MATERIAIS NA OPERAÇÃO. AF_02/2016","CHOR - CUSTOS HORÁRIOS DE MÁQUINAS E EQUIPAMENTOS",null,"H",1,23.3,23.3]
["Composição Auxiliar"," 88303 ","SINAPI","OPERADOR DE ROLO COMPACTADOR COM ENCARGOS COMPLEMENTARES","SEDI - SERVIÇOS DIVERSOS",null,"H",2.3411574000000002,19.37,45.35]
[{"$nulls":4},"MO sem LS =>",45.35,"LS =>",0,"MO com LS =>",45.35]
[{"$nulls":4},"Valor do BDI =>",27.450374,null,"Valor com BDI =>",null,126.98]
[]
[null,"Código","Banco","Descrição","Tipo",null,"Und","Quant.","Valor Unit","Total"]
["Composição"," 73309 ","SINAPI","ROLO COMPACTADOR VIBRATÓRIO PÉ DE CARNEIRO PARA SOLOS, POTÊNCIA 80 HP, PESO OPERACIONAL SEM/COM LASTRO 7,4 / 8,8 T, LARGURA DE TRABALHO 1,68 M - DEPRECIAÇÃO. AF_02/2016","CHOR - CUSTOS HORÁRIOS DE MÁQUINAS E EQUIPAMENTOS",null,"H",1,12.92,12.92]
["Insumo"," 00014513 ","SINAPI","ROLO COMPACTADOR PE DE CARNEIRO VIBRATORIO, POTENCIA 80 HP, PESO OPERACIONAL SEM/COM LASTRO 7,4/8,8 T, LARGURA DE TRABALHO 1,68 M","Equipamento",null,"UN",5.3300000000000001E-5,242445.23,12.92]
[{"$nulls":4},"MO sem LS =>",0,"LS =>",0,"MO com LS =>",0]
[{"$nulls":4},"Valor do BDI =>",3.5633360000000001,null,"Valor com BDI =>",null,16.48]
[]
[null,"Código","Banco","Descrição","Tipo",null,"Und","Quant.","Valor Unit","Total"]
["Composição"," 73313 ","SINAPI","ROLO COMPACTADOR VIBRATÓRIO PÉ DE CARNEIRO PARA SOLOS, POTÊNCIA 80 HP, PESO OPERACIONAL SEM/COM LASTRO 7,4 / 8,8 T, LARGURA DE TRABALHO 1,68 M - JUROS. AF_02/2016","CHOR - CUSTOS HORÁRIOS DE MÁQUINAS E EQUIPAMENTOS",null,"H",1,1.79,1.79]
["Insumo"," 00014513 ","SINAPI","ROLO COMPACTADOR PE DE CARNEIRO VIBRATORIO, POTENCIA 80 HP, PESO OPERACIONAL SEM/COM LASTRO 7,4/8,8 T, LARGURA DE TRABALHO 1,68 M","Equipamento",null,"UN",7.4000000000000003E-6,242445.23,1.79]
[{"$nulls":4},"MO sem LS =>",0,"LS =>",0,"MO com LS =>",0]
[{"$nulls":4},"Valor do BDI =>",0.49368200000000001,null,"Valor com BDI =>",null,2.2799999999999998]
[]
[null,"Código","Banco","Descrição","Tipo",null,"Und","Quant.","Valor Unit","Total"]
["Composição"," 5089 ","SINAPI","ROLO COMPACTADOR VIBRATÓRIO PÉ DE CARNEIRO PARA SOLOS, POTÊNCIA 80 HP, PESO OPERACIONAL SEM/COM LASTRO 7,4 / 8,8 T, LARGURA DE TRABALHO 1,68 M - MANUTENÇÃO. AF_02/2016","CHOR - CUSTOS HORÁRIOS DE MÁQUINAS E EQUIPAMENTOS",null,"H",1,16.170000000000002,16.170000000000002]
["Insumo"," 00014513 ","SINAPI","ROLO COMPACTADOR PE DE CARNEIRO VIBRATORIO, POTENCIA 80 HP, PESO OPERACIONAL SEM/COM LASTRO 7,4/8,8 T, LARGURA DE TRABALHO 1,68 M","Equipamento",null,"UN",6.6699999999999995E-5,242445.23,16.170000000000002]
[{"$nulls":4},"MO sem LS =>",0,"LS =>",0,"MO com LS =>",0]
[{"$nulls":4},"Valor do BDI =>",4.4596859999999996,null,"Valor com BDI =>",null,20.63]
[]
[null,"Código","Banco","Descrição","Tipo",null,"Und","Quant.","Valor Unit","Total"]
["Composição"," 73315 ","SINAPI","ROLO COMPACTADOR VIBRATÓRIO PÉ DE CARNEIRO PARA SOLOS, POTÊNCIA 80 HP, PESO OPERACIONAL SEM/COM LASTRO 7,4 / 8,8 T, LARGURA DE TRABALHO 1,68 M - MATERIAIS NA OPERAÇÃO. AF_02/2016","CHOR - CUSTOS HORÁRIOS DE MÁQUINAS E EQUIPAMENTOS",null,"H",1,23.3,23.3]
["Insumo"," 00004221 ","SINAPI","OLEO DIESEL COMBUSTIVEL COMUM","Material",null,"L",9.5500000000000007,2.44,23.3]
[{"$nulls":4},"MO sem LS =>",0,"LS =>",0,"MO com LS =>",0]
[{"$nulls":4},"Valor do BDI =>",6.4261400000000002,null,"Valor com BDI =>",null,29.73]
[]
[null,"Código","Banco","Descrição","Tipo",null,"Und","Quant.","Valor Unit","Total"]
["Composição"," 91693 ","SINAPI","SERRA CIRCULAR DE BANCADA COM MOTOR ELÉTRICO POTÊNCIA DE 5HP, COM COIFA PARA DISCO 10\" - CHI DIURNO. AF_08/2015","CHOR - CUSTOS HORÁRIOS DE MÁQUINAS E EQUIPAMENTOS",null,"CHI",1,16.53,16.53]
["Composição Auxiliar"," 91689 ","SINAPI","SERRA CIRCULAR DE BANCADA COM MOTOR ELÉTRICO POTÊNCIA DE 5HP, COM COIFA PARA DISCO 10\" - JUROS. AF_08/2015","CHOR - CUSTOS HORÁRIOS DE MÁQUINAS E EQUIPAMENTOS",null,"H",1,0.01,0.01]
["Composição Auxiliar"," 91688 ","SINAPI","SERRA CIRCULAR DE BANCADA COM MOTOR ELÉTRICO POTÊNCIA DE 5HP, COM COIFA PARA DISCO 10\" - DEPRECIAÇÃO. AF_08/2015","CHOR - CUSTOS HORÁRIOS DE MÁQUINAS E EQUIPAMENTOS",null,"H",1,0.06,0.06]
["Composição Auxiliar"," 88297 ","SINAPI","OPERADOR DE MÁQUINAS E EQUIPAMENTOS COM ENCARGOS COMPLEMENTARES","SEDI - SERVIÇOS DIVERSOS",null,"H",0.78125,21.07,16.46]
[{"$nulls":4},"MO sem LS =>",16.46,"LS =>",0,"MO com LS =>",16.46]
[{"$nulls":4},"Valor do BDI =>",4.5589740000000001,null,"Valor com BDI =>",null,21.09]
[]
[null,"Código","Banco","Descrição","Tipo",null,"Und","Quant.","Valor Unit","Total"]
["Composição"," 91692 ","SINAPI","SERRA CIRCULAR DE BANCADA COM MOTOR ELÉTRICO POTÊNCIA DE 5HP, COM COIFA PARA DISCO 10\" - CHP DIURNO. AF_08/2015","CHOR - CUSTOS HORÁRIOS DE MÁQUINAS E EQUIPAMENTOS",null,"CHP",1,18.559999999999999,18.559999999999999]
["Composição Auxiliar"," 91689 ","SINAPI","SERRA CIRCULAR DE BANCADA COM MOTOR ELÉTRICO POTÊNCIA DE 5HP, COM COIFA PARA DISCO 10\" - JUROS. AF_08/2015","CHOR - CUSTOS HORÁRIOS DE MÁQUINAS E EQUIPAMENTOS",null,"H",1,0.01,0.01]
["Composição Auxiliar"," 91690 ","SINAPI","SERRA CIRCULAR DE BANCADA COM MOTOR ELÉTRICO POTÊNCIA DE 5HP, COM COIFA PARA DISCO 10\" - MANUTENÇÃO. AF_08/2015","CHOR - CUSTOS HORÁRIOS DE MÁQUINAS E EQUIPAMENTOS",null,"H",1,0.04,0.04]
["Composição Auxiliar"," 91691 ","SINAPI","SERRA CIRCULAR DE BANCADA COM MOTOR ELÉTRICO POTÊNCIA DE 5HP, COM COIFA PARA DISCO 10\" - MATERIAIS NA OPERAÇÃO. AF_08/2015","CHOR - CUSTOS HORÁRIOS DE MÁQUINAS E EQUIPAMENTOS",null,"H",1,1.97,1.97]
["Composição Auxiliar"," 91688 ","SINAPI","SERRA CIRCULAR DE BANCADA COM MOTOR ELÉTRICO POTÊNCIA DE 5HP, COM COIFA PARA DISCO 10\" - DEPRECIAÇÃO. AF_08/2015","CHOR - CUSTOS HORÁRIOS DE MÁQUINAS E EQUIPAMENTOS",null,"H",1,0.06,0.06]
["Composição Auxiliar"," 88297 ","SINAPI","OPERADOR DE MÁQUINAS E EQUIPAMENTOS COM ENCARGOS COMPLEMENTARES","SEDI - SERVIÇOS DIVERSOS",null,"H",0.78236609999999995,21.07,16.48]
[{"$nulls":4},"MO sem LS =>",16.48,"LS =>",0,"MO com LS =>",16.48]
[{"$nulls":4},"Valor do BDI =>",5.1188479999999998,null,"Valor com BDI =>",null,23.68]
[]
[null,"Código","Banco","Descrição","Tipo",null,"Und","Quant.","Valor Unit","Total"]
["Composição"," 91688 ","SINAPI","SERRA CIRCULAR DE BANCADA COM MOTOR ELÉTRICO POTÊNCIA DE 5HP, COM COIFA PARA DISCO 10\" - DEPRECIAÇÃO. AF_08/2015","CHOR - CUSTOS HORÁRIOS DE MÁQUINAS E EQUIPAMENTOS",null,"H",1,0.06,0.06]
["Insumo"," 00014618 ","SINAPI","SERRA CIRCULAR DE BANCADA COM MOTOR ELETRICO, POTENCIA DE *1600* W, PARA DISCO DE DIAMETRO DE 10\" (250 MM)","Material",null,"UN",7.2000000000000002E-5,879.99,0.06]
[{"$nulls":4},"MO sem LS =>",0,"LS =>",0,"MO com LS =>",0]
[{"$nulls":4},"Valor do BDI =>",1.6548E-2,null,"Valor com BDI =>",null,0.08]
[]
[null,"Código","Banco","Descrição","Tipo",null,"Und","Quant.","Valor Unit","Total"]
["Composição"," 91689 ","SINAPI","SERRA CIRCULAR DE BANCADA COM MOTOR ELÉTRICO POTÊNCIA DE 5HP, COM COIFA PARA DISCO 10\" - JUROS. AF_08/2015","CHOR - CUSTOS HORÁRIOS DE MÁQUINAS E EQUIPAMENTOS",null,"H",1,0.01,0.01]
["Insumo"," 00014618 ","SINAPI","SERRA CIRCULAR DE BANCADA COM MOTOR ELETRICO, POTENCIA DE *1600* W, PARA DISCO DE DIAMETRO DE 10\" (250 MM)","Material",null,"UN",1.4399999999999999E-5,879.99,0.01]
[{"$nulls":4},"MO sem LS =>",0,"LS =>",0,"MO com LS =>",0]
[{"$nulls":4},"Valor do BDI =>",2.758E-3,null,"Valor com BDI =>",null,0.01]
[]
[null,"Código","Banco","Descrição","Tipo",null,"Und","Quant.","Valor Unit","Total"]
["Composição"," 91690 ","SINAPI","SERRA CIRCULAR DE BANCADA COM MOTOR ELÉTRICO POTÊNCIA DE 5HP, COM COIFA PARA DISCO 10\" - MANUTENÇÃO. AF_08/2015","CHOR - CUSTOS HORÁRIOS DE MÁQUINAS E EQUIPAMENTOS",null,"H",1,0.04,0.04]
["Insumo"," 00014618 ","SINAPI","SERRA CIRCULAR DE BANCADA COM MOTOR ELETRICO, POTENCIA DE *1600* W, PARA DISCO DE DIAMETRO DE 10\" (250 MM)","Material",null,"UN",5.0000000000000002E-5,879.99,0.04]
[{"$nulls":4},"MO sem LS =>",0,"LS =>",0,"MO com LS =>",0]
[{"$nulls":4},"Valor do BDI =>",1.1032E-2,null,"Valor com BDI =>",null,0.05]
[]
[null,"Código","Banco","Descrição","Tipo",null,"Und","Quant.","Valor Unit","Total"]
["Composição"," 91691 ","SINAPI","SERRA CIRCULAR DE BANCADA COM MOTOR ELÉTRICO POTÊNCIA DE 5HP, COM COIFA PARA DISCO 10\" - MATERIAIS NA OPERAÇÃO. AF_08/2015","CHOR - CUSTOS HORÁRIOS DE MÁQUINAS E EQUIPAMENTOS",null,"H",1,1.97,1.97]
["Insumo"," 00002705 ","SINAPI","ENERGIA ELETRICA ATE 2000 KWH INDUSTRIAL, SEM DEMANDA","Material",null,"KW/H",3.17,0.62,1.97]
[{"$nulls":4},"MO sem LS =>",0,"LS =>",0,"MO com LS =>",0]
[{"$nulls":4},"Valor do BDI =>",0.54332599999999998,null,"Valor com BDI =>",null,2.5099999999999998]
[]
[null,"Código","Banco","Descrição","Tipo",null,"Und","Quant.","Valor Unit","Total"]
["Composição"," 88315 ","SINAPI","SERRALHEIRO COM ENCARGOS COMPLEMENTARES","SEDI - SERVIÇOS DIVERSOS",null,"H",1,19.3,19.3]
["Composição Auxiliar"," 95377 ","SINAPI","CURSO DE CAPACITAÇÃO PARA SERRALHEIRO (ENCARGOS COMPLEMENTARES) - HORISTA","SEDI - SERVIÇOS DIVERSOS",null,"H",1,0.12,0.12]
["Insumo"," 00037370 ","SINAPI","ALIMENTACAO - HORISTA (COLETADO CAIXA)","Mão de Obra",null,"H",1,1.77,1.77]
["Insumo"," 00043489 ","SINAPI","EPI - FAMILIA PEDREIRO - HORISTA (ENCARGOS COMPLEMENTARES - COLETADO CAIXA)","Mão de Obra",null,"H",1,0.96,0.96]
["Insumo"," 00037372 ","SINAPI","EXAMES - HORISTA (COLETADO CAIXA)","Mão de Obra",null,"H",1,0.35,0.35]
["Insumo"," 00043465 ","SINAPI","FERRAMENTAS - FAMILIA PEDREIRO - HORISTA (ENCARGOS COMPLEMENTARES - COLETADO CAIXA)","Mão de Obra",null,"H",1,0.5,0.5]
["Insumo"," 00006110 ","SINAPI","SERRALHEIRO","Mão de Obra",null,"H",1,14.86,14.86]
["Insumo"," 00037373 ","SINAPI","SEGURO - HORISTA (COLETADO CAIXA)","Mão de Obra",null,"H",1,7.0000000000000007E-2,7.0000000000000007E-2]
["Insumo"," 00037371 ","SINAPI","TRANSPORTE - HORISTA (COLETADO CAIXA)","Mão de Obra",null,"H",1,0.67,0.67]
[{"$nulls":4},"MO sem LS =>",19.3,"LS =>",0,"MO com LS =>",19.3]
[{"$nulls":4},"Valor do BDI =>",5.32294,null,"Valor com BDI =>",null,24.62]
[]
[null,"Código","Banco","Descrição","Tipo",null,"Und","Quant.","Valor Unit","Total"]
["Composição"," 88316 ","SINAPI","SERVENTE COM ENCARGOS COMPLEMENTARES","SEDI - SERVIÇOS DIVERSOS",null,"H",1,14.96,14.96]
["Composição Auxiliar"," 95378 ","SINAPI","CURSO DE CAPACITAÇÃO PARA SERVENTE (ENCARGOS COMPLEMENTARES) - HORISTA","SEDI - SERVIÇOS DIVERSOS",null,"H",1,0.15,0.15]
["Insumo"," 00037370 ","SINAPI","ALIMENTACAO - HORISTA (COLETADO CAIXA)","Mão de Obra",null,"H",1,1.77,1.77]
["Insumo"," 00043491 ","SINAPI","EPI - FAMILIA SERVENTE - HORISTA (ENCARGOS COMPLEMENTARES - COLETADO CAIXA)","Mão de Obra",null,"H",1,1.02,1.02]
["Insumo"," 00037372 ","SINAPI","EXAMES - HORISTA (COLETADO CAIXA)","Mão de Obra",null,"H",1,0.35,0.35]
["Insumo"," 00043467 ","SINAPI","FERRAMENTAS - FAMILIA SERVENTE - HORISTA (ENCARGOS COMPLEMENTARES - COLETADO CAIXA)","Mão de Obra",null,"H",1,0.38,0.38]
["Insumo"," 00006111 ","SINAPI","SERVENTE DE OBRAS","Mão de Obra",null,"H",1,10.55,10.55]
["Insumo"," 00037373 ","SINAPI","SEGURO - HORISTA (COLETADO CAIXA)","Mão de Obra",null,"H",1,7.0000000000000007E-2,7.0000000000000007E-2]
["Insumo"," 00037371 ","SINAPI","TRANSPORTE - HORISTA (COLETADO CAIXA)","Mão de Obra",null,"H",1,0.67,0.67]
[{"$nulls":4},"MO sem LS =>",14.96,"LS =>",0,"MO com LS =>",14.96]
[{"$nulls":4},"Valor do BDI =>",4.1259680000000003,null,"Valor com BDI =>",null,19.09]
[]
[null,"Código","Banco","Descrição","Tipo",null,"Und","Quant.","Valor Unit","Total"]
["Composição"," 86883 ","SINAPI","SIFÃO DO TIPO FLEXÍVEL EM PVC 1  X 1.1/2  - FORNECIMENTO E INSTALAÇÃO. AF_01/2020","INHI - INSTALAÇÕES HIDROS SANITÁRIAS",null,"UN",1,7.64,7.64]
["Composição Auxiliar"," 88316 ","SINAPI","SERVENTE COM ENCARGOS COMPLEMENTARES","SEDI - SERVIÇOS DIVERSOS",null,"H",2.0909500000000001E-2,14.96,0.31]
["Composição Auxiliar"," 88267 ","SINAPI","ENCANADOR OU BOMBEIRO HIDRÁULICO COM ENCARGOS COMPLEMENTARES","SEDI - SERVIÇOS DIVERSOS",null,"H",6.6422800000000004E-2,18.97,1.26]
["Insumo"," 00003146 ","SINAPI","FITA VEDA ROSCA EM ROLOS DE 18 MM X 10 M (L X C)","Material",null,"UN",3.32E-2,2.73,0.09]
["Insumo"," 00006148 ","SINAPI","SIFAO PLASTICO FLEXIVEL SAIDA VERTICAL PARA COLUNA LAVATORIO, 1 X 1.1/2 \"","Material",null,"UN",1,5.98,5.98]
[{"$nulls":4},"MO sem LS =>",1.57,"LS =>",0,"MO com LS =>",1.57]
[{"$nulls":4},"Valor do BDI =>",2.1071119999999999,null,"Valor com BDI =>",null,9.75]
[]
[null,"Código","Banco","Descrição","Tipo",null,"Und","Quant.","Valor Unit","Total"]
["Composição"," 88317 ","SINAPI","SOLDADOR COM ENCARGOS COMPLEMENTARES","SEDI - SERVIÇOS DIVERSOS",null,"H",1,20.04,20.04]
["Composição Auxiliar"," 95379 ","SINAPI","CURSO DE CAPACITAÇÃO PARA SOLDADOR (ENCARGOS COMPLEMENTARES) - HORISTA","SEDI - SERVIÇOS DIVERSOS",null,"H",1,0.12,0.12]
["Insumo"," 00037370 ","SINAPI","ALIMENTACAO - HORISTA (COLETADO CAIXA)","Mão de Obra",null,"H",1,1.77,1.77]
["Insumo"," 00043492 ","SINAPI","EPI - FAMILIA SOLDADOR - HORISTA (ENCARGOS COMPLEMENTARES - COLETADO CAIXA)","Mão de Obra",null,"H",1,1.36,1.36]
["Insumo"," 00037372 ","SINAPI","EXAMES - HORISTA (COLETADO CAIXA)","Mão de Obra",null,"H",1,0.35,0.35]
["Insumo"," 00043468 ","SINAPI","FERRAMENTAS - FAMILIA SOLDADOR - HORISTA (ENCARGOS COMPLEMENTARES - COLETADO CAIXA)","Mão de Obra",null,"H",1,0.84,0.84]
["Insumo"," 00006160 ","SINAPI","SOLDADOR","Mão de Obra",null,"H",1,14.86,14.86]
["Insumo"," 00037373 ","SINAPI","SEGURO - HORISTA (COLETADO CAIXA)","Mão de Obra",null,"H",1,7.0000000000000007E-2,7.0000000000000007E-2]
["Insumo"," 00037371 ","SINAPI","TRANSPORTE - HORISTA (COLETADO CAIXA)","Mão de Obra",null,"H",1,0.67,0.67]
[{"$nulls":4},"MO sem LS =>",20.04,"LS =>",0,"MO com LS =>",20.04]
[{"$nulls":4},"Valor do BDI =>",5.5270320000000002,null,"Valor com BDI =>",null,25.57]
[]
[null,"Código","Banco","Descrição","Tipo",null,"Und","Quant.","Valor Unit","Total"]
["Composição"," 91945 ","SINAPI","SUPORTE PARAFUSADO COM PLACA DE ENCAIXE 4\" X 2\" ALTO (2,00 M DO PISO) PARA PONTO ELÉTRICO - FORNECIMENTO E INSTALAÇÃO. AF_12/2015","INEL - INSTALAÇÃO ELÉTRICA/ELETRIFICAÇÃO E ILUMINAÇÃO EXTERNA",null,"UN",1,6.15,6.15]
["Composição Auxiliar"," 88264 ","SINAPI","ELETRICISTA COM ENCARGOS COMPLEMENTARES","SEDI - SERVIÇOS DIVERSOS",null,"H",0.14198350000000001,19.579999999999998,2.78]
["Insumo"," 00038094 ","SINAPI","ESPELHO / PLACA DE 3 POSTOS 4\" X 2\", PARA INSTALACAO DE TOMADAS E INTERRUPTORES","Material",null,"UN",1,2.2200000000000002,2.2200000000000002]
["Insumo"," 00038099 ","SINAPI","SUPORTE DE FIXACAO PARA ESPELHO / PLACA 4\" X 2\", PARA 3 MODULOS, PARA INSTALACAO DE TOMADAS E INTERRUPTORES (SOMENTE SUPORTE)","Material",null,"UN",1,1.1499999999999999,1.1499999999999999]
[{"$nulls":4},"MO sem LS =>",2.78,"LS =>",0,"MO com LS =>",2.78]
[{"$nulls":4},"Valor do BDI =>",1.69617,null,"Valor com BDI =>",null,7.85]
[]
[null,"Código","Banco","Descrição","Tipo",null,"Und","Quant.","Valor Unit","Total"]
["Composição"," 91946 ","SINAPI","SUPORTE PARAFUSADO COM PLACA DE ENCAIXE 4\" X 2\" MÉDIO (1,30 M DO PISO) PARA PONTO ELÉTRICO - FORNECIMENTO E INSTALAÇÃO. AF_12/2015","INEL - INSTALAÇÃO ELÉTRICA/ELETRIFICAÇÃO E ILUMINAÇÃO EXTERNA",null,"UN",1,5.26,5.26]
["Composição Auxiliar"," 88264 ","SINAPI","ELETRICISTA COM ENCARGOS COMPLEMENTARES","SEDI - SERVIÇOS DIVERSOS",null,"H",9.6772300000000006E-2,19.579999999999998,1.89]
["Insumo"," 00038094 ","SINAPI","ESPELHO / PLACA DE 3 POSTOS 4\" X 2\", PARA INSTALACAO DE TOMADAS E INTERRUPTORES","Material",null,"UN",1,2.2200000000000002,2.2200000000000002]
["Insumo"," 00038099 ","SINAPI","SUPORTE DE FIXACAO PARA ESPELHO / PLACA 4\" X 2\", PARA 3 MODULOS, PARA INSTALACAO DE TOMADAS E INTERRUPTORES (SOMENTE SUPORTE)","Material",null,"UN",1,1.1499999999999999,1.1499999999999999]
[{"$nulls":4},"MO sem LS =>",1.89,"LS =>",0,"MO com LS =>",1.89]
[{"$nulls":4},"Valor do BDI =>",1.4507080000000001,null,"Valor com BDI =>",null,6.71]
[]
[null,"Código","Banco","Descrição","Tipo",null,"Und","Quant.","Valor Unit","Total"]
["Composição"," 95139 ","SINAPI","TALHA MANUAL DE CORRENTE, CAPACIDADE DE 2 TON. COM ELEVAÇÃO DE 3 M - CHP DIURNO. AF_07/2016","CHOR - CUSTOS HORÁRIOS DE MÁQUINAS E EQUIPAMENTOS",null,"CHP",1,0.05,0.05]
["Composição Auxiliar"," 95136 ","SINAPI","TALHA MANUAL DE CORRENTE, CAPACIDADE DE 2 TON. COM ELEVAÇÃO DE 3 M - DEPRECIAÇÃO. AF_07/2016","CHOR - CUSTOS HORÁRIOS DE MÁQUINAS E EQUIPAMENTOS",null,"H",1,0.02,0.02]
["Composição Auxiliar"," 95138 ","SINAPI","TALHA MANUAL DE CORRENTE, CAPACIDADE DE 2 TON. COM ELEVAÇÃO DE 3 M - MANUTENÇÃO. AF_07/2016","CHOR - CUSTOS HORÁRIOS DE MÁQUINAS E EQUIPAMENTOS",null,"H",1,0.02,0.02]
["Composição Auxiliar"," 95137 ","SINAPI","TALHA MANUAL DE CORRENTE, CAPACIDADE DE 2 TON. COM ELEVAÇÃO DE 3 M - JUROS. AF_07/2016","CHOR - CUSTOS HORÁRIOS DE MÁQUINAS E EQUIPAMENTOS",null,"H",1,0.01,0.01]
[{"$nulls":4},"MO sem LS =>",0,"LS =>",0,"MO com LS =>",0]
[{"$nulls":4},"Valor do BDI =>",1.379E-2,null,"Valor com BDI =>",null,0.06]
[]
[null,"Código","Banco","Descrição","Tipo",null,"Und","Quant.","Valor Unit","Total"]
["Composição"," 95136 ","SINAPI","TALHA MANUAL DE CORRENTE, CAPACIDADE DE 2 TON. COM ELEVAÇÃO DE 3 M - DEPRECIAÇÃO. AF_07/2016","CHOR - CUSTOS HORÁRIOS DE MÁQUINAS E EQUIPAMENTOS",null,"H",1,0.02,0.02]
["Insumo"," 00010742 ","SINAPI","TALHA MANUAL DE CORRENTE, CAPACIDADE DE 2 T COM ELEVACAO DE 3 M","Material",null,"UN",3.1999999999999999E-5,772.6,0.02]
[{"$nulls":4},"MO sem LS =>",0,"LS =>",0,"MO com LS =>",0]
[{"$nulls":4},"Valor do BDI =>",5.5160000000000001E-3,null,"Valor com BDI =>",null,0.03]
[]
[null,"Código","Banco","Descrição","Tipo",null,"Und","Quant.","Valor Unit","Total"]
["Composição"," 95137 ","SINAPI","TALHA MANUAL DE CORRENTE, CAPACIDADE DE 2 TON. COM ELEVAÇÃO DE 3 M - JUROS. AF_07/2016","CHOR - CUSTOS HORÁRIOS DE MÁQUINAS E EQUIPAMENTOS",null,"H",1,0.01,0.01]
["Insumo"," 00010742 ","SINAPI","TALHA MANUAL DE CORRENTE, CAPACIDADE DE 2 T COM ELEVACAO DE 3 M","Material",null,"UN",1.3200000000000001E-5,772.6,0.01]
[{"$nulls":4},"MO sem LS =>",0,"LS =>",0,"MO com LS =>",0]
[{"$nulls":4},"Valor do BDI =>",2.758E-3,null,"Valor com BDI =>",null,0.01]
[]
[null,"Código","Banco","Descrição","Tipo",null,"Und","Quant.","Valor Unit","Total"]
["Composição"," 95138 ","SINAPI","TALHA MANUAL DE CORRENTE, CAPACIDADE DE 2 TON. COM ELEVAÇÃO DE 3 M - MANUTENÇÃO. AF_07/2016","CHOR - CUSTOS HORÁRIOS DE MÁQUINAS E EQUIPAMENTOS",null,"H",1,0.02,0.02]
["Insumo"," 00010742 ","SINAPI","TALHA MANUAL DE CORRENTE, CAPACIDADE DE 2 T COM ELEVACAO DE 3 M","Material",null,"UN",2.5000000000000001E-5,772.6,0.02]
[{"$nulls":4},"MO sem LS =>",0,"LS =>",0,"MO com LS =>",0]
[{"$nulls":4},"Valor do BDI =>",5.5160000000000001E-3,null,"Valor com BDI =>",null,0.03]
[]
[null,"Código","Banco","Descrição","Tipo",null,"Und","Quant.","Valor Unit","Total"]
["Composição"," V37 ","Próprio","TAMPA EM CHAPA DE FERRO P/ PROTEÇÃO DA CAIXA DO REGISTRO 1.50X1.50M (M2)","SEDI - SERVIÇOS DIVERSOS",null,"UN",1,206,206]
["Composição Auxiliar"," 88251 ","SINAPI","AUXILIAR DE SERRALHEIRO COM ENCARGOS COMPLEMENTARES","SEDI - SERVIÇOS DIVERSOS",null,"H",0.77736550000000004,15.08,11.72]
["Composição Auxiliar"," 88315 ","SINAPI","SERRALHEIRO COM ENCARGOS COMPLEMENTARES","SEDI - SERVIÇOS DIVERSOS",null,"H",0.77736550000000004,19.3,15]
["Insumo"," I0400 ","SEINFRA","CADEADO MEDIO","Material",null,"UN",1,11.91,11.91]
["Insumo"," 00001319 ","SINAPI","CHAPA DE ACO FINA A QUENTE BITOLA MSG 3/16 \", E = 4,75 MM (38,00 KG/M2)","Material",null,"KG",41.197499999999998,3.61,148.72]
["Insumo"," 00002433 ","SINAPI","DOBRADICA EM ACO/FERRO, 3\" X 2 1/2\", E= 1,2 A 1,8 MM, SEM ANEL,  CROMADO OU ZINCADO, TAMPA CHATA, COM PARAFUSOS","Material",null,"UN",4,4.16,16.64]
["Insumo"," 00005088 ","SINAPI","PORTA CADEADO,  3 1/2\", EM ACO ZINCADO, PRETO, PARA PORTAO E JANELA","Material",null,"UN",1,2.0099999999999998,2.0099999999999998]
[{"$nulls":4},"MO sem LS =>",26.72,"LS =>",0,"MO com LS =>",26.72]
[{"$nulls":4},"Valor do BDI =>",56.814799999999998,null,"Valor com BDI =>",null,262.81]
[]
[null,"Código","Banco","Descrição","Tipo",null,"Und","Quant.","Valor Unit","Total"]
["Composição"," C2302MOD ","Próprio","TAMPO DE AÇO INOX P/ BANCADAS","ASTU - ASSENTAMENTO DE TUBOS E PECAS",null,"m²",1,341.03,341.03]
["Composição Auxiliar"," 88309 ","SINAPI","PEDREIRO COM ENCARGOS COMPLEMENTARES","SEDI - SERVIÇOS DIVERSOS",null,"H",2.3425685999999999,19.399999999999999,45.45]
["Composição Auxiliar"," 88316 ","SINAPI","SERVENTE COM ENCARGOS COMPLEMENTARES","SEDI - SERVIÇOS DIVERSOS",null,"H",2.3425685999999999,14.96,35.04]
["Composição Auxiliar"," 91598 ","SINAPI","ARMAÇÃO DO SISTEMA DE PAREDES DE CONCRETO, EXECUTADA COMO ARMADURA POSITIVA DE LAJES, TELA Q-113. AF_06/2019","FUES - FUNDAÇÕES E ESTRUTURAS",null,"KG",1.9,5.36,10.18]
["Composição Auxiliar"," C0840 ","SEINFRA","CONCRETO P/VIBR., FCK 15 MPa COM AGREGADO ADQUIRIDO","CONCRETOS",null,"m³",0.08,259.83999999999997,20.79]
["Insumo"," I1926 ","SEINFRA","TAMPO DE AÇO INOX P/ BANCADAS","Material",null,"m²",1,223.46,223.46]
["Insumo"," 8208 ","ORSE","Frioasfalto Vedacit ou similar","Material",null,"kg",1.05,5.82,6.11]
[{"$nulls":4},"MO sem LS =>",87.54,"LS =>",0,"MO com LS =>",87.54]
[{"$nulls":4},"Valor do BDI =>",94.056073999999995,null,"Valor com BDI =>",null,435.09]
[]
[null,"Código","Banco","Descrição","Tipo",null,"Und","Quant.","Valor Unit","Total"]
["Composição"," 89796 ","SINAPI","TE, PVC, SERIE NORMAL, ESGOTO PREDIAL, DN 100 X 100 MM, JUNTA ELÁSTICA, FORNECIDO E INSTALADO EM RAMAL DE DESCARGA OU RAMAL DE ESGOTO SANITÁRIO. AF_12/2014","INHI - INSTALAÇÕES HIDROS SANITÁRIAS",null,"UN",1,21.13,21.13]
["Composição Auxiliar"," 88267 ","SINAPI","ENCANADOR OU BOMBEIRO HIDRÁULICO COM ENCARGOS COMPLEMENTARES","SEDI - SERVIÇOS DIVERSOS",null,"H",0.25779790000000002,18.97,4.8899999999999997]
["Composição Auxiliar"," 88248 ","SINAPI","AUXILIAR DE ENCANADOR OU BOMBEIRO HIDRÁULICO COM ENCARGOS COMPLEMENTARES","SEDI - SERVIÇOS DIVERSOS",null,"H",0.25779790000000002,14.61,3.77]
["Insumo"," 00000301 ","SINAPI","ANEL BORRACHA PARA TUBO ESGOTO PREDIAL, DN 100 MM (NBR 5688)","Material",null,"UN",2,1.99,3.98]
["Insumo"," 00020078 ","SINAPI","PASTA LUBRIFICANTE PARA TUBOS E CONEXOES COM JUNTA ELASTICA (USO EM PVC, ACO, POLIETILENO E OUTROS) ( DE *400* G)","Material",null,"UN",9.1999999999999998E-2,15.23,1.4]
["Insumo"," 00007091 ","SINAPI","TE SANITARIO, PVC, DN 100 X 100 MM, SERIE NORMAL, PARA ESGOTO PREDIAL","Material",null,"UN",1,7.09,7.09]
[{"$nulls":4},"MO sem LS =>",8.66,"LS =>",0,"MO com LS =>",8.66]
[{"$nulls":4},"Valor do BDI =>",5.8276539999999999,null,"Valor com BDI =>",null,26.96]
[]
[null,"Código","Banco","Descrição","Tipo",null,"Und","Quant.","Valor Unit","Total"]
["Composição"," 89784 ","SINAPI","TE, PVC, SERIE NORMAL, ESGOTO PREDIAL, DN 50 X 50 MM, JUNTA ELÁSTICA, FORNECIDO E INSTALADO EM RAMAL DE DESCARGA OU RAMAL DE ESGOTO SANITÁRIO. AF_12/2014","INHI - INSTALAÇÕES HIDROS SANITÁRIAS",null,"UN",1,10.46,10.46]
["Composição Auxiliar"," 88267 ","SINAPI","ENCANADOR OU BOMBEIRO HIDRÁULICO COM ENCARGOS COMPLEMENTARES","SEDI - SERVIÇOS DIVERSOS",null,"H",0.13293630000000001,18.97,2.52]
["Composição Auxiliar"," 88248 ","SINAPI","AUXILIAR DE ENCANADOR OU BOMBEIRO HIDRÁULICO COM ENCARGOS COMPLEMENTARES","SEDI - SERVIÇOS DIVERSOS",null,"H",0.13293630000000001,14.61,1.94]
["Insumo"," 00000296 ","SINAPI","ANEL BORRACHA PARA TUBO ESGOTO PREDIAL DN 50 MM (NBR 5688)","Material",null,"UN",2,1.1200000000000001,2.2400000000000002]
["Insumo"," 00020078 ","SINAPI","PASTA LUBRIFICANTE PARA TUBOS E CONEXOES COM JUNTA ELASTICA (USO EM PVC, ACO, POLIETILENO E OUTROS) ( DE *400* G)","Material",null,"UN",0.04,15.23,0.61]
["Insumo"," 00007097 ","SINAPI","TE SANITARIO, PVC, DN 50 X 50 MM, SERIE NORMAL, PARA ESGOTO PREDIAL","Material",null,"UN",1,3.15,3.15]
[{"$nulls":4},"MO sem LS =>",4.46,"LS =>",0,"MO com LS =>",4.46]
[{"$nulls":4},"Valor do BDI =>",2.884868,null,"Valor com BDI =>",null,13.34]
[]
[null,"Código","Banco","Descrição","Tipo",null,"Und","Quant.","Valor Unit","Total"]
["Composição"," 89395 ","SINAPI","TE, PVC, SOLDÁVEL, DN 25MM, INSTALADO EM RAMAL OU SUB-RAMAL DE ÁGUA - FORNECIMENTO E INSTALAÇÃO. AF_12/2014","INHI - INSTALAÇÕES HIDROS SANITÁRIAS",null,"UN",1,6.91,6.91]
["Composição Auxiliar"," 88267 ","SINAPI","ENCANADOR OU BOMBEIRO HIDRÁULICO COM ENCARGOS COMPLEMENTARES","SEDI - SERVIÇOS DIVERSOS",null,"H",0.1564381,18.97,2.97]
["Composição Auxiliar"," 88248 ","SINAPI","AUXILIAR DE ENCANADOR OU BOMBEIRO HIDRÁULICO COM ENCARGOS COMPLEMENTARES","SEDI - SERVIÇOS DIVERSOS",null,"H",0.1564381,14.61,2.29]
["Insumo"," 00000122 ","SINAPI","ADESIVO PLASTICO PARA PVC, FRASCO COM 850 GR","Material",null,"UN",1.0999999999999999E-2,41.61,0.46]
["Insumo"," 00038383 ","SINAPI","LIXA D'AGUA EM FOLHA, GRAO 100","Material",null,"UN",7.4999999999999997E-2,1.48,0.11]
["Insumo"," 00020083 ","SINAPI","SOLUCAO LIMPADORA PARA PVC, FRASCO COM 1000 CM3","Material",null,"UN",1.2E-2,36.14,0.43]
["Insumo"," 00007139 ","SINAPI","TE SOLDAVEL, PVC, 90 GRAUS, 25 MM, PARA AGUA FRIA PREDIAL (NBR 5648)","Material",null,"UN",1,0.65,0.65]
[{"$nulls":4},"MO sem LS =>",5.25,"LS =>",0.01,"MO com LS =>",5.26]
[{"$nulls":4},"Valor do BDI =>",1.905778,null,"Valor com BDI =>",null,8.82]
[]
[null,"Código","Banco","Descrição","Tipo",null,"Und","Quant.","Valor Unit","Total"]
["Composição"," 100533 ","SINAPI","TECNICO DE EDIFICACOES COM ENCARGOS COMPLEMENTARES","SEDI - SERVIÇOS DIVERSOS",null,"H",1,33.42,33.42]
["Composição Auxiliar"," 100535 ","SINAPI","CURSO DE CAPACITAÇÃO PARA TECNICO DE EDIFICACOES (ENCARGOS COMPLEMENTARES) - HORISTA","SEDI - SERVIÇOS DIVERSOS",null,"H",1,0.4,0.4]
["Insumo"," 00043493 ","SINAPI","EPI - FAMILIA TOPOGRAFO - HORISTA (ENCARGOS COMPLEMENTARES - COLETADO CAIXA)","Mão de Obra",null,"H",1,0.54,0.54]
["Insumo"," 00037372 ","SINAPI","EXAMES - HORISTA (COLETADO CAIXA)","Mão de Obra",null,"H",1,0.35,0.35]
["Insumo"," 00043469 ","SINAPI","FERRAMENTAS - FAMILIA TOPOGRAFO - HORISTA (ENCARGOS COMPLEMENTARES - COLETADO CAIXA)","Mão de Obra",null,"H",1,0.05,0.05]
["Insumo"," 00037373 ","SINAPI","SEGURO - HORISTA (COLETADO CAIXA)","Mão de Obra",null,"H",1,7.0000000000000007E-2,7.0000000000000007E-2]
["Insumo"," 00040945 ","SINAPI","TECNICO DE EDIFICACOES","Mão de Obra",null,"H",1,32.01,32.01]
[{"$nulls":4},"MO sem LS =>",33.42,"LS =>",0,"MO com LS =>",33.42]
[{"$nulls":4},"Valor do BDI =>",9.2172359999999998,null,"Valor com BDI =>",null,42.64]
[]
[null,"Código","Banco","Descrição","Tipo",null,"Und","Quant.","Valor Unit","Total"]
["Composição"," 88323 ","SINAPI","TELHADISTA COM ENCARGOS COMPLEMENTARES","SEDI - SERVIÇOS DIVERSOS",null,"H",1,21.47,21.47]
["Composição Auxiliar"," 95385 ","SINAPI","CURSO DE CAPACITAÇÃO PARA TELHADISTA (ENCARGOS COMPLEMENTARES) - HORISTA","SEDI - SERVIÇOS DIVERSOS",null,"H",1,0.13,0.13]
["Insumo"," 00037370 ","SINAPI","ALIMENTACAO - HORISTA (COLETADO CAIXA)","Mão de Obra",null,"H",1,1.77,1.77]
["Insumo"," 00043483 ","SINAPI","EPI - FAMILIA CARPINTEIRO DE FORMAS - HORISTA (ENCARGOS COMPLEMENTARES - COLETADO CAIXA)","Mão de Obra",null,"H",1,1.08,1.08]
["Insumo"," 00037372 ","SINAPI","EXAMES - HORISTA (COLETADO CAIXA)","Mão de Obra",null,"H",1,0.35,0.35]
["Insumo"," 00043459 ","SINAPI","FERRAMENTAS - FAMILIA CARPINTEIRO DE FORMAS - HORISTA (ENCARGOS COMPLEMENTARES - COLETADO CAIXA)","Mão de Obra",null,"H",1,0.34,0.34]
["Insumo"," 00037373 ","SINAPI","SEGURO - HORISTA (COLETADO CAIXA)","Mão de Obra",null,"H",1,7.0000000000000007E-2,7.0000000000000007E-2]
["Insumo"," 00012869 ","SINAPI","TELHADOR","Mão de Obra",null,"H",1,17.059999999999999,17.059999999999999]
["Insumo"," 00037371 ","SINAPI","TRANSPORTE - HORISTA (COLETADO CAIXA)","Mão de Obra",null,"H",1,0.67,0.67]
[{"$nulls":4},"MO sem LS =>",21.47,"LS =>",0,"MO com LS =>",21.47]
[{"$nulls":4},"Valor do BDI =>",5.9214260000000003,null,"Valor com BDI =>",null,27.39]
[]
[null,"Código","Banco","Descrição","Tipo",null,"Und","Quant.","Valor Unit","Total"]
["Composição"," 94201 ","SINAPI","TELHAMENTO COM TELHA CERÂMICA CAPA-CANAL, TIPO COLONIAL, COM ATÉ 2 ÁGUAS, INCLUSO TRANSPORTE VERTICAL. AF_07/2019","COBE - COBERTURA",null,"m²",1,21.18,21.18]
["Composição Auxiliar"," 93281 ","SINAPI","GUINCHO ELÉTRICO DE COLUNA, CAPACIDADE 400 KG, COM MOTO FREIO, MOTOR TRIFÁSICO DE 1,25 CV - CHP DIURNO. AF_03/2016","CHOR - CUSTOS HORÁRIOS DE MÁQUINAS E EQUIPAMENTOS",null,"CHP",3.7199999999999997E-2,16.11,0.6]
["Composição Auxiliar"," 93282 ","SINAPI","GUINCHO ELÉTRICO DE COLUNA, CAPACIDADE 400 KG, COM MOTO FREIO, MOTOR TRIFÁSICO DE 1,25 CV - CHI DIURNO. AF_03/2016","CHOR - CUSTOS HORÁRIOS DE MÁQUINAS E EQUIPAMENTOS",null,"CHI",5.16E-2,15.43,0.8]
["Composição Auxiliar"," 88316 ","SINAPI","SERVENTE COM ENCARGOS COMPLEMENTARES","SEDI - SERVIÇOS DIVERSOS",null,"H",0.31202770000000002,14.96,4.67]
["Composição Auxiliar"," 88323 ","SINAPI","TELHADISTA COM ENCARGOS COMPLEMENTARES","SEDI - SERVIÇOS DIVERSOS",null,"H",0.1040093,21.47,2.23]
["Insumo"," 00007173 ","SINAPI","TELHA DE BARRO / CERAMICA, NAO ESMALTADA, TIPO COLONIAL, CANAL, PLAN, PAULISTA, COMPRIMENTO DE *44 A 50* CM, RENDIMENTO DE COBERTURA DE *26* TELHAS/M2","Material",null,"MIL",2.75E-2,468.48,12.88]
[{"$nulls":4},"MO sem LS =>",8.25,"LS =>",0,"MO com LS =>",8.25]
[{"$nulls":4},"Valor do BDI =>",5.8414440000000001,null,"Valor com BDI =>",null,27.02]
[]
[null,"Código","Banco","Descrição","Tipo",null,"Und","Quant.","Valor Unit","Total"]
["Composição"," 94210 ","SINAPI","TELHAMENTO COM TELHA ONDULADA DE FIBROCIMENTO E = 6 MM, COM RECOBRIMENTO LATERAL DE 1 1/4 DE ONDA PARA TELHADO COM INCLINAÇÃO MÁXIMA DE 10°, COM ATÉ 2 ÁGUAS, INCLUSO IÇAMENTO. AF_07/2019","COBE - COBERTURA",null,"m²",1,32.06,32.06]
["Composição Auxiliar"," 93281 ","SINAPI","GUINCHO ELÉTRICO DE COLUNA, CAPACIDADE 400 KG, COM MOTO FREIO, MOTOR TRIFÁSICO DE 1,25 CV - CHP DIURNO. AF_03/2016","CHOR - CUSTOS HORÁRIOS DE MÁQUINAS E EQUIPAMENTOS",null,"CHP",5.3E-3,16.11,0.09]
["Composição Auxiliar"," 93282 ","SINAPI","GUINCHO ELÉTRICO DE COLUNA, CAPACIDADE 400 KG, COM MOTO FREIO, MOTOR TRIFÁSICO DE 1,25 CV - CHI DIURNO. AF_03/2016","CHOR - CUSTOS HORÁRIOS DE MÁQUINAS E EQUIPAMENTOS",null,"CHI",7.3000000000000001E-3,15.43,0.11]
["Composição Auxiliar"," 88316 ","SINAPI","SERVENTE COM ENCARGOS COMPLEMENTARES","SEDI - SERVIÇOS DIVERSOS",null,"H",0.12947610000000001,14.96,1.94]
["Composição Auxiliar"," 88323 ","SINAPI","TELHADISTA COM ENCARGOS COMPLEMENTARES","SEDI - SERVIÇOS DIVERSOS",null,"H",9.9836999999999995E-2,21.47,2.14]
["Insumo"," 00001607 ","SINAPI","CONJUNTO ARRUELAS DE VEDACAO 5/16\" PARA TELHA FIBROCIMENTO (UMA ARRUELA METALICA E UMA ARRUELA PVC - CONICAS)","Material",null,"CJ",1.26,0.11,0.14000000000000001]
["Insumo"," 00004302 ","SINAPI","PARAFUSO ZINCADO ROSCA SOBERBA, CABECA SEXTAVADA, 5/16 \" X 250 MM, PARA FIXACAO DE TELHA EM MADEIRA","Material",null,"UN",1.26,1.67,2.1]
["Insumo"," 00007194 ","SINAPI","TELHA DE FIBROCIMENTO ONDULADA E = 6 MM, DE 2,44 X 1,10 M (SEM AMIANTO)","Material",null,"m²",1.357,18.82,25.54]
[{"$nulls":4},"MO sem LS =>",4.2699999999999996,"LS =>",0,"MO com LS =>",4.2699999999999996]
[{"$nulls":4},"Valor do BDI =>",8.8421479999999999,null,"Valor com BDI =>",null,40.9]
[]
[null,"Código","Banco","Descrição","Tipo",null,"Und","Quant.","Valor Unit","Total"]
["Composição"," C2477 ","SEINFRA","TINTA IMPERMEÁVEL MINERAL EM PÓ 3 DEMÃOS EM PAREDES EXTERNAS","PAREDES E FORROS",null,"m²",1,8.41,8.41]
["Composição Auxiliar"," 100301 ","SINAPI","AJUDANTE DE PINTOR COM ENCARGOS COMPLEMENTARES","SEDI - SERVIÇOS DIVERSOS",null,"H",7.8224000000000002E-2,16.149999999999999,1.26]
["Composição Auxiliar"," 88310 ","SINAPI","PINTOR COM ENCARGOS COMPLEMENTARES","SEDI - SERVIÇOS DIVERSOS",null,"H",0.27378419999999998,20.5,5.61]
["Insumo"," I2098 ","SEINFRA","TINTA MINERAL IMPERMEÁVEL EM PÓ","Material",null,"KG",0.4,3.86,1.54]
[{"$nulls":4},"MO sem LS =>",6.87,"LS =>",0,"MO com LS =>",6.87]
[{"$nulls":4},"Valor do BDI =>",2.3194780000000002,null,"Valor com BDI =>",null,10.73]
[]
[null,"Código","Banco","Descrição","Tipo",null,"Und","Quant.","Valor Unit","Total"]
["Composição"," 92000 ","SINAPI","TOMADA BAIXA DE EMBUTIR (1 MÓDULO), 2P+T 10 A, INCLUINDO SUPORTE E PLACA - FORNECIMENTO E INSTALAÇÃO. AF_12/2015","INEL - INSTALAÇÃO ELÉTRICA/ELETRIFICAÇÃO E ILUMINAÇÃO EXTERNA",null,"UN",1,17.59,17.59]
["Composição Auxiliar"," 91998 ","SINAPI","TOMADA BAIXA DE EMBUTIR (1 MÓDULO), 2P+T 10 A, SEM SUPORTE E SEM PLACA - FORNECIMENTO E INSTALAÇÃO. AF_12/2015","INEL - INSTALAÇÃO ELÉTRICA/ELETRIFICAÇÃO E ILUMINAÇÃO EXTERNA",null,"UN",1,12.33,12.33]
["Composição Auxiliar"," 91946 ","SINAPI","SUPORTE PARAFUSADO COM PLACA DE ENCAIXE 4\" X 2\" MÉDIO (1,30 M DO PISO) PARA PONTO ELÉTRICO - FORNECIMENTO E INSTALAÇÃO. AF_12/2015","INEL - INSTALAÇÃO ELÉTRICA/ELETRIFICAÇÃO E ILUMINAÇÃO EXTERNA",null,"UN",1,5.26,5.26]
[{"$nulls":4},"MO sem LS =>",8.26,"LS =>",0,"MO com LS =>",8.26]
[{"$nulls":4},"Valor do BDI =>",4.8513219999999997,null,"Valor com BDI =>",null,22.44]
[]
[null,"Código","Banco","Descrição","Tipo",null,"Und","Quant.","Valor Unit","Total"]
["Composição"," 91998 ","SINAPI","TOMADA BAIXA DE EMBUTIR (1 MÓDULO), 2P+T 10 A, SEM SUPORTE E SEM PLACA - FORNECIMENTO E INSTALAÇÃO. AF_12/2015","INEL - INSTALAÇÃO ELÉTRICA/ELETRIFICAÇÃO E ILUMINAÇÃO EXTERNA",null,"UN",1,12.33,12.33]
["Composição Auxiliar"," 88264 ","SINAPI","ELETRICISTA COM ENCARGOS COMPLEMENTARES","SEDI - SERVIÇOS DIVERSOS",null,"H",0.1832879,19.579999999999998,3.59]
["Composição Auxiliar"," 88247 ","SINAPI","AUXILIAR DE ELETRICISTA COM ENCARGOS COMPLEMENTARES","SEDI - SERVIÇOS DIVERSOS",null,"H",0.1832879,15.16,2.78]
["Insumo"," 00038101 ","SINAPI","TOMADA 2P+T 10A, 250V  (APENAS MODULO)","Material",null,"UN",1,5.96,5.96]
[{"$nulls":4},"MO sem LS =>",6.37,"LS =>",0,"MO com LS =>",6.37]
[{"$nulls":4},"Valor do BDI =>",3.400614,null,"Valor com BDI =>",null,15.73]
[]
[null,"Código","Banco","Descrição","Tipo",null,"Und","Quant.","Valor Unit","Total"]
["Composição"," 92001 ","SINAPI","TOMADA BAIXA DE EMBUTIR (1 MÓDULO), 2P+T 20 A, INCLUINDO SUPORTE E PLACA - FORNECIMENTO E INSTALAÇÃO. AF_12/2015","INEL - INSTALAÇÃO ELÉTRICA/ELETRIFICAÇÃO E ILUMINAÇÃO EXTERNA",null,"UN",1,19.25,19.25]
["Composição Auxiliar"," 91946 ","SINAPI","SUPORTE PARAFUSADO COM PLACA DE ENCAIXE 4\" X 2\" MÉDIO (1,30 M DO PISO) PARA PONTO ELÉTRICO - FORNECIMENTO E INSTALAÇÃO. AF_12/2015","INEL - INSTALAÇÃO ELÉTRICA/ELETRIFICAÇÃO E ILUMINAÇÃO EXTERNA",null,"UN",1,5.26,5.26]
["Composição Auxiliar"," 91999 ","SINAPI","TOMADA BAIXA DE EMBUTIR (1 MÓDULO), 2P+T 20 A, SEM SUPORTE E SEM PLACA - FORNECIMENTO E INSTALAÇÃO. AF_12/2015","INEL - INSTALAÇÃO ELÉTRICA/ELETRIFICAÇÃO E ILUMINAÇÃO EXTERNA",null,"UN",1,13.99,13.99]
[{"$nulls":4},"MO sem LS =>",8.26,"LS =>",0,"MO com LS =>",8.26]
[{"$nulls":4},"Valor do BDI =>",5.3091499999999998,null,"Valor com BDI =>",null,24.56]
[]
[null,"Código","Banco","Descrição","Tipo",null,"Und","Quant.","Valor Unit","Total"]
["Composição"," 91999 ","SINAPI","TOMADA BAIXA DE EMBUTIR (1 MÓDULO), 2P+T 20 A, SEM SUPORTE E SEM PLACA - FORNECIMENTO E INSTALAÇÃO. AF_12/2015","INEL - INSTALAÇÃO ELÉTRICA/ELETRIFICAÇÃO E ILUMINAÇÃO EXTERNA",null,"UN",1,13.99,13.99]
["Composição Auxiliar"," 88264 ","SINAPI","ELETRICISTA COM ENCARGOS COMPLEMENTARES","SEDI - SERVIÇOS DIVERSOS",null,"H",0.18352080000000001,19.579999999999998,3.59]
["Composição Auxiliar"," 88247 ","SINAPI","AUXILIAR DE ELETRICISTA COM ENCARGOS COMPLEMENTARES","SEDI - SERVIÇOS DIVERSOS",null,"H",0.18352080000000001,15.16,2.78]
["Insumo"," 00038102 ","SINAPI","TOMADA 2P+T 20A, 250V  (APENAS MODULO)","Material",null,"UN",1,7.62,7.62]
[{"$nulls":4},"MO sem LS =>",6.37,"LS =>",0,"MO com LS =>",6.37]
[{"$nulls":4},"Valor do BDI =>",3.8584420000000001,null,"Valor com BDI =>",null,17.850000000000001]
[]
[null,"Código","Banco","Descrição","Tipo",null,"Und","Quant.","Valor Unit","Total"]
["Composição"," 92008 ","SINAPI","TOMADA BAIXA DE EMBUTIR (2 MÓDULOS), 2P+T 10 A, INCLUINDO SUPORTE E PLACA - FORNECIMENTO E INSTALAÇÃO. AF_12/2015","INEL - INSTALAÇÃO ELÉTRICA/ELETRIFICAÇÃO E ILUMINAÇÃO EXTERNA",null,"UN",1,28.27,28.27]
["Composição Auxiliar"," 91946 ","SINAPI","SUPORTE PARAFUSADO COM PLACA DE ENCAIXE 4\" X 2\" MÉDIO (1,30 M DO PISO) PARA PONTO ELÉTRICO - FORNECIMENTO E INSTALAÇÃO. AF_12/2015","INEL - INSTALAÇÃO ELÉTRICA/ELETRIFICAÇÃO E ILUMINAÇÃO EXTERNA",null,"UN",1,5.26,5.26]
["Composição Auxiliar"," 92006 ","SINAPI","TOMADA BAIXA DE EMBUTIR (2 MÓDULOS), 2P+T 10 A, SEM SUPORTE E SEM PLACA - FORNECIMENTO E INSTALAÇÃO. AF_12/2015","INEL - INSTALAÇÃO ELÉTRICA/ELETRIFICAÇÃO E ILUMINAÇÃO EXTERNA",null,"UN",1,23.01,23.01]
[{"$nulls":4},"MO sem LS =>",12.98,"LS =>",0,"MO com LS =>",12.98]
[{"$nulls":4},"Valor do BDI =>",7.7968659999999996,null,"Valor com BDI =>",null,36.07]
[]
[null,"Código","Banco","Descrição","Tipo",null,"Und","Quant.","Valor Unit","Total"]
["Composição"," 92006 ","SINAPI","TOMADA BAIXA DE EMBUTIR (2 MÓDULOS), 2P+T 10 A, SEM SUPORTE E SEM PLACA - FORNECIMENTO E INSTALAÇÃO. AF_12/2015","INEL - INSTALAÇÃO ELÉTRICA/ELETRIFICAÇÃO E ILUMINAÇÃO EXTERNA",null,"UN",1,23.01,23.01]
["Composição Auxiliar"," 88264 ","SINAPI","ELETRICISTA COM ENCARGOS COMPLEMENTARES","SEDI - SERVIÇOS DIVERSOS",null,"H",0.31931910000000002,19.579999999999998,6.25]
["Composição Auxiliar"," 88247 ","SINAPI","AUXILIAR DE ELETRICISTA COM ENCARGOS COMPLEMENTARES","SEDI - SERVIÇOS DIVERSOS",null,"H",0.31931910000000002,15.16,4.84]
["Insumo"," 00038101 ","SINAPI","TOMADA 2P+T 10A, 250V  (APENAS MODULO)","Material",null,"UN",2,5.96,11.92]
[{"$nulls":4},"MO sem LS =>",11.09,"LS =>",0,"MO com LS =>",11.09]
[{"$nulls":4},"Valor do BDI =>",6.346158,null,"Valor com BDI =>",null,29.36]
[]
[null,"Código","Banco","Descrição","Tipo",null,"Und","Quant.","Valor Unit","Total"]
["Composição"," 91996 ","SINAPI","TOMADA MÉDIA DE EMBUTIR (1 MÓDULO), 2P+T 10 A, INCLUINDO SUPORTE E PLACA - FORNECIMENTO E INSTALAÇÃO. AF_12/2015","INEL - INSTALAÇÃO ELÉTRICA/ELETRIFICAÇÃO E ILUMINAÇÃO EXTERNA",null,"UN",1,19.579999999999998,19.579999999999998]
["Composição Auxiliar"," 91994 ","SINAPI","TOMADA MÉDIA DE EMBUTIR (1 MÓDULO), 2P+T 10 A, SEM SUPORTE E SEM PLACA - FORNECIMENTO E INSTALAÇÃO. AF_12/2015","INEL - INSTALAÇÃO ELÉTRICA/ELETRIFICAÇÃO E ILUMINAÇÃO EXTERNA",null,"UN",1,14.32,14.32]
["Composição Auxiliar"," 91946 ","SINAPI","SUPORTE PARAFUSADO COM PLACA DE ENCAIXE 4\" X 2\" MÉDIO (1,30 M DO PISO) PARA PONTO ELÉTRICO - FORNECIMENTO E INSTALAÇÃO. AF_12/2015","INEL - INSTALAÇÃO ELÉTRICA/ELETRIFICAÇÃO E ILUMINAÇÃO EXTERNA",null,"UN",1,5.26,5.26]
[{"$nulls":4},"MO sem LS =>",10.24,"LS =>",0.01,"MO com LS =>",10.25]
[{"$nulls":4},"Valor do BDI =>",5.4001640000000002,null,"Valor com BDI =>",null,24.98]
[]
[null,"Código","Banco","Descrição","Tipo",null,"Und","Quant.","Valor Unit","Total"]
["Composição"," 91994 ","SINAPI","TOMADA MÉDIA DE EMBUTIR (1 MÓDULO), 2P+T 10 A, SEM SUPORTE E SEM PLACA - FORNECIMENTO E INSTALAÇÃO. AF_12/2015","INEL - INSTALAÇÃO ELÉTRICA/ELETRIFICAÇÃO E ILUMINAÇÃO EXTERNA",null,"UN",1,14.32,14.32]
["Composição Auxiliar"," 88264 ","SINAPI","ELETRICISTA COM ENCARGOS COMPLEMENTARES","SEDI - SERVIÇOS DIVERSOS",null,"H",0.2404481,19.579999999999998,4.71]
["Composição Auxiliar"," 88247 ","SINAPI","AUXILIAR DE ELETRICISTA COM ENCARGOS COMPLEMENTARES","SEDI - SERVIÇOS DIVERSOS",null,"H",0.2404481,15.16,3.65]
["Insumo"," 00038101 ","SINAPI","TOMADA 2P+T 10A, 250V  (APENAS MODULO)","Material",null,"UN",1,5.96,5.96]
[{"$nulls":4},"MO sem LS =>",8.35,"LS =>",0.01,"MO com LS =>",8.36]
[{"$nulls":4},"Valor do BDI =>",3.9494560000000001,null,"Valor com BDI =>",null,18.27]
[]
[null,"Código","Banco","Descrição","Tipo",null,"Und","Quant.","Valor Unit","Total"]
["Composição"," 91997 ","SINAPI","TOMADA MÉDIA DE EMBUTIR (1 MÓDULO), 2P+T 20 A, INCLUINDO SUPORTE E PLACA - FORNECIMENTO E INSTALAÇÃO. AF_12/2015","INEL - INSTALAÇÃO ELÉTRICA/ELETRIFICAÇÃO E ILUMINAÇÃO EXTERNA",null,"UN",1,21.24,21.24]
["Composição Auxiliar"," 91946 ","SINAPI","SUPORTE PARAFUSADO COM PLACA DE ENCAIXE 4\" X 2\" MÉDIO (1,30 M DO PISO) PARA PONTO ELÉTRICO - FORNECIMENTO E INSTALAÇÃO. AF_12/2015","INEL - INSTALAÇÃO ELÉTRICA/ELETRIFICAÇÃO E ILUMINAÇÃO EXTERNA",null,"UN",1,5.26,5.26]
["Composição Auxiliar"," 91995 ","SINAPI","TOMADA MÉDIA DE EMBUTIR (1 MÓDULO), 2P+T 20 A, SEM SUPORTE E SEM PLACA - FORNECIMENTO E INSTALAÇÃO. AF_12/2015","INEL - INSTALAÇÃO ELÉTRICA/ELETRIFICAÇÃO E ILUMINAÇÃO EXTERNA",null,"UN",1,15.98,15.98]
[{"$nulls":4},"MO sem LS =>",10.24,"LS =>",0.01,"MO com LS =>",10.25]
[{"$nulls":4},"Valor do BDI =>",5.8579920000000003,null,"Valor com BDI =>",null,27.1]
[]
[null,"Código","Banco","Descrição","Tipo",null,"Und","Quant.","Valor Unit","Total"]
["Composição"," 91995 ","SINAPI","TOMADA MÉDIA DE EMBUTIR (1 MÓDULO), 2P+T 20 A, SEM SUPORTE E SEM PLACA - FORNECIMENTO E INSTALAÇÃO. AF_12/2015","INEL - INSTALAÇÃO ELÉTRICA/ELETRIFICAÇÃO E ILUMINAÇÃO EXTERNA",null,"UN",1,15.98,15.98]
["Composição Auxiliar"," 88264 ","SINAPI","ELETRICISTA COM ENCARGOS COMPLEMENTARES","SEDI - SERVIÇOS DIVERSOS",null,"H",0.2404481,19.579999999999998,4.71]
["Composição Auxiliar"," 88247 ","SINAPI","AUXILIAR DE ELETRICISTA COM ENCARGOS COMPLEMENTARES","SEDI - SERVIÇOS DIVERSOS",null,"H",0.2404481,15.16,3.65]
["Insumo"," 00038102 ","SINAPI","TOMADA 2P+T 20A, 250V  (APENAS MODULO)","Material",null,"UN",1,7.62,7.62]
[{"$nulls":4},"MO sem LS =>",8.35,"LS =>",0.01,"MO com LS =>",8.36]
[{"$nulls":4},"Valor do BDI =>",4.4072839999999998,null,"Valor com BDI =>",null,20.39]
[]
[null,"Código","Banco","Descrição","Tipo",null,"Und","Quant.","Valor Unit","Total"]
["Composição"," 98308 ","SINAPI","TOMADA PARA TELEFONE RJ11 - FORNECIMENTO E INSTALAÇÃO. AF_11/2019","INES - INSTALAÇÕES ESPECIAIS",null,"UN",1,21.03,21.03]
["Composição Auxiliar"," 88264 ","SINAPI","ELETRICISTA COM ENCARGOS COMPLEMENTARES","SEDI - SERVIÇOS DIVERSOS",null,"H",0.16101009999999999,19.579999999999998,3.15]
["Composição Auxiliar"," 88247 ","SINAPI","AUXILIAR DE ELETRICISTA COM ENCARGOS COMPLEMENTARES","SEDI - SERVIÇOS DIVERSOS",null,"H",0.16101009999999999,15.16,2.44]
["Insumo"," 00038082 ","SINAPI","TOMADA RJ11, 2 FIOS, CONJUNTO MONTADO PARA EMBUTIR 4\" X 2\" (PLACA + SUPORTE + MODULO)","Material",null,"UN",1,15.44,15.44]
[{"$nulls":4},"MO sem LS =>",5.59,"LS =>",0,"MO com LS =>",5.59]
[{"$nulls":4},"Valor do BDI =>",5.8000740000000004,null,"Valor com BDI =>",null,26.83]
[]
[null,"Código","Banco","Descrição","Tipo",null,"Und","Quant.","Valor Unit","Total"]
["Composição"," 90781 ","SINAPI","TOPOGRAFO COM ENCARGOS COMPLEMENTARES","SEDI - SERVIÇOS DIVERSOS",null,"H",1,34.770000000000003,34.770000000000003]
["Composição Auxiliar"," 95406 ","SINAPI","CURSO DE CAPACITAÇÃO PARA TOPÓGRAFO (ENCARGOS COMPLEMENTARES) - HORISTA","SEDI - SERVIÇOS DIVERSOS",null,"H",1,0.19,0.19]
["Insumo"," 00043493 ","SINAPI","EPI - FAMILIA TOPOGRAFO - HORISTA (ENCARGOS COMPLEMENTARES - COLETADO CAIXA)","Mão de Obra",null,"H",1,0.54,0.54]
["Insumo"," 00037372 ","SINAPI","EXAMES - HORISTA (COLETADO CAIXA)","Mão de Obra",null,"H",1,0.35,0.35]
["Insumo"," 00043469 ","SINAPI","FERRAMENTAS - FAMILIA TOPOGRAFO - HORISTA (ENCARGOS COMPLEMENTARES - COLETADO CAIXA)","Mão de Obra",null,"H",1,0.05,0.05]
["Insumo"," 00037373 ","SINAPI","SEGURO - HORISTA (COLETADO CAIXA)","Mão de Obra",null,"H",1,7.0000000000000007E-2,7.0000000000000007E-2]
["Insumo"," 00007592 ","SINAPI","TOPOGRAFO","Mão de Obra",null,"H",1,33.57,33.57]
[{"$nulls":4},"MO sem LS =>",34.770000000000003,"LS =>",0,"MO com LS =>",34.770000000000003]
[{"$nulls":4},"Valor do BDI =>",9.5895659999999996,null,"Valor com BDI =>",null,44.36]
[]
[null,"Código","Banco","Descrição","Tipo",null,"Und","Quant.","Valor Unit","Total"]
["Composição"," 86906 ","SINAPI","TORNEIRA CROMADA DE MESA, 1/2\u0094 OU 3/4\u0094, PARA LAVATÓRIO, PADRÃO POPULAR - FORNECIMENTO E INSTALAÇÃO. AF_01/2020","INHI - INSTALAÇÕES HIDROS SANITÁRIAS",null,"UN",1,40.090000000000003,40.090000000000003]
["Composição Auxiliar"," 88316 ","SINAPI","SERVENTE COM ENCARGOS COMPLEMENTARES","SEDI - SERVIÇOS DIVERSOS",null,"H",2.3629000000000001E-2,14.96,0.35]
["Composição Auxiliar"," 88267 ","SINAPI","ENCANADOR OU BOMBEIRO HIDRÁULICO COM ENCARGOS COMPLEMENTARES","SEDI - SERVIÇOS DIVERSOS",null,"H",7.4864299999999995E-2,18.97,1.42]
["Insumo"," 00003146 ","SINAPI","FITA VEDA ROSCA EM ROLOS DE 18 MM X 10 M (L X C)","Material",null,"UN",2.1000000000000001E-2,2.73,0.06]
["Insumo"," 00013415 ","SINAPI","TORNEIRA CROMADA DE MESA PARA LAVATORIO, PADRAO POPULAR, 1/2 \" OU 3/4 \" (REF 1193)","Material",null,"UN",1,38.26,38.26]
[{"$nulls":4},"MO sem LS =>",1.77,"LS =>",0,"MO com LS =>",1.77]
[{"$nulls":4},"Valor do BDI =>",11.056822,null,"Valor com BDI =>",null,51.15]
[]
[null,"Código","Banco","Descrição","Tipo",null,"Und","Quant.","Valor Unit","Total"]
["Composição"," 86911 ","SINAPI","TORNEIRA CROMADA LONGA, DE PAREDE, 1/2\u0094 OU 3/4\u0094, PARA PIA DE COZINHA, PADRÃO POPULAR - FORNECIMENTO E INSTALAÇÃO. AF_01/2020","INHI - INSTALAÇÕES HIDROS SANITÁRIAS",null,"UN",1,33.89,33.89]
["Composição Auxiliar"," 88316 ","SINAPI","SERVENTE COM ENCARGOS COMPLEMENTARES","SEDI - SERVIÇOS DIVERSOS",null,"H",2.8529599999999999E-2,14.96,0.43]
["Composição Auxiliar"," 88267 ","SINAPI","ENCANADOR OU BOMBEIRO HIDRÁULICO COM ENCARGOS COMPLEMENTARES","SEDI - SERVIÇOS DIVERSOS",null,"H",9.0486300000000006E-2,18.97,1.72]
["Insumo"," 00003146 ","SINAPI","FITA VEDA ROSCA EM ROLOS DE 18 MM X 10 M (L X C)","Material",null,"UN",2.1000000000000001E-2,2.73,0.06]
["Insumo"," 00013416 ","SINAPI","TORNEIRA CROMADA DE PAREDE PARA COZINHA SEM AREJADOR, PADRAO POPULAR, 1/2 \" OU 3/4 \" (REF 1158)","Material",null,"UN",1,31.68,31.68]
[{"$nulls":4},"MO sem LS =>",2.14,"LS =>",0.01,"MO com LS =>",2.15]
[{"$nulls":4},"Valor do BDI =>",9.3468619999999998,null,"Valor com BDI =>",null,43.24]
[]
[null,"Código","Banco","Descrição","Tipo",null,"Und","Quant.","Valor Unit","Total"]
["Composição"," 92539 ","SINAPI","TRAMA DE MADEIRA COMPOSTA POR RIPAS, CAIBROS E TERÇAS PARA TELHADOS DE ATÉ 2 ÁGUAS PARA TELHA DE ENCAIXE DE CERÂMICA OU DE CONCRETO, INCLUSO TRANSPORTE VERTICAL. AF_07/2019","COBE - COBERTURA",null,"m²",1,33.44,33.44]
["Composição Auxiliar"," 93281 ","SINAPI","GUINCHO ELÉTRICO DE COLUNA, CAPACIDADE 400 KG, COM MOTO FREIO, MOTOR TRIFÁSICO DE 1,25 CV - CHP DIURNO. AF_03/2016","CHOR - CUSTOS HORÁRIOS DE MÁQUINAS E EQUIPAMENTOS",null,"CHP",4.3099999999999999E-2,16.11,0.69]
["Composição Auxiliar"," 93282 ","SINAPI","GUINCHO ELÉTRICO DE COLUNA, CAPACIDADE 400 KG, COM MOTO FREIO, MOTOR TRIFÁSICO DE 1,25 CV - CHI DIURNO. AF_03/2016","CHOR - CUSTOS HORÁRIOS DE MÁQUINAS E EQUIPAMENTOS",null,"CHI",5.9799999999999999E-2,15.43,0.92]
["Composição Auxiliar"," 88262 ","SINAPI","CARPINTEIRO DE FORMAS COM ENCARGOS COMPLEMENTARES","SEDI - SERVIÇOS DIVERSOS",null,"H",0.28626780000000002,19.260000000000002,5.51]
["Composição Auxiliar"," 88239 ","SINAPI","AJUDANTE DE CARPINTEIRO COM ENCARGOS COMPLEMENTARES","SEDI - SERVIÇOS DIVERSOS",null,"H",0.31746869999999999,15.66,4.97]
["Insumo"," 00004430 ","SINAPI","CAIBRO DE MADEIRA NAO APARELHADA *5 X 6* CM, MACARANDUBA, ANGELIM OU EQUIVALENTE DA REGIAO","Material",null,"M",1.956,5.08,9.94]
["Insumo"," 00020247 ","SINAPI","PREGO DE ACO POLIDO COM CABECA 15 X 15 (1 1/4 X 13)","Material",null,"KG",7.0000000000000007E-2,8.7899999999999991,0.62]
["Insumo"," 00004408 ","SINAPI","RIPA DE MADEIRA NAO APARELHADA *1,5 X 5* CM, MACARANDUBA, ANGELIM OU EQUIVALENTE DA REGIAO","Material",null,"M",3.2919999999999998,1.1200000000000001,3.69]
["Insumo"," 00040568 ","SINAPI","PREGO DE ACO POLIDO COM CABECA 22 X 48 (4 1/4 X 5)","Material",null,"KG",0.03,8,0.24]
["Insumo"," 00039027 ","SINAPI","PREGO DE ACO POLIDO COM CABECA 19  X 36 (3 1/4  X  9)","Material",null,"KG",0.05,7.93,0.4]
["Insumo"," 00004425 ","SINAPI","VIGA DE MADEIRA NAO APARELHADA 6 X 12 CM, MACARANDUBA, ANGELIM OU EQUIVALENTE DA REGIAO","Material",null,"M",0.65800000000000003,9.82,6.46]
[{"$nulls":4},"MO sem LS =>",12.05,"LS =>",0,"MO com LS =>",12.05]
[{"$nulls":4},"Valor do BDI =>",9.2227519999999998,null,"Valor com BDI =>",null,42.66]
[]
[null,"Código","Banco","Descrição","Tipo",null,"Und","Quant.","Valor Unit","Total"]
["Composição"," 92543 ","SINAPI","TRAMA DE MADEIRA COMPOSTA POR TERÇAS PARA TELHADOS DE ATÉ 2 ÁGUAS PARA TELHA ONDULADA DE FIBROCIMENTO, METÁLICA, PLÁSTICA OU TERMOACÚSTICA, INCLUSO TRANSPORTE VERTICAL. AF_07/2019","COBE - COBERTURA",null,"m²",1,9.2200000000000006,9.2200000000000006]
["Composição Auxiliar"," 93281 ","SINAPI","GUINCHO ELÉTRICO DE COLUNA, CAPACIDADE 400 KG, COM MOTO FREIO, MOTOR TRIFÁSICO DE 1,25 CV - CHP DIURNO. AF_03/2016","CHOR - CUSTOS HORÁRIOS DE MÁQUINAS E EQUIPAMENTOS",null,"CHP",4.5999999999999999E-3,16.11,7.0000000000000007E-2]
["Composição Auxiliar"," 93282 ","SINAPI","GUINCHO ELÉTRICO DE COLUNA, CAPACIDADE 400 KG, COM MOTO FREIO, MOTOR TRIFÁSICO DE 1,25 CV - CHI DIURNO. AF_03/2016","CHOR - CUSTOS HORÁRIOS DE MÁQUINAS E EQUIPAMENTOS",null,"CHI",6.4000000000000003E-3,15.43,0.1]
["Composição Auxiliar"," 88262 ","SINAPI","CARPINTEIRO DE FORMAS COM ENCARGOS COMPLEMENTARES","SEDI - SERVIÇOS DIVERSOS",null,"H",9.2439499999999994E-2,19.260000000000002,1.78]
["Composição Auxiliar"," 88239 ","SINAPI","AJUDANTE DE CARPINTEIRO COM ENCARGOS COMPLEMENTARES","SEDI - SERVIÇOS DIVERSOS",null,"H",5.0920100000000003E-2,15.66,0.8]
["Insumo"," 00040568 ","SINAPI","PREGO DE ACO POLIDO COM CABECA 22 X 48 (4 1/4 X 5)","Material",null,"KG",0.03,8,0.24]
["Insumo"," 00004425 ","SINAPI","VIGA DE MADEIRA NAO APARELHADA 6 X 12 CM, MACARANDUBA, ANGELIM OU EQUIVALENTE DA REGIAO","Material",null,"M",0.63400000000000001,9.82,6.23]
[{"$nulls":4},"MO sem LS =>",2.74,"LS =>",0.01,"MO com LS =>",2.75]
[{"$nulls":4},"Valor do BDI =>",2.5428760000000001,null,"Valor com BDI =>",null,11.76]
[]
[null,"Código","Banco","Descrição","Tipo",null,"Und","Quant.","Valor Unit","Total"]
["Composição"," 93589 ","SINAPI","TRANSPORTE COM CAMINHÃO BASCULANTE DE 10 M3, EM VIA URBANA EM REVESTIMENTO PRIMÁRIO (UNIDADE: M3XKM). AF_04/2016","TRAN - TRANSPORTES, CARGAS E DESCARGAS",null,"M3XKM",1,0.76,0.76]
["Composição Auxiliar"," 91386 ","SINAPI","CAMINHÃO BASCULANTE 10 M3, TRUCADO CABINE SIMPLES, PESO BRUTO TOTAL 23.000 KG, CARGA ÚTIL MÁXIMA 15.935 KG, DISTÂNCIA ENTRE EIXOS 4,80 M, POTÊNCIA 230 CV INCLUSIVE CAÇAMBA METÁLICA - CHP DIURNO. AF_06/2014","CHOR - CUSTOS HORÁRIOS DE MÁQUINAS E EQUIPAMENTOS",null,"CHP",6.6699999999999997E-3,106.89,0.71]
["Composição Auxiliar"," 91387 ","SINAPI","CAMINHÃO BASCULANTE 10 M3, TRUCADO CABINE SIMPLES, PESO BRUTO TOTAL 23.000 KG, CARGA ÚTIL MÁXIMA 15.935 KG, DISTÂNCIA ENTRE EIXOS 4,80 M, POTÊNCIA 230 CV INCLUSIVE CAÇAMBA METÁLICA - CHI DIURNO. AF_06/2014","CHOR - CUSTOS HORÁRIOS DE MÁQUINAS E EQUIPAMENTOS",null,"CHI",1.67E-3,28.06,0.05]
[{"$nulls":4},"MO sem LS =>",0.11,"LS =>",0,"MO com LS =>",0.11]
[{"$nulls":4},"Valor do BDI =>",0.20960799999999999,null,"Valor com BDI =>",null,0.97]
[]
[null,"Código","Banco","Descrição","Tipo",null,"Und","Quant.","Valor Unit","Total"]
["Composição"," 93590 ","SINAPI","TRANSPORTE COM CAMINHÃO BASCULANTE DE 10 M3, EM VIA URBANA PAVIMENTADA, DMT ACIMA DE 30KM (UNIDADE: M3XKM). AF_04/2016","TRAN - TRANSPORTES, CARGAS E DESCARGAS",null,"M3XKM",1,0.5,0.5]
["Composição Auxiliar"," 91386 ","SINAPI","CAMINHÃO BASCULANTE 10 M3, TRUCADO CABINE SIMPLES, PESO BRUTO TOTAL 23.000 KG, CARGA ÚTIL MÁXIMA 15.935 KG, DISTÂNCIA ENTRE EIXOS 4,80 M, POTÊNCIA 230 CV INCLUSIVE CAÇAMBA METÁLICA - CHP DIURNO. AF_06/2014","CHOR - CUSTOS HORÁRIOS DE MÁQUINAS E EQUIPAMENTOS",null,"CHP",4.4400000000000004E-3,106.89,0.47]
["Composição Auxiliar"," 91387 ","SINAPI","CAMINHÃO BASCULANTE 10 M3, TRUCADO CABINE SIMPLES, PESO BRUTO TOTAL 23.000 KG, CARGA ÚTIL MÁXIMA 15.935 KG, DISTÂNCIA ENTRE EIXOS 4,80 M, POTÊNCIA 230 CV INCLUSIVE CAÇAMBA METÁLICA - CHI DIURNO. AF_06/2014","CHOR - CUSTOS HORÁRIOS DE MÁQUINAS E EQUIPAMENTOS",null,"CHI",1.1100000000000001E-3,28.06,0.03]
[{"$nulls":4},"MO sem LS =>",0.08,"LS =>",0,"MO com LS =>",0.08]
[{"$nulls":4},"Valor do BDI =>",0.13789999999999999,null,"Valor com BDI =>",null,0.64]
[]
[null,"Código","Banco","Descrição","Tipo",null,"Und","Quant.","Valor Unit","Total"]
["Composição"," D5914614 ","Próprio","TRANSPORTE COM CAMINHÃO CARROCERIA COM GUINDAUTO DE 20 T.M - RODOVIA PAVIMENTADA","ASTU - ASSENTAMENTO DE TUBOS E PECAS",null,"TKM",1,0.84,0.84]
["Insumo"," E9686 ","SICRO3","Caminhão carroceria com guindauto com capacidade de 20 t.m - 136 kW","Equipamento",null,"UN",5.7371999999999996E-3,145.57480000000001,0.84]
[{"$nulls":4},"MO sem LS =>",0,"LS =>",0,"MO com LS =>",0]
[{"$nulls":4},"Valor do BDI =>",0.23167199999999999,null,"Valor com BDI =>",null,1.07]
[]
[null,"Código","Banco","Descrição","Tipo",null,"Und","Quant.","Valor Unit","Total"]
["Composição"," D5914640 ","Próprio","TRANSPORTE COM CAVALO MECÂNICO DE 30 T - RODOVIA PAVIMENTADA","ASTU - ASSENTAMENTO DE TUBOS E PECAS",null,"TKM",1,0.25,0.25]
["Insumo"," E9666 ","SICRO3","Cavalo mecânico com semirreboque com capacidade de 30 t - 265 kW","Equipamento",null,"UN",1.3477000000000001E-3,183.71719999999999,0.25]
[{"$nulls":4},"MO sem LS =>",0,"LS =>",0,"MO com LS =>",0]
[{"$nulls":4},"Valor do BDI =>",6.8949999999999997E-2,null,"Valor com BDI =>",null,0.32]
[]
[null,"Código","Banco","Descrição","Tipo",null,"Und","Quant.","Valor Unit","Total"]
["Composição"," 72839 ","SINAPI","TRANSPORTE COMERCIAL COM CAMINHAO CARROCERIA 9 T, RODOVIA COM REVESTIMENTO PRIMARIO","MOVT - MOVIMENTO DE TERRA",null,"TXKM",1,0.44,0.44]
["Composição Auxiliar"," 5824 ","SINAPI","CAMINHÃO TOCO, PBT 16.000 KG, CARGA ÚTIL MÁX. 10.685 KG, DIST. ENTRE EIXOS 4,8 M, POTÊNCIA 189 CV, INCLUSIVE CARROCERIA FIXA ABERTA DE MADEIRA P/ TRANSPORTE GERAL DE CARGA SECA, DIMEN. APROX. 2,5 X 7,00 X 0,50 M - CHP DIURNO. AF_06/2014","CHOR - CUSTOS HORÁRIOS DE MÁQUINAS E EQUIPAMENTOS",null,"CHP",5.4000000000000003E-3,81.77,0.44]
[{"$nulls":4},"MO sem LS =>",0.08,"LS =>",0,"MO com LS =>",0.08]
[{"$nulls":4},"Valor do BDI =>",0.121352,null,"Valor com BDI =>",null,0.56000000000000005]
[]
[null,"Código","Banco","Descrição","Tipo",null,"Und","Quant.","Valor Unit","Total"]
["Composição"," 100206 ","SINAPI","TRANSPORTE HORIZONTAL COM JERICA DE 90 L, DE MASSA/ GRANEL (UNIDADE: M3XKM). AF_07/2019","SEDI - SERVIÇOS DIVERSOS",null,"M3XKM",1,576.73,576.73]
["Composição Auxiliar"," 88316 ","SINAPI","SERVENTE COM ENCARGOS COMPLEMENTARES","SEDI - SERVIÇOS DIVERSOS",null,"H",38.551610199999999,14.96,576.73]
[{"$nulls":4},"MO sem LS =>",576.73,"LS =>",0,"MO com LS =>",576.73]
[{"$nulls":4},"Valor do BDI =>",159.06213399999999,null,"Valor com BDI =>",null,735.79]
[]
[null,"Código","Banco","Descrição","Tipo",null,"Und","Quant.","Valor Unit","Total"]
["Composição"," 100235 ","SINAPI","TRANSPORTE VERTICAL MANUAL, 1 PAVIMENTO, DE LATA DE 18 LITROS (UNIDADE: L). AF_07/2019","SEDI - SERVIÇOS DIVERSOS",null,"L",1,0.02,0.02]
["Composição Auxiliar"," 88316 ","SINAPI","SERVENTE COM ENCARGOS COMPLEMENTARES","SEDI - SERVIÇOS DIVERSOS",null,"H",1.4618000000000001E-3,14.96,0.02]
[{"$nulls":4},"MO sem LS =>",0.02,"LS =>",0,"MO com LS =>",0.02]
[{"$nulls":4},"Valor do BDI =>",5.5160000000000001E-3,null,"Valor com BDI =>",null,0.03]
[]
[null,"Código","Banco","Descrição","Tipo",null,"Und","Quant.","Valor Unit","Total"]
["Composição"," 89031 ","SINAPI","TRATOR DE ESTEIRAS, POTÊNCIA 100 HP, PESO OPERACIONAL 9,4 T, COM LÂMINA 2,19 M3 - CHI DIURNO. AF_06/2014","CHOR - CUSTOS HORÁRIOS DE MÁQUINAS E EQUIPAMENTOS",null,"CHI",1,33.71,33.71]
["Composição Auxiliar"," 89030 ","SINAPI","TRATOR DE ESTEIRAS, POTÊNCIA 100 HP, PESO OPERACIONAL 9,4 T, COM LÂMINA 2,19 M3 - JUROS. AF_06/2014","CHOR - CUSTOS HORÁRIOS DE MÁQUINAS E EQUIPAMENTOS",null,"H",1,2.91,2.91]
["Composição Auxiliar"," 89029 ","SINAPI","TRATOR DE ESTEIRAS, POTÊNCIA 100 HP, PESO OPERACIONAL 9,4 T, COM LÂMINA 2,19 M3 - DEPRECIAÇÃO. AF_06/2014","CHOR - CUSTOS HORÁRIOS DE MÁQUINAS E EQUIPAMENTOS",null,"H",1,12.92,12.92]
["Composição Auxiliar"," 88324 ","SINAPI","TRATORISTA COM ENCARGOS COMPLEMENTARES","SEDI - SERVIÇOS DIVERSOS",null,"H",0.78116439999999998,22.89,17.88]
[{"$nulls":4},"MO sem LS =>",17.88,"LS =>",0,"MO com LS =>",17.88]
[{"$nulls":4},"Valor do BDI =>",9.2972180000000009,null,"Valor com BDI =>",null,43.01]
[]
[null,"Código","Banco","Descrição","Tipo",null,"Und","Quant.","Valor Unit","Total"]
["Composição"," 89032 ","SINAPI","TRATOR DE ESTEIRAS, POTÊNCIA 100 HP, PESO OPERACIONAL 9,4 T, COM LÂMINA 2,19 M3 - CHP DIURNO. AF_06/2014","CHOR - CUSTOS HORÁRIOS DE MÁQUINAS E EQUIPAMENTOS",null,"CHP",1,82.24,82.24]
["Composição Auxiliar"," 5724 ","SINAPI","TRATOR DE ESTEIRAS, POTÊNCIA 100 HP, PESO OPERACIONAL 9,4 T, COM LÂMINA 2,19 M3 - MANUTENÇÃO. AF_06/2014","CHOR - CUSTOS HORÁRIOS DE MÁQUINAS E EQUIPAMENTOS",null,"H",1,23.11,23.11]
["Composição Auxiliar"," 53817 ","SINAPI","TRATOR DE ESTEIRAS, POTÊNCIA 100 HP, PESO OPERACIONAL 9,4 T, COM LÂMINA 2,19 M3 - MATERIAIS NA OPERAÇÃO. AF_06/2014","CHOR - CUSTOS HORÁRIOS DE MÁQUINAS E EQUIPAMENTOS",null,"H",1,25.47,25.47]
["Composição Auxiliar"," 89030 ","SINAPI","TRATOR DE ESTEIRAS, POTÊNCIA 100 HP, PESO OPERACIONAL 9,4 T, COM LÂMINA 2,19 M3 - JUROS. AF_06/2014","CHOR - CUSTOS HORÁRIOS DE MÁQUINAS E EQUIPAMENTOS",null,"H",1,2.91,2.91]
["Composição Auxiliar"," 89029 ","SINAPI","TRATOR DE ESTEIRAS, POTÊNCIA 100 HP, PESO OPERACIONAL 9,4 T, COM LÂMINA 2,19 M3 - DEPRECIAÇÃO. AF_06/2014","CHOR - CUSTOS HORÁRIOS DE MÁQUINAS E EQUIPAMENTOS",null,"H",1,12.92,12.92]
["Composição Auxiliar"," 88324 ","SINAPI","TRATORISTA COM ENCARGOS COMPLEMENTARES","SEDI - SERVIÇOS DIVERSOS",null,"H",0.77910950000000001,22.89,17.829999999999998]
[{"$nulls":4},"MO sem LS =>",17.829999999999998,"LS =>",0,"MO com LS =>",17.829999999999998]
[{"$nulls":4},"Valor do BDI =>",22.681792000000002,null,"Valor com BDI =>",null,104.92]
[]
[null,"Código","Banco","Descrição","Tipo",null,"Und","Quant.","Valor Unit","Total"]
["Composição"," 89029 ","SINAPI","TRATOR DE ESTEIRAS, POTÊNCIA 100 HP, PESO OPERACIONAL 9,4 T, COM LÂMINA 2,19 M3 - DEPRECIAÇÃO. AF_06/2014","CHOR - CUSTOS HORÁRIOS DE MÁQUINAS E EQUIPAMENTOS",null,"H",1,12.92,12.92]
["Insumo"," 00007622 ","SINAPI","TRATOR DE ESTEIRAS, POTENCIA DE 100 HP, PESO OPERACIONAL DE 9,4 T, COM LAMINA COM CAPACIDADE DE 2,19 M3","Equipamento",null,"UN",3.1099999999999997E-5,415577.13,12.92]
[{"$nulls":4},"MO sem LS =>",0,"LS =>",0,"MO com LS =>",0]
[{"$nulls":4},"Valor do BDI =>",3.5633360000000001,null,"Valor com BDI =>",null,16.48]
[]
[null,"Código","Banco","Descrição","Tipo",null,"Und","Quant.","Valor Unit","Total"]
["Composição"," 89030 ","SINAPI","TRATOR DE ESTEIRAS, POTÊNCIA 100 HP, PESO OPERACIONAL 9,4 T, COM LÂMINA 2,19 M3 - JUROS. AF_06/2014","CHOR - CUSTOS HORÁRIOS DE MÁQUINAS E EQUIPAMENTOS",null,"H",1,2.91,2.91]
["Insumo"," 00007622 ","SINAPI","TRATOR DE ESTEIRAS, POTENCIA DE 100 HP, PESO OPERACIONAL DE 9,4 T, COM LAMINA COM CAPACIDADE DE 2,19 M3","Equipamento",null,"UN",6.9999999999999999E-6,415577.13,2.91]
[{"$nulls":4},"MO sem LS =>",0,"LS =>",0,"MO com LS =>",0]
[{"$nulls":4},"Valor do BDI =>",0.80257800000000001,null,"Valor com BDI =>",null,3.71]
[]
[null,"Código","Banco","Descrição","Tipo",null,"Und","Quant.","Valor Unit","Total"]
["Composição"," 5724 ","SINAPI","TRATOR DE ESTEIRAS, POTÊNCIA 100 HP, PESO OPERACIONAL 9,4 T, COM LÂMINA 2,19 M3 - MANUTENÇÃO. AF_06/2014","CHOR - CUSTOS HORÁRIOS DE MÁQUINAS E EQUIPAMENTOS",null,"H",1,23.11,23.11]
["Insumo"," 00007622 ","SINAPI","TRATOR DE ESTEIRAS, POTENCIA DE 100 HP, PESO OPERACIONAL DE 9,4 T, COM LAMINA COM CAPACIDADE DE 2,19 M3","Equipamento",null,"UN",5.5600000000000003E-5,415577.13,23.11]
[{"$nulls":4},"MO sem LS =>",0,"LS =>",0,"MO com LS =>",0]
[{"$nulls":4},"Valor do BDI =>",6.3737380000000003,null,"Valor com BDI =>",null,29.48]
[]
[null,"Código","Banco","Descrição","Tipo",null,"Und","Quant.","Valor Unit","Total"]
["Composição"," 53817 ","SINAPI","TRATOR DE ESTEIRAS, POTÊNCIA 100 HP, PESO OPERACIONAL 9,4 T, COM LÂMINA 2,19 M3 - MATERIAIS NA OPERAÇÃO. AF_06/2014","CHOR - CUSTOS HORÁRIOS DE MÁQUINAS E EQUIPAMENTOS",null,"H",1,25.47,25.47]
["Insumo"," 00004221 ","SINAPI","OLEO DIESEL COMBUSTIVEL COMUM","Material",null,"L",10.44,2.44,25.47]
[{"$nulls":4},"MO sem LS =>",0,"LS =>",0,"MO com LS =>",0]
[{"$nulls":4},"Valor do BDI =>",7.0246259999999996,null,"Valor com BDI =>",null,32.49]
[]
[null,"Código","Banco","Descrição","Tipo",null,"Und","Quant.","Valor Unit","Total"]
["Composição"," 88843 ","SINAPI","TRATOR DE ESTEIRAS, POTÊNCIA 125 HP, PESO OPERACIONAL 12,9 T, COM LÂMINA 2,7 M3 - CHP DIURNO. AF_10/2014","CHOR - CUSTOS HORÁRIOS DE MÁQUINAS E EQUIPAMENTOS",null,"CHP",1,90.44,90.44]
["Composição Auxiliar"," 88841 ","SINAPI","TRATOR DE ESTEIRAS, POTÊNCIA 125 HP, PESO OPERACIONAL 12,9 T, COM LÂMINA 2,7 M3 - MANUTENÇÃO. AF_10/2014","CHOR - CUSTOS HORÁRIOS DE MÁQUINAS E EQUIPAMENTOS",null,"H",1,24.18,24.18]
["Composição Auxiliar"," 88839 ","SINAPI","TRATOR DE ESTEIRAS, POTÊNCIA 125 HP, PESO OPERACIONAL 12,9 T, COM LÂMINA 2,7 M3 - DEPRECIAÇÃO. AF_10/2014","CHOR - CUSTOS HORÁRIOS DE MÁQUINAS E EQUIPAMENTOS",null,"H",1,13.53,13.53]
["Composição Auxiliar"," 88840 ","SINAPI","TRATOR DE ESTEIRAS, POTÊNCIA 125 HP, PESO OPERACIONAL 12,9 T, COM LÂMINA 2,7 M3 - JUROS. AF_10/2014","CHOR - CUSTOS HORÁRIOS DE MÁQUINAS E EQUIPAMENTOS",null,"H",1,3.04,3.04]
["Composição Auxiliar"," 88842 ","SINAPI","TRATOR DE ESTEIRAS, POTÊNCIA 125 HP, PESO OPERACIONAL 12,9 T, COM LÂMINA 2,7 M3 - MATERIAIS NA OPERAÇÃO. AF_10/2014","CHOR - CUSTOS HORÁRIOS DE MÁQUINAS E EQUIPAMENTOS",null,"H",1,31.87,31.87]
["Composição Auxiliar"," 88324 ","SINAPI","TRATORISTA COM ENCARGOS COMPLEMENTARES","SEDI - SERVIÇOS DIVERSOS",null,"H",0.77842469999999997,22.89,17.82]
[{"$nulls":4},"MO sem LS =>",17.82,"LS =>",0,"MO com LS =>",17.82]
[{"$nulls":4},"Valor do BDI =>",24.943352000000001,null,"Valor com BDI =>",null,115.38]
[]
[null,"Código","Banco","Descrição","Tipo",null,"Und","Quant.","Valor Unit","Total"]
["Composição"," 88839 ","SINAPI","TRATOR DE ESTEIRAS, POTÊNCIA 125 HP, PESO OPERACIONAL 12,9 T, COM LÂMINA 2,7 M3 - DEPRECIAÇÃO. AF_10/2014","CHOR - CUSTOS HORÁRIOS DE MÁQUINAS E EQUIPAMENTOS",null,"H",1,13.53,13.53]
["Insumo"," 00036509 ","SINAPI","TRATOR DE ESTEIRAS, POTENCIA 125 HP, PESO OPERACIONAL DE 12,9 T, COM LAMINA COM CAPACIDADE DE 2,7 M3","Equipamento",null,"UN",3.1099999999999997E-5,434955.71,13.53]
[{"$nulls":4},"MO sem LS =>",0,"LS =>",0,"MO com LS =>",0]
[{"$nulls":4},"Valor do BDI =>",3.7315740000000002,null,"Valor com BDI =>",null,17.260000000000002]
[]
[null,"Código","Banco","Descrição","Tipo",null,"Und","Quant.","Valor Unit","Total"]
["Composição"," 88840 ","SINAPI","TRATOR DE ESTEIRAS, POTÊNCIA 125 HP, PESO OPERACIONAL 12,9 T, COM LÂMINA 2,7 M3 - JUROS. AF_10/2014","CHOR - CUSTOS HORÁRIOS DE MÁQUINAS E EQUIPAMENTOS",null,"H",1,3.04,3.04]
["Insumo"," 00036509 ","SINAPI","TRATOR DE ESTEIRAS, POTENCIA 125 HP, PESO OPERACIONAL DE 12,9 T, COM LAMINA COM CAPACIDADE DE 2,7 M3","Equipamento",null,"UN",6.9999999999999999E-6,434955.71,3.04]
[{"$nulls":4},"MO sem LS =>",0,"LS =>",0,"MO com LS =>",0]
[{"$nulls":4},"Valor do BDI =>",0.83843199999999996,null,"Valor com BDI =>",null,3.88]
[]
[null,"Código","Banco","Descrição","Tipo",null,"Und","Quant.","Valor Unit","Total"]
["Composição"," 88841 ","SINAPI","TRATOR DE ESTEIRAS, POTÊNCIA 125 HP, PESO OPERACIONAL 12,9 T, COM LÂMINA 2,7 M3 - MANUTENÇÃO. AF_10/2014","CHOR - CUSTOS HORÁRIOS DE MÁQUINAS E EQUIPAMENTOS",null,"H",1,24.18,24.18]
["Insumo"," 00036509 ","SINAPI","TRATOR DE ESTEIRAS, POTENCIA 125 HP, PESO OPERACIONAL DE 12,9 T, COM LAMINA COM CAPACIDADE DE 2,7 M3","Equipamento",null,"UN",5.5600000000000003E-5,434955.71,24.18]
[{"$nulls":4},"MO sem LS =>",0,"LS =>",0,"MO com LS =>",0]
[{"$nulls":4},"Valor do BDI =>",6.668844,null,"Valor com BDI =>",null,30.85]
[]
[null,"Código","Banco","Descrição","Tipo",null,"Und","Quant.","Valor Unit","Total"]
["Composição"," 88842 ","SINAPI","TRATOR DE ESTEIRAS, POTÊNCIA 125 HP, PESO OPERACIONAL 12,9 T, COM LÂMINA 2,7 M3 - MATERIAIS NA OPERAÇÃO. AF_10/2014","CHOR - CUSTOS HORÁRIOS DE MÁQUINAS E EQUIPAMENTOS",null,"H",1,31.87,31.87]
["Insumo"," 00004221 ","SINAPI","OLEO DIESEL COMBUSTIVEL COMUM","Material",null,"L",13.06,2.44,31.87]
[{"$nulls":4},"MO sem LS =>",0,"LS =>",0,"MO com LS =>",0]
[{"$nulls":4},"Valor do BDI =>",8.7897459999999992,null,"Valor com BDI =>",null,40.659999999999997]
[]
[null,"Código","Banco","Descrição","Tipo",null,"Und","Quant.","Valor Unit","Total"]
["Composição"," 96020 ","SINAPI","TRATOR DE PNEUS COM POTÊNCIA DE 122 CV, TRAÇÃO 4X4, COM GRADE DE DISCOS ACOPLADA - CHP DIURNO. AF_02/2017","CHOR - CUSTOS HORÁRIOS DE MÁQUINAS E EQUIPAMENTOS",null,"CHP",1,108.77,108.77]
["Composição Auxiliar"," 96015 ","SINAPI","TRATOR DE PNEUS COM POTÊNCIA DE 122 CV, TRAÇÃO 4X4, COM GRADE DE DISCOS ACOPLADA - DEPRECIAÇÃO. AF_02/2017","CHOR - CUSTOS HORÁRIOS DE MÁQUINAS E EQUIPAMENTOS",null,"H",1,9.36,9.36]
["Composição Auxiliar"," 96018 ","SINAPI","TRATOR DE PNEUS COM POTÊNCIA DE 122 CV, TRAÇÃO 4X4, COM GRADE DE DISCOS ACOPLADA - MANUTENÇÃO. AF_02/2017","CHOR - CUSTOS HORÁRIOS DE MÁQUINAS E EQUIPAMENTOS",null,"H",1,10.24,10.24]
["Composição Auxiliar"," 96019 ","SINAPI","TRATOR DE PNEUS COM POTÊNCIA DE 122 CV, TRAÇÃO 4X4, COM GRADE DE DISCOS ACOPLADA - MATERIAIS NA OPERAÇÃO. AF_02/2017","CHOR - CUSTOS HORÁRIOS DE MÁQUINAS E EQUIPAMENTOS",null,"H",1,70.099999999999994,70.099999999999994]
["Composição Auxiliar"," 96016 ","SINAPI","TRATOR DE PNEUS COM POTÊNCIA DE 122 CV, TRAÇÃO 4X4, COM GRADE DE DISCOS ACOPLADA - JUROS. AF_02/2017","CHOR - CUSTOS HORÁRIOS DE MÁQUINAS E EQUIPAMENTOS",null,"H",1,1.3,1.3]
["Composição Auxiliar"," 88324 ","SINAPI","TRATORISTA COM ENCARGOS COMPLEMENTARES","SEDI - SERVIÇOS DIVERSOS",null,"H",0.7763698,22.89,17.77]
[{"$nulls":4},"MO sem LS =>",17.77,"LS =>",0,"MO com LS =>",17.77]
[{"$nulls":4},"Valor do BDI =>",29.998766,null,"Valor com BDI =>",null,138.77000000000001]
[]
[null,"Código","Banco","Descrição","Tipo",null,"Und","Quant.","Valor Unit","Total"]
["Composição"," 96015 ","SINAPI","TRATOR DE PNEUS COM POTÊNCIA DE 122 CV, TRAÇÃO 4X4, COM GRADE DE DISCOS ACOPLADA - DEPRECIAÇÃO. AF_02/2017","CHOR - CUSTOS HORÁRIOS DE MÁQUINAS E EQUIPAMENTOS",null,"H",1,9.36,9.36]
["Insumo"," 00036529 ","SINAPI","GRADE DE DISCOS COM CONTROLE REMOTO, REBOCAVEL, COM 24 DISCOS 24\" X 6 MM, COM PNEUS PARA TRANSPORTE","Equipamento",null,"UN",5.3300000000000001E-5,26474.62,1.41]
["Insumo"," 00036511 ","SINAPI","TRATOR DE PNEUS COM POTENCIA DE 122 CV, TRACAO 4 X 4, PESO COM LASTRO DE 4510 KG","Equipamento",null,"UN",5.3300000000000001E-5,149154.68,7.95]
[{"$nulls":4},"MO sem LS =>",0,"LS =>",0,"MO com LS =>",0]
[{"$nulls":4},"Valor do BDI =>",2.5814879999999998,null,"Valor com BDI =>",null,11.94]
[]
[null,"Código","Banco","Descrição","Tipo",null,"Und","Quant.","Valor Unit","Total"]
["Composição"," 96016 ","SINAPI","TRATOR DE PNEUS COM POTÊNCIA DE 122 CV, TRAÇÃO 4X4, COM GRADE DE DISCOS ACOPLADA - JUROS. AF_02/2017","CHOR - CUSTOS HORÁRIOS DE MÁQUINAS E EQUIPAMENTOS",null,"H",1,1.3,1.3]
["Insumo"," 00036529 ","SINAPI","GRADE DE DISCOS COM CONTROLE REMOTO, REBOCAVEL, COM 24 DISCOS 24\" X 6 MM, COM PNEUS PARA TRANSPORTE","Equipamento",null,"UN",7.4000000000000003E-6,26474.62,0.2]
["Insumo"," 00036511 ","SINAPI","TRATOR DE PNEUS COM POTENCIA DE 122 CV, TRACAO 4 X 4, PESO COM LASTRO DE 4510 KG","Equipamento",null,"UN",7.4000000000000003E-6,149154.68,1.1000000000000001]
[{"$nulls":4},"MO sem LS =>",0,"LS =>",0,"MO com LS =>",0]
[{"$nulls":4},"Valor do BDI =>",0.35854000000000003,null,"Valor com BDI =>",null,1.66]
[]
[null,"Código","Banco","Descrição","Tipo",null,"Und","Quant.","Valor Unit","Total"]
["Composição"," 96018 ","SINAPI","TRATOR DE PNEUS COM POTÊNCIA DE 122 CV, TRAÇÃO 4X4, COM GRADE DE DISCOS ACOPLADA - MANUTENÇÃO. AF_02/2017","CHOR - CUSTOS HORÁRIOS DE MÁQUINAS E EQUIPAMENTOS",null,"H",1,10.24,10.24]
["Insumo"," 00036529 ","SINAPI","GRADE DE DISCOS COM CONTROLE REMOTO, REBOCAVEL, COM 24 DISCOS 24\" X 6 MM, COM PNEUS PARA TRANSPORTE","Equipamento",null,"UN",5.8300000000000001E-5,26474.62,1.54]
["Insumo"," 00036511 ","SINAPI","TRATOR DE PNEUS COM POTENCIA DE 122 CV, TRACAO 4 X 4, PESO COM LASTRO DE 4510 KG","Equipamento",null,"UN",5.8300000000000001E-5,149154.68,8.6999999999999993]
[{"$nulls":4},"MO sem LS =>",0,"LS =>",0,"MO com LS =>",0]
[{"$nulls":4},"Valor do BDI =>",2.824192,null,"Valor com BDI =>",null,13.06]
[]
[null,"Código","Banco","Descrição","Tipo",null,"Und","Quant.","Valor Unit","Total"]
["Composição"," 96019 ","SINAPI","TRATOR DE PNEUS COM POTÊNCIA DE 122 CV, TRAÇÃO 4X4, COM GRADE DE DISCOS ACOPLADA - MATERIAIS NA OPERAÇÃO. AF_02/2017","CHOR - CUSTOS HORÁRIOS DE MÁQUINAS E EQUIPAMENTOS",null,"H",1,70.099999999999994,70.099999999999994]
["Insumo"," 00004221 ","SINAPI","OLEO DIESEL COMBUSTIVEL COMUM","Material",null,"L",28.73,2.44,70.099999999999994]
[{"$nulls":4},"MO sem LS =>",0,"LS =>",0,"MO com LS =>",0]
[{"$nulls":4},"Valor do BDI =>",19.333580000000001,null,"Valor com BDI =>",null,89.43]
[]
[null,"Código","Banco","Descrição","Tipo",null,"Und","Quant.","Valor Unit","Total"]
["Composição"," 88324 ","SINAPI","TRATORISTA COM ENCARGOS COMPLEMENTARES","SEDI - SERVIÇOS DIVERSOS",null,"H",1,22.89,22.89]
["Composição Auxiliar"," 95386 ","SINAPI","CURSO DE CAPACITAÇÃO PARA TRATORISTA (ENCARGOS COMPLEMENTARES) - HORISTA","SEDI - SERVIÇOS DIVERSOS",null,"H",1,0.15,0.15]
["Insumo"," 00037370 ","SINAPI","ALIMENTACAO - HORISTA (COLETADO CAIXA)","Mão de Obra",null,"H",1,1.77,1.77]
["Insumo"," 00043488 ","SINAPI","EPI - FAMILIA OPERADOR ESCAVADEIRA - HORISTA (ENCARGOS COMPLEMENTARES - COLETADO CAIXA)","Mão de Obra",null,"H",1,0.66,0.66]
["Insumo"," 00037372 ","SINAPI","EXAMES - HORISTA (COLETADO CAIXA)","Mão de Obra",null,"H",1,0.35,0.35]
["Insumo"," 00043464 ","SINAPI","FERRAMENTAS - FAMILIA OPERADOR ESCAVADEIRA - HORISTA (ENCARGOS COMPLEMENTARES - COLETADO CAIXA)","Mão de Obra",null,"H",1,0.01,0.01]
["Insumo"," 00037373 ","SINAPI","SEGURO - HORISTA (COLETADO CAIXA)","Mão de Obra",null,"H",1,7.0000000000000007E-2,7.0000000000000007E-2]
["Insumo"," 00004237 ","SINAPI","OPERADOR DE TRATOR - EXCLUSIVE AGROPECUARIA","Mão de Obra",null,"H",1,19.21,19.21]
["Insumo"," 00037371 ","SINAPI","TRANSPORTE - HORISTA (COLETADO CAIXA)","Mão de Obra",null,"H",1,0.67,0.67]
[{"$nulls":4},"MO sem LS =>",22.89,"LS =>",0,"MO com LS =>",22.89]
[{"$nulls":4},"Valor do BDI =>",6.3130620000000004,null,"Valor com BDI =>",null,29.2]
[]
[null,"Código","Banco","Descrição","Tipo",null,"Und","Quant.","Valor Unit","Total"]
["Composição"," 89714 ","SINAPI","TUBO PVC, SERIE NORMAL, ESGOTO PREDIAL, DN 100 MM, FORNECIDO E INSTALADO EM RAMAL DE DESCARGA OU RAMAL DE ESGOTO SANITÁRIO. AF_12/2014","INHI - INSTALAÇÕES HIDROS SANITÁRIAS",null,"M",1,30.25,30.25]
["Composição Auxiliar"," 88267 ","SINAPI","ENCANADOR OU BOMBEIRO HIDRÁULICO COM ENCARGOS COMPLEMENTARES","SEDI - SERVIÇOS DIVERSOS",null,"H",0.57754510000000003,18.97,10.96]
["Composição Auxiliar"," 88248 ","SINAPI","AUXILIAR DE ENCANADOR OU BOMBEIRO HIDRÁULICO COM ENCARGOS COMPLEMENTARES","SEDI - SERVIÇOS DIVERSOS",null,"H",0.57754510000000003,14.61,8.44]
["Insumo"," 00000122 ","SINAPI","ADESIVO PLASTICO PARA PVC, FRASCO COM 850 GR","Material",null,"UN",3.6299999999999999E-2,41.61,1.51]
["Insumo"," 00038383 ","SINAPI","LIXA D'AGUA EM FOLHA, GRAO 100","Material",null,"UN",0.247,1.48,0.37]
["Insumo"," 00020083 ","SINAPI","SOLUCAO LIMPADORA PARA PVC, FRASCO COM 1000 CM3","Material",null,"UN",5.9299999999999999E-2,36.14,2.14]
["Insumo"," 00009836 ","SINAPI","TUBO PVC  SERIE NORMAL, DN 100 MM, PARA ESGOTO  PREDIAL (NBR 5688)","Material",null,"M",1.05,6.5,6.83]
[{"$nulls":4},"MO sem LS =>",19.39,"LS =>",0.01,"MO com LS =>",19.399999999999999]
[{"$nulls":4},"Valor do BDI =>",8.3429500000000001,null,"Valor com BDI =>",null,38.590000000000003]
[]
[null,"Código","Banco","Descrição","Tipo",null,"Und","Quant.","Valor Unit","Total"]
["Composição"," 89711 ","SINAPI","TUBO PVC, SERIE NORMAL, ESGOTO PREDIAL, DN 40 MM, FORNECIDO E INSTALADO EM RAMAL DE DESCARGA OU RAMAL DE ESGOTO SANITÁRIO. AF_12/2014","INHI - INSTALAÇÕES HIDROS SANITÁRIAS",null,"M",1,10.47,10.47]
["Composição Auxiliar"," 88267 ","SINAPI","ENCANADOR OU BOMBEIRO HIDRÁULICO COM ENCARGOS COMPLEMENTARES","SEDI - SERVIÇOS DIVERSOS",null,"H",0.23429610000000001,18.97,4.4400000000000004]
["Composição Auxiliar"," 88248 ","SINAPI","AUXILIAR DE ENCANADOR OU BOMBEIRO HIDRÁULICO COM ENCARGOS COMPLEMENTARES","SEDI - SERVIÇOS DIVERSOS",null,"H",0.23429610000000001,14.61,3.42]
["Insumo"," 00038383 ","SINAPI","LIXA D'AGUA EM FOLHA, GRAO 100","Material",null,"UN",0.1,1.48,0.15]
["Insumo"," 00009835 ","SINAPI","TUBO PVC  SERIE NORMAL, DN 40 MM, PARA ESGOTO  PREDIAL (NBR 5688)","Material",null,"M",1.05,2.34,2.46]
[{"$nulls":4},"MO sem LS =>",7.86,"LS =>",0,"MO com LS =>",7.86]
[{"$nulls":4},"Valor do BDI =>",2.887626,null,"Valor com BDI =>",null,13.36]
[]
[null,"Código","Banco","Descrição","Tipo",null,"Und","Quant.","Valor Unit","Total"]
["Composição"," 89712 ","SINAPI","TUBO PVC, SERIE NORMAL, ESGOTO PREDIAL, DN 50 MM, FORNECIDO E INSTALADO EM RAMAL DE DESCARGA OU RAMAL DE ESGOTO SANITÁRIO. AF_12/2014","INHI - INSTALAÇÕES HIDROS SANITÁRIAS",null,"M",1,15.38,15.38]
["Composição Auxiliar"," 88267 ","SINAPI","ENCANADOR OU BOMBEIRO HIDRÁULICO COM ENCARGOS COMPLEMENTARES","SEDI - SERVIÇOS DIVERSOS",null,"H",0.29672680000000001,18.97,5.63]
["Composição Auxiliar"," 88248 ","SINAPI","AUXILIAR DE ENCANADOR OU BOMBEIRO HIDRÁULICO COM ENCARGOS COMPLEMENTARES","SEDI - SERVIÇOS DIVERSOS",null,"H",0.29672680000000001,14.61,4.34]
["Insumo"," 00000122 ","SINAPI","ADESIVO PLASTICO PARA PVC, FRASCO COM 850 GR","Material",null,"UN",1.0800000000000001E-2,41.61,0.45]
["Insumo"," 00038383 ","SINAPI","LIXA D'AGUA EM FOLHA, GRAO 100","Material",null,"UN",0.127,1.48,0.19]
["Insumo"," 00020083 ","SINAPI","SOLUCAO LIMPADORA PARA PVC, FRASCO COM 1000 CM3","Material",null,"UN",1.6299999999999999E-2,36.14,0.59]
["Insumo"," 00009838 ","SINAPI","TUBO PVC SERIE NORMAL, DN 50 MM, PARA ESGOTO PREDIAL (NBR 5688)","Material",null,"M",1.05,3.98,4.18]
[{"$nulls":4},"MO sem LS =>",9.9600000000000009,"LS =>",0.01,"MO com LS =>",9.9700000000000006]
[{"$nulls":4},"Valor do BDI =>",4.2418040000000001,null,"Valor com BDI =>",null,19.62]
[]
[null,"Código","Banco","Descrição","Tipo",null,"Und","Quant.","Valor Unit","Total"]
["Composição"," 89356 ","SINAPI","TUBO, PVC, SOLDÁVEL, DN 25MM, INSTALADO EM RAMAL OU SUB-RAMAL DE ÁGUA - FORNECIMENTO E INSTALAÇÃO. AF_12/2014","INHI - INSTALAÇÕES HIDROS SANITÁRIAS",null,"M",1,11.92,11.92]
["Composição Auxiliar"," 88267 ","SINAPI","ENCANADOR OU BOMBEIRO HIDRÁULICO COM ENCARGOS COMPLEMENTARES","SEDI - SERVIÇOS DIVERSOS",null,"H",0.28837429999999997,18.97,5.47]
["Composição Auxiliar"," 88248 ","SINAPI","AUXILIAR DE ENCANADOR OU BOMBEIRO HIDRÁULICO COM ENCARGOS COMPLEMENTARES","SEDI - SERVIÇOS DIVERSOS",null,"H",0.28837429999999997,14.61,4.21]
["Insumo"," 00038383 ","SINAPI","LIXA D'AGUA EM FOLHA, GRAO 100","Material",null,"UN",0.123,1.48,0.18]
["Insumo"," 00009868 ","SINAPI","TUBO PVC, SOLDAVEL, DN 25 MM, AGUA FRIA (NBR-5648)","Material",null,"M",1.0609999999999999,1.94,2.06]
[{"$nulls":4},"MO sem LS =>",9.68,"LS =>",0,"MO com LS =>",9.68]
[{"$nulls":4},"Valor do BDI =>",3.2875359999999998,null,"Valor com BDI =>",null,15.21]
[]
[null,"Código","Banco","Descrição","Tipo",null,"Und","Quant.","Valor Unit","Total"]
["Composição"," 100321 ","SINAPI","TÉCNICO EM SEGURANÇA DO TRABALHO COM ENCARGOS COMPLEMENTARES","SEDI - SERVIÇOS DIVERSOS",null,"MES",1,3487.2,3487.2]
["Composição Auxiliar"," 100315 ","SINAPI","CURSO DE CAPACITAÇÃO PARA TÉCNICO EM SEGURANÇA DO TRABALHO (ENCARGOS COMPLEMENTARES) - MENSALISTA","SEDI - SERVIÇOS DIVERSOS",null,"MES",1,30.93,30.93]
["Insumo"," 00043494 ","SINAPI","EPI - FAMILIA ALMOXARIFE - MENSALISTA (ENCARGOS COMPLEMENTARES - COLETADO CAIXA)","Mão de Obra",null,"MES",1,114.12,114.12]
["Insumo"," 00040863 ","SINAPI","EXAMES - MENSALISTA (COLETADO CAIXA)","Mão de Obra",null,"MES",1,65.94,65.94]
["Insumo"," 00043470 ","SINAPI","FERRAMENTAS - FAMILIA ALMOXARIFE - MENSALISTA (ENCARGOS COMPLEMENTARES - COLETADO CAIXA)","Mão de Obra",null,"MES",1,7.37,7.37]
["Insumo"," 00040864 ","SINAPI","SEGURO - MENSALISTA (COLETADO CAIXA)","Mão de Obra",null,"MES",1,13.07,13.07]
["Insumo"," 00040944 ","SINAPI","TECNICO EM SEGURANCA DO TRABALHO (MENSALISTA)","Mão de Obra",null,"MES",1,3255.77,3255.77]
[{"$nulls":4},"MO sem LS =>",3487.2,"LS =>",0,"MO com LS =>",3487.2]
[{"$nulls":4},"Valor do BDI =>",961.76976000000002,null,"Valor com BDI =>",null,4448.97]
[]
[null,"Código","Banco","Descrição","Tipo",null,"Und","Quant.","Valor Unit","Total"]
["Composição"," 95606 ","SINAPI","UMIDIFICAÇÃO DE MATERIAL PARA VALAS COM CAMINHÃO PIPA 10000L. AF_11/2016","MOVT - MOVIMENTO DE TERRA",null,"m³",1,0.94,0.94]
["Composição Auxiliar"," 5903 ","SINAPI","CAMINHÃO PIPA 10.000 L TRUCADO, PESO BRUTO TOTAL 23.000 KG, CARGA ÚTIL MÁXIMA 15.935 KG, DISTÂNCIA ENTRE EIXOS 4,8 M, POTÊNCIA 230 CV, INCLUSIVE TANQUE DE AÇO PARA TRANSPORTE DE ÁGUA - CHI DIURNO. AF_06/2014","CHOR - CUSTOS HORÁRIOS DE MÁQUINAS E EQUIPAMENTOS",null,"CHI",3.0000000000000001E-3,27.61,0.08]
["Composição Auxiliar"," 5901 ","SINAPI","CAMINHÃO PIPA 10.000 L TRUCADO, PESO BRUTO TOTAL 23.000 KG, CARGA ÚTIL MÁXIMA 15.935 KG, DISTÂNCIA ENTRE EIXOS 4,8 M, POTÊNCIA 230 CV, INCLUSIVE TANQUE DE AÇO PARA TRANSPORTE DE ÁGUA - CHP DIURNO. AF_06/2014","CHOR - CUSTOS HORÁRIOS DE MÁQUINAS E EQUIPAMENTOS",null,"CHP",6.0000000000000001E-3,124.87,0.75]
["Composição Auxiliar"," 88316 ","SINAPI","SERVENTE COM ENCARGOS COMPLEMENTARES","SEDI - SERVIÇOS DIVERSOS",null,"H",7.3853E-3,14.96,0.11]
[{"$nulls":4},"MO sem LS =>",0.24,"LS =>",0,"MO com LS =>",0.24]
[{"$nulls":4},"Valor do BDI =>",0.25925199999999998,null,"Valor com BDI =>",null,1.2]
[]
[null,"Código","Banco","Descrição","Tipo",null,"Und","Quant.","Valor Unit","Total"]
["Composição"," 86888 ","SINAPI","VASO SANITÁRIO SIFONADO COM CAIXA ACOPLADA LOUÇA BRANCA - FORNECIMENTO E INSTALAÇÃO. AF_01/2020","INHI - INSTALAÇÕES HIDROS SANITÁRIAS",null,"UN",1,276.54000000000002,276.54000000000002]
["Composição Auxiliar"," 88316 ","SINAPI","SERVENTE COM ENCARGOS COMPLEMENTARES","SEDI - SERVIÇOS DIVERSOS",null,"H",0.34252919999999998,14.96,5.12]
["Composição Auxiliar"," 88267 ","SINAPI","ENCANADOR OU BOMBEIRO HIDRÁULICO COM ENCARGOS COMPLEMENTARES","SEDI - SERVIÇOS DIVERSOS",null,"H",0.60872400000000004,18.97,11.55]
["Insumo"," 00010422 ","SINAPI","BACIA SANITARIA (VASO) COM CAIXA ACOPLADA, DE LOUCA BRANCA","Material",null,"UN",1,231.09,231.09]
["Insumo"," 00004384 ","SINAPI","PARAFUSO NIQUELADO COM ACABAMENTO CROMADO PARA FIXAR PECA SANITARIA, INCLUI PORCA CEGA, ARRUELA E BUCHA DE NYLON TAMANHO S-10","Material",null,"UN",2,12.16,24.32]
["Insumo"," 00037329 ","SINAPI","REJUNTE EPOXI BRANCO","Material",null,"KG",8.8099999999999998E-2,36.67,3.23]
["Insumo"," 00006138 ","SINAPI","VEDACAO PVC, 100 MM, PARA SAIDA VASO SANITARIO","Material",null,"UN",1,1.23,1.23]
[{"$nulls":4},"MO sem LS =>",16.670000000000002,"LS =>",0,"MO com LS =>",16.670000000000002]
[{"$nulls":4},"Valor do BDI =>",76.269732000000005,null,"Valor com BDI =>",null,352.81]
[]
[null,"Código","Banco","Descrição","Tipo",null,"Und","Quant.","Valor Unit","Total"]
["Composição"," V5 ","Próprio","VEÍCULO TIPO CAMINHONETA DIESEL. TRAÇÃO 4 X 4. CABINE DUPLA. DIREÇÃO HIDRÁULICA. ACIONAMENTO DE VIDROS ELÉTRICO. SISTEMA DE TRAVA AUTOMÁTICO NAS QUATRO PORTAS. AR CONDICIONADO. SEMINOVO","SERP - SERVIÇOS PRELIMINARES",null,"MES",1,7515.2,7515.2]
["Composição Auxiliar"," 92138 ","SINAPI","CAMINHONETE COM MOTOR A DIESEL, POTÊNCIA 180 CV, CABINE DUPLA, 4X4 - CHP DIURNO. AF_11/2015","CHOR - CUSTOS HORÁRIOS DE MÁQUINAS E EQUIPAMENTOS",null,"CHP",110,45.94,5053.3999999999996]
["Composição Auxiliar"," 92139 ","SINAPI","CAMINHONETE COM MOTOR A DIESEL, POTÊNCIA 180 CV, CABINE DUPLA, 4X4 - CHI DIURNO. AF_11/2015","CHOR - CUSTOS HORÁRIOS DE MÁQUINAS E EQUIPAMENTOS",null,"CHI",110,22.38,2461.8000000000002]
[{"$nulls":4},"MO sem LS =>",3320.9,"LS =>",0,"MO com LS =>",3320.9]
[{"$nulls":4},"Valor do BDI =>",2072.6921600000001,null,"Valor com BDI =>",null,9587.89]
[]
[null,"Código","Banco","Descrição","Tipo",null,"Und","Quant.","Valor Unit","Total"]
["Composição"," 90587 ","SINAPI","VIBRADOR DE IMERSÃO, DIÂMETRO DE PONTEIRA 45MM, MOTOR ELÉTRICO TRIFÁSICO POTÊNCIA DE 2 CV - CHI DIURNO. AF_06/2015","CHOR - CUSTOS HORÁRIOS DE MÁQUINAS E EQUIPAMENTOS",null,"CHI",1,0.25,0.25]
["Composição Auxiliar"," 90582 ","SINAPI","VIBRADOR DE IMERSÃO, DIÂMETRO DE PONTEIRA 45MM, MOTOR ELÉTRICO TRIFÁSICO POTÊNCIA DE 2 CV - DEPRECIAÇÃO. AF_06/2015","CHOR - CUSTOS HORÁRIOS DE MÁQUINAS E EQUIPAMENTOS",null,"H",1,0.22,0.22]
["Composição Auxiliar"," 90583 ","SINAPI","VIBRADOR DE IMERSÃO, DIÂMETRO DE PONTEIRA 45MM, MOTOR ELÉTRICO TRIFÁSICO POTÊNCIA DE 2 CV - JUROS. AF_06/2015","CHOR - CUSTOS HORÁRIOS DE MÁQUINAS E EQUIPAMENTOS",null,"H",1,0.03,0.03]
[{"$nulls":4},"MO sem LS =>",0,"LS =>",0,"MO com LS =>",0]
[{"$nulls":4},"Valor do BDI =>",6.8949999999999997E-2,null,"Valor com BDI =>",null,0.32]
[]
[null,"Código","Banco","Descrição","Tipo",null,"Und","Quant.","Valor Unit","Total"]
["Composição"," 90586 ","SINAPI","VIBRADOR DE IMERSÃO, DIÂMETRO DE PONTEIRA 45MM, MOTOR ELÉTRICO TRIFÁSICO POTÊNCIA DE 2 CV - CHP DIURNO. AF_06/2015","CHOR - CUSTOS HORÁRIOS DE MÁQUINAS E EQUIPAMENTOS",null,"CHP",1,1.2,1.2]
["Composição Auxiliar"," 90582 ","SINAPI","VIBRADOR DE IMERSÃO, DIÂMETRO DE PONTEIRA 45MM, MOTOR ELÉTRICO TRIFÁSICO POTÊNCIA DE 2 CV - DEPRECIAÇÃO. AF_06/2015","CHOR - CUSTOS HORÁRIOS DE MÁQUINAS E EQUIPAMENTOS",null,"H",1,0.22,0.22]
["Composição Auxiliar"," 90584 ","SINAPI","VIBRADOR DE IMERSÃO, DIÂMETRO DE PONTEIRA 45MM, MOTOR ELÉTRICO TRIFÁSICO POTÊNCIA DE 2 CV - MANUTENÇÃO. AF_06/2015","CHOR - CUSTOS HORÁRIOS DE MÁQUINAS E EQUIPAMENTOS",null,"H",1,0.17,0.17]
["Composição Auxiliar"," 90583 ","SINAPI","VIBRADOR DE IMERSÃO, DIÂMETRO DE PONTEIRA 45MM, MOTOR ELÉTRICO TRIFÁSICO POTÊNCIA DE 2 CV - JUROS. AF_06/2015","CHOR - CUSTOS HORÁRIOS DE MÁQUINAS E EQUIPAMENTOS",null,"H",1,0.03,0.03]
["Composição Auxiliar"," 90585 ","SINAPI","VIBRADOR DE IMERSÃO, DIÂMETRO DE PONTEIRA 45MM, MOTOR ELÉTRICO TRIFÁSICO POTÊNCIA DE 2 CV - MATERIAIS NA OPERAÇÃO. AF_06/2015","CHOR - CUSTOS HORÁRIOS DE MÁQUINAS E EQUIPAMENTOS",null,"H",1,0.78,0.78]
[{"$nulls":4},"MO sem LS =>",0,"LS =>",0,"MO com LS =>",0]
[{"$nulls":4},"Valor do BDI =>",0.33095999999999998,null,"Valor com BDI =>",null,1.53]
[]
[null,"Código","Banco","Descrição","Tipo",null,"Und","Quant.","Valor Unit","Total"]
["Composição"," 90582 ","SINAPI","VIBRADOR DE IMERSÃO, DIÂMETRO DE PONTEIRA 45MM, MOTOR ELÉTRICO TRIFÁSICO POTÊNCIA DE 2 CV - DEPRECIAÇÃO. AF_06/2015","CHOR - CUSTOS HORÁRIOS DE MÁQUINAS E EQUIPAMENTOS",null,"H",1,0.22,0.22]
["Insumo"," 00013896 ","SINAPI","VIBRADOR DE IMERSAO, DIAMETRO DA PONTEIRA DE *45* MM, COM MOTOR ELETRICO TRIFASICO DE 2 HP (2 CV)","Equipamento",null,"UN",1.2799999999999999E-4,1688.07,0.22]
[{"$nulls":4},"MO sem LS =>",0,"LS =>",0,"MO com LS =>",0]
[{"$nulls":4},"Valor do BDI =>",6.0676000000000001E-2,null,"Valor com BDI =>",null,0.28000000000000003]
[]
[null,"Código","Banco","Descrição","Tipo",null,"Und","Quant.","Valor Unit","Total"]
["Composição"," 90583 ","SINAPI","VIBRADOR DE IMERSÃO, DIÂMETRO DE PONTEIRA 45MM, MOTOR ELÉTRICO TRIFÁSICO POTÊNCIA DE 2 CV - JUROS. AF_06/2015","CHOR - CUSTOS HORÁRIOS DE MÁQUINAS E EQUIPAMENTOS",null,"H",1,0.03,0.03]
["Insumo"," 00013896 ","SINAPI","VIBRADOR DE IMERSAO, DIAMETRO DA PONTEIRA DE *45* MM, COM MOTOR ELETRICO TRIFASICO DE 2 HP (2 CV)","Equipamento",null,"UN",1.5099999999999999E-5,1688.07,0.03]
[{"$nulls":4},"MO sem LS =>",0,"LS =>",0,"MO com LS =>",0]
[{"$nulls":4},"Valor do BDI =>",8.2740000000000001E-3,null,"Valor com BDI =>",null,0.04]
[]
[null,"Código","Banco","Descrição","Tipo",null,"Und","Quant.","Valor Unit","Total"]
["Composição"," 90584 ","SINAPI","VIBRADOR DE IMERSÃO, DIÂMETRO DE PONTEIRA 45MM, MOTOR ELÉTRICO TRIFÁSICO POTÊNCIA DE 2 CV - MANUTENÇÃO. AF_06/2015","CHOR - CUSTOS HORÁRIOS DE MÁQUINAS E EQUIPAMENTOS",null,"H",1,0.17,0.17]
["Insumo"," 00013896 ","SINAPI","VIBRADOR DE IMERSAO, DIAMETRO DA PONTEIRA DE *45* MM, COM MOTOR ELETRICO TRIFASICO DE 2 HP (2 CV)","Equipamento",null,"UN",1E-4,1688.07,0.17]
[{"$nulls":4},"MO sem LS =>",0,"LS =>",0,"MO com LS =>",0]
[{"$nulls":4},"Valor do BDI =>",4.6885999999999997E-2,null,"Valor com BDI =>",null,0.22]
[]
[null,"Código","Banco","Descrição","Tipo",null,"Und","Quant.","Valor Unit","Total"]
["Composição"," 90585 ","SINAPI","VIBRADOR DE IMERSÃO, DIÂMETRO DE PONTEIRA 45MM, MOTOR ELÉTRICO TRIFÁSICO POTÊNCIA DE 2 CV - MATERIAIS NA OPERAÇÃO. AF_06/2015","CHOR - CUSTOS HORÁRIOS DE MÁQUINAS E EQUIPAMENTOS",null,"H",1,0.78,0.78]
["Insumo"," 00002705 ","SINAPI","ENERGIA ELETRICA ATE 2000 KWH INDUSTRIAL, SEM DEMANDA","Material",null,"KW/H",1.25,0.62,0.78]
[{"$nulls":4},"MO sem LS =>",0,"LS =>",0,"MO com LS =>",0]
[{"$nulls":4},"Valor do BDI =>",0.21512400000000001,null,"Valor com BDI =>",null,1]
[]
[null,"Código","Banco","Descrição","Tipo",null,"Und","Quant.","Valor Unit","Total"]
["Composição"," 88326 ","SINAPI","VIGIA NOTURNO COM ENCARGOS COMPLEMENTARES","SEDI - SERVIÇOS DIVERSOS",null,"H",1,19.170000000000002,19.170000000000002]
["Composição Auxiliar"," 95388 ","SINAPI","CURSO DE CAPACITAÇÃO PARA VIGIA NOTURNO (ENCARGOS COMPLEMENTARES) - HORISTA","SEDI - SERVIÇOS DIVERSOS",null,"H",1,0.05,0.05]
["Insumo"," 00037370 ","SINAPI","ALIMENTACAO - HORISTA (COLETADO CAIXA)","Mão de Obra",null,"H",1,1.77,1.77]
["Insumo"," 00043491 ","SINAPI","EPI - FAMILIA SERVENTE - HORISTA (ENCARGOS COMPLEMENTARES - COLETADO CAIXA)","Mão de Obra",null,"H",1,1.02,1.02]
["Insumo"," 00037372 ","SINAPI","EXAMES - HORISTA (COLETADO CAIXA)","Mão de Obra",null,"H",1,0.35,0.35]
["Insumo"," 00043467 ","SINAPI","FERRAMENTAS - FAMILIA SERVENTE - HORISTA (ENCARGOS COMPLEMENTARES - COLETADO CAIXA)","Mão de Obra",null,"H",1,0.38,0.38]
["Insumo"," 00037373 ","SINAPI","SEGURO - HORISTA (COLETADO CAIXA)","Mão de Obra",null,"H",1,7.0000000000000007E-2,7.0000000000000007E-2]
["Insumo"," 00037371 ","SINAPI","TRANSPORTE - HORISTA (COLETADO CAIXA)","Mão de Obra",null,"H",1,0.67,0.67]
["Insumo"," 00041776 ","SINAPI","VIGIA NOTURNO, HORA EFETIVAMENTE TRABALHADA DE 22 H AS 5 H (COM ADICIONAL NOTURNO)","Mão de Obra",null,"H",1,14.86,14.86]
[{"$nulls":4},"MO sem LS =>",19.170000000000002,"LS =>",0,"MO com LS =>",19.170000000000002]
[{"$nulls":4},"Valor do BDI =>",5.2870860000000004,null,"Valor com BDI =>",null,24.46]
[]
[null,"Código","Banco","Descrição","Tipo",null,"Und","Quant.","Valor Unit","Total"]
["Composição"," 86879 ","SINAPI","VÁLVULA EM PLÁSTICO 1\u0094 PARA PIA, TANQUE OU LAVATÓRIO, COM OU SEM LADRÃO - FORNECIMENTO E INSTALAÇÃO. AF_01/2020","INHI - INSTALAÇÕES HIDROS SANITÁRIAS",null,"UN",1,4.53,4.53]
["Composição Auxiliar"," 88316 ","SINAPI","SERVENTE COM ENCARGOS COMPLEMENTARES","SEDI - SERVIÇOS DIVERSOS",null,"H",3.0314799999999999E-2,14.96,0.45]
["Composição Auxiliar"," 88267 ","SINAPI","ENCANADOR OU BOMBEIRO HIDRÁULICO COM ENCARGOS COMPLEMENTARES","SEDI - SERVIÇOS DIVERSOS",null,"H",9.6257300000000004E-2,18.97,1.83]
["Insumo"," 00003146 ","SINAPI","FITA VEDA ROSCA EM ROLOS DE 18 MM X 10 M (L X C)","Material",null,"UN",3.32E-2,2.73,0.09]
["Insumo"," 00006153 ","SINAPI","VALVULA EM PLASTICO BRANCO PARA TANQUE OU LAVATORIO 1 \", SEM UNHO E SEM LADRAO","Material",null,"UN",1,2.16,2.16]
[{"$nulls":4},"MO sem LS =>",2.2799999999999998,"LS =>",0,"MO com LS =>",2.2799999999999998]
[{"$nulls":4},"Valor do BDI =>",1.249374,null,"Valor com BDI =>",null,5.78]
[]
[null,"Código","Banco","Descrição","Tipo",null,"Und","Quant.","Valor Unit","Total"]
["Composição"," 86880 ","SINAPI","VÁLVULA EM PLÁSTICO CROMADO TIPO AMERICANA 3.1/2\u0094 X 1.1/2\u0094 SEM ADAPTADOR PARA PIA - FORNECIMENTO E INSTALAÇÃO. AF_01/2020","INHI - INSTALAÇÕES HIDROS SANITÁRIAS",null,"UN",1,13.06,13.06]
["Composição Auxiliar"," 88316 ","SINAPI","SERVENTE COM ENCARGOS COMPLEMENTARES","SEDI - SERVIÇOS DIVERSOS",null,"H",3.05296E-2,14.96,0.46]
["Composição Auxiliar"," 88267 ","SINAPI","ENCANADOR OU BOMBEIRO HIDRÁULICO COM ENCARGOS COMPLEMENTARES","SEDI - SERVIÇOS DIVERSOS",null,"H",9.6939399999999995E-2,18.97,1.84]
["Insumo"," 00003146 ","SINAPI","FITA VEDA ROSCA EM ROLOS DE 18 MM X 10 M (L X C)","Material",null,"UN",4.8000000000000001E-2,2.73,0.13]
["Insumo"," 00006155 ","SINAPI","VALVULA EM PLASTICO CROMADO TIPO AMERICANA PARA PIA DE COZINHA 3.1/2 \" X 1.1/2 \", SEM ADAPTADOR","Material",null,"UN",1,10.63,10.63]
[{"$nulls":4},"MO sem LS =>",2.2999999999999998,"LS =>",0,"MO com LS =>",2.2999999999999998]
[{"$nulls":4},"Valor do BDI =>",3.6019480000000001,null,"Valor com BDI =>",null,16.66]